{"text_format":"3","workbook":"xls","n_sheets":14,"sheets":["METADATA","STATION","METHOD","DATA","Ref_STYPE","Ref_SUBPROG","Ref_AREA","Ref_TLEVEL","Ref_SUBST","Ref_MEDIUM","Ref_UNIT","Ref_FLAGQUA","Ref_FLAGSTA","Tabelle4"],"not_rendered":{"images":1,"external_links":1,"defined_names":12},"read":"whole","date_system":"1900","formulas":"cached_only"}

{"sheet":"METADATA","index":0,"n_rows":15,"n_cols":2,"rows_kept":15,"merged":[[5,0,5,2],[7,0,7,2],[9,1,9,2],[10,1,10,2],[11,1,11,2],[12,1,12,2],[13,1,13,2],[14,1,14,2]],"flags":["formulas_cached_only"]}
[]
[null,"eLTER (H2020)"]
[null,"H2020-funded project, GA: 654359, INFRAIA call 2014-2015"]
[]
[]
["eLTER Data submission"]
[]
["For the eLTER project data on meteorology, vegetation and deposition are collected for the vTA. This includes physical or chemical analysis (e.g. meteorology or air quality) as well as vegetation observation data. \n\nThe data are open and will be used for cross domain and cross site analysis. The data use is defined by the vTA schema\n"]
[]
["IND_NAME","Arne Verstraeten"]
["ORG_NAME","Research Institute for Forest and Nature (INBO)"]
["EMAIL","arne.verstraeten@inbo.be"]
["DATE OF PUBLICATION","2017-03-13"]
["DATA VERSION",1]
["COMMENTS","daily meteorological data for Sonian LTER_EU_BE_02 (2011-2016)"]

{"sheet":"STATION","index":1,"n_rows":6,"n_cols":8,"rows_kept":6,"flags":["formulas_cached_only"]}
["STATION"]
["SCODE","STYPE","westBoundingCoordinate","eastBoundingCoordinate","northBoundingCoordinate","southBoundingCoordinate","altitudeMinimum","altitudeMaximum"]
["stat. code","spatial type","Longitude [decimal degree]","Longitude [decimal degree]","Latitude [decimal degree]","Latitude [decimal degree]","[m a.sl.]","[m a.s.l.]"]
["M","M","C","C","C","C","C","C"]
["name or code for the plot from which the data are reported, left blank if this is not important for the data reporting","PT … point\nHLN … horizontal transect\nVLN … vertical transect\nPL … areal plot","conditional - if different from the site/platform\nbounding box for station in decimal degree WGS84\n\n\n\n7.88749","conditional - if different from the site/platform\nbounding box for station in decimal degree WGS84\n\n\n\n7.93573","conditional - if different from the site/platform\nbounding box for station in decimal degree WGS84\n\n\n\n45.34080","conditional - if different from the site/platform\nbounding box for station in decimal degree WGS84\n\n\n\n45.31461","conditional - if different from the site/platform\nminimum altitude for the observed station, negative if below water level\n\n265","conditional - if different from the site/platform\nmaximum altitude for the observed station, negative if below the water level\n\n270"]
["HOE1","PT"]

{"sheet":"METHOD","index":2,"n_rows":6,"n_cols":5,"rows_kept":6,"flags":["formulas_cached_only"]}
["METHOD"]
["CODE","SAMPLING","FIELD_METHOD","LAB_METHOD","AGG_METHOD"]
[]
["Short code for the method to be used in the data submission page; will be used for the drop-down list in the data submission page","sampling method - how the observation sites were selected; e.g. random or stratfied","field method - method applied in the field to collect the data; e.g. sampler, vegetation relevée","lab method - e.g. pretreatment and analysis method","description of the aggregation procedure"]
["METH_1","random","acoustic"," ","sum"]
["METH_2","random","PT100"," ","average"]

{"sheet":"DATA","index":3,"n_rows":4144,"n_cols":27,"rows_kept":4144,"flags":["formulas_cached_only"]}
["eLTER BaseData submission"]
[]
["SUBPROG","SITE_CODE","ORG_NAME","SCODE","MEDIUM","LISTMED","MAX_LEVEL","MIN_LEVEL","SIZE","YEAR","MONTH","DAY","HOUR","MINUTE","SECOND","SPOOL","TPOOL","TLEVEL","TAXA","LISTTAXA","SUBST","LISTSUB","METHOD_CODE","VALUE","UNIT","FLAGQUA","FLAGSTA"]
["code","name","code","code","code","listcode","number [cm]","number [cm]","number [m²]","YYYY","MM","DD","HH","MM","SS","number","number","code","code","listcode","code","listcode","code","number","code","code","code"]
["M","M","M","M","M","M","M","M","M","M","C","C","C","C","C","C","C","C","C","C","M","M","M","M","M",null,"M"]
["Sub programme; e.g. BIOCHEM","Site code (e.g. LTER_EU_AT_003) or Site UUID (e.g. https://data.lter-europe.net/deims/site/0ce0d289-9ef9-4232-a981-8f34869db76d)","name of the organisation, e.g. EAA","Code for the station, e.g. IP1","code for the sampled medium, e.g. SOIL","Codelist for medium, e.g. EnvEurope","measurement level from, e.g. -5","measurement level to, e.g. -10","size of sampling plot in m², e.g. 2","obs. Year, e.g. 2011","obs. Month, e.g. 1","obs. Day","obs. Hour, if necessary","obs. Minunte, if necessary","obs. Second, if necessary","spatial pool of sampling units used for the aggregation, e.g. 5","temporal pool of values used for the aggregation; e.g. 10","level of temporal aggregation; e.g. month","taxa observed, e.g. FAG SYLV","code list for taxa, e.g. B4","parameter name, e.g. TEMP    ","codelist for parameter name, e.g. DB","code for the method as defined in \"METHOD\", e.g. METH_1","value of observation, e.g. 5","unit of observation, e.g. °C        ","quality flag for observation, e.g. -","status flag on how the data were aggregated"]
["METEO","LTER_EU_BE_02","INBO","HOE1","AIR","EnvEurope",3,3,0,2011,10,1,{"$nulls":8},"TEMP","DB","METH_2",16.318820312499998,"°C",null,"X"]
["METEO","LTER_EU_BE_02","INBO","HOE1","AIR","EnvEurope",3,3,0,2011,10,2,{"$nulls":8},"TEMP","DB","METH_2",15.617465031250001,"°C",null,"X"]
["METEO","LTER_EU_BE_02","INBO","HOE1","AIR","EnvEurope",3,3,0,2011,10,3,{"$nulls":8},"TEMP","DB","METH_2",15.764185218749994,"°C",null,"X"]
["METEO","LTER_EU_BE_02","INBO","HOE1","AIR","EnvEurope",3,3,0,2011,10,4,{"$nulls":8},"TEMP","DB","METH_2",15.447359999999998,"°C",null,"X"]
["METEO","LTER_EU_BE_02","INBO","HOE1","AIR","EnvEurope",3,3,0,2011,10,5,{"$nulls":8},"TEMP","DB","METH_2",16.132483750000006,"°C",null,"X"]
["METEO","LTER_EU_BE_02","INBO","HOE1","AIR","EnvEurope",3,3,0,2011,10,6,{"$nulls":8},"TEMP","DB","METH_2",13.507310177083339,"°C",null,"X"]
["METEO","LTER_EU_BE_02","INBO","HOE1","AIR","EnvEurope",3,3,0,2011,10,7,{"$nulls":8},"TEMP","DB","METH_2",9.883611447916667,"°C",null,"X"]
["METEO","LTER_EU_BE_02","INBO","HOE1","AIR","EnvEurope",3,3,0,2011,10,8,{"$nulls":8},"TEMP","DB","METH_2",8.275522447916666,"°C",null,"X"]
["METEO","LTER_EU_BE_02","INBO","HOE1","AIR","EnvEurope",3,3,0,2011,10,9,{"$nulls":8},"TEMP","DB","METH_2",11.326406093750002,"°C",null,"X"]
["METEO","LTER_EU_BE_02","INBO","HOE1","AIR","EnvEurope",3,3,0,2011,10,10,{"$nulls":8},"TEMP","DB","METH_2",16.190780937500005,"°C",null,"X"]
["METEO","LTER_EU_BE_02","INBO","HOE1","AIR","EnvEurope",3,3,0,2011,10,11,{"$nulls":8},"TEMP","DB","METH_2",14.995279895833342,"°C",null,"X"]
["METEO","LTER_EU_BE_02","INBO","HOE1","AIR","EnvEurope",3,3,0,2011,10,12,{"$nulls":8},"TEMP","DB","METH_2",14.45470625,"°C",null,"X"]
["METEO","LTER_EU_BE_02","INBO","HOE1","AIR","EnvEurope",3,3,0,2011,10,13,{"$nulls":8},"TEMP","DB","METH_2",10.645416583333335,"°C",null,"X"]
["METEO","LTER_EU_BE_02","INBO","HOE1","AIR","EnvEurope",3,3,0,2011,10,14,{"$nulls":8},"TEMP","DB","METH_2",7.3461109166666665,"°C",null,"X"]
["METEO","LTER_EU_BE_02","INBO","HOE1","AIR","EnvEurope",3,3,0,2011,10,15,{"$nulls":8},"TEMP","DB","METH_2",6.752169583333334,"°C",null,"X"]
["METEO","LTER_EU_BE_02","INBO","HOE1","AIR","EnvEurope",3,3,0,2011,10,16,{"$nulls":8},"TEMP","DB","METH_2",6.576683910104165,"°C",null,"X"]
["METEO","LTER_EU_BE_02","INBO","HOE1","AIR","EnvEurope",3,3,0,2011,10,17,{"$nulls":8},"TEMP","DB","METH_2",10.120242416666667,"°C",null,"X"]
["METEO","LTER_EU_BE_02","INBO","HOE1","AIR","EnvEurope",3,3,0,2011,10,18,{"$nulls":8},"TEMP","DB","METH_2",9.723802114583334,"°C",null,"X"]
["METEO","LTER_EU_BE_02","INBO","HOE1","AIR","EnvEurope",3,3,0,2011,10,19,{"$nulls":8},"TEMP","DB","METH_2",7.125521031249996,"°C",null,"X"]
["METEO","LTER_EU_BE_02","INBO","HOE1","AIR","EnvEurope",3,3,0,2011,10,20,{"$nulls":8},"TEMP","DB","METH_2",4.959982618333334,"°C",null,"X"]
["METEO","LTER_EU_BE_02","INBO","HOE1","AIR","EnvEurope",3,3,0,2011,10,21,{"$nulls":8},"TEMP","DB","METH_2",3.8155384135416663,"°C",null,"X"]
["METEO","LTER_EU_BE_02","INBO","HOE1","AIR","EnvEurope",3,3,0,2011,10,22,{"$nulls":8},"TEMP","DB","METH_2",4.005954998958333,"°C",null,"X"]
["METEO","LTER_EU_BE_02","INBO","HOE1","AIR","EnvEurope",3,3,0,2011,10,23,{"$nulls":8},"TEMP","DB","METH_2",8.179079864583333,"°C",null,"X"]
["METEO","LTER_EU_BE_02","INBO","HOE1","AIR","EnvEurope",3,3,0,2011,10,24,{"$nulls":8},"TEMP","DB","METH_2",8.715712250000001,"°C",null,"X"]
["METEO","LTER_EU_BE_02","INBO","HOE1","AIR","EnvEurope",3,3,0,2011,10,25,{"$nulls":8},"TEMP","DB","METH_2",11.134045874999998,"°C",null,"X"]
["METEO","LTER_EU_BE_02","INBO","HOE1","AIR","EnvEurope",3,3,0,2011,10,26,{"$nulls":8},"TEMP","DB","METH_2",9.982986135416661,"°C",null,"X"]
["METEO","LTER_EU_BE_02","INBO","HOE1","AIR","EnvEurope",3,3,0,2011,10,27,{"$nulls":8},"TEMP","DB","METH_2",9.935277979166665,"°C",null,"X"]
["METEO","LTER_EU_BE_02","INBO","HOE1","AIR","EnvEurope",3,3,0,2011,10,28,{"$nulls":8},"TEMP","DB","METH_2",12.823646374999996,"°C",null,"X"]
["METEO","LTER_EU_BE_02","INBO","HOE1","AIR","EnvEurope",3,3,0,2011,10,29,{"$nulls":8},"TEMP","DB","METH_2",12.890485489583336,"°C",null,"X"]
["METEO","LTER_EU_BE_02","INBO","HOE1","AIR","EnvEurope",3,3,0,2011,10,30,{"$nulls":8},"TEMP","DB","METH_2",13.494149479166673,"°C",null,"X"]
["METEO","LTER_EU_BE_02","INBO","HOE1","AIR","EnvEurope",3,3,0,2011,10,31,{"$nulls":8},"TEMP","DB","METH_2",11.704183864583335,"°C",null,"X"]
["METEO","LTER_EU_BE_02","INBO","HOE1","AIR","EnvEurope",3,3,0,2011,11,1,{"$nulls":8},"TEMP","DB","METH_2",12.182205989583336,"°C",null,"X"]
["METEO","LTER_EU_BE_02","INBO","HOE1","AIR","EnvEurope",3,3,0,2011,11,2,{"$nulls":8},"TEMP","DB","METH_2",11.945972833333334,"°C",null,"X"]
["METEO","LTER_EU_BE_02","INBO","HOE1","AIR","EnvEurope",3,3,0,2011,11,3,{"$nulls":8},"TEMP","DB","METH_2",15.589652395833332,"°C",null,"X"]
["METEO","LTER_EU_BE_02","INBO","HOE1","AIR","EnvEurope",3,3,0,2011,11,4,{"$nulls":8},"TEMP","DB","METH_2",15.069271250000002,"°C",null,"X"]
["METEO","LTER_EU_BE_02","INBO","HOE1","AIR","EnvEurope",3,3,0,2011,11,5,{"$nulls":8},"TEMP","DB","METH_2",13.194410416666663,"°C",null,"X"]
["METEO","LTER_EU_BE_02","INBO","HOE1","AIR","EnvEurope",3,3,0,2011,11,6,{"$nulls":8},"TEMP","DB","METH_2",11.456180208333329,"°C",null,"X"]
["METEO","LTER_EU_BE_02","INBO","HOE1","AIR","EnvEurope",3,3,0,2011,11,7,{"$nulls":8},"TEMP","DB","METH_2",8.908662572916663,"°C",null,"X"]
["METEO","LTER_EU_BE_02","INBO","HOE1","AIR","EnvEurope",3,3,0,2011,11,8,{"$nulls":8},"TEMP","DB","METH_2",9.226979572916667,"°C",null,"X"]
["METEO","LTER_EU_BE_02","INBO","HOE1","AIR","EnvEurope",3,3,0,2011,11,9,{"$nulls":8},"TEMP","DB","METH_2",10.470312875000001,"°C",null,"X"]
["METEO","LTER_EU_BE_02","INBO","HOE1","AIR","EnvEurope",3,3,0,2011,11,10,{"$nulls":8},"TEMP","DB","METH_2",8.103906333333333,"°C",null,"X"]
["METEO","LTER_EU_BE_02","INBO","HOE1","AIR","EnvEurope",3,3,0,2011,11,11,{"$nulls":8},"TEMP","DB","METH_2",6.701076416666663,"°C",null,"X"]
["METEO","LTER_EU_BE_02","INBO","HOE1","AIR","EnvEurope",3,3,0,2011,11,12,{"$nulls":8},"TEMP","DB","METH_2",8.541423291666662,"°C",null,"X"]
["METEO","LTER_EU_BE_02","INBO","HOE1","AIR","EnvEurope",3,3,0,2011,11,13,{"$nulls":8},"TEMP","DB","METH_2",4.745034645833334,"°C",null,"X"]
["METEO","LTER_EU_BE_02","INBO","HOE1","AIR","EnvEurope",3,3,0,2011,11,14,{"$nulls":8},"TEMP","DB","METH_2",4.931319586458334,"°C",null,"X"]
["METEO","LTER_EU_BE_02","INBO","HOE1","AIR","EnvEurope",3,3,0,2011,11,15,{"$nulls":8},"TEMP","DB","METH_2",1.2759897269791673,"°C",null,"X"]
["METEO","LTER_EU_BE_02","INBO","HOE1","AIR","EnvEurope",3,3,0,2011,11,16,{"$nulls":8},"TEMP","DB","METH_2",0.706475653958333,"°C",null,"X"]
["METEO","LTER_EU_BE_02","INBO","HOE1","AIR","EnvEurope",3,3,0,2011,11,17,{"$nulls":8},"TEMP","DB","METH_2",5.695815568750002,"°C",null,"X"]
["METEO","LTER_EU_BE_02","INBO","HOE1","AIR","EnvEurope",3,3,0,2011,11,18,{"$nulls":8},"TEMP","DB","METH_2",7.41374869791667,"°C",null,"X"]
["METEO","LTER_EU_BE_02","INBO","HOE1","AIR","EnvEurope",3,3,0,2011,11,19,{"$nulls":8},"TEMP","DB","METH_2",4.486666418750001,"°C",null,"X"]
["METEO","LTER_EU_BE_02","INBO","HOE1","AIR","EnvEurope",3,3,0,2011,11,20,{"$nulls":8},"TEMP","DB","METH_2",3.895520772916669,"°C",null,"X"]
["METEO","LTER_EU_BE_02","INBO","HOE1","AIR","EnvEurope",3,3,0,2011,11,21,{"$nulls":8},"TEMP","DB","METH_2",4.148576245979169,"°C",null,"X"]
["METEO","LTER_EU_BE_02","INBO","HOE1","AIR","EnvEurope",3,3,0,2011,11,22,{"$nulls":8},"TEMP","DB","METH_2",7.446128041666665,"°C",null,"X"]
["METEO","LTER_EU_BE_02","INBO","HOE1","AIR","EnvEurope",3,3,0,2011,11,23,{"$nulls":8},"TEMP","DB","METH_2",7.726597802083334,"°C",null,"X"]
["METEO","LTER_EU_BE_02","INBO","HOE1","AIR","EnvEurope",3,3,0,2011,11,24,{"$nulls":8},"TEMP","DB","METH_2",7.643107895833334,"°C",null,"X"]
["METEO","LTER_EU_BE_02","INBO","HOE1","AIR","EnvEurope",3,3,0,2011,11,25,{"$nulls":8},"TEMP","DB","METH_2",5.400069635416666,"°C",null,"X"]
["METEO","LTER_EU_BE_02","INBO","HOE1","AIR","EnvEurope",3,3,0,2011,11,26,{"$nulls":8},"TEMP","DB","METH_2",5.984548635416666,"°C",null,"X"]
["METEO","LTER_EU_BE_02","INBO","HOE1","AIR","EnvEurope",3,3,0,2011,11,27,{"$nulls":8},"TEMP","DB","METH_2",7.8351730208333334,"°C",null,"X"]
["METEO","LTER_EU_BE_02","INBO","HOE1","AIR","EnvEurope",3,3,0,2011,11,28,{"$nulls":8},"TEMP","DB","METH_2",3.314462126770833,"°C",null,"X"]
["METEO","LTER_EU_BE_02","INBO","HOE1","AIR","EnvEurope",3,3,0,2011,11,29,{"$nulls":8},"TEMP","DB","METH_2",6.792830250000001,"°C",null,"X"]
["METEO","LTER_EU_BE_02","INBO","HOE1","AIR","EnvEurope",3,3,0,2011,11,30,{"$nulls":8},"TEMP","DB","METH_2",6.713680510416669,"°C",null,"X"]
["METEO","LTER_EU_BE_02","INBO","HOE1","AIR","EnvEurope",3,3,0,2011,12,1,{"$nulls":8},"TEMP","DB","METH_2",9.95253470833333,"°C",null,"X"]
["METEO","LTER_EU_BE_02","INBO","HOE1","AIR","EnvEurope",3,3,0,2011,12,2,{"$nulls":8},"TEMP","DB","METH_2",7.393871854166661,"°C",null,"X"]
["METEO","LTER_EU_BE_02","INBO","HOE1","AIR","EnvEurope",3,3,0,2011,12,3,{"$nulls":8},"TEMP","DB","METH_2",7.6522914791666645,"°C",null,"X"]
["METEO","LTER_EU_BE_02","INBO","HOE1","AIR","EnvEurope",3,3,0,2011,12,4,{"$nulls":8},"TEMP","DB","METH_2",8.246232854166667,"°C",null,"X"]
["METEO","LTER_EU_BE_02","INBO","HOE1","AIR","EnvEurope",3,3,0,2011,12,5,{"$nulls":8},"TEMP","DB","METH_2",4.749062260416667,"°C",null,"X"]
["METEO","LTER_EU_BE_02","INBO","HOE1","AIR","EnvEurope",3,3,0,2011,12,6,{"$nulls":8},"TEMP","DB","METH_2",4.37899253125,"°C",null,"X"]
["METEO","LTER_EU_BE_02","INBO","HOE1","AIR","EnvEurope",3,3,0,2011,12,7,{"$nulls":8},"TEMP","DB","METH_2",7.101440791666668,"°C",null,"X"]
["METEO","LTER_EU_BE_02","INBO","HOE1","AIR","EnvEurope",3,3,0,2011,12,8,{"$nulls":8},"TEMP","DB","METH_2",6.570069604166664,"°C",null,"X"]
["METEO","LTER_EU_BE_02","INBO","HOE1","AIR","EnvEurope",3,3,0,2011,12,9,{"$nulls":8},"TEMP","DB","METH_2",6.544479427083331,"°C",null,"X"]
["METEO","LTER_EU_BE_02","INBO","HOE1","AIR","EnvEurope",3,3,0,2011,12,10,{"$nulls":8},"TEMP","DB","METH_2",1.6096526258020827,"°C",null,"X"]
["METEO","LTER_EU_BE_02","INBO","HOE1","AIR","EnvEurope",3,3,0,2011,12,11,{"$nulls":8},"TEMP","DB","METH_2",2.982413135416667,"°C",null,"X"]
["METEO","LTER_EU_BE_02","INBO","HOE1","AIR","EnvEurope",3,3,0,2011,12,12,{"$nulls":8},"TEMP","DB","METH_2",6.978333031250002,"°C",null,"X"]
["METEO","LTER_EU_BE_02","INBO","HOE1","AIR","EnvEurope",3,3,0,2011,12,13,{"$nulls":8},"TEMP","DB","METH_2",7.375451927083333,"°C",null,"X"]
["METEO","LTER_EU_BE_02","INBO","HOE1","AIR","EnvEurope",3,3,0,2011,12,14,{"$nulls":8},"TEMP","DB","METH_2",5.111649416666665,"°C",null,"X"]
["METEO","LTER_EU_BE_02","INBO","HOE1","AIR","EnvEurope",3,3,0,2011,12,15,{"$nulls":8},"TEMP","DB","METH_2",5.532968468749999,"°C",null,"X"]
["METEO","LTER_EU_BE_02","INBO","HOE1","AIR","EnvEurope",3,3,0,2011,12,16,{"$nulls":8},"TEMP","DB","METH_2",4.077291566666667,"°C",null,"X"]
["METEO","LTER_EU_BE_02","INBO","HOE1","AIR","EnvEurope",3,3,0,2011,12,17,{"$nulls":8},"TEMP","DB","METH_2",1.6253298186145837,"°C",null,"X"]
["METEO","LTER_EU_BE_02","INBO","HOE1","AIR","EnvEurope",3,3,0,2011,12,18,{"$nulls":8},"TEMP","DB","METH_2",1.119097136458333,"°C",null,"X"]
["METEO","LTER_EU_BE_02","INBO","HOE1","AIR","EnvEurope",3,3,0,2011,12,19,{"$nulls":8},"TEMP","DB","METH_2",1.2480381687499997,"°C",null,"X"]
["METEO","LTER_EU_BE_02","INBO","HOE1","AIR","EnvEurope",3,3,0,2011,12,20,{"$nulls":8},"TEMP","DB","METH_2",4.419461882291668,"°C",null,"X"]
["METEO","LTER_EU_BE_02","INBO","HOE1","AIR","EnvEurope",3,3,0,2011,12,21,{"$nulls":8},"TEMP","DB","METH_2",4.712568697916667,"°C",null,"X"]
["METEO","LTER_EU_BE_02","INBO","HOE1","AIR","EnvEurope",3,3,0,2011,12,22,{"$nulls":8},"TEMP","DB","METH_2",8.88751765625,"°C",null,"X"]
["METEO","LTER_EU_BE_02","INBO","HOE1","AIR","EnvEurope",3,3,0,2011,12,23,{"$nulls":8},"TEMP","DB","METH_2",8.460087218750004,"°C",null,"X"]
["METEO","LTER_EU_BE_02","INBO","HOE1","AIR","EnvEurope",3,3,0,2011,12,24,{"$nulls":8},"TEMP","DB","METH_2",5.2370660625,"°C",null,"X"]
["METEO","LTER_EU_BE_02","INBO","HOE1","AIR","EnvEurope",3,3,0,2011,12,25,{"$nulls":8},"TEMP","DB","METH_2",7.770954354166668,"°C",null,"X"]
["METEO","LTER_EU_BE_02","INBO","HOE1","AIR","EnvEurope",3,3,0,2011,12,26,{"$nulls":8},"TEMP","DB","METH_2",8.954235875,"°C",null,"X"]
["METEO","LTER_EU_BE_02","INBO","HOE1","AIR","EnvEurope",3,3,0,2011,12,27,{"$nulls":8},"TEMP","DB","METH_2",7.80222302083333,"°C",null,"X"]
["METEO","LTER_EU_BE_02","INBO","HOE1","AIR","EnvEurope",3,3,0,2011,12,28,{"$nulls":8},"TEMP","DB","METH_2",5.31347240625,"°C",null,"X"]
["METEO","LTER_EU_BE_02","INBO","HOE1","AIR","EnvEurope",3,3,0,2011,12,29,{"$nulls":8},"TEMP","DB","METH_2",5.334582895833333,"°C",null,"X"]
["METEO","LTER_EU_BE_02","INBO","HOE1","AIR","EnvEurope",3,3,0,2011,12,30,{"$nulls":8},"TEMP","DB","METH_2",4.894340520833337,"°C",null,"X"]
["METEO","LTER_EU_BE_02","INBO","HOE1","AIR","EnvEurope",3,3,0,2011,12,31,{"$nulls":8},"TEMP","DB","METH_2",8.270277604166663,"°C",null,"X"]
["METEO","LTER_EU_BE_02","INBO","HOE1","AIR","EnvEurope",3,3,0,2011,5,4,{"$nulls":8},"TEMP","DB","METH_2",10.784900282608694,"°C",null,"X"]
["METEO","LTER_EU_BE_02","INBO","HOE1","AIR","EnvEurope",3,3,0,2011,5,5,{"$nulls":8},"TEMP","DB","METH_2",10.417204290625,"°C",null,"X"]
["METEO","LTER_EU_BE_02","INBO","HOE1","AIR","EnvEurope",3,3,0,2011,5,6,{"$nulls":8},"TEMP","DB","METH_2",14.119305604166664,"°C",null,"X"]
["METEO","LTER_EU_BE_02","INBO","HOE1","AIR","EnvEurope",3,3,0,2011,5,7,{"$nulls":8},"TEMP","DB","METH_2",17.586162802083333,"°C",null,"X"]
["METEO","LTER_EU_BE_02","INBO","HOE1","AIR","EnvEurope",3,3,0,2011,5,8,{"$nulls":8},"TEMP","DB","METH_2",19.904217083333332,"°C",null,"X"]
["METEO","LTER_EU_BE_02","INBO","HOE1","AIR","EnvEurope",3,3,0,2011,5,9,{"$nulls":8},"TEMP","DB","METH_2",16.05763958333334,"°C",null,"X"]
["METEO","LTER_EU_BE_02","INBO","HOE1","AIR","EnvEurope",3,3,0,2011,5,10,{"$nulls":8},"TEMP","DB","METH_2",16.45927020833334,"°C",null,"X"]
["METEO","LTER_EU_BE_02","INBO","HOE1","AIR","EnvEurope",3,3,0,2011,5,11,{"$nulls":8},"TEMP","DB","METH_2",14.848455666666672,"°C",null,"X"]
["METEO","LTER_EU_BE_02","INBO","HOE1","AIR","EnvEurope",3,3,0,2011,5,12,{"$nulls":8},"TEMP","DB","METH_2",12.459947812499998,"°C",null,"X"]
["METEO","LTER_EU_BE_02","INBO","HOE1","AIR","EnvEurope",3,3,0,2011,5,13,{"$nulls":8},"TEMP","DB","METH_2",12.51887123958334,"°C",null,"X"]
["METEO","LTER_EU_BE_02","INBO","HOE1","AIR","EnvEurope",3,3,0,2011,5,14,{"$nulls":8},"TEMP","DB","METH_2",11.081701114583332,"°C",null,"X"]
["METEO","LTER_EU_BE_02","INBO","HOE1","AIR","EnvEurope",3,3,0,2011,5,15,{"$nulls":8},"TEMP","DB","METH_2",11.056319770833332,"°C",null,"X"]
["METEO","LTER_EU_BE_02","INBO","HOE1","AIR","EnvEurope",3,3,0,2011,5,16,{"$nulls":8},"TEMP","DB","METH_2",12.07036509375,"°C",null,"X"]
["METEO","LTER_EU_BE_02","INBO","HOE1","AIR","EnvEurope",3,3,0,2011,5,17,{"$nulls":8},"TEMP","DB","METH_2",13.41171813541667,"°C",null,"X"]
["METEO","LTER_EU_BE_02","INBO","HOE1","AIR","EnvEurope",3,3,0,2011,5,18,{"$nulls":8},"TEMP","DB","METH_2",14.445850177083338,"°C",null,"X"]
["METEO","LTER_EU_BE_02","INBO","HOE1","AIR","EnvEurope",3,3,0,2011,5,19,{"$nulls":8},"TEMP","DB","METH_2",13.495712593750012,"°C",null,"X"]
["METEO","LTER_EU_BE_02","INBO","HOE1","AIR","EnvEurope",3,3,0,2011,5,20,{"$nulls":8},"TEMP","DB","METH_2",14.316007697916666,"°C",null,"X"]
["METEO","LTER_EU_BE_02","INBO","HOE1","AIR","EnvEurope",3,3,0,2011,5,21,{"$nulls":8},"TEMP","DB","METH_2",14.432638312499998,"°C",null,"X"]
["METEO","LTER_EU_BE_02","INBO","HOE1","AIR","EnvEurope",3,3,0,2011,5,22,{"$nulls":8},"TEMP","DB","METH_2",15.18875010416666,"°C",null,"X"]
["METEO","LTER_EU_BE_02","INBO","HOE1","AIR","EnvEurope",3,3,0,2011,5,23,{"$nulls":8},"TEMP","DB","METH_2",15.248332843750001,"°C",null,"X"]
["METEO","LTER_EU_BE_02","INBO","HOE1","AIR","EnvEurope",3,3,0,2011,5,24,{"$nulls":8},"TEMP","DB","METH_2",13.666701614583333,"°C",null,"X"]
["METEO","LTER_EU_BE_02","INBO","HOE1","AIR","EnvEurope",3,3,0,2011,5,25,{"$nulls":8},"TEMP","DB","METH_2",13.694600166666673,"°C",null,"X"]
["METEO","LTER_EU_BE_02","INBO","HOE1","AIR","EnvEurope",3,3,0,2011,5,26,{"$nulls":8},"TEMP","DB","METH_2",13.123211604166658,"°C",null,"X"]
["METEO","LTER_EU_BE_02","INBO","HOE1","AIR","EnvEurope",3,3,0,2011,5,27,{"$nulls":8},"TEMP","DB","METH_2",11.187916843749996,"°C",null,"X"]
["METEO","LTER_EU_BE_02","INBO","HOE1","AIR","EnvEurope",3,3,0,2011,5,28,{"$nulls":8},"TEMP","DB","METH_2",12.58654503125,"°C",null,"X"]
["METEO","LTER_EU_BE_02","INBO","HOE1","AIR","EnvEurope",3,3,0,2011,5,29,{"$nulls":8},"TEMP","DB","METH_2",15.8306953125,"°C",null,"X"]
["METEO","LTER_EU_BE_02","INBO","HOE1","AIR","EnvEurope",3,3,0,2011,5,30,{"$nulls":8},"TEMP","DB","METH_2",18.40729139583333,"°C",null,"X"]
["METEO","LTER_EU_BE_02","INBO","HOE1","AIR","EnvEurope",3,3,0,2011,5,31,{"$nulls":8},"TEMP","DB","METH_2",12.71427202083334,"°C",null,"X"]
["METEO","LTER_EU_BE_02","INBO","HOE1","AIR","EnvEurope",3,3,0,2011,6,1,{"$nulls":8},"TEMP","DB","METH_2",13.284079802083332,"°C",null,"X"]
["METEO","LTER_EU_BE_02","INBO","HOE1","AIR","EnvEurope",3,3,0,2011,6,2,{"$nulls":8},"TEMP","DB","METH_2",15.614425895833334,"°C",null,"X"]
["METEO","LTER_EU_BE_02","INBO","HOE1","AIR","EnvEurope",3,3,0,2011,6,3,{"$nulls":8},"TEMP","DB","METH_2",19.579429375,"°C",null,"X"]
["METEO","LTER_EU_BE_02","INBO","HOE1","AIR","EnvEurope",3,3,0,2011,6,4,{"$nulls":8},"TEMP","DB","METH_2",22.375087083333344,"°C",null,"X"]
["METEO","LTER_EU_BE_02","INBO","HOE1","AIR","EnvEurope",3,3,0,2011,6,5,{"$nulls":8},"TEMP","DB","METH_2",19.06149385416666,"°C",null,"X"]
["METEO","LTER_EU_BE_02","INBO","HOE1","AIR","EnvEurope",3,3,0,2011,6,6,{"$nulls":8},"TEMP","DB","METH_2",17.010677916666662,"°C",null,"X"]
["METEO","LTER_EU_BE_02","INBO","HOE1","AIR","EnvEurope",3,3,0,2011,6,7,{"$nulls":8},"TEMP","DB","METH_2",14.880799374999993,"°C",null,"X"]
["METEO","LTER_EU_BE_02","INBO","HOE1","AIR","EnvEurope",3,3,0,2011,6,8,{"$nulls":8},"TEMP","DB","METH_2",13.343558572916669,"°C",null,"X"]
["METEO","LTER_EU_BE_02","INBO","HOE1","AIR","EnvEurope",3,3,0,2011,6,9,{"$nulls":8},"TEMP","DB","METH_2",13.002760354166666,"°C",null,"X"]
["METEO","LTER_EU_BE_02","INBO","HOE1","AIR","EnvEurope",3,3,0,2011,6,10,{"$nulls":8},"TEMP","DB","METH_2",11.758020906249996,"°C",null,"X"]
["METEO","LTER_EU_BE_02","INBO","HOE1","AIR","EnvEurope",3,3,0,2011,6,11,{"$nulls":8},"TEMP","DB","METH_2",10.757222687500002,"°C",null,"X"]
["METEO","LTER_EU_BE_02","INBO","HOE1","AIR","EnvEurope",3,3,0,2011,6,12,{"$nulls":8},"TEMP","DB","METH_2",12.478264197916666,"°C",null,"X"]
["METEO","LTER_EU_BE_02","INBO","HOE1","AIR","EnvEurope",3,3,0,2011,6,13,{"$nulls":8},"TEMP","DB","METH_2",16.335259583333336,"°C",null,"X"]
["METEO","LTER_EU_BE_02","INBO","HOE1","AIR","EnvEurope",3,3,0,2011,6,14,{"$nulls":8},"TEMP","DB","METH_2",17.142290937500004,"°C",null,"X"]
["METEO","LTER_EU_BE_02","INBO","HOE1","AIR","EnvEurope",3,3,0,2011,6,15,{"$nulls":8},"TEMP","DB","METH_2",17.483471354166667,"°C",null,"X"]
["METEO","LTER_EU_BE_02","INBO","HOE1","AIR","EnvEurope",3,3,0,2011,6,16,{"$nulls":8},"TEMP","DB","METH_2",15.183785666666667,"°C",null,"X"]
["METEO","LTER_EU_BE_02","INBO","HOE1","AIR","EnvEurope",3,3,0,2011,6,17,{"$nulls":8},"TEMP","DB","METH_2",13.255763354166673,"°C",null,"X"]
["METEO","LTER_EU_BE_02","INBO","HOE1","AIR","EnvEurope",3,3,0,2011,6,18,{"$nulls":8},"TEMP","DB","METH_2",13.684115312499998,"°C",null,"X"]
["METEO","LTER_EU_BE_02","INBO","HOE1","AIR","EnvEurope",3,3,0,2011,6,19,{"$nulls":8},"TEMP","DB","METH_2",13.595451874999995,"°C",null,"X"]
["METEO","LTER_EU_BE_02","INBO","HOE1","AIR","EnvEurope",3,3,0,2011,6,20,{"$nulls":8},"TEMP","DB","METH_2",13.30380273958333,"°C",null,"X"]
["METEO","LTER_EU_BE_02","INBO","HOE1","AIR","EnvEurope",3,3,0,2011,6,21,{"$nulls":8},"TEMP","DB","METH_2",17.2810253125,"°C",null,"X"]
["METEO","LTER_EU_BE_02","INBO","HOE1","AIR","EnvEurope",3,3,0,2011,6,22,{"$nulls":8},"TEMP","DB","METH_2",14.540555625000001,"°C",null,"X"]
["METEO","LTER_EU_BE_02","INBO","HOE1","AIR","EnvEurope",3,3,0,2011,6,23,{"$nulls":8},"TEMP","DB","METH_2",14.852378437500006,"°C",null,"X"]
["METEO","LTER_EU_BE_02","INBO","HOE1","AIR","EnvEurope",3,3,0,2011,6,24,{"$nulls":8},"TEMP","DB","METH_2",13.963246354166666,"°C",null,"X"]
["METEO","LTER_EU_BE_02","INBO","HOE1","AIR","EnvEurope",3,3,0,2011,6,25,{"$nulls":8},"TEMP","DB","METH_2",13.606110520833335,"°C",null,"X"]
["METEO","LTER_EU_BE_02","INBO","HOE1","AIR","EnvEurope",3,3,0,2011,6,26,{"$nulls":8},"TEMP","DB","METH_2",19.219948749999993,"°C",null,"X"]
["METEO","LTER_EU_BE_02","INBO","HOE1","AIR","EnvEurope",3,3,0,2011,6,27,{"$nulls":8},"TEMP","DB","METH_2",23.732882291666666,"°C",null,"X"]
["METEO","LTER_EU_BE_02","INBO","HOE1","AIR","EnvEurope",3,3,0,2011,6,28,{"$nulls":8},"TEMP","DB","METH_2",24.00329822916666,"°C",null,"X"]
["METEO","LTER_EU_BE_02","INBO","HOE1","AIR","EnvEurope",3,3,0,2011,6,29,{"$nulls":8},"TEMP","DB","METH_2",16.937413125000003,"°C",null,"X"]
["METEO","LTER_EU_BE_02","INBO","HOE1","AIR","EnvEurope",3,3,0,2011,6,30,{"$nulls":8},"TEMP","DB","METH_2",13.620712124999995,"°C",null,"X"]
["METEO","LTER_EU_BE_02","INBO","HOE1","AIR","EnvEurope",3,3,0,2011,7,1,{"$nulls":8},"TEMP","DB","METH_2",13.541787906249999,"°C",null,"X"]
["METEO","LTER_EU_BE_02","INBO","HOE1","AIR","EnvEurope",3,3,0,2011,7,2,{"$nulls":8},"TEMP","DB","METH_2",12.598193968749998,"°C",null,"X"]
["METEO","LTER_EU_BE_02","INBO","HOE1","AIR","EnvEurope",3,3,0,2011,7,3,{"$nulls":8},"TEMP","DB","METH_2",13.792586927083327,"°C",null,"X"]
["METEO","LTER_EU_BE_02","INBO","HOE1","AIR","EnvEurope",3,3,0,2011,7,4,{"$nulls":8},"TEMP","DB","METH_2",14.870191062499998,"°C",null,"X"]
["METEO","LTER_EU_BE_02","INBO","HOE1","AIR","EnvEurope",3,3,0,2011,7,5,{"$nulls":8},"TEMP","DB","METH_2",18.21828040625,"°C",null,"X"]
["METEO","LTER_EU_BE_02","INBO","HOE1","AIR","EnvEurope",3,3,0,2011,7,6,{"$nulls":8},"TEMP","DB","METH_2",17.212135625000005,"°C",null,"X"]
["METEO","LTER_EU_BE_02","INBO","HOE1","AIR","EnvEurope",3,3,0,2011,7,7,{"$nulls":8},"TEMP","DB","METH_2",17.257587604166666,"°C",null,"X"]
["METEO","LTER_EU_BE_02","INBO","HOE1","AIR","EnvEurope",3,3,0,2011,7,8,{"$nulls":8},"TEMP","DB","METH_2",16.076562604166664,"°C",null,"X"]
["METEO","LTER_EU_BE_02","INBO","HOE1","AIR","EnvEurope",3,3,0,2011,7,9,{"$nulls":8},"TEMP","DB","METH_2",16.395400312499998,"°C",null,"X"]
["METEO","LTER_EU_BE_02","INBO","HOE1","AIR","EnvEurope",3,3,0,2011,7,10,{"$nulls":8},"TEMP","DB","METH_2",15.880780781250003,"°C",null,"X"]
["METEO","LTER_EU_BE_02","INBO","HOE1","AIR","EnvEurope",3,3,0,2011,7,11,{"$nulls":8},"TEMP","DB","METH_2",18.63250114583334,"°C",null,"X"]
["METEO","LTER_EU_BE_02","INBO","HOE1","AIR","EnvEurope",3,3,0,2011,7,12,{"$nulls":8},"TEMP","DB","METH_2",18.047778541666663,"°C",null,"X"]
["METEO","LTER_EU_BE_02","INBO","HOE1","AIR","EnvEurope",3,3,0,2011,7,13,{"$nulls":8},"TEMP","DB","METH_2",13.689444375000008,"°C",null,"X"]
["METEO","LTER_EU_BE_02","INBO","HOE1","AIR","EnvEurope",3,3,0,2011,7,14,{"$nulls":8},"TEMP","DB","METH_2",12.295902916666664,"°C",null,"X"]
["METEO","LTER_EU_BE_02","INBO","HOE1","AIR","EnvEurope",3,3,0,2011,7,15,{"$nulls":8},"TEMP","DB","METH_2",16.813854375000002,"°C",null,"X"]
["METEO","LTER_EU_BE_02","INBO","HOE1","AIR","EnvEurope",3,3,0,2011,7,16,{"$nulls":8},"TEMP","DB","METH_2",15.737933854166663,"°C",null,"X"]
["METEO","LTER_EU_BE_02","INBO","HOE1","AIR","EnvEurope",3,3,0,2011,7,17,{"$nulls":8},"TEMP","DB","METH_2",15.034651354166668,"°C",null,"X"]
["METEO","LTER_EU_BE_02","INBO","HOE1","AIR","EnvEurope",3,3,0,2011,7,18,{"$nulls":8},"TEMP","DB","METH_2",14.34166708333334,"°C",null,"X"]
["METEO","LTER_EU_BE_02","INBO","HOE1","AIR","EnvEurope",3,3,0,2011,7,19,{"$nulls":8},"TEMP","DB","METH_2",14.050693854166665,"°C",null,"X"]
["METEO","LTER_EU_BE_02","INBO","HOE1","AIR","EnvEurope",3,3,0,2011,7,20,{"$nulls":8},"TEMP","DB","METH_2",14.448506041666668,"°C",null,"X"]
["METEO","LTER_EU_BE_02","INBO","HOE1","AIR","EnvEurope",3,3,0,2011,7,21,{"$nulls":8},"TEMP","DB","METH_2",15.119254374999995,"°C",null,"X"]
["METEO","LTER_EU_BE_02","INBO","HOE1","AIR","EnvEurope",3,3,0,2011,7,22,{"$nulls":8},"TEMP","DB","METH_2",13.93774110416667,"°C",null,"X"]
["METEO","LTER_EU_BE_02","INBO","HOE1","AIR","EnvEurope",3,3,0,2011,7,23,{"$nulls":8},"TEMP","DB","METH_2",11.333661541666665,"°C",null,"X"]
["METEO","LTER_EU_BE_02","INBO","HOE1","AIR","EnvEurope",3,3,0,2011,7,24,{"$nulls":8},"TEMP","DB","METH_2",13.470642854166668,"°C",null,"X"]
["METEO","LTER_EU_BE_02","INBO","HOE1","AIR","EnvEurope",3,3,0,2011,7,25,{"$nulls":8},"TEMP","DB","METH_2",15.031214729166669,"°C",null,"X"]
["METEO","LTER_EU_BE_02","INBO","HOE1","AIR","EnvEurope",3,3,0,2011,7,26,{"$nulls":8},"TEMP","DB","METH_2",14.164183958333332,"°C",null,"X"]
["METEO","LTER_EU_BE_02","INBO","HOE1","AIR","EnvEurope",3,3,0,2011,7,27,{"$nulls":8},"TEMP","DB","METH_2",16.074929270833334,"°C",null,"X"]
["METEO","LTER_EU_BE_02","INBO","HOE1","AIR","EnvEurope",3,3,0,2011,7,28,{"$nulls":8},"TEMP","DB","METH_2",17.277360520833334,"°C",null,"X"]
["METEO","LTER_EU_BE_02","INBO","HOE1","AIR","EnvEurope",3,3,0,2011,7,29,{"$nulls":8},"TEMP","DB","METH_2",16.63762229166667,"°C",null,"X"]
["METEO","LTER_EU_BE_02","INBO","HOE1","AIR","EnvEurope",3,3,0,2011,7,30,{"$nulls":8},"TEMP","DB","METH_2",13.569581979166669,"°C",null,"X"]
["METEO","LTER_EU_BE_02","INBO","HOE1","AIR","EnvEurope",3,3,0,2011,7,31,{"$nulls":8},"TEMP","DB","METH_2",14.118697958333335,"°C",null,"X"]
["METEO","LTER_EU_BE_02","INBO","HOE1","AIR","EnvEurope",3,3,0,2011,8,1,{"$nulls":8},"TEMP","DB","METH_2",15.02710070833333,"°C",null,"X"]
["METEO","LTER_EU_BE_02","INBO","HOE1","AIR","EnvEurope",3,3,0,2011,8,2,{"$nulls":8},"TEMP","DB","METH_2",19.29635472916667,"°C",null,"X"]
["METEO","LTER_EU_BE_02","INBO","HOE1","AIR","EnvEurope",3,3,0,2011,8,3,{"$nulls":8},"TEMP","DB","METH_2",17.825086979166667,"°C",null,"X"]
["METEO","LTER_EU_BE_02","INBO","HOE1","AIR","EnvEurope",3,3,0,2011,8,4,{"$nulls":8},"TEMP","DB","METH_2",18.64730958333333,"°C",null,"X"]
["METEO","LTER_EU_BE_02","INBO","HOE1","AIR","EnvEurope",3,3,0,2011,8,5,{"$nulls":8},"TEMP","DB","METH_2",17.311335937499994,"°C",null,"X"]
["METEO","LTER_EU_BE_02","INBO","HOE1","AIR","EnvEurope",3,3,0,2011,8,6,{"$nulls":8},"TEMP","DB","METH_2",17.700502812499995,"°C",null,"X"]
["METEO","LTER_EU_BE_02","INBO","HOE1","AIR","EnvEurope",3,3,0,2011,8,7,{"$nulls":8},"TEMP","DB","METH_2",15.645416458333331,"°C",null,"X"]
["METEO","LTER_EU_BE_02","INBO","HOE1","AIR","EnvEurope",3,3,0,2011,8,8,{"$nulls":8},"TEMP","DB","METH_2",13.896648958333337,"°C",null,"X"]
["METEO","LTER_EU_BE_02","INBO","HOE1","AIR","EnvEurope",3,3,0,2011,8,9,{"$nulls":8},"TEMP","DB","METH_2",14.097864562499998,"°C",null,"X"]
["METEO","LTER_EU_BE_02","INBO","HOE1","AIR","EnvEurope",3,3,0,2011,8,10,{"$nulls":8},"TEMP","DB","METH_2",15.531232781249999,"°C",null,"X"]
["METEO","LTER_EU_BE_02","INBO","HOE1","AIR","EnvEurope",3,3,0,2011,8,11,{"$nulls":8},"TEMP","DB","METH_2",18.583298541666668,"°C",null,"X"]
["METEO","LTER_EU_BE_02","INBO","HOE1","AIR","EnvEurope",3,3,0,2011,8,12,{"$nulls":8},"TEMP","DB","METH_2",17.190816875,"°C",null,"X"]
["METEO","LTER_EU_BE_02","INBO","HOE1","AIR","EnvEurope",3,3,0,2011,8,13,{"$nulls":8},"TEMP","DB","METH_2",17.327169895833332,"°C",null,"X"]
["METEO","LTER_EU_BE_02","INBO","HOE1","AIR","EnvEurope",3,3,0,2011,8,14,{"$nulls":8},"TEMP","DB","METH_2",16.291892083333334,"°C",null,"X"]
["METEO","LTER_EU_BE_02","INBO","HOE1","AIR","EnvEurope",3,3,0,2011,8,15,{"$nulls":8},"TEMP","DB","METH_2",15.6083684375,"°C",null,"X"]
["METEO","LTER_EU_BE_02","INBO","HOE1","AIR","EnvEurope",3,3,0,2011,8,16,{"$nulls":8},"TEMP","DB","METH_2",16.623316875,"°C",null,"X"]
["METEO","LTER_EU_BE_02","INBO","HOE1","AIR","EnvEurope",3,3,0,2011,8,17,{"$nulls":8},"TEMP","DB","METH_2",17.613837187500007,"°C",null,"X"]
["METEO","LTER_EU_BE_02","INBO","HOE1","AIR","EnvEurope",3,3,0,2011,8,18,{"$nulls":8},"TEMP","DB","METH_2",18.047656979166675,"°C",null,"X"]
["METEO","LTER_EU_BE_02","INBO","HOE1","AIR","EnvEurope",3,3,0,2011,8,19,{"$nulls":8},"TEMP","DB","METH_2",16.803768020833328,"°C",null,"X"]
["METEO","LTER_EU_BE_02","INBO","HOE1","AIR","EnvEurope",3,3,0,2011,8,20,{"$nulls":8},"TEMP","DB","METH_2",17.165363947916667,"°C",null,"X"]
["METEO","LTER_EU_BE_02","INBO","HOE1","AIR","EnvEurope",3,3,0,2011,8,21,{"$nulls":8},"TEMP","DB","METH_2",21.127325104166662,"°C",null,"X"]
["METEO","LTER_EU_BE_02","INBO","HOE1","AIR","EnvEurope",3,3,0,2011,8,22,{"$nulls":8},"TEMP","DB","METH_2",16.76388802083333,"°C",null,"X"]
["METEO","LTER_EU_BE_02","INBO","HOE1","AIR","EnvEurope",3,3,0,2011,8,23,{"$nulls":8},"TEMP","DB","METH_2",18.985017187500002,"°C",null,"X"]
["METEO","LTER_EU_BE_02","INBO","HOE1","AIR","EnvEurope",3,3,0,2011,8,24,{"$nulls":8},"TEMP","DB","METH_2",17.44617947916667,"°C",null,"X"]
["METEO","LTER_EU_BE_02","INBO","HOE1","AIR","EnvEurope",3,3,0,2011,8,25,{"$nulls":8},"TEMP","DB","METH_2",17.468818958333337,"°C",null,"X"]
["METEO","LTER_EU_BE_02","INBO","HOE1","AIR","EnvEurope",3,3,0,2011,8,26,{"$nulls":8},"TEMP","DB","METH_2",16.72451520833333,"°C",null,"X"]
["METEO","LTER_EU_BE_02","INBO","HOE1","AIR","EnvEurope",3,3,0,2011,8,27,{"$nulls":8},"TEMP","DB","METH_2",14.647101041666666,"°C",null,"X"]
["METEO","LTER_EU_BE_02","INBO","HOE1","AIR","EnvEurope",3,3,0,2011,8,28,{"$nulls":8},"TEMP","DB","METH_2",13.306076250000002,"°C",null,"X"]
["METEO","LTER_EU_BE_02","INBO","HOE1","AIR","EnvEurope",3,3,0,2011,8,29,{"$nulls":8},"TEMP","DB","METH_2",12.75939164583333,"°C",null,"X"]
["METEO","LTER_EU_BE_02","INBO","HOE1","AIR","EnvEurope",3,3,0,2011,8,30,{"$nulls":8},"TEMP","DB","METH_2",12.266024208333333,"°C",null,"X"]
["METEO","LTER_EU_BE_02","INBO","HOE1","AIR","EnvEurope",3,3,0,2011,8,31,{"$nulls":8},"TEMP","DB","METH_2",12.316058489583334,"°C",null,"X"]
["METEO","LTER_EU_BE_02","INBO","HOE1","AIR","EnvEurope",3,3,0,2011,9,1,{"$nulls":8},"TEMP","DB","METH_2",14.11788180208333,"°C",null,"X"]
["METEO","LTER_EU_BE_02","INBO","HOE1","AIR","EnvEurope",3,3,0,2011,9,2,{"$nulls":8},"TEMP","DB","METH_2",18.341978124999997,"°C",null,"X"]
["METEO","LTER_EU_BE_02","INBO","HOE1","AIR","EnvEurope",3,3,0,2011,9,3,{"$nulls":8},"TEMP","DB","METH_2",20.651790624999997,"°C",null,"X"]
["METEO","LTER_EU_BE_02","INBO","HOE1","AIR","EnvEurope",3,3,0,2011,9,4,{"$nulls":8},"TEMP","DB","METH_2",18.192221979166664,"°C",null,"X"]
["METEO","LTER_EU_BE_02","INBO","HOE1","AIR","EnvEurope",3,3,0,2011,9,5,{"$nulls":8},"TEMP","DB","METH_2",14.414392395833334,"°C",null,"X"]
["METEO","LTER_EU_BE_02","INBO","HOE1","AIR","EnvEurope",3,3,0,2011,9,6,{"$nulls":8},"TEMP","DB","METH_2",14.95545,"°C",null,"X"]
["METEO","LTER_EU_BE_02","INBO","HOE1","AIR","EnvEurope",3,3,0,2011,9,7,{"$nulls":8},"TEMP","DB","METH_2",14.508107500000001,"°C",null,"X"]
["METEO","LTER_EU_BE_02","INBO","HOE1","AIR","EnvEurope",3,3,0,2011,9,8,{"$nulls":8},"TEMP","DB","METH_2",13.450138958333332,"°C",null,"X"]
["METEO","LTER_EU_BE_02","INBO","HOE1","AIR","EnvEurope",3,3,0,2011,9,9,{"$nulls":8},"TEMP","DB","METH_2",17.81878479166667,"°C",null,"X"]
["METEO","LTER_EU_BE_02","INBO","HOE1","AIR","EnvEurope",3,3,0,2011,9,10,{"$nulls":8},"TEMP","DB","METH_2",21.540885312499995,"°C",null,"X"]
["METEO","LTER_EU_BE_02","INBO","HOE1","AIR","EnvEurope",3,3,0,2011,9,11,{"$nulls":8},"TEMP","DB","METH_2",16.52836822916667,"°C",null,"X"]
["METEO","LTER_EU_BE_02","INBO","HOE1","AIR","EnvEurope",3,3,0,2011,9,12,{"$nulls":8},"TEMP","DB","METH_2",16.61769187500001,"°C",null,"X"]
["METEO","LTER_EU_BE_02","INBO","HOE1","AIR","EnvEurope",3,3,0,2011,9,13,{"$nulls":8},"TEMP","DB","METH_2",15.495155312499994,"°C",null,"X"]
["METEO","LTER_EU_BE_02","INBO","HOE1","AIR","EnvEurope",3,3,0,2011,9,14,{"$nulls":8},"TEMP","DB","METH_2",13.495139156249996,"°C",null,"X"]
["METEO","LTER_EU_BE_02","INBO","HOE1","AIR","EnvEurope",3,3,0,2011,9,15,{"$nulls":8},"TEMP","DB","METH_2",13.054149812500006,"°C",null,"X"]
["METEO","LTER_EU_BE_02","INBO","HOE1","AIR","EnvEurope",3,3,0,2011,9,16,{"$nulls":8},"TEMP","DB","METH_2",14.036927572916662,"°C",null,"X"]
["METEO","LTER_EU_BE_02","INBO","HOE1","AIR","EnvEurope",3,3,0,2011,9,17,{"$nulls":8},"TEMP","DB","METH_2",14.52892322916667,"°C",null,"X"]
["METEO","LTER_EU_BE_02","INBO","HOE1","AIR","EnvEurope",3,3,0,2011,9,18,{"$nulls":8},"TEMP","DB","METH_2",11.398455197916673,"°C",null,"X"]
["METEO","LTER_EU_BE_02","INBO","HOE1","AIR","EnvEurope",3,3,0,2011,9,19,{"$nulls":8},"TEMP","DB","METH_2",12.411649041666664,"°C",null,"X"]
["METEO","LTER_EU_BE_02","INBO","HOE1","AIR","EnvEurope",3,3,0,2011,9,20,{"$nulls":8},"TEMP","DB","METH_2",14.284705385416665,"°C",null,"X"]
["METEO","LTER_EU_BE_02","INBO","HOE1","AIR","EnvEurope",3,3,0,2011,9,21,{"$nulls":8},"TEMP","DB","METH_2",15.1673784375,"°C",null,"X"]
["METEO","LTER_EU_BE_02","INBO","HOE1","AIR","EnvEurope",3,3,0,2011,9,22,{"$nulls":8},"TEMP","DB","METH_2",13.863749375000003,"°C",null,"X"]
["METEO","LTER_EU_BE_02","INBO","HOE1","AIR","EnvEurope",3,3,0,2011,9,23,{"$nulls":8},"TEMP","DB","METH_2",12.034756822916668,"°C",null,"X"]
["METEO","LTER_EU_BE_02","INBO","HOE1","AIR","EnvEurope",3,3,0,2011,9,24,{"$nulls":8},"TEMP","DB","METH_2",12.66267332291666,"°C",null,"X"]
["METEO","LTER_EU_BE_02","INBO","HOE1","AIR","EnvEurope",3,3,0,2011,9,25,{"$nulls":8},"TEMP","DB","METH_2",14.651701552083336,"°C",null,"X"]
["METEO","LTER_EU_BE_02","INBO","HOE1","AIR","EnvEurope",3,3,0,2011,9,26,{"$nulls":8},"TEMP","DB","METH_2",16.998281145833328,"°C",null,"X"]
["METEO","LTER_EU_BE_02","INBO","HOE1","AIR","EnvEurope",3,3,0,2011,9,27,{"$nulls":8},"TEMP","DB","METH_2",16.90498,"°C",null,"X"]
["METEO","LTER_EU_BE_02","INBO","HOE1","AIR","EnvEurope",3,3,0,2011,9,28,{"$nulls":8},"TEMP","DB","METH_2",16.608437708333334,"°C",null,"X"]
["METEO","LTER_EU_BE_02","INBO","HOE1","AIR","EnvEurope",3,3,0,2011,9,29,{"$nulls":8},"TEMP","DB","METH_2",17.05682270833334,"°C",null,"X"]
["METEO","LTER_EU_BE_02","INBO","HOE1","AIR","EnvEurope",3,3,0,2011,9,30,{"$nulls":8},"TEMP","DB","METH_2",16.389392572916663,"°C",null,"X"]
["METEO","LTER_EU_BE_02","INBO","HOE1","AIR","EnvEurope",3,3,0,2011,10,1,{"$nulls":8},"PREC","DB","METH_1",0,"mm",null,"S"]
["METEO","LTER_EU_BE_02","INBO","HOE1","AIR","EnvEurope",3,3,0,2011,10,2,{"$nulls":8},"PREC","DB","METH_1",0,"mm",null,"S"]
["METEO","LTER_EU_BE_02","INBO","HOE1","AIR","EnvEurope",3,3,0,2011,10,3,{"$nulls":8},"PREC","DB","METH_1",0,"mm",null,"S"]
["METEO","LTER_EU_BE_02","INBO","HOE1","AIR","EnvEurope",3,3,0,2011,10,4,{"$nulls":8},"PREC","DB","METH_1",0,"mm",null,"S"]
["METEO","LTER_EU_BE_02","INBO","HOE1","AIR","EnvEurope",3,3,0,2011,10,5,{"$nulls":8},"PREC","DB","METH_1",0.06999999999999999,"mm",null,"S"]
["METEO","LTER_EU_BE_02","INBO","HOE1","AIR","EnvEurope",3,3,0,2011,10,6,{"$nulls":8},"PREC","DB","METH_1",1.5799998800000001,"mm",null,"S"]
["METEO","LTER_EU_BE_02","INBO","HOE1","AIR","EnvEurope",3,3,0,2011,10,7,{"$nulls":8},"PREC","DB","METH_1",7.919998489999999,"mm",null,"S"]
["METEO","LTER_EU_BE_02","INBO","HOE1","AIR","EnvEurope",3,3,0,2011,10,8,{"$nulls":8},"PREC","DB","METH_1",19.379999550000004,"mm",null,"S"]
["METEO","LTER_EU_BE_02","INBO","HOE1","AIR","EnvEurope",3,3,0,2011,10,9,{"$nulls":8},"PREC","DB","METH_1",0.8000000000000002,"mm",null,"S"]
["METEO","LTER_EU_BE_02","INBO","HOE1","AIR","EnvEurope",3,3,0,2011,10,10,{"$nulls":8},"PREC","DB","METH_1",0.08,"mm",null,"S"]
["METEO","LTER_EU_BE_02","INBO","HOE1","AIR","EnvEurope",3,3,0,2011,10,11,{"$nulls":8},"PREC","DB","METH_1",0,"mm",null,"S"]
["METEO","LTER_EU_BE_02","INBO","HOE1","AIR","EnvEurope",3,3,0,2011,10,12,{"$nulls":8},"PREC","DB","METH_1",0.52,"mm",null,"S"]
["METEO","LTER_EU_BE_02","INBO","HOE1","AIR","EnvEurope",3,3,0,2011,10,13,{"$nulls":8},"PREC","DB","METH_1",0.04,"mm",null,"S"]
["METEO","LTER_EU_BE_02","INBO","HOE1","AIR","EnvEurope",3,3,0,2011,10,14,{"$nulls":8},"PREC","DB","METH_1",0,"mm",null,"S"]
["METEO","LTER_EU_BE_02","INBO","HOE1","AIR","EnvEurope",3,3,0,2011,10,15,{"$nulls":8},"PREC","DB","METH_1",0,"mm",null,"S"]
["METEO","LTER_EU_BE_02","INBO","HOE1","AIR","EnvEurope",3,3,0,2011,10,16,{"$nulls":8},"PREC","DB","METH_1",0,"mm",null,"S"]
["METEO","LTER_EU_BE_02","INBO","HOE1","AIR","EnvEurope",3,3,0,2011,10,17,{"$nulls":8},"PREC","DB","METH_1",0,"mm",null,"S"]
["METEO","LTER_EU_BE_02","INBO","HOE1","AIR","EnvEurope",3,3,0,2011,10,18,{"$nulls":8},"PREC","DB","METH_1",2.1399996700000004,"mm",null,"S"]
["METEO","LTER_EU_BE_02","INBO","HOE1","AIR","EnvEurope",3,3,0,2011,10,19,{"$nulls":8},"PREC","DB","METH_1",4.33,"mm",null,"S"]
["METEO","LTER_EU_BE_02","INBO","HOE1","AIR","EnvEurope",3,3,0,2011,10,20,{"$nulls":8},"PREC","DB","METH_1",0.48000000000000004,"mm",null,"S"]
["METEO","LTER_EU_BE_02","INBO","HOE1","AIR","EnvEurope",3,3,0,2011,10,21,{"$nulls":8},"PREC","DB","METH_1",0,"mm",null,"S"]
["METEO","LTER_EU_BE_02","INBO","HOE1","AIR","EnvEurope",3,3,0,2011,10,22,{"$nulls":8},"PREC","DB","METH_1",0,"mm",null,"S"]
["METEO","LTER_EU_BE_02","INBO","HOE1","AIR","EnvEurope",3,3,0,2011,10,23,{"$nulls":8},"PREC","DB","METH_1",0,"mm",null,"S"]
["METEO","LTER_EU_BE_02","INBO","HOE1","AIR","EnvEurope",3,3,0,2011,10,24,{"$nulls":8},"PREC","DB","METH_1",0,"mm",null,"S"]
["METEO","LTER_EU_BE_02","INBO","HOE1","AIR","EnvEurope",3,3,0,2011,10,25,{"$nulls":8},"PREC","DB","METH_1",1.9399999500000003,"mm",null,"S"]
["METEO","LTER_EU_BE_02","INBO","HOE1","AIR","EnvEurope",3,3,0,2011,10,26,{"$nulls":8},"PREC","DB","METH_1",0.16999998999999996,"mm",null,"S"]
["METEO","LTER_EU_BE_02","INBO","HOE1","AIR","EnvEurope",3,3,0,2011,10,27,{"$nulls":8},"PREC","DB","METH_1",0,"mm",null,"S"]
["METEO","LTER_EU_BE_02","INBO","HOE1","AIR","EnvEurope",3,3,0,2011,10,28,{"$nulls":8},"PREC","DB","METH_1",0,"mm",null,"S"]
["METEO","LTER_EU_BE_02","INBO","HOE1","AIR","EnvEurope",3,3,0,2011,10,29,{"$nulls":8},"PREC","DB","METH_1",0,"mm",null,"S"]
["METEO","LTER_EU_BE_02","INBO","HOE1","AIR","EnvEurope",3,3,0,2011,10,30,{"$nulls":8},"PREC","DB","METH_1",0,"mm",null,"S"]
["METEO","LTER_EU_BE_02","INBO","HOE1","AIR","EnvEurope",3,3,0,2011,10,31,{"$nulls":8},"PREC","DB","METH_1",0,"mm",null,"S"]
["METEO","LTER_EU_BE_02","INBO","HOE1","AIR","EnvEurope",3,3,0,2011,11,1,{"$nulls":8},"PREC","DB","METH_1",5.119998649999998,"mm",null,"S"]
["METEO","LTER_EU_BE_02","INBO","HOE1","AIR","EnvEurope",3,3,0,2011,11,2,{"$nulls":8},"PREC","DB","METH_1",0,"mm",null,"S"]
["METEO","LTER_EU_BE_02","INBO","HOE1","AIR","EnvEurope",3,3,0,2011,11,3,{"$nulls":8},"PREC","DB","METH_1",0.20999999,"mm",null,"S"]
["METEO","LTER_EU_BE_02","INBO","HOE1","AIR","EnvEurope",3,3,0,2011,11,4,{"$nulls":8},"PREC","DB","METH_1",0,"mm",null,"S"]
["METEO","LTER_EU_BE_02","INBO","HOE1","AIR","EnvEurope",3,3,0,2011,11,5,{"$nulls":8},"PREC","DB","METH_1",0.23,"mm",null,"S"]
["METEO","LTER_EU_BE_02","INBO","HOE1","AIR","EnvEurope",3,3,0,2011,11,6,{"$nulls":8},"PREC","DB","METH_1",0,"mm",null,"S"]
["METEO","LTER_EU_BE_02","INBO","HOE1","AIR","EnvEurope",3,3,0,2011,11,7,{"$nulls":8},"PREC","DB","METH_1",0,"mm",null,"S"]
["METEO","LTER_EU_BE_02","INBO","HOE1","AIR","EnvEurope",3,3,0,2011,11,8,{"$nulls":8},"PREC","DB","METH_1",0.5999998900000001,"mm",null,"S"]
["METEO","LTER_EU_BE_02","INBO","HOE1","AIR","EnvEurope",3,3,0,2011,11,9,{"$nulls":8},"PREC","DB","METH_1",0,"mm",null,"S"]
["METEO","LTER_EU_BE_02","INBO","HOE1","AIR","EnvEurope",3,3,0,2011,11,10,{"$nulls":8},"PREC","DB","METH_1",0,"mm",null,"S"]
["METEO","LTER_EU_BE_02","INBO","HOE1","AIR","EnvEurope",3,3,0,2011,11,11,{"$nulls":8},"PREC","DB","METH_1",0,"mm",null,"S"]
["METEO","LTER_EU_BE_02","INBO","HOE1","AIR","EnvEurope",3,3,0,2011,11,12,{"$nulls":8},"PREC","DB","METH_1",0,"mm",null,"S"]
["METEO","LTER_EU_BE_02","INBO","HOE1","AIR","EnvEurope",3,3,0,2011,11,13,{"$nulls":8},"PREC","DB","METH_1",0,"mm",null,"S"]
["METEO","LTER_EU_BE_02","INBO","HOE1","AIR","EnvEurope",3,3,0,2011,11,14,{"$nulls":8},"PREC","DB","METH_1",0,"mm",null,"S"]
["METEO","LTER_EU_BE_02","INBO","HOE1","AIR","EnvEurope",3,3,0,2011,11,15,{"$nulls":8},"PREC","DB","METH_1",0,"mm",null,"S"]
["METEO","LTER_EU_BE_02","INBO","HOE1","AIR","EnvEurope",3,3,0,2011,11,16,{"$nulls":8},"PREC","DB","METH_1",0,"mm",null,"S"]
["METEO","LTER_EU_BE_02","INBO","HOE1","AIR","EnvEurope",3,3,0,2011,11,17,{"$nulls":8},"PREC","DB","METH_1",0.02,"mm",null,"S"]
["METEO","LTER_EU_BE_02","INBO","HOE1","AIR","EnvEurope",3,3,0,2011,11,18,{"$nulls":8},"PREC","DB","METH_1",0,"mm",null,"S"]
["METEO","LTER_EU_BE_02","INBO","HOE1","AIR","EnvEurope",3,3,0,2011,11,19,{"$nulls":8},"PREC","DB","METH_1",0,"mm",null,"S"]
["METEO","LTER_EU_BE_02","INBO","HOE1","AIR","EnvEurope",3,3,0,2011,11,20,{"$nulls":8},"PREC","DB","METH_1",0,"mm",null,"S"]
["METEO","LTER_EU_BE_02","INBO","HOE1","AIR","EnvEurope",3,3,0,2011,11,21,{"$nulls":8},"PREC","DB","METH_1",0,"mm",null,"S"]
["METEO","LTER_EU_BE_02","INBO","HOE1","AIR","EnvEurope",3,3,0,2011,11,22,{"$nulls":8},"PREC","DB","METH_1",0,"mm",null,"S"]
["METEO","LTER_EU_BE_02","INBO","HOE1","AIR","EnvEurope",3,3,0,2011,11,23,{"$nulls":8},"PREC","DB","METH_1",0,"mm",null,"S"]
["METEO","LTER_EU_BE_02","INBO","HOE1","AIR","EnvEurope",3,3,0,2011,11,24,{"$nulls":8},"PREC","DB","METH_1",0,"mm",null,"S"]
["METEO","LTER_EU_BE_02","INBO","HOE1","AIR","EnvEurope",3,3,0,2011,11,25,{"$nulls":8},"PREC","DB","METH_1",0,"mm",null,"S"]
["METEO","LTER_EU_BE_02","INBO","HOE1","AIR","EnvEurope",3,3,0,2011,11,26,{"$nulls":8},"PREC","DB","METH_1",0,"mm",null,"S"]
["METEO","LTER_EU_BE_02","INBO","HOE1","AIR","EnvEurope",3,3,0,2011,11,27,{"$nulls":8},"PREC","DB","METH_1",0.39999989999999996,"mm",null,"S"]
["METEO","LTER_EU_BE_02","INBO","HOE1","AIR","EnvEurope",3,3,0,2011,11,28,{"$nulls":8},"PREC","DB","METH_1",0,"mm",null,"S"]
["METEO","LTER_EU_BE_02","INBO","HOE1","AIR","EnvEurope",3,3,0,2011,11,29,{"$nulls":8},"PREC","DB","METH_1",0.060000000000000005,"mm",null,"S"]
["METEO","LTER_EU_BE_02","INBO","HOE1","AIR","EnvEurope",3,3,0,2011,11,30,{"$nulls":8},"PREC","DB","METH_1",0,"mm",null,"S"]
["METEO","LTER_EU_BE_02","INBO","HOE1","AIR","EnvEurope",3,3,0,2011,12,1,{"$nulls":8},"PREC","DB","METH_1",6.039999169999999,"mm",null,"S"]
["METEO","LTER_EU_BE_02","INBO","HOE1","AIR","EnvEurope",3,3,0,2011,12,2,{"$nulls":8},"PREC","DB","METH_1",2.2899998800000003,"mm",null,"S"]
["METEO","LTER_EU_BE_02","INBO","HOE1","AIR","EnvEurope",3,3,0,2011,12,3,{"$nulls":8},"PREC","DB","METH_1",8.639998159999998,"mm",null,"S"]
["METEO","LTER_EU_BE_02","INBO","HOE1","AIR","EnvEurope",3,3,0,2011,12,4,{"$nulls":8},"PREC","DB","METH_1",5.349998879999999,"mm",null,"S"]
["METEO","LTER_EU_BE_02","INBO","HOE1","AIR","EnvEurope",3,3,0,2011,12,5,{"$nulls":8},"PREC","DB","METH_1",0.22,"mm",null,"S"]
["METEO","LTER_EU_BE_02","INBO","HOE1","AIR","EnvEurope",3,3,0,2011,12,6,{"$nulls":8},"PREC","DB","METH_1",0.23000000000000004,"mm",null,"S"]
["METEO","LTER_EU_BE_02","INBO","HOE1","AIR","EnvEurope",3,3,0,2011,12,7,{"$nulls":8},"PREC","DB","METH_1",4.809998569999999,"mm",null,"S"]
["METEO","LTER_EU_BE_02","INBO","HOE1","AIR","EnvEurope",3,3,0,2011,12,8,{"$nulls":8},"PREC","DB","METH_1",0.02,"mm",null,"S"]
["METEO","LTER_EU_BE_02","INBO","HOE1","AIR","EnvEurope",3,3,0,2011,12,9,{"$nulls":8},"PREC","DB","METH_1",5.0699983799999995,"mm",null,"S"]
["METEO","LTER_EU_BE_02","INBO","HOE1","AIR","EnvEurope",3,3,0,2011,12,10,{"$nulls":8},"PREC","DB","METH_1",0,"mm",null,"S"]
["METEO","LTER_EU_BE_02","INBO","HOE1","AIR","EnvEurope",3,3,0,2011,12,11,{"$nulls":8},"PREC","DB","METH_1",0.05,"mm",null,"S"]
["METEO","LTER_EU_BE_02","INBO","HOE1","AIR","EnvEurope",3,3,0,2011,12,12,{"$nulls":8},"PREC","DB","METH_1",3.3699994400000004,"mm",null,"S"]
["METEO","LTER_EU_BE_02","INBO","HOE1","AIR","EnvEurope",3,3,0,2011,12,13,{"$nulls":8},"PREC","DB","METH_1",15.939998249999997,"mm",null,"S"]
["METEO","LTER_EU_BE_02","INBO","HOE1","AIR","EnvEurope",3,3,0,2011,12,14,{"$nulls":8},"PREC","DB","METH_1",16.92999838,"mm",null,"S"]
["METEO","LTER_EU_BE_02","INBO","HOE1","AIR","EnvEurope",3,3,0,2011,12,15,{"$nulls":8},"PREC","DB","METH_1",0.9899999800000001,"mm",null,"S"]
["METEO","LTER_EU_BE_02","INBO","HOE1","AIR","EnvEurope",3,3,0,2011,12,16,{"$nulls":8},"PREC","DB","METH_1",19.309994040000003,"mm",null,"S"]
["METEO","LTER_EU_BE_02","INBO","HOE1","AIR","EnvEurope",3,3,0,2011,12,17,{"$nulls":8},"PREC","DB","METH_1",2.69999968,"mm",null,"S"]
["METEO","LTER_EU_BE_02","INBO","HOE1","AIR","EnvEurope",3,3,0,2011,12,18,{"$nulls":8},"PREC","DB","METH_1",0.3900000000000001,"mm",null,"S"]
["METEO","LTER_EU_BE_02","INBO","HOE1","AIR","EnvEurope",3,3,0,2011,12,19,{"$nulls":8},"PREC","DB","METH_1",0.04,"mm",null,"S"]
["METEO","LTER_EU_BE_02","INBO","HOE1","AIR","EnvEurope",3,3,0,2011,12,20,{"$nulls":8},"PREC","DB","METH_1",2.28999996,"mm",null,"S"]
["METEO","LTER_EU_BE_02","INBO","HOE1","AIR","EnvEurope",3,3,0,2011,12,21,{"$nulls":8},"PREC","DB","METH_1",1.7199999399999997,"mm",null,"S"]
["METEO","LTER_EU_BE_02","INBO","HOE1","AIR","EnvEurope",3,3,0,2011,12,22,{"$nulls":8},"PREC","DB","METH_1",0,"mm",null,"S"]
["METEO","LTER_EU_BE_02","INBO","HOE1","AIR","EnvEurope",3,3,0,2011,12,23,{"$nulls":8},"PREC","DB","METH_1",3.6599991,"mm",null,"S"]
["METEO","LTER_EU_BE_02","INBO","HOE1","AIR","EnvEurope",3,3,0,2011,12,24,{"$nulls":8},"PREC","DB","METH_1",2.6399996599999995,"mm",null,"S"]
["METEO","LTER_EU_BE_02","INBO","HOE1","AIR","EnvEurope",3,3,0,2011,12,25,{"$nulls":8},"PREC","DB","METH_1",0,"mm",null,"S"]
["METEO","LTER_EU_BE_02","INBO","HOE1","AIR","EnvEurope",3,3,0,2011,12,26,{"$nulls":8},"PREC","DB","METH_1",0,"mm",null,"S"]
["METEO","LTER_EU_BE_02","INBO","HOE1","AIR","EnvEurope",3,3,0,2011,12,27,{"$nulls":8},"PREC","DB","METH_1",0,"mm",null,"S"]
["METEO","LTER_EU_BE_02","INBO","HOE1","AIR","EnvEurope",3,3,0,2011,12,28,{"$nulls":8},"PREC","DB","METH_1",0,"mm",null,"S"]
["METEO","LTER_EU_BE_02","INBO","HOE1","AIR","EnvEurope",3,3,0,2011,12,29,{"$nulls":8},"PREC","DB","METH_1",4.159999579999999,"mm",null,"S"]
["METEO","LTER_EU_BE_02","INBO","HOE1","AIR","EnvEurope",3,3,0,2011,12,30,{"$nulls":8},"PREC","DB","METH_1",0.5399999600000001,"mm",null,"S"]
["METEO","LTER_EU_BE_02","INBO","HOE1","AIR","EnvEurope",3,3,0,2011,12,31,{"$nulls":8},"PREC","DB","METH_1",1.3399999800000002,"mm",null,"S"]
["METEO","LTER_EU_BE_02","INBO","HOE1","AIR","EnvEurope",3,3,0,2011,5,4,{"$nulls":8},"PREC","DB","METH_1",0,"mm",null,"S"]
["METEO","LTER_EU_BE_02","INBO","HOE1","AIR","EnvEurope",3,3,0,2011,5,5,{"$nulls":8},"PREC","DB","METH_1",0,"mm",null,"S"]
["METEO","LTER_EU_BE_02","INBO","HOE1","AIR","EnvEurope",3,3,0,2011,5,6,{"$nulls":8},"PREC","DB","METH_1",0,"mm",null,"S"]
["METEO","LTER_EU_BE_02","INBO","HOE1","AIR","EnvEurope",3,3,0,2011,5,7,{"$nulls":8},"PREC","DB","METH_1",0,"mm",null,"S"]
["METEO","LTER_EU_BE_02","INBO","HOE1","AIR","EnvEurope",3,3,0,2011,5,8,{"$nulls":8},"PREC","DB","METH_1",0.01,"mm",null,"S"]
["METEO","LTER_EU_BE_02","INBO","HOE1","AIR","EnvEurope",3,3,0,2011,5,9,{"$nulls":8},"PREC","DB","METH_1",0.6299998800000001,"mm",null,"S"]
["METEO","LTER_EU_BE_02","INBO","HOE1","AIR","EnvEurope",3,3,0,2011,5,10,{"$nulls":8},"PREC","DB","METH_1",0.8999999900000001,"mm",null,"S"]
["METEO","LTER_EU_BE_02","INBO","HOE1","AIR","EnvEurope",3,3,0,2011,5,11,{"$nulls":8},"PREC","DB","METH_1",0,"mm",null,"S"]
["METEO","LTER_EU_BE_02","INBO","HOE1","AIR","EnvEurope",3,3,0,2011,5,12,{"$nulls":8},"PREC","DB","METH_1",0.01,"mm",null,"S"]
["METEO","LTER_EU_BE_02","INBO","HOE1","AIR","EnvEurope",3,3,0,2011,5,13,{"$nulls":8},"PREC","DB","METH_1",0,"mm",null,"S"]
["METEO","LTER_EU_BE_02","INBO","HOE1","AIR","EnvEurope",3,3,0,2011,5,14,{"$nulls":8},"PREC","DB","METH_1",0,"mm",null,"S"]
["METEO","LTER_EU_BE_02","INBO","HOE1","AIR","EnvEurope",3,3,0,2011,5,15,{"$nulls":8},"PREC","DB","METH_1",3.1199985999999997,"mm",null,"S"]
["METEO","LTER_EU_BE_02","INBO","HOE1","AIR","EnvEurope",3,3,0,2011,5,16,{"$nulls":8},"PREC","DB","METH_1",0.01,"mm",null,"S"]
["METEO","LTER_EU_BE_02","INBO","HOE1","AIR","EnvEurope",3,3,0,2011,5,17,{"$nulls":8},"PREC","DB","METH_1",0.01,"mm",null,"S"]
["METEO","LTER_EU_BE_02","INBO","HOE1","AIR","EnvEurope",3,3,0,2011,5,18,{"$nulls":8},"PREC","DB","METH_1",0,"mm",null,"S"]
["METEO","LTER_EU_BE_02","INBO","HOE1","AIR","EnvEurope",3,3,0,2011,5,19,{"$nulls":8},"PREC","DB","METH_1",0,"mm",null,"S"]
["METEO","LTER_EU_BE_02","INBO","HOE1","AIR","EnvEurope",3,3,0,2011,5,20,{"$nulls":8},"PREC","DB","METH_1",0,"mm",null,"S"]
["METEO","LTER_EU_BE_02","INBO","HOE1","AIR","EnvEurope",3,3,0,2011,5,21,{"$nulls":8},"PREC","DB","METH_1",0,"mm",null,"S"]
["METEO","LTER_EU_BE_02","INBO","HOE1","AIR","EnvEurope",3,3,0,2011,5,22,{"$nulls":8},"PREC","DB","METH_1",3.5699998899999996,"mm",null,"S"]
["METEO","LTER_EU_BE_02","INBO","HOE1","AIR","EnvEurope",3,3,0,2011,5,23,{"$nulls":8},"PREC","DB","METH_1",0,"mm",null,"S"]
["METEO","LTER_EU_BE_02","INBO","HOE1","AIR","EnvEurope",3,3,0,2011,5,24,{"$nulls":8},"PREC","DB","METH_1",0,"mm",null,"S"]
["METEO","LTER_EU_BE_02","INBO","HOE1","AIR","EnvEurope",3,3,0,2011,5,25,{"$nulls":8},"PREC","DB","METH_1",0,"mm",null,"S"]
["METEO","LTER_EU_BE_02","INBO","HOE1","AIR","EnvEurope",3,3,0,2011,5,26,{"$nulls":8},"PREC","DB","METH_1",0.54,"mm",null,"S"]
["METEO","LTER_EU_BE_02","INBO","HOE1","AIR","EnvEurope",3,3,0,2011,5,27,{"$nulls":8},"PREC","DB","METH_1",1.33999999,"mm",null,"S"]
["METEO","LTER_EU_BE_02","INBO","HOE1","AIR","EnvEurope",3,3,0,2011,5,28,{"$nulls":8},"PREC","DB","METH_1",0.01,"mm",null,"S"]
["METEO","LTER_EU_BE_02","INBO","HOE1","AIR","EnvEurope",3,3,0,2011,5,29,{"$nulls":8},"PREC","DB","METH_1",0,"mm",null,"S"]
["METEO","LTER_EU_BE_02","INBO","HOE1","AIR","EnvEurope",3,3,0,2011,5,30,{"$nulls":8},"PREC","DB","METH_1",0.09999999,"mm",null,"S"]
["METEO","LTER_EU_BE_02","INBO","HOE1","AIR","EnvEurope",3,3,0,2011,5,31,{"$nulls":8},"PREC","DB","METH_1",2.7999999700000004,"mm",null,"S"]
["METEO","LTER_EU_BE_02","INBO","HOE1","AIR","EnvEurope",3,3,0,2011,6,1,{"$nulls":8},"PREC","DB","METH_1",0,"mm",null,"S"]
["METEO","LTER_EU_BE_02","INBO","HOE1","AIR","EnvEurope",3,3,0,2011,6,2,{"$nulls":8},"PREC","DB","METH_1",0.02,"mm",null,"S"]
["METEO","LTER_EU_BE_02","INBO","HOE1","AIR","EnvEurope",3,3,0,2011,6,3,{"$nulls":8},"PREC","DB","METH_1",0.01,"mm",null,"S"]
["METEO","LTER_EU_BE_02","INBO","HOE1","AIR","EnvEurope",3,3,0,2011,6,4,{"$nulls":8},"PREC","DB","METH_1",0.01,"mm",null,"S"]
["METEO","LTER_EU_BE_02","INBO","HOE1","AIR","EnvEurope",3,3,0,2011,6,5,{"$nulls":8},"PREC","DB","METH_1",7.59999858,"mm",null,"S"]
["METEO","LTER_EU_BE_02","INBO","HOE1","AIR","EnvEurope",3,3,0,2011,6,6,{"$nulls":8},"PREC","DB","METH_1",6.42999987,"mm",null,"S"]
["METEO","LTER_EU_BE_02","INBO","HOE1","AIR","EnvEurope",3,3,0,2011,6,7,{"$nulls":8},"PREC","DB","METH_1",15.769999679999996,"mm",null,"S"]
["METEO","LTER_EU_BE_02","INBO","HOE1","AIR","EnvEurope",3,3,0,2011,6,8,{"$nulls":8},"PREC","DB","METH_1",1.5799999900000001,"mm",null,"S"]
["METEO","LTER_EU_BE_02","INBO","HOE1","AIR","EnvEurope",3,3,0,2011,6,9,{"$nulls":8},"PREC","DB","METH_1",0.03,"mm",null,"S"]
["METEO","LTER_EU_BE_02","INBO","HOE1","AIR","EnvEurope",3,3,0,2011,6,10,{"$nulls":8},"PREC","DB","METH_1",6.78999886,"mm",null,"S"]
["METEO","LTER_EU_BE_02","INBO","HOE1","AIR","EnvEurope",3,3,0,2011,6,11,{"$nulls":8},"PREC","DB","METH_1",0.39999998999999997,"mm",null,"S"]
["METEO","LTER_EU_BE_02","INBO","HOE1","AIR","EnvEurope",3,3,0,2011,6,12,{"$nulls":8},"PREC","DB","METH_1",0,"mm",null,"S"]
["METEO","LTER_EU_BE_02","INBO","HOE1","AIR","EnvEurope",3,3,0,2011,6,13,{"$nulls":8},"PREC","DB","METH_1",0,"mm",null,"S"]
["METEO","LTER_EU_BE_02","INBO","HOE1","AIR","EnvEurope",3,3,0,2011,6,14,{"$nulls":8},"PREC","DB","METH_1",0,"mm",null,"S"]
["METEO","LTER_EU_BE_02","INBO","HOE1","AIR","EnvEurope",3,3,0,2011,6,15,{"$nulls":8},"PREC","DB","METH_1",0,"mm",null,"S"]
["METEO","LTER_EU_BE_02","INBO","HOE1","AIR","EnvEurope",3,3,0,2011,6,16,{"$nulls":8},"PREC","DB","METH_1",10.68,"mm",null,"S"]
["METEO","LTER_EU_BE_02","INBO","HOE1","AIR","EnvEurope",3,3,0,2011,6,17,{"$nulls":8},"PREC","DB","METH_1",0.3799999800000001,"mm",null,"S"]
["METEO","LTER_EU_BE_02","INBO","HOE1","AIR","EnvEurope",3,3,0,2011,6,18,{"$nulls":8},"PREC","DB","METH_1",6.109999869999999,"mm",null,"S"]
["METEO","LTER_EU_BE_02","INBO","HOE1","AIR","EnvEurope",3,3,0,2011,6,19,{"$nulls":8},"PREC","DB","METH_1",5.3899982,"mm",null,"S"]
["METEO","LTER_EU_BE_02","INBO","HOE1","AIR","EnvEurope",3,3,0,2011,6,20,{"$nulls":8},"PREC","DB","METH_1",0.42000000000000004,"mm",null,"S"]
["METEO","LTER_EU_BE_02","INBO","HOE1","AIR","EnvEurope",3,3,0,2011,6,21,{"$nulls":8},"PREC","DB","METH_1",0.03,"mm",null,"S"]
["METEO","LTER_EU_BE_02","INBO","HOE1","AIR","EnvEurope",3,3,0,2011,6,22,{"$nulls":8},"PREC","DB","METH_1",3.75999958,"mm",null,"S"]
["METEO","LTER_EU_BE_02","INBO","HOE1","AIR","EnvEurope",3,3,0,2011,6,23,{"$nulls":8},"PREC","DB","METH_1",0.67,"mm",null,"S"]
["METEO","LTER_EU_BE_02","INBO","HOE1","AIR","EnvEurope",3,3,0,2011,6,24,{"$nulls":8},"PREC","DB","METH_1",0.07,"mm",null,"S"]
["METEO","LTER_EU_BE_02","INBO","HOE1","AIR","EnvEurope",3,3,0,2011,6,25,{"$nulls":8},"PREC","DB","METH_1",1.0399999800000002,"mm",null,"S"]
["METEO","LTER_EU_BE_02","INBO","HOE1","AIR","EnvEurope",3,3,0,2011,6,26,{"$nulls":8},"PREC","DB","METH_1",0,"mm",null,"S"]
["METEO","LTER_EU_BE_02","INBO","HOE1","AIR","EnvEurope",3,3,0,2011,6,27,{"$nulls":8},"PREC","DB","METH_1",0,"mm",null,"S"]
["METEO","LTER_EU_BE_02","INBO","HOE1","AIR","EnvEurope",3,3,0,2011,6,28,{"$nulls":8},"PREC","DB","METH_1",19.570000389999997,"mm",null,"S"]
["METEO","LTER_EU_BE_02","INBO","HOE1","AIR","EnvEurope",3,3,0,2011,6,29,{"$nulls":8},"PREC","DB","METH_1",1.5499996,"mm",null,"S"]
["METEO","LTER_EU_BE_02","INBO","HOE1","AIR","EnvEurope",3,3,0,2011,6,30,{"$nulls":8},"PREC","DB","METH_1",0,"mm",null,"S"]
["METEO","LTER_EU_BE_02","INBO","HOE1","AIR","EnvEurope",3,3,0,2011,7,1,{"$nulls":8},"PREC","DB","METH_1",2.7900000999999994,"mm",null,"S"]
["METEO","LTER_EU_BE_02","INBO","HOE1","AIR","EnvEurope",3,3,0,2011,7,2,{"$nulls":8},"PREC","DB","METH_1",0,"mm",null,"S"]
["METEO","LTER_EU_BE_02","INBO","HOE1","AIR","EnvEurope",3,3,0,2011,7,3,{"$nulls":8},"PREC","DB","METH_1",0,"mm",null,"S"]
["METEO","LTER_EU_BE_02","INBO","HOE1","AIR","EnvEurope",3,3,0,2011,7,4,{"$nulls":8},"PREC","DB","METH_1",0,"mm",null,"S"]
["METEO","LTER_EU_BE_02","INBO","HOE1","AIR","EnvEurope",3,3,0,2011,7,5,{"$nulls":8},"PREC","DB","METH_1",0,"mm",null,"S"]
["METEO","LTER_EU_BE_02","INBO","HOE1","AIR","EnvEurope",3,3,0,2011,7,6,{"$nulls":8},"PREC","DB","METH_1",2.8299999799999993,"mm",null,"S"]
["METEO","LTER_EU_BE_02","INBO","HOE1","AIR","EnvEurope",3,3,0,2011,7,7,{"$nulls":8},"PREC","DB","METH_1",0.7299998999999999,"mm",null,"S"]
["METEO","LTER_EU_BE_02","INBO","HOE1","AIR","EnvEurope",3,3,0,2011,7,8,{"$nulls":8},"PREC","DB","METH_1",0.6099999899999999,"mm",null,"S"]
["METEO","LTER_EU_BE_02","INBO","HOE1","AIR","EnvEurope",3,3,0,2011,7,9,{"$nulls":8},"PREC","DB","METH_1",1.5799999900000001,"mm",null,"S"]
["METEO","LTER_EU_BE_02","INBO","HOE1","AIR","EnvEurope",3,3,0,2011,7,10,{"$nulls":8},"PREC","DB","METH_1",0.18,"mm",null,"S"]
["METEO","LTER_EU_BE_02","INBO","HOE1","AIR","EnvEurope",3,3,0,2011,7,11,{"$nulls":8},"PREC","DB","METH_1",0.35,"mm",null,"S"]
["METEO","LTER_EU_BE_02","INBO","HOE1","AIR","EnvEurope",3,3,0,2011,7,12,{"$nulls":8},"PREC","DB","METH_1",0.29,"mm",null,"S"]
["METEO","LTER_EU_BE_02","INBO","HOE1","AIR","EnvEurope",3,3,0,2011,7,13,{"$nulls":8},"PREC","DB","METH_1",0.09999999999999999,"mm",null,"S"]
["METEO","LTER_EU_BE_02","INBO","HOE1","AIR","EnvEurope",3,3,0,2011,7,14,{"$nulls":8},"PREC","DB","METH_1",3.9199998499999995,"mm",null,"S"]
["METEO","LTER_EU_BE_02","INBO","HOE1","AIR","EnvEurope",3,3,0,2011,7,15,{"$nulls":8},"PREC","DB","METH_1",0,"mm",null,"S"]
["METEO","LTER_EU_BE_02","INBO","HOE1","AIR","EnvEurope",3,3,0,2011,7,16,{"$nulls":8},"PREC","DB","METH_1",14.82999601,"mm",null,"S"]
["METEO","LTER_EU_BE_02","INBO","HOE1","AIR","EnvEurope",3,3,0,2011,7,17,{"$nulls":8},"PREC","DB","METH_1",1.3799999900000002,"mm",null,"S"]
["METEO","LTER_EU_BE_02","INBO","HOE1","AIR","EnvEurope",3,3,0,2011,7,18,{"$nulls":8},"PREC","DB","METH_1",2.00999997,"mm",null,"S"]
["METEO","LTER_EU_BE_02","INBO","HOE1","AIR","EnvEurope",3,3,0,2011,7,19,{"$nulls":8},"PREC","DB","METH_1",6.049998479999999,"mm",null,"S"]
["METEO","LTER_EU_BE_02","INBO","HOE1","AIR","EnvEurope",3,3,0,2011,7,20,{"$nulls":8},"PREC","DB","METH_1",0.5900000000000001,"mm",null,"S"]
["METEO","LTER_EU_BE_02","INBO","HOE1","AIR","EnvEurope",3,3,0,2011,7,21,{"$nulls":8},"PREC","DB","METH_1",2.2399997899999993,"mm",null,"S"]
["METEO","LTER_EU_BE_02","INBO","HOE1","AIR","EnvEurope",3,3,0,2011,7,22,{"$nulls":8},"PREC","DB","METH_1",0.79999997,"mm",null,"S"]
["METEO","LTER_EU_BE_02","INBO","HOE1","AIR","EnvEurope",3,3,0,2011,7,23,{"$nulls":8},"PREC","DB","METH_1",2.19999958,"mm",null,"S"]
["METEO","LTER_EU_BE_02","INBO","HOE1","AIR","EnvEurope",3,3,0,2011,7,24,{"$nulls":8},"PREC","DB","METH_1",0.08,"mm",null,"S"]
["METEO","LTER_EU_BE_02","INBO","HOE1","AIR","EnvEurope",3,3,0,2011,7,25,{"$nulls":8},"PREC","DB","METH_1",0.13,"mm",null,"S"]
["METEO","LTER_EU_BE_02","INBO","HOE1","AIR","EnvEurope",3,3,0,2011,7,26,{"$nulls":8},"PREC","DB","METH_1",0,"mm",null,"S"]
["METEO","LTER_EU_BE_02","INBO","HOE1","AIR","EnvEurope",3,3,0,2011,7,27,{"$nulls":8},"PREC","DB","METH_1",0,"mm",null,"S"]
["METEO","LTER_EU_BE_02","INBO","HOE1","AIR","EnvEurope",3,3,0,2011,7,28,{"$nulls":8},"PREC","DB","METH_1",0.19999999999999998,"mm",null,"S"]
["METEO","LTER_EU_BE_02","INBO","HOE1","AIR","EnvEurope",3,3,0,2011,7,29,{"$nulls":8},"PREC","DB","METH_1",0,"mm",null,"S"]
["METEO","LTER_EU_BE_02","INBO","HOE1","AIR","EnvEurope",3,3,0,2011,7,30,{"$nulls":8},"PREC","DB","METH_1",0.10999998999999999,"mm",null,"S"]
["METEO","LTER_EU_BE_02","INBO","HOE1","AIR","EnvEurope",3,3,0,2011,7,31,{"$nulls":8},"PREC","DB","METH_1",0,"mm",null,"S"]
["METEO","LTER_EU_BE_02","INBO","HOE1","AIR","EnvEurope",3,3,0,2011,8,1,{"$nulls":8},"PREC","DB","METH_1",0,"mm",null,"S"]
["METEO","LTER_EU_BE_02","INBO","HOE1","AIR","EnvEurope",3,3,0,2011,8,2,{"$nulls":8},"PREC","DB","METH_1",0.01,"mm",null,"S"]
["METEO","LTER_EU_BE_02","INBO","HOE1","AIR","EnvEurope",3,3,0,2011,8,3,{"$nulls":8},"PREC","DB","METH_1",6.86999861,"mm",null,"S"]
["METEO","LTER_EU_BE_02","INBO","HOE1","AIR","EnvEurope",3,3,0,2011,8,4,{"$nulls":8},"PREC","DB","METH_1",1.6499998700000003,"mm",null,"S"]
["METEO","LTER_EU_BE_02","INBO","HOE1","AIR","EnvEurope",3,3,0,2011,8,5,{"$nulls":8},"PREC","DB","METH_1",0.03,"mm",null,"S"]
["METEO","LTER_EU_BE_02","INBO","HOE1","AIR","EnvEurope",3,3,0,2011,8,6,{"$nulls":8},"PREC","DB","METH_1",2.8899998899999995,"mm",null,"S"]
["METEO","LTER_EU_BE_02","INBO","HOE1","AIR","EnvEurope",3,3,0,2011,8,7,{"$nulls":8},"PREC","DB","METH_1",0.09999999000000001,"mm",null,"S"]
["METEO","LTER_EU_BE_02","INBO","HOE1","AIR","EnvEurope",3,3,0,2011,8,8,{"$nulls":8},"PREC","DB","METH_1",19.41999808,"mm",null,"S"]
["METEO","LTER_EU_BE_02","INBO","HOE1","AIR","EnvEurope",3,3,0,2011,8,9,{"$nulls":8},"PREC","DB","METH_1",3.61999999,"mm",null,"S"]
["METEO","LTER_EU_BE_02","INBO","HOE1","AIR","EnvEurope",3,3,0,2011,8,10,{"$nulls":8},"PREC","DB","METH_1",0,"mm",null,"S"]
["METEO","LTER_EU_BE_02","INBO","HOE1","AIR","EnvEurope",3,3,0,2011,8,11,{"$nulls":8},"PREC","DB","METH_1",3.0699994799999994,"mm",null,"S"]
["METEO","LTER_EU_BE_02","INBO","HOE1","AIR","EnvEurope",3,3,0,2011,8,12,{"$nulls":8},"PREC","DB","METH_1",0.11999998,"mm",null,"S"]
["METEO","LTER_EU_BE_02","INBO","HOE1","AIR","EnvEurope",3,3,0,2011,8,13,{"$nulls":8},"PREC","DB","METH_1",0.9099999000000001,"mm",null,"S"]
["METEO","LTER_EU_BE_02","INBO","HOE1","AIR","EnvEurope",3,3,0,2011,8,14,{"$nulls":8},"PREC","DB","METH_1",27.12999578,"mm",null,"S"]
["METEO","LTER_EU_BE_02","INBO","HOE1","AIR","EnvEurope",3,3,0,2011,8,15,{"$nulls":8},"PREC","DB","METH_1",0,"mm",null,"S"]
["METEO","LTER_EU_BE_02","INBO","HOE1","AIR","EnvEurope",3,3,0,2011,8,16,{"$nulls":8},"PREC","DB","METH_1",0.50999997,"mm",null,"S"]
["METEO","LTER_EU_BE_02","INBO","HOE1","AIR","EnvEurope",3,3,0,2011,8,17,{"$nulls":8},"PREC","DB","METH_1",0,"mm",null,"S"]
["METEO","LTER_EU_BE_02","INBO","HOE1","AIR","EnvEurope",3,3,0,2011,8,18,{"$nulls":8},"PREC","DB","METH_1",40.57999879,"mm",null,"S"]
["METEO","LTER_EU_BE_02","INBO","HOE1","AIR","EnvEurope",3,3,0,2011,8,19,{"$nulls":8},"PREC","DB","METH_1",0.6399998899999999,"mm",null,"S"]
["METEO","LTER_EU_BE_02","INBO","HOE1","AIR","EnvEurope",3,3,0,2011,8,20,{"$nulls":8},"PREC","DB","METH_1",0,"mm",null,"S"]
["METEO","LTER_EU_BE_02","INBO","HOE1","AIR","EnvEurope",3,3,0,2011,8,21,{"$nulls":8},"PREC","DB","METH_1",0.10999999999999999,"mm",null,"S"]
["METEO","LTER_EU_BE_02","INBO","HOE1","AIR","EnvEurope",3,3,0,2011,8,22,{"$nulls":8},"PREC","DB","METH_1",8.879997559999998,"mm",null,"S"]
["METEO","LTER_EU_BE_02","INBO","HOE1","AIR","EnvEurope",3,3,0,2011,8,23,{"$nulls":8},"PREC","DB","METH_1",41.72999570000001,"mm",null,"S"]
["METEO","LTER_EU_BE_02","INBO","HOE1","AIR","EnvEurope",3,3,0,2011,8,24,{"$nulls":8},"PREC","DB","METH_1",0,"mm",null,"S"]
["METEO","LTER_EU_BE_02","INBO","HOE1","AIR","EnvEurope",3,3,0,2011,8,25,{"$nulls":8},"PREC","DB","METH_1",0,"mm",null,"S"]
["METEO","LTER_EU_BE_02","INBO","HOE1","AIR","EnvEurope",3,3,0,2011,8,26,{"$nulls":8},"PREC","DB","METH_1",10.079999979999998,"mm",null,"S"]
["METEO","LTER_EU_BE_02","INBO","HOE1","AIR","EnvEurope",3,3,0,2011,8,27,{"$nulls":8},"PREC","DB","METH_1",3.37999999,"mm",null,"S"]
["METEO","LTER_EU_BE_02","INBO","HOE1","AIR","EnvEurope",3,3,0,2011,8,28,{"$nulls":8},"PREC","DB","METH_1",4.02,"mm",null,"S"]
["METEO","LTER_EU_BE_02","INBO","HOE1","AIR","EnvEurope",3,3,0,2011,8,29,{"$nulls":8},"PREC","DB","METH_1",0,"mm",null,"S"]
["METEO","LTER_EU_BE_02","INBO","HOE1","AIR","EnvEurope",3,3,0,2011,8,30,{"$nulls":8},"PREC","DB","METH_1",0,"mm",null,"S"]
["METEO","LTER_EU_BE_02","INBO","HOE1","AIR","EnvEurope",3,3,0,2011,8,31,{"$nulls":8},"PREC","DB","METH_1",0,"mm",null,"S"]
["METEO","LTER_EU_BE_02","INBO","HOE1","AIR","EnvEurope",3,3,0,2011,9,1,{"$nulls":8},"PREC","DB","METH_1",0,"mm",null,"S"]
["METEO","LTER_EU_BE_02","INBO","HOE1","AIR","EnvEurope",3,3,0,2011,9,2,{"$nulls":8},"PREC","DB","METH_1",0,"mm",null,"S"]
["METEO","LTER_EU_BE_02","INBO","HOE1","AIR","EnvEurope",3,3,0,2011,9,3,{"$nulls":8},"PREC","DB","METH_1",23.6899989,"mm",null,"S"]
["METEO","LTER_EU_BE_02","INBO","HOE1","AIR","EnvEurope",3,3,0,2011,9,4,{"$nulls":8},"PREC","DB","METH_1",6.849999069999998,"mm",null,"S"]
["METEO","LTER_EU_BE_02","INBO","HOE1","AIR","EnvEurope",3,3,0,2011,9,5,{"$nulls":8},"PREC","DB","METH_1",2.3799989999999998,"mm",null,"S"]
["METEO","LTER_EU_BE_02","INBO","HOE1","AIR","EnvEurope",3,3,0,2011,9,6,{"$nulls":8},"PREC","DB","METH_1",4.579999839999998,"mm",null,"S"]
["METEO","LTER_EU_BE_02","INBO","HOE1","AIR","EnvEurope",3,3,0,2011,9,7,{"$nulls":8},"PREC","DB","METH_1",5.390000969999999,"mm",null,"S"]
["METEO","LTER_EU_BE_02","INBO","HOE1","AIR","EnvEurope",3,3,0,2011,9,8,{"$nulls":8},"PREC","DB","METH_1",2.119999949999999,"mm",null,"S"]
["METEO","LTER_EU_BE_02","INBO","HOE1","AIR","EnvEurope",3,3,0,2011,9,9,{"$nulls":8},"PREC","DB","METH_1",0.02,"mm",null,"S"]
["METEO","LTER_EU_BE_02","INBO","HOE1","AIR","EnvEurope",3,3,0,2011,9,10,{"$nulls":8},"PREC","DB","METH_1",0,"mm",null,"S"]
["METEO","LTER_EU_BE_02","INBO","HOE1","AIR","EnvEurope",3,3,0,2011,9,11,{"$nulls":8},"PREC","DB","METH_1",4.90999889,"mm",null,"S"]
["METEO","LTER_EU_BE_02","INBO","HOE1","AIR","EnvEurope",3,3,0,2011,9,12,{"$nulls":8},"PREC","DB","METH_1",0.05,"mm",null,"S"]
["METEO","LTER_EU_BE_02","INBO","HOE1","AIR","EnvEurope",3,3,0,2011,9,13,{"$nulls":8},"PREC","DB","METH_1",0,"mm",null,"S"]
["METEO","LTER_EU_BE_02","INBO","HOE1","AIR","EnvEurope",3,3,0,2011,9,14,{"$nulls":8},"PREC","DB","METH_1",0,"mm",null,"S"]
["METEO","LTER_EU_BE_02","INBO","HOE1","AIR","EnvEurope",3,3,0,2011,9,15,{"$nulls":8},"PREC","DB","METH_1",0,"mm",null,"S"]
["METEO","LTER_EU_BE_02","INBO","HOE1","AIR","EnvEurope",3,3,0,2011,9,16,{"$nulls":8},"PREC","DB","METH_1",0,"mm",null,"S"]
["METEO","LTER_EU_BE_02","INBO","HOE1","AIR","EnvEurope",3,3,0,2011,9,17,{"$nulls":8},"PREC","DB","METH_1",5.649998399999999,"mm",null,"S"]
["METEO","LTER_EU_BE_02","INBO","HOE1","AIR","EnvEurope",3,3,0,2011,9,18,{"$nulls":8},"PREC","DB","METH_1",7.889998769999999,"mm",null,"S"]
["METEO","LTER_EU_BE_02","INBO","HOE1","AIR","EnvEurope",3,3,0,2011,9,19,{"$nulls":8},"PREC","DB","METH_1",0,"mm",null,"S"]
["METEO","LTER_EU_BE_02","INBO","HOE1","AIR","EnvEurope",3,3,0,2011,9,20,{"$nulls":8},"PREC","DB","METH_1",0,"mm",null,"S"]
["METEO","LTER_EU_BE_02","INBO","HOE1","AIR","EnvEurope",3,3,0,2011,9,21,{"$nulls":8},"PREC","DB","METH_1",0,"mm",null,"S"]
["METEO","LTER_EU_BE_02","INBO","HOE1","AIR","EnvEurope",3,3,0,2011,9,22,{"$nulls":8},"PREC","DB","METH_1",0,"mm",null,"S"]
["METEO","LTER_EU_BE_02","INBO","HOE1","AIR","EnvEurope",3,3,0,2011,9,23,{"$nulls":8},"PREC","DB","METH_1",0,"mm",null,"S"]
["METEO","LTER_EU_BE_02","INBO","HOE1","AIR","EnvEurope",3,3,0,2011,9,24,{"$nulls":8},"PREC","DB","METH_1",0,"mm",null,"S"]
["METEO","LTER_EU_BE_02","INBO","HOE1","AIR","EnvEurope",3,3,0,2011,9,25,{"$nulls":8},"PREC","DB","METH_1",0,"mm",null,"S"]
["METEO","LTER_EU_BE_02","INBO","HOE1","AIR","EnvEurope",3,3,0,2011,9,26,{"$nulls":8},"PREC","DB","METH_1",0,"mm",null,"S"]
["METEO","LTER_EU_BE_02","INBO","HOE1","AIR","EnvEurope",3,3,0,2011,9,27,{"$nulls":8},"PREC","DB","METH_1",0,"mm",null,"S"]
["METEO","LTER_EU_BE_02","INBO","HOE1","AIR","EnvEurope",3,3,0,2011,9,28,{"$nulls":8},"PREC","DB","METH_1",0,"mm",null,"S"]
["METEO","LTER_EU_BE_02","INBO","HOE1","AIR","EnvEurope",3,3,0,2011,9,29,{"$nulls":8},"PREC","DB","METH_1",0,"mm",null,"S"]
["METEO","LTER_EU_BE_02","INBO","HOE1","AIR","EnvEurope",3,3,0,2011,9,30,{"$nulls":8},"PREC","DB","METH_1",0,"mm",null,"S"]
["METEO","LTER_EU_BE_02","INBO","HOE1","AIR","EnvEurope",3,3,0,2012,1,1,{"$nulls":8},"TEMP","DB","METH_2",11.989753789473685,"°C",null,"X"]
["METEO","LTER_EU_BE_02","INBO","HOE1","AIR","EnvEurope",3,3,0,2012,1,2,{"$nulls":8},"TEMP","DB","METH_2",7.073663375,"°C",null,"X"]
["METEO","LTER_EU_BE_02","INBO","HOE1","AIR","EnvEurope",3,3,0,2012,1,3,{"$nulls":8},"TEMP","DB","METH_2",7.500381687500003,"°C",null,"X"]
["METEO","LTER_EU_BE_02","INBO","HOE1","AIR","EnvEurope",3,3,0,2012,1,4,{"$nulls":8},"TEMP","DB","METH_2",6.55758717708333,"°C",null,"X"]
["METEO","LTER_EU_BE_02","INBO","HOE1","AIR","EnvEurope",3,3,0,2012,1,5,{"$nulls":8},"TEMP","DB","METH_2",7.327465062499999,"°C",null,"X"]
["METEO","LTER_EU_BE_02","INBO","HOE1","AIR","EnvEurope",3,3,0,2012,1,6,{"$nulls":8},"TEMP","DB","METH_2",4.697500374999998,"°C",null,"X"]
["METEO","LTER_EU_BE_02","INBO","HOE1","AIR","EnvEurope",3,3,0,2012,1,7,{"$nulls":8},"TEMP","DB","METH_2",7.05218734375,"°C",null,"X"]
["METEO","LTER_EU_BE_02","INBO","HOE1","AIR","EnvEurope",3,3,0,2012,1,8,{"$nulls":8},"TEMP","DB","METH_2",5.5815972604166655,"°C",null,"X"]
["METEO","LTER_EU_BE_02","INBO","HOE1","AIR","EnvEurope",3,3,0,2012,1,9,{"$nulls":8},"TEMP","DB","METH_2",7.432064677083331,"°C",null,"X"]
["METEO","LTER_EU_BE_02","INBO","HOE1","AIR","EnvEurope",3,3,0,2012,1,10,{"$nulls":8},"TEMP","DB","METH_2",8.603089479166668,"°C",null,"X"]
["METEO","LTER_EU_BE_02","INBO","HOE1","AIR","EnvEurope",3,3,0,2012,1,11,{"$nulls":8},"TEMP","DB","METH_2",8.738819843749996,"°C",null,"X"]
["METEO","LTER_EU_BE_02","INBO","HOE1","AIR","EnvEurope",3,3,0,2012,1,12,{"$nulls":8},"TEMP","DB","METH_2",7.38362823958333,"°C",null,"X"]
["METEO","LTER_EU_BE_02","INBO","HOE1","AIR","EnvEurope",3,3,0,2012,1,13,{"$nulls":8},"TEMP","DB","METH_2",3.099357694791667,"°C",null,"X"]
["METEO","LTER_EU_BE_02","INBO","HOE1","AIR","EnvEurope",3,3,0,2012,1,14,{"$nulls":8},"TEMP","DB","METH_2",2.391666689552083,"°C",null,"X"]
["METEO","LTER_EU_BE_02","INBO","HOE1","AIR","EnvEurope",3,3,0,2012,1,15,{"$nulls":8},"TEMP","DB","METH_2",-0.05088544339583343,"°C",null,"X"]
["METEO","LTER_EU_BE_02","INBO","HOE1","AIR","EnvEurope",3,3,0,2012,1,16,{"$nulls":8},"TEMP","DB","METH_2",-0.21128470552083334,"°C",null,"X"]
["METEO","LTER_EU_BE_02","INBO","HOE1","AIR","EnvEurope",3,3,0,2012,1,17,{"$nulls":8},"TEMP","DB","METH_2",-1.3987848335416666,"°C",null,"X"]
["METEO","LTER_EU_BE_02","INBO","HOE1","AIR","EnvEurope",3,3,0,2012,1,18,{"$nulls":8},"TEMP","DB","METH_2",1.5655209245833335,"°C",null,"X"]
["METEO","LTER_EU_BE_02","INBO","HOE1","AIR","EnvEurope",3,3,0,2012,1,19,{"$nulls":8},"TEMP","DB","METH_2",7.800816218750001,"°C",null,"X"]
["METEO","LTER_EU_BE_02","INBO","HOE1","AIR","EnvEurope",3,3,0,2012,1,20,{"$nulls":8},"TEMP","DB","METH_2",4.671701416666667,"°C",null,"X"]
["METEO","LTER_EU_BE_02","INBO","HOE1","AIR","EnvEurope",3,3,0,2012,1,21,{"$nulls":8},"TEMP","DB","METH_2",7.871822666666666,"°C",null,"X"]
["METEO","LTER_EU_BE_02","INBO","HOE1","AIR","EnvEurope",3,3,0,2012,1,22,{"$nulls":8},"TEMP","DB","METH_2",6.752794947916666,"°C",null,"X"]
["METEO","LTER_EU_BE_02","INBO","HOE1","AIR","EnvEurope",3,3,0,2012,1,23,{"$nulls":8},"TEMP","DB","METH_2",4.969600197916665,"°C",null,"X"]
["METEO","LTER_EU_BE_02","INBO","HOE1","AIR","EnvEurope",3,3,0,2012,1,24,{"$nulls":8},"TEMP","DB","METH_2",1.907656178437499,"°C",null,"X"]
["METEO","LTER_EU_BE_02","INBO","HOE1","AIR","EnvEurope",3,3,0,2012,1,25,{"$nulls":8},"TEMP","DB","METH_2",4.307622010416668,"°C",null,"X"]
["METEO","LTER_EU_BE_02","INBO","HOE1","AIR","EnvEurope",3,3,0,2012,1,26,{"$nulls":8},"TEMP","DB","METH_2",6.1159717291666675,"°C",null,"X"]
["METEO","LTER_EU_BE_02","INBO","HOE1","AIR","EnvEurope",3,3,0,2012,1,27,{"$nulls":8},"TEMP","DB","METH_2",3.8258855162499987,"°C",null,"X"]
["METEO","LTER_EU_BE_02","INBO","HOE1","AIR","EnvEurope",3,3,0,2012,1,28,{"$nulls":8},"TEMP","DB","METH_2",2.971857702083333,"°C",null,"X"]
["METEO","LTER_EU_BE_02","INBO","HOE1","AIR","EnvEurope",3,3,0,2012,1,29,{"$nulls":8},"TEMP","DB","METH_2",-0.2953818744791666,"°C",null,"X"]
["METEO","LTER_EU_BE_02","INBO","HOE1","AIR","EnvEurope",3,3,0,2012,1,30,{"$nulls":8},"TEMP","DB","METH_2",-1.2901906916666668,"°C",null,"X"]
["METEO","LTER_EU_BE_02","INBO","HOE1","AIR","EnvEurope",3,3,0,2012,1,31,{"$nulls":8},"TEMP","DB","METH_2",-1.951232498958334,"°C",null,"X"]
["METEO","LTER_EU_BE_02","INBO","HOE1","AIR","EnvEurope",3,3,0,2012,10,1,{"$nulls":8},"TEMP","DB","METH_2",11.734237374999998,"°C",null,"X"]
["METEO","LTER_EU_BE_02","INBO","HOE1","AIR","EnvEurope",3,3,0,2012,10,2,{"$nulls":8},"TEMP","DB","METH_2",13.52819458333333,"°C",null,"X"]
["METEO","LTER_EU_BE_02","INBO","HOE1","AIR","EnvEurope",3,3,0,2012,10,3,{"$nulls":8},"TEMP","DB","METH_2",13.06710125,"°C",null,"X"]
["METEO","LTER_EU_BE_02","INBO","HOE1","AIR","EnvEurope",3,3,0,2012,10,4,{"$nulls":8},"TEMP","DB","METH_2",10.581614937500001,"°C",null,"X"]
["METEO","LTER_EU_BE_02","INBO","HOE1","AIR","EnvEurope",3,3,0,2012,10,5,{"$nulls":8},"TEMP","DB","METH_2",13.722500291666668,"°C",null,"X"]
["METEO","LTER_EU_BE_02","INBO","HOE1","AIR","EnvEurope",3,3,0,2012,10,6,{"$nulls":8},"TEMP","DB","METH_2",12.442308187500004,"°C",null,"X"]
["METEO","LTER_EU_BE_02","INBO","HOE1","AIR","EnvEurope",3,3,0,2012,10,7,{"$nulls":8},"TEMP","DB","METH_2",8.740399385416664,"°C",null,"X"]
["METEO","LTER_EU_BE_02","INBO","HOE1","AIR","EnvEurope",3,3,0,2012,10,8,{"$nulls":8},"TEMP","DB","METH_2",7.920900968749997,"°C",null,"X"]
["METEO","LTER_EU_BE_02","INBO","HOE1","AIR","EnvEurope",3,3,0,2012,10,9,{"$nulls":8},"TEMP","DB","METH_2",9.912030062500001,"°C",null,"X"]
["METEO","LTER_EU_BE_02","INBO","HOE1","AIR","EnvEurope",3,3,0,2012,10,10,{"$nulls":8},"TEMP","DB","METH_2",6.274878020833332,"°C",null,"X"]
["METEO","LTER_EU_BE_02","INBO","HOE1","AIR","EnvEurope",3,3,0,2012,10,11,{"$nulls":8},"TEMP","DB","METH_2",9.355329874999999,"°C",null,"X"]
["METEO","LTER_EU_BE_02","INBO","HOE1","AIR","EnvEurope",3,3,0,2012,10,12,{"$nulls":8},"TEMP","DB","METH_2",12.084217968749998,"°C",null,"X"]
["METEO","LTER_EU_BE_02","INBO","HOE1","AIR","EnvEurope",3,3,0,2012,10,13,{"$nulls":8},"TEMP","DB","METH_2",8.523107083333331,"°C",null,"X"]
["METEO","LTER_EU_BE_02","INBO","HOE1","AIR","EnvEurope",3,3,0,2012,10,14,{"$nulls":8},"TEMP","DB","METH_2",6.688576593749997,"°C",null,"X"]
["METEO","LTER_EU_BE_02","INBO","HOE1","AIR","EnvEurope",3,3,0,2012,10,15,{"$nulls":8},"TEMP","DB","METH_2",9.410762822916665,"°C",null,"X"]
["METEO","LTER_EU_BE_02","INBO","HOE1","AIR","EnvEurope",3,3,0,2012,10,16,{"$nulls":8},"TEMP","DB","METH_2",9.815469499999999,"°C",null,"X"]
["METEO","LTER_EU_BE_02","INBO","HOE1","AIR","EnvEurope",3,3,0,2012,10,17,{"$nulls":8},"TEMP","DB","METH_2",11.56149370833333,"°C",null,"X"]
["METEO","LTER_EU_BE_02","INBO","HOE1","AIR","EnvEurope",3,3,0,2012,10,18,{"$nulls":8},"TEMP","DB","METH_2",15.502308541666665,"°C",null,"X"]
["METEO","LTER_EU_BE_02","INBO","HOE1","AIR","EnvEurope",3,3,0,2012,10,19,{"$nulls":8},"TEMP","DB","METH_2",15.696545104166665,"°C",null,"X"]
["METEO","LTER_EU_BE_02","INBO","HOE1","AIR","EnvEurope",3,3,0,2012,10,20,{"$nulls":8},"TEMP","DB","METH_2",15.603386041666674,"°C",null,"X"]
["METEO","LTER_EU_BE_02","INBO","HOE1","AIR","EnvEurope",3,3,0,2012,10,21,{"$nulls":8},"TEMP","DB","METH_2",13.976580833333337,"°C",null,"X"]
["METEO","LTER_EU_BE_02","INBO","HOE1","AIR","EnvEurope",3,3,0,2012,10,22,{"$nulls":8},"TEMP","DB","METH_2",15.394843125000001,"°C",null,"X"]
["METEO","LTER_EU_BE_02","INBO","HOE1","AIR","EnvEurope",3,3,0,2012,10,23,{"$nulls":8},"TEMP","DB","METH_2",14.174531718750002,"°C",null,"X"]
["METEO","LTER_EU_BE_02","INBO","HOE1","AIR","EnvEurope",3,3,0,2012,10,24,{"$nulls":8},"TEMP","DB","METH_2",12.706023583333328,"°C",null,"X"]
["METEO","LTER_EU_BE_02","INBO","HOE1","AIR","EnvEurope",3,3,0,2012,10,25,{"$nulls":8},"TEMP","DB","METH_2",10.38263904166667,"°C",null,"X"]
["METEO","LTER_EU_BE_02","INBO","HOE1","AIR","EnvEurope",3,3,0,2012,10,26,{"$nulls":8},"TEMP","DB","METH_2",5.538784927083333,"°C",null,"X"]
["METEO","LTER_EU_BE_02","INBO","HOE1","AIR","EnvEurope",3,3,0,2012,10,27,{"$nulls":8},"TEMP","DB","METH_2",2.0430729199999997,"°C",null,"X"]
["METEO","LTER_EU_BE_02","INBO","HOE1","AIR","EnvEurope",3,3,0,2012,10,28,{"$nulls":8},"TEMP","DB","METH_2",2.528315943541668,"°C",null,"X"]
["METEO","LTER_EU_BE_02","INBO","HOE1","AIR","EnvEurope",3,3,0,2012,10,29,{"$nulls":8},"TEMP","DB","METH_2",6.104791916666667,"°C",null,"X"]
["METEO","LTER_EU_BE_02","INBO","HOE1","AIR","EnvEurope",3,3,0,2012,10,30,{"$nulls":8},"TEMP","DB","METH_2",6.630781020833331,"°C",null,"X"]
["METEO","LTER_EU_BE_02","INBO","HOE1","AIR","EnvEurope",3,3,0,2012,10,31,{"$nulls":8},"TEMP","DB","METH_2",7.7566840416666665,"°C",null,"X"]
["METEO","LTER_EU_BE_02","INBO","HOE1","AIR","EnvEurope",3,3,0,2012,11,1,{"$nulls":8},"TEMP","DB","METH_2",7.988715395833331,"°C",null,"X"]
["METEO","LTER_EU_BE_02","INBO","HOE1","AIR","EnvEurope",3,3,0,2012,11,2,{"$nulls":8},"TEMP","DB","METH_2",6.162812041666666,"°C",null,"X"]
["METEO","LTER_EU_BE_02","INBO","HOE1","AIR","EnvEurope",3,3,0,2012,11,3,{"$nulls":8},"TEMP","DB","METH_2",6.2585940937499975,"°C",null,"X"]
["METEO","LTER_EU_BE_02","INBO","HOE1","AIR","EnvEurope",3,3,0,2012,11,4,{"$nulls":8},"TEMP","DB","METH_2",6.478628531250004,"°C",null,"X"]
["METEO","LTER_EU_BE_02","INBO","HOE1","AIR","EnvEurope",3,3,0,2012,11,5,{"$nulls":8},"TEMP","DB","METH_2",5.690625114583333,"°C",null,"X"]
["METEO","LTER_EU_BE_02","INBO","HOE1","AIR","EnvEurope",3,3,0,2012,11,6,{"$nulls":8},"TEMP","DB","METH_2",4.983055826458334,"°C",null,"X"]
["METEO","LTER_EU_BE_02","INBO","HOE1","AIR","EnvEurope",3,3,0,2012,11,7,{"$nulls":8},"TEMP","DB","METH_2",9.035173322916664,"°C",null,"X"]
["METEO","LTER_EU_BE_02","INBO","HOE1","AIR","EnvEurope",3,3,0,2012,11,8,{"$nulls":8},"TEMP","DB","METH_2",9.075972885416665,"°C",null,"X"]
["METEO","LTER_EU_BE_02","INBO","HOE1","AIR","EnvEurope",3,3,0,2012,11,9,{"$nulls":8},"TEMP","DB","METH_2",8.657411968749999,"°C",null,"X"]
["METEO","LTER_EU_BE_02","INBO","HOE1","AIR","EnvEurope",3,3,0,2012,11,10,{"$nulls":8},"TEMP","DB","METH_2",10.389253020833333,"°C",null,"X"]
["METEO","LTER_EU_BE_02","INBO","HOE1","AIR","EnvEurope",3,3,0,2012,11,11,{"$nulls":8},"TEMP","DB","METH_2",7.017569229166665,"°C",null,"X"]
["METEO","LTER_EU_BE_02","INBO","HOE1","AIR","EnvEurope",3,3,0,2012,11,12,{"$nulls":8},"TEMP","DB","METH_2",6.037968822916665,"°C",null,"X"]
["METEO","LTER_EU_BE_02","INBO","HOE1","AIR","EnvEurope",3,3,0,2012,11,13,{"$nulls":8},"TEMP","DB","METH_2",7.67013844791667,"°C",null,"X"]
["METEO","LTER_EU_BE_02","INBO","HOE1","AIR","EnvEurope",3,3,0,2012,11,14,{"$nulls":8},"TEMP","DB","METH_2",5.674392718750002,"°C",null,"X"]
["METEO","LTER_EU_BE_02","INBO","HOE1","AIR","EnvEurope",3,3,0,2012,11,15,{"$nulls":8},"TEMP","DB","METH_2",4.129913177083334,"°C",null,"X"]
["METEO","LTER_EU_BE_02","INBO","HOE1","AIR","EnvEurope",3,3,0,2012,11,16,{"$nulls":8},"TEMP","DB","METH_2",3.631163132291668,"°C",null,"X"]
["METEO","LTER_EU_BE_02","INBO","HOE1","AIR","EnvEurope",3,3,0,2012,11,17,{"$nulls":8},"TEMP","DB","METH_2",5.256909297916666,"°C",null,"X"]
["METEO","LTER_EU_BE_02","INBO","HOE1","AIR","EnvEurope",3,3,0,2012,11,18,{"$nulls":8},"TEMP","DB","METH_2",6.9924472291666655,"°C",null,"X"]
["METEO","LTER_EU_BE_02","INBO","HOE1","AIR","EnvEurope",3,3,0,2012,11,19,{"$nulls":8},"TEMP","DB","METH_2",6.670086854166669,"°C",null,"X"]
["METEO","LTER_EU_BE_02","INBO","HOE1","AIR","EnvEurope",3,3,0,2012,11,20,{"$nulls":8},"TEMP","DB","METH_2",8.852395677083335,"°C",null,"X"]
["METEO","LTER_EU_BE_02","INBO","HOE1","AIR","EnvEurope",3,3,0,2012,11,21,{"$nulls":8},"TEMP","DB","METH_2",6.499965447916665,"°C",null,"X"]
["METEO","LTER_EU_BE_02","INBO","HOE1","AIR","EnvEurope",3,3,0,2012,11,22,{"$nulls":8},"TEMP","DB","METH_2",7.3957984375000025,"°C",null,"X"]
["METEO","LTER_EU_BE_02","INBO","HOE1","AIR","EnvEurope",3,3,0,2012,11,23,{"$nulls":8},"TEMP","DB","METH_2",7.306251104166669,"°C",null,"X"]
["METEO","LTER_EU_BE_02","INBO","HOE1","AIR","EnvEurope",3,3,0,2012,11,24,{"$nulls":8},"TEMP","DB","METH_2",8.232777083333337,"°C",null,"X"]
["METEO","LTER_EU_BE_02","INBO","HOE1","AIR","EnvEurope",3,3,0,2012,11,25,{"$nulls":8},"TEMP","DB","METH_2",10.52255290625,"°C",null,"X"]
["METEO","LTER_EU_BE_02","INBO","HOE1","AIR","EnvEurope",3,3,0,2012,11,26,{"$nulls":8},"TEMP","DB","METH_2",8.808542197916667,"°C",null,"X"]
["METEO","LTER_EU_BE_02","INBO","HOE1","AIR","EnvEurope",3,3,0,2012,11,27,{"$nulls":8},"TEMP","DB","METH_2",6.99125028125,"°C",null,"X"]
["METEO","LTER_EU_BE_02","INBO","HOE1","AIR","EnvEurope",3,3,0,2012,11,28,{"$nulls":8},"TEMP","DB","METH_2",5.019079927083333,"°C",null,"X"]
["METEO","LTER_EU_BE_02","INBO","HOE1","AIR","EnvEurope",3,3,0,2012,11,29,{"$nulls":8},"TEMP","DB","METH_2",4.5594618875,"°C",null,"X"]
["METEO","LTER_EU_BE_02","INBO","HOE1","AIR","EnvEurope",3,3,0,2012,11,30,{"$nulls":8},"TEMP","DB","METH_2",0.13565970771092023,"°C",null,"X"]
["METEO","LTER_EU_BE_02","INBO","HOE1","AIR","EnvEurope",3,3,0,2012,12,1,{"$nulls":8},"TEMP","DB","METH_2",2.1982289583333334,"°C",null,"X"]
["METEO","LTER_EU_BE_02","INBO","HOE1","AIR","EnvEurope",3,3,0,2012,12,2,{"$nulls":8},"TEMP","DB","METH_2",0.9559201349375003,"°C",null,"X"]
["METEO","LTER_EU_BE_02","INBO","HOE1","AIR","EnvEurope",3,3,0,2012,12,3,{"$nulls":8},"TEMP","DB","METH_2",2.1022917438541664,"°C",null,"X"]
["METEO","LTER_EU_BE_02","INBO","HOE1","AIR","EnvEurope",3,3,0,2012,12,4,{"$nulls":8},"TEMP","DB","METH_2",3.1427776145833337,"°C",null,"X"]
["METEO","LTER_EU_BE_02","INBO","HOE1","AIR","EnvEurope",3,3,0,2012,12,5,{"$nulls":8},"TEMP","DB","METH_2",1.7098090312499996,"°C",null,"X"]
["METEO","LTER_EU_BE_02","INBO","HOE1","AIR","EnvEurope",3,3,0,2012,12,6,{"$nulls":8},"TEMP","DB","METH_2",0.14595486281249997,"°C",null,"X"]
["METEO","LTER_EU_BE_02","INBO","HOE1","AIR","EnvEurope",3,3,0,2012,12,7,{"$nulls":8},"TEMP","DB","METH_2",0.9422396150312503,"°C",null,"X"]
["METEO","LTER_EU_BE_02","INBO","HOE1","AIR","EnvEurope",3,3,0,2012,12,8,{"$nulls":8},"TEMP","DB","METH_2",-0.3802605036458333,"°C",null,"X"]
["METEO","LTER_EU_BE_02","INBO","HOE1","AIR","EnvEurope",3,3,0,2012,12,9,{"$nulls":8},"TEMP","DB","METH_2",3.227482451770832,"°C",null,"X"]
["METEO","LTER_EU_BE_02","INBO","HOE1","AIR","EnvEurope",3,3,0,2012,12,10,{"$nulls":8},"TEMP","DB","METH_2",2.994861216354167,"°C",null,"X"]
["METEO","LTER_EU_BE_02","INBO","HOE1","AIR","EnvEurope",3,3,0,2012,12,11,{"$nulls":8},"TEMP","DB","METH_2",-1.823541741979166,"°C",null,"X"]
["METEO","LTER_EU_BE_02","INBO","HOE1","AIR","EnvEurope",3,3,0,2012,12,12,{"$nulls":8},"TEMP","DB","METH_2",-1.7888715803125,"°C",null,"X"]
["METEO","LTER_EU_BE_02","INBO","HOE1","AIR","EnvEurope",3,3,0,2012,12,13,{"$nulls":8},"TEMP","DB","METH_2",-1.307239577812501,"°C",null,"X"]
["METEO","LTER_EU_BE_02","INBO","HOE1","AIR","EnvEurope",3,3,0,2012,12,14,{"$nulls":8},"TEMP","DB","METH_2",5.9911283229166665,"°C",null,"X"]
["METEO","LTER_EU_BE_02","INBO","HOE1","AIR","EnvEurope",3,3,0,2012,12,15,{"$nulls":8},"TEMP","DB","METH_2",8.800520562500001,"°C",null,"X"]
["METEO","LTER_EU_BE_02","INBO","HOE1","AIR","EnvEurope",3,3,0,2012,12,16,{"$nulls":8},"TEMP","DB","METH_2",7.488350843749999,"°C",null,"X"]
["METEO","LTER_EU_BE_02","INBO","HOE1","AIR","EnvEurope",3,3,0,2012,12,17,{"$nulls":8},"TEMP","DB","METH_2",6.888750354166668,"°C",null,"X"]
["METEO","LTER_EU_BE_02","INBO","HOE1","AIR","EnvEurope",3,3,0,2012,12,18,{"$nulls":8},"TEMP","DB","METH_2",4.846493322916667,"°C",null,"X"]
["METEO","LTER_EU_BE_02","INBO","HOE1","AIR","EnvEurope",3,3,0,2012,12,19,{"$nulls":8},"TEMP","DB","METH_2",5.437013552083336,"°C",null,"X"]
["METEO","LTER_EU_BE_02","INBO","HOE1","AIR","EnvEurope",3,3,0,2012,12,20,{"$nulls":8},"TEMP","DB","METH_2",3.7551911666666675,"°C",null,"X"]
["METEO","LTER_EU_BE_02","INBO","HOE1","AIR","EnvEurope",3,3,0,2012,12,21,{"$nulls":8},"TEMP","DB","METH_2",7.90883630208334,"°C",null,"X"]
["METEO","LTER_EU_BE_02","INBO","HOE1","AIR","EnvEurope",3,3,0,2012,12,22,{"$nulls":8},"TEMP","DB","METH_2",7.542812375000003,"°C",null,"X"]
["METEO","LTER_EU_BE_02","INBO","HOE1","AIR","EnvEurope",3,3,0,2012,12,23,{"$nulls":8},"TEMP","DB","METH_2",11.352864552083332,"°C",null,"X"]
["METEO","LTER_EU_BE_02","INBO","HOE1","AIR","EnvEurope",3,3,0,2012,12,24,{"$nulls":8},"TEMP","DB","METH_2",10.87670209375,"°C",null,"X"]
["METEO","LTER_EU_BE_02","INBO","HOE1","AIR","EnvEurope",3,3,0,2012,12,25,{"$nulls":8},"TEMP","DB","METH_2",9.763195333333336,"°C",null,"X"]
["METEO","LTER_EU_BE_02","INBO","HOE1","AIR","EnvEurope",3,3,0,2012,12,26,{"$nulls":8},"TEMP","DB","METH_2",7.513003385416663,"°C",null,"X"]
["METEO","LTER_EU_BE_02","INBO","HOE1","AIR","EnvEurope",3,3,0,2012,12,27,{"$nulls":8},"TEMP","DB","METH_2",7.7830558958333285,"°C",null,"X"]
["METEO","LTER_EU_BE_02","INBO","HOE1","AIR","EnvEurope",3,3,0,2012,12,28,{"$nulls":8},"TEMP","DB","METH_2",6.939426427083334,"°C",null,"X"]
["METEO","LTER_EU_BE_02","INBO","HOE1","AIR","EnvEurope",3,3,0,2012,12,29,{"$nulls":8},"TEMP","DB","METH_2",10.80944478125,"°C",null,"X"]
["METEO","LTER_EU_BE_02","INBO","HOE1","AIR","EnvEurope",3,3,0,2012,12,30,{"$nulls":8},"TEMP","DB","METH_2",7.13854240625,"°C",null,"X"]
["METEO","LTER_EU_BE_02","INBO","HOE1","AIR","EnvEurope",3,3,0,2012,12,31,{"$nulls":8},"TEMP","DB","METH_2",8.673644635416665,"°C",null,"X"]
["METEO","LTER_EU_BE_02","INBO","HOE1","AIR","EnvEurope",3,3,0,2012,2,1,{"$nulls":8},"TEMP","DB","METH_2",-5.289444479166665,"°C",null,"X"]
["METEO","LTER_EU_BE_02","INBO","HOE1","AIR","EnvEurope",3,3,0,2012,2,2,{"$nulls":8},"TEMP","DB","METH_2",-6.682725583333334,"°C",null,"X"]
["METEO","LTER_EU_BE_02","INBO","HOE1","AIR","EnvEurope",3,3,0,2012,2,3,{"$nulls":8},"TEMP","DB","METH_2",-8.093298312500002,"°C",null,"X"]
["METEO","LTER_EU_BE_02","INBO","HOE1","AIR","EnvEurope",3,3,0,2012,2,4,{"$nulls":8},"TEMP","DB","METH_2",-10.58484365625,"°C",null,"X"]
["METEO","LTER_EU_BE_02","INBO","HOE1","AIR","EnvEurope",3,3,0,2012,2,5,{"$nulls":8},"TEMP","DB","METH_2",-7.306718968749998,"°C",null,"X"]
["METEO","LTER_EU_BE_02","INBO","HOE1","AIR","EnvEurope",3,3,0,2012,2,6,{"$nulls":8},"TEMP","DB","METH_2",-5.17026065625,"°C",null,"X"]
["METEO","LTER_EU_BE_02","INBO","HOE1","AIR","EnvEurope",3,3,0,2012,2,7,{"$nulls":8},"TEMP","DB","METH_2",-9.511666197916664,"°C",null,"X"]
["METEO","LTER_EU_BE_02","INBO","HOE1","AIR","EnvEurope",3,3,0,2012,2,8,{"$nulls":8},"TEMP","DB","METH_2",-4.831457989583336,"°C",null,"X"]
["METEO","LTER_EU_BE_02","INBO","HOE1","AIR","EnvEurope",3,3,0,2012,2,9,{"$nulls":8},"TEMP","DB","METH_2",-6.366163333333335,"°C",null,"X"]
["METEO","LTER_EU_BE_02","INBO","HOE1","AIR","EnvEurope",3,3,0,2012,2,10,{"$nulls":8},"TEMP","DB","METH_2",-6.423455239583333,"°C",null,"X"]
["METEO","LTER_EU_BE_02","INBO","HOE1","AIR","EnvEurope",3,3,0,2012,2,11,{"$nulls":8},"TEMP","DB","METH_2",-7.868940552083334,"°C",null,"X"]
["METEO","LTER_EU_BE_02","INBO","HOE1","AIR","EnvEurope",3,3,0,2012,2,12,{"$nulls":8},"TEMP","DB","METH_2",-6.3650693333333335,"°C",null,"X"]
["METEO","LTER_EU_BE_02","INBO","HOE1","AIR","EnvEurope",3,3,0,2012,2,13,{"$nulls":8},"TEMP","DB","METH_2",0.2573785583333333,"°C",null,"X"]
["METEO","LTER_EU_BE_02","INBO","HOE1","AIR","EnvEurope",3,3,0,2012,2,14,{"$nulls":8},"TEMP","DB","METH_2",3.5422394687500005,"°C",null,"X"]
["METEO","LTER_EU_BE_02","INBO","HOE1","AIR","EnvEurope",3,3,0,2012,2,15,{"$nulls":8},"TEMP","DB","METH_2",5.311128854166667,"°C",null,"X"]
["METEO","LTER_EU_BE_02","INBO","HOE1","AIR","EnvEurope",3,3,0,2012,2,16,{"$nulls":8},"TEMP","DB","METH_2",5.691666760416665,"°C",null,"X"]
["METEO","LTER_EU_BE_02","INBO","HOE1","AIR","EnvEurope",3,3,0,2012,2,17,{"$nulls":8},"TEMP","DB","METH_2",5.4695313125,"°C",null,"X"]
["METEO","LTER_EU_BE_02","INBO","HOE1","AIR","EnvEurope",3,3,0,2012,2,18,{"$nulls":8},"TEMP","DB","METH_2",7.374634906249998,"°C",null,"X"]
["METEO","LTER_EU_BE_02","INBO","HOE1","AIR","EnvEurope",3,3,0,2012,2,19,{"$nulls":8},"TEMP","DB","METH_2",2.112742986354166,"°C",null,"X"]
["METEO","LTER_EU_BE_02","INBO","HOE1","AIR","EnvEurope",3,3,0,2012,2,20,{"$nulls":8},"TEMP","DB","METH_2",0.5280035448958332,"°C",null,"X"]
["METEO","LTER_EU_BE_02","INBO","HOE1","AIR","EnvEurope",3,3,0,2012,2,21,{"$nulls":8},"TEMP","DB","METH_2",3.3869965104166675,"°C",null,"X"]
["METEO","LTER_EU_BE_02","INBO","HOE1","AIR","EnvEurope",3,3,0,2012,2,22,{"$nulls":8},"TEMP","DB","METH_2",5.061562427083333,"°C",null,"X"]
["METEO","LTER_EU_BE_02","INBO","HOE1","AIR","EnvEurope",3,3,0,2012,2,23,{"$nulls":8},"TEMP","DB","METH_2",7.688281375,"°C",null,"X"]
["METEO","LTER_EU_BE_02","INBO","HOE1","AIR","EnvEurope",3,3,0,2012,2,24,{"$nulls":8},"TEMP","DB","METH_2",8.913558593750002,"°C",null,"X"]
["METEO","LTER_EU_BE_02","INBO","HOE1","AIR","EnvEurope",3,3,0,2012,2,25,{"$nulls":8},"TEMP","DB","METH_2",7.65149225,"°C",null,"X"]
["METEO","LTER_EU_BE_02","INBO","HOE1","AIR","EnvEurope",3,3,0,2012,2,26,{"$nulls":8},"TEMP","DB","METH_2",3.950815777781251,"°C",null,"X"]
["METEO","LTER_EU_BE_02","INBO","HOE1","AIR","EnvEurope",3,3,0,2012,2,27,{"$nulls":8},"TEMP","DB","METH_2",4.167604915208332,"°C",null,"X"]
["METEO","LTER_EU_BE_02","INBO","HOE1","AIR","EnvEurope",3,3,0,2012,2,28,{"$nulls":8},"TEMP","DB","METH_2",8.16925385416667,"°C",null,"X"]
["METEO","LTER_EU_BE_02","INBO","HOE1","AIR","EnvEurope",3,3,0,2012,2,29,{"$nulls":8},"TEMP","DB","METH_2",8.262344625,"°C",null,"X"]
["METEO","LTER_EU_BE_02","INBO","HOE1","AIR","EnvEurope",3,3,0,2012,3,1,{"$nulls":8},"TEMP","DB","METH_2",7.046024812499998,"°C",null,"X"]
["METEO","LTER_EU_BE_02","INBO","HOE1","AIR","EnvEurope",3,3,0,2012,3,2,{"$nulls":8},"TEMP","DB","METH_2",7.2478477395833325,"°C",null,"X"]
["METEO","LTER_EU_BE_02","INBO","HOE1","AIR","EnvEurope",3,3,0,2012,3,3,{"$nulls":8},"TEMP","DB","METH_2",9.434201531249998,"°C",null,"X"]
["METEO","LTER_EU_BE_02","INBO","HOE1","AIR","EnvEurope",3,3,0,2012,3,4,{"$nulls":8},"TEMP","DB","METH_2",7.95894092708333,"°C",null,"X"]
["METEO","LTER_EU_BE_02","INBO","HOE1","AIR","EnvEurope",3,3,0,2012,3,5,{"$nulls":8},"TEMP","DB","METH_2",1.9218229218750003,"°C",null,"X"]
["METEO","LTER_EU_BE_02","INBO","HOE1","AIR","EnvEurope",3,3,0,2012,3,6,{"$nulls":8},"TEMP","DB","METH_2",3.4285069086874995,"°C",null,"X"]
["METEO","LTER_EU_BE_02","INBO","HOE1","AIR","EnvEurope",3,3,0,2012,3,7,{"$nulls":8},"TEMP","DB","METH_2",2.8043579622916677,"°C",null,"X"]
["METEO","LTER_EU_BE_02","INBO","HOE1","AIR","EnvEurope",3,3,0,2012,3,8,{"$nulls":8},"TEMP","DB","METH_2",4.256631811916668,"°C",null,"X"]
["METEO","LTER_EU_BE_02","INBO","HOE1","AIR","EnvEurope",3,3,0,2012,3,9,{"$nulls":8},"TEMP","DB","METH_2",6.131284925625,"°C",null,"X"]
["METEO","LTER_EU_BE_02","INBO","HOE1","AIR","EnvEurope",3,3,0,2012,3,10,{"$nulls":8},"TEMP","DB","METH_2",8.941875177083332,"°C",null,"X"]
["METEO","LTER_EU_BE_02","INBO","HOE1","AIR","EnvEurope",3,3,0,2012,3,11,{"$nulls":8},"TEMP","DB","METH_2",10.097899489583332,"°C",null,"X"]
["METEO","LTER_EU_BE_02","INBO","HOE1","AIR","EnvEurope",3,3,0,2012,3,12,{"$nulls":8},"TEMP","DB","METH_2",7.461631843750001,"°C",null,"X"]
["METEO","LTER_EU_BE_02","INBO","HOE1","AIR","EnvEurope",3,3,0,2012,3,13,{"$nulls":8},"TEMP","DB","METH_2",7.316822802083331,"°C",null,"X"]
["METEO","LTER_EU_BE_02","INBO","HOE1","AIR","EnvEurope",3,3,0,2012,3,14,{"$nulls":8},"TEMP","DB","METH_2",7.41836840625,"°C",null,"X"]
["METEO","LTER_EU_BE_02","INBO","HOE1","AIR","EnvEurope",3,3,0,2012,3,15,{"$nulls":8},"TEMP","DB","METH_2",8.66350680660417,"°C",null,"X"]
["METEO","LTER_EU_BE_02","INBO","HOE1","AIR","EnvEurope",3,3,0,2012,3,16,{"$nulls":8},"TEMP","DB","METH_2",9.535903562500001,"°C",null,"X"]
["METEO","LTER_EU_BE_02","INBO","HOE1","AIR","EnvEurope",3,3,0,2012,3,17,{"$nulls":8},"TEMP","DB","METH_2",9.107344437499998,"°C",null,"X"]
["METEO","LTER_EU_BE_02","INBO","HOE1","AIR","EnvEurope",3,3,0,2012,3,18,{"$nulls":8},"TEMP","DB","METH_2",7.654861583333335,"°C",null,"X"]
["METEO","LTER_EU_BE_02","INBO","HOE1","AIR","EnvEurope",3,3,0,2012,3,19,{"$nulls":8},"TEMP","DB","METH_2",5.984895364583331,"°C",null,"X"]
["METEO","LTER_EU_BE_02","INBO","HOE1","AIR","EnvEurope",3,3,0,2012,3,20,{"$nulls":8},"TEMP","DB","METH_2",6.144062906145834,"°C",null,"X"]
["METEO","LTER_EU_BE_02","INBO","HOE1","AIR","EnvEurope",3,3,0,2012,3,21,{"$nulls":8},"TEMP","DB","METH_2",8.320017203125003,"°C",null,"X"]
["METEO","LTER_EU_BE_02","INBO","HOE1","AIR","EnvEurope",3,3,0,2012,3,22,{"$nulls":8},"TEMP","DB","METH_2",10.981839708333332,"°C",null,"X"]
["METEO","LTER_EU_BE_02","INBO","HOE1","AIR","EnvEurope",3,3,0,2012,3,23,{"$nulls":8},"TEMP","DB","METH_2",11.956058739583334,"°C",null,"X"]
["METEO","LTER_EU_BE_02","INBO","HOE1","AIR","EnvEurope",3,3,0,2012,3,24,{"$nulls":8},"TEMP","DB","METH_2",12.151336291666661,"°C",null,"X"]
["METEO","LTER_EU_BE_02","INBO","HOE1","AIR","EnvEurope",3,3,0,2012,3,25,{"$nulls":8},"TEMP","DB","METH_2",11.087638645833337,"°C",null,"X"]
["METEO","LTER_EU_BE_02","INBO","HOE1","AIR","EnvEurope",3,3,0,2012,3,26,{"$nulls":8},"TEMP","DB","METH_2",11.379930322916666,"°C",null,"X"]
["METEO","LTER_EU_BE_02","INBO","HOE1","AIR","EnvEurope",3,3,0,2012,3,27,{"$nulls":8},"TEMP","DB","METH_2",11.179965864583338,"°C",null,"X"]
["METEO","LTER_EU_BE_02","INBO","HOE1","AIR","EnvEurope",3,3,0,2012,3,28,{"$nulls":8},"TEMP","DB","METH_2",11.6456766875,"°C",null,"X"]
["METEO","LTER_EU_BE_02","INBO","HOE1","AIR","EnvEurope",3,3,0,2012,3,29,{"$nulls":8},"TEMP","DB","METH_2",8.400763916666667,"°C",null,"X"]
["METEO","LTER_EU_BE_02","INBO","HOE1","AIR","EnvEurope",3,3,0,2012,3,30,{"$nulls":8},"TEMP","DB","METH_2",6.712465093750001,"°C",null,"X"]
["METEO","LTER_EU_BE_02","INBO","HOE1","AIR","EnvEurope",3,3,0,2012,3,31,{"$nulls":8},"TEMP","DB","METH_2",6.9082636666666675,"°C",null,"X"]
["METEO","LTER_EU_BE_02","INBO","HOE1","AIR","EnvEurope",3,3,0,2012,4,1,{"$nulls":8},"TEMP","DB","METH_2",4.413420081145834,"°C",null,"X"]
["METEO","LTER_EU_BE_02","INBO","HOE1","AIR","EnvEurope",3,3,0,2012,4,2,{"$nulls":8},"TEMP","DB","METH_2",6.311979551292077,"°C",null,"X"]
["METEO","LTER_EU_BE_02","INBO","HOE1","AIR","EnvEurope",3,3,0,2012,4,3,{"$nulls":8},"TEMP","DB","METH_2",9.019843531250002,"°C",null,"X"]
["METEO","LTER_EU_BE_02","INBO","HOE1","AIR","EnvEurope",3,3,0,2012,4,4,{"$nulls":8},"TEMP","DB","METH_2",8.379218739583331,"°C",null,"X"]
["METEO","LTER_EU_BE_02","INBO","HOE1","AIR","EnvEurope",3,3,0,2012,4,5,{"$nulls":8},"TEMP","DB","METH_2",6.884305114583332,"°C",null,"X"]
["METEO","LTER_EU_BE_02","INBO","HOE1","AIR","EnvEurope",3,3,0,2012,4,6,{"$nulls":8},"TEMP","DB","METH_2",6.436128582708332,"°C",null,"X"]
["METEO","LTER_EU_BE_02","INBO","HOE1","AIR","EnvEurope",3,3,0,2012,4,7,{"$nulls":8},"TEMP","DB","METH_2",5.493489447916666,"°C",null,"X"]
["METEO","LTER_EU_BE_02","INBO","HOE1","AIR","EnvEurope",3,3,0,2012,4,8,{"$nulls":8},"TEMP","DB","METH_2",5.483298583333336,"°C",null,"X"]
["METEO","LTER_EU_BE_02","INBO","HOE1","AIR","EnvEurope",3,3,0,2012,4,9,{"$nulls":8},"TEMP","DB","METH_2",8.639913239583331,"°C",null,"X"]
["METEO","LTER_EU_BE_02","INBO","HOE1","AIR","EnvEurope",3,3,0,2012,4,10,{"$nulls":8},"TEMP","DB","METH_2",8.24355909375,"°C",null,"X"]
["METEO","LTER_EU_BE_02","INBO","HOE1","AIR","EnvEurope",3,3,0,2012,4,11,{"$nulls":8},"TEMP","DB","METH_2",6.698802041666666,"°C",null,"X"]
["METEO","LTER_EU_BE_02","INBO","HOE1","AIR","EnvEurope",3,3,0,2012,4,12,{"$nulls":8},"TEMP","DB","METH_2",5.701336572916667,"°C",null,"X"]
["METEO","LTER_EU_BE_02","INBO","HOE1","AIR","EnvEurope",3,3,0,2012,4,13,{"$nulls":8},"TEMP","DB","METH_2",5.674600816770833,"°C",null,"X"]
["METEO","LTER_EU_BE_02","INBO","HOE1","AIR","EnvEurope",3,3,0,2012,4,14,{"$nulls":8},"TEMP","DB","METH_2",6.369982334447914,"°C",null,"X"]
["METEO","LTER_EU_BE_02","INBO","HOE1","AIR","EnvEurope",3,3,0,2012,4,15,{"$nulls":8},"TEMP","DB","METH_2",6.186718802083331,"°C",null,"X"]
["METEO","LTER_EU_BE_02","INBO","HOE1","AIR","EnvEurope",3,3,0,2012,4,16,{"$nulls":8},"TEMP","DB","METH_2",4.847274142499999,"°C",null,"X"]
["METEO","LTER_EU_BE_02","INBO","HOE1","AIR","EnvEurope",3,3,0,2012,4,17,{"$nulls":8},"TEMP","DB","METH_2",4.102326497083333,"°C",null,"X"]
["METEO","LTER_EU_BE_02","INBO","HOE1","AIR","EnvEurope",3,3,0,2012,4,18,{"$nulls":8},"TEMP","DB","METH_2",7.499583177083331,"°C",null,"X"]
["METEO","LTER_EU_BE_02","INBO","HOE1","AIR","EnvEurope",3,3,0,2012,4,19,{"$nulls":8},"TEMP","DB","METH_2",8.326910208333333,"°C",null,"X"]
["METEO","LTER_EU_BE_02","INBO","HOE1","AIR","EnvEurope",3,3,0,2012,4,20,{"$nulls":8},"TEMP","DB","METH_2",7.033211312499998,"°C",null,"X"]
["METEO","LTER_EU_BE_02","INBO","HOE1","AIR","EnvEurope",3,3,0,2012,4,21,{"$nulls":8},"TEMP","DB","METH_2",6.361683791666668,"°C",null,"X"]
["METEO","LTER_EU_BE_02","INBO","HOE1","AIR","EnvEurope",3,3,0,2012,4,22,{"$nulls":8},"TEMP","DB","METH_2",7.627482093749997,"°C",null,"X"]
["METEO","LTER_EU_BE_02","INBO","HOE1","AIR","EnvEurope",3,3,0,2012,4,23,{"$nulls":8},"TEMP","DB","METH_2",7.767152958333333,"°C",null,"X"]
["METEO","LTER_EU_BE_02","INBO","HOE1","AIR","EnvEurope",3,3,0,2012,4,24,{"$nulls":8},"TEMP","DB","METH_2",8.244374750000002,"°C",null,"X"]
["METEO","LTER_EU_BE_02","INBO","HOE1","AIR","EnvEurope",3,3,0,2012,4,25,{"$nulls":8},"TEMP","DB","METH_2",8.600642510416666,"°C",null,"X"]
["METEO","LTER_EU_BE_02","INBO","HOE1","AIR","EnvEurope",3,3,0,2012,4,26,{"$nulls":8},"TEMP","DB","METH_2",10.746717760416665,"°C",null,"X"]
["METEO","LTER_EU_BE_02","INBO","HOE1","AIR","EnvEurope",3,3,0,2012,4,27,{"$nulls":8},"TEMP","DB","METH_2",12.082429822916659,"°C",null,"X"]
["METEO","LTER_EU_BE_02","INBO","HOE1","AIR","EnvEurope",3,3,0,2012,4,28,{"$nulls":8},"TEMP","DB","METH_2",13.494826406250008,"°C",null,"X"]
["METEO","LTER_EU_BE_02","INBO","HOE1","AIR","EnvEurope",3,3,0,2012,4,29,{"$nulls":8},"TEMP","DB","METH_2",13.745051791666667,"°C",null,"X"]
["METEO","LTER_EU_BE_02","INBO","HOE1","AIR","EnvEurope",3,3,0,2012,4,30,{"$nulls":8},"TEMP","DB","METH_2",14.417343791666662,"°C",null,"X"]
["METEO","LTER_EU_BE_02","INBO","HOE1","AIR","EnvEurope",3,3,0,2012,5,1,{"$nulls":8},"TEMP","DB","METH_2",14.284132427083334,"°C",null,"X"]
["METEO","LTER_EU_BE_02","INBO","HOE1","AIR","EnvEurope",3,3,0,2012,5,2,{"$nulls":8},"TEMP","DB","METH_2",10.496267104166664,"°C",null,"X"]
["METEO","LTER_EU_BE_02","INBO","HOE1","AIR","EnvEurope",3,3,0,2012,5,3,{"$nulls":8},"TEMP","DB","METH_2",10.796179239583331,"°C",null,"X"]
["METEO","LTER_EU_BE_02","INBO","HOE1","AIR","EnvEurope",3,3,0,2012,5,4,{"$nulls":8},"TEMP","DB","METH_2",10.898750333333338,"°C",null,"X"]
["METEO","LTER_EU_BE_02","INBO","HOE1","AIR","EnvEurope",3,3,0,2012,5,5,{"$nulls":8},"TEMP","DB","METH_2",7.668872458333336,"°C",null,"X"]
["METEO","LTER_EU_BE_02","INBO","HOE1","AIR","EnvEurope",3,3,0,2012,5,6,{"$nulls":8},"TEMP","DB","METH_2",7.681163374999998,"°C",null,"X"]
["METEO","LTER_EU_BE_02","INBO","HOE1","AIR","EnvEurope",3,3,0,2012,5,7,{"$nulls":8},"TEMP","DB","METH_2",9.743351468750003,"°C",null,"X"]
["METEO","LTER_EU_BE_02","INBO","HOE1","AIR","EnvEurope",3,3,0,2012,5,8,{"$nulls":8},"TEMP","DB","METH_2",13.977465572916662,"°C",null,"X"]
["METEO","LTER_EU_BE_02","INBO","HOE1","AIR","EnvEurope",3,3,0,2012,5,9,{"$nulls":8},"TEMP","DB","METH_2",15.608386145833327,"°C",null,"X"]
["METEO","LTER_EU_BE_02","INBO","HOE1","AIR","EnvEurope",3,3,0,2012,5,10,{"$nulls":8},"TEMP","DB","METH_2",20.12439395833334,"°C",null,"X"]
["METEO","LTER_EU_BE_02","INBO","HOE1","AIR","EnvEurope",3,3,0,2012,5,11,{"$nulls":8},"TEMP","DB","METH_2",15.30256885416667,"°C",null,"X"]
["METEO","LTER_EU_BE_02","INBO","HOE1","AIR","EnvEurope",3,3,0,2012,5,12,{"$nulls":8},"TEMP","DB","METH_2",9.42079883333333,"°C",null,"X"]
["METEO","LTER_EU_BE_02","INBO","HOE1","AIR","EnvEurope",3,3,0,2012,5,13,{"$nulls":8},"TEMP","DB","METH_2",7.585208559968748,"°C",null,"X"]
["METEO","LTER_EU_BE_02","INBO","HOE1","AIR","EnvEurope",3,3,0,2012,5,14,{"$nulls":8},"TEMP","DB","METH_2",10.406891593749998,"°C",null,"X"]
["METEO","LTER_EU_BE_02","INBO","HOE1","AIR","EnvEurope",3,3,0,2012,5,15,{"$nulls":8},"TEMP","DB","METH_2",7.5817358020833305,"°C",null,"X"]
["METEO","LTER_EU_BE_02","INBO","HOE1","AIR","EnvEurope",3,3,0,2012,5,16,{"$nulls":8},"TEMP","DB","METH_2",7.941997093749998,"°C",null,"X"]
["METEO","LTER_EU_BE_02","INBO","HOE1","AIR","EnvEurope",3,3,0,2012,5,17,{"$nulls":8},"TEMP","DB","METH_2",8.849131385208334,"°C",null,"X"]
["METEO","LTER_EU_BE_02","INBO","HOE1","AIR","EnvEurope",3,3,0,2012,5,18,{"$nulls":8},"TEMP","DB","METH_2",13.231996447916666,"°C",null,"X"]
["METEO","LTER_EU_BE_02","INBO","HOE1","AIR","EnvEurope",3,3,0,2012,5,19,{"$nulls":8},"TEMP","DB","METH_2",15.395086770833332,"°C",null,"X"]
["METEO","LTER_EU_BE_02","INBO","HOE1","AIR","EnvEurope",3,3,0,2012,5,20,{"$nulls":8},"TEMP","DB","METH_2",14.849965000000003,"°C",null,"X"]
["METEO","LTER_EU_BE_02","INBO","HOE1","AIR","EnvEurope",3,3,0,2012,5,21,{"$nulls":8},"TEMP","DB","METH_2",14.713281458333334,"°C",null,"X"]
["METEO","LTER_EU_BE_02","INBO","HOE1","AIR","EnvEurope",3,3,0,2012,5,22,{"$nulls":8},"TEMP","DB","METH_2",16.008627291666663,"°C",null,"X"]
["METEO","LTER_EU_BE_02","INBO","HOE1","AIR","EnvEurope",3,3,0,2012,5,23,{"$nulls":8},"TEMP","DB","METH_2",16.8398615625,"°C",null,"X"]
["METEO","LTER_EU_BE_02","INBO","HOE1","AIR","EnvEurope",3,3,0,2012,5,24,{"$nulls":8},"TEMP","DB","METH_2",20.19487708333334,"°C",null,"X"]
["METEO","LTER_EU_BE_02","INBO","HOE1","AIR","EnvEurope",3,3,0,2012,5,25,{"$nulls":8},"TEMP","DB","METH_2",20.027933645833333,"°C",null,"X"]
["METEO","LTER_EU_BE_02","INBO","HOE1","AIR","EnvEurope",3,3,0,2012,5,26,{"$nulls":8},"TEMP","DB","METH_2",18.18064233333334,"°C",null,"X"]
["METEO","LTER_EU_BE_02","INBO","HOE1","AIR","EnvEurope",3,3,0,2012,5,27,{"$nulls":8},"TEMP","DB","METH_2",18.25173590625,"°C",null,"X"]
["METEO","LTER_EU_BE_02","INBO","HOE1","AIR","EnvEurope",3,3,0,2012,5,28,{"$nulls":8},"TEMP","DB","METH_2",19.361804374999995,"°C",null,"X"]
["METEO","LTER_EU_BE_02","INBO","HOE1","AIR","EnvEurope",3,3,0,2012,5,29,{"$nulls":8},"TEMP","DB","METH_2",17.004339343749994,"°C",null,"X"]
["METEO","LTER_EU_BE_02","INBO","HOE1","AIR","EnvEurope",3,3,0,2012,5,30,{"$nulls":8},"TEMP","DB","METH_2",16.21663149999999,"°C",null,"X"]
["METEO","LTER_EU_BE_02","INBO","HOE1","AIR","EnvEurope",3,3,0,2012,5,31,{"$nulls":8},"TEMP","DB","METH_2",15.564843958333332,"°C",null,"X"]
["METEO","LTER_EU_BE_02","INBO","HOE1","AIR","EnvEurope",3,3,0,2012,6,1,{"$nulls":8},"TEMP","DB","METH_2",15.500173229166677,"°C",null,"X"]
["METEO","LTER_EU_BE_02","INBO","HOE1","AIR","EnvEurope",3,3,0,2012,6,2,{"$nulls":8},"TEMP","DB","METH_2",14.294739375,"°C",null,"X"]
["METEO","LTER_EU_BE_02","INBO","HOE1","AIR","EnvEurope",3,3,0,2012,6,3,{"$nulls":8},"TEMP","DB","METH_2",11.125260885416665,"°C",null,"X"]
["METEO","LTER_EU_BE_02","INBO","HOE1","AIR","EnvEurope",3,3,0,2012,6,4,{"$nulls":8},"TEMP","DB","METH_2",10.272621739583334,"°C",null,"X"]
["METEO","LTER_EU_BE_02","INBO","HOE1","AIR","EnvEurope",3,3,0,2012,6,5,{"$nulls":8},"TEMP","DB","METH_2",10.235243218749998,"°C",null,"X"]
["METEO","LTER_EU_BE_02","INBO","HOE1","AIR","EnvEurope",3,3,0,2012,6,6,{"$nulls":8},"TEMP","DB","METH_2",13.871267812499996,"°C",null,"X"]
["METEO","LTER_EU_BE_02","INBO","HOE1","AIR","EnvEurope",3,3,0,2012,6,7,{"$nulls":8},"TEMP","DB","METH_2",15.673610937500001,"°C",null,"X"]
["METEO","LTER_EU_BE_02","INBO","HOE1","AIR","EnvEurope",3,3,0,2012,6,8,{"$nulls":8},"TEMP","DB","METH_2",14.910763229166669,"°C",null,"X"]
["METEO","LTER_EU_BE_02","INBO","HOE1","AIR","EnvEurope",3,3,0,2012,6,9,{"$nulls":8},"TEMP","DB","METH_2",12.530382260416678,"°C",null,"X"]
["METEO","LTER_EU_BE_02","INBO","HOE1","AIR","EnvEurope",3,3,0,2012,6,10,{"$nulls":8},"TEMP","DB","METH_2",13.342882375000007,"°C",null,"X"]
["METEO","LTER_EU_BE_02","INBO","HOE1","AIR","EnvEurope",3,3,0,2012,6,11,{"$nulls":8},"TEMP","DB","METH_2",13.598767395833336,"°C",null,"X"]
["METEO","LTER_EU_BE_02","INBO","HOE1","AIR","EnvEurope",3,3,0,2012,6,12,{"$nulls":8},"TEMP","DB","METH_2",14.40947895833333,"°C",null,"X"]
["METEO","LTER_EU_BE_02","INBO","HOE1","AIR","EnvEurope",3,3,0,2012,6,13,{"$nulls":8},"TEMP","DB","METH_2",11.692951562500006,"°C",null,"X"]
["METEO","LTER_EU_BE_02","INBO","HOE1","AIR","EnvEurope",3,3,0,2012,6,14,{"$nulls":8},"TEMP","DB","METH_2",12.304201510416666,"°C",null,"X"]
["METEO","LTER_EU_BE_02","INBO","HOE1","AIR","EnvEurope",3,3,0,2012,6,15,{"$nulls":8},"TEMP","DB","METH_2",14.981319270833332,"°C",null,"X"]
["METEO","LTER_EU_BE_02","INBO","HOE1","AIR","EnvEurope",3,3,0,2012,6,16,{"$nulls":8},"TEMP","DB","METH_2",15.585260937500005,"°C",null,"X"]
["METEO","LTER_EU_BE_02","INBO","HOE1","AIR","EnvEurope",3,3,0,2012,6,17,{"$nulls":8},"TEMP","DB","METH_2",15.182117708333331,"°C",null,"X"]
["METEO","LTER_EU_BE_02","INBO","HOE1","AIR","EnvEurope",3,3,0,2012,6,18,{"$nulls":8},"TEMP","DB","METH_2",14.397256333333324,"°C",null,"X"]
["METEO","LTER_EU_BE_02","INBO","HOE1","AIR","EnvEurope",3,3,0,2012,6,19,{"$nulls":8},"TEMP","DB","METH_2",14.084010677083333,"°C",null,"X"]
["METEO","LTER_EU_BE_02","INBO","HOE1","AIR","EnvEurope",3,3,0,2012,6,20,{"$nulls":8},"TEMP","DB","METH_2",17.398158958333337,"°C",null,"X"]
["METEO","LTER_EU_BE_02","INBO","HOE1","AIR","EnvEurope",3,3,0,2012,6,21,{"$nulls":8},"TEMP","DB","METH_2",17.708283020833342,"°C",null,"X"]
["METEO","LTER_EU_BE_02","INBO","HOE1","AIR","EnvEurope",3,3,0,2012,6,22,{"$nulls":8},"TEMP","DB","METH_2",14.669132812500001,"°C",null,"X"]
["METEO","LTER_EU_BE_02","INBO","HOE1","AIR","EnvEurope",3,3,0,2012,6,23,{"$nulls":8},"TEMP","DB","METH_2",15.34196083333333,"°C",null,"X"]
["METEO","LTER_EU_BE_02","INBO","HOE1","AIR","EnvEurope",3,3,0,2012,6,24,{"$nulls":8},"TEMP","DB","METH_2",12.920364177083336,"°C",null,"X"]
["METEO","LTER_EU_BE_02","INBO","HOE1","AIR","EnvEurope",3,3,0,2012,6,25,{"$nulls":8},"TEMP","DB","METH_2",14.849895312500003,"°C",null,"X"]
["METEO","LTER_EU_BE_02","INBO","HOE1","AIR","EnvEurope",3,3,0,2012,6,26,{"$nulls":8},"TEMP","DB","METH_2",16.79612962500001,"°C",null,"X"]
["METEO","LTER_EU_BE_02","INBO","HOE1","AIR","EnvEurope",3,3,0,2012,6,27,{"$nulls":8},"TEMP","DB","METH_2",18.981700312500003,"°C",null,"X"]
["METEO","LTER_EU_BE_02","INBO","HOE1","AIR","EnvEurope",3,3,0,2012,6,28,{"$nulls":8},"TEMP","DB","METH_2",22.843159479166673,"°C",null,"X"]
["METEO","LTER_EU_BE_02","INBO","HOE1","AIR","EnvEurope",3,3,0,2012,6,29,{"$nulls":8},"TEMP","DB","METH_2",18.193195104166666,"°C",null,"X"]
["METEO","LTER_EU_BE_02","INBO","HOE1","AIR","EnvEurope",3,3,0,2012,6,30,{"$nulls":8},"TEMP","DB","METH_2",18.646197916666676,"°C",null,"X"]
["METEO","LTER_EU_BE_02","INBO","HOE1","AIR","EnvEurope",3,3,0,2012,7,1,{"$nulls":8},"TEMP","DB","METH_2",15.499549781249998,"°C",null,"X"]
["METEO","LTER_EU_BE_02","INBO","HOE1","AIR","EnvEurope",3,3,0,2012,7,2,{"$nulls":8},"TEMP","DB","METH_2",15.132169145833336,"°C",null,"X"]
["METEO","LTER_EU_BE_02","INBO","HOE1","AIR","EnvEurope",3,3,0,2012,7,3,{"$nulls":8},"TEMP","DB","METH_2",17.53404583333333,"°C",null,"X"]
["METEO","LTER_EU_BE_02","INBO","HOE1","AIR","EnvEurope",3,3,0,2012,7,4,{"$nulls":8},"TEMP","DB","METH_2",21.08557322916667,"°C",null,"X"]
["METEO","LTER_EU_BE_02","INBO","HOE1","AIR","EnvEurope",3,3,0,2012,7,5,{"$nulls":8},"TEMP","DB","METH_2",19.43092104166667,"°C",null,"X"]
["METEO","LTER_EU_BE_02","INBO","HOE1","AIR","EnvEurope",3,3,0,2012,7,6,{"$nulls":8},"TEMP","DB","METH_2",17.667897604166672,"°C",null,"X"]
["METEO","LTER_EU_BE_02","INBO","HOE1","AIR","EnvEurope",3,3,0,2012,7,7,{"$nulls":8},"TEMP","DB","METH_2",17.612031458333337,"°C",null,"X"]
["METEO","LTER_EU_BE_02","INBO","HOE1","AIR","EnvEurope",3,3,0,2012,7,8,{"$nulls":8},"TEMP","DB","METH_2",16.225469270833337,"°C",null,"X"]
["METEO","LTER_EU_BE_02","INBO","HOE1","AIR","EnvEurope",3,3,0,2012,7,9,{"$nulls":8},"TEMP","DB","METH_2",15.871752916666665,"°C",null,"X"]
["METEO","LTER_EU_BE_02","INBO","HOE1","AIR","EnvEurope",3,3,0,2012,7,10,{"$nulls":8},"TEMP","DB","METH_2",15.146509374999999,"°C",null,"X"]
["METEO","LTER_EU_BE_02","INBO","HOE1","AIR","EnvEurope",3,3,0,2012,7,11,{"$nulls":8},"TEMP","DB","METH_2",14.93025979166667,"°C",null,"X"]
["METEO","LTER_EU_BE_02","INBO","HOE1","AIR","EnvEurope",3,3,0,2012,7,12,{"$nulls":8},"TEMP","DB","METH_2",14.952413333333327,"°C",null,"X"]
["METEO","LTER_EU_BE_02","INBO","HOE1","AIR","EnvEurope",3,3,0,2012,7,13,{"$nulls":8},"TEMP","DB","METH_2",14.564026666666662,"°C",null,"X"]
["METEO","LTER_EU_BE_02","INBO","HOE1","AIR","EnvEurope",3,3,0,2012,7,14,{"$nulls":8},"TEMP","DB","METH_2",14.169532604166669,"°C",null,"X"]
["METEO","LTER_EU_BE_02","INBO","HOE1","AIR","EnvEurope",3,3,0,2012,7,15,{"$nulls":8},"TEMP","DB","METH_2",13.785693333333333,"°C",null,"X"]
["METEO","LTER_EU_BE_02","INBO","HOE1","AIR","EnvEurope",3,3,0,2012,7,16,{"$nulls":8},"TEMP","DB","METH_2",13.591109062500001,"°C",null,"X"]
["METEO","LTER_EU_BE_02","INBO","HOE1","AIR","EnvEurope",3,3,0,2012,7,17,{"$nulls":8},"TEMP","DB","METH_2",16.405224479166673,"°C",null,"X"]
["METEO","LTER_EU_BE_02","INBO","HOE1","AIR","EnvEurope",3,3,0,2012,7,18,{"$nulls":8},"TEMP","DB","METH_2",17.825295104166667,"°C",null,"X"]
["METEO","LTER_EU_BE_02","INBO","HOE1","AIR","EnvEurope",3,3,0,2012,7,19,{"$nulls":8},"TEMP","DB","METH_2",16.53031302083333,"°C",null,"X"]
["METEO","LTER_EU_BE_02","INBO","HOE1","AIR","EnvEurope",3,3,0,2012,7,20,{"$nulls":8},"TEMP","DB","METH_2",14.176128750000002,"°C",null,"X"]
["METEO","LTER_EU_BE_02","INBO","HOE1","AIR","EnvEurope",3,3,0,2012,7,21,{"$nulls":8},"TEMP","DB","METH_2",13.970711447916669,"°C",null,"X"]
["METEO","LTER_EU_BE_02","INBO","HOE1","AIR","EnvEurope",3,3,0,2012,7,22,{"$nulls":8},"TEMP","DB","METH_2",14.25328154166666,"°C",null,"X"]
["METEO","LTER_EU_BE_02","INBO","HOE1","AIR","EnvEurope",3,3,0,2012,7,23,{"$nulls":8},"TEMP","DB","METH_2",17.413697593750005,"°C",null,"X"]
["METEO","LTER_EU_BE_02","INBO","HOE1","AIR","EnvEurope",3,3,0,2012,7,24,{"$nulls":8},"TEMP","DB","METH_2",19.060208270833336,"°C",null,"X"]
["METEO","LTER_EU_BE_02","INBO","HOE1","AIR","EnvEurope",3,3,0,2012,7,25,{"$nulls":8},"TEMP","DB","METH_2",20.601874479166664,"°C",null,"X"]
["METEO","LTER_EU_BE_02","INBO","HOE1","AIR","EnvEurope",3,3,0,2012,7,26,{"$nulls":8},"TEMP","DB","METH_2",20.730729166666674,"°C",null,"X"]
["METEO","LTER_EU_BE_02","INBO","HOE1","AIR","EnvEurope",3,3,0,2012,7,27,{"$nulls":8},"TEMP","DB","METH_2",21.480033854166663,"°C",null,"X"]
["METEO","LTER_EU_BE_02","INBO","HOE1","AIR","EnvEurope",3,3,0,2012,7,28,{"$nulls":8},"TEMP","DB","METH_2",18.948315,"°C",null,"X"]
["METEO","LTER_EU_BE_02","INBO","HOE1","AIR","EnvEurope",3,3,0,2012,7,29,{"$nulls":8},"TEMP","DB","METH_2",15.267900000000006,"°C",null,"X"]
["METEO","LTER_EU_BE_02","INBO","HOE1","AIR","EnvEurope",3,3,0,2012,7,30,{"$nulls":8},"TEMP","DB","METH_2",13.459149375000003,"°C",null,"X"]
["METEO","LTER_EU_BE_02","INBO","HOE1","AIR","EnvEurope",3,3,0,2012,7,31,{"$nulls":8},"TEMP","DB","METH_2",14.713801281249998,"°C",null,"X"]
["METEO","LTER_EU_BE_02","INBO","HOE1","AIR","EnvEurope",3,3,0,2012,8,1,{"$nulls":8},"TEMP","DB","METH_2",19.017656041666665,"°C",null,"X"]
["METEO","LTER_EU_BE_02","INBO","HOE1","AIR","EnvEurope",3,3,0,2012,8,2,{"$nulls":8},"TEMP","DB","METH_2",17.957707916666674,"°C",null,"X"]
["METEO","LTER_EU_BE_02","INBO","HOE1","AIR","EnvEurope",3,3,0,2012,8,3,{"$nulls":8},"TEMP","DB","METH_2",16.389046249999996,"°C",null,"X"]
["METEO","LTER_EU_BE_02","INBO","HOE1","AIR","EnvEurope",3,3,0,2012,8,4,{"$nulls":8},"TEMP","DB","METH_2",17.25977343749999,"°C",null,"X"]
["METEO","LTER_EU_BE_02","INBO","HOE1","AIR","EnvEurope",3,3,0,2012,8,5,{"$nulls":8},"TEMP","DB","METH_2",17.571389375000006,"°C",null,"X"]
["METEO","LTER_EU_BE_02","INBO","HOE1","AIR","EnvEurope",3,3,0,2012,8,6,{"$nulls":8},"TEMP","DB","METH_2",16.212707500000004,"°C",null,"X"]
["METEO","LTER_EU_BE_02","INBO","HOE1","AIR","EnvEurope",3,3,0,2012,8,7,{"$nulls":8},"TEMP","DB","METH_2",15.289202083333334,"°C",null,"X"]
["METEO","LTER_EU_BE_02","INBO","HOE1","AIR","EnvEurope",3,3,0,2012,8,8,{"$nulls":8},"TEMP","DB","METH_2",14.695954885416663,"°C",null,"X"]
["METEO","LTER_EU_BE_02","INBO","HOE1","AIR","EnvEurope",3,3,0,2012,8,9,{"$nulls":8},"TEMP","DB","METH_2",16.97201427083333,"°C",null,"X"]
["METEO","LTER_EU_BE_02","INBO","HOE1","AIR","EnvEurope",3,3,0,2012,8,10,{"$nulls":8},"TEMP","DB","METH_2",15.389912208333334,"°C",null,"X"]
["METEO","LTER_EU_BE_02","INBO","HOE1","AIR","EnvEurope",3,3,0,2012,8,11,{"$nulls":8},"TEMP","DB","METH_2",15.926388729166666,"°C",null,"X"]
["METEO","LTER_EU_BE_02","INBO","HOE1","AIR","EnvEurope",3,3,0,2012,8,12,{"$nulls":8},"TEMP","DB","METH_2",18.29699666666667,"°C",null,"X"]
["METEO","LTER_EU_BE_02","INBO","HOE1","AIR","EnvEurope",3,3,0,2012,8,13,{"$nulls":8},"TEMP","DB","METH_2",19.681319583333334,"°C",null,"X"]
["METEO","LTER_EU_BE_02","INBO","HOE1","AIR","EnvEurope",3,3,0,2012,8,14,{"$nulls":8},"TEMP","DB","METH_2",19.430295208333323,"°C",null,"X"]
["METEO","LTER_EU_BE_02","INBO","HOE1","AIR","EnvEurope",3,3,0,2012,8,15,{"$nulls":8},"TEMP","DB","METH_2",22.30105854166666,"°C",null,"X"]
["METEO","LTER_EU_BE_02","INBO","HOE1","AIR","EnvEurope",3,3,0,2012,8,16,{"$nulls":8},"TEMP","DB","METH_2",17.824514062499993,"°C",null,"X"]
["METEO","LTER_EU_BE_02","INBO","HOE1","AIR","EnvEurope",3,3,0,2012,8,17,{"$nulls":8},"TEMP","DB","METH_2",20.9735753125,"°C",null,"X"]
["METEO","LTER_EU_BE_02","INBO","HOE1","AIR","EnvEurope",3,3,0,2012,8,18,{"$nulls":8},"TEMP","DB","METH_2",23.369547812500002,"°C",null,"X"]
["METEO","LTER_EU_BE_02","INBO","HOE1","AIR","EnvEurope",3,3,0,2012,8,19,{"$nulls":8},"TEMP","DB","METH_2",24.700867916666677,"°C",null,"X"]
["METEO","LTER_EU_BE_02","INBO","HOE1","AIR","EnvEurope",3,3,0,2012,8,20,{"$nulls":8},"TEMP","DB","METH_2",21.80470416666667,"°C",null,"X"]
["METEO","LTER_EU_BE_02","INBO","HOE1","AIR","EnvEurope",3,3,0,2012,8,21,{"$nulls":8},"TEMP","DB","METH_2",20.15671864583334,"°C",null,"X"]
["METEO","LTER_EU_BE_02","INBO","HOE1","AIR","EnvEurope",3,3,0,2012,8,22,{"$nulls":8},"TEMP","DB","METH_2",17.356770833333332,"°C",null,"X"]
["METEO","LTER_EU_BE_02","INBO","HOE1","AIR","EnvEurope",3,3,0,2012,8,23,{"$nulls":8},"TEMP","DB","METH_2",15.575329291666664,"°C",null,"X"]
["METEO","LTER_EU_BE_02","INBO","HOE1","AIR","EnvEurope",3,3,0,2012,8,24,{"$nulls":8},"TEMP","DB","METH_2",17.3006246875,"°C",null,"X"]
["METEO","LTER_EU_BE_02","INBO","HOE1","AIR","EnvEurope",3,3,0,2012,8,25,{"$nulls":8},"TEMP","DB","METH_2",17.576476145833336,"°C",null,"X"]
["METEO","LTER_EU_BE_02","INBO","HOE1","AIR","EnvEurope",3,3,0,2012,8,26,{"$nulls":8},"TEMP","DB","METH_2",15.183419895833337,"°C",null,"X"]
["METEO","LTER_EU_BE_02","INBO","HOE1","AIR","EnvEurope",3,3,0,2012,8,27,{"$nulls":8},"TEMP","DB","METH_2",15.736719416666674,"°C",null,"X"]
["METEO","LTER_EU_BE_02","INBO","HOE1","AIR","EnvEurope",3,3,0,2012,8,28,{"$nulls":8},"TEMP","DB","METH_2",17.49003500000001,"°C",null,"X"]
["METEO","LTER_EU_BE_02","INBO","HOE1","AIR","EnvEurope",3,3,0,2012,8,29,{"$nulls":8},"TEMP","DB","METH_2",16.684964927083335,"°C",null,"X"]
["METEO","LTER_EU_BE_02","INBO","HOE1","AIR","EnvEurope",3,3,0,2012,8,30,{"$nulls":8},"TEMP","DB","METH_2",15.385468333333328,"°C",null,"X"]
["METEO","LTER_EU_BE_02","INBO","HOE1","AIR","EnvEurope",3,3,0,2012,8,31,{"$nulls":8},"TEMP","DB","METH_2",13.65829875,"°C",null,"X"]
["METEO","LTER_EU_BE_02","INBO","HOE1","AIR","EnvEurope",3,3,0,2012,9,1,{"$nulls":8},"TEMP","DB","METH_2",12.559635479166664,"°C",null,"X"]
["METEO","LTER_EU_BE_02","INBO","HOE1","AIR","EnvEurope",3,3,0,2012,9,2,{"$nulls":8},"TEMP","DB","METH_2",13.801510041666672,"°C",null,"X"]
["METEO","LTER_EU_BE_02","INBO","HOE1","AIR","EnvEurope",3,3,0,2012,9,3,{"$nulls":8},"TEMP","DB","METH_2",16.364200833333342,"°C",null,"X"]
["METEO","LTER_EU_BE_02","INBO","HOE1","AIR","EnvEurope",3,3,0,2012,9,4,{"$nulls":8},"TEMP","DB","METH_2",16.343663249999995,"°C",null,"X"]
["METEO","LTER_EU_BE_02","INBO","HOE1","AIR","EnvEurope",3,3,0,2012,9,5,{"$nulls":8},"TEMP","DB","METH_2",15.757378020833341,"°C",null,"X"]
["METEO","LTER_EU_BE_02","INBO","HOE1","AIR","EnvEurope",3,3,0,2012,9,6,{"$nulls":8},"TEMP","DB","METH_2",12.912447864583335,"°C",null,"X"]
["METEO","LTER_EU_BE_02","INBO","HOE1","AIR","EnvEurope",3,3,0,2012,9,7,{"$nulls":8},"TEMP","DB","METH_2",14.095313260416662,"°C",null,"X"]
["METEO","LTER_EU_BE_02","INBO","HOE1","AIR","EnvEurope",3,3,0,2012,9,8,{"$nulls":8},"TEMP","DB","METH_2",15.36460058333333,"°C",null,"X"]
["METEO","LTER_EU_BE_02","INBO","HOE1","AIR","EnvEurope",3,3,0,2012,9,9,{"$nulls":8},"TEMP","DB","METH_2",17.2361803125,"°C",null,"X"]
["METEO","LTER_EU_BE_02","INBO","HOE1","AIR","EnvEurope",3,3,0,2012,9,10,{"$nulls":8},"TEMP","DB","METH_2",17.539288541666664,"°C",null,"X"]
["METEO","LTER_EU_BE_02","INBO","HOE1","AIR","EnvEurope",3,3,0,2012,9,11,{"$nulls":8},"TEMP","DB","METH_2",15.36904489583334,"°C",null,"X"]
["METEO","LTER_EU_BE_02","INBO","HOE1","AIR","EnvEurope",3,3,0,2012,9,12,{"$nulls":8},"TEMP","DB","METH_2",11.708559656250001,"°C",null,"X"]
["METEO","LTER_EU_BE_02","INBO","HOE1","AIR","EnvEurope",3,3,0,2012,9,13,{"$nulls":8},"TEMP","DB","METH_2",12.813576260416658,"°C",null,"X"]
["METEO","LTER_EU_BE_02","INBO","HOE1","AIR","EnvEurope",3,3,0,2012,9,14,{"$nulls":8},"TEMP","DB","METH_2",12.59055594791666,"°C",null,"X"]
["METEO","LTER_EU_BE_02","INBO","HOE1","AIR","EnvEurope",3,3,0,2012,9,15,{"$nulls":8},"TEMP","DB","METH_2",13.28496533333333,"°C",null,"X"]
["METEO","LTER_EU_BE_02","INBO","HOE1","AIR","EnvEurope",3,3,0,2012,9,16,{"$nulls":8},"TEMP","DB","METH_2",13.638888989583334,"°C",null,"X"]
["METEO","LTER_EU_BE_02","INBO","HOE1","AIR","EnvEurope",3,3,0,2012,9,17,{"$nulls":8},"TEMP","DB","METH_2",14.220555312499997,"°C",null,"X"]
["METEO","LTER_EU_BE_02","INBO","HOE1","AIR","EnvEurope",3,3,0,2012,9,18,{"$nulls":8},"TEMP","DB","METH_2",13.420261145833335,"°C",null,"X"]
["METEO","LTER_EU_BE_02","INBO","HOE1","AIR","EnvEurope",3,3,0,2012,9,19,{"$nulls":8},"TEMP","DB","METH_2",9.742639166666669,"°C",null,"X"]
["METEO","LTER_EU_BE_02","INBO","HOE1","AIR","EnvEurope",3,3,0,2012,9,20,{"$nulls":8},"TEMP","DB","METH_2",9.326302437499997,"°C",null,"X"]
["METEO","LTER_EU_BE_02","INBO","HOE1","AIR","EnvEurope",3,3,0,2012,9,21,{"$nulls":8},"TEMP","DB","METH_2",9.809860895833337,"°C",null,"X"]
["METEO","LTER_EU_BE_02","INBO","HOE1","AIR","EnvEurope",3,3,0,2012,9,22,{"$nulls":8},"TEMP","DB","METH_2",10.172170322916669,"°C",null,"X"]
["METEO","LTER_EU_BE_02","INBO","HOE1","AIR","EnvEurope",3,3,0,2012,9,23,{"$nulls":8},"TEMP","DB","METH_2",10.492708416666668,"°C",null,"X"]
["METEO","LTER_EU_BE_02","INBO","HOE1","AIR","EnvEurope",3,3,0,2012,9,24,{"$nulls":8},"TEMP","DB","METH_2",14.294618229166668,"°C",null,"X"]
["METEO","LTER_EU_BE_02","INBO","HOE1","AIR","EnvEurope",3,3,0,2012,9,25,{"$nulls":8},"TEMP","DB","METH_2",13.360085937499994,"°C",null,"X"]
["METEO","LTER_EU_BE_02","INBO","HOE1","AIR","EnvEurope",3,3,0,2012,9,26,{"$nulls":8},"TEMP","DB","METH_2",12.7466490625,"°C",null,"X"]
["METEO","LTER_EU_BE_02","INBO","HOE1","AIR","EnvEurope",3,3,0,2012,9,27,{"$nulls":8},"TEMP","DB","METH_2",12.463281041666667,"°C",null,"X"]
["METEO","LTER_EU_BE_02","INBO","HOE1","AIR","EnvEurope",3,3,0,2012,9,28,{"$nulls":8},"TEMP","DB","METH_2",12.080277958333328,"°C",null,"X"]
["METEO","LTER_EU_BE_02","INBO","HOE1","AIR","EnvEurope",3,3,0,2012,9,29,{"$nulls":8},"TEMP","DB","METH_2",11.310383,"°C",null,"X"]
["METEO","LTER_EU_BE_02","INBO","HOE1","AIR","EnvEurope",3,3,0,2012,9,30,{"$nulls":8},"TEMP","DB","METH_2",9.126579583333331,"°C",null,"X"]
["METEO","LTER_EU_BE_02","INBO","HOE1","AIR","EnvEurope",3,3,0,2012,1,1,{"$nulls":8},"PREC","DB","METH_1",3.22999988,"mm",null,"S"]
["METEO","LTER_EU_BE_02","INBO","HOE1","AIR","EnvEurope",3,3,0,2012,1,2,{"$nulls":8},"PREC","DB","METH_1",8.239998089999998,"mm",null,"S"]
["METEO","LTER_EU_BE_02","INBO","HOE1","AIR","EnvEurope",3,3,0,2012,1,3,{"$nulls":8},"PREC","DB","METH_1",5.00999949,"mm",null,"S"]
["METEO","LTER_EU_BE_02","INBO","HOE1","AIR","EnvEurope",3,3,0,2012,1,4,{"$nulls":8},"PREC","DB","METH_1",5.019998170000001,"mm",null,"S"]
["METEO","LTER_EU_BE_02","INBO","HOE1","AIR","EnvEurope",3,3,0,2012,1,5,{"$nulls":8},"PREC","DB","METH_1",30.919993920000007,"mm",null,"S"]
["METEO","LTER_EU_BE_02","INBO","HOE1","AIR","EnvEurope",3,3,0,2012,1,6,{"$nulls":8},"PREC","DB","METH_1",3.0099995999999987,"mm",null,"S"]
["METEO","LTER_EU_BE_02","INBO","HOE1","AIR","EnvEurope",3,3,0,2012,1,7,{"$nulls":8},"PREC","DB","METH_1",2.9799995599999995,"mm",null,"S"]
["METEO","LTER_EU_BE_02","INBO","HOE1","AIR","EnvEurope",3,3,0,2012,1,8,{"$nulls":8},"PREC","DB","METH_1",0.54999996,"mm",null,"S"]
["METEO","LTER_EU_BE_02","INBO","HOE1","AIR","EnvEurope",3,3,0,2012,1,9,{"$nulls":8},"PREC","DB","METH_1",0,"mm",null,"S"]
["METEO","LTER_EU_BE_02","INBO","HOE1","AIR","EnvEurope",3,3,0,2012,1,10,{"$nulls":8},"PREC","DB","METH_1",0,"mm",null,"S"]
["METEO","LTER_EU_BE_02","INBO","HOE1","AIR","EnvEurope",3,3,0,2012,1,11,{"$nulls":8},"PREC","DB","METH_1",0,"mm",null,"S"]
["METEO","LTER_EU_BE_02","INBO","HOE1","AIR","EnvEurope",3,3,0,2012,1,12,{"$nulls":8},"PREC","DB","METH_1",1.0899999,"mm",null,"S"]
["METEO","LTER_EU_BE_02","INBO","HOE1","AIR","EnvEurope",3,3,0,2012,1,13,{"$nulls":8},"PREC","DB","METH_1",0.34999999000000004,"mm",null,"S"]
["METEO","LTER_EU_BE_02","INBO","HOE1","AIR","EnvEurope",3,3,0,2012,1,14,{"$nulls":8},"PREC","DB","METH_1",0,"mm",null,"S"]
["METEO","LTER_EU_BE_02","INBO","HOE1","AIR","EnvEurope",3,3,0,2012,1,15,{"$nulls":8},"PREC","DB","METH_1",0,"mm",null,"S"]
["METEO","LTER_EU_BE_02","INBO","HOE1","AIR","EnvEurope",3,3,0,2012,1,16,{"$nulls":8},"PREC","DB","METH_1",0,"mm",null,"S"]
["METEO","LTER_EU_BE_02","INBO","HOE1","AIR","EnvEurope",3,3,0,2012,1,17,{"$nulls":8},"PREC","DB","METH_1",0,"mm",null,"S"]
["METEO","LTER_EU_BE_02","INBO","HOE1","AIR","EnvEurope",3,3,0,2012,1,18,{"$nulls":8},"PREC","DB","METH_1",0.30999999,"mm",null,"S"]
["METEO","LTER_EU_BE_02","INBO","HOE1","AIR","EnvEurope",3,3,0,2012,1,19,{"$nulls":8},"PREC","DB","METH_1",10.20999807,"mm",null,"S"]
["METEO","LTER_EU_BE_02","INBO","HOE1","AIR","EnvEurope",3,3,0,2012,1,20,{"$nulls":8},"PREC","DB","METH_1",6.369998859999998,"mm",null,"S"]
["METEO","LTER_EU_BE_02","INBO","HOE1","AIR","EnvEurope",3,3,0,2012,1,21,{"$nulls":8},"PREC","DB","METH_1",3.4399989799999995,"mm",null,"S"]
["METEO","LTER_EU_BE_02","INBO","HOE1","AIR","EnvEurope",3,3,0,2012,1,22,{"$nulls":8},"PREC","DB","METH_1",0.5499999,"mm",null,"S"]
["METEO","LTER_EU_BE_02","INBO","HOE1","AIR","EnvEurope",3,3,0,2012,1,23,{"$nulls":8},"PREC","DB","METH_1",1.6500000000000001,"mm",null,"S"]
["METEO","LTER_EU_BE_02","INBO","HOE1","AIR","EnvEurope",3,3,0,2012,1,24,{"$nulls":8},"PREC","DB","METH_1",0.5699999900000001,"mm",null,"S"]
["METEO","LTER_EU_BE_02","INBO","HOE1","AIR","EnvEurope",3,3,0,2012,1,25,{"$nulls":8},"PREC","DB","METH_1",0.25999999,"mm",null,"S"]
["METEO","LTER_EU_BE_02","INBO","HOE1","AIR","EnvEurope",3,3,0,2012,1,26,{"$nulls":8},"PREC","DB","METH_1",1.6800000000000002,"mm",null,"S"]
["METEO","LTER_EU_BE_02","INBO","HOE1","AIR","EnvEurope",3,3,0,2012,1,27,{"$nulls":8},"PREC","DB","METH_1",0.26,"mm",null,"S"]
["METEO","LTER_EU_BE_02","INBO","HOE1","AIR","EnvEurope",3,3,0,2012,1,28,{"$nulls":8},"PREC","DB","METH_1",0.3600000000000001,"mm",null,"S"]
["METEO","LTER_EU_BE_02","INBO","HOE1","AIR","EnvEurope",3,3,0,2012,1,29,{"$nulls":8},"PREC","DB","METH_1",0,"mm",null,"S"]
["METEO","LTER_EU_BE_02","INBO","HOE1","AIR","EnvEurope",3,3,0,2012,1,30,{"$nulls":8},"PREC","DB","METH_1",0,"mm",null,"S"]
["METEO","LTER_EU_BE_02","INBO","HOE1","AIR","EnvEurope",3,3,0,2012,1,31,{"$nulls":8},"PREC","DB","METH_1",0,"mm",null,"S"]
["METEO","LTER_EU_BE_02","INBO","HOE1","AIR","EnvEurope",3,3,0,2012,10,1,{"$nulls":8},"PREC","DB","METH_1",0,"mm",null,"S"]
["METEO","LTER_EU_BE_02","INBO","HOE1","AIR","EnvEurope",3,3,0,2012,10,2,{"$nulls":8},"PREC","DB","METH_1",0.39999998000000003,"mm",null,"S"]
["METEO","LTER_EU_BE_02","INBO","HOE1","AIR","EnvEurope",3,3,0,2012,10,3,{"$nulls":8},"PREC","DB","METH_1",6.94999886,"mm",null,"S"]
["METEO","LTER_EU_BE_02","INBO","HOE1","AIR","EnvEurope",3,3,0,2012,10,4,{"$nulls":8},"PREC","DB","METH_1",46.95998189000001,"mm",null,"S"]
["METEO","LTER_EU_BE_02","INBO","HOE1","AIR","EnvEurope",3,3,0,2012,10,5,{"$nulls":8},"PREC","DB","METH_1",4.419999849999999,"mm",null,"S"]
["METEO","LTER_EU_BE_02","INBO","HOE1","AIR","EnvEurope",3,3,0,2012,10,6,{"$nulls":8},"PREC","DB","METH_1",5.48999948,"mm",null,"S"]
["METEO","LTER_EU_BE_02","INBO","HOE1","AIR","EnvEurope",3,3,0,2012,10,7,{"$nulls":8},"PREC","DB","METH_1",0.01,"mm",null,"S"]
["METEO","LTER_EU_BE_02","INBO","HOE1","AIR","EnvEurope",3,3,0,2012,10,8,{"$nulls":8},"PREC","DB","METH_1",0.33999999000000003,"mm",null,"S"]
["METEO","LTER_EU_BE_02","INBO","HOE1","AIR","EnvEurope",3,3,0,2012,10,9,{"$nulls":8},"PREC","DB","METH_1",0,"mm",null,"S"]
["METEO","LTER_EU_BE_02","INBO","HOE1","AIR","EnvEurope",3,3,0,2012,10,10,{"$nulls":8},"PREC","DB","METH_1",0,"mm",null,"S"]
["METEO","LTER_EU_BE_02","INBO","HOE1","AIR","EnvEurope",3,3,0,2012,10,11,{"$nulls":8},"PREC","DB","METH_1",0.2,"mm",null,"S"]
["METEO","LTER_EU_BE_02","INBO","HOE1","AIR","EnvEurope",3,3,0,2012,10,12,{"$nulls":8},"PREC","DB","METH_1",10.26999859,"mm",null,"S"]
["METEO","LTER_EU_BE_02","INBO","HOE1","AIR","EnvEurope",3,3,0,2012,10,13,{"$nulls":8},"PREC","DB","METH_1",5.789999169999999,"mm",null,"S"]
["METEO","LTER_EU_BE_02","INBO","HOE1","AIR","EnvEurope",3,3,0,2012,10,14,{"$nulls":8},"PREC","DB","METH_1",0,"mm",null,"S"]
["METEO","LTER_EU_BE_02","INBO","HOE1","AIR","EnvEurope",3,3,0,2012,10,15,{"$nulls":8},"PREC","DB","METH_1",2.50999989,"mm",null,"S"]
["METEO","LTER_EU_BE_02","INBO","HOE1","AIR","EnvEurope",3,3,0,2012,10,16,{"$nulls":8},"PREC","DB","METH_1",1.75999997,"mm",null,"S"]
["METEO","LTER_EU_BE_02","INBO","HOE1","AIR","EnvEurope",3,3,0,2012,10,17,{"$nulls":8},"PREC","DB","METH_1",2.0899997499999996,"mm",null,"S"]
["METEO","LTER_EU_BE_02","INBO","HOE1","AIR","EnvEurope",3,3,0,2012,10,18,{"$nulls":8},"PREC","DB","METH_1",0.8699999700000002,"mm",null,"S"]
["METEO","LTER_EU_BE_02","INBO","HOE1","AIR","EnvEurope",3,3,0,2012,10,19,{"$nulls":8},"PREC","DB","METH_1",0.07,"mm",null,"S"]
["METEO","LTER_EU_BE_02","INBO","HOE1","AIR","EnvEurope",3,3,0,2012,10,20,{"$nulls":8},"PREC","DB","METH_1",0.27,"mm",null,"S"]
["METEO","LTER_EU_BE_02","INBO","HOE1","AIR","EnvEurope",3,3,0,2012,10,21,{"$nulls":8},"PREC","DB","METH_1",0.06,"mm",null,"S"]
["METEO","LTER_EU_BE_02","INBO","HOE1","AIR","EnvEurope",3,3,0,2012,10,22,{"$nulls":8},"PREC","DB","METH_1",0,"mm",null,"S"]
["METEO","LTER_EU_BE_02","INBO","HOE1","AIR","EnvEurope",3,3,0,2012,10,23,{"$nulls":8},"PREC","DB","METH_1",0,"mm",null,"S"]
["METEO","LTER_EU_BE_02","INBO","HOE1","AIR","EnvEurope",3,3,0,2012,10,24,{"$nulls":8},"PREC","DB","METH_1",0,"mm",null,"S"]
["METEO","LTER_EU_BE_02","INBO","HOE1","AIR","EnvEurope",3,3,0,2012,10,25,{"$nulls":8},"PREC","DB","METH_1",1.3300000799999998,"mm",null,"S"]
["METEO","LTER_EU_BE_02","INBO","HOE1","AIR","EnvEurope",3,3,0,2012,10,26,{"$nulls":8},"PREC","DB","METH_1",10.479997959999997,"mm",null,"S"]
["METEO","LTER_EU_BE_02","INBO","HOE1","AIR","EnvEurope",3,3,0,2012,10,27,{"$nulls":8},"PREC","DB","METH_1",0.03,"mm",null,"S"]
["METEO","LTER_EU_BE_02","INBO","HOE1","AIR","EnvEurope",3,3,0,2012,10,28,{"$nulls":8},"PREC","DB","METH_1",0,"mm",null,"S"]
["METEO","LTER_EU_BE_02","INBO","HOE1","AIR","EnvEurope",3,3,0,2012,10,29,{"$nulls":8},"PREC","DB","METH_1",3.6099997200000002,"mm",null,"S"]
["METEO","LTER_EU_BE_02","INBO","HOE1","AIR","EnvEurope",3,3,0,2012,10,30,{"$nulls":8},"PREC","DB","METH_1",5.889997790000001,"mm",null,"S"]
["METEO","LTER_EU_BE_02","INBO","HOE1","AIR","EnvEurope",3,3,0,2012,10,31,{"$nulls":8},"PREC","DB","METH_1",0,"mm",null,"S"]
["METEO","LTER_EU_BE_02","INBO","HOE1","AIR","EnvEurope",3,3,0,2012,11,1,{"$nulls":8},"PREC","DB","METH_1",1.37999996,"mm",null,"S"]
["METEO","LTER_EU_BE_02","INBO","HOE1","AIR","EnvEurope",3,3,0,2012,11,2,{"$nulls":8},"PREC","DB","METH_1",7.52999846,"mm",null,"S"]
["METEO","LTER_EU_BE_02","INBO","HOE1","AIR","EnvEurope",3,3,0,2012,11,3,{"$nulls":8},"PREC","DB","METH_1",4.019999589999999,"mm",null,"S"]
["METEO","LTER_EU_BE_02","INBO","HOE1","AIR","EnvEurope",3,3,0,2012,11,4,{"$nulls":8},"PREC","DB","METH_1",4.87999858,"mm",null,"S"]
["METEO","LTER_EU_BE_02","INBO","HOE1","AIR","EnvEurope",3,3,0,2012,11,5,{"$nulls":8},"PREC","DB","METH_1",2.0599998700000004,"mm",null,"S"]
["METEO","LTER_EU_BE_02","INBO","HOE1","AIR","EnvEurope",3,3,0,2012,11,6,{"$nulls":8},"PREC","DB","METH_1",0.37999999,"mm",null,"S"]
["METEO","LTER_EU_BE_02","INBO","HOE1","AIR","EnvEurope",3,3,0,2012,11,7,{"$nulls":8},"PREC","DB","METH_1",0.02,"mm",null,"S"]
["METEO","LTER_EU_BE_02","INBO","HOE1","AIR","EnvEurope",3,3,0,2012,11,8,{"$nulls":8},"PREC","DB","METH_1",0,"mm",null,"S"]
["METEO","LTER_EU_BE_02","INBO","HOE1","AIR","EnvEurope",3,3,0,2012,11,9,{"$nulls":8},"PREC","DB","METH_1",1.7999999899999999,"mm",null,"S"]
["METEO","LTER_EU_BE_02","INBO","HOE1","AIR","EnvEurope",3,3,0,2012,11,10,{"$nulls":8},"PREC","DB","METH_1",0.42000000000000004,"mm",null,"S"]
["METEO","LTER_EU_BE_02","INBO","HOE1","AIR","EnvEurope",3,3,0,2012,11,11,{"$nulls":8},"PREC","DB","METH_1",0,"mm",null,"S"]
["METEO","LTER_EU_BE_02","INBO","HOE1","AIR","EnvEurope",3,3,0,2012,11,12,{"$nulls":8},"PREC","DB","METH_1",0,"mm",null,"S"]
["METEO","LTER_EU_BE_02","INBO","HOE1","AIR","EnvEurope",3,3,0,2012,11,13,{"$nulls":8},"PREC","DB","METH_1",0,"mm",null,"S"]
["METEO","LTER_EU_BE_02","INBO","HOE1","AIR","EnvEurope",3,3,0,2012,11,14,{"$nulls":8},"PREC","DB","METH_1",0,"mm",null,"S"]
["METEO","LTER_EU_BE_02","INBO","HOE1","AIR","EnvEurope",3,3,0,2012,11,15,{"$nulls":8},"PREC","DB","METH_1",0,"mm",null,"S"]
["METEO","LTER_EU_BE_02","INBO","HOE1","AIR","EnvEurope",3,3,0,2012,11,16,{"$nulls":8},"PREC","DB","METH_1",0,"mm",null,"S"]
["METEO","LTER_EU_BE_02","INBO","HOE1","AIR","EnvEurope",3,3,0,2012,11,17,{"$nulls":8},"PREC","DB","METH_1",0.060000000000000005,"mm",null,"S"]
["METEO","LTER_EU_BE_02","INBO","HOE1","AIR","EnvEurope",3,3,0,2012,11,18,{"$nulls":8},"PREC","DB","METH_1",3.8299998399999993,"mm",null,"S"]
["METEO","LTER_EU_BE_02","INBO","HOE1","AIR","EnvEurope",3,3,0,2012,11,19,{"$nulls":8},"PREC","DB","METH_1",0,"mm",null,"S"]
["METEO","LTER_EU_BE_02","INBO","HOE1","AIR","EnvEurope",3,3,0,2012,11,20,{"$nulls":8},"PREC","DB","METH_1",0,"mm",null,"S"]
["METEO","LTER_EU_BE_02","INBO","HOE1","AIR","EnvEurope",3,3,0,2012,11,21,{"$nulls":8},"PREC","DB","METH_1",0.22999997000000003,"mm",null,"S"]
["METEO","LTER_EU_BE_02","INBO","HOE1","AIR","EnvEurope",3,3,0,2012,11,22,{"$nulls":8},"PREC","DB","METH_1",0,"mm",null,"S"]
["METEO","LTER_EU_BE_02","INBO","HOE1","AIR","EnvEurope",3,3,0,2012,11,23,{"$nulls":8},"PREC","DB","METH_1",2.3799999099999973,"mm",null,"S"]
["METEO","LTER_EU_BE_02","INBO","HOE1","AIR","EnvEurope",3,3,0,2012,11,24,{"$nulls":8},"PREC","DB","METH_1",0.36999998,"mm",null,"S"]
["METEO","LTER_EU_BE_02","INBO","HOE1","AIR","EnvEurope",3,3,0,2012,11,25,{"$nulls":8},"PREC","DB","METH_1",0.13999999000000002,"mm",null,"S"]
["METEO","LTER_EU_BE_02","INBO","HOE1","AIR","EnvEurope",3,3,0,2012,11,26,{"$nulls":8},"PREC","DB","METH_1",0.04,"mm",null,"S"]
["METEO","LTER_EU_BE_02","INBO","HOE1","AIR","EnvEurope",3,3,0,2012,11,27,{"$nulls":8},"PREC","DB","METH_1",0.23999999,"mm",null,"S"]
["METEO","LTER_EU_BE_02","INBO","HOE1","AIR","EnvEurope",3,3,0,2012,11,28,{"$nulls":8},"PREC","DB","METH_1",0.57999999,"mm",null,"S"]
["METEO","LTER_EU_BE_02","INBO","HOE1","AIR","EnvEurope",3,3,0,2012,11,29,{"$nulls":8},"PREC","DB","METH_1",0.02,"mm",null,"S"]
["METEO","LTER_EU_BE_02","INBO","HOE1","AIR","EnvEurope",3,3,0,2012,11,30,{"$nulls":8},"PREC","DB","METH_1",0,"mm",null,"S"]
["METEO","LTER_EU_BE_02","INBO","HOE1","AIR","EnvEurope",3,3,0,2012,12,1,{"$nulls":8},"PREC","DB","METH_1",0.29999998000000005,"mm",null,"S"]
["METEO","LTER_EU_BE_02","INBO","HOE1","AIR","EnvEurope",3,3,0,2012,12,2,{"$nulls":8},"PREC","DB","METH_1",0.50999997,"mm",null,"S"]
["METEO","LTER_EU_BE_02","INBO","HOE1","AIR","EnvEurope",3,3,0,2012,12,3,{"$nulls":8},"PREC","DB","METH_1",1.9899999,"mm",null,"S"]
["METEO","LTER_EU_BE_02","INBO","HOE1","AIR","EnvEurope",3,3,0,2012,12,4,{"$nulls":8},"PREC","DB","METH_1",2.98999989,"mm",null,"S"]
["METEO","LTER_EU_BE_02","INBO","HOE1","AIR","EnvEurope",3,3,0,2012,12,5,{"$nulls":8},"PREC","DB","METH_1",3.0099997699999994,"mm",null,"S"]
["METEO","LTER_EU_BE_02","INBO","HOE1","AIR","EnvEurope",3,3,0,2012,12,6,{"$nulls":8},"PREC","DB","METH_1",0.12,"mm",null,"S"]
["METEO","LTER_EU_BE_02","INBO","HOE1","AIR","EnvEurope",3,3,0,2012,12,7,{"$nulls":8},"PREC","DB","METH_1",0.09999999999999999,"mm",null,"S"]
["METEO","LTER_EU_BE_02","INBO","HOE1","AIR","EnvEurope",3,3,0,2012,12,8,{"$nulls":8},"PREC","DB","METH_1",0,"mm",null,"S"]
["METEO","LTER_EU_BE_02","INBO","HOE1","AIR","EnvEurope",3,3,0,2012,12,9,{"$nulls":8},"PREC","DB","METH_1",1.18999999,"mm",null,"S"]
["METEO","LTER_EU_BE_02","INBO","HOE1","AIR","EnvEurope",3,3,0,2012,12,10,{"$nulls":8},"PREC","DB","METH_1",4.669998889999999,"mm",null,"S"]
["METEO","LTER_EU_BE_02","INBO","HOE1","AIR","EnvEurope",3,3,0,2012,12,11,{"$nulls":8},"PREC","DB","METH_1",0,"mm",null,"S"]
["METEO","LTER_EU_BE_02","INBO","HOE1","AIR","EnvEurope",3,3,0,2012,12,12,{"$nulls":8},"PREC","DB","METH_1",0,"mm",null,"S"]
["METEO","LTER_EU_BE_02","INBO","HOE1","AIR","EnvEurope",3,3,0,2012,12,13,{"$nulls":8},"PREC","DB","METH_1",0.11999999,"mm",null,"S"]
["METEO","LTER_EU_BE_02","INBO","HOE1","AIR","EnvEurope",3,3,0,2012,12,14,{"$nulls":8},"PREC","DB","METH_1",7.7299989899999995,"mm",null,"S"]
["METEO","LTER_EU_BE_02","INBO","HOE1","AIR","EnvEurope",3,3,0,2012,12,15,{"$nulls":8},"PREC","DB","METH_1",3.7299987999999997,"mm",null,"S"]
["METEO","LTER_EU_BE_02","INBO","HOE1","AIR","EnvEurope",3,3,0,2012,12,16,{"$nulls":8},"PREC","DB","METH_1",0.8999999900000001,"mm",null,"S"]
["METEO","LTER_EU_BE_02","INBO","HOE1","AIR","EnvEurope",3,3,0,2012,12,17,{"$nulls":8},"PREC","DB","METH_1",0.6399999700000001,"mm",null,"S"]
["METEO","LTER_EU_BE_02","INBO","HOE1","AIR","EnvEurope",3,3,0,2012,12,18,{"$nulls":8},"PREC","DB","METH_1",0.47000000000000003,"mm",null,"S"]
["METEO","LTER_EU_BE_02","INBO","HOE1","AIR","EnvEurope",3,3,0,2012,12,19,{"$nulls":8},"PREC","DB","METH_1",0,"mm",null,"S"]
["METEO","LTER_EU_BE_02","INBO","HOE1","AIR","EnvEurope",3,3,0,2012,12,20,{"$nulls":8},"PREC","DB","METH_1",4.369999889999997,"mm",null,"S"]
["METEO","LTER_EU_BE_02","INBO","HOE1","AIR","EnvEurope",3,3,0,2012,12,21,{"$nulls":8},"PREC","DB","METH_1",0.16999999000000002,"mm",null,"S"]
["METEO","LTER_EU_BE_02","INBO","HOE1","AIR","EnvEurope",3,3,0,2012,12,22,{"$nulls":8},"PREC","DB","METH_1",12.78999834,"mm",null,"S"]
["METEO","LTER_EU_BE_02","INBO","HOE1","AIR","EnvEurope",3,3,0,2012,12,23,{"$nulls":8},"PREC","DB","METH_1",4.349999639999997,"mm",null,"S"]
["METEO","LTER_EU_BE_02","INBO","HOE1","AIR","EnvEurope",3,3,0,2012,12,24,{"$nulls":8},"PREC","DB","METH_1",0,"mm",null,"S"]
["METEO","LTER_EU_BE_02","INBO","HOE1","AIR","EnvEurope",3,3,0,2012,12,25,{"$nulls":8},"PREC","DB","METH_1",6.889999559999999,"mm",null,"S"]
["METEO","LTER_EU_BE_02","INBO","HOE1","AIR","EnvEurope",3,3,0,2012,12,26,{"$nulls":8},"PREC","DB","METH_1",7.659999259999998,"mm",null,"S"]
["METEO","LTER_EU_BE_02","INBO","HOE1","AIR","EnvEurope",3,3,0,2012,12,27,{"$nulls":8},"PREC","DB","METH_1",10.009996969999996,"mm",null,"S"]
["METEO","LTER_EU_BE_02","INBO","HOE1","AIR","EnvEurope",3,3,0,2012,12,28,{"$nulls":8},"PREC","DB","METH_1",2.1300000499999996,"mm",null,"S"]
["METEO","LTER_EU_BE_02","INBO","HOE1","AIR","EnvEurope",3,3,0,2012,12,29,{"$nulls":8},"PREC","DB","METH_1",1.21999988,"mm",null,"S"]
["METEO","LTER_EU_BE_02","INBO","HOE1","AIR","EnvEurope",3,3,0,2012,12,30,{"$nulls":8},"PREC","DB","METH_1",5.0799992699999965,"mm",null,"S"]
["METEO","LTER_EU_BE_02","INBO","HOE1","AIR","EnvEurope",3,3,0,2012,12,31,{"$nulls":8},"PREC","DB","METH_1",1.6300000000000001,"mm",null,"S"]
["METEO","LTER_EU_BE_02","INBO","HOE1","AIR","EnvEurope",3,3,0,2012,2,1,{"$nulls":8},"PREC","DB","METH_1",0,"mm",null,"S"]
["METEO","LTER_EU_BE_02","INBO","HOE1","AIR","EnvEurope",3,3,0,2012,2,2,{"$nulls":8},"PREC","DB","METH_1",0,"mm",null,"S"]
["METEO","LTER_EU_BE_02","INBO","HOE1","AIR","EnvEurope",3,3,0,2012,2,3,{"$nulls":8},"PREC","DB","METH_1",0,"mm",null,"S"]
["METEO","LTER_EU_BE_02","INBO","HOE1","AIR","EnvEurope",3,3,0,2012,2,4,{"$nulls":8},"PREC","DB","METH_1",0,"mm",null,"S"]
["METEO","LTER_EU_BE_02","INBO","HOE1","AIR","EnvEurope",3,3,0,2012,2,5,{"$nulls":8},"PREC","DB","METH_1",0,"mm",null,"S"]
["METEO","LTER_EU_BE_02","INBO","HOE1","AIR","EnvEurope",3,3,0,2012,2,6,{"$nulls":8},"PREC","DB","METH_1",0,"mm",null,"S"]
["METEO","LTER_EU_BE_02","INBO","HOE1","AIR","EnvEurope",3,3,0,2012,2,7,{"$nulls":8},"PREC","DB","METH_1",0,"mm",null,"S"]
["METEO","LTER_EU_BE_02","INBO","HOE1","AIR","EnvEurope",3,3,0,2012,2,8,{"$nulls":8},"PREC","DB","METH_1",0,"mm",null,"S"]
["METEO","LTER_EU_BE_02","INBO","HOE1","AIR","EnvEurope",3,3,0,2012,2,9,{"$nulls":8},"PREC","DB","METH_1",0,"mm",null,"S"]
["METEO","LTER_EU_BE_02","INBO","HOE1","AIR","EnvEurope",3,3,0,2012,2,10,{"$nulls":8},"PREC","DB","METH_1",0,"mm",null,"S"]
["METEO","LTER_EU_BE_02","INBO","HOE1","AIR","EnvEurope",3,3,0,2012,2,11,{"$nulls":8},"PREC","DB","METH_1",0,"mm",null,"S"]
["METEO","LTER_EU_BE_02","INBO","HOE1","AIR","EnvEurope",3,3,0,2012,2,12,{"$nulls":8},"PREC","DB","METH_1",0,"mm",null,"S"]
["METEO","LTER_EU_BE_02","INBO","HOE1","AIR","EnvEurope",3,3,0,2012,2,13,{"$nulls":8},"PREC","DB","METH_1",1.90999988,"mm",null,"S"]
["METEO","LTER_EU_BE_02","INBO","HOE1","AIR","EnvEurope",3,3,0,2012,2,14,{"$nulls":8},"PREC","DB","METH_1",1.8399999700000003,"mm",null,"S"]
["METEO","LTER_EU_BE_02","INBO","HOE1","AIR","EnvEurope",3,3,0,2012,2,15,{"$nulls":8},"PREC","DB","METH_1",5.82999944,"mm",null,"S"]
["METEO","LTER_EU_BE_02","INBO","HOE1","AIR","EnvEurope",3,3,0,2012,2,16,{"$nulls":8},"PREC","DB","METH_1",0,"mm",null,"S"]
["METEO","LTER_EU_BE_02","INBO","HOE1","AIR","EnvEurope",3,3,0,2012,2,17,{"$nulls":8},"PREC","DB","METH_1",0,"mm",null,"S"]
["METEO","LTER_EU_BE_02","INBO","HOE1","AIR","EnvEurope",3,3,0,2012,2,18,{"$nulls":8},"PREC","DB","METH_1",3.3999993600000002,"mm",null,"S"]
["METEO","LTER_EU_BE_02","INBO","HOE1","AIR","EnvEurope",3,3,0,2012,2,19,{"$nulls":8},"PREC","DB","METH_1",0.14,"mm",null,"S"]
["METEO","LTER_EU_BE_02","INBO","HOE1","AIR","EnvEurope",3,3,0,2012,2,20,{"$nulls":8},"PREC","DB","METH_1",0,"mm",null,"S"]
["METEO","LTER_EU_BE_02","INBO","HOE1","AIR","EnvEurope",3,3,0,2012,2,21,{"$nulls":8},"PREC","DB","METH_1",0,"mm",null,"S"]
["METEO","LTER_EU_BE_02","INBO","HOE1","AIR","EnvEurope",3,3,0,2012,2,22,{"$nulls":8},"PREC","DB","METH_1",0.27999999000000003,"mm",null,"S"]
["METEO","LTER_EU_BE_02","INBO","HOE1","AIR","EnvEurope",3,3,0,2012,2,23,{"$nulls":8},"PREC","DB","METH_1",0.13999999999999999,"mm",null,"S"]
["METEO","LTER_EU_BE_02","INBO","HOE1","AIR","EnvEurope",3,3,0,2012,2,24,{"$nulls":8},"PREC","DB","METH_1",0,"mm",null,"S"]
["METEO","LTER_EU_BE_02","INBO","HOE1","AIR","EnvEurope",3,3,0,2012,2,25,{"$nulls":8},"PREC","DB","METH_1",0,"mm",null,"S"]
["METEO","LTER_EU_BE_02","INBO","HOE1","AIR","EnvEurope",3,3,0,2012,2,26,{"$nulls":8},"PREC","DB","METH_1",0,"mm",null,"S"]
["METEO","LTER_EU_BE_02","INBO","HOE1","AIR","EnvEurope",3,3,0,2012,2,27,{"$nulls":8},"PREC","DB","METH_1",0,"mm",null,"S"]
["METEO","LTER_EU_BE_02","INBO","HOE1","AIR","EnvEurope",3,3,0,2012,2,28,{"$nulls":8},"PREC","DB","METH_1",0,"mm",null,"S"]
["METEO","LTER_EU_BE_02","INBO","HOE1","AIR","EnvEurope",3,3,0,2012,2,29,{"$nulls":8},"PREC","DB","METH_1",0,"mm",null,"S"]
["METEO","LTER_EU_BE_02","INBO","HOE1","AIR","EnvEurope",3,3,0,2012,3,1,{"$nulls":8},"PREC","DB","METH_1",0,"mm",null,"S"]
["METEO","LTER_EU_BE_02","INBO","HOE1","AIR","EnvEurope",3,3,0,2012,3,2,{"$nulls":8},"PREC","DB","METH_1",0,"mm",null,"S"]
["METEO","LTER_EU_BE_02","INBO","HOE1","AIR","EnvEurope",3,3,0,2012,3,3,{"$nulls":8},"PREC","DB","METH_1",0,"mm",null,"S"]
["METEO","LTER_EU_BE_02","INBO","HOE1","AIR","EnvEurope",3,3,0,2012,3,4,{"$nulls":8},"PREC","DB","METH_1",4.2999993199999995,"mm",null,"S"]
["METEO","LTER_EU_BE_02","INBO","HOE1","AIR","EnvEurope",3,3,0,2012,3,5,{"$nulls":8},"PREC","DB","METH_1",2.489999939999999,"mm",null,"S"]
["METEO","LTER_EU_BE_02","INBO","HOE1","AIR","EnvEurope",3,3,0,2012,3,6,{"$nulls":8},"PREC","DB","METH_1",0.01,"mm",null,"S"]
["METEO","LTER_EU_BE_02","INBO","HOE1","AIR","EnvEurope",3,3,0,2012,3,7,{"$nulls":8},"PREC","DB","METH_1",9.3099981,"mm",null,"S"]
["METEO","LTER_EU_BE_02","INBO","HOE1","AIR","EnvEurope",3,3,0,2012,3,8,{"$nulls":8},"PREC","DB","METH_1",0.08999999,"mm",null,"S"]
["METEO","LTER_EU_BE_02","INBO","HOE1","AIR","EnvEurope",3,3,0,2012,3,9,{"$nulls":8},"PREC","DB","METH_1",0,"mm",null,"S"]
["METEO","LTER_EU_BE_02","INBO","HOE1","AIR","EnvEurope",3,3,0,2012,3,10,{"$nulls":8},"PREC","DB","METH_1",0.05999999,"mm",null,"S"]
["METEO","LTER_EU_BE_02","INBO","HOE1","AIR","EnvEurope",3,3,0,2012,3,11,{"$nulls":8},"PREC","DB","METH_1",0,"mm",null,"S"]
["METEO","LTER_EU_BE_02","INBO","HOE1","AIR","EnvEurope",3,3,0,2012,3,12,{"$nulls":8},"PREC","DB","METH_1",0,"mm",null,"S"]
["METEO","LTER_EU_BE_02","INBO","HOE1","AIR","EnvEurope",3,3,0,2012,3,13,{"$nulls":8},"PREC","DB","METH_1",0,"mm",null,"S"]
["METEO","LTER_EU_BE_02","INBO","HOE1","AIR","EnvEurope",3,3,0,2012,3,14,{"$nulls":8},"PREC","DB","METH_1",0,"mm",null,"S"]
["METEO","LTER_EU_BE_02","INBO","HOE1","AIR","EnvEurope",3,3,0,2012,3,15,{"$nulls":8},"PREC","DB","METH_1",0,"mm",null,"S"]
["METEO","LTER_EU_BE_02","INBO","HOE1","AIR","EnvEurope",3,3,0,2012,3,16,{"$nulls":8},"PREC","DB","METH_1",0,"mm",null,"S"]
["METEO","LTER_EU_BE_02","INBO","HOE1","AIR","EnvEurope",3,3,0,2012,3,17,{"$nulls":8},"PREC","DB","METH_1",0,"mm",null,"S"]
["METEO","LTER_EU_BE_02","INBO","HOE1","AIR","EnvEurope",3,3,0,2012,3,18,{"$nulls":8},"PREC","DB","METH_1",0.12999999,"mm",null,"S"]
["METEO","LTER_EU_BE_02","INBO","HOE1","AIR","EnvEurope",3,3,0,2012,3,19,{"$nulls":8},"PREC","DB","METH_1",0,"mm",null,"S"]
["METEO","LTER_EU_BE_02","INBO","HOE1","AIR","EnvEurope",3,3,0,2012,3,20,{"$nulls":8},"PREC","DB","METH_1",0,"mm",null,"S"]
["METEO","LTER_EU_BE_02","INBO","HOE1","AIR","EnvEurope",3,3,0,2012,3,21,{"$nulls":8},"PREC","DB","METH_1",0,"mm",null,"S"]
["METEO","LTER_EU_BE_02","INBO","HOE1","AIR","EnvEurope",3,3,0,2012,3,22,{"$nulls":8},"PREC","DB","METH_1",0,"mm",null,"S"]
["METEO","LTER_EU_BE_02","INBO","HOE1","AIR","EnvEurope",3,3,0,2012,3,23,{"$nulls":8},"PREC","DB","METH_1",0,"mm",null,"S"]
["METEO","LTER_EU_BE_02","INBO","HOE1","AIR","EnvEurope",3,3,0,2012,3,24,{"$nulls":8},"PREC","DB","METH_1",0,"mm",null,"S"]
["METEO","LTER_EU_BE_02","INBO","HOE1","AIR","EnvEurope",3,3,0,2012,3,25,{"$nulls":8},"PREC","DB","METH_1",0,"mm",null,"S"]
["METEO","LTER_EU_BE_02","INBO","HOE1","AIR","EnvEurope",3,3,0,2012,3,26,{"$nulls":8},"PREC","DB","METH_1",0,"mm",null,"S"]
["METEO","LTER_EU_BE_02","INBO","HOE1","AIR","EnvEurope",3,3,0,2012,3,27,{"$nulls":8},"PREC","DB","METH_1",0,"mm",null,"S"]
["METEO","LTER_EU_BE_02","INBO","HOE1","AIR","EnvEurope",3,3,0,2012,3,28,{"$nulls":8},"PREC","DB","METH_1",0,"mm",null,"S"]
["METEO","LTER_EU_BE_02","INBO","HOE1","AIR","EnvEurope",3,3,0,2012,3,29,{"$nulls":8},"PREC","DB","METH_1",0,"mm",null,"S"]
["METEO","LTER_EU_BE_02","INBO","HOE1","AIR","EnvEurope",3,3,0,2012,3,30,{"$nulls":8},"PREC","DB","METH_1",0,"mm",null,"S"]
["METEO","LTER_EU_BE_02","INBO","HOE1","AIR","EnvEurope",3,3,0,2012,3,31,{"$nulls":8},"PREC","DB","METH_1",0,"mm",null,"S"]
["METEO","LTER_EU_BE_02","INBO","HOE1","AIR","EnvEurope",3,3,0,2012,4,1,{"$nulls":8},"PREC","DB","METH_1",0,"mm",null,"S"]
["METEO","LTER_EU_BE_02","INBO","HOE1","AIR","EnvEurope",3,3,0,2012,4,2,{"$nulls":8},"PREC","DB","METH_1",0,"mm",null,"S"]
["METEO","LTER_EU_BE_02","INBO","HOE1","AIR","EnvEurope",3,3,0,2012,4,3,{"$nulls":8},"PREC","DB","METH_1",0,"mm",null,"S"]
["METEO","LTER_EU_BE_02","INBO","HOE1","AIR","EnvEurope",3,3,0,2012,4,4,{"$nulls":8},"PREC","DB","METH_1",0.38,"mm",null,"S"]
["METEO","LTER_EU_BE_02","INBO","HOE1","AIR","EnvEurope",3,3,0,2012,4,5,{"$nulls":8},"PREC","DB","METH_1",0,"mm",null,"S"]
["METEO","LTER_EU_BE_02","INBO","HOE1","AIR","EnvEurope",3,3,0,2012,4,6,{"$nulls":8},"PREC","DB","METH_1",0,"mm",null,"S"]
["METEO","LTER_EU_BE_02","INBO","HOE1","AIR","EnvEurope",3,3,0,2012,4,7,{"$nulls":8},"PREC","DB","METH_1",0.44999997000000014,"mm",null,"S"]
["METEO","LTER_EU_BE_02","INBO","HOE1","AIR","EnvEurope",3,3,0,2012,4,8,{"$nulls":8},"PREC","DB","METH_1",0.29999998,"mm",null,"S"]
["METEO","LTER_EU_BE_02","INBO","HOE1","AIR","EnvEurope",3,3,0,2012,4,9,{"$nulls":8},"PREC","DB","METH_1",5.1699996699999975,"mm",null,"S"]
["METEO","LTER_EU_BE_02","INBO","HOE1","AIR","EnvEurope",3,3,0,2012,4,10,{"$nulls":8},"PREC","DB","METH_1",5.219999680000001,"mm",null,"S"]
["METEO","LTER_EU_BE_02","INBO","HOE1","AIR","EnvEurope",3,3,0,2012,4,11,{"$nulls":8},"PREC","DB","METH_1",9.37999889,"mm",null,"S"]
["METEO","LTER_EU_BE_02","INBO","HOE1","AIR","EnvEurope",3,3,0,2012,4,12,{"$nulls":8},"PREC","DB","METH_1",4.6299985,"mm",null,"S"]
["METEO","LTER_EU_BE_02","INBO","HOE1","AIR","EnvEurope",3,3,0,2012,4,13,{"$nulls":8},"PREC","DB","METH_1",0.5900000000000001,"mm",null,"S"]
["METEO","LTER_EU_BE_02","INBO","HOE1","AIR","EnvEurope",3,3,0,2012,4,14,{"$nulls":8},"PREC","DB","METH_1",0,"mm",null,"S"]
["METEO","LTER_EU_BE_02","INBO","HOE1","AIR","EnvEurope",3,3,0,2012,4,15,{"$nulls":8},"PREC","DB","METH_1",0,"mm",null,"S"]
["METEO","LTER_EU_BE_02","INBO","HOE1","AIR","EnvEurope",3,3,0,2012,4,16,{"$nulls":8},"PREC","DB","METH_1",0.02,"mm",null,"S"]
["METEO","LTER_EU_BE_02","INBO","HOE1","AIR","EnvEurope",3,3,0,2012,4,17,{"$nulls":8},"PREC","DB","METH_1",2.6699996799999997,"mm",null,"S"]
["METEO","LTER_EU_BE_02","INBO","HOE1","AIR","EnvEurope",3,3,0,2012,4,18,{"$nulls":8},"PREC","DB","METH_1",4.76999989,"mm",null,"S"]
["METEO","LTER_EU_BE_02","INBO","HOE1","AIR","EnvEurope",3,3,0,2012,4,19,{"$nulls":8},"PREC","DB","METH_1",0.28999998000000005,"mm",null,"S"]
["METEO","LTER_EU_BE_02","INBO","HOE1","AIR","EnvEurope",3,3,0,2012,4,20,{"$nulls":8},"PREC","DB","METH_1",3.65999988,"mm",null,"S"]
["METEO","LTER_EU_BE_02","INBO","HOE1","AIR","EnvEurope",3,3,0,2012,4,21,{"$nulls":8},"PREC","DB","METH_1",7.6199987999999985,"mm",null,"S"]
["METEO","LTER_EU_BE_02","INBO","HOE1","AIR","EnvEurope",3,3,0,2012,4,22,{"$nulls":8},"PREC","DB","METH_1",8.49999838,"mm",null,"S"]
["METEO","LTER_EU_BE_02","INBO","HOE1","AIR","EnvEurope",3,3,0,2012,4,23,{"$nulls":8},"PREC","DB","METH_1",2.3999999599999997,"mm",null,"S"]
["METEO","LTER_EU_BE_02","INBO","HOE1","AIR","EnvEurope",3,3,0,2012,4,24,{"$nulls":8},"PREC","DB","METH_1",0.28,"mm",null,"S"]
["METEO","LTER_EU_BE_02","INBO","HOE1","AIR","EnvEurope",3,3,0,2012,4,25,{"$nulls":8},"PREC","DB","METH_1",3.54999928,"mm",null,"S"]
["METEO","LTER_EU_BE_02","INBO","HOE1","AIR","EnvEurope",3,3,0,2012,4,26,{"$nulls":8},"PREC","DB","METH_1",12.179998179999997,"mm",null,"S"]
["METEO","LTER_EU_BE_02","INBO","HOE1","AIR","EnvEurope",3,3,0,2012,4,27,{"$nulls":8},"PREC","DB","METH_1",0.04,"mm",null,"S"]
["METEO","LTER_EU_BE_02","INBO","HOE1","AIR","EnvEurope",3,3,0,2012,4,28,{"$nulls":8},"PREC","DB","METH_1",10.659998979999997,"mm",null,"S"]
["METEO","LTER_EU_BE_02","INBO","HOE1","AIR","EnvEurope",3,3,0,2012,4,29,{"$nulls":8},"PREC","DB","METH_1",0.53999998,"mm",null,"S"]
["METEO","LTER_EU_BE_02","INBO","HOE1","AIR","EnvEurope",3,3,0,2012,4,30,{"$nulls":8},"PREC","DB","METH_1",13.409995000000002,"mm",null,"S"]
["METEO","LTER_EU_BE_02","INBO","HOE1","AIR","EnvEurope",3,3,0,2012,5,1,{"$nulls":8},"PREC","DB","METH_1",0.8000000000000002,"mm",null,"S"]
["METEO","LTER_EU_BE_02","INBO","HOE1","AIR","EnvEurope",3,3,0,2012,5,2,{"$nulls":8},"PREC","DB","METH_1",12.659997169999997,"mm",null,"S"]
["METEO","LTER_EU_BE_02","INBO","HOE1","AIR","EnvEurope",3,3,0,2012,5,3,{"$nulls":8},"PREC","DB","METH_1",0.05999999,"mm",null,"S"]
["METEO","LTER_EU_BE_02","INBO","HOE1","AIR","EnvEurope",3,3,0,2012,5,4,{"$nulls":8},"PREC","DB","METH_1",2.34999909,"mm",null,"S"]
["METEO","LTER_EU_BE_02","INBO","HOE1","AIR","EnvEurope",3,3,0,2012,5,5,{"$nulls":8},"PREC","DB","METH_1",1.84999999,"mm",null,"S"]
["METEO","LTER_EU_BE_02","INBO","HOE1","AIR","EnvEurope",3,3,0,2012,5,6,{"$nulls":8},"PREC","DB","METH_1",0,"mm",null,"S"]
["METEO","LTER_EU_BE_02","INBO","HOE1","AIR","EnvEurope",3,3,0,2012,5,7,{"$nulls":8},"PREC","DB","METH_1",0,"mm",null,"S"]
["METEO","LTER_EU_BE_02","INBO","HOE1","AIR","EnvEurope",3,3,0,2012,5,8,{"$nulls":8},"PREC","DB","METH_1",0.5899999900000001,"mm",null,"S"]
["METEO","LTER_EU_BE_02","INBO","HOE1","AIR","EnvEurope",3,3,0,2012,5,9,{"$nulls":8},"PREC","DB","METH_1",3.8899996999999997,"mm",null,"S"]
["METEO","LTER_EU_BE_02","INBO","HOE1","AIR","EnvEurope",3,3,0,2012,5,10,{"$nulls":8},"PREC","DB","METH_1",0.8200000000000002,"mm",null,"S"]
["METEO","LTER_EU_BE_02","INBO","HOE1","AIR","EnvEurope",3,3,0,2012,5,11,{"$nulls":8},"PREC","DB","METH_1",0.28999999000000004,"mm",null,"S"]
["METEO","LTER_EU_BE_02","INBO","HOE1","AIR","EnvEurope",3,3,0,2012,5,12,{"$nulls":8},"PREC","DB","METH_1",0,"mm",null,"S"]
["METEO","LTER_EU_BE_02","INBO","HOE1","AIR","EnvEurope",3,3,0,2012,5,13,{"$nulls":8},"PREC","DB","METH_1",0,"mm",null,"S"]
["METEO","LTER_EU_BE_02","INBO","HOE1","AIR","EnvEurope",3,3,0,2012,5,14,{"$nulls":8},"PREC","DB","METH_1",0,"mm",null,"S"]
["METEO","LTER_EU_BE_02","INBO","HOE1","AIR","EnvEurope",3,3,0,2012,5,15,{"$nulls":8},"PREC","DB","METH_1",16.73000067,"mm",null,"S"]
["METEO","LTER_EU_BE_02","INBO","HOE1","AIR","EnvEurope",3,3,0,2012,5,16,{"$nulls":8},"PREC","DB","METH_1",0.6900000000000002,"mm",null,"S"]
["METEO","LTER_EU_BE_02","INBO","HOE1","AIR","EnvEurope",3,3,0,2012,5,17,{"$nulls":8},"PREC","DB","METH_1",0,"mm",null,"S"]
["METEO","LTER_EU_BE_02","INBO","HOE1","AIR","EnvEurope",3,3,0,2012,5,18,{"$nulls":8},"PREC","DB","METH_1",4.719999,"mm",null,"S"]
["METEO","LTER_EU_BE_02","INBO","HOE1","AIR","EnvEurope",3,3,0,2012,5,19,{"$nulls":8},"PREC","DB","METH_1",0.03,"mm",null,"S"]
["METEO","LTER_EU_BE_02","INBO","HOE1","AIR","EnvEurope",3,3,0,2012,5,20,{"$nulls":8},"PREC","DB","METH_1",17.859999499999997,"mm",null,"S"]
["METEO","LTER_EU_BE_02","INBO","HOE1","AIR","EnvEurope",3,3,0,2012,5,21,{"$nulls":8},"PREC","DB","METH_1",0,"mm",null,"S"]
["METEO","LTER_EU_BE_02","INBO","HOE1","AIR","EnvEurope",3,3,0,2012,5,22,{"$nulls":8},"PREC","DB","METH_1",0,"mm",null,"S"]
["METEO","LTER_EU_BE_02","INBO","HOE1","AIR","EnvEurope",3,3,0,2012,5,23,{"$nulls":8},"PREC","DB","METH_1",0.02,"mm",null,"S"]
["METEO","LTER_EU_BE_02","INBO","HOE1","AIR","EnvEurope",3,3,0,2012,5,24,{"$nulls":8},"PREC","DB","METH_1",0.03,"mm",null,"S"]
["METEO","LTER_EU_BE_02","INBO","HOE1","AIR","EnvEurope",3,3,0,2012,5,25,{"$nulls":8},"PREC","DB","METH_1",0,"mm",null,"S"]
["METEO","LTER_EU_BE_02","INBO","HOE1","AIR","EnvEurope",3,3,0,2012,5,26,{"$nulls":8},"PREC","DB","METH_1",0,"mm",null,"S"]
["METEO","LTER_EU_BE_02","INBO","HOE1","AIR","EnvEurope",3,3,0,2012,5,27,{"$nulls":8},"PREC","DB","METH_1",0,"mm",null,"S"]
["METEO","LTER_EU_BE_02","INBO","HOE1","AIR","EnvEurope",3,3,0,2012,5,28,{"$nulls":8},"PREC","DB","METH_1",0,"mm",null,"S"]
["METEO","LTER_EU_BE_02","INBO","HOE1","AIR","EnvEurope",3,3,0,2012,5,29,{"$nulls":8},"PREC","DB","METH_1",0.01,"mm",null,"S"]
["METEO","LTER_EU_BE_02","INBO","HOE1","AIR","EnvEurope",3,3,0,2012,5,30,{"$nulls":8},"PREC","DB","METH_1",0,"mm",null,"S"]
["METEO","LTER_EU_BE_02","INBO","HOE1","AIR","EnvEurope",3,3,0,2012,5,31,{"$nulls":8},"PREC","DB","METH_1",0.02,"mm",null,"S"]
["METEO","LTER_EU_BE_02","INBO","HOE1","AIR","EnvEurope",3,3,0,2012,6,1,{"$nulls":8},"PREC","DB","METH_1",0,"mm",null,"S"]
["METEO","LTER_EU_BE_02","INBO","HOE1","AIR","EnvEurope",3,3,0,2012,6,2,{"$nulls":8},"PREC","DB","METH_1",0,"mm",null,"S"]
["METEO","LTER_EU_BE_02","INBO","HOE1","AIR","EnvEurope",3,3,0,2012,6,3,{"$nulls":8},"PREC","DB","METH_1",15.399997779999998,"mm",null,"S"]
["METEO","LTER_EU_BE_02","INBO","HOE1","AIR","EnvEurope",3,3,0,2012,6,4,{"$nulls":8},"PREC","DB","METH_1",4.7299998500000004,"mm",null,"S"]
["METEO","LTER_EU_BE_02","INBO","HOE1","AIR","EnvEurope",3,3,0,2012,6,5,{"$nulls":8},"PREC","DB","METH_1",0.03,"mm",null,"S"]
["METEO","LTER_EU_BE_02","INBO","HOE1","AIR","EnvEurope",3,3,0,2012,6,6,{"$nulls":8},"PREC","DB","METH_1",7.499999379999999,"mm",null,"S"]
["METEO","LTER_EU_BE_02","INBO","HOE1","AIR","EnvEurope",3,3,0,2012,6,7,{"$nulls":8},"PREC","DB","METH_1",10.18000088,"mm",null,"S"]
["METEO","LTER_EU_BE_02","INBO","HOE1","AIR","EnvEurope",3,3,0,2012,6,8,{"$nulls":8},"PREC","DB","METH_1",1.7799999899999999,"mm",null,"S"]
["METEO","LTER_EU_BE_02","INBO","HOE1","AIR","EnvEurope",3,3,0,2012,6,9,{"$nulls":8},"PREC","DB","METH_1",0.24999999,"mm",null,"S"]
["METEO","LTER_EU_BE_02","INBO","HOE1","AIR","EnvEurope",3,3,0,2012,6,10,{"$nulls":8},"PREC","DB","METH_1",0.27,"mm",null,"S"]
["METEO","LTER_EU_BE_02","INBO","HOE1","AIR","EnvEurope",3,3,0,2012,6,11,{"$nulls":8},"PREC","DB","METH_1",9.929999869999998,"mm",null,"S"]
["METEO","LTER_EU_BE_02","INBO","HOE1","AIR","EnvEurope",3,3,0,2012,6,12,{"$nulls":8},"PREC","DB","METH_1",22.18000138,"mm",null,"S"]
["METEO","LTER_EU_BE_02","INBO","HOE1","AIR","EnvEurope",3,3,0,2012,6,13,{"$nulls":8},"PREC","DB","METH_1",0.05,"mm",null,"S"]
["METEO","LTER_EU_BE_02","INBO","HOE1","AIR","EnvEurope",3,3,0,2012,6,14,{"$nulls":8},"PREC","DB","METH_1",0.03,"mm",null,"S"]
["METEO","LTER_EU_BE_02","INBO","HOE1","AIR","EnvEurope",3,3,0,2012,6,15,{"$nulls":8},"PREC","DB","METH_1",15.49999608,"mm",null,"S"]
["METEO","LTER_EU_BE_02","INBO","HOE1","AIR","EnvEurope",3,3,0,2012,6,16,{"$nulls":8},"PREC","DB","METH_1",3.11999987,"mm",null,"S"]
["METEO","LTER_EU_BE_02","INBO","HOE1","AIR","EnvEurope",3,3,0,2012,6,17,{"$nulls":8},"PREC","DB","METH_1",0,"mm",null,"S"]
["METEO","LTER_EU_BE_02","INBO","HOE1","AIR","EnvEurope",3,3,0,2012,6,18,{"$nulls":8},"PREC","DB","METH_1",25.219996000000002,"mm",null,"S"]
["METEO","LTER_EU_BE_02","INBO","HOE1","AIR","EnvEurope",3,3,0,2012,6,19,{"$nulls":8},"PREC","DB","METH_1",0,"mm",null,"S"]
["METEO","LTER_EU_BE_02","INBO","HOE1","AIR","EnvEurope",3,3,0,2012,6,20,{"$nulls":8},"PREC","DB","METH_1",0.8599999900000002,"mm",null,"S"]
["METEO","LTER_EU_BE_02","INBO","HOE1","AIR","EnvEurope",3,3,0,2012,6,21,{"$nulls":8},"PREC","DB","METH_1",0.9899999700000001,"mm",null,"S"]
["METEO","LTER_EU_BE_02","INBO","HOE1","AIR","EnvEurope",3,3,0,2012,6,22,{"$nulls":8},"PREC","DB","METH_1",0.63,"mm",null,"S"]
["METEO","LTER_EU_BE_02","INBO","HOE1","AIR","EnvEurope",3,3,0,2012,6,23,{"$nulls":8},"PREC","DB","METH_1",0,"mm",null,"S"]
["METEO","LTER_EU_BE_02","INBO","HOE1","AIR","EnvEurope",3,3,0,2012,6,24,{"$nulls":8},"PREC","DB","METH_1",7.929999289999998,"mm",null,"S"]
["METEO","LTER_EU_BE_02","INBO","HOE1","AIR","EnvEurope",3,3,0,2012,6,25,{"$nulls":8},"PREC","DB","METH_1",0.13,"mm",null,"S"]
["METEO","LTER_EU_BE_02","INBO","HOE1","AIR","EnvEurope",3,3,0,2012,6,26,{"$nulls":8},"PREC","DB","METH_1",0,"mm",null,"S"]
["METEO","LTER_EU_BE_02","INBO","HOE1","AIR","EnvEurope",3,3,0,2012,6,27,{"$nulls":8},"PREC","DB","METH_1",0,"mm",null,"S"]
["METEO","LTER_EU_BE_02","INBO","HOE1","AIR","EnvEurope",3,3,0,2012,6,28,{"$nulls":8},"PREC","DB","METH_1",0.01,"mm",null,"S"]
["METEO","LTER_EU_BE_02","INBO","HOE1","AIR","EnvEurope",3,3,0,2012,6,29,{"$nulls":8},"PREC","DB","METH_1",1.65999978,"mm",null,"S"]
["METEO","LTER_EU_BE_02","INBO","HOE1","AIR","EnvEurope",3,3,0,2012,6,30,{"$nulls":8},"PREC","DB","METH_1",0.12000000000000001,"mm",null,"S"]
["METEO","LTER_EU_BE_02","INBO","HOE1","AIR","EnvEurope",3,3,0,2012,7,1,{"$nulls":8},"PREC","DB","METH_1",0.03,"mm",null,"S"]
["METEO","LTER_EU_BE_02","INBO","HOE1","AIR","EnvEurope",3,3,0,2012,7,2,{"$nulls":8},"PREC","DB","METH_1",0,"mm",null,"S"]
["METEO","LTER_EU_BE_02","INBO","HOE1","AIR","EnvEurope",3,3,0,2012,7,3,{"$nulls":8},"PREC","DB","METH_1",0.03,"mm",null,"S"]
["METEO","LTER_EU_BE_02","INBO","HOE1","AIR","EnvEurope",3,3,0,2012,7,4,{"$nulls":8},"PREC","DB","METH_1",0,"mm",null,"S"]
["METEO","LTER_EU_BE_02","INBO","HOE1","AIR","EnvEurope",3,3,0,2012,7,5,{"$nulls":8},"PREC","DB","METH_1",18.22999467,"mm",null,"S"]
["METEO","LTER_EU_BE_02","INBO","HOE1","AIR","EnvEurope",3,3,0,2012,7,6,{"$nulls":8},"PREC","DB","METH_1",1.0499999899999999,"mm",null,"S"]
["METEO","LTER_EU_BE_02","INBO","HOE1","AIR","EnvEurope",3,3,0,2012,7,7,{"$nulls":8},"PREC","DB","METH_1",3.3799999900000004,"mm",null,"S"]
["METEO","LTER_EU_BE_02","INBO","HOE1","AIR","EnvEurope",3,3,0,2012,7,8,{"$nulls":8},"PREC","DB","METH_1",10.759998279999996,"mm",null,"S"]
["METEO","LTER_EU_BE_02","INBO","HOE1","AIR","EnvEurope",3,3,0,2012,7,9,{"$nulls":8},"PREC","DB","METH_1",0.09,"mm",null,"S"]
["METEO","LTER_EU_BE_02","INBO","HOE1","AIR","EnvEurope",3,3,0,2012,7,10,{"$nulls":8},"PREC","DB","METH_1",1.0199998899999998,"mm",null,"S"]
["METEO","LTER_EU_BE_02","INBO","HOE1","AIR","EnvEurope",3,3,0,2012,7,11,{"$nulls":8},"PREC","DB","METH_1",3.0799996800000002,"mm",null,"S"]
["METEO","LTER_EU_BE_02","INBO","HOE1","AIR","EnvEurope",3,3,0,2012,7,12,{"$nulls":8},"PREC","DB","METH_1",1.27000007,"mm",null,"S"]
["METEO","LTER_EU_BE_02","INBO","HOE1","AIR","EnvEurope",3,3,0,2012,7,13,{"$nulls":8},"PREC","DB","METH_1",4.299999699999999,"mm",null,"S"]
["METEO","LTER_EU_BE_02","INBO","HOE1","AIR","EnvEurope",3,3,0,2012,7,14,{"$nulls":8},"PREC","DB","METH_1",11.079999469999999,"mm",null,"S"]
["METEO","LTER_EU_BE_02","INBO","HOE1","AIR","EnvEurope",3,3,0,2012,7,15,{"$nulls":8},"PREC","DB","METH_1",22.179993160000006,"mm",null,"S"]
["METEO","LTER_EU_BE_02","INBO","HOE1","AIR","EnvEurope",3,3,0,2012,7,16,{"$nulls":8},"PREC","DB","METH_1",1.72999987,"mm",null,"S"]
["METEO","LTER_EU_BE_02","INBO","HOE1","AIR","EnvEurope",3,3,0,2012,7,17,{"$nulls":8},"PREC","DB","METH_1",0.01,"mm",null,"S"]
["METEO","LTER_EU_BE_02","INBO","HOE1","AIR","EnvEurope",3,3,0,2012,7,18,{"$nulls":8},"PREC","DB","METH_1",0,"mm",null,"S"]
["METEO","LTER_EU_BE_02","INBO","HOE1","AIR","EnvEurope",3,3,0,2012,7,19,{"$nulls":8},"PREC","DB","METH_1",0.41000000000000003,"mm",null,"S"]
["METEO","LTER_EU_BE_02","INBO","HOE1","AIR","EnvEurope",3,3,0,2012,7,20,{"$nulls":8},"PREC","DB","METH_1",1.6799999000000003,"mm",null,"S"]
["METEO","LTER_EU_BE_02","INBO","HOE1","AIR","EnvEurope",3,3,0,2012,7,21,{"$nulls":8},"PREC","DB","METH_1",0,"mm",null,"S"]
["METEO","LTER_EU_BE_02","INBO","HOE1","AIR","EnvEurope",3,3,0,2012,7,22,{"$nulls":8},"PREC","DB","METH_1",0,"mm",null,"S"]
["METEO","LTER_EU_BE_02","INBO","HOE1","AIR","EnvEurope",3,3,0,2012,7,23,{"$nulls":8},"PREC","DB","METH_1",0,"mm",null,"S"]
["METEO","LTER_EU_BE_02","INBO","HOE1","AIR","EnvEurope",3,3,0,2012,7,24,{"$nulls":8},"PREC","DB","METH_1",0,"mm",null,"S"]
["METEO","LTER_EU_BE_02","INBO","HOE1","AIR","EnvEurope",3,3,0,2012,7,25,{"$nulls":8},"PREC","DB","METH_1",0,"mm",null,"S"]
["METEO","LTER_EU_BE_02","INBO","HOE1","AIR","EnvEurope",3,3,0,2012,7,26,{"$nulls":8},"PREC","DB","METH_1",0,"mm",null,"S"]
["METEO","LTER_EU_BE_02","INBO","HOE1","AIR","EnvEurope",3,3,0,2012,7,27,{"$nulls":8},"PREC","DB","METH_1",31.730001,"mm",null,"S"]
["METEO","LTER_EU_BE_02","INBO","HOE1","AIR","EnvEurope",3,3,0,2012,7,28,{"$nulls":8},"PREC","DB","METH_1",4.96999878,"mm",null,"S"]
["METEO","LTER_EU_BE_02","INBO","HOE1","AIR","EnvEurope",3,3,0,2012,7,29,{"$nulls":8},"PREC","DB","METH_1",1.93999958,"mm",null,"S"]
["METEO","LTER_EU_BE_02","INBO","HOE1","AIR","EnvEurope",3,3,0,2012,7,30,{"$nulls":8},"PREC","DB","METH_1",5.03999999,"mm",null,"S"]
["METEO","LTER_EU_BE_02","INBO","HOE1","AIR","EnvEurope",3,3,0,2012,7,31,{"$nulls":8},"PREC","DB","METH_1",0,"mm",null,"S"]
["METEO","LTER_EU_BE_02","INBO","HOE1","AIR","EnvEurope",3,3,0,2012,8,1,{"$nulls":8},"PREC","DB","METH_1",0.060000000000000005,"mm",null,"S"]
["METEO","LTER_EU_BE_02","INBO","HOE1","AIR","EnvEurope",3,3,0,2012,8,2,{"$nulls":8},"PREC","DB","METH_1",0.14,"mm",null,"S"]
["METEO","LTER_EU_BE_02","INBO","HOE1","AIR","EnvEurope",3,3,0,2012,8,3,{"$nulls":8},"PREC","DB","METH_1",2.6499998899999997,"mm",null,"S"]
["METEO","LTER_EU_BE_02","INBO","HOE1","AIR","EnvEurope",3,3,0,2012,8,4,{"$nulls":8},"PREC","DB","METH_1",0,"mm",null,"S"]
["METEO","LTER_EU_BE_02","INBO","HOE1","AIR","EnvEurope",3,3,0,2012,8,5,{"$nulls":8},"PREC","DB","METH_1",0.44,"mm",null,"S"]
["METEO","LTER_EU_BE_02","INBO","HOE1","AIR","EnvEurope",3,3,0,2012,8,6,{"$nulls":8},"PREC","DB","METH_1",1.34999998,"mm",null,"S"]
["METEO","LTER_EU_BE_02","INBO","HOE1","AIR","EnvEurope",3,3,0,2012,8,7,{"$nulls":8},"PREC","DB","METH_1",0,"mm",null,"S"]
["METEO","LTER_EU_BE_02","INBO","HOE1","AIR","EnvEurope",3,3,0,2012,8,8,{"$nulls":8},"PREC","DB","METH_1",0.1,"mm",null,"S"]
["METEO","LTER_EU_BE_02","INBO","HOE1","AIR","EnvEurope",3,3,0,2012,8,9,{"$nulls":8},"PREC","DB","METH_1",0,"mm",null,"S"]
["METEO","LTER_EU_BE_02","INBO","HOE1","AIR","EnvEurope",3,3,0,2012,8,10,{"$nulls":8},"PREC","DB","METH_1",0,"mm",null,"S"]
["METEO","LTER_EU_BE_02","INBO","HOE1","AIR","EnvEurope",3,3,0,2012,8,11,{"$nulls":8},"PREC","DB","METH_1",0,"mm",null,"S"]
["METEO","LTER_EU_BE_02","INBO","HOE1","AIR","EnvEurope",3,3,0,2012,8,12,{"$nulls":8},"PREC","DB","METH_1",0,"mm",null,"S"]
["METEO","LTER_EU_BE_02","INBO","HOE1","AIR","EnvEurope",3,3,0,2012,8,13,{"$nulls":8},"PREC","DB","METH_1",0,"mm",null,"S"]
["METEO","LTER_EU_BE_02","INBO","HOE1","AIR","EnvEurope",3,3,0,2012,8,14,{"$nulls":8},"PREC","DB","METH_1",0,"mm",null,"S"]
["METEO","LTER_EU_BE_02","INBO","HOE1","AIR","EnvEurope",3,3,0,2012,8,15,{"$nulls":8},"PREC","DB","METH_1",0.01,"mm",null,"S"]
["METEO","LTER_EU_BE_02","INBO","HOE1","AIR","EnvEurope",3,3,0,2012,8,16,{"$nulls":8},"PREC","DB","METH_1",0,"mm",null,"S"]
["METEO","LTER_EU_BE_02","INBO","HOE1","AIR","EnvEurope",3,3,0,2012,8,17,{"$nulls":8},"PREC","DB","METH_1",0,"mm",null,"S"]
["METEO","LTER_EU_BE_02","INBO","HOE1","AIR","EnvEurope",3,3,0,2012,8,18,{"$nulls":8},"PREC","DB","METH_1",0,"mm",null,"S"]
["METEO","LTER_EU_BE_02","INBO","HOE1","AIR","EnvEurope",3,3,0,2012,8,19,{"$nulls":8},"PREC","DB","METH_1",0,"mm",null,"S"]
["METEO","LTER_EU_BE_02","INBO","HOE1","AIR","EnvEurope",3,3,0,2012,8,20,{"$nulls":8},"PREC","DB","METH_1",0,"mm",null,"S"]
["METEO","LTER_EU_BE_02","INBO","HOE1","AIR","EnvEurope",3,3,0,2012,8,21,{"$nulls":8},"PREC","DB","METH_1",0.01,"mm",null,"S"]
["METEO","LTER_EU_BE_02","INBO","HOE1","AIR","EnvEurope",3,3,0,2012,8,22,{"$nulls":8},"PREC","DB","METH_1",0,"mm",null,"S"]
["METEO","LTER_EU_BE_02","INBO","HOE1","AIR","EnvEurope",3,3,0,2012,8,23,{"$nulls":8},"PREC","DB","METH_1",0.12000000000000001,"mm",null,"S"]
["METEO","LTER_EU_BE_02","INBO","HOE1","AIR","EnvEurope",3,3,0,2012,8,24,{"$nulls":8},"PREC","DB","METH_1",3.939998789999999,"mm",null,"S"]
["METEO","LTER_EU_BE_02","INBO","HOE1","AIR","EnvEurope",3,3,0,2012,8,25,{"$nulls":8},"PREC","DB","METH_1",1.1499996900000002,"mm",null,"S"]
["METEO","LTER_EU_BE_02","INBO","HOE1","AIR","EnvEurope",3,3,0,2012,8,26,{"$nulls":8},"PREC","DB","METH_1",4.009999999999999,"mm",null,"S"]
["METEO","LTER_EU_BE_02","INBO","HOE1","AIR","EnvEurope",3,3,0,2012,8,27,{"$nulls":8},"PREC","DB","METH_1",0,"mm",null,"S"]
["METEO","LTER_EU_BE_02","INBO","HOE1","AIR","EnvEurope",3,3,0,2012,8,28,{"$nulls":8},"PREC","DB","METH_1",0.12,"mm",null,"S"]
["METEO","LTER_EU_BE_02","INBO","HOE1","AIR","EnvEurope",3,3,0,2012,8,29,{"$nulls":8},"PREC","DB","METH_1",0,"mm",null,"S"]
["METEO","LTER_EU_BE_02","INBO","HOE1","AIR","EnvEurope",3,3,0,2012,8,30,{"$nulls":8},"PREC","DB","METH_1",1.8099999800000002,"mm",null,"S"]
["METEO","LTER_EU_BE_02","INBO","HOE1","AIR","EnvEurope",3,3,0,2012,8,31,{"$nulls":8},"PREC","DB","METH_1",2.9799996999999996,"mm",null,"S"]
["METEO","LTER_EU_BE_02","INBO","HOE1","AIR","EnvEurope",3,3,0,2012,9,1,{"$nulls":8},"PREC","DB","METH_1",0,"mm",null,"S"]
["METEO","LTER_EU_BE_02","INBO","HOE1","AIR","EnvEurope",3,3,0,2012,9,2,{"$nulls":8},"PREC","DB","METH_1",0,"mm",null,"S"]
["METEO","LTER_EU_BE_02","INBO","HOE1","AIR","EnvEurope",3,3,0,2012,9,3,{"$nulls":8},"PREC","DB","METH_1",0,"mm",null,"S"]
["METEO","LTER_EU_BE_02","INBO","HOE1","AIR","EnvEurope",3,3,0,2012,9,4,{"$nulls":8},"PREC","DB","METH_1",0,"mm",null,"S"]
["METEO","LTER_EU_BE_02","INBO","HOE1","AIR","EnvEurope",3,3,0,2012,9,5,{"$nulls":8},"PREC","DB","METH_1",0,"mm",null,"S"]
["METEO","LTER_EU_BE_02","INBO","HOE1","AIR","EnvEurope",3,3,0,2012,9,6,{"$nulls":8},"PREC","DB","METH_1",0,"mm",null,"S"]
["METEO","LTER_EU_BE_02","INBO","HOE1","AIR","EnvEurope",3,3,0,2012,9,7,{"$nulls":8},"PREC","DB","METH_1",0,"mm",null,"S"]
["METEO","LTER_EU_BE_02","INBO","HOE1","AIR","EnvEurope",3,3,0,2012,9,8,{"$nulls":8},"PREC","DB","METH_1",0,"mm",null,"S"]
["METEO","LTER_EU_BE_02","INBO","HOE1","AIR","EnvEurope",3,3,0,2012,9,9,{"$nulls":8},"PREC","DB","METH_1",0,"mm",null,"S"]
["METEO","LTER_EU_BE_02","INBO","HOE1","AIR","EnvEurope",3,3,0,2012,9,10,{"$nulls":8},"PREC","DB","METH_1",0,"mm",null,"S"]
["METEO","LTER_EU_BE_02","INBO","HOE1","AIR","EnvEurope",3,3,0,2012,9,11,{"$nulls":8},"PREC","DB","METH_1",6.029997969999999,"mm",null,"S"]
["METEO","LTER_EU_BE_02","INBO","HOE1","AIR","EnvEurope",3,3,0,2012,9,12,{"$nulls":8},"PREC","DB","METH_1",0.17999998,"mm",null,"S"]
["METEO","LTER_EU_BE_02","INBO","HOE1","AIR","EnvEurope",3,3,0,2012,9,13,{"$nulls":8},"PREC","DB","METH_1",4.9299982899999995,"mm",null,"S"]
["METEO","LTER_EU_BE_02","INBO","HOE1","AIR","EnvEurope",3,3,0,2012,9,14,{"$nulls":8},"PREC","DB","METH_1",0.95,"mm",null,"S"]
["METEO","LTER_EU_BE_02","INBO","HOE1","AIR","EnvEurope",3,3,0,2012,9,15,{"$nulls":8},"PREC","DB","METH_1",0.05999999,"mm",null,"S"]
["METEO","LTER_EU_BE_02","INBO","HOE1","AIR","EnvEurope",3,3,0,2012,9,16,{"$nulls":8},"PREC","DB","METH_1",0,"mm",null,"S"]
["METEO","LTER_EU_BE_02","INBO","HOE1","AIR","EnvEurope",3,3,0,2012,9,17,{"$nulls":8},"PREC","DB","METH_1",0,"mm",null,"S"]
["METEO","LTER_EU_BE_02","INBO","HOE1","AIR","EnvEurope",3,3,0,2012,9,18,{"$nulls":8},"PREC","DB","METH_1",0.09999999,"mm",null,"S"]
["METEO","LTER_EU_BE_02","INBO","HOE1","AIR","EnvEurope",3,3,0,2012,9,19,{"$nulls":8},"PREC","DB","METH_1",0.01,"mm",null,"S"]
["METEO","LTER_EU_BE_02","INBO","HOE1","AIR","EnvEurope",3,3,0,2012,9,20,{"$nulls":8},"PREC","DB","METH_1",0,"mm",null,"S"]
["METEO","LTER_EU_BE_02","INBO","HOE1","AIR","EnvEurope",3,3,0,2012,9,21,{"$nulls":8},"PREC","DB","METH_1",0,"mm",null,"S"]
["METEO","LTER_EU_BE_02","INBO","HOE1","AIR","EnvEurope",3,3,0,2012,9,22,{"$nulls":8},"PREC","DB","METH_1",0.3999999,"mm",null,"S"]
["METEO","LTER_EU_BE_02","INBO","HOE1","AIR","EnvEurope",3,3,0,2012,9,23,{"$nulls":8},"PREC","DB","METH_1",4.329999,"mm",null,"S"]
["METEO","LTER_EU_BE_02","INBO","HOE1","AIR","EnvEurope",3,3,0,2012,9,24,{"$nulls":8},"PREC","DB","METH_1",29.349996370000017,"mm",null,"S"]
["METEO","LTER_EU_BE_02","INBO","HOE1","AIR","EnvEurope",3,3,0,2012,9,25,{"$nulls":8},"PREC","DB","METH_1",0.8399998000000001,"mm",null,"S"]
["METEO","LTER_EU_BE_02","INBO","HOE1","AIR","EnvEurope",3,3,0,2012,9,26,{"$nulls":8},"PREC","DB","METH_1",0.42999999,"mm",null,"S"]
["METEO","LTER_EU_BE_02","INBO","HOE1","AIR","EnvEurope",3,3,0,2012,9,27,{"$nulls":8},"PREC","DB","METH_1",4.169999789999999,"mm",null,"S"]
["METEO","LTER_EU_BE_02","INBO","HOE1","AIR","EnvEurope",3,3,0,2012,9,28,{"$nulls":8},"PREC","DB","METH_1",0,"mm",null,"S"]
["METEO","LTER_EU_BE_02","INBO","HOE1","AIR","EnvEurope",3,3,0,2012,9,29,{"$nulls":8},"PREC","DB","METH_1",0.1,"mm",null,"S"]
["METEO","LTER_EU_BE_02","INBO","HOE1","AIR","EnvEurope",3,3,0,2012,9,30,{"$nulls":8},"PREC","DB","METH_1",0,"mm",null,"S"]
["METEO","LTER_EU_BE_02","INBO","HOE1","AIR","EnvEurope",3,3,0,2013,1,1,{"$nulls":8},"TEMP","DB","METH_2",6.063210263157894,"°C",null,"X"]
["METEO","LTER_EU_BE_02","INBO","HOE1","AIR","EnvEurope",3,3,0,2013,1,2,{"$nulls":8},"TEMP","DB","METH_2",4.9793051875,"°C",null,"X"]
["METEO","LTER_EU_BE_02","INBO","HOE1","AIR","EnvEurope",3,3,0,2013,1,3,{"$nulls":8},"TEMP","DB","METH_2",8.923298822916665,"°C",null,"X"]
["METEO","LTER_EU_BE_02","INBO","HOE1","AIR","EnvEurope",3,3,0,2013,1,4,{"$nulls":8},"TEMP","DB","METH_2",8.580399572916665,"°C",null,"X"]
["METEO","LTER_EU_BE_02","INBO","HOE1","AIR","EnvEurope",3,3,0,2013,1,5,{"$nulls":8},"TEMP","DB","METH_2",7.012257302083335,"°C",null,"X"]
["METEO","LTER_EU_BE_02","INBO","HOE1","AIR","EnvEurope",3,3,0,2013,1,6,{"$nulls":8},"TEMP","DB","METH_2",7.7267535,"°C",null,"X"]
["METEO","LTER_EU_BE_02","INBO","HOE1","AIR","EnvEurope",3,3,0,2013,1,7,{"$nulls":8},"TEMP","DB","METH_2",7.128975052083331,"°C",null,"X"]
["METEO","LTER_EU_BE_02","INBO","HOE1","AIR","EnvEurope",3,3,0,2013,1,8,{"$nulls":8},"TEMP","DB","METH_2",5.795554875,"°C",null,"X"]
["METEO","LTER_EU_BE_02","INBO","HOE1","AIR","EnvEurope",3,3,0,2013,1,9,{"$nulls":8},"TEMP","DB","METH_2",4.818940552083331,"°C",null,"X"]
["METEO","LTER_EU_BE_02","INBO","HOE1","AIR","EnvEurope",3,3,0,2013,1,10,{"$nulls":8},"TEMP","DB","METH_2",3.725833692395834,"°C",null,"X"]
["METEO","LTER_EU_BE_02","INBO","HOE1","AIR","EnvEurope",3,3,0,2013,1,11,{"$nulls":8},"TEMP","DB","METH_2",0.9030555291666663,"°C",null,"X"]
["METEO","LTER_EU_BE_02","INBO","HOE1","AIR","EnvEurope",3,3,0,2013,1,12,{"$nulls":8},"TEMP","DB","METH_2",-0.9734550226041669,"°C",null,"X"]
["METEO","LTER_EU_BE_02","INBO","HOE1","AIR","EnvEurope",3,3,0,2013,1,13,{"$nulls":8},"TEMP","DB","METH_2",-2.0733331864583326,"°C",null,"X"]
["METEO","LTER_EU_BE_02","INBO","HOE1","AIR","EnvEurope",3,3,0,2013,1,14,{"$nulls":8},"TEMP","DB","METH_2",-2.876458562500001,"°C",null,"X"]
["METEO","LTER_EU_BE_02","INBO","HOE1","AIR","EnvEurope",3,3,0,2013,1,15,{"$nulls":8},"TEMP","DB","METH_2",-1.6472048299999997,"°C",null,"X"]
["METEO","LTER_EU_BE_02","INBO","HOE1","AIR","EnvEurope",3,3,0,2013,1,16,{"$nulls":8},"TEMP","DB","METH_2",-5.828541686458334,"°C",null,"X"]
["METEO","LTER_EU_BE_02","INBO","HOE1","AIR","EnvEurope",3,3,0,2013,1,17,{"$nulls":8},"TEMP","DB","METH_2",-5.9310770520833325,"°C",null,"X"]
["METEO","LTER_EU_BE_02","INBO","HOE1","AIR","EnvEurope",3,3,0,2013,1,18,{"$nulls":8},"TEMP","DB","METH_2",-2.9781249541666655,"°C",null,"X"]
["METEO","LTER_EU_BE_02","INBO","HOE1","AIR","EnvEurope",3,3,0,2013,1,19,{"$nulls":8},"TEMP","DB","METH_2",-2.6140799166666664,"°C",null,"X"]
["METEO","LTER_EU_BE_02","INBO","HOE1","AIR","EnvEurope",3,3,0,2013,1,20,{"$nulls":8},"TEMP","DB","METH_2",-4.141354427083333,"°C",null,"X"]
["METEO","LTER_EU_BE_02","INBO","HOE1","AIR","EnvEurope",3,3,0,2013,1,21,{"$nulls":8},"TEMP","DB","METH_2",-0.9880207028125,"°C",null,"X"]
["METEO","LTER_EU_BE_02","INBO","HOE1","AIR","EnvEurope",3,3,0,2013,1,22,{"$nulls":8},"TEMP","DB","METH_2",-1.5661805430208335,"°C",null,"X"]
["METEO","LTER_EU_BE_02","INBO","HOE1","AIR","EnvEurope",3,3,0,2013,1,23,{"$nulls":8},"TEMP","DB","METH_2",-4.865902583333333,"°C",null,"X"]
["METEO","LTER_EU_BE_02","INBO","HOE1","AIR","EnvEurope",3,3,0,2013,1,24,{"$nulls":8},"TEMP","DB","METH_2",-5.000659697916667,"°C",null,"X"]
["METEO","LTER_EU_BE_02","INBO","HOE1","AIR","EnvEurope",3,3,0,2013,1,25,{"$nulls":8},"TEMP","DB","METH_2",-4.041926812500001,"°C",null,"X"]
["METEO","LTER_EU_BE_02","INBO","HOE1","AIR","EnvEurope",3,3,0,2013,1,26,{"$nulls":8},"TEMP","DB","METH_2",-1.996198025208332,"°C",null,"X"]
["METEO","LTER_EU_BE_02","INBO","HOE1","AIR","EnvEurope",3,3,0,2013,1,27,{"$nulls":8},"TEMP","DB","METH_2",3.762117843750001,"°C",null,"X"]
["METEO","LTER_EU_BE_02","INBO","HOE1","AIR","EnvEurope",3,3,0,2013,1,28,{"$nulls":8},"TEMP","DB","METH_2",4.736145791666668,"°C",null,"X"]
["METEO","LTER_EU_BE_02","INBO","HOE1","AIR","EnvEurope",3,3,0,2013,1,29,{"$nulls":8},"TEMP","DB","METH_2",10.26750015625,"°C",null,"X"]
["METEO","LTER_EU_BE_02","INBO","HOE1","AIR","EnvEurope",3,3,0,2013,1,30,{"$nulls":8},"TEMP","DB","METH_2",11.235416375,"°C",null,"X"]
["METEO","LTER_EU_BE_02","INBO","HOE1","AIR","EnvEurope",3,3,0,2013,1,31,{"$nulls":8},"TEMP","DB","METH_2",7.51130221875,"°C",null,"X"]
["METEO","LTER_EU_BE_02","INBO","HOE1","AIR","EnvEurope",3,3,0,2013,10,1,{"$nulls":8},"TEMP","DB","METH_2",10.752568625000002,"°C",null,"X"]
["METEO","LTER_EU_BE_02","INBO","HOE1","AIR","EnvEurope",3,3,0,2013,10,2,{"$nulls":8},"TEMP","DB","METH_2",11.616996583333327,"°C",null,"X"]
["METEO","LTER_EU_BE_02","INBO","HOE1","AIR","EnvEurope",3,3,0,2013,10,3,{"$nulls":8},"TEMP","DB","METH_2",14.373212239583333,"°C",null,"X"]
["METEO","LTER_EU_BE_02","INBO","HOE1","AIR","EnvEurope",3,3,0,2013,10,4,{"$nulls":8},"TEMP","DB","METH_2",16.696633125,"°C",null,"X"]
["METEO","LTER_EU_BE_02","INBO","HOE1","AIR","EnvEurope",3,3,0,2013,10,5,{"$nulls":8},"TEMP","DB","METH_2",13.965364229166674,"°C",null,"X"]
["METEO","LTER_EU_BE_02","INBO","HOE1","AIR","EnvEurope",3,3,0,2013,10,6,{"$nulls":8},"TEMP","DB","METH_2",13.166267645833337,"°C",null,"X"]
["METEO","LTER_EU_BE_02","INBO","HOE1","AIR","EnvEurope",3,3,0,2013,10,7,{"$nulls":8},"TEMP","DB","METH_2",11.364808687499997,"°C",null,"X"]
["METEO","LTER_EU_BE_02","INBO","HOE1","AIR","EnvEurope",3,3,0,2013,10,8,{"$nulls":8},"TEMP","DB","METH_2",12.706422854166668,"°C",null,"X"]
["METEO","LTER_EU_BE_02","INBO","HOE1","AIR","EnvEurope",3,3,0,2013,10,9,{"$nulls":8},"TEMP","DB","METH_2",13.55312530208333,"°C",null,"X"]
["METEO","LTER_EU_BE_02","INBO","HOE1","AIR","EnvEurope",3,3,0,2013,10,10,{"$nulls":8},"TEMP","DB","METH_2",8.056389718750001,"°C",null,"X"]
["METEO","LTER_EU_BE_02","INBO","HOE1","AIR","EnvEurope",3,3,0,2013,10,11,{"$nulls":8},"TEMP","DB","METH_2",7.721684187499997,"°C",null,"X"]
["METEO","LTER_EU_BE_02","INBO","HOE1","AIR","EnvEurope",3,3,0,2013,10,12,{"$nulls":8},"TEMP","DB","METH_2",6.971128260416669,"°C",null,"X"]
["METEO","LTER_EU_BE_02","INBO","HOE1","AIR","EnvEurope",3,3,0,2013,10,13,{"$nulls":8},"TEMP","DB","METH_2",8.081737322916668,"°C",null,"X"]
["METEO","LTER_EU_BE_02","INBO","HOE1","AIR","EnvEurope",3,3,0,2013,10,14,{"$nulls":8},"TEMP","DB","METH_2",9.726735489583334,"°C",null,"X"]
["METEO","LTER_EU_BE_02","INBO","HOE1","AIR","EnvEurope",3,3,0,2013,10,15,{"$nulls":8},"TEMP","DB","METH_2",10.13286490625,"°C",null,"X"]
["METEO","LTER_EU_BE_02","INBO","HOE1","AIR","EnvEurope",3,3,0,2013,10,16,{"$nulls":8},"TEMP","DB","METH_2",10.248732218749998,"°C",null,"X"]
["METEO","LTER_EU_BE_02","INBO","HOE1","AIR","EnvEurope",3,3,0,2013,10,17,{"$nulls":8},"TEMP","DB","METH_2",12.605989479166665,"°C",null,"X"]
["METEO","LTER_EU_BE_02","INBO","HOE1","AIR","EnvEurope",3,3,0,2013,10,18,{"$nulls":8},"TEMP","DB","METH_2",12.861563645833336,"°C",null,"X"]
["METEO","LTER_EU_BE_02","INBO","HOE1","AIR","EnvEurope",3,3,0,2013,10,19,{"$nulls":8},"TEMP","DB","METH_2",12.924113750000002,"°C",null,"X"]
["METEO","LTER_EU_BE_02","INBO","HOE1","AIR","EnvEurope",3,3,0,2013,10,20,{"$nulls":8},"TEMP","DB","METH_2",15.001335937499997,"°C",null,"X"]
["METEO","LTER_EU_BE_02","INBO","HOE1","AIR","EnvEurope",3,3,0,2013,10,21,{"$nulls":8},"TEMP","DB","METH_2",14.943526145833331,"°C",null,"X"]
["METEO","LTER_EU_BE_02","INBO","HOE1","AIR","EnvEurope",3,3,0,2013,10,22,{"$nulls":8},"TEMP","DB","METH_2",16.939287916666668,"°C",null,"X"]
["METEO","LTER_EU_BE_02","INBO","HOE1","AIR","EnvEurope",3,3,0,2013,10,23,{"$nulls":8},"TEMP","DB","METH_2",15.447533749999996,"°C",null,"X"]
["METEO","LTER_EU_BE_02","INBO","HOE1","AIR","EnvEurope",3,3,0,2013,10,24,{"$nulls":8},"TEMP","DB","METH_2",12.027274020833337,"°C",null,"X"]
["METEO","LTER_EU_BE_02","INBO","HOE1","AIR","EnvEurope",3,3,0,2013,10,25,{"$nulls":8},"TEMP","DB","METH_2",15.188627916666663,"°C",null,"X"]
["METEO","LTER_EU_BE_02","INBO","HOE1","AIR","EnvEurope",3,3,0,2013,10,26,{"$nulls":8},"TEMP","DB","METH_2",16.789601354166667,"°C",null,"X"]
["METEO","LTER_EU_BE_02","INBO","HOE1","AIR","EnvEurope",3,3,0,2013,10,27,{"$nulls":8},"TEMP","DB","METH_2",14.556406562500007,"°C",null,"X"]
["METEO","LTER_EU_BE_02","INBO","HOE1","AIR","EnvEurope",3,3,0,2013,10,28,{"$nulls":8},"TEMP","DB","METH_2",14.181006249999998,"°C",null,"X"]
["METEO","LTER_EU_BE_02","INBO","HOE1","AIR","EnvEurope",3,3,0,2013,10,29,{"$nulls":8},"TEMP","DB","METH_2",9.470746072916663,"°C",null,"X"]
["METEO","LTER_EU_BE_02","INBO","HOE1","AIR","EnvEurope",3,3,0,2013,10,30,{"$nulls":8},"TEMP","DB","METH_2",7.750156729166666,"°C",null,"X"]
["METEO","LTER_EU_BE_02","INBO","HOE1","AIR","EnvEurope",3,3,0,2013,10,31,{"$nulls":8},"TEMP","DB","METH_2",9.234358531250002,"°C",null,"X"]
["METEO","LTER_EU_BE_02","INBO","HOE1","AIR","EnvEurope",3,3,0,2013,11,1,{"$nulls":8},"TEMP","DB","METH_2",10.202533656250003,"°C",null,"X"]
["METEO","LTER_EU_BE_02","INBO","HOE1","AIR","EnvEurope",3,3,0,2013,11,2,{"$nulls":8},"TEMP","DB","METH_2",11.352726052083336,"°C",null,"X"]
["METEO","LTER_EU_BE_02","INBO","HOE1","AIR","EnvEurope",3,3,0,2013,11,3,{"$nulls":8},"TEMP","DB","METH_2",8.117187604166666,"°C",null,"X"]
["METEO","LTER_EU_BE_02","INBO","HOE1","AIR","EnvEurope",3,3,0,2013,11,4,{"$nulls":8},"TEMP","DB","METH_2",8.656961197916663,"°C",null,"X"]
["METEO","LTER_EU_BE_02","INBO","HOE1","AIR","EnvEurope",3,3,0,2013,11,5,{"$nulls":8},"TEMP","DB","METH_2",5.975833427083334,"°C",null,"X"]
["METEO","LTER_EU_BE_02","INBO","HOE1","AIR","EnvEurope",3,3,0,2013,11,6,{"$nulls":8},"TEMP","DB","METH_2",10.665746770833335,"°C",null,"X"]
["METEO","LTER_EU_BE_02","INBO","HOE1","AIR","EnvEurope",3,3,0,2013,11,7,{"$nulls":8},"TEMP","DB","METH_2",11.917534145833336,"°C",null,"X"]
["METEO","LTER_EU_BE_02","INBO","HOE1","AIR","EnvEurope",3,3,0,2013,11,8,{"$nulls":8},"TEMP","DB","METH_2",9.185364812499998,"°C",null,"X"]
["METEO","LTER_EU_BE_02","INBO","HOE1","AIR","EnvEurope",3,3,0,2013,11,9,{"$nulls":8},"TEMP","DB","METH_2",8.16927079166667,"°C",null,"X"]
["METEO","LTER_EU_BE_02","INBO","HOE1","AIR","EnvEurope",3,3,0,2013,11,10,{"$nulls":8},"TEMP","DB","METH_2",5.0810587812499985,"°C",null,"X"]
["METEO","LTER_EU_BE_02","INBO","HOE1","AIR","EnvEurope",3,3,0,2013,11,11,{"$nulls":8},"TEMP","DB","METH_2",4.6502953678125,"°C",null,"X"]
["METEO","LTER_EU_BE_02","INBO","HOE1","AIR","EnvEurope",3,3,0,2013,11,12,{"$nulls":8},"TEMP","DB","METH_2",7.0664061041666635,"°C",null,"X"]
["METEO","LTER_EU_BE_02","INBO","HOE1","AIR","EnvEurope",3,3,0,2013,11,13,{"$nulls":8},"TEMP","DB","METH_2",4.789044814583334,"°C",null,"X"]
["METEO","LTER_EU_BE_02","INBO","HOE1","AIR","EnvEurope",3,3,0,2013,11,14,{"$nulls":8},"TEMP","DB","METH_2",4.888645427083332,"°C",null,"X"]
["METEO","LTER_EU_BE_02","INBO","HOE1","AIR","EnvEurope",3,3,0,2013,11,15,{"$nulls":8},"TEMP","DB","METH_2",5.553975822916669,"°C",null,"X"]
["METEO","LTER_EU_BE_02","INBO","HOE1","AIR","EnvEurope",3,3,0,2013,11,16,{"$nulls":8},"TEMP","DB","METH_2",2.698055593749999,"°C",null,"X"]
["METEO","LTER_EU_BE_02","INBO","HOE1","AIR","EnvEurope",3,3,0,2013,11,17,{"$nulls":8},"TEMP","DB","METH_2",4.357899239583332,"°C",null,"X"]
["METEO","LTER_EU_BE_02","INBO","HOE1","AIR","EnvEurope",3,3,0,2013,11,18,{"$nulls":8},"TEMP","DB","METH_2",4.304045052083331,"°C",null,"X"]
["METEO","LTER_EU_BE_02","INBO","HOE1","AIR","EnvEurope",3,3,0,2013,11,19,{"$nulls":8},"TEMP","DB","METH_2",5.265676708333334,"°C",null,"X"]
["METEO","LTER_EU_BE_02","INBO","HOE1","AIR","EnvEurope",3,3,0,2013,11,20,{"$nulls":8},"TEMP","DB","METH_2",1.7545833211041664,"°C",null,"X"]
["METEO","LTER_EU_BE_02","INBO","HOE1","AIR","EnvEurope",3,3,0,2013,11,21,{"$nulls":8},"TEMP","DB","METH_2",2.288298648958333,"°C",null,"X"]
["METEO","LTER_EU_BE_02","INBO","HOE1","AIR","EnvEurope",3,3,0,2013,11,22,{"$nulls":8},"TEMP","DB","METH_2",3.0746872083333314,"°C",null,"X"]
["METEO","LTER_EU_BE_02","INBO","HOE1","AIR","EnvEurope",3,3,0,2013,11,23,{"$nulls":8},"TEMP","DB","METH_2",4.755573229166669,"°C",null,"X"]
["METEO","LTER_EU_BE_02","INBO","HOE1","AIR","EnvEurope",3,3,0,2013,11,24,{"$nulls":8},"TEMP","DB","METH_2",4.2886284987500005,"°C",null,"X"]
["METEO","LTER_EU_BE_02","INBO","HOE1","AIR","EnvEurope",3,3,0,2013,11,25,{"$nulls":8},"TEMP","DB","METH_2",5.06491340625,"°C",null,"X"]
["METEO","LTER_EU_BE_02","INBO","HOE1","AIR","EnvEurope",3,3,0,2013,11,26,{"$nulls":8},"TEMP","DB","METH_2",4.8168230625,"°C",null,"X"]
["METEO","LTER_EU_BE_02","INBO","HOE1","AIR","EnvEurope",3,3,0,2013,11,27,{"$nulls":8},"TEMP","DB","METH_2",3.336475303822916,"°C",null,"X"]
["METEO","LTER_EU_BE_02","INBO","HOE1","AIR","EnvEurope",3,3,0,2013,11,28,{"$nulls":8},"TEMP","DB","METH_2",5.839808697916669,"°C",null,"X"]
["METEO","LTER_EU_BE_02","INBO","HOE1","AIR","EnvEurope",3,3,0,2013,11,29,{"$nulls":8},"TEMP","DB","METH_2",6.006944395833332,"°C",null,"X"]
["METEO","LTER_EU_BE_02","INBO","HOE1","AIR","EnvEurope",3,3,0,2013,11,30,{"$nulls":8},"TEMP","DB","METH_2",5.456267135416667,"°C",null,"X"]
["METEO","LTER_EU_BE_02","INBO","HOE1","AIR","EnvEurope",3,3,0,2013,12,1,{"$nulls":8},"TEMP","DB","METH_2",5.894548291666669,"°C",null,"X"]
["METEO","LTER_EU_BE_02","INBO","HOE1","AIR","EnvEurope",3,3,0,2013,12,2,{"$nulls":8},"TEMP","DB","METH_2",5.815017470520836,"°C",null,"X"]
["METEO","LTER_EU_BE_02","INBO","HOE1","AIR","EnvEurope",3,3,0,2013,12,3,{"$nulls":8},"TEMP","DB","METH_2",0.43088552312500017,"°C",null,"X"]
["METEO","LTER_EU_BE_02","INBO","HOE1","AIR","EnvEurope",3,3,0,2013,12,4,{"$nulls":8},"TEMP","DB","METH_2",4.232551895833336,"°C",null,"X"]
["METEO","LTER_EU_BE_02","INBO","HOE1","AIR","EnvEurope",3,3,0,2013,12,5,{"$nulls":8},"TEMP","DB","METH_2",3.1754514813541674,"°C",null,"X"]
["METEO","LTER_EU_BE_02","INBO","HOE1","AIR","EnvEurope",3,3,0,2013,12,6,{"$nulls":8},"TEMP","DB","METH_2",2.8338369086458326,"°C",null,"X"]
["METEO","LTER_EU_BE_02","INBO","HOE1","AIR","EnvEurope",3,3,0,2013,12,7,{"$nulls":8},"TEMP","DB","METH_2",5.217447729166667,"°C",null,"X"]
["METEO","LTER_EU_BE_02","INBO","HOE1","AIR","EnvEurope",3,3,0,2013,12,8,{"$nulls":8},"TEMP","DB","METH_2",7.30190984375,"°C",null,"X"]
["METEO","LTER_EU_BE_02","INBO","HOE1","AIR","EnvEurope",3,3,0,2013,12,9,{"$nulls":8},"TEMP","DB","METH_2",6.0140275354166635,"°C",null,"X"]
["METEO","LTER_EU_BE_02","INBO","HOE1","AIR","EnvEurope",3,3,0,2013,12,10,{"$nulls":8},"TEMP","DB","METH_2",1.1783853215625,"°C",null,"X"]
["METEO","LTER_EU_BE_02","INBO","HOE1","AIR","EnvEurope",3,3,0,2013,12,11,{"$nulls":8},"TEMP","DB","METH_2",0.6095659177083331,"°C",null,"X"]
["METEO","LTER_EU_BE_02","INBO","HOE1","AIR","EnvEurope",3,3,0,2013,12,12,{"$nulls":8},"TEMP","DB","METH_2",0.5901389142708335,"°C",null,"X"]
["METEO","LTER_EU_BE_02","INBO","HOE1","AIR","EnvEurope",3,3,0,2013,12,13,{"$nulls":8},"TEMP","DB","METH_2",2.2337497621874993,"°C",null,"X"]
["METEO","LTER_EU_BE_02","INBO","HOE1","AIR","EnvEurope",3,3,0,2013,12,14,{"$nulls":8},"TEMP","DB","METH_2",5.625642135416666,"°C",null,"X"]
["METEO","LTER_EU_BE_02","INBO","HOE1","AIR","EnvEurope",3,3,0,2013,12,15,{"$nulls":8},"TEMP","DB","METH_2",7.365781010416666,"°C",null,"X"]
["METEO","LTER_EU_BE_02","INBO","HOE1","AIR","EnvEurope",3,3,0,2013,12,16,{"$nulls":8},"TEMP","DB","METH_2",9.794288375000002,"°C",null,"X"]
["METEO","LTER_EU_BE_02","INBO","HOE1","AIR","EnvEurope",3,3,0,2013,12,17,{"$nulls":8},"TEMP","DB","METH_2",7.630225166666666,"°C",null,"X"]
["METEO","LTER_EU_BE_02","INBO","HOE1","AIR","EnvEurope",3,3,0,2013,12,18,{"$nulls":8},"TEMP","DB","METH_2",8.386858104166668,"°C",null,"X"]
["METEO","LTER_EU_BE_02","INBO","HOE1","AIR","EnvEurope",3,3,0,2013,12,19,{"$nulls":8},"TEMP","DB","METH_2",6.791458541666667,"°C",null,"X"]
["METEO","LTER_EU_BE_02","INBO","HOE1","AIR","EnvEurope",3,3,0,2013,12,20,{"$nulls":8},"TEMP","DB","METH_2",4.938281197916667,"°C",null,"X"]
["METEO","LTER_EU_BE_02","INBO","HOE1","AIR","EnvEurope",3,3,0,2013,12,21,{"$nulls":8},"TEMP","DB","METH_2",6.308958760416666,"°C",null,"X"]
["METEO","LTER_EU_BE_02","INBO","HOE1","AIR","EnvEurope",3,3,0,2013,12,22,{"$nulls":8},"TEMP","DB","METH_2",7.6272399166666665,"°C",null,"X"]
["METEO","LTER_EU_BE_02","INBO","HOE1","AIR","EnvEurope",3,3,0,2013,12,23,{"$nulls":8},"TEMP","DB","METH_2",8.198715656250005,"°C",null,"X"]
["METEO","LTER_EU_BE_02","INBO","HOE1","AIR","EnvEurope",3,3,0,2013,12,24,{"$nulls":8},"TEMP","DB","METH_2",9.356146666666666,"°C",null,"X"]
["METEO","LTER_EU_BE_02","INBO","HOE1","AIR","EnvEurope",3,3,0,2013,12,25,{"$nulls":8},"TEMP","DB","METH_2",6.771232135416667,"°C",null,"X"]
["METEO","LTER_EU_BE_02","INBO","HOE1","AIR","EnvEurope",3,3,0,2013,12,26,{"$nulls":8},"TEMP","DB","METH_2",5.061944281250001,"°C",null,"X"]
["METEO","LTER_EU_BE_02","INBO","HOE1","AIR","EnvEurope",3,3,0,2013,12,27,{"$nulls":8},"TEMP","DB","METH_2",7.663055552083333,"°C",null,"X"]
["METEO","LTER_EU_BE_02","INBO","HOE1","AIR","EnvEurope",3,3,0,2013,12,28,{"$nulls":8},"TEMP","DB","METH_2",6.664669770833332,"°C",null,"X"]
["METEO","LTER_EU_BE_02","INBO","HOE1","AIR","EnvEurope",3,3,0,2013,12,29,{"$nulls":8},"TEMP","DB","METH_2",4.78545153125,"°C",null,"X"]
["METEO","LTER_EU_BE_02","INBO","HOE1","AIR","EnvEurope",3,3,0,2013,12,30,{"$nulls":8},"TEMP","DB","METH_2",4.874791864583332,"°C",null,"X"]
["METEO","LTER_EU_BE_02","INBO","HOE1","AIR","EnvEurope",3,3,0,2013,12,31,{"$nulls":8},"TEMP","DB","METH_2",6.840937104166668,"°C",null,"X"]
["METEO","LTER_EU_BE_02","INBO","HOE1","AIR","EnvEurope",3,3,0,2013,2,1,{"$nulls":8},"TEMP","DB","METH_2",6.0172220520833335,"°C",null,"X"]
["METEO","LTER_EU_BE_02","INBO","HOE1","AIR","EnvEurope",3,3,0,2013,2,2,{"$nulls":8},"TEMP","DB","METH_2",3.1647221858333316,"°C",null,"X"]
["METEO","LTER_EU_BE_02","INBO","HOE1","AIR","EnvEurope",3,3,0,2013,2,3,{"$nulls":8},"TEMP","DB","METH_2",3.0893402239583323,"°C",null,"X"]
["METEO","LTER_EU_BE_02","INBO","HOE1","AIR","EnvEurope",3,3,0,2013,2,4,{"$nulls":8},"TEMP","DB","METH_2",7.42833320833333,"°C",null,"X"]
["METEO","LTER_EU_BE_02","INBO","HOE1","AIR","EnvEurope",3,3,0,2013,2,5,{"$nulls":8},"TEMP","DB","METH_2",3.5793750437499985,"°C",null,"X"]
["METEO","LTER_EU_BE_02","INBO","HOE1","AIR","EnvEurope",3,3,0,2013,2,6,{"$nulls":8},"TEMP","DB","METH_2",1.8331424968749994,"°C",null,"X"]
["METEO","LTER_EU_BE_02","INBO","HOE1","AIR","EnvEurope",3,3,0,2013,2,7,{"$nulls":8},"TEMP","DB","METH_2",1.0239410343749997,"°C",null,"X"]
["METEO","LTER_EU_BE_02","INBO","HOE1","AIR","EnvEurope",3,3,0,2013,2,8,{"$nulls":8},"TEMP","DB","METH_2",0.8298611410416671,"°C",null,"X"]
["METEO","LTER_EU_BE_02","INBO","HOE1","AIR","EnvEurope",3,3,0,2013,2,9,{"$nulls":8},"TEMP","DB","METH_2",-1.1335936658333325,"°C",null,"X"]
["METEO","LTER_EU_BE_02","INBO","HOE1","AIR","EnvEurope",3,3,0,2013,2,10,{"$nulls":8},"TEMP","DB","METH_2",-0.11854162416666662,"°C",null,"X"]
["METEO","LTER_EU_BE_02","INBO","HOE1","AIR","EnvEurope",3,3,0,2013,2,11,{"$nulls":8},"TEMP","DB","METH_2",-0.9229340721145829,"°C",null,"X"]
["METEO","LTER_EU_BE_02","INBO","HOE1","AIR","EnvEurope",3,3,0,2013,2,12,{"$nulls":8},"TEMP","DB","METH_2",-1.5130901479166672,"°C",null,"X"]
["METEO","LTER_EU_BE_02","INBO","HOE1","AIR","EnvEurope",3,3,0,2013,2,13,{"$nulls":8},"TEMP","DB","METH_2",-1.1743577395833331,"°C",null,"X"]
["METEO","LTER_EU_BE_02","INBO","HOE1","AIR","EnvEurope",3,3,0,2013,2,14,{"$nulls":8},"TEMP","DB","METH_2",-0.6781250564583335,"°C",null,"X"]
["METEO","LTER_EU_BE_02","INBO","HOE1","AIR","EnvEurope",3,3,0,2013,2,15,{"$nulls":8},"TEMP","DB","METH_2",2.4131597427083333,"°C",null,"X"]
["METEO","LTER_EU_BE_02","INBO","HOE1","AIR","EnvEurope",3,3,0,2013,2,16,{"$nulls":8},"TEMP","DB","METH_2",3.312656635416666,"°C",null,"X"]
["METEO","LTER_EU_BE_02","INBO","HOE1","AIR","EnvEurope",3,3,0,2013,2,17,{"$nulls":8},"TEMP","DB","METH_2",2.37348950625,"°C",null,"X"]
["METEO","LTER_EU_BE_02","INBO","HOE1","AIR","EnvEurope",3,3,0,2013,2,18,{"$nulls":8},"TEMP","DB","METH_2",0.7775518726041667,"°C",null,"X"]
["METEO","LTER_EU_BE_02","INBO","HOE1","AIR","EnvEurope",3,3,0,2013,2,19,{"$nulls":8},"TEMP","DB","METH_2",1.5794963764583334,"°C",null,"X"]
["METEO","LTER_EU_BE_02","INBO","HOE1","AIR","EnvEurope",3,3,0,2013,2,20,{"$nulls":8},"TEMP","DB","METH_2",1.2017707227812493,"°C",null,"X"]
["METEO","LTER_EU_BE_02","INBO","HOE1","AIR","EnvEurope",3,3,0,2013,2,21,{"$nulls":8},"TEMP","DB","METH_2",-1.6673262712916663,"°C",null,"X"]
["METEO","LTER_EU_BE_02","INBO","HOE1","AIR","EnvEurope",3,3,0,2013,2,22,{"$nulls":8},"TEMP","DB","METH_2",-2.2431771760416668,"°C",null,"X"]
["METEO","LTER_EU_BE_02","INBO","HOE1","AIR","EnvEurope",3,3,0,2013,2,23,{"$nulls":8},"TEMP","DB","METH_2",-2.8365104687499993,"°C",null,"X"]
["METEO","LTER_EU_BE_02","INBO","HOE1","AIR","EnvEurope",3,3,0,2013,2,24,{"$nulls":8},"TEMP","DB","METH_2",-0.7252081918750007,"°C",null,"X"]
["METEO","LTER_EU_BE_02","INBO","HOE1","AIR","EnvEurope",3,3,0,2013,2,25,{"$nulls":8},"TEMP","DB","METH_2",0.4921874554166666,"°C",null,"X"]
["METEO","LTER_EU_BE_02","INBO","HOE1","AIR","EnvEurope",3,3,0,2013,2,26,{"$nulls":8},"TEMP","DB","METH_2",2.391284675,"°C",null,"X"]
["METEO","LTER_EU_BE_02","INBO","HOE1","AIR","EnvEurope",3,3,0,2013,2,27,{"$nulls":8},"TEMP","DB","METH_2",0.673767372291667,"°C",null,"X"]
["METEO","LTER_EU_BE_02","INBO","HOE1","AIR","EnvEurope",3,3,0,2013,2,28,{"$nulls":8},"TEMP","DB","METH_2",0.9559548367083334,"°C",null,"X"]
["METEO","LTER_EU_BE_02","INBO","HOE1","AIR","EnvEurope",3,3,0,2013,3,1,{"$nulls":8},"TEMP","DB","METH_2",2.152934141666667,"°C",null,"X"]
["METEO","LTER_EU_BE_02","INBO","HOE1","AIR","EnvEurope",3,3,0,2013,3,2,{"$nulls":8},"TEMP","DB","METH_2",2.1100695000000003,"°C",null,"X"]
["METEO","LTER_EU_BE_02","INBO","HOE1","AIR","EnvEurope",3,3,0,2013,3,3,{"$nulls":8},"TEMP","DB","METH_2",3.0324478697916657,"°C",null,"X"]
["METEO","LTER_EU_BE_02","INBO","HOE1","AIR","EnvEurope",3,3,0,2013,3,4,{"$nulls":8},"TEMP","DB","METH_2",5.08899315625,"°C",null,"X"]
["METEO","LTER_EU_BE_02","INBO","HOE1","AIR","EnvEurope",3,3,0,2013,3,5,{"$nulls":8},"TEMP","DB","METH_2",10.063732729166672,"°C",null,"X"]
["METEO","LTER_EU_BE_02","INBO","HOE1","AIR","EnvEurope",3,3,0,2013,3,6,{"$nulls":8},"TEMP","DB","METH_2",11.324496406250004,"°C",null,"X"]
["METEO","LTER_EU_BE_02","INBO","HOE1","AIR","EnvEurope",3,3,0,2013,3,7,{"$nulls":8},"TEMP","DB","METH_2",10.204131375000001,"°C",null,"X"]
["METEO","LTER_EU_BE_02","INBO","HOE1","AIR","EnvEurope",3,3,0,2013,3,8,{"$nulls":8},"TEMP","DB","METH_2",10.648367437499994,"°C",null,"X"]
["METEO","LTER_EU_BE_02","INBO","HOE1","AIR","EnvEurope",3,3,0,2013,3,9,{"$nulls":8},"TEMP","DB","METH_2",7.865885114583328,"°C",null,"X"]
["METEO","LTER_EU_BE_02","INBO","HOE1","AIR","EnvEurope",3,3,0,2013,3,10,{"$nulls":8},"TEMP","DB","METH_2",1.403142416281251,"°C",null,"X"]
["METEO","LTER_EU_BE_02","INBO","HOE1","AIR","EnvEurope",3,3,0,2013,3,11,{"$nulls":8},"TEMP","DB","METH_2",-2.1224304812499994,"°C",null,"X"]
["METEO","LTER_EU_BE_02","INBO","HOE1","AIR","EnvEurope",3,3,0,2013,3,12,{"$nulls":8},"TEMP","DB","METH_2",-3.290000166666666,"°C",null,"X"]
["METEO","LTER_EU_BE_02","INBO","HOE1","AIR","EnvEurope",3,3,0,2013,3,13,{"$nulls":8},"TEMP","DB","METH_2",-4.014826313187501,"°C",null,"X"]
["METEO","LTER_EU_BE_02","INBO","HOE1","AIR","EnvEurope",3,3,0,2013,3,14,{"$nulls":8},"TEMP","DB","METH_2",-1.2262153701041665,"°C",null,"X"]
["METEO","LTER_EU_BE_02","INBO","HOE1","AIR","EnvEurope",3,3,0,2013,3,15,{"$nulls":8},"TEMP","DB","METH_2",0.03909730392708301,"°C",null,"X"]
["METEO","LTER_EU_BE_02","INBO","HOE1","AIR","EnvEurope",3,3,0,2013,3,16,{"$nulls":8},"TEMP","DB","METH_2",4.732656156250001,"°C",null,"X"]
["METEO","LTER_EU_BE_02","INBO","HOE1","AIR","EnvEurope",3,3,0,2013,3,17,{"$nulls":8},"TEMP","DB","METH_2",5.559149489583331,"°C",null,"X"]
["METEO","LTER_EU_BE_02","INBO","HOE1","AIR","EnvEurope",3,3,0,2013,3,18,{"$nulls":8},"TEMP","DB","METH_2",5.654270947916667,"°C",null,"X"]
["METEO","LTER_EU_BE_02","INBO","HOE1","AIR","EnvEurope",3,3,0,2013,3,19,{"$nulls":8},"TEMP","DB","METH_2",4.3048956645833325,"°C",null,"X"]
["METEO","LTER_EU_BE_02","INBO","HOE1","AIR","EnvEurope",3,3,0,2013,3,20,{"$nulls":8},"TEMP","DB","METH_2",2.3516493041666675,"°C",null,"X"]
["METEO","LTER_EU_BE_02","INBO","HOE1","AIR","EnvEurope",3,3,0,2013,3,21,{"$nulls":8},"TEMP","DB","METH_2",1.9759546911041668,"°C",null,"X"]
["METEO","LTER_EU_BE_02","INBO","HOE1","AIR","EnvEurope",3,3,0,2013,3,22,{"$nulls":8},"TEMP","DB","METH_2",2.197065817083333,"°C",null,"X"]
["METEO","LTER_EU_BE_02","INBO","HOE1","AIR","EnvEurope",3,3,0,2013,3,23,{"$nulls":8},"TEMP","DB","METH_2",0.8748089458020831,"°C",null,"X"]
["METEO","LTER_EU_BE_02","INBO","HOE1","AIR","EnvEurope",3,3,0,2013,3,24,{"$nulls":8},"TEMP","DB","METH_2",-0.917569691354167,"°C",null,"X"]
["METEO","LTER_EU_BE_02","INBO","HOE1","AIR","EnvEurope",3,3,0,2013,3,25,{"$nulls":8},"TEMP","DB","METH_2",0.4560242990625,"°C",null,"X"]
["METEO","LTER_EU_BE_02","INBO","HOE1","AIR","EnvEurope",3,3,0,2013,3,26,{"$nulls":8},"TEMP","DB","METH_2",0.5864930684375,"°C",null,"X"]
["METEO","LTER_EU_BE_02","INBO","HOE1","AIR","EnvEurope",3,3,0,2013,3,27,{"$nulls":8},"TEMP","DB","METH_2",1.2827951143750003,"°C",null,"X"]
["METEO","LTER_EU_BE_02","INBO","HOE1","AIR","EnvEurope",3,3,0,2013,3,28,{"$nulls":8},"TEMP","DB","METH_2",1.690920099322916,"°C",null,"X"]
["METEO","LTER_EU_BE_02","INBO","HOE1","AIR","EnvEurope",3,3,0,2013,3,29,{"$nulls":8},"TEMP","DB","METH_2",-0.4711457820104164,"°C",null,"X"]
["METEO","LTER_EU_BE_02","INBO","HOE1","AIR","EnvEurope",3,3,0,2013,3,30,{"$nulls":8},"TEMP","DB","METH_2",-0.19585090572916655,"°C",null,"X"]
["METEO","LTER_EU_BE_02","INBO","HOE1","AIR","EnvEurope",3,3,0,2013,3,31,{"$nulls":8},"TEMP","DB","METH_2",0.21326387427083335,"°C",null,"X"]
["METEO","LTER_EU_BE_02","INBO","HOE1","AIR","EnvEurope",3,3,0,2013,4,1,{"$nulls":8},"TEMP","DB","METH_2",2.168281038645833,"°C",null,"X"]
["METEO","LTER_EU_BE_02","INBO","HOE1","AIR","EnvEurope",3,3,0,2013,4,2,{"$nulls":8},"TEMP","DB","METH_2",3.1090970985416657,"°C",null,"X"]
["METEO","LTER_EU_BE_02","INBO","HOE1","AIR","EnvEurope",3,3,0,2013,4,3,{"$nulls":8},"TEMP","DB","METH_2",2.1430207472187504,"°C",null,"X"]
["METEO","LTER_EU_BE_02","INBO","HOE1","AIR","EnvEurope",3,3,0,2013,4,4,{"$nulls":8},"TEMP","DB","METH_2",3.519808933333332,"°C",null,"X"]
["METEO","LTER_EU_BE_02","INBO","HOE1","AIR","EnvEurope",3,3,0,2013,4,5,{"$nulls":8},"TEMP","DB","METH_2",2.307326441666666,"°C",null,"X"]
["METEO","LTER_EU_BE_02","INBO","HOE1","AIR","EnvEurope",3,3,0,2013,4,6,{"$nulls":8},"TEMP","DB","METH_2",3.0393578729166673,"°C",null,"X"]
["METEO","LTER_EU_BE_02","INBO","HOE1","AIR","EnvEurope",3,3,0,2013,4,7,{"$nulls":8},"TEMP","DB","METH_2",4.5903992250000005,"°C",null,"X"]
["METEO","LTER_EU_BE_02","INBO","HOE1","AIR","EnvEurope",3,3,0,2013,4,8,{"$nulls":8},"TEMP","DB","METH_2",5.019635241666669,"°C",null,"X"]
["METEO","LTER_EU_BE_02","INBO","HOE1","AIR","EnvEurope",3,3,0,2013,4,9,{"$nulls":8},"TEMP","DB","METH_2",4.882829665624999,"°C",null,"X"]
["METEO","LTER_EU_BE_02","INBO","HOE1","AIR","EnvEurope",3,3,0,2013,4,10,{"$nulls":8},"TEMP","DB","METH_2",6.950936979166666,"°C",null,"X"]
["METEO","LTER_EU_BE_02","INBO","HOE1","AIR","EnvEurope",3,3,0,2013,4,11,{"$nulls":8},"TEMP","DB","METH_2",10.269930427083334,"°C",null,"X"]
["METEO","LTER_EU_BE_02","INBO","HOE1","AIR","EnvEurope",3,3,0,2013,4,12,{"$nulls":8},"TEMP","DB","METH_2",9.758767093749997,"°C",null,"X"]
["METEO","LTER_EU_BE_02","INBO","HOE1","AIR","EnvEurope",3,3,0,2013,4,13,{"$nulls":8},"TEMP","DB","METH_2",10.361667041666667,"°C",null,"X"]
["METEO","LTER_EU_BE_02","INBO","HOE1","AIR","EnvEurope",3,3,0,2013,4,14,{"$nulls":8},"TEMP","DB","METH_2",17.14093677083334,"°C",null,"X"]
["METEO","LTER_EU_BE_02","INBO","HOE1","AIR","EnvEurope",3,3,0,2013,4,15,{"$nulls":8},"TEMP","DB","METH_2",13.335521187500001,"°C",null,"X"]
["METEO","LTER_EU_BE_02","INBO","HOE1","AIR","EnvEurope",3,3,0,2013,4,16,{"$nulls":8},"TEMP","DB","METH_2",12.323940781250002,"°C",null,"X"]
["METEO","LTER_EU_BE_02","INBO","HOE1","AIR","EnvEurope",3,3,0,2013,4,17,{"$nulls":8},"TEMP","DB","METH_2",16.610798437500012,"°C",null,"X"]
["METEO","LTER_EU_BE_02","INBO","HOE1","AIR","EnvEurope",3,3,0,2013,4,18,{"$nulls":8},"TEMP","DB","METH_2",13.314617885416668,"°C",null,"X"]
["METEO","LTER_EU_BE_02","INBO","HOE1","AIR","EnvEurope",3,3,0,2013,4,19,{"$nulls":8},"TEMP","DB","METH_2",8.142396177083334,"°C",null,"X"]
["METEO","LTER_EU_BE_02","INBO","HOE1","AIR","EnvEurope",3,3,0,2013,4,20,{"$nulls":8},"TEMP","DB","METH_2",7.015745958333333,"°C",null,"X"]
["METEO","LTER_EU_BE_02","INBO","HOE1","AIR","EnvEurope",3,3,0,2013,4,21,{"$nulls":8},"TEMP","DB","METH_2",7.859895520833333,"°C",null,"X"]
["METEO","LTER_EU_BE_02","INBO","HOE1","AIR","EnvEurope",3,3,0,2013,4,22,{"$nulls":8},"TEMP","DB","METH_2",7.625885616322917,"°C",null,"X"]
["METEO","LTER_EU_BE_02","INBO","HOE1","AIR","EnvEurope",3,3,0,2013,4,23,{"$nulls":8},"TEMP","DB","METH_2",11.168663177083333,"°C",null,"X"]
["METEO","LTER_EU_BE_02","INBO","HOE1","AIR","EnvEurope",3,3,0,2013,4,24,{"$nulls":8},"TEMP","DB","METH_2",13.353265125,"°C",null,"X"]
["METEO","LTER_EU_BE_02","INBO","HOE1","AIR","EnvEurope",3,3,0,2013,4,25,{"$nulls":8},"TEMP","DB","METH_2",16.83465264583334,"°C",null,"X"]
["METEO","LTER_EU_BE_02","INBO","HOE1","AIR","EnvEurope",3,3,0,2013,4,26,{"$nulls":8},"TEMP","DB","METH_2",8.810694166666662,"°C",null,"X"]
["METEO","LTER_EU_BE_02","INBO","HOE1","AIR","EnvEurope",3,3,0,2013,4,27,{"$nulls":8},"TEMP","DB","METH_2",7.284843875000001,"°C",null,"X"]
["METEO","LTER_EU_BE_02","INBO","HOE1","AIR","EnvEurope",3,3,0,2013,4,28,{"$nulls":8},"TEMP","DB","METH_2",7.908784104166666,"°C",null,"X"]
["METEO","LTER_EU_BE_02","INBO","HOE1","AIR","EnvEurope",3,3,0,2013,4,29,{"$nulls":8},"TEMP","DB","METH_2",8.108055677083334,"°C",null,"X"]
["METEO","LTER_EU_BE_02","INBO","HOE1","AIR","EnvEurope",3,3,0,2013,4,30,{"$nulls":8},"TEMP","DB","METH_2",9.018350853124996,"°C",null,"X"]
["METEO","LTER_EU_BE_02","INBO","HOE1","AIR","EnvEurope",3,3,0,2013,5,1,{"$nulls":8},"TEMP","DB","METH_2",12.203368229166669,"°C",null,"X"]
["METEO","LTER_EU_BE_02","INBO","HOE1","AIR","EnvEurope",3,3,0,2013,5,2,{"$nulls":8},"TEMP","DB","METH_2",13.279999104166665,"°C",null,"X"]
["METEO","LTER_EU_BE_02","INBO","HOE1","AIR","EnvEurope",3,3,0,2013,5,3,{"$nulls":8},"TEMP","DB","METH_2",13.121215239583343,"°C",null,"X"]
["METEO","LTER_EU_BE_02","INBO","HOE1","AIR","EnvEurope",3,3,0,2013,5,4,{"$nulls":8},"TEMP","DB","METH_2",10.647516989583334,"°C",null,"X"]
["METEO","LTER_EU_BE_02","INBO","HOE1","AIR","EnvEurope",3,3,0,2013,5,5,{"$nulls":8},"TEMP","DB","METH_2",12.3676734375,"°C",null,"X"]
["METEO","LTER_EU_BE_02","INBO","HOE1","AIR","EnvEurope",3,3,0,2013,5,6,{"$nulls":8},"TEMP","DB","METH_2",13.87791657291667,"°C",null,"X"]
["METEO","LTER_EU_BE_02","INBO","HOE1","AIR","EnvEurope",3,3,0,2013,5,7,{"$nulls":8},"TEMP","DB","METH_2",15.01701458333334,"°C",null,"X"]
["METEO","LTER_EU_BE_02","INBO","HOE1","AIR","EnvEurope",3,3,0,2013,5,8,{"$nulls":8},"TEMP","DB","METH_2",13.594722010416662,"°C",null,"X"]
["METEO","LTER_EU_BE_02","INBO","HOE1","AIR","EnvEurope",3,3,0,2013,5,9,{"$nulls":8},"TEMP","DB","METH_2",12.148073083333337,"°C",null,"X"]
["METEO","LTER_EU_BE_02","INBO","HOE1","AIR","EnvEurope",3,3,0,2013,5,10,{"$nulls":8},"TEMP","DB","METH_2",11.019201593750005,"°C",null,"X"]
["METEO","LTER_EU_BE_02","INBO","HOE1","AIR","EnvEurope",3,3,0,2013,5,11,{"$nulls":8},"TEMP","DB","METH_2",9.458385229166668,"°C",null,"X"]
["METEO","LTER_EU_BE_02","INBO","HOE1","AIR","EnvEurope",3,3,0,2013,5,12,{"$nulls":8},"TEMP","DB","METH_2",9.020364291666663,"°C",null,"X"]
["METEO","LTER_EU_BE_02","INBO","HOE1","AIR","EnvEurope",3,3,0,2013,5,13,{"$nulls":8},"TEMP","DB","METH_2",10.941093843750002,"°C",null,"X"]
["METEO","LTER_EU_BE_02","INBO","HOE1","AIR","EnvEurope",3,3,0,2013,5,14,{"$nulls":8},"TEMP","DB","METH_2",9.422170281250006,"°C",null,"X"]
["METEO","LTER_EU_BE_02","INBO","HOE1","AIR","EnvEurope",3,3,0,2013,5,15,{"$nulls":8},"TEMP","DB","METH_2",11.684600822916666,"°C",null,"X"]
["METEO","LTER_EU_BE_02","INBO","HOE1","AIR","EnvEurope",3,3,0,2013,5,16,{"$nulls":8},"TEMP","DB","METH_2",8.43597222916667,"°C",null,"X"]
["METEO","LTER_EU_BE_02","INBO","HOE1","AIR","EnvEurope",3,3,0,2013,5,17,{"$nulls":8},"TEMP","DB","METH_2",8.28241290625,"°C",null,"X"]
["METEO","LTER_EU_BE_02","INBO","HOE1","AIR","EnvEurope",3,3,0,2013,5,18,{"$nulls":8},"TEMP","DB","METH_2",10.087778260416664,"°C",null,"X"]
["METEO","LTER_EU_BE_02","INBO","HOE1","AIR","EnvEurope",3,3,0,2013,5,19,{"$nulls":8},"TEMP","DB","METH_2",13.025781708333339,"°C",null,"X"]
["METEO","LTER_EU_BE_02","INBO","HOE1","AIR","EnvEurope",3,3,0,2013,5,20,{"$nulls":8},"TEMP","DB","METH_2",10.111528031249996,"°C",null,"X"]
["METEO","LTER_EU_BE_02","INBO","HOE1","AIR","EnvEurope",3,3,0,2013,5,21,{"$nulls":8},"TEMP","DB","METH_2",9.498453406249999,"°C",null,"X"]
["METEO","LTER_EU_BE_02","INBO","HOE1","AIR","EnvEurope",3,3,0,2013,5,22,{"$nulls":8},"TEMP","DB","METH_2",9.177308864583333,"°C",null,"X"]
["METEO","LTER_EU_BE_02","INBO","HOE1","AIR","EnvEurope",3,3,0,2013,5,23,{"$nulls":8},"TEMP","DB","METH_2",6.7065980312499995,"°C",null,"X"]
["METEO","LTER_EU_BE_02","INBO","HOE1","AIR","EnvEurope",3,3,0,2013,5,24,{"$nulls":8},"TEMP","DB","METH_2",5.019305414583335,"°C",null,"X"]
["METEO","LTER_EU_BE_02","INBO","HOE1","AIR","EnvEurope",3,3,0,2013,5,25,{"$nulls":8},"TEMP","DB","METH_2",7.826493134375,"°C",null,"X"]
["METEO","LTER_EU_BE_02","INBO","HOE1","AIR","EnvEurope",3,3,0,2013,5,26,{"$nulls":8},"TEMP","DB","METH_2",9.744044729166665,"°C",null,"X"]
["METEO","LTER_EU_BE_02","INBO","HOE1","AIR","EnvEurope",3,3,0,2013,5,27,{"$nulls":8},"TEMP","DB","METH_2",11.606266812499998,"°C",null,"X"]
["METEO","LTER_EU_BE_02","INBO","HOE1","AIR","EnvEurope",3,3,0,2013,5,28,{"$nulls":8},"TEMP","DB","METH_2",11.749201500000005,"°C",null,"X"]
["METEO","LTER_EU_BE_02","INBO","HOE1","AIR","EnvEurope",3,3,0,2013,5,29,{"$nulls":8},"TEMP","DB","METH_2",9.198489781250002,"°C",null,"X"]
["METEO","LTER_EU_BE_02","INBO","HOE1","AIR","EnvEurope",3,3,0,2013,5,30,{"$nulls":8},"TEMP","DB","METH_2",10.744548197916666,"°C",null,"X"]
["METEO","LTER_EU_BE_02","INBO","HOE1","AIR","EnvEurope",3,3,0,2013,5,31,{"$nulls":8},"TEMP","DB","METH_2",13.159063979166666,"°C",null,"X"]
["METEO","LTER_EU_BE_02","INBO","HOE1","AIR","EnvEurope",3,3,0,2013,6,1,{"$nulls":8},"TEMP","DB","METH_2",11.469826645833336,"°C",null,"X"]
["METEO","LTER_EU_BE_02","INBO","HOE1","AIR","EnvEurope",3,3,0,2013,6,2,{"$nulls":8},"TEMP","DB","METH_2",12.096927968749995,"°C",null,"X"]
["METEO","LTER_EU_BE_02","INBO","HOE1","AIR","EnvEurope",3,3,0,2013,6,3,{"$nulls":8},"TEMP","DB","METH_2",10.831423708333338,"°C",null,"X"]
["METEO","LTER_EU_BE_02","INBO","HOE1","AIR","EnvEurope",3,3,0,2013,6,4,{"$nulls":8},"TEMP","DB","METH_2",11.681841145833332,"°C",null,"X"]
["METEO","LTER_EU_BE_02","INBO","HOE1","AIR","EnvEurope",3,3,0,2013,6,5,{"$nulls":8},"TEMP","DB","METH_2",15.556353979166671,"°C",null,"X"]
["METEO","LTER_EU_BE_02","INBO","HOE1","AIR","EnvEurope",3,3,0,2013,6,6,{"$nulls":8},"TEMP","DB","METH_2",18.481806447916664,"°C",null,"X"]
["METEO","LTER_EU_BE_02","INBO","HOE1","AIR","EnvEurope",3,3,0,2013,6,7,{"$nulls":8},"TEMP","DB","METH_2",19.647464791666668,"°C",null,"X"]
["METEO","LTER_EU_BE_02","INBO","HOE1","AIR","EnvEurope",3,3,0,2013,6,8,{"$nulls":8},"TEMP","DB","METH_2",17.368958437500005,"°C",null,"X"]
["METEO","LTER_EU_BE_02","INBO","HOE1","AIR","EnvEurope",3,3,0,2013,6,9,{"$nulls":8},"TEMP","DB","METH_2",14.12288165625,"°C",null,"X"]
["METEO","LTER_EU_BE_02","INBO","HOE1","AIR","EnvEurope",3,3,0,2013,6,10,{"$nulls":8},"TEMP","DB","METH_2",12.180538447916659,"°C",null,"X"]
["METEO","LTER_EU_BE_02","INBO","HOE1","AIR","EnvEurope",3,3,0,2013,6,11,{"$nulls":8},"TEMP","DB","METH_2",14.15220504166667,"°C",null,"X"]
["METEO","LTER_EU_BE_02","INBO","HOE1","AIR","EnvEurope",3,3,0,2013,6,12,{"$nulls":8},"TEMP","DB","METH_2",18.173089583333336,"°C",null,"X"]
["METEO","LTER_EU_BE_02","INBO","HOE1","AIR","EnvEurope",3,3,0,2013,6,13,{"$nulls":8},"TEMP","DB","METH_2",16.42272645833333,"°C",null,"X"]
["METEO","LTER_EU_BE_02","INBO","HOE1","AIR","EnvEurope",3,3,0,2013,6,14,{"$nulls":8},"TEMP","DB","METH_2",13.662673312500004,"°C",null,"X"]
["METEO","LTER_EU_BE_02","INBO","HOE1","AIR","EnvEurope",3,3,0,2013,6,15,{"$nulls":8},"TEMP","DB","METH_2",14.215138822916664,"°C",null,"X"]
["METEO","LTER_EU_BE_02","INBO","HOE1","AIR","EnvEurope",3,3,0,2013,6,16,{"$nulls":8},"TEMP","DB","METH_2",15.308020833333336,"°C",null,"X"]
["METEO","LTER_EU_BE_02","INBO","HOE1","AIR","EnvEurope",3,3,0,2013,6,17,{"$nulls":8},"TEMP","DB","METH_2",17.167968958333333,"°C",null,"X"]
["METEO","LTER_EU_BE_02","INBO","HOE1","AIR","EnvEurope",3,3,0,2013,6,18,{"$nulls":8},"TEMP","DB","METH_2",22.057935416666663,"°C",null,"X"]
["METEO","LTER_EU_BE_02","INBO","HOE1","AIR","EnvEurope",3,3,0,2013,6,19,{"$nulls":8},"TEMP","DB","METH_2",21.122934062500004,"°C",null,"X"]
["METEO","LTER_EU_BE_02","INBO","HOE1","AIR","EnvEurope",3,3,0,2013,6,20,{"$nulls":8},"TEMP","DB","METH_2",20.146597291666662,"°C",null,"X"]
["METEO","LTER_EU_BE_02","INBO","HOE1","AIR","EnvEurope",3,3,0,2013,6,21,{"$nulls":8},"TEMP","DB","METH_2",16.044131979166668,"°C",null,"X"]
["METEO","LTER_EU_BE_02","INBO","HOE1","AIR","EnvEurope",3,3,0,2013,6,22,{"$nulls":8},"TEMP","DB","METH_2",15.486076562500001,"°C",null,"X"]
["METEO","LTER_EU_BE_02","INBO","HOE1","AIR","EnvEurope",3,3,0,2013,6,23,{"$nulls":8},"TEMP","DB","METH_2",14.089200729166668,"°C",null,"X"]
["METEO","LTER_EU_BE_02","INBO","HOE1","AIR","EnvEurope",3,3,0,2013,6,24,{"$nulls":8},"TEMP","DB","METH_2",12.949391979166665,"°C",null,"X"]
["METEO","LTER_EU_BE_02","INBO","HOE1","AIR","EnvEurope",3,3,0,2013,6,25,{"$nulls":8},"TEMP","DB","METH_2",12.82899316666667,"°C",null,"X"]
["METEO","LTER_EU_BE_02","INBO","HOE1","AIR","EnvEurope",3,3,0,2013,6,26,{"$nulls":8},"TEMP","DB","METH_2",12.230260197916664,"°C",null,"X"]
["METEO","LTER_EU_BE_02","INBO","HOE1","AIR","EnvEurope",3,3,0,2013,6,27,{"$nulls":8},"TEMP","DB","METH_2",12.37387270833333,"°C",null,"X"]
["METEO","LTER_EU_BE_02","INBO","HOE1","AIR","EnvEurope",3,3,0,2013,6,28,{"$nulls":8},"TEMP","DB","METH_2",13.185085729166666,"°C",null,"X"]
["METEO","LTER_EU_BE_02","INBO","HOE1","AIR","EnvEurope",3,3,0,2013,6,29,{"$nulls":8},"TEMP","DB","METH_2",14.567119125000003,"°C",null,"X"]
["METEO","LTER_EU_BE_02","INBO","HOE1","AIR","EnvEurope",3,3,0,2013,6,30,{"$nulls":8},"TEMP","DB","METH_2",14.95279614583334,"°C",null,"X"]
["METEO","LTER_EU_BE_02","INBO","HOE1","AIR","EnvEurope",3,3,0,2013,7,1,{"$nulls":8},"TEMP","DB","METH_2",15.199495937500004,"°C",null,"X"]
["METEO","LTER_EU_BE_02","INBO","HOE1","AIR","EnvEurope",3,3,0,2013,7,2,{"$nulls":8},"TEMP","DB","METH_2",15.283177020833328,"°C",null,"X"]
["METEO","LTER_EU_BE_02","INBO","HOE1","AIR","EnvEurope",3,3,0,2013,7,3,{"$nulls":8},"TEMP","DB","METH_2",16.251302395833335,"°C",null,"X"]
["METEO","LTER_EU_BE_02","INBO","HOE1","AIR","EnvEurope",3,3,0,2013,7,4,{"$nulls":8},"TEMP","DB","METH_2",16.009080416666663,"°C",null,"X"]
["METEO","LTER_EU_BE_02","INBO","HOE1","AIR","EnvEurope",3,3,0,2013,7,5,{"$nulls":8},"TEMP","DB","METH_2",16.73574635416666,"°C",null,"X"]
["METEO","LTER_EU_BE_02","INBO","HOE1","AIR","EnvEurope",3,3,0,2013,7,6,{"$nulls":8},"TEMP","DB","METH_2",18.623575937499997,"°C",null,"X"]
["METEO","LTER_EU_BE_02","INBO","HOE1","AIR","EnvEurope",3,3,0,2013,7,7,{"$nulls":8},"TEMP","DB","METH_2",20.263402395833328,"°C",null,"X"]
["METEO","LTER_EU_BE_02","INBO","HOE1","AIR","EnvEurope",3,3,0,2013,7,8,{"$nulls":8},"TEMP","DB","METH_2",20.772761874999997,"°C",null,"X"]
["METEO","LTER_EU_BE_02","INBO","HOE1","AIR","EnvEurope",3,3,0,2013,7,9,{"$nulls":8},"TEMP","DB","METH_2",20.202707604166662,"°C",null,"X"]
["METEO","LTER_EU_BE_02","INBO","HOE1","AIR","EnvEurope",3,3,0,2013,7,10,{"$nulls":8},"TEMP","DB","METH_2",17.801215000000003,"°C",null,"X"]
["METEO","LTER_EU_BE_02","INBO","HOE1","AIR","EnvEurope",3,3,0,2013,7,11,{"$nulls":8},"TEMP","DB","METH_2",15.70168479166667,"°C",null,"X"]
["METEO","LTER_EU_BE_02","INBO","HOE1","AIR","EnvEurope",3,3,0,2013,7,12,{"$nulls":8},"TEMP","DB","METH_2",14.400190885416668,"°C",null,"X"]
["METEO","LTER_EU_BE_02","INBO","HOE1","AIR","EnvEurope",3,3,0,2013,7,13,{"$nulls":8},"TEMP","DB","METH_2",16.474045416666666,"°C",null,"X"]
["METEO","LTER_EU_BE_02","INBO","HOE1","AIR","EnvEurope",3,3,0,2013,7,14,{"$nulls":8},"TEMP","DB","METH_2",18.24218697916666,"°C",null,"X"]
["METEO","LTER_EU_BE_02","INBO","HOE1","AIR","EnvEurope",3,3,0,2013,7,15,{"$nulls":8},"TEMP","DB","METH_2",19.834044895833333,"°C",null,"X"]
["METEO","LTER_EU_BE_02","INBO","HOE1","AIR","EnvEurope",3,3,0,2013,7,16,{"$nulls":8},"TEMP","DB","METH_2",19.725642812500002,"°C",null,"X"]
["METEO","LTER_EU_BE_02","INBO","HOE1","AIR","EnvEurope",3,3,0,2013,7,17,{"$nulls":8},"TEMP","DB","METH_2",20.457986458333334,"°C",null,"X"]
["METEO","LTER_EU_BE_02","INBO","HOE1","AIR","EnvEurope",3,3,0,2013,7,18,{"$nulls":8},"TEMP","DB","METH_2",22.050452604166654,"°C",null,"X"]
["METEO","LTER_EU_BE_02","INBO","HOE1","AIR","EnvEurope",3,3,0,2013,7,19,{"$nulls":8},"TEMP","DB","METH_2",21.791977812499997,"°C",null,"X"]
["METEO","LTER_EU_BE_02","INBO","HOE1","AIR","EnvEurope",3,3,0,2013,7,20,{"$nulls":8},"TEMP","DB","METH_2",18.427690208333335,"°C",null,"X"]
["METEO","LTER_EU_BE_02","INBO","HOE1","AIR","EnvEurope",3,3,0,2013,7,21,{"$nulls":8},"TEMP","DB","METH_2",22.054913125000002,"°C",null,"X"]
["METEO","LTER_EU_BE_02","INBO","HOE1","AIR","EnvEurope",3,3,0,2013,7,22,{"$nulls":8},"TEMP","DB","METH_2",24.097221562500007,"°C",null,"X"]
["METEO","LTER_EU_BE_02","INBO","HOE1","AIR","EnvEurope",3,3,0,2013,7,23,{"$nulls":8},"TEMP","DB","METH_2",22.778299062499997,"°C",null,"X"]
["METEO","LTER_EU_BE_02","INBO","HOE1","AIR","EnvEurope",3,3,0,2013,7,24,{"$nulls":8},"TEMP","DB","METH_2",20.56895822916667,"°C",null,"X"]
["METEO","LTER_EU_BE_02","INBO","HOE1","AIR","EnvEurope",3,3,0,2013,7,25,{"$nulls":8},"TEMP","DB","METH_2",21.516423541666665,"°C",null,"X"]
["METEO","LTER_EU_BE_02","INBO","HOE1","AIR","EnvEurope",3,3,0,2013,7,26,{"$nulls":8},"TEMP","DB","METH_2",21.386197708333324,"°C",null,"X"]
["METEO","LTER_EU_BE_02","INBO","HOE1","AIR","EnvEurope",3,3,0,2013,7,27,{"$nulls":8},"TEMP","DB","METH_2",20.618072083333338,"°C",null,"X"]
["METEO","LTER_EU_BE_02","INBO","HOE1","AIR","EnvEurope",3,3,0,2013,7,28,{"$nulls":8},"TEMP","DB","METH_2",19.372709062499997,"°C",null,"X"]
["METEO","LTER_EU_BE_02","INBO","HOE1","AIR","EnvEurope",3,3,0,2013,7,29,{"$nulls":8},"TEMP","DB","METH_2",18.84547000000001,"°C",null,"X"]
["METEO","LTER_EU_BE_02","INBO","HOE1","AIR","EnvEurope",3,3,0,2013,7,30,{"$nulls":8},"TEMP","DB","METH_2",16.860139895833345,"°C",null,"X"]
["METEO","LTER_EU_BE_02","INBO","HOE1","AIR","EnvEurope",3,3,0,2013,7,31,{"$nulls":8},"TEMP","DB","METH_2",19.270051979166663,"°C",null,"X"]
["METEO","LTER_EU_BE_02","INBO","HOE1","AIR","EnvEurope",3,3,0,2013,8,1,{"$nulls":8},"TEMP","DB","METH_2",22.998749791666672,"°C",null,"X"]
["METEO","LTER_EU_BE_02","INBO","HOE1","AIR","EnvEurope",3,3,0,2013,8,2,{"$nulls":8},"TEMP","DB","METH_2",25.0684021875,"°C",null,"X"]
["METEO","LTER_EU_BE_02","INBO","HOE1","AIR","EnvEurope",3,3,0,2013,8,3,{"$nulls":8},"TEMP","DB","METH_2",20.015521770833338,"°C",null,"X"]
["METEO","LTER_EU_BE_02","INBO","HOE1","AIR","EnvEurope",3,3,0,2013,8,4,{"$nulls":8},"TEMP","DB","METH_2",18.858697187500002,"°C",null,"X"]
["METEO","LTER_EU_BE_02","INBO","HOE1","AIR","EnvEurope",3,3,0,2013,8,5,{"$nulls":8},"TEMP","DB","METH_2",20.14690937500001,"°C",null,"X"]
["METEO","LTER_EU_BE_02","INBO","HOE1","AIR","EnvEurope",3,3,0,2013,8,6,{"$nulls":8},"TEMP","DB","METH_2",17.957344374999987,"°C",null,"X"]
["METEO","LTER_EU_BE_02","INBO","HOE1","AIR","EnvEurope",3,3,0,2013,8,7,{"$nulls":8},"TEMP","DB","METH_2",15.020088333333335,"°C",null,"X"]
["METEO","LTER_EU_BE_02","INBO","HOE1","AIR","EnvEurope",3,3,0,2013,8,8,{"$nulls":8},"TEMP","DB","METH_2",16.34130166666667,"°C",null,"X"]
["METEO","LTER_EU_BE_02","INBO","HOE1","AIR","EnvEurope",3,3,0,2013,8,9,{"$nulls":8},"TEMP","DB","METH_2",15.539600406249997,"°C",null,"X"]
["METEO","LTER_EU_BE_02","INBO","HOE1","AIR","EnvEurope",3,3,0,2013,8,10,{"$nulls":8},"TEMP","DB","METH_2",15.248993197916663,"°C",null,"X"]
["METEO","LTER_EU_BE_02","INBO","HOE1","AIR","EnvEurope",3,3,0,2013,8,11,{"$nulls":8},"TEMP","DB","METH_2",15.055294624999995,"°C",null,"X"]
["METEO","LTER_EU_BE_02","INBO","HOE1","AIR","EnvEurope",3,3,0,2013,8,12,{"$nulls":8},"TEMP","DB","METH_2",15.999463020833339,"°C",null,"X"]
["METEO","LTER_EU_BE_02","INBO","HOE1","AIR","EnvEurope",3,3,0,2013,8,13,{"$nulls":8},"TEMP","DB","METH_2",14.594357875000002,"°C",null,"X"]
["METEO","LTER_EU_BE_02","INBO","HOE1","AIR","EnvEurope",3,3,0,2013,8,14,{"$nulls":8},"TEMP","DB","METH_2",14.332446843749997,"°C",null,"X"]
["METEO","LTER_EU_BE_02","INBO","HOE1","AIR","EnvEurope",3,3,0,2013,8,15,{"$nulls":8},"TEMP","DB","METH_2",16.045364479166665,"°C",null,"X"]
["METEO","LTER_EU_BE_02","INBO","HOE1","AIR","EnvEurope",3,3,0,2013,8,16,{"$nulls":8},"TEMP","DB","METH_2",19.235763749999997,"°C",null,"X"]
["METEO","LTER_EU_BE_02","INBO","HOE1","AIR","EnvEurope",3,3,0,2013,8,17,{"$nulls":8},"TEMP","DB","METH_2",19.269911979166668,"°C",null,"X"]
["METEO","LTER_EU_BE_02","INBO","HOE1","AIR","EnvEurope",3,3,0,2013,8,18,{"$nulls":8},"TEMP","DB","METH_2",18.728022916666664,"°C",null,"X"]
["METEO","LTER_EU_BE_02","INBO","HOE1","AIR","EnvEurope",3,3,0,2013,8,19,{"$nulls":8},"TEMP","DB","METH_2",16.337898645833334,"°C",null,"X"]
["METEO","LTER_EU_BE_02","INBO","HOE1","AIR","EnvEurope",3,3,0,2013,8,20,{"$nulls":8},"TEMP","DB","METH_2",16.1129165625,"°C",null,"X"]
["METEO","LTER_EU_BE_02","INBO","HOE1","AIR","EnvEurope",3,3,0,2013,8,21,{"$nulls":8},"TEMP","DB","METH_2",16.274531437500002,"°C",null,"X"]
["METEO","LTER_EU_BE_02","INBO","HOE1","AIR","EnvEurope",3,3,0,2013,8,22,{"$nulls":8},"TEMP","DB","METH_2",16.696250208333343,"°C",null,"X"]
["METEO","LTER_EU_BE_02","INBO","HOE1","AIR","EnvEurope",3,3,0,2013,8,23,{"$nulls":8},"TEMP","DB","METH_2",18.525331458333337,"°C",null,"X"]
["METEO","LTER_EU_BE_02","INBO","HOE1","AIR","EnvEurope",3,3,0,2013,8,24,{"$nulls":8},"TEMP","DB","METH_2",16.143142291666667,"°C",null,"X"]
["METEO","LTER_EU_BE_02","INBO","HOE1","AIR","EnvEurope",3,3,0,2013,8,25,{"$nulls":8},"TEMP","DB","METH_2",16.061770833333334,"°C",null,"X"]
["METEO","LTER_EU_BE_02","INBO","HOE1","AIR","EnvEurope",3,3,0,2013,8,26,{"$nulls":8},"TEMP","DB","METH_2",16.812586666666668,"°C",null,"X"]
["METEO","LTER_EU_BE_02","INBO","HOE1","AIR","EnvEurope",3,3,0,2013,8,27,{"$nulls":8},"TEMP","DB","METH_2",16.794323020833342,"°C",null,"X"]
["METEO","LTER_EU_BE_02","INBO","HOE1","AIR","EnvEurope",3,3,0,2013,8,28,{"$nulls":8},"TEMP","DB","METH_2",15.201545968750002,"°C",null,"X"]
["METEO","LTER_EU_BE_02","INBO","HOE1","AIR","EnvEurope",3,3,0,2013,8,29,{"$nulls":8},"TEMP","DB","METH_2",15.799133020833333,"°C",null,"X"]
["METEO","LTER_EU_BE_02","INBO","HOE1","AIR","EnvEurope",3,3,0,2013,8,30,{"$nulls":8},"TEMP","DB","METH_2",15.50604159375,"°C",null,"X"]
["METEO","LTER_EU_BE_02","INBO","HOE1","AIR","EnvEurope",3,3,0,2013,8,31,{"$nulls":8},"TEMP","DB","METH_2",16.67086822916667,"°C",null,"X"]
["METEO","LTER_EU_BE_02","INBO","HOE1","AIR","EnvEurope",3,3,0,2013,9,1,{"$nulls":8},"TEMP","DB","METH_2",12.75465254166667,"°C",null,"X"]
["METEO","LTER_EU_BE_02","INBO","HOE1","AIR","EnvEurope",3,3,0,2013,9,2,{"$nulls":8},"TEMP","DB","METH_2",15.434791249999996,"°C",null,"X"]
["METEO","LTER_EU_BE_02","INBO","HOE1","AIR","EnvEurope",3,3,0,2013,9,3,{"$nulls":8},"TEMP","DB","METH_2",17.311910729166666,"°C",null,"X"]
["METEO","LTER_EU_BE_02","INBO","HOE1","AIR","EnvEurope",3,3,0,2013,9,4,{"$nulls":8},"TEMP","DB","METH_2",19.36010427083333,"°C",null,"X"]
["METEO","LTER_EU_BE_02","INBO","HOE1","AIR","EnvEurope",3,3,0,2013,9,5,{"$nulls":8},"TEMP","DB","METH_2",21.02534708333333,"°C",null,"X"]
["METEO","LTER_EU_BE_02","INBO","HOE1","AIR","EnvEurope",3,3,0,2013,9,6,{"$nulls":8},"TEMP","DB","METH_2",18.322568125,"°C",null,"X"]
["METEO","LTER_EU_BE_02","INBO","HOE1","AIR","EnvEurope",3,3,0,2013,9,7,{"$nulls":8},"TEMP","DB","METH_2",16.129617812499998,"°C",null,"X"]
["METEO","LTER_EU_BE_02","INBO","HOE1","AIR","EnvEurope",3,3,0,2013,9,8,{"$nulls":8},"TEMP","DB","METH_2",14.99586822916667,"°C",null,"X"]
["METEO","LTER_EU_BE_02","INBO","HOE1","AIR","EnvEurope",3,3,0,2013,9,9,{"$nulls":8},"TEMP","DB","METH_2",12.372343291666665,"°C",null,"X"]
["METEO","LTER_EU_BE_02","INBO","HOE1","AIR","EnvEurope",3,3,0,2013,9,10,{"$nulls":8},"TEMP","DB","METH_2",11.387378385416667,"°C",null,"X"]
["METEO","LTER_EU_BE_02","INBO","HOE1","AIR","EnvEurope",3,3,0,2013,9,11,{"$nulls":8},"TEMP","DB","METH_2",13.653489374999998,"°C",null,"X"]
["METEO","LTER_EU_BE_02","INBO","HOE1","AIR","EnvEurope",3,3,0,2013,9,12,{"$nulls":8},"TEMP","DB","METH_2",13.343819687499996,"°C",null,"X"]
["METEO","LTER_EU_BE_02","INBO","HOE1","AIR","EnvEurope",3,3,0,2013,9,13,{"$nulls":8},"TEMP","DB","METH_2",13.233107833333333,"°C",null,"X"]
["METEO","LTER_EU_BE_02","INBO","HOE1","AIR","EnvEurope",3,3,0,2013,9,14,{"$nulls":8},"TEMP","DB","METH_2",14.687048749999997,"°C",null,"X"]
["METEO","LTER_EU_BE_02","INBO","HOE1","AIR","EnvEurope",3,3,0,2013,9,15,{"$nulls":8},"TEMP","DB","METH_2",12.05121528125,"°C",null,"X"]
["METEO","LTER_EU_BE_02","INBO","HOE1","AIR","EnvEurope",3,3,0,2013,9,16,{"$nulls":8},"TEMP","DB","METH_2",11.943472250000005,"°C",null,"X"]
["METEO","LTER_EU_BE_02","INBO","HOE1","AIR","EnvEurope",3,3,0,2013,9,17,{"$nulls":8},"TEMP","DB","METH_2",9.741875072916665,"°C",null,"X"]
["METEO","LTER_EU_BE_02","INBO","HOE1","AIR","EnvEurope",3,3,0,2013,9,18,{"$nulls":8},"TEMP","DB","METH_2",12.05100589583333,"°C",null,"X"]
["METEO","LTER_EU_BE_02","INBO","HOE1","AIR","EnvEurope",3,3,0,2013,9,19,{"$nulls":8},"TEMP","DB","METH_2",10.892742447916667,"°C",null,"X"]
["METEO","LTER_EU_BE_02","INBO","HOE1","AIR","EnvEurope",3,3,0,2013,9,20,{"$nulls":8},"TEMP","DB","METH_2",13.213663177083333,"°C",null,"X"]
["METEO","LTER_EU_BE_02","INBO","HOE1","AIR","EnvEurope",3,3,0,2013,9,21,{"$nulls":8},"TEMP","DB","METH_2",11.576875677083336,"°C",null,"X"]
["METEO","LTER_EU_BE_02","INBO","HOE1","AIR","EnvEurope",3,3,0,2013,9,22,{"$nulls":8},"TEMP","DB","METH_2",15.209827500000001,"°C",null,"X"]
["METEO","LTER_EU_BE_02","INBO","HOE1","AIR","EnvEurope",3,3,0,2013,9,23,{"$nulls":8},"TEMP","DB","METH_2",15.150311458333334,"°C",null,"X"]
["METEO","LTER_EU_BE_02","INBO","HOE1","AIR","EnvEurope",3,3,0,2013,9,24,{"$nulls":8},"TEMP","DB","METH_2",13.703142906249996,"°C",null,"X"]
["METEO","LTER_EU_BE_02","INBO","HOE1","AIR","EnvEurope",3,3,0,2013,9,25,{"$nulls":8},"TEMP","DB","METH_2",13.544444614583332,"°C",null,"X"]
["METEO","LTER_EU_BE_02","INBO","HOE1","AIR","EnvEurope",3,3,0,2013,9,26,{"$nulls":8},"TEMP","DB","METH_2",13.892951604166662,"°C",null,"X"]
["METEO","LTER_EU_BE_02","INBO","HOE1","AIR","EnvEurope",3,3,0,2013,9,27,{"$nulls":8},"TEMP","DB","METH_2",10.736614406250004,"°C",null,"X"]
["METEO","LTER_EU_BE_02","INBO","HOE1","AIR","EnvEurope",3,3,0,2013,9,28,{"$nulls":8},"TEMP","DB","METH_2",12.599357604166665,"°C",null,"X"]
["METEO","LTER_EU_BE_02","INBO","HOE1","AIR","EnvEurope",3,3,0,2013,9,29,{"$nulls":8},"TEMP","DB","METH_2",13.222221437499996,"°C",null,"X"]
["METEO","LTER_EU_BE_02","INBO","HOE1","AIR","EnvEurope",3,3,0,2013,9,30,{"$nulls":8},"TEMP","DB","METH_2",11.702014552083336,"°C",null,"X"]
["METEO","LTER_EU_BE_02","INBO","HOE1","AIR","EnvEurope",3,3,0,2013,1,1,{"$nulls":8},"PREC","DB","METH_1",7.99999934,"mm",null,"S"]
["METEO","LTER_EU_BE_02","INBO","HOE1","AIR","EnvEurope",3,3,0,2013,1,2,{"$nulls":8},"PREC","DB","METH_1",0.95,"mm",null,"S"]
["METEO","LTER_EU_BE_02","INBO","HOE1","AIR","EnvEurope",3,3,0,2013,1,3,{"$nulls":8},"PREC","DB","METH_1",0.65999998,"mm",null,"S"]
["METEO","LTER_EU_BE_02","INBO","HOE1","AIR","EnvEurope",3,3,0,2013,1,4,{"$nulls":8},"PREC","DB","METH_1",0,"mm",null,"S"]
["METEO","LTER_EU_BE_02","INBO","HOE1","AIR","EnvEurope",3,3,0,2013,1,5,{"$nulls":8},"PREC","DB","METH_1",0,"mm",null,"S"]
["METEO","LTER_EU_BE_02","INBO","HOE1","AIR","EnvEurope",3,3,0,2013,1,6,{"$nulls":8},"PREC","DB","METH_1",0,"mm",null,"S"]
["METEO","LTER_EU_BE_02","INBO","HOE1","AIR","EnvEurope",3,3,0,2013,1,7,{"$nulls":8},"PREC","DB","METH_1",0,"mm",null,"S"]
["METEO","LTER_EU_BE_02","INBO","HOE1","AIR","EnvEurope",3,3,0,2013,1,8,{"$nulls":8},"PREC","DB","METH_1",0,"mm",null,"S"]
["METEO","LTER_EU_BE_02","INBO","HOE1","AIR","EnvEurope",3,3,0,2013,1,9,{"$nulls":8},"PREC","DB","METH_1",1.5399998,"mm",null,"S"]
["METEO","LTER_EU_BE_02","INBO","HOE1","AIR","EnvEurope",3,3,0,2013,1,10,{"$nulls":8},"PREC","DB","METH_1",0,"mm",null,"S"]
["METEO","LTER_EU_BE_02","INBO","HOE1","AIR","EnvEurope",3,3,0,2013,1,11,{"$nulls":8},"PREC","DB","METH_1",0.060000000000000005,"mm",null,"S"]
["METEO","LTER_EU_BE_02","INBO","HOE1","AIR","EnvEurope",3,3,0,2013,1,12,{"$nulls":8},"PREC","DB","METH_1",0,"mm",null,"S"]
["METEO","LTER_EU_BE_02","INBO","HOE1","AIR","EnvEurope",3,3,0,2013,1,13,{"$nulls":8},"PREC","DB","METH_1",0,"mm",null,"S"]
["METEO","LTER_EU_BE_02","INBO","HOE1","AIR","EnvEurope",3,3,0,2013,1,14,{"$nulls":8},"PREC","DB","METH_1",0,"mm",null,"S"]
["METEO","LTER_EU_BE_02","INBO","HOE1","AIR","EnvEurope",3,3,0,2013,1,15,{"$nulls":8},"PREC","DB","METH_1",0,"mm",null,"S"]
["METEO","LTER_EU_BE_02","INBO","HOE1","AIR","EnvEurope",3,3,0,2013,1,16,{"$nulls":8},"PREC","DB","METH_1",0,"mm",null,"S"]
["METEO","LTER_EU_BE_02","INBO","HOE1","AIR","EnvEurope",3,3,0,2013,1,17,{"$nulls":8},"PREC","DB","METH_1",0,"mm",null,"S"]
["METEO","LTER_EU_BE_02","INBO","HOE1","AIR","EnvEurope",3,3,0,2013,1,18,{"$nulls":8},"PREC","DB","METH_1",0,"mm",null,"S"]
["METEO","LTER_EU_BE_02","INBO","HOE1","AIR","EnvEurope",3,3,0,2013,1,19,{"$nulls":8},"PREC","DB","METH_1",0,"mm",null,"S"]
["METEO","LTER_EU_BE_02","INBO","HOE1","AIR","EnvEurope",3,3,0,2013,1,20,{"$nulls":8},"PREC","DB","METH_1",0.12999999,"mm",null,"S"]
["METEO","LTER_EU_BE_02","INBO","HOE1","AIR","EnvEurope",3,3,0,2013,1,21,{"$nulls":8},"PREC","DB","METH_1",0,"mm",null,"S"]
["METEO","LTER_EU_BE_02","INBO","HOE1","AIR","EnvEurope",3,3,0,2013,1,22,{"$nulls":8},"PREC","DB","METH_1",0,"mm",null,"S"]
["METEO","LTER_EU_BE_02","INBO","HOE1","AIR","EnvEurope",3,3,0,2013,1,23,{"$nulls":8},"PREC","DB","METH_1",0,"mm",null,"S"]
["METEO","LTER_EU_BE_02","INBO","HOE1","AIR","EnvEurope",3,3,0,2013,1,24,{"$nulls":8},"PREC","DB","METH_1",0,"mm",null,"S"]
["METEO","LTER_EU_BE_02","INBO","HOE1","AIR","EnvEurope",3,3,0,2013,1,25,{"$nulls":8},"PREC","DB","METH_1",0.01,"mm",null,"S"]
["METEO","LTER_EU_BE_02","INBO","HOE1","AIR","EnvEurope",3,3,0,2013,1,26,{"$nulls":8},"PREC","DB","METH_1",0,"mm",null,"S"]
["METEO","LTER_EU_BE_02","INBO","HOE1","AIR","EnvEurope",3,3,0,2013,1,27,{"$nulls":8},"PREC","DB","METH_1",3.4699996599999996,"mm",null,"S"]
["METEO","LTER_EU_BE_02","INBO","HOE1","AIR","EnvEurope",3,3,0,2013,1,28,{"$nulls":8},"PREC","DB","METH_1",1.25999998,"mm",null,"S"]
["METEO","LTER_EU_BE_02","INBO","HOE1","AIR","EnvEurope",3,3,0,2013,1,29,{"$nulls":8},"PREC","DB","METH_1",9.939996929999996,"mm",null,"S"]
["METEO","LTER_EU_BE_02","INBO","HOE1","AIR","EnvEurope",3,3,0,2013,1,30,{"$nulls":8},"PREC","DB","METH_1",3.11999979,"mm",null,"S"]
["METEO","LTER_EU_BE_02","INBO","HOE1","AIR","EnvEurope",3,3,0,2013,1,31,{"$nulls":8},"PREC","DB","METH_1",2.6599996999999997,"mm",null,"S"]
["METEO","LTER_EU_BE_02","INBO","HOE1","AIR","EnvEurope",3,3,0,2013,10,1,{"$nulls":8},"PREC","DB","METH_1",0,"mm",null,"S"]
["METEO","LTER_EU_BE_02","INBO","HOE1","AIR","EnvEurope",3,3,0,2013,10,2,{"$nulls":8},"PREC","DB","METH_1",0,"mm",null,"S"]
["METEO","LTER_EU_BE_02","INBO","HOE1","AIR","EnvEurope",3,3,0,2013,10,3,{"$nulls":8},"PREC","DB","METH_1",2.3499997999999995,"mm",null,"S"]
["METEO","LTER_EU_BE_02","INBO","HOE1","AIR","EnvEurope",3,3,0,2013,10,4,{"$nulls":8},"PREC","DB","METH_1",4.26999999,"mm",null,"S"]
["METEO","LTER_EU_BE_02","INBO","HOE1","AIR","EnvEurope",3,3,0,2013,10,5,{"$nulls":8},"PREC","DB","METH_1",0,"mm",null,"S"]
["METEO","LTER_EU_BE_02","INBO","HOE1","AIR","EnvEurope",3,3,0,2013,10,6,{"$nulls":8},"PREC","DB","METH_1",0,"mm",null,"S"]
["METEO","LTER_EU_BE_02","INBO","HOE1","AIR","EnvEurope",3,3,0,2013,10,7,{"$nulls":8},"PREC","DB","METH_1",0,"mm",null,"S"]
["METEO","LTER_EU_BE_02","INBO","HOE1","AIR","EnvEurope",3,3,0,2013,10,8,{"$nulls":8},"PREC","DB","METH_1",0,"mm",null,"S"]
["METEO","LTER_EU_BE_02","INBO","HOE1","AIR","EnvEurope",3,3,0,2013,10,9,{"$nulls":8},"PREC","DB","METH_1",4.22999969,"mm",null,"S"]
["METEO","LTER_EU_BE_02","INBO","HOE1","AIR","EnvEurope",3,3,0,2013,10,10,{"$nulls":8},"PREC","DB","METH_1",1.90999978,"mm",null,"S"]
["METEO","LTER_EU_BE_02","INBO","HOE1","AIR","EnvEurope",3,3,0,2013,10,11,{"$nulls":8},"PREC","DB","METH_1",2.0299998699999997,"mm",null,"S"]
["METEO","LTER_EU_BE_02","INBO","HOE1","AIR","EnvEurope",3,3,0,2013,10,12,{"$nulls":8},"PREC","DB","METH_1",0.01,"mm",null,"S"]
["METEO","LTER_EU_BE_02","INBO","HOE1","AIR","EnvEurope",3,3,0,2013,10,13,{"$nulls":8},"PREC","DB","METH_1",11.619998679999993,"mm",null,"S"]
["METEO","LTER_EU_BE_02","INBO","HOE1","AIR","EnvEurope",3,3,0,2013,10,14,{"$nulls":8},"PREC","DB","METH_1",13.449996770000002,"mm",null,"S"]
["METEO","LTER_EU_BE_02","INBO","HOE1","AIR","EnvEurope",3,3,0,2013,10,15,{"$nulls":8},"PREC","DB","METH_1",0.7999999900000001,"mm",null,"S"]
["METEO","LTER_EU_BE_02","INBO","HOE1","AIR","EnvEurope",3,3,0,2013,10,16,{"$nulls":8},"PREC","DB","METH_1",0.9199999700000001,"mm",null,"S"]
["METEO","LTER_EU_BE_02","INBO","HOE1","AIR","EnvEurope",3,3,0,2013,10,17,{"$nulls":8},"PREC","DB","METH_1",5.57999899,"mm",null,"S"]
["METEO","LTER_EU_BE_02","INBO","HOE1","AIR","EnvEurope",3,3,0,2013,10,18,{"$nulls":8},"PREC","DB","METH_1",0,"mm",null,"S"]
["METEO","LTER_EU_BE_02","INBO","HOE1","AIR","EnvEurope",3,3,0,2013,10,19,{"$nulls":8},"PREC","DB","METH_1",0,"mm",null,"S"]
["METEO","LTER_EU_BE_02","INBO","HOE1","AIR","EnvEurope",3,3,0,2013,10,20,{"$nulls":8},"PREC","DB","METH_1",0.02,"mm",null,"S"]
["METEO","LTER_EU_BE_02","INBO","HOE1","AIR","EnvEurope",3,3,0,2013,10,21,{"$nulls":8},"PREC","DB","METH_1",0.13,"mm",null,"S"]
["METEO","LTER_EU_BE_02","INBO","HOE1","AIR","EnvEurope",3,3,0,2013,10,22,{"$nulls":8},"PREC","DB","METH_1",13.289999979999997,"mm",null,"S"]
["METEO","LTER_EU_BE_02","INBO","HOE1","AIR","EnvEurope",3,3,0,2013,10,23,{"$nulls":8},"PREC","DB","METH_1",5.370000999999999,"mm",null,"S"]
["METEO","LTER_EU_BE_02","INBO","HOE1","AIR","EnvEurope",3,3,0,2013,10,24,{"$nulls":8},"PREC","DB","METH_1",0,"mm",null,"S"]
["METEO","LTER_EU_BE_02","INBO","HOE1","AIR","EnvEurope",3,3,0,2013,10,25,{"$nulls":8},"PREC","DB","METH_1",0.54999998,"mm",null,"S"]
["METEO","LTER_EU_BE_02","INBO","HOE1","AIR","EnvEurope",3,3,0,2013,10,26,{"$nulls":8},"PREC","DB","METH_1",0,"mm",null,"S"]
["METEO","LTER_EU_BE_02","INBO","HOE1","AIR","EnvEurope",3,3,0,2013,10,27,{"$nulls":8},"PREC","DB","METH_1",2.6899997800000004,"mm",null,"S"]
["METEO","LTER_EU_BE_02","INBO","HOE1","AIR","EnvEurope",3,3,0,2013,10,28,{"$nulls":8},"PREC","DB","METH_1",2.629999959999998,"mm",null,"S"]
["METEO","LTER_EU_BE_02","INBO","HOE1","AIR","EnvEurope",3,3,0,2013,10,29,{"$nulls":8},"PREC","DB","METH_1",1.7699996799999997,"mm",null,"S"]
["METEO","LTER_EU_BE_02","INBO","HOE1","AIR","EnvEurope",3,3,0,2013,10,30,{"$nulls":8},"PREC","DB","METH_1",0.07,"mm",null,"S"]
["METEO","LTER_EU_BE_02","INBO","HOE1","AIR","EnvEurope",3,3,0,2013,10,31,{"$nulls":8},"PREC","DB","METH_1",0,"mm",null,"S"]
["METEO","LTER_EU_BE_02","INBO","HOE1","AIR","EnvEurope",3,3,0,2013,11,1,{"$nulls":8},"PREC","DB","METH_1",1.24999979,"mm",null,"S"]
["METEO","LTER_EU_BE_02","INBO","HOE1","AIR","EnvEurope",3,3,0,2013,11,2,{"$nulls":8},"PREC","DB","METH_1",7.5899988999999985,"mm",null,"S"]
["METEO","LTER_EU_BE_02","INBO","HOE1","AIR","EnvEurope",3,3,0,2013,11,3,{"$nulls":8},"PREC","DB","METH_1",10.29999966,"mm",null,"S"]
["METEO","LTER_EU_BE_02","INBO","HOE1","AIR","EnvEurope",3,3,0,2013,11,4,{"$nulls":8},"PREC","DB","METH_1",9.599998969999998,"mm",null,"S"]
["METEO","LTER_EU_BE_02","INBO","HOE1","AIR","EnvEurope",3,3,0,2013,11,5,{"$nulls":8},"PREC","DB","METH_1",7.0299992499999995,"mm",null,"S"]
["METEO","LTER_EU_BE_02","INBO","HOE1","AIR","EnvEurope",3,3,0,2013,11,6,{"$nulls":8},"PREC","DB","METH_1",0.18000000000000002,"mm",null,"S"]
["METEO","LTER_EU_BE_02","INBO","HOE1","AIR","EnvEurope",3,3,0,2013,11,7,{"$nulls":8},"PREC","DB","METH_1",7.74999953,"mm",null,"S"]
["METEO","LTER_EU_BE_02","INBO","HOE1","AIR","EnvEurope",3,3,0,2013,11,8,{"$nulls":8},"PREC","DB","METH_1",10.00999849,"mm",null,"S"]
["METEO","LTER_EU_BE_02","INBO","HOE1","AIR","EnvEurope",3,3,0,2013,11,9,{"$nulls":8},"PREC","DB","METH_1",1.45999998,"mm",null,"S"]
["METEO","LTER_EU_BE_02","INBO","HOE1","AIR","EnvEurope",3,3,0,2013,11,10,{"$nulls":8},"PREC","DB","METH_1",4.82999933,"mm",null,"S"]
["METEO","LTER_EU_BE_02","INBO","HOE1","AIR","EnvEurope",3,3,0,2013,11,11,{"$nulls":8},"PREC","DB","METH_1",0,"mm",null,"S"]
["METEO","LTER_EU_BE_02","INBO","HOE1","AIR","EnvEurope",3,3,0,2013,11,12,{"$nulls":8},"PREC","DB","METH_1",0.27,"mm",null,"S"]
["METEO","LTER_EU_BE_02","INBO","HOE1","AIR","EnvEurope",3,3,0,2013,11,13,{"$nulls":8},"PREC","DB","METH_1",0,"mm",null,"S"]
["METEO","LTER_EU_BE_02","INBO","HOE1","AIR","EnvEurope",3,3,0,2013,11,14,{"$nulls":8},"PREC","DB","METH_1",3.169999789999998,"mm",null,"S"]
["METEO","LTER_EU_BE_02","INBO","HOE1","AIR","EnvEurope",3,3,0,2013,11,15,{"$nulls":8},"PREC","DB","METH_1",0,"mm",null,"S"]
["METEO","LTER_EU_BE_02","INBO","HOE1","AIR","EnvEurope",3,3,0,2013,11,16,{"$nulls":8},"PREC","DB","METH_1",0,"mm",null,"S"]
["METEO","LTER_EU_BE_02","INBO","HOE1","AIR","EnvEurope",3,3,0,2013,11,17,{"$nulls":8},"PREC","DB","METH_1",0,"mm",null,"S"]
["METEO","LTER_EU_BE_02","INBO","HOE1","AIR","EnvEurope",3,3,0,2013,11,18,{"$nulls":8},"PREC","DB","METH_1",0,"mm",null,"S"]
["METEO","LTER_EU_BE_02","INBO","HOE1","AIR","EnvEurope",3,3,0,2013,11,19,{"$nulls":8},"PREC","DB","METH_1",0.15000000000000002,"mm",null,"S"]
["METEO","LTER_EU_BE_02","INBO","HOE1","AIR","EnvEurope",3,3,0,2013,11,20,{"$nulls":8},"PREC","DB","METH_1",0.8599999600000002,"mm",null,"S"]
["METEO","LTER_EU_BE_02","INBO","HOE1","AIR","EnvEurope",3,3,0,2013,11,21,{"$nulls":8},"PREC","DB","METH_1",0,"mm",null,"S"]
["METEO","LTER_EU_BE_02","INBO","HOE1","AIR","EnvEurope",3,3,0,2013,11,22,{"$nulls":8},"PREC","DB","METH_1",0,"mm",null,"S"]
["METEO","LTER_EU_BE_02","INBO","HOE1","AIR","EnvEurope",3,3,0,2013,11,23,{"$nulls":8},"PREC","DB","METH_1",0,"mm",null,"S"]
["METEO","LTER_EU_BE_02","INBO","HOE1","AIR","EnvEurope",3,3,0,2013,11,24,{"$nulls":8},"PREC","DB","METH_1",0.08,"mm",null,"S"]
["METEO","LTER_EU_BE_02","INBO","HOE1","AIR","EnvEurope",3,3,0,2013,11,25,{"$nulls":8},"PREC","DB","METH_1",0,"mm",null,"S"]
["METEO","LTER_EU_BE_02","INBO","HOE1","AIR","EnvEurope",3,3,0,2013,11,26,{"$nulls":8},"PREC","DB","METH_1",0.01,"mm",null,"S"]
["METEO","LTER_EU_BE_02","INBO","HOE1","AIR","EnvEurope",3,3,0,2013,11,27,{"$nulls":8},"PREC","DB","METH_1",0,"mm",null,"S"]
["METEO","LTER_EU_BE_02","INBO","HOE1","AIR","EnvEurope",3,3,0,2013,11,28,{"$nulls":8},"PREC","DB","METH_1",0,"mm",null,"S"]
["METEO","LTER_EU_BE_02","INBO","HOE1","AIR","EnvEurope",3,3,0,2013,11,29,{"$nulls":8},"PREC","DB","METH_1",0.03,"mm",null,"S"]
["METEO","LTER_EU_BE_02","INBO","HOE1","AIR","EnvEurope",3,3,0,2013,11,30,{"$nulls":8},"PREC","DB","METH_1",3.4999998,"mm",null,"S"]
["METEO","LTER_EU_BE_02","INBO","HOE1","AIR","EnvEurope",3,3,0,2013,12,1,{"$nulls":8},"PREC","DB","METH_1",0.03,"mm",null,"S"]
["METEO","LTER_EU_BE_02","INBO","HOE1","AIR","EnvEurope",3,3,0,2013,12,2,{"$nulls":8},"PREC","DB","METH_1",0,"mm",null,"S"]
["METEO","LTER_EU_BE_02","INBO","HOE1","AIR","EnvEurope",3,3,0,2013,12,3,{"$nulls":8},"PREC","DB","METH_1",0,"mm",null,"S"]
["METEO","LTER_EU_BE_02","INBO","HOE1","AIR","EnvEurope",3,3,0,2013,12,4,{"$nulls":8},"PREC","DB","METH_1",0.05,"mm",null,"S"]
["METEO","LTER_EU_BE_02","INBO","HOE1","AIR","EnvEurope",3,3,0,2013,12,5,{"$nulls":8},"PREC","DB","METH_1",0.67,"mm",null,"S"]
["METEO","LTER_EU_BE_02","INBO","HOE1","AIR","EnvEurope",3,3,0,2013,12,6,{"$nulls":8},"PREC","DB","METH_1",0.25,"mm",null,"S"]
["METEO","LTER_EU_BE_02","INBO","HOE1","AIR","EnvEurope",3,3,0,2013,12,7,{"$nulls":8},"PREC","DB","METH_1",0.22999999000000004,"mm",null,"S"]
["METEO","LTER_EU_BE_02","INBO","HOE1","AIR","EnvEurope",3,3,0,2013,12,8,{"$nulls":8},"PREC","DB","METH_1",0,"mm",null,"S"]
["METEO","LTER_EU_BE_02","INBO","HOE1","AIR","EnvEurope",3,3,0,2013,12,9,{"$nulls":8},"PREC","DB","METH_1",0,"mm",null,"S"]
["METEO","LTER_EU_BE_02","INBO","HOE1","AIR","EnvEurope",3,3,0,2013,12,10,{"$nulls":8},"PREC","DB","METH_1",0,"mm",null,"S"]
["METEO","LTER_EU_BE_02","INBO","HOE1","AIR","EnvEurope",3,3,0,2013,12,11,{"$nulls":8},"PREC","DB","METH_1",0,"mm",null,"S"]
["METEO","LTER_EU_BE_02","INBO","HOE1","AIR","EnvEurope",3,3,0,2013,12,12,{"$nulls":8},"PREC","DB","METH_1",0,"mm",null,"S"]
["METEO","LTER_EU_BE_02","INBO","HOE1","AIR","EnvEurope",3,3,0,2013,12,13,{"$nulls":8},"PREC","DB","METH_1",0,"mm",null,"S"]
["METEO","LTER_EU_BE_02","INBO","HOE1","AIR","EnvEurope",3,3,0,2013,12,14,{"$nulls":8},"PREC","DB","METH_1",1.93999975,"mm",null,"S"]
["METEO","LTER_EU_BE_02","INBO","HOE1","AIR","EnvEurope",3,3,0,2013,12,15,{"$nulls":8},"PREC","DB","METH_1",1.0499999800000002,"mm",null,"S"]
["METEO","LTER_EU_BE_02","INBO","HOE1","AIR","EnvEurope",3,3,0,2013,12,16,{"$nulls":8},"PREC","DB","METH_1",0,"mm",null,"S"]
["METEO","LTER_EU_BE_02","INBO","HOE1","AIR","EnvEurope",3,3,0,2013,12,17,{"$nulls":8},"PREC","DB","METH_1",0,"mm",null,"S"]
["METEO","LTER_EU_BE_02","INBO","HOE1","AIR","EnvEurope",3,3,0,2013,12,18,{"$nulls":8},"PREC","DB","METH_1",0,"mm",null,"S"]
["METEO","LTER_EU_BE_02","INBO","HOE1","AIR","EnvEurope",3,3,0,2013,12,19,{"$nulls":8},"PREC","DB","METH_1",7.379998980000001,"mm",null,"S"]
["METEO","LTER_EU_BE_02","INBO","HOE1","AIR","EnvEurope",3,3,0,2013,12,20,{"$nulls":8},"PREC","DB","METH_1",0,"mm",null,"S"]
["METEO","LTER_EU_BE_02","INBO","HOE1","AIR","EnvEurope",3,3,0,2013,12,21,{"$nulls":8},"PREC","DB","METH_1",0.9999999799999999,"mm",null,"S"]
["METEO","LTER_EU_BE_02","INBO","HOE1","AIR","EnvEurope",3,3,0,2013,12,22,{"$nulls":8},"PREC","DB","METH_1",6.16999958,"mm",null,"S"]
["METEO","LTER_EU_BE_02","INBO","HOE1","AIR","EnvEurope",3,3,0,2013,12,23,{"$nulls":8},"PREC","DB","METH_1",2.6899999899999996,"mm",null,"S"]
["METEO","LTER_EU_BE_02","INBO","HOE1","AIR","EnvEurope",3,3,0,2013,12,24,{"$nulls":8},"PREC","DB","METH_1",23.169995439999994,"mm",null,"S"]
["METEO","LTER_EU_BE_02","INBO","HOE1","AIR","EnvEurope",3,3,0,2013,12,25,{"$nulls":8},"PREC","DB","METH_1",6.3499986999999996,"mm",null,"S"]
["METEO","LTER_EU_BE_02","INBO","HOE1","AIR","EnvEurope",3,3,0,2013,12,26,{"$nulls":8},"PREC","DB","METH_1",0,"mm",null,"S"]
["METEO","LTER_EU_BE_02","INBO","HOE1","AIR","EnvEurope",3,3,0,2013,12,27,{"$nulls":8},"PREC","DB","METH_1",1.85,"mm",null,"S"]
["METEO","LTER_EU_BE_02","INBO","HOE1","AIR","EnvEurope",3,3,0,2013,12,28,{"$nulls":8},"PREC","DB","METH_1",13.319996080000001,"mm",null,"S"]
["METEO","LTER_EU_BE_02","INBO","HOE1","AIR","EnvEurope",3,3,0,2013,12,29,{"$nulls":8},"PREC","DB","METH_1",0.77999999,"mm",null,"S"]
["METEO","LTER_EU_BE_02","INBO","HOE1","AIR","EnvEurope",3,3,0,2013,12,30,{"$nulls":8},"PREC","DB","METH_1",0.92999997,"mm",null,"S"]
["METEO","LTER_EU_BE_02","INBO","HOE1","AIR","EnvEurope",3,3,0,2013,12,31,{"$nulls":8},"PREC","DB","METH_1",1.4099998699999998,"mm",null,"S"]
["METEO","LTER_EU_BE_02","INBO","HOE1","AIR","EnvEurope",3,3,0,2013,2,1,{"$nulls":8},"PREC","DB","METH_1",10.039997569999999,"mm",null,"S"]
["METEO","LTER_EU_BE_02","INBO","HOE1","AIR","EnvEurope",3,3,0,2013,2,2,{"$nulls":8},"PREC","DB","METH_1",1.5399998700000002,"mm",null,"S"]
["METEO","LTER_EU_BE_02","INBO","HOE1","AIR","EnvEurope",3,3,0,2013,2,3,{"$nulls":8},"PREC","DB","METH_1",0.17999999,"mm",null,"S"]
["METEO","LTER_EU_BE_02","INBO","HOE1","AIR","EnvEurope",3,3,0,2013,2,4,{"$nulls":8},"PREC","DB","METH_1",1.6400000000000001,"mm",null,"S"]
["METEO","LTER_EU_BE_02","INBO","HOE1","AIR","EnvEurope",3,3,0,2013,2,5,{"$nulls":8},"PREC","DB","METH_1",4.92999898,"mm",null,"S"]
["METEO","LTER_EU_BE_02","INBO","HOE1","AIR","EnvEurope",3,3,0,2013,2,6,{"$nulls":8},"PREC","DB","METH_1",1.0599998700000002,"mm",null,"S"]
["METEO","LTER_EU_BE_02","INBO","HOE1","AIR","EnvEurope",3,3,0,2013,2,7,{"$nulls":8},"PREC","DB","METH_1",1.29999978,"mm",null,"S"]
["METEO","LTER_EU_BE_02","INBO","HOE1","AIR","EnvEurope",3,3,0,2013,2,8,{"$nulls":8},"PREC","DB","METH_1",0,"mm",null,"S"]
["METEO","LTER_EU_BE_02","INBO","HOE1","AIR","EnvEurope",3,3,0,2013,2,9,{"$nulls":8},"PREC","DB","METH_1",0,"mm",null,"S"]
["METEO","LTER_EU_BE_02","INBO","HOE1","AIR","EnvEurope",3,3,0,2013,2,10,{"$nulls":8},"PREC","DB","METH_1",0,"mm",null,"S"]
["METEO","LTER_EU_BE_02","INBO","HOE1","AIR","EnvEurope",3,3,0,2013,2,11,{"$nulls":8},"PREC","DB","METH_1",0,"mm",null,"S"]
["METEO","LTER_EU_BE_02","INBO","HOE1","AIR","EnvEurope",3,3,0,2013,2,12,{"$nulls":8},"PREC","DB","METH_1",0,"mm",null,"S"]
["METEO","LTER_EU_BE_02","INBO","HOE1","AIR","EnvEurope",3,3,0,2013,2,13,{"$nulls":8},"PREC","DB","METH_1",0,"mm",null,"S"]
["METEO","LTER_EU_BE_02","INBO","HOE1","AIR","EnvEurope",3,3,0,2013,2,14,{"$nulls":8},"PREC","DB","METH_1",4.6099995,"mm",null,"S"]
["METEO","LTER_EU_BE_02","INBO","HOE1","AIR","EnvEurope",3,3,0,2013,2,15,{"$nulls":8},"PREC","DB","METH_1",0.23,"mm",null,"S"]
["METEO","LTER_EU_BE_02","INBO","HOE1","AIR","EnvEurope",3,3,0,2013,2,16,{"$nulls":8},"PREC","DB","METH_1",0.05999999,"mm",null,"S"]
["METEO","LTER_EU_BE_02","INBO","HOE1","AIR","EnvEurope",3,3,0,2013,2,17,{"$nulls":8},"PREC","DB","METH_1",0,"mm",null,"S"]
["METEO","LTER_EU_BE_02","INBO","HOE1","AIR","EnvEurope",3,3,0,2013,2,18,{"$nulls":8},"PREC","DB","METH_1",0,"mm",null,"S"]
["METEO","LTER_EU_BE_02","INBO","HOE1","AIR","EnvEurope",3,3,0,2013,2,19,{"$nulls":8},"PREC","DB","METH_1",0,"mm",null,"S"]
["METEO","LTER_EU_BE_02","INBO","HOE1","AIR","EnvEurope",3,3,0,2013,2,20,{"$nulls":8},"PREC","DB","METH_1",0,"mm",null,"S"]
["METEO","LTER_EU_BE_02","INBO","HOE1","AIR","EnvEurope",3,3,0,2013,2,21,{"$nulls":8},"PREC","DB","METH_1",0,"mm",null,"S"]
["METEO","LTER_EU_BE_02","INBO","HOE1","AIR","EnvEurope",3,3,0,2013,2,22,{"$nulls":8},"PREC","DB","METH_1",0,"mm",null,"S"]
["METEO","LTER_EU_BE_02","INBO","HOE1","AIR","EnvEurope",3,3,0,2013,2,23,{"$nulls":8},"PREC","DB","METH_1",0,"mm",null,"S"]
["METEO","LTER_EU_BE_02","INBO","HOE1","AIR","EnvEurope",3,3,0,2013,2,24,{"$nulls":8},"PREC","DB","METH_1",0,"mm",null,"S"]
["METEO","LTER_EU_BE_02","INBO","HOE1","AIR","EnvEurope",3,3,0,2013,2,25,{"$nulls":8},"PREC","DB","METH_1",0,"mm",null,"S"]
["METEO","LTER_EU_BE_02","INBO","HOE1","AIR","EnvEurope",3,3,0,2013,2,26,{"$nulls":8},"PREC","DB","METH_1",0,"mm",null,"S"]
["METEO","LTER_EU_BE_02","INBO","HOE1","AIR","EnvEurope",3,3,0,2013,2,27,{"$nulls":8},"PREC","DB","METH_1",0,"mm",null,"S"]
["METEO","LTER_EU_BE_02","INBO","HOE1","AIR","EnvEurope",3,3,0,2013,2,28,{"$nulls":8},"PREC","DB","METH_1",0,"mm",null,"S"]
["METEO","LTER_EU_BE_02","INBO","HOE1","AIR","EnvEurope",3,3,0,2013,3,1,{"$nulls":8},"PREC","DB","METH_1",0.04,"mm",null,"S"]
["METEO","LTER_EU_BE_02","INBO","HOE1","AIR","EnvEurope",3,3,0,2013,3,2,{"$nulls":8},"PREC","DB","METH_1",0,"mm",null,"S"]
["METEO","LTER_EU_BE_02","INBO","HOE1","AIR","EnvEurope",3,3,0,2013,3,3,{"$nulls":8},"PREC","DB","METH_1",0,"mm",null,"S"]
["METEO","LTER_EU_BE_02","INBO","HOE1","AIR","EnvEurope",3,3,0,2013,3,4,{"$nulls":8},"PREC","DB","METH_1",0.04,"mm",null,"S"]
["METEO","LTER_EU_BE_02","INBO","HOE1","AIR","EnvEurope",3,3,0,2013,3,5,{"$nulls":8},"PREC","DB","METH_1",0,"mm",null,"S"]
["METEO","LTER_EU_BE_02","INBO","HOE1","AIR","EnvEurope",3,3,0,2013,3,6,{"$nulls":8},"PREC","DB","METH_1",0,"mm",null,"S"]
["METEO","LTER_EU_BE_02","INBO","HOE1","AIR","EnvEurope",3,3,0,2013,3,7,{"$nulls":8},"PREC","DB","METH_1",0.47999996,"mm",null,"S"]
["METEO","LTER_EU_BE_02","INBO","HOE1","AIR","EnvEurope",3,3,0,2013,3,8,{"$nulls":8},"PREC","DB","METH_1",0.47999998,"mm",null,"S"]
["METEO","LTER_EU_BE_02","INBO","HOE1","AIR","EnvEurope",3,3,0,2013,3,9,{"$nulls":8},"PREC","DB","METH_1",5.6899992300000015,"mm",null,"S"]
["METEO","LTER_EU_BE_02","INBO","HOE1","AIR","EnvEurope",3,3,0,2013,3,10,{"$nulls":8},"PREC","DB","METH_1",0.03,"mm",null,"S"]
["METEO","LTER_EU_BE_02","INBO","HOE1","AIR","EnvEurope",3,3,0,2013,3,11,{"$nulls":8},"PREC","DB","METH_1",0.01,"mm",null,"S"]
["METEO","LTER_EU_BE_02","INBO","HOE1","AIR","EnvEurope",3,3,0,2013,3,12,{"$nulls":8},"PREC","DB","METH_1",0.01,"mm",null,"S"]
["METEO","LTER_EU_BE_02","INBO","HOE1","AIR","EnvEurope",3,3,0,2013,3,13,{"$nulls":8},"PREC","DB","METH_1",0,"mm",null,"S"]
["METEO","LTER_EU_BE_02","INBO","HOE1","AIR","EnvEurope",3,3,0,2013,3,14,{"$nulls":8},"PREC","DB","METH_1",0,"mm",null,"S"]
["METEO","LTER_EU_BE_02","INBO","HOE1","AIR","EnvEurope",3,3,0,2013,3,15,{"$nulls":8},"PREC","DB","METH_1",0,"mm",null,"S"]
["METEO","LTER_EU_BE_02","INBO","HOE1","AIR","EnvEurope",3,3,0,2013,3,16,{"$nulls":8},"PREC","DB","METH_1",0.09,"mm",null,"S"]
["METEO","LTER_EU_BE_02","INBO","HOE1","AIR","EnvEurope",3,3,0,2013,3,17,{"$nulls":8},"PREC","DB","METH_1",2.129998889999999,"mm",null,"S"]
["METEO","LTER_EU_BE_02","INBO","HOE1","AIR","EnvEurope",3,3,0,2013,3,18,{"$nulls":8},"PREC","DB","METH_1",0.19999999,"mm",null,"S"]
["METEO","LTER_EU_BE_02","INBO","HOE1","AIR","EnvEurope",3,3,0,2013,3,19,{"$nulls":8},"PREC","DB","METH_1",0.7199999900000001,"mm",null,"S"]
["METEO","LTER_EU_BE_02","INBO","HOE1","AIR","EnvEurope",3,3,0,2013,3,20,{"$nulls":8},"PREC","DB","METH_1",8.899997270000002,"mm",null,"S"]
["METEO","LTER_EU_BE_02","INBO","HOE1","AIR","EnvEurope",3,3,0,2013,3,21,{"$nulls":8},"PREC","DB","METH_1",0,"mm",null,"S"]
["METEO","LTER_EU_BE_02","INBO","HOE1","AIR","EnvEurope",3,3,0,2013,3,22,{"$nulls":8},"PREC","DB","METH_1",0,"mm",null,"S"]
["METEO","LTER_EU_BE_02","INBO","HOE1","AIR","EnvEurope",3,3,0,2013,3,23,{"$nulls":8},"PREC","DB","METH_1",0.6499999900000001,"mm",null,"S"]
["METEO","LTER_EU_BE_02","INBO","HOE1","AIR","EnvEurope",3,3,0,2013,3,24,{"$nulls":8},"PREC","DB","METH_1",0,"mm",null,"S"]
["METEO","LTER_EU_BE_02","INBO","HOE1","AIR","EnvEurope",3,3,0,2013,3,25,{"$nulls":8},"PREC","DB","METH_1",0,"mm",null,"S"]
["METEO","LTER_EU_BE_02","INBO","HOE1","AIR","EnvEurope",3,3,0,2013,3,26,{"$nulls":8},"PREC","DB","METH_1",0,"mm",null,"S"]
["METEO","LTER_EU_BE_02","INBO","HOE1","AIR","EnvEurope",3,3,0,2013,3,27,{"$nulls":8},"PREC","DB","METH_1",0,"mm",null,"S"]
["METEO","LTER_EU_BE_02","INBO","HOE1","AIR","EnvEurope",3,3,0,2013,3,28,{"$nulls":8},"PREC","DB","METH_1",0,"mm",null,"S"]
["METEO","LTER_EU_BE_02","INBO","HOE1","AIR","EnvEurope",3,3,0,2013,3,29,{"$nulls":8},"PREC","DB","METH_1",0,"mm",null,"S"]
["METEO","LTER_EU_BE_02","INBO","HOE1","AIR","EnvEurope",3,3,0,2013,3,30,{"$nulls":8},"PREC","DB","METH_1",0.11,"mm",null,"S"]
["METEO","LTER_EU_BE_02","INBO","HOE1","AIR","EnvEurope",3,3,0,2013,3,31,{"$nulls":8},"PREC","DB","METH_1",0,"mm",null,"S"]
["METEO","LTER_EU_BE_02","INBO","HOE1","AIR","EnvEurope",3,3,0,2013,4,1,{"$nulls":8},"PREC","DB","METH_1",0,"mm",null,"S"]
["METEO","LTER_EU_BE_02","INBO","HOE1","AIR","EnvEurope",3,3,0,2013,4,2,{"$nulls":8},"PREC","DB","METH_1",0,"mm",null,"S"]
["METEO","LTER_EU_BE_02","INBO","HOE1","AIR","EnvEurope",3,3,0,2013,4,3,{"$nulls":8},"PREC","DB","METH_1",0.01,"mm",null,"S"]
["METEO","LTER_EU_BE_02","INBO","HOE1","AIR","EnvEurope",3,3,0,2013,4,4,{"$nulls":8},"PREC","DB","METH_1",0,"mm",null,"S"]
["METEO","LTER_EU_BE_02","INBO","HOE1","AIR","EnvEurope",3,3,0,2013,4,5,{"$nulls":8},"PREC","DB","METH_1",0,"mm",null,"S"]
["METEO","LTER_EU_BE_02","INBO","HOE1","AIR","EnvEurope",3,3,0,2013,4,6,{"$nulls":8},"PREC","DB","METH_1",0,"mm",null,"S"]
["METEO","LTER_EU_BE_02","INBO","HOE1","AIR","EnvEurope",3,3,0,2013,4,7,{"$nulls":8},"PREC","DB","METH_1",0,"mm",null,"S"]
["METEO","LTER_EU_BE_02","INBO","HOE1","AIR","EnvEurope",3,3,0,2013,4,8,{"$nulls":8},"PREC","DB","METH_1",0,"mm",null,"S"]
["METEO","LTER_EU_BE_02","INBO","HOE1","AIR","EnvEurope",3,3,0,2013,4,9,{"$nulls":8},"PREC","DB","METH_1",9.879999729999998,"mm",null,"S"]
["METEO","LTER_EU_BE_02","INBO","HOE1","AIR","EnvEurope",3,3,0,2013,4,10,{"$nulls":8},"PREC","DB","METH_1",2.5499995600000003,"mm",null,"S"]
["METEO","LTER_EU_BE_02","INBO","HOE1","AIR","EnvEurope",3,3,0,2013,4,11,{"$nulls":8},"PREC","DB","METH_1",2.16999977,"mm",null,"S"]
["METEO","LTER_EU_BE_02","INBO","HOE1","AIR","EnvEurope",3,3,0,2013,4,12,{"$nulls":8},"PREC","DB","METH_1",4.399999579999999,"mm",null,"S"]
["METEO","LTER_EU_BE_02","INBO","HOE1","AIR","EnvEurope",3,3,0,2013,4,13,{"$nulls":8},"PREC","DB","METH_1",0.22999999999999998,"mm",null,"S"]
["METEO","LTER_EU_BE_02","INBO","HOE1","AIR","EnvEurope",3,3,0,2013,4,14,{"$nulls":8},"PREC","DB","METH_1",0.03,"mm",null,"S"]
["METEO","LTER_EU_BE_02","INBO","HOE1","AIR","EnvEurope",3,3,0,2013,4,15,{"$nulls":8},"PREC","DB","METH_1",1.04999997,"mm",null,"S"]
["METEO","LTER_EU_BE_02","INBO","HOE1","AIR","EnvEurope",3,3,0,2013,4,16,{"$nulls":8},"PREC","DB","METH_1",0.01,"mm",null,"S"]
["METEO","LTER_EU_BE_02","INBO","HOE1","AIR","EnvEurope",3,3,0,2013,4,17,{"$nulls":8},"PREC","DB","METH_1",0,"mm",null,"S"]
["METEO","LTER_EU_BE_02","INBO","HOE1","AIR","EnvEurope",3,3,0,2013,4,18,{"$nulls":8},"PREC","DB","METH_1",0,"mm",null,"S"]
["METEO","LTER_EU_BE_02","INBO","HOE1","AIR","EnvEurope",3,3,0,2013,4,19,{"$nulls":8},"PREC","DB","METH_1",0.03,"mm",null,"S"]
["METEO","LTER_EU_BE_02","INBO","HOE1","AIR","EnvEurope",3,3,0,2013,4,20,{"$nulls":8},"PREC","DB","METH_1",0,"mm",null,"S"]
["METEO","LTER_EU_BE_02","INBO","HOE1","AIR","EnvEurope",3,3,0,2013,4,21,{"$nulls":8},"PREC","DB","METH_1",0,"mm",null,"S"]
["METEO","LTER_EU_BE_02","INBO","HOE1","AIR","EnvEurope",3,3,0,2013,4,22,{"$nulls":8},"PREC","DB","METH_1",0,"mm",null,"S"]
["METEO","LTER_EU_BE_02","INBO","HOE1","AIR","EnvEurope",3,3,0,2013,4,23,{"$nulls":8},"PREC","DB","METH_1",0,"mm",null,"S"]
["METEO","LTER_EU_BE_02","INBO","HOE1","AIR","EnvEurope",3,3,0,2013,4,24,{"$nulls":8},"PREC","DB","METH_1",0,"mm",null,"S"]
["METEO","LTER_EU_BE_02","INBO","HOE1","AIR","EnvEurope",3,3,0,2013,4,25,{"$nulls":8},"PREC","DB","METH_1",0,"mm",null,"S"]
["METEO","LTER_EU_BE_02","INBO","HOE1","AIR","EnvEurope",3,3,0,2013,4,26,{"$nulls":8},"PREC","DB","METH_1",2.369999489999999,"mm",null,"S"]
["METEO","LTER_EU_BE_02","INBO","HOE1","AIR","EnvEurope",3,3,0,2013,4,27,{"$nulls":8},"PREC","DB","METH_1",0,"mm",null,"S"]
["METEO","LTER_EU_BE_02","INBO","HOE1","AIR","EnvEurope",3,3,0,2013,4,28,{"$nulls":8},"PREC","DB","METH_1",0,"mm",null,"S"]
["METEO","LTER_EU_BE_02","INBO","HOE1","AIR","EnvEurope",3,3,0,2013,4,29,{"$nulls":8},"PREC","DB","METH_1",0.63,"mm",null,"S"]
["METEO","LTER_EU_BE_02","INBO","HOE1","AIR","EnvEurope",3,3,0,2013,4,30,{"$nulls":8},"PREC","DB","METH_1",0,"mm",null,"S"]
["METEO","LTER_EU_BE_02","INBO","HOE1","AIR","EnvEurope",3,3,0,2013,5,1,{"$nulls":8},"PREC","DB","METH_1",0.12,"mm",null,"S"]
["METEO","LTER_EU_BE_02","INBO","HOE1","AIR","EnvEurope",3,3,0,2013,5,2,{"$nulls":8},"PREC","DB","METH_1",0.13999999,"mm",null,"S"]
["METEO","LTER_EU_BE_02","INBO","HOE1","AIR","EnvEurope",3,3,0,2013,5,3,{"$nulls":8},"PREC","DB","METH_1",0,"mm",null,"S"]
["METEO","LTER_EU_BE_02","INBO","HOE1","AIR","EnvEurope",3,3,0,2013,5,4,{"$nulls":8},"PREC","DB","METH_1",0.01,"mm",null,"S"]
["METEO","LTER_EU_BE_02","INBO","HOE1","AIR","EnvEurope",3,3,0,2013,5,5,{"$nulls":8},"PREC","DB","METH_1",0,"mm",null,"S"]
["METEO","LTER_EU_BE_02","INBO","HOE1","AIR","EnvEurope",3,3,0,2013,5,6,{"$nulls":8},"PREC","DB","METH_1",0,"mm",null,"S"]
["METEO","LTER_EU_BE_02","INBO","HOE1","AIR","EnvEurope",3,3,0,2013,5,7,{"$nulls":8},"PREC","DB","METH_1",13.4799995,"mm",null,"S"]
["METEO","LTER_EU_BE_02","INBO","HOE1","AIR","EnvEurope",3,3,0,2013,5,8,{"$nulls":8},"PREC","DB","METH_1",9.740001689999998,"mm",null,"S"]
["METEO","LTER_EU_BE_02","INBO","HOE1","AIR","EnvEurope",3,3,0,2013,5,9,{"$nulls":8},"PREC","DB","METH_1",1.16999999,"mm",null,"S"]
["METEO","LTER_EU_BE_02","INBO","HOE1","AIR","EnvEurope",3,3,0,2013,5,10,{"$nulls":8},"PREC","DB","METH_1",0,"mm",null,"S"]
["METEO","LTER_EU_BE_02","INBO","HOE1","AIR","EnvEurope",3,3,0,2013,5,11,{"$nulls":8},"PREC","DB","METH_1",4.51999993,"mm",null,"S"]
["METEO","LTER_EU_BE_02","INBO","HOE1","AIR","EnvEurope",3,3,0,2013,5,12,{"$nulls":8},"PREC","DB","METH_1",2.75999965,"mm",null,"S"]
["METEO","LTER_EU_BE_02","INBO","HOE1","AIR","EnvEurope",3,3,0,2013,5,13,{"$nulls":8},"PREC","DB","METH_1",0.34999999000000004,"mm",null,"S"]
["METEO","LTER_EU_BE_02","INBO","HOE1","AIR","EnvEurope",3,3,0,2013,5,14,{"$nulls":8},"PREC","DB","METH_1",1.9799999899999998,"mm",null,"S"]
["METEO","LTER_EU_BE_02","INBO","HOE1","AIR","EnvEurope",3,3,0,2013,5,15,{"$nulls":8},"PREC","DB","METH_1",1.5799997700000001,"mm",null,"S"]
["METEO","LTER_EU_BE_02","INBO","HOE1","AIR","EnvEurope",3,3,0,2013,5,16,{"$nulls":8},"PREC","DB","METH_1",5.51999972,"mm",null,"S"]
["METEO","LTER_EU_BE_02","INBO","HOE1","AIR","EnvEurope",3,3,0,2013,5,17,{"$nulls":8},"PREC","DB","METH_1",7.3599973599999995,"mm",null,"S"]
["METEO","LTER_EU_BE_02","INBO","HOE1","AIR","EnvEurope",3,3,0,2013,5,18,{"$nulls":8},"PREC","DB","METH_1",0,"mm",null,"S"]
["METEO","LTER_EU_BE_02","INBO","HOE1","AIR","EnvEurope",3,3,0,2013,5,19,{"$nulls":8},"PREC","DB","METH_1",0,"mm",null,"S"]
["METEO","LTER_EU_BE_02","INBO","HOE1","AIR","EnvEurope",3,3,0,2013,5,20,{"$nulls":8},"PREC","DB","METH_1",0.01,"mm",null,"S"]
["METEO","LTER_EU_BE_02","INBO","HOE1","AIR","EnvEurope",3,3,0,2013,5,21,{"$nulls":8},"PREC","DB","METH_1",7.489999319999997,"mm",null,"S"]
["METEO","LTER_EU_BE_02","INBO","HOE1","AIR","EnvEurope",3,3,0,2013,5,22,{"$nulls":8},"PREC","DB","METH_1",1.9899996999999998,"mm",null,"S"]
["METEO","LTER_EU_BE_02","INBO","HOE1","AIR","EnvEurope",3,3,0,2013,5,23,{"$nulls":8},"PREC","DB","METH_1",14.58999836,"mm",null,"S"]
["METEO","LTER_EU_BE_02","INBO","HOE1","AIR","EnvEurope",3,3,0,2013,5,24,{"$nulls":8},"PREC","DB","METH_1",2.7399994,"mm",null,"S"]
["METEO","LTER_EU_BE_02","INBO","HOE1","AIR","EnvEurope",3,3,0,2013,5,25,{"$nulls":8},"PREC","DB","METH_1",0.05,"mm",null,"S"]
["METEO","LTER_EU_BE_02","INBO","HOE1","AIR","EnvEurope",3,3,0,2013,5,26,{"$nulls":8},"PREC","DB","METH_1",1.9299998300000003,"mm",null,"S"]
["METEO","LTER_EU_BE_02","INBO","HOE1","AIR","EnvEurope",3,3,0,2013,5,27,{"$nulls":8},"PREC","DB","METH_1",0,"mm",null,"S"]
["METEO","LTER_EU_BE_02","INBO","HOE1","AIR","EnvEurope",3,3,0,2013,5,28,{"$nulls":8},"PREC","DB","METH_1",34.54000117999999,"mm",null,"S"]
["METEO","LTER_EU_BE_02","INBO","HOE1","AIR","EnvEurope",3,3,0,2013,5,29,{"$nulls":8},"PREC","DB","METH_1",4.60999948,"mm",null,"S"]
["METEO","LTER_EU_BE_02","INBO","HOE1","AIR","EnvEurope",3,3,0,2013,5,30,{"$nulls":8},"PREC","DB","METH_1",0.6199998900000001,"mm",null,"S"]
["METEO","LTER_EU_BE_02","INBO","HOE1","AIR","EnvEurope",3,3,0,2013,5,31,{"$nulls":8},"PREC","DB","METH_1",0,"mm",null,"S"]
["METEO","LTER_EU_BE_02","INBO","HOE1","AIR","EnvEurope",3,3,0,2013,6,1,{"$nulls":8},"PREC","DB","METH_1",0,"mm",null,"S"]
["METEO","LTER_EU_BE_02","INBO","HOE1","AIR","EnvEurope",3,3,0,2013,6,2,{"$nulls":8},"PREC","DB","METH_1",0,"mm",null,"S"]
["METEO","LTER_EU_BE_02","INBO","HOE1","AIR","EnvEurope",3,3,0,2013,6,3,{"$nulls":8},"PREC","DB","METH_1",0,"mm",null,"S"]
["METEO","LTER_EU_BE_02","INBO","HOE1","AIR","EnvEurope",3,3,0,2013,6,4,{"$nulls":8},"PREC","DB","METH_1",0,"mm",null,"S"]
["METEO","LTER_EU_BE_02","INBO","HOE1","AIR","EnvEurope",3,3,0,2013,6,5,{"$nulls":8},"PREC","DB","METH_1",0,"mm",null,"S"]
["METEO","LTER_EU_BE_02","INBO","HOE1","AIR","EnvEurope",3,3,0,2013,6,6,{"$nulls":8},"PREC","DB","METH_1",0,"mm",null,"S"]
["METEO","LTER_EU_BE_02","INBO","HOE1","AIR","EnvEurope",3,3,0,2013,6,7,{"$nulls":8},"PREC","DB","METH_1",0,"mm",null,"S"]
["METEO","LTER_EU_BE_02","INBO","HOE1","AIR","EnvEurope",3,3,0,2013,6,8,{"$nulls":8},"PREC","DB","METH_1",0,"mm",null,"S"]
["METEO","LTER_EU_BE_02","INBO","HOE1","AIR","EnvEurope",3,3,0,2013,6,9,{"$nulls":8},"PREC","DB","METH_1",0,"mm",null,"S"]
["METEO","LTER_EU_BE_02","INBO","HOE1","AIR","EnvEurope",3,3,0,2013,6,10,{"$nulls":8},"PREC","DB","METH_1",0,"mm",null,"S"]
["METEO","LTER_EU_BE_02","INBO","HOE1","AIR","EnvEurope",3,3,0,2013,6,11,{"$nulls":8},"PREC","DB","METH_1",0,"mm",null,"S"]
["METEO","LTER_EU_BE_02","INBO","HOE1","AIR","EnvEurope",3,3,0,2013,6,12,{"$nulls":8},"PREC","DB","METH_1",0,"mm",null,"S"]
["METEO","LTER_EU_BE_02","INBO","HOE1","AIR","EnvEurope",3,3,0,2013,6,13,{"$nulls":8},"PREC","DB","METH_1",3.9399994800000004,"mm",null,"S"]
["METEO","LTER_EU_BE_02","INBO","HOE1","AIR","EnvEurope",3,3,0,2013,6,14,{"$nulls":8},"PREC","DB","METH_1",0,"mm",null,"S"]
["METEO","LTER_EU_BE_02","INBO","HOE1","AIR","EnvEurope",3,3,0,2013,6,15,{"$nulls":8},"PREC","DB","METH_1",0.01,"mm",null,"S"]
["METEO","LTER_EU_BE_02","INBO","HOE1","AIR","EnvEurope",3,3,0,2013,6,16,{"$nulls":8},"PREC","DB","METH_1",0.01,"mm",null,"S"]
["METEO","LTER_EU_BE_02","INBO","HOE1","AIR","EnvEurope",3,3,0,2013,6,17,{"$nulls":8},"PREC","DB","METH_1",3.68999917,"mm",null,"S"]
["METEO","LTER_EU_BE_02","INBO","HOE1","AIR","EnvEurope",3,3,0,2013,6,18,{"$nulls":8},"PREC","DB","METH_1",0.11999999,"mm",null,"S"]
["METEO","LTER_EU_BE_02","INBO","HOE1","AIR","EnvEurope",3,3,0,2013,6,19,{"$nulls":8},"PREC","DB","METH_1",2.499999659999999,"mm",null,"S"]
["METEO","LTER_EU_BE_02","INBO","HOE1","AIR","EnvEurope",3,3,0,2013,6,20,{"$nulls":8},"PREC","DB","METH_1",2.43999966,"mm",null,"S"]
["METEO","LTER_EU_BE_02","INBO","HOE1","AIR","EnvEurope",3,3,0,2013,6,21,{"$nulls":8},"PREC","DB","METH_1",12.01999835,"mm",null,"S"]
["METEO","LTER_EU_BE_02","INBO","HOE1","AIR","EnvEurope",3,3,0,2013,6,22,{"$nulls":8},"PREC","DB","METH_1",1.3199998800000003,"mm",null,"S"]
["METEO","LTER_EU_BE_02","INBO","HOE1","AIR","EnvEurope",3,3,0,2013,6,23,{"$nulls":8},"PREC","DB","METH_1",0.05,"mm",null,"S"]
["METEO","LTER_EU_BE_02","INBO","HOE1","AIR","EnvEurope",3,3,0,2013,6,24,{"$nulls":8},"PREC","DB","METH_1",0.43999999,"mm",null,"S"]
["METEO","LTER_EU_BE_02","INBO","HOE1","AIR","EnvEurope",3,3,0,2013,6,25,{"$nulls":8},"PREC","DB","METH_1",2.68999999,"mm",null,"S"]
["METEO","LTER_EU_BE_02","INBO","HOE1","AIR","EnvEurope",3,3,0,2013,6,26,{"$nulls":8},"PREC","DB","METH_1",0,"mm",null,"S"]
["METEO","LTER_EU_BE_02","INBO","HOE1","AIR","EnvEurope",3,3,0,2013,6,27,{"$nulls":8},"PREC","DB","METH_1",9.07999589,"mm",null,"S"]
["METEO","LTER_EU_BE_02","INBO","HOE1","AIR","EnvEurope",3,3,0,2013,6,28,{"$nulls":8},"PREC","DB","METH_1",4.4799988599999985,"mm",null,"S"]
["METEO","LTER_EU_BE_02","INBO","HOE1","AIR","EnvEurope",3,3,0,2013,6,29,{"$nulls":8},"PREC","DB","METH_1",3.47999988,"mm",null,"S"]
["METEO","LTER_EU_BE_02","INBO","HOE1","AIR","EnvEurope",3,3,0,2013,6,30,{"$nulls":8},"PREC","DB","METH_1",0,"mm",null,"S"]
["METEO","LTER_EU_BE_02","INBO","HOE1","AIR","EnvEurope",3,3,0,2013,7,1,{"$nulls":8},"PREC","DB","METH_1",0,"mm",null,"S"]
["METEO","LTER_EU_BE_02","INBO","HOE1","AIR","EnvEurope",3,3,0,2013,7,2,{"$nulls":8},"PREC","DB","METH_1",0.36999999,"mm",null,"S"]
["METEO","LTER_EU_BE_02","INBO","HOE1","AIR","EnvEurope",3,3,0,2013,7,3,{"$nulls":8},"PREC","DB","METH_1",6.069999600000001,"mm",null,"S"]
["METEO","LTER_EU_BE_02","INBO","HOE1","AIR","EnvEurope",3,3,0,2013,7,4,{"$nulls":8},"PREC","DB","METH_1",0,"mm",null,"S"]
["METEO","LTER_EU_BE_02","INBO","HOE1","AIR","EnvEurope",3,3,0,2013,7,5,{"$nulls":8},"PREC","DB","METH_1",0,"mm",null,"S"]
["METEO","LTER_EU_BE_02","INBO","HOE1","AIR","EnvEurope",3,3,0,2013,7,6,{"$nulls":8},"PREC","DB","METH_1",0,"mm",null,"S"]
["METEO","LTER_EU_BE_02","INBO","HOE1","AIR","EnvEurope",3,3,0,2013,7,7,{"$nulls":8},"PREC","DB","METH_1",0,"mm",null,"S"]
["METEO","LTER_EU_BE_02","INBO","HOE1","AIR","EnvEurope",3,3,0,2013,7,8,{"$nulls":8},"PREC","DB","METH_1",0,"mm",null,"S"]
["METEO","LTER_EU_BE_02","INBO","HOE1","AIR","EnvEurope",3,3,0,2013,7,9,{"$nulls":8},"PREC","DB","METH_1",0,"mm",null,"S"]
["METEO","LTER_EU_BE_02","INBO","HOE1","AIR","EnvEurope",3,3,0,2013,7,10,{"$nulls":8},"PREC","DB","METH_1",0,"mm",null,"S"]
["METEO","LTER_EU_BE_02","INBO","HOE1","AIR","EnvEurope",3,3,0,2013,7,11,{"$nulls":8},"PREC","DB","METH_1",0,"mm",null,"S"]
["METEO","LTER_EU_BE_02","INBO","HOE1","AIR","EnvEurope",3,3,0,2013,7,12,{"$nulls":8},"PREC","DB","METH_1",0,"mm",null,"S"]
["METEO","LTER_EU_BE_02","INBO","HOE1","AIR","EnvEurope",3,3,0,2013,7,13,{"$nulls":8},"PREC","DB","METH_1",0,"mm",null,"S"]
["METEO","LTER_EU_BE_02","INBO","HOE1","AIR","EnvEurope",3,3,0,2013,7,14,{"$nulls":8},"PREC","DB","METH_1",0,"mm",null,"S"]
["METEO","LTER_EU_BE_02","INBO","HOE1","AIR","EnvEurope",3,3,0,2013,7,15,{"$nulls":8},"PREC","DB","METH_1",0,"mm",null,"S"]
["METEO","LTER_EU_BE_02","INBO","HOE1","AIR","EnvEurope",3,3,0,2013,7,16,{"$nulls":8},"PREC","DB","METH_1",0,"mm",null,"S"]
["METEO","LTER_EU_BE_02","INBO","HOE1","AIR","EnvEurope",3,3,0,2013,7,17,{"$nulls":8},"PREC","DB","METH_1",0,"mm",null,"S"]
["METEO","LTER_EU_BE_02","INBO","HOE1","AIR","EnvEurope",3,3,0,2013,7,18,{"$nulls":8},"PREC","DB","METH_1",0.03,"mm",null,"S"]
["METEO","LTER_EU_BE_02","INBO","HOE1","AIR","EnvEurope",3,3,0,2013,7,19,{"$nulls":8},"PREC","DB","METH_1",0,"mm",null,"S"]
["METEO","LTER_EU_BE_02","INBO","HOE1","AIR","EnvEurope",3,3,0,2013,7,20,{"$nulls":8},"PREC","DB","METH_1",0,"mm",null,"S"]
["METEO","LTER_EU_BE_02","INBO","HOE1","AIR","EnvEurope",3,3,0,2013,7,21,{"$nulls":8},"PREC","DB","METH_1",0,"mm",null,"S"]
["METEO","LTER_EU_BE_02","INBO","HOE1","AIR","EnvEurope",3,3,0,2013,7,22,{"$nulls":8},"PREC","DB","METH_1",0,"mm",null,"S"]
["METEO","LTER_EU_BE_02","INBO","HOE1","AIR","EnvEurope",3,3,0,2013,7,23,{"$nulls":8},"PREC","DB","METH_1",0,"mm",null,"S"]
["METEO","LTER_EU_BE_02","INBO","HOE1","AIR","EnvEurope",3,3,0,2013,7,24,{"$nulls":8},"PREC","DB","METH_1",4.329998389999999,"mm",null,"S"]
["METEO","LTER_EU_BE_02","INBO","HOE1","AIR","EnvEurope",3,3,0,2013,7,25,{"$nulls":8},"PREC","DB","METH_1",0.01,"mm",null,"S"]
["METEO","LTER_EU_BE_02","INBO","HOE1","AIR","EnvEurope",3,3,0,2013,7,26,{"$nulls":8},"PREC","DB","METH_1",0.7799999,"mm",null,"S"]
["METEO","LTER_EU_BE_02","INBO","HOE1","AIR","EnvEurope",3,3,0,2013,7,27,{"$nulls":8},"PREC","DB","METH_1",37.6299988,"mm",null,"S"]
["METEO","LTER_EU_BE_02","INBO","HOE1","AIR","EnvEurope",3,3,0,2013,7,28,{"$nulls":8},"PREC","DB","METH_1",0.13,"mm",null,"S"]
["METEO","LTER_EU_BE_02","INBO","HOE1","AIR","EnvEurope",3,3,0,2013,7,29,{"$nulls":8},"PREC","DB","METH_1",10.949998999999998,"mm",null,"S"]
["METEO","LTER_EU_BE_02","INBO","HOE1","AIR","EnvEurope",3,3,0,2013,7,30,{"$nulls":8},"PREC","DB","METH_1",4.19000009,"mm",null,"S"]
["METEO","LTER_EU_BE_02","INBO","HOE1","AIR","EnvEurope",3,3,0,2013,7,31,{"$nulls":8},"PREC","DB","METH_1",0.03,"mm",null,"S"]
["METEO","LTER_EU_BE_02","INBO","HOE1","AIR","EnvEurope",3,3,0,2013,8,1,{"$nulls":8},"PREC","DB","METH_1",0,"mm",null,"S"]
["METEO","LTER_EU_BE_02","INBO","HOE1","AIR","EnvEurope",3,3,0,2013,8,2,{"$nulls":8},"PREC","DB","METH_1",0,"mm",null,"S"]
["METEO","LTER_EU_BE_02","INBO","HOE1","AIR","EnvEurope",3,3,0,2013,8,3,{"$nulls":8},"PREC","DB","METH_1",0.15999998999999998,"mm",null,"S"]
["METEO","LTER_EU_BE_02","INBO","HOE1","AIR","EnvEurope",3,3,0,2013,8,4,{"$nulls":8},"PREC","DB","METH_1",0,"mm",null,"S"]
["METEO","LTER_EU_BE_02","INBO","HOE1","AIR","EnvEurope",3,3,0,2013,8,5,{"$nulls":8},"PREC","DB","METH_1",0.49,"mm",null,"S"]
["METEO","LTER_EU_BE_02","INBO","HOE1","AIR","EnvEurope",3,3,0,2013,8,6,{"$nulls":8},"PREC","DB","METH_1",0.03,"mm",null,"S"]
["METEO","LTER_EU_BE_02","INBO","HOE1","AIR","EnvEurope",3,3,0,2013,8,7,{"$nulls":8},"PREC","DB","METH_1",6.389999249999999,"mm",null,"S"]
["METEO","LTER_EU_BE_02","INBO","HOE1","AIR","EnvEurope",3,3,0,2013,8,8,{"$nulls":8},"PREC","DB","METH_1",0,"mm",null,"S"]
["METEO","LTER_EU_BE_02","INBO","HOE1","AIR","EnvEurope",3,3,0,2013,8,9,{"$nulls":8},"PREC","DB","METH_1",5.9000010000000005,"mm",null,"S"]
["METEO","LTER_EU_BE_02","INBO","HOE1","AIR","EnvEurope",3,3,0,2013,8,10,{"$nulls":8},"PREC","DB","METH_1",0,"mm",null,"S"]
["METEO","LTER_EU_BE_02","INBO","HOE1","AIR","EnvEurope",3,3,0,2013,8,11,{"$nulls":8},"PREC","DB","METH_1",0,"mm",null,"S"]
["METEO","LTER_EU_BE_02","INBO","HOE1","AIR","EnvEurope",3,3,0,2013,8,12,{"$nulls":8},"PREC","DB","METH_1",0,"mm",null,"S"]
["METEO","LTER_EU_BE_02","INBO","HOE1","AIR","EnvEurope",3,3,0,2013,8,13,{"$nulls":8},"PREC","DB","METH_1",0,"mm",null,"S"]
["METEO","LTER_EU_BE_02","INBO","HOE1","AIR","EnvEurope",3,3,0,2013,8,14,{"$nulls":8},"PREC","DB","METH_1",0,"mm",null,"S"]
["METEO","LTER_EU_BE_02","INBO","HOE1","AIR","EnvEurope",3,3,0,2013,8,15,{"$nulls":8},"PREC","DB","METH_1",0,"mm",null,"S"]
["METEO","LTER_EU_BE_02","INBO","HOE1","AIR","EnvEurope",3,3,0,2013,8,16,{"$nulls":8},"PREC","DB","METH_1",0.05,"mm",null,"S"]
["METEO","LTER_EU_BE_02","INBO","HOE1","AIR","EnvEurope",3,3,0,2013,8,17,{"$nulls":8},"PREC","DB","METH_1",0.4,"mm",null,"S"]
["METEO","LTER_EU_BE_02","INBO","HOE1","AIR","EnvEurope",3,3,0,2013,8,18,{"$nulls":8},"PREC","DB","METH_1",5.249998460000001,"mm",null,"S"]
["METEO","LTER_EU_BE_02","INBO","HOE1","AIR","EnvEurope",3,3,0,2013,8,19,{"$nulls":8},"PREC","DB","METH_1",0.19,"mm",null,"S"]
["METEO","LTER_EU_BE_02","INBO","HOE1","AIR","EnvEurope",3,3,0,2013,8,20,{"$nulls":8},"PREC","DB","METH_1",0,"mm",null,"S"]
["METEO","LTER_EU_BE_02","INBO","HOE1","AIR","EnvEurope",3,3,0,2013,8,21,{"$nulls":8},"PREC","DB","METH_1",0,"mm",null,"S"]
["METEO","LTER_EU_BE_02","INBO","HOE1","AIR","EnvEurope",3,3,0,2013,8,22,{"$nulls":8},"PREC","DB","METH_1",0.09,"mm",null,"S"]
["METEO","LTER_EU_BE_02","INBO","HOE1","AIR","EnvEurope",3,3,0,2013,8,23,{"$nulls":8},"PREC","DB","METH_1",0.22,"mm",null,"S"]
["METEO","LTER_EU_BE_02","INBO","HOE1","AIR","EnvEurope",3,3,0,2013,8,24,{"$nulls":8},"PREC","DB","METH_1",11.889998760000001,"mm",null,"S"]
["METEO","LTER_EU_BE_02","INBO","HOE1","AIR","EnvEurope",3,3,0,2013,8,25,{"$nulls":8},"PREC","DB","METH_1",0.01,"mm",null,"S"]
["METEO","LTER_EU_BE_02","INBO","HOE1","AIR","EnvEurope",3,3,0,2013,8,26,{"$nulls":8},"PREC","DB","METH_1",0,"mm",null,"S"]
["METEO","LTER_EU_BE_02","INBO","HOE1","AIR","EnvEurope",3,3,0,2013,8,27,{"$nulls":8},"PREC","DB","METH_1",0,"mm",null,"S"]
["METEO","LTER_EU_BE_02","INBO","HOE1","AIR","EnvEurope",3,3,0,2013,8,28,{"$nulls":8},"PREC","DB","METH_1",0,"mm",null,"S"]
["METEO","LTER_EU_BE_02","INBO","HOE1","AIR","EnvEurope",3,3,0,2013,8,29,{"$nulls":8},"PREC","DB","METH_1",0,"mm",null,"S"]
["METEO","LTER_EU_BE_02","INBO","HOE1","AIR","EnvEurope",3,3,0,2013,8,30,{"$nulls":8},"PREC","DB","METH_1",0,"mm",null,"S"]
["METEO","LTER_EU_BE_02","INBO","HOE1","AIR","EnvEurope",3,3,0,2013,8,31,{"$nulls":8},"PREC","DB","METH_1",0,"mm",null,"S"]
["METEO","LTER_EU_BE_02","INBO","HOE1","AIR","EnvEurope",3,3,0,2013,9,1,{"$nulls":8},"PREC","DB","METH_1",0,"mm",null,"S"]
["METEO","LTER_EU_BE_02","INBO","HOE1","AIR","EnvEurope",3,3,0,2013,9,2,{"$nulls":8},"PREC","DB","METH_1",0,"mm",null,"S"]
["METEO","LTER_EU_BE_02","INBO","HOE1","AIR","EnvEurope",3,3,0,2013,9,3,{"$nulls":8},"PREC","DB","METH_1",0,"mm",null,"S"]
["METEO","LTER_EU_BE_02","INBO","HOE1","AIR","EnvEurope",3,3,0,2013,9,4,{"$nulls":8},"PREC","DB","METH_1",0,"mm",null,"S"]
["METEO","LTER_EU_BE_02","INBO","HOE1","AIR","EnvEurope",3,3,0,2013,9,5,{"$nulls":8},"PREC","DB","METH_1",0,"mm",null,"S"]
["METEO","LTER_EU_BE_02","INBO","HOE1","AIR","EnvEurope",3,3,0,2013,9,6,{"$nulls":8},"PREC","DB","METH_1",2.6999998,"mm",null,"S"]
["METEO","LTER_EU_BE_02","INBO","HOE1","AIR","EnvEurope",3,3,0,2013,9,7,{"$nulls":8},"PREC","DB","METH_1",0.01,"mm",null,"S"]
["METEO","LTER_EU_BE_02","INBO","HOE1","AIR","EnvEurope",3,3,0,2013,9,8,{"$nulls":8},"PREC","DB","METH_1",2.85999888,"mm",null,"S"]
["METEO","LTER_EU_BE_02","INBO","HOE1","AIR","EnvEurope",3,3,0,2013,9,9,{"$nulls":8},"PREC","DB","METH_1",1.5799999800000002,"mm",null,"S"]
["METEO","LTER_EU_BE_02","INBO","HOE1","AIR","EnvEurope",3,3,0,2013,9,10,{"$nulls":8},"PREC","DB","METH_1",4.859998849999999,"mm",null,"S"]
["METEO","LTER_EU_BE_02","INBO","HOE1","AIR","EnvEurope",3,3,0,2013,9,11,{"$nulls":8},"PREC","DB","METH_1",4.2400001,"mm",null,"S"]
["METEO","LTER_EU_BE_02","INBO","HOE1","AIR","EnvEurope",3,3,0,2013,9,12,{"$nulls":8},"PREC","DB","METH_1",0,"mm",null,"S"]
["METEO","LTER_EU_BE_02","INBO","HOE1","AIR","EnvEurope",3,3,0,2013,9,13,{"$nulls":8},"PREC","DB","METH_1",0.97999988,"mm",null,"S"]
["METEO","LTER_EU_BE_02","INBO","HOE1","AIR","EnvEurope",3,3,0,2013,9,14,{"$nulls":8},"PREC","DB","METH_1",4.349999939999999,"mm",null,"S"]
["METEO","LTER_EU_BE_02","INBO","HOE1","AIR","EnvEurope",3,3,0,2013,9,15,{"$nulls":8},"PREC","DB","METH_1",4.159999170000001,"mm",null,"S"]
["METEO","LTER_EU_BE_02","INBO","HOE1","AIR","EnvEurope",3,3,0,2013,9,16,{"$nulls":8},"PREC","DB","METH_1",1.1099998,"mm",null,"S"]
["METEO","LTER_EU_BE_02","INBO","HOE1","AIR","EnvEurope",3,3,0,2013,9,17,{"$nulls":8},"PREC","DB","METH_1",5.75999919,"mm",null,"S"]
["METEO","LTER_EU_BE_02","INBO","HOE1","AIR","EnvEurope",3,3,0,2013,9,18,{"$nulls":8},"PREC","DB","METH_1",2.3999998600000003,"mm",null,"S"]
["METEO","LTER_EU_BE_02","INBO","HOE1","AIR","EnvEurope",3,3,0,2013,9,19,{"$nulls":8},"PREC","DB","METH_1",0.03,"mm",null,"S"]
["METEO","LTER_EU_BE_02","INBO","HOE1","AIR","EnvEurope",3,3,0,2013,9,20,{"$nulls":8},"PREC","DB","METH_1",0,"mm",null,"S"]
["METEO","LTER_EU_BE_02","INBO","HOE1","AIR","EnvEurope",3,3,0,2013,9,21,{"$nulls":8},"PREC","DB","METH_1",0,"mm",null,"S"]
["METEO","LTER_EU_BE_02","INBO","HOE1","AIR","EnvEurope",3,3,0,2013,9,22,{"$nulls":8},"PREC","DB","METH_1",0,"mm",null,"S"]
["METEO","LTER_EU_BE_02","INBO","HOE1","AIR","EnvEurope",3,3,0,2013,9,23,{"$nulls":8},"PREC","DB","METH_1",0,"mm",null,"S"]
["METEO","LTER_EU_BE_02","INBO","HOE1","AIR","EnvEurope",3,3,0,2013,9,24,{"$nulls":8},"PREC","DB","METH_1",0,"mm",null,"S"]
["METEO","LTER_EU_BE_02","INBO","HOE1","AIR","EnvEurope",3,3,0,2013,9,25,{"$nulls":8},"PREC","DB","METH_1",0,"mm",null,"S"]
["METEO","LTER_EU_BE_02","INBO","HOE1","AIR","EnvEurope",3,3,0,2013,9,26,{"$nulls":8},"PREC","DB","METH_1",0.42000000000000004,"mm",null,"S"]
["METEO","LTER_EU_BE_02","INBO","HOE1","AIR","EnvEurope",3,3,0,2013,9,27,{"$nulls":8},"PREC","DB","METH_1",0,"mm",null,"S"]
["METEO","LTER_EU_BE_02","INBO","HOE1","AIR","EnvEurope",3,3,0,2013,9,28,{"$nulls":8},"PREC","DB","METH_1",0,"mm",null,"S"]
["METEO","LTER_EU_BE_02","INBO","HOE1","AIR","EnvEurope",3,3,0,2013,9,29,{"$nulls":8},"PREC","DB","METH_1",0,"mm",null,"S"]
["METEO","LTER_EU_BE_02","INBO","HOE1","AIR","EnvEurope",3,3,0,2013,9,30,{"$nulls":8},"PREC","DB","METH_1",0,"mm",null,"S"]
["METEO","LTER_EU_BE_02","INBO","HOE1","AIR","EnvEurope",3,3,0,2014,1,1,{"$nulls":8},"TEMP","DB","METH_1",7.404157863157895,"°C",null,"X"]
["METEO","LTER_EU_BE_02","INBO","HOE1","AIR","EnvEurope",3,3,0,2014,1,2,{"$nulls":8},"TEMP","DB","METH_1",8.875746895833332,"°C",null,"X"]
["METEO","LTER_EU_BE_02","INBO","HOE1","AIR","EnvEurope",3,3,0,2014,1,3,{"$nulls":8},"TEMP","DB","METH_1",9.392500125,"°C",null,"X"]
["METEO","LTER_EU_BE_02","INBO","HOE1","AIR","EnvEurope",3,3,0,2014,1,4,{"$nulls":8},"TEMP","DB","METH_1",8.18899334375,"°C",null,"X"]
["METEO","LTER_EU_BE_02","INBO","HOE1","AIR","EnvEurope",3,3,0,2014,1,5,{"$nulls":8},"TEMP","DB","METH_1",5.543854760416667,"°C",null,"X"]
["METEO","LTER_EU_BE_02","INBO","HOE1","AIR","EnvEurope",3,3,0,2014,1,6,{"$nulls":8},"TEMP","DB","METH_1",11.37185684375,"°C",null,"X"]
["METEO","LTER_EU_BE_02","INBO","HOE1","AIR","EnvEurope",3,3,0,2014,1,7,{"$nulls":8},"TEMP","DB","METH_1",10.788420312499996,"°C",null,"X"]
["METEO","LTER_EU_BE_02","INBO","HOE1","AIR","EnvEurope",3,3,0,2014,1,8,{"$nulls":8},"TEMP","DB","METH_1",9.53553786458333,"°C",null,"X"]
["METEO","LTER_EU_BE_02","INBO","HOE1","AIR","EnvEurope",3,3,0,2014,1,9,{"$nulls":8},"TEMP","DB","METH_1",9.597517125000001,"°C",null,"X"]
["METEO","LTER_EU_BE_02","INBO","HOE1","AIR","EnvEurope",3,3,0,2014,1,10,{"$nulls":8},"TEMP","DB","METH_1",5.159618000000001,"°C",null,"X"]
["METEO","LTER_EU_BE_02","INBO","HOE1","AIR","EnvEurope",3,3,0,2014,1,11,{"$nulls":8},"TEMP","DB","METH_1",4.315468733645832,"°C",null,"X"]
["METEO","LTER_EU_BE_02","INBO","HOE1","AIR","EnvEurope",3,3,0,2014,1,12,{"$nulls":8},"TEMP","DB","METH_1",1.5832636777812497,"°C",null,"X"]
["METEO","LTER_EU_BE_02","INBO","HOE1","AIR","EnvEurope",3,3,0,2014,1,13,{"$nulls":8},"TEMP","DB","METH_1",6.4829171145833335,"°C",null,"X"]
["METEO","LTER_EU_BE_02","INBO","HOE1","AIR","EnvEurope",3,3,0,2014,1,14,{"$nulls":8},"TEMP","DB","METH_1",4.516076354166666,"°C",null,"X"]
["METEO","LTER_EU_BE_02","INBO","HOE1","AIR","EnvEurope",3,3,0,2014,1,15,{"$nulls":8},"TEMP","DB","METH_1",4.158837010416668,"°C",null,"X"]
["METEO","LTER_EU_BE_02","INBO","HOE1","AIR","EnvEurope",3,3,0,2014,1,16,{"$nulls":8},"TEMP","DB","METH_1",7.768594718750001,"°C",null,"X"]
["METEO","LTER_EU_BE_02","INBO","HOE1","AIR","EnvEurope",3,3,0,2014,1,17,{"$nulls":8},"TEMP","DB","METH_1",7.796735822916667,"°C",null,"X"]
["METEO","LTER_EU_BE_02","INBO","HOE1","AIR","EnvEurope",3,3,0,2014,1,18,{"$nulls":8},"TEMP","DB","METH_1",6.59097242708333,"°C",null,"X"]
["METEO","LTER_EU_BE_02","INBO","HOE1","AIR","EnvEurope",3,3,0,2014,1,19,{"$nulls":8},"TEMP","DB","METH_1",7.587065614583334,"°C",null,"X"]
["METEO","LTER_EU_BE_02","INBO","HOE1","AIR","EnvEurope",3,3,0,2014,1,20,{"$nulls":8},"TEMP","DB","METH_1",5.629982833333332,"°C",null,"X"]
["METEO","LTER_EU_BE_02","INBO","HOE1","AIR","EnvEurope",3,3,0,2014,1,21,{"$nulls":8},"TEMP","DB","METH_1",3.9737672916666678,"°C",null,"X"]
["METEO","LTER_EU_BE_02","INBO","HOE1","AIR","EnvEurope",3,3,0,2014,1,22,{"$nulls":8},"TEMP","DB","METH_1",2.747587135416667,"°C",null,"X"]
["METEO","LTER_EU_BE_02","INBO","HOE1","AIR","EnvEurope",3,3,0,2014,1,23,{"$nulls":8},"TEMP","DB","METH_1",3.9405729062500003,"°C",null,"X"]
["METEO","LTER_EU_BE_02","INBO","HOE1","AIR","EnvEurope",3,3,0,2014,1,24,{"$nulls":8},"TEMP","DB","METH_1",1.4793575856249996,"°C",null,"X"]
["METEO","LTER_EU_BE_02","INBO","HOE1","AIR","EnvEurope",3,3,0,2014,1,25,{"$nulls":8},"TEMP","DB","METH_1",2.5323090916666664,"°C",null,"X"]
["METEO","LTER_EU_BE_02","INBO","HOE1","AIR","EnvEurope",3,3,0,2014,1,26,{"$nulls":8},"TEMP","DB","METH_1",5.077673395833333,"°C",null,"X"]
["METEO","LTER_EU_BE_02","INBO","HOE1","AIR","EnvEurope",3,3,0,2014,1,27,{"$nulls":8},"TEMP","DB","METH_1",3.4657810312499997,"°C",null,"X"]
["METEO","LTER_EU_BE_02","INBO","HOE1","AIR","EnvEurope",3,3,0,2014,1,28,{"$nulls":8},"TEMP","DB","METH_1",4.082118052083334,"°C",null,"X"]
["METEO","LTER_EU_BE_02","INBO","HOE1","AIR","EnvEurope",3,3,0,2014,1,29,{"$nulls":8},"TEMP","DB","METH_1",3.392743070833333,"°C",null,"X"]
["METEO","LTER_EU_BE_02","INBO","HOE1","AIR","EnvEurope",3,3,0,2014,1,30,{"$nulls":8},"TEMP","DB","METH_1",3.891232492708333,"°C",null,"X"]
["METEO","LTER_EU_BE_02","INBO","HOE1","AIR","EnvEurope",3,3,0,2014,1,31,{"$nulls":8},"TEMP","DB","METH_1",3.008350699687501,"°C",null,"X"]
["METEO","LTER_EU_BE_02","INBO","HOE1","AIR","EnvEurope",3,3,0,2014,10,1,{"$nulls":8},"TEMP","DB","METH_1",15.064322708333336,"°C",null,"X"]
["METEO","LTER_EU_BE_02","INBO","HOE1","AIR","EnvEurope",3,3,0,2014,10,2,{"$nulls":8},"TEMP","DB","METH_1",15.517673229166663,"°C",null,"X"]
["METEO","LTER_EU_BE_02","INBO","HOE1","AIR","EnvEurope",3,3,0,2014,10,3,{"$nulls":8},"TEMP","DB","METH_1",16.295799479166664,"°C",null,"X"]
["METEO","LTER_EU_BE_02","INBO","HOE1","AIR","EnvEurope",3,3,0,2014,10,4,{"$nulls":8},"TEMP","DB","METH_1",14.752396489583335,"°C",null,"X"]
["METEO","LTER_EU_BE_02","INBO","HOE1","AIR","EnvEurope",3,3,0,2014,10,5,{"$nulls":8},"TEMP","DB","METH_1",11.706979791666669,"°C",null,"X"]
["METEO","LTER_EU_BE_02","INBO","HOE1","AIR","EnvEurope",3,3,0,2014,10,6,{"$nulls":8},"TEMP","DB","METH_1",12.520624687499998,"°C",null,"X"]
["METEO","LTER_EU_BE_02","INBO","HOE1","AIR","EnvEurope",3,3,0,2014,10,7,{"$nulls":8},"TEMP","DB","METH_1",12.211684177083336,"°C",null,"X"]
["METEO","LTER_EU_BE_02","INBO","HOE1","AIR","EnvEurope",3,3,0,2014,10,8,{"$nulls":8},"TEMP","DB","METH_1",12.865487041666666,"°C",null,"X"]
["METEO","LTER_EU_BE_02","INBO","HOE1","AIR","EnvEurope",3,3,0,2014,10,9,{"$nulls":8},"TEMP","DB","METH_1",14.730676875000006,"°C",null,"X"]
["METEO","LTER_EU_BE_02","INBO","HOE1","AIR","EnvEurope",3,3,0,2014,10,10,{"$nulls":8},"TEMP","DB","METH_1",13.495572916666667,"°C",null,"X"]
["METEO","LTER_EU_BE_02","INBO","HOE1","AIR","EnvEurope",3,3,0,2014,10,11,{"$nulls":8},"TEMP","DB","METH_1",10.798523739583336,"°C",null,"X"]
["METEO","LTER_EU_BE_02","INBO","HOE1","AIR","EnvEurope",3,3,0,2014,10,12,{"$nulls":8},"TEMP","DB","METH_1",11.162309624999997,"°C",null,"X"]
["METEO","LTER_EU_BE_02","INBO","HOE1","AIR","EnvEurope",3,3,0,2014,10,13,{"$nulls":8},"TEMP","DB","METH_1",14.302448416666666,"°C",null,"X"]
["METEO","LTER_EU_BE_02","INBO","HOE1","AIR","EnvEurope",3,3,0,2014,10,14,{"$nulls":8},"TEMP","DB","METH_1",12.027640083333333,"°C",null,"X"]
["METEO","LTER_EU_BE_02","INBO","HOE1","AIR","EnvEurope",3,3,0,2014,10,15,{"$nulls":8},"TEMP","DB","METH_1",12.56140594791667,"°C",null,"X"]
["METEO","LTER_EU_BE_02","INBO","HOE1","AIR","EnvEurope",3,3,0,2014,10,16,{"$nulls":8},"TEMP","DB","METH_1",14.182204791666669,"°C",null,"X"]
["METEO","LTER_EU_BE_02","INBO","HOE1","AIR","EnvEurope",3,3,0,2014,10,17,{"$nulls":8},"TEMP","DB","METH_1",14.494478750000006,"°C",null,"X"]
["METEO","LTER_EU_BE_02","INBO","HOE1","AIR","EnvEurope",3,3,0,2014,10,18,{"$nulls":8},"TEMP","DB","METH_1",17.433959062499994,"°C",null,"X"]
["METEO","LTER_EU_BE_02","INBO","HOE1","AIR","EnvEurope",3,3,0,2014,10,19,{"$nulls":8},"TEMP","DB","METH_1",17.384653020833337,"°C",null,"X"]
["METEO","LTER_EU_BE_02","INBO","HOE1","AIR","EnvEurope",3,3,0,2014,10,20,{"$nulls":8},"TEMP","DB","METH_1",13.851076562500003,"°C",null,"X"]
["METEO","LTER_EU_BE_02","INBO","HOE1","AIR","EnvEurope",3,3,0,2014,10,21,{"$nulls":8},"TEMP","DB","METH_1",10.670225093749998,"°C",null,"X"]
["METEO","LTER_EU_BE_02","INBO","HOE1","AIR","EnvEurope",3,3,0,2014,10,22,{"$nulls":8},"TEMP","DB","METH_1",8.700920937499996,"°C",null,"X"]
["METEO","LTER_EU_BE_02","INBO","HOE1","AIR","EnvEurope",3,3,0,2014,10,23,{"$nulls":8},"TEMP","DB","METH_1",10.222917156249997,"°C",null,"X"]
["METEO","LTER_EU_BE_02","INBO","HOE1","AIR","EnvEurope",3,3,0,2014,10,24,{"$nulls":8},"TEMP","DB","METH_1",11.244705000000002,"°C",null,"X"]
["METEO","LTER_EU_BE_02","INBO","HOE1","AIR","EnvEurope",3,3,0,2014,10,25,{"$nulls":8},"TEMP","DB","METH_1",11.729722375,"°C",null,"X"]
["METEO","LTER_EU_BE_02","INBO","HOE1","AIR","EnvEurope",3,3,0,2014,10,26,{"$nulls":8},"TEMP","DB","METH_1",11.984149093750004,"°C",null,"X"]
["METEO","LTER_EU_BE_02","INBO","HOE1","AIR","EnvEurope",3,3,0,2014,10,27,{"$nulls":8},"TEMP","DB","METH_1",11.666684187499994,"°C",null,"X"]
["METEO","LTER_EU_BE_02","INBO","HOE1","AIR","EnvEurope",3,3,0,2014,10,28,{"$nulls":8},"TEMP","DB","METH_1",9.572412791666665,"°C",null,"X"]
["METEO","LTER_EU_BE_02","INBO","HOE1","AIR","EnvEurope",3,3,0,2014,10,29,{"$nulls":8},"TEMP","DB","METH_1",10.2086636875,"°C",null,"X"]
["METEO","LTER_EU_BE_02","INBO","HOE1","AIR","EnvEurope",3,3,0,2014,10,30,{"$nulls":8},"TEMP","DB","METH_1",13.154358645833334,"°C",null,"X"]
["METEO","LTER_EU_BE_02","INBO","HOE1","AIR","EnvEurope",3,3,0,2014,10,31,{"$nulls":8},"TEMP","DB","METH_1",14.440764479166667,"°C",null,"X"]
["METEO","LTER_EU_BE_02","INBO","HOE1","AIR","EnvEurope",3,3,0,2014,11,1,{"$nulls":8},"TEMP","DB","METH_1",15.00675364583333,"°C",null,"X"]
["METEO","LTER_EU_BE_02","INBO","HOE1","AIR","EnvEurope",3,3,0,2014,11,2,{"$nulls":8},"TEMP","DB","METH_1",14.817569166666672,"°C",null,"X"]
["METEO","LTER_EU_BE_02","INBO","HOE1","AIR","EnvEurope",3,3,0,2014,11,3,{"$nulls":8},"TEMP","DB","METH_1",12.624584010416664,"°C",null,"X"]
["METEO","LTER_EU_BE_02","INBO","HOE1","AIR","EnvEurope",3,3,0,2014,11,4,{"$nulls":8},"TEMP","DB","METH_1",8.365086604166665,"°C",null,"X"]
["METEO","LTER_EU_BE_02","INBO","HOE1","AIR","EnvEurope",3,3,0,2014,11,5,{"$nulls":8},"TEMP","DB","METH_1",6.653628239583335,"°C",null,"X"]
["METEO","LTER_EU_BE_02","INBO","HOE1","AIR","EnvEurope",3,3,0,2014,11,6,{"$nulls":8},"TEMP","DB","METH_1",6.208628958333332,"°C",null,"X"]
["METEO","LTER_EU_BE_02","INBO","HOE1","AIR","EnvEurope",3,3,0,2014,11,7,{"$nulls":8},"TEMP","DB","METH_1",8.060607604166668,"°C",null,"X"]
["METEO","LTER_EU_BE_02","INBO","HOE1","AIR","EnvEurope",3,3,0,2014,11,8,{"$nulls":8},"TEMP","DB","METH_1",9.849808979166665,"°C",null,"X"]
["METEO","LTER_EU_BE_02","INBO","HOE1","AIR","EnvEurope",3,3,0,2014,11,9,{"$nulls":8},"TEMP","DB","METH_1",9.952395812499999,"°C",null,"X"]
["METEO","LTER_EU_BE_02","INBO","HOE1","AIR","EnvEurope",3,3,0,2014,11,10,{"$nulls":8},"TEMP","DB","METH_1",9.255399093749999,"°C",null,"X"]
["METEO","LTER_EU_BE_02","INBO","HOE1","AIR","EnvEurope",3,3,0,2014,11,11,{"$nulls":8},"TEMP","DB","METH_1",9.339704885416667,"°C",null,"X"]
["METEO","LTER_EU_BE_02","INBO","HOE1","AIR","EnvEurope",3,3,0,2014,11,12,{"$nulls":8},"TEMP","DB","METH_1",10.254792624999999,"°C",null,"X"]
["METEO","LTER_EU_BE_02","INBO","HOE1","AIR","EnvEurope",3,3,0,2014,11,13,{"$nulls":8},"TEMP","DB","METH_1",7.067152541666666,"°C",null,"X"]
["METEO","LTER_EU_BE_02","INBO","HOE1","AIR","EnvEurope",3,3,0,2014,11,14,{"$nulls":8},"TEMP","DB","METH_1",9.164549385416672,"°C",null,"X"]
["METEO","LTER_EU_BE_02","INBO","HOE1","AIR","EnvEurope",3,3,0,2014,11,15,{"$nulls":8},"TEMP","DB","METH_1",8.779999239583338,"°C",null,"X"]
["METEO","LTER_EU_BE_02","INBO","HOE1","AIR","EnvEurope",3,3,0,2014,11,16,{"$nulls":8},"TEMP","DB","METH_1",7.036180322916667,"°C",null,"X"]
["METEO","LTER_EU_BE_02","INBO","HOE1","AIR","EnvEurope",3,3,0,2014,11,17,{"$nulls":8},"TEMP","DB","METH_1",7.919809270833336,"°C",null,"X"]
["METEO","LTER_EU_BE_02","INBO","HOE1","AIR","EnvEurope",3,3,0,2014,11,18,{"$nulls":8},"TEMP","DB","METH_1",7.14602521875,"°C",null,"X"]
["METEO","LTER_EU_BE_02","INBO","HOE1","AIR","EnvEurope",3,3,0,2014,11,19,{"$nulls":8},"TEMP","DB","METH_1",6.960866874999997,"°C",null,"X"]
["METEO","LTER_EU_BE_02","INBO","HOE1","AIR","EnvEurope",3,3,0,2014,11,20,{"$nulls":8},"TEMP","DB","METH_1",4.887256989583334,"°C",null,"X"]
["METEO","LTER_EU_BE_02","INBO","HOE1","AIR","EnvEurope",3,3,0,2014,11,21,{"$nulls":8},"TEMP","DB","METH_1",4.590051947916668,"°C",null,"X"]
["METEO","LTER_EU_BE_02","INBO","HOE1","AIR","EnvEurope",3,3,0,2014,11,22,{"$nulls":8},"TEMP","DB","METH_1",9.047361645833334,"°C",null,"X"]
["METEO","LTER_EU_BE_02","INBO","HOE1","AIR","EnvEurope",3,3,0,2014,11,23,{"$nulls":8},"TEMP","DB","METH_1",11.001684125000002,"°C",null,"X"]
["METEO","LTER_EU_BE_02","INBO","HOE1","AIR","EnvEurope",3,3,0,2014,11,24,{"$nulls":8},"TEMP","DB","METH_1",6.704427565937503,"°C",null,"X"]
["METEO","LTER_EU_BE_02","INBO","HOE1","AIR","EnvEurope",3,3,0,2014,11,25,{"$nulls":8},"TEMP","DB","METH_1",3.666457971354165,"°C",null,"X"]
["METEO","LTER_EU_BE_02","INBO","HOE1","AIR","EnvEurope",3,3,0,2014,11,26,{"$nulls":8},"TEMP","DB","METH_1",6.692691875000002,"°C",null,"X"]
["METEO","LTER_EU_BE_02","INBO","HOE1","AIR","EnvEurope",3,3,0,2014,11,27,{"$nulls":8},"TEMP","DB","METH_1",9.318923802083333,"°C",null,"X"]
["METEO","LTER_EU_BE_02","INBO","HOE1","AIR","EnvEurope",3,3,0,2014,11,28,{"$nulls":8},"TEMP","DB","METH_1",8.389270177083334,"°C",null,"X"]
["METEO","LTER_EU_BE_02","INBO","HOE1","AIR","EnvEurope",3,3,0,2014,11,29,{"$nulls":8},"TEMP","DB","METH_1",4.077100718749999,"°C",null,"X"]
["METEO","LTER_EU_BE_02","INBO","HOE1","AIR","EnvEurope",3,3,0,2014,11,30,{"$nulls":8},"TEMP","DB","METH_1",1.5054166166666672,"°C",null,"X"]
["METEO","LTER_EU_BE_02","INBO","HOE1","AIR","EnvEurope",3,3,0,2014,12,1,{"$nulls":8},"TEMP","DB","METH_1",2.3769269583333332,"°C",null,"X"]
["METEO","LTER_EU_BE_02","INBO","HOE1","AIR","EnvEurope",3,3,0,2014,12,2,{"$nulls":8},"TEMP","DB","METH_1",1.4528992229166662,"°C",null,"X"]
["METEO","LTER_EU_BE_02","INBO","HOE1","AIR","EnvEurope",3,3,0,2014,12,3,{"$nulls":8},"TEMP","DB","METH_1",-0.24779525843750005,"°C",null,"X"]
["METEO","LTER_EU_BE_02","INBO","HOE1","AIR","EnvEurope",3,3,0,2014,12,4,{"$nulls":8},"TEMP","DB","METH_1",-0.34850698843749983,"°C",null,"X"]
["METEO","LTER_EU_BE_02","INBO","HOE1","AIR","EnvEurope",3,3,0,2014,12,5,{"$nulls":8},"TEMP","DB","METH_1",3.0489413333333335,"°C",null,"X"]
["METEO","LTER_EU_BE_02","INBO","HOE1","AIR","EnvEurope",3,3,0,2014,12,6,{"$nulls":8},"TEMP","DB","METH_1",4.118055740624999,"°C",null,"X"]
["METEO","LTER_EU_BE_02","INBO","HOE1","AIR","EnvEurope",3,3,0,2014,12,7,{"$nulls":8},"TEMP","DB","METH_1",1.9409026138541667,"°C",null,"X"]
["METEO","LTER_EU_BE_02","INBO","HOE1","AIR","EnvEurope",3,3,0,2014,12,8,{"$nulls":8},"TEMP","DB","METH_1",1.3205902445833337,"°C",null,"X"]
["METEO","LTER_EU_BE_02","INBO","HOE1","AIR","EnvEurope",3,3,0,2014,12,9,{"$nulls":8},"TEMP","DB","METH_1",3.1837674625,"°C",null,"X"]
["METEO","LTER_EU_BE_02","INBO","HOE1","AIR","EnvEurope",3,3,0,2014,12,10,{"$nulls":8},"TEMP","DB","METH_1",6.070937666666663,"°C",null,"X"]
["METEO","LTER_EU_BE_02","INBO","HOE1","AIR","EnvEurope",3,3,0,2014,12,11,{"$nulls":8},"TEMP","DB","METH_1",6.359079760416669,"°C",null,"X"]
["METEO","LTER_EU_BE_02","INBO","HOE1","AIR","EnvEurope",3,3,0,2014,12,12,{"$nulls":8},"TEMP","DB","METH_1",8.193159906250001,"°C",null,"X"]
["METEO","LTER_EU_BE_02","INBO","HOE1","AIR","EnvEurope",3,3,0,2014,12,13,{"$nulls":8},"TEMP","DB","METH_1",3.5723957874999996,"°C",null,"X"]
["METEO","LTER_EU_BE_02","INBO","HOE1","AIR","EnvEurope",3,3,0,2014,12,14,{"$nulls":8},"TEMP","DB","METH_1",2.255954838541666,"°C",null,"X"]
["METEO","LTER_EU_BE_02","INBO","HOE1","AIR","EnvEurope",3,3,0,2014,12,15,{"$nulls":8},"TEMP","DB","METH_1",4.087014010416665,"°C",null,"X"]
["METEO","LTER_EU_BE_02","INBO","HOE1","AIR","EnvEurope",3,3,0,2014,12,16,{"$nulls":8},"TEMP","DB","METH_1",5.028941197916667,"°C",null,"X"]
["METEO","LTER_EU_BE_02","INBO","HOE1","AIR","EnvEurope",3,3,0,2014,12,17,{"$nulls":8},"TEMP","DB","METH_1",7.287621708333332,"°C",null,"X"]
["METEO","LTER_EU_BE_02","INBO","HOE1","AIR","EnvEurope",3,3,0,2014,12,18,{"$nulls":8},"TEMP","DB","METH_1",11.30032958333333,"°C",null,"X"]
["METEO","LTER_EU_BE_02","INBO","HOE1","AIR","EnvEurope",3,3,0,2014,12,19,{"$nulls":8},"TEMP","DB","METH_1",8.814201697916667,"°C",null,"X"]
["METEO","LTER_EU_BE_02","INBO","HOE1","AIR","EnvEurope",3,3,0,2014,12,20,{"$nulls":8},"TEMP","DB","METH_1",6.031648885416665,"°C",null,"X"]
["METEO","LTER_EU_BE_02","INBO","HOE1","AIR","EnvEurope",3,3,0,2014,12,21,{"$nulls":8},"TEMP","DB","METH_1",5.768211520833334,"°C",null,"X"]
["METEO","LTER_EU_BE_02","INBO","HOE1","AIR","EnvEurope",3,3,0,2014,12,22,{"$nulls":8},"TEMP","DB","METH_1",9.591215197916666,"°C",null,"X"]
["METEO","LTER_EU_BE_02","INBO","HOE1","AIR","EnvEurope",3,3,0,2014,12,23,{"$nulls":8},"TEMP","DB","METH_1",10.231700572916667,"°C",null,"X"]
["METEO","LTER_EU_BE_02","INBO","HOE1","AIR","EnvEurope",3,3,0,2014,12,24,{"$nulls":8},"TEMP","DB","METH_1",7.828055489583332,"°C",null,"X"]
["METEO","LTER_EU_BE_02","INBO","HOE1","AIR","EnvEurope",3,3,0,2014,12,25,{"$nulls":8},"TEMP","DB","METH_1",4.342274354166668,"°C",null,"X"]
["METEO","LTER_EU_BE_02","INBO","HOE1","AIR","EnvEurope",3,3,0,2014,12,26,{"$nulls":8},"TEMP","DB","METH_1",2.7725693898958332,"°C",null,"X"]
["METEO","LTER_EU_BE_02","INBO","HOE1","AIR","EnvEurope",3,3,0,2014,12,27,{"$nulls":8},"TEMP","DB","METH_1",1.269270844375,"°C",null,"X"]
["METEO","LTER_EU_BE_02","INBO","HOE1","AIR","EnvEurope",3,3,0,2014,12,28,{"$nulls":8},"TEMP","DB","METH_1",-4.115867965624999,"°C",null,"X"]
["METEO","LTER_EU_BE_02","INBO","HOE1","AIR","EnvEurope",3,3,0,2014,12,29,{"$nulls":8},"TEMP","DB","METH_1",-0.5770137541666671,"°C",null,"X"]
["METEO","LTER_EU_BE_02","INBO","HOE1","AIR","EnvEurope",3,3,0,2014,12,30,{"$nulls":8},"TEMP","DB","METH_1",1.1202431183333335,"°C",null,"X"]
["METEO","LTER_EU_BE_02","INBO","HOE1","AIR","EnvEurope",3,3,0,2014,12,31,{"$nulls":8},"TEMP","DB","METH_1",0.6737673234374997,"°C",null,"X"]
["METEO","LTER_EU_BE_02","INBO","HOE1","AIR","EnvEurope",3,3,0,2014,2,1,{"$nulls":8},"TEMP","DB","METH_1",6.1099310624999985,"°C",null,"X"]
["METEO","LTER_EU_BE_02","INBO","HOE1","AIR","EnvEurope",3,3,0,2014,2,2,{"$nulls":8},"TEMP","DB","METH_1",4.896753437500001,"°C",null,"X"]
["METEO","LTER_EU_BE_02","INBO","HOE1","AIR","EnvEurope",3,3,0,2014,2,3,{"$nulls":8},"TEMP","DB","METH_1",3.580086772812501,"°C",null,"X"]
["METEO","LTER_EU_BE_02","INBO","HOE1","AIR","EnvEurope",3,3,0,2014,2,4,{"$nulls":8},"TEMP","DB","METH_1",5.94803853125,"°C",null,"X"]
["METEO","LTER_EU_BE_02","INBO","HOE1","AIR","EnvEurope",3,3,0,2014,2,5,{"$nulls":8},"TEMP","DB","METH_1",7.220069479166664,"°C",null,"X"]
["METEO","LTER_EU_BE_02","INBO","HOE1","AIR","EnvEurope",3,3,0,2014,2,6,{"$nulls":8},"TEMP","DB","METH_1",7.278663072916667,"°C",null,"X"]
["METEO","LTER_EU_BE_02","INBO","HOE1","AIR","EnvEurope",3,3,0,2014,2,7,{"$nulls":8},"TEMP","DB","METH_1",8.019096864583334,"°C",null,"X"]
["METEO","LTER_EU_BE_02","INBO","HOE1","AIR","EnvEurope",3,3,0,2014,2,8,{"$nulls":8},"TEMP","DB","METH_1",6.7074827500000005,"°C",null,"X"]
["METEO","LTER_EU_BE_02","INBO","HOE1","AIR","EnvEurope",3,3,0,2014,2,9,{"$nulls":8},"TEMP","DB","METH_1",5.631979031250001,"°C",null,"X"]
["METEO","LTER_EU_BE_02","INBO","HOE1","AIR","EnvEurope",3,3,0,2014,2,10,{"$nulls":8},"TEMP","DB","METH_1",4.393507020833334,"°C",null,"X"]
["METEO","LTER_EU_BE_02","INBO","HOE1","AIR","EnvEurope",3,3,0,2014,2,11,{"$nulls":8},"TEMP","DB","METH_1",5.538246802083333,"°C",null,"X"]
["METEO","LTER_EU_BE_02","INBO","HOE1","AIR","EnvEurope",3,3,0,2014,2,12,{"$nulls":8},"TEMP","DB","METH_1",5.331197614583333,"°C",null,"X"]
["METEO","LTER_EU_BE_02","INBO","HOE1","AIR","EnvEurope",3,3,0,2014,2,13,{"$nulls":8},"TEMP","DB","METH_1",5.0982988645833345,"°C",null,"X"]
["METEO","LTER_EU_BE_02","INBO","HOE1","AIR","EnvEurope",3,3,0,2014,2,14,{"$nulls":8},"TEMP","DB","METH_1",5.383993447916666,"°C",null,"X"]
["METEO","LTER_EU_BE_02","INBO","HOE1","AIR","EnvEurope",3,3,0,2014,2,15,{"$nulls":8},"TEMP","DB","METH_1",10.240711906249999,"°C",null,"X"]
["METEO","LTER_EU_BE_02","INBO","HOE1","AIR","EnvEurope",3,3,0,2014,2,16,{"$nulls":8},"TEMP","DB","METH_1",6.250086364583331,"°C",null,"X"]
["METEO","LTER_EU_BE_02","INBO","HOE1","AIR","EnvEurope",3,3,0,2014,2,17,{"$nulls":8},"TEMP","DB","METH_1",6.201562854166667,"°C",null,"X"]
["METEO","LTER_EU_BE_02","INBO","HOE1","AIR","EnvEurope",3,3,0,2014,2,18,{"$nulls":8},"TEMP","DB","METH_1",6.152065791666664,"°C",null,"X"]
["METEO","LTER_EU_BE_02","INBO","HOE1","AIR","EnvEurope",3,3,0,2014,2,19,{"$nulls":8},"TEMP","DB","METH_1",7.038853041666663,"°C",null,"X"]
["METEO","LTER_EU_BE_02","INBO","HOE1","AIR","EnvEurope",3,3,0,2014,2,20,{"$nulls":8},"TEMP","DB","METH_1",8.056249614583335,"°C",null,"X"]
["METEO","LTER_EU_BE_02","INBO","HOE1","AIR","EnvEurope",3,3,0,2014,2,21,{"$nulls":8},"TEMP","DB","METH_1",6.405104270833335,"°C",null,"X"]
["METEO","LTER_EU_BE_02","INBO","HOE1","AIR","EnvEurope",3,3,0,2014,2,22,{"$nulls":8},"TEMP","DB","METH_1",5.713593281250002,"°C",null,"X"]
["METEO","LTER_EU_BE_02","INBO","HOE1","AIR","EnvEurope",3,3,0,2014,2,23,{"$nulls":8},"TEMP","DB","METH_1",7.414687635416667,"°C",null,"X"]
["METEO","LTER_EU_BE_02","INBO","HOE1","AIR","EnvEurope",3,3,0,2014,2,24,{"$nulls":8},"TEMP","DB","METH_1",8.847326760416665,"°C",null,"X"]
["METEO","LTER_EU_BE_02","INBO","HOE1","AIR","EnvEurope",3,3,0,2014,2,25,{"$nulls":8},"TEMP","DB","METH_1",9.037535270833333,"°C",null,"X"]
["METEO","LTER_EU_BE_02","INBO","HOE1","AIR","EnvEurope",3,3,0,2014,2,26,{"$nulls":8},"TEMP","DB","METH_1",6.600104385416665,"°C",null,"X"]
["METEO","LTER_EU_BE_02","INBO","HOE1","AIR","EnvEurope",3,3,0,2014,2,27,{"$nulls":8},"TEMP","DB","METH_1",4.492759999999999,"°C",null,"X"]
["METEO","LTER_EU_BE_02","INBO","HOE1","AIR","EnvEurope",3,3,0,2014,2,28,{"$nulls":8},"TEMP","DB","METH_1",4.900138395833333,"°C",null,"X"]
["METEO","LTER_EU_BE_02","INBO","HOE1","AIR","EnvEurope",3,3,0,2014,3,1,{"$nulls":8},"TEMP","DB","METH_1",4.55927115625,"°C",null,"X"]
["METEO","LTER_EU_BE_02","INBO","HOE1","AIR","EnvEurope",3,3,0,2014,3,2,{"$nulls":8},"TEMP","DB","METH_1",4.36348964003125,"°C",null,"X"]
["METEO","LTER_EU_BE_02","INBO","HOE1","AIR","EnvEurope",3,3,0,2014,3,3,{"$nulls":8},"TEMP","DB","METH_1",6.1683854375000005,"°C",null,"X"]
["METEO","LTER_EU_BE_02","INBO","HOE1","AIR","EnvEurope",3,3,0,2014,3,4,{"$nulls":8},"TEMP","DB","METH_1",4.719601177083335,"°C",null,"X"]
["METEO","LTER_EU_BE_02","INBO","HOE1","AIR","EnvEurope",3,3,0,2014,3,5,{"$nulls":8},"TEMP","DB","METH_1",4.7516322215625,"°C",null,"X"]
["METEO","LTER_EU_BE_02","INBO","HOE1","AIR","EnvEurope",3,3,0,2014,3,6,{"$nulls":8},"TEMP","DB","METH_1",5.142986147604167,"°C",null,"X"]
["METEO","LTER_EU_BE_02","INBO","HOE1","AIR","EnvEurope",3,3,0,2014,3,7,{"$nulls":8},"TEMP","DB","METH_1",7.380833290625001,"°C",null,"X"]
["METEO","LTER_EU_BE_02","INBO","HOE1","AIR","EnvEurope",3,3,0,2014,3,8,{"$nulls":8},"TEMP","DB","METH_1",10.514132468750002,"°C",null,"X"]
["METEO","LTER_EU_BE_02","INBO","HOE1","AIR","EnvEurope",3,3,0,2014,3,9,{"$nulls":8},"TEMP","DB","METH_1",11.859548416666664,"°C",null,"X"]
["METEO","LTER_EU_BE_02","INBO","HOE1","AIR","EnvEurope",3,3,0,2014,3,10,{"$nulls":8},"TEMP","DB","METH_1",10.067169833333335,"°C",null,"X"]
["METEO","LTER_EU_BE_02","INBO","HOE1","AIR","EnvEurope",3,3,0,2014,3,11,{"$nulls":8},"TEMP","DB","METH_1",9.519896458333333,"°C",null,"X"]
["METEO","LTER_EU_BE_02","INBO","HOE1","AIR","EnvEurope",3,3,0,2014,3,12,{"$nulls":8},"TEMP","DB","METH_1",8.94887209375,"°C",null,"X"]
["METEO","LTER_EU_BE_02","INBO","HOE1","AIR","EnvEurope",3,3,0,2014,3,13,{"$nulls":8},"TEMP","DB","METH_1",9.726197699999998,"°C",null,"X"]
["METEO","LTER_EU_BE_02","INBO","HOE1","AIR","EnvEurope",3,3,0,2014,3,14,{"$nulls":8},"TEMP","DB","METH_1",8.488350322916665,"°C",null,"X"]
["METEO","LTER_EU_BE_02","INBO","HOE1","AIR","EnvEurope",3,3,0,2014,3,15,{"$nulls":8},"TEMP","DB","METH_1",8.847534604166668,"°C",null,"X"]
["METEO","LTER_EU_BE_02","INBO","HOE1","AIR","EnvEurope",3,3,0,2014,3,16,{"$nulls":8},"TEMP","DB","METH_1",9.931389000000005,"°C",null,"X"]
["METEO","LTER_EU_BE_02","INBO","HOE1","AIR","EnvEurope",3,3,0,2014,3,17,{"$nulls":8},"TEMP","DB","METH_1",9.131406395833334,"°C",null,"X"]
["METEO","LTER_EU_BE_02","INBO","HOE1","AIR","EnvEurope",3,3,0,2014,3,18,{"$nulls":8},"TEMP","DB","METH_1",9.00710060416667,"°C",null,"X"]
["METEO","LTER_EU_BE_02","INBO","HOE1","AIR","EnvEurope",3,3,0,2014,3,19,{"$nulls":8},"TEMP","DB","METH_1",11.006926958333336,"°C",null,"X"]
["METEO","LTER_EU_BE_02","INBO","HOE1","AIR","EnvEurope",3,3,0,2014,3,20,{"$nulls":8},"TEMP","DB","METH_1",14.025659312499998,"°C",null,"X"]
["METEO","LTER_EU_BE_02","INBO","HOE1","AIR","EnvEurope",3,3,0,2014,3,21,{"$nulls":8},"TEMP","DB","METH_1",9.079132593750002,"°C",null,"X"]
["METEO","LTER_EU_BE_02","INBO","HOE1","AIR","EnvEurope",3,3,0,2014,3,22,{"$nulls":8},"TEMP","DB","METH_1",6.407708187500003,"°C",null,"X"]
["METEO","LTER_EU_BE_02","INBO","HOE1","AIR","EnvEurope",3,3,0,2014,3,23,{"$nulls":8},"TEMP","DB","METH_1",4.746145817708332,"°C",null,"X"]
["METEO","LTER_EU_BE_02","INBO","HOE1","AIR","EnvEurope",3,3,0,2014,3,24,{"$nulls":8},"TEMP","DB","METH_1",4.439496720937497,"°C",null,"X"]
["METEO","LTER_EU_BE_02","INBO","HOE1","AIR","EnvEurope",3,3,0,2014,3,25,{"$nulls":8},"TEMP","DB","METH_1",4.006875030208334,"°C",null,"X"]
["METEO","LTER_EU_BE_02","INBO","HOE1","AIR","EnvEurope",3,3,0,2014,3,26,{"$nulls":8},"TEMP","DB","METH_1",3.9018922151770847,"°C",null,"X"]
["METEO","LTER_EU_BE_02","INBO","HOE1","AIR","EnvEurope",3,3,0,2014,3,27,{"$nulls":8},"TEMP","DB","METH_1",4.112760558333334,"°C",null,"X"]
["METEO","LTER_EU_BE_02","INBO","HOE1","AIR","EnvEurope",3,3,0,2014,3,28,{"$nulls":8},"TEMP","DB","METH_1",8.681632641666667,"°C",null,"X"]
["METEO","LTER_EU_BE_02","INBO","HOE1","AIR","EnvEurope",3,3,0,2014,3,29,{"$nulls":8},"TEMP","DB","METH_1",11.386162604166666,"°C",null,"X"]
["METEO","LTER_EU_BE_02","INBO","HOE1","AIR","EnvEurope",3,3,0,2014,3,30,{"$nulls":8},"TEMP","DB","METH_1",13.115086520833332,"°C",null,"X"]
["METEO","LTER_EU_BE_02","INBO","HOE1","AIR","EnvEurope",3,3,0,2014,3,31,{"$nulls":8},"TEMP","DB","METH_1",14.899149510416672,"°C",null,"X"]
["METEO","LTER_EU_BE_02","INBO","HOE1","AIR","EnvEurope",3,3,0,2014,4,1,{"$nulls":8},"TEMP","DB","METH_1",13.678316937500002,"°C",null,"X"]
["METEO","LTER_EU_BE_02","INBO","HOE1","AIR","EnvEurope",3,3,0,2014,4,2,{"$nulls":8},"TEMP","DB","METH_1",13.903818229166669,"°C",null,"X"]
["METEO","LTER_EU_BE_02","INBO","HOE1","AIR","EnvEurope",3,3,0,2014,4,3,{"$nulls":8},"TEMP","DB","METH_1",14.983836968750003,"°C",null,"X"]
["METEO","LTER_EU_BE_02","INBO","HOE1","AIR","EnvEurope",3,3,0,2014,4,4,{"$nulls":8},"TEMP","DB","METH_1",12.586943958333334,"°C",null,"X"]
["METEO","LTER_EU_BE_02","INBO","HOE1","AIR","EnvEurope",3,3,0,2014,4,5,{"$nulls":8},"TEMP","DB","METH_1",11.743298000000001,"°C",null,"X"]
["METEO","LTER_EU_BE_02","INBO","HOE1","AIR","EnvEurope",3,3,0,2014,4,6,{"$nulls":8},"TEMP","DB","METH_1",12.649599718749998,"°C",null,"X"]
["METEO","LTER_EU_BE_02","INBO","HOE1","AIR","EnvEurope",3,3,0,2014,4,7,{"$nulls":8},"TEMP","DB","METH_1",16.075364479166662,"°C",null,"X"]
["METEO","LTER_EU_BE_02","INBO","HOE1","AIR","EnvEurope",3,3,0,2014,4,8,{"$nulls":8},"TEMP","DB","METH_1",9.63789984375,"°C",null,"X"]
["METEO","LTER_EU_BE_02","INBO","HOE1","AIR","EnvEurope",3,3,0,2014,4,9,{"$nulls":8},"TEMP","DB","METH_1",8.845624958333334,"°C",null,"X"]
["METEO","LTER_EU_BE_02","INBO","HOE1","AIR","EnvEurope",3,3,0,2014,4,10,{"$nulls":8},"TEMP","DB","METH_1",10.111840447916668,"°C",null,"X"]
["METEO","LTER_EU_BE_02","INBO","HOE1","AIR","EnvEurope",3,3,0,2014,4,11,{"$nulls":8},"TEMP","DB","METH_1",10.344253604166669,"°C",null,"X"]
["METEO","LTER_EU_BE_02","INBO","HOE1","AIR","EnvEurope",3,3,0,2014,4,12,{"$nulls":8},"TEMP","DB","METH_1",10.874289177083334,"°C",null,"X"]
["METEO","LTER_EU_BE_02","INBO","HOE1","AIR","EnvEurope",3,3,0,2014,4,13,{"$nulls":8},"TEMP","DB","METH_1",9.581562374999997,"°C",null,"X"]
["METEO","LTER_EU_BE_02","INBO","HOE1","AIR","EnvEurope",3,3,0,2014,4,14,{"$nulls":8},"TEMP","DB","METH_1",8.821874791666668,"°C",null,"X"]
["METEO","LTER_EU_BE_02","INBO","HOE1","AIR","EnvEurope",3,3,0,2014,4,15,{"$nulls":8},"TEMP","DB","METH_1",6.785485781250002,"°C",null,"X"]
["METEO","LTER_EU_BE_02","INBO","HOE1","AIR","EnvEurope",3,3,0,2014,4,16,{"$nulls":8},"TEMP","DB","METH_1",7.358420167604166,"°C",null,"X"]
["METEO","LTER_EU_BE_02","INBO","HOE1","AIR","EnvEurope",3,3,0,2014,4,17,{"$nulls":8},"TEMP","DB","METH_1",10.89376708333333,"°C",null,"X"]
["METEO","LTER_EU_BE_02","INBO","HOE1","AIR","EnvEurope",3,3,0,2014,4,18,{"$nulls":8},"TEMP","DB","METH_1",9.117326697916665,"°C",null,"X"]
["METEO","LTER_EU_BE_02","INBO","HOE1","AIR","EnvEurope",3,3,0,2014,4,19,{"$nulls":8},"TEMP","DB","METH_1",10.371718875000001,"°C",null,"X"]
["METEO","LTER_EU_BE_02","INBO","HOE1","AIR","EnvEurope",3,3,0,2014,4,20,{"$nulls":8},"TEMP","DB","METH_1",14.83605901041667,"°C",null,"X"]
["METEO","LTER_EU_BE_02","INBO","HOE1","AIR","EnvEurope",3,3,0,2014,4,21,{"$nulls":8},"TEMP","DB","METH_1",11.886146697916672,"°C",null,"X"]
["METEO","LTER_EU_BE_02","INBO","HOE1","AIR","EnvEurope",3,3,0,2014,4,22,{"$nulls":8},"TEMP","DB","METH_1",12.11875004166667,"°C",null,"X"]
["METEO","LTER_EU_BE_02","INBO","HOE1","AIR","EnvEurope",3,3,0,2014,4,23,{"$nulls":8},"TEMP","DB","METH_1",13.481719927083333,"°C",null,"X"]
["METEO","LTER_EU_BE_02","INBO","HOE1","AIR","EnvEurope",3,3,0,2014,4,24,{"$nulls":8},"TEMP","DB","METH_1",13.232169979166665,"°C",null,"X"]
["METEO","LTER_EU_BE_02","INBO","HOE1","AIR","EnvEurope",3,3,0,2014,4,25,{"$nulls":8},"TEMP","DB","METH_1",15.677881770833325,"°C",null,"X"]
["METEO","LTER_EU_BE_02","INBO","HOE1","AIR","EnvEurope",3,3,0,2014,4,26,{"$nulls":8},"TEMP","DB","METH_1",12.29258741666667,"°C",null,"X"]
["METEO","LTER_EU_BE_02","INBO","HOE1","AIR","EnvEurope",3,3,0,2014,4,27,{"$nulls":8},"TEMP","DB","METH_1",11.546370979166669,"°C",null,"X"]
["METEO","LTER_EU_BE_02","INBO","HOE1","AIR","EnvEurope",3,3,0,2014,4,28,{"$nulls":8},"TEMP","DB","METH_1",12.064808489583337,"°C",null,"X"]
["METEO","LTER_EU_BE_02","INBO","HOE1","AIR","EnvEurope",3,3,0,2014,4,29,{"$nulls":8},"TEMP","DB","METH_1",12.953766770833328,"°C",null,"X"]
["METEO","LTER_EU_BE_02","INBO","HOE1","AIR","EnvEurope",3,3,0,2014,4,30,{"$nulls":8},"TEMP","DB","METH_1",13.197257687499999,"°C",null,"X"]
["METEO","LTER_EU_BE_02","INBO","HOE1","AIR","EnvEurope",3,3,0,2014,5,1,{"$nulls":8},"TEMP","DB","METH_1",11.241233395833333,"°C",null,"X"]
["METEO","LTER_EU_BE_02","INBO","HOE1","AIR","EnvEurope",3,3,0,2014,5,2,{"$nulls":8},"TEMP","DB","METH_1",10.643507749999996,"°C",null,"X"]
["METEO","LTER_EU_BE_02","INBO","HOE1","AIR","EnvEurope",3,3,0,2014,5,3,{"$nulls":8},"TEMP","DB","METH_1",9.174999895833336,"°C",null,"X"]
["METEO","LTER_EU_BE_02","INBO","HOE1","AIR","EnvEurope",3,3,0,2014,5,4,{"$nulls":8},"TEMP","DB","METH_1",8.695451595833331,"°C",null,"X"]
["METEO","LTER_EU_BE_02","INBO","HOE1","AIR","EnvEurope",3,3,0,2014,5,5,{"$nulls":8},"TEMP","DB","METH_1",11.850035125,"°C",null,"X"]
["METEO","LTER_EU_BE_02","INBO","HOE1","AIR","EnvEurope",3,3,0,2014,5,6,{"$nulls":8},"TEMP","DB","METH_1",13.92024168750001,"°C",null,"X"]
["METEO","LTER_EU_BE_02","INBO","HOE1","AIR","EnvEurope",3,3,0,2014,5,7,{"$nulls":8},"TEMP","DB","METH_1",11.904444500000004,"°C",null,"X"]
["METEO","LTER_EU_BE_02","INBO","HOE1","AIR","EnvEurope",3,3,0,2014,5,8,{"$nulls":8},"TEMP","DB","METH_1",11.419861562499998,"°C",null,"X"]
["METEO","LTER_EU_BE_02","INBO","HOE1","AIR","EnvEurope",3,3,0,2014,5,9,{"$nulls":8},"TEMP","DB","METH_1",12.865607406250001,"°C",null,"X"]
["METEO","LTER_EU_BE_02","INBO","HOE1","AIR","EnvEurope",3,3,0,2014,5,10,{"$nulls":8},"TEMP","DB","METH_1",11.031579906250002,"°C",null,"X"]
["METEO","LTER_EU_BE_02","INBO","HOE1","AIR","EnvEurope",3,3,0,2014,5,11,{"$nulls":8},"TEMP","DB","METH_1",10.712830166666668,"°C",null,"X"]
["METEO","LTER_EU_BE_02","INBO","HOE1","AIR","EnvEurope",3,3,0,2014,5,12,{"$nulls":8},"TEMP","DB","METH_1",9.71637071875,"°C",null,"X"]
["METEO","LTER_EU_BE_02","INBO","HOE1","AIR","EnvEurope",3,3,0,2014,5,13,{"$nulls":8},"TEMP","DB","METH_1",9.64341989583333,"°C",null,"X"]
["METEO","LTER_EU_BE_02","INBO","HOE1","AIR","EnvEurope",3,3,0,2014,5,14,{"$nulls":8},"TEMP","DB","METH_1",8.928090395833335,"°C",null,"X"]
["METEO","LTER_EU_BE_02","INBO","HOE1","AIR","EnvEurope",3,3,0,2014,5,15,{"$nulls":8},"TEMP","DB","METH_1",8.913003395833334,"°C",null,"X"]
["METEO","LTER_EU_BE_02","INBO","HOE1","AIR","EnvEurope",3,3,0,2014,5,16,{"$nulls":8},"TEMP","DB","METH_1",11.011562479166665,"°C",null,"X"]
["METEO","LTER_EU_BE_02","INBO","HOE1","AIR","EnvEurope",3,3,0,2014,5,17,{"$nulls":8},"TEMP","DB","METH_1",13.321215677083332,"°C",null,"X"]
["METEO","LTER_EU_BE_02","INBO","HOE1","AIR","EnvEurope",3,3,0,2014,5,18,{"$nulls":8},"TEMP","DB","METH_1",14.893385124999996,"°C",null,"X"]
["METEO","LTER_EU_BE_02","INBO","HOE1","AIR","EnvEurope",3,3,0,2014,5,19,{"$nulls":8},"TEMP","DB","METH_1",17.845571875,"°C",null,"X"]
["METEO","LTER_EU_BE_02","INBO","HOE1","AIR","EnvEurope",3,3,0,2014,5,20,{"$nulls":8},"TEMP","DB","METH_1",18.494148020833332,"°C",null,"X"]
["METEO","LTER_EU_BE_02","INBO","HOE1","AIR","EnvEurope",3,3,0,2014,5,21,{"$nulls":8},"TEMP","DB","METH_1",16.297953020833333,"°C",null,"X"]
["METEO","LTER_EU_BE_02","INBO","HOE1","AIR","EnvEurope",3,3,0,2014,5,22,{"$nulls":8},"TEMP","DB","METH_1",16.866821874999996,"°C",null,"X"]
["METEO","LTER_EU_BE_02","INBO","HOE1","AIR","EnvEurope",3,3,0,2014,5,23,{"$nulls":8},"TEMP","DB","METH_1",15.128611354166665,"°C",null,"X"]
["METEO","LTER_EU_BE_02","INBO","HOE1","AIR","EnvEurope",3,3,0,2014,5,24,{"$nulls":8},"TEMP","DB","METH_1",14.103785625,"°C",null,"X"]
["METEO","LTER_EU_BE_02","INBO","HOE1","AIR","EnvEurope",3,3,0,2014,5,25,{"$nulls":8},"TEMP","DB","METH_1",14.6915979375,"°C",null,"X"]
["METEO","LTER_EU_BE_02","INBO","HOE1","AIR","EnvEurope",3,3,0,2014,5,26,{"$nulls":8},"TEMP","DB","METH_1",14.652812500000003,"°C",null,"X"]
["METEO","LTER_EU_BE_02","INBO","HOE1","AIR","EnvEurope",3,3,0,2014,5,27,{"$nulls":8},"TEMP","DB","METH_1",13.985399375000002,"°C",null,"X"]
["METEO","LTER_EU_BE_02","INBO","HOE1","AIR","EnvEurope",3,3,0,2014,5,28,{"$nulls":8},"TEMP","DB","METH_1",13.037812781250002,"°C",null,"X"]
["METEO","LTER_EU_BE_02","INBO","HOE1","AIR","EnvEurope",3,3,0,2014,5,29,{"$nulls":8},"TEMP","DB","METH_1",13.413697604166662,"°C",null,"X"]
["METEO","LTER_EU_BE_02","INBO","HOE1","AIR","EnvEurope",3,3,0,2014,5,30,{"$nulls":8},"TEMP","DB","METH_1",13.208107374999997,"°C",null,"X"]
["METEO","LTER_EU_BE_02","INBO","HOE1","AIR","EnvEurope",3,3,0,2014,5,31,{"$nulls":8},"TEMP","DB","METH_1",13.023454562499998,"°C",null,"X"]
["METEO","LTER_EU_BE_02","INBO","HOE1","AIR","EnvEurope",3,3,0,2014,6,1,{"$nulls":8},"TEMP","DB","METH_1",13.068125593750006,"°C",null,"X"]
["METEO","LTER_EU_BE_02","INBO","HOE1","AIR","EnvEurope",3,3,0,2014,6,2,{"$nulls":8},"TEMP","DB","METH_1",13.709635239583337,"°C",null,"X"]
["METEO","LTER_EU_BE_02","INBO","HOE1","AIR","EnvEurope",3,3,0,2014,6,3,{"$nulls":8},"TEMP","DB","METH_1",13.549617906249992,"°C",null,"X"]
["METEO","LTER_EU_BE_02","INBO","HOE1","AIR","EnvEurope",3,3,0,2014,6,4,{"$nulls":8},"TEMP","DB","METH_1",12.753385802083331,"°C",null,"X"]
["METEO","LTER_EU_BE_02","INBO","HOE1","AIR","EnvEurope",3,3,0,2014,6,5,{"$nulls":8},"TEMP","DB","METH_1",11.927413187500003,"°C",null,"X"]
["METEO","LTER_EU_BE_02","INBO","HOE1","AIR","EnvEurope",3,3,0,2014,6,6,{"$nulls":8},"TEMP","DB","METH_1",15.970330291666661,"°C",null,"X"]
["METEO","LTER_EU_BE_02","INBO","HOE1","AIR","EnvEurope",3,3,0,2014,6,7,{"$nulls":8},"TEMP","DB","METH_1",20.231319374999995,"°C",null,"X"]
["METEO","LTER_EU_BE_02","INBO","HOE1","AIR","EnvEurope",3,3,0,2014,6,8,{"$nulls":8},"TEMP","DB","METH_1",20.540018020833337,"°C",null,"X"]
["METEO","LTER_EU_BE_02","INBO","HOE1","AIR","EnvEurope",3,3,0,2014,6,9,{"$nulls":8},"TEMP","DB","METH_1",20.45270885416666,"°C",null,"X"]
["METEO","LTER_EU_BE_02","INBO","HOE1","AIR","EnvEurope",3,3,0,2014,6,10,{"$nulls":8},"TEMP","DB","METH_1",18.948924166666668,"°C",null,"X"]
["METEO","LTER_EU_BE_02","INBO","HOE1","AIR","EnvEurope",3,3,0,2014,6,11,{"$nulls":8},"TEMP","DB","METH_1",17.822863541666674,"°C",null,"X"]
["METEO","LTER_EU_BE_02","INBO","HOE1","AIR","EnvEurope",3,3,0,2014,6,12,{"$nulls":8},"TEMP","DB","METH_1",16.36866359374999,"°C",null,"X"]
["METEO","LTER_EU_BE_02","INBO","HOE1","AIR","EnvEurope",3,3,0,2014,6,13,{"$nulls":8},"TEMP","DB","METH_1",17.29789958333334,"°C",null,"X"]
["METEO","LTER_EU_BE_02","INBO","HOE1","AIR","EnvEurope",3,3,0,2014,6,14,{"$nulls":8},"TEMP","DB","METH_1",15.473108437499995,"°C",null,"X"]
["METEO","LTER_EU_BE_02","INBO","HOE1","AIR","EnvEurope",3,3,0,2014,6,15,{"$nulls":8},"TEMP","DB","METH_1",14.779270395833336,"°C",null,"X"]
["METEO","LTER_EU_BE_02","INBO","HOE1","AIR","EnvEurope",3,3,0,2014,6,16,{"$nulls":8},"TEMP","DB","METH_1",13.845259906250007,"°C",null,"X"]
["METEO","LTER_EU_BE_02","INBO","HOE1","AIR","EnvEurope",3,3,0,2014,6,17,{"$nulls":8},"TEMP","DB","METH_1",15.016718229166662,"°C",null,"X"]
["METEO","LTER_EU_BE_02","INBO","HOE1","AIR","EnvEurope",3,3,0,2014,6,18,{"$nulls":8},"TEMP","DB","METH_1",15.159565979166672,"°C",null,"X"]
["METEO","LTER_EU_BE_02","INBO","HOE1","AIR","EnvEurope",3,3,0,2014,6,19,{"$nulls":8},"TEMP","DB","METH_1",14.834444520833332,"°C",null,"X"]
["METEO","LTER_EU_BE_02","INBO","HOE1","AIR","EnvEurope",3,3,0,2014,6,20,{"$nulls":8},"TEMP","DB","METH_1",14.052898375,"°C",null,"X"]
["METEO","LTER_EU_BE_02","INBO","HOE1","AIR","EnvEurope",3,3,0,2014,6,21,{"$nulls":8},"TEMP","DB","METH_1",14.569323083333337,"°C",null,"X"]
["METEO","LTER_EU_BE_02","INBO","HOE1","AIR","EnvEurope",3,3,0,2014,6,22,{"$nulls":8},"TEMP","DB","METH_1",16.231546135416664,"°C",null,"X"]
["METEO","LTER_EU_BE_02","INBO","HOE1","AIR","EnvEurope",3,3,0,2014,6,23,{"$nulls":8},"TEMP","DB","METH_1",15.65079801041667,"°C",null,"X"]
["METEO","LTER_EU_BE_02","INBO","HOE1","AIR","EnvEurope",3,3,0,2014,6,24,{"$nulls":8},"TEMP","DB","METH_1",17.109496208333336,"°C",null,"X"]
["METEO","LTER_EU_BE_02","INBO","HOE1","AIR","EnvEurope",3,3,0,2014,6,25,{"$nulls":8},"TEMP","DB","METH_1",15.483159895833333,"°C",null,"X"]
["METEO","LTER_EU_BE_02","INBO","HOE1","AIR","EnvEurope",3,3,0,2014,6,26,{"$nulls":8},"TEMP","DB","METH_1",15.661545781250004,"°C",null,"X"]
["METEO","LTER_EU_BE_02","INBO","HOE1","AIR","EnvEurope",3,3,0,2014,6,27,{"$nulls":8},"TEMP","DB","METH_1",15.854583750000003,"°C",null,"X"]
["METEO","LTER_EU_BE_02","INBO","HOE1","AIR","EnvEurope",3,3,0,2014,6,28,{"$nulls":8},"TEMP","DB","METH_1",14.589445520833337,"°C",null,"X"]
["METEO","LTER_EU_BE_02","INBO","HOE1","AIR","EnvEurope",3,3,0,2014,6,29,{"$nulls":8},"TEMP","DB","METH_1",13.783089687500004,"°C",null,"X"]
["METEO","LTER_EU_BE_02","INBO","HOE1","AIR","EnvEurope",3,3,0,2014,6,30,{"$nulls":8},"TEMP","DB","METH_1",14.477117968750001,"°C",null,"X"]
["METEO","LTER_EU_BE_02","INBO","HOE1","AIR","EnvEurope",3,3,0,2014,7,1,{"$nulls":8},"TEMP","DB","METH_1",13.967570031249997,"°C",null,"X"]
["METEO","LTER_EU_BE_02","INBO","HOE1","AIR","EnvEurope",3,3,0,2014,7,2,{"$nulls":8},"TEMP","DB","METH_1",15.276075437500005,"°C",null,"X"]
["METEO","LTER_EU_BE_02","INBO","HOE1","AIR","EnvEurope",3,3,0,2014,7,3,{"$nulls":8},"TEMP","DB","METH_1",18.291076437500003,"°C",null,"X"]
["METEO","LTER_EU_BE_02","INBO","HOE1","AIR","EnvEurope",3,3,0,2014,7,4,{"$nulls":8},"TEMP","DB","METH_1",19.200328958333337,"°C",null,"X"]
["METEO","LTER_EU_BE_02","INBO","HOE1","AIR","EnvEurope",3,3,0,2014,7,5,{"$nulls":8},"TEMP","DB","METH_1",18.436752604166664,"°C",null,"X"]
["METEO","LTER_EU_BE_02","INBO","HOE1","AIR","EnvEurope",3,3,0,2014,7,6,{"$nulls":8},"TEMP","DB","METH_1",17.885085937500005,"°C",null,"X"]
["METEO","LTER_EU_BE_02","INBO","HOE1","AIR","EnvEurope",3,3,0,2014,7,7,{"$nulls":8},"TEMP","DB","METH_1",15.935555104166674,"°C",null,"X"]
["METEO","LTER_EU_BE_02","INBO","HOE1","AIR","EnvEurope",3,3,0,2014,7,8,{"$nulls":8},"TEMP","DB","METH_1",14.068715625000008,"°C",null,"X"]
["METEO","LTER_EU_BE_02","INBO","HOE1","AIR","EnvEurope",3,3,0,2014,7,9,{"$nulls":8},"TEMP","DB","METH_1",13.529722291666666,"°C",null,"X"]
["METEO","LTER_EU_BE_02","INBO","HOE1","AIR","EnvEurope",3,3,0,2014,7,10,{"$nulls":8},"TEMP","DB","METH_1",16.811596666666667,"°C",null,"X"]
["METEO","LTER_EU_BE_02","INBO","HOE1","AIR","EnvEurope",3,3,0,2014,7,11,{"$nulls":8},"TEMP","DB","METH_1",16.21668458333333,"°C",null,"X"]
["METEO","LTER_EU_BE_02","INBO","HOE1","AIR","EnvEurope",3,3,0,2014,7,12,{"$nulls":8},"TEMP","DB","METH_1",16.05119645833333,"°C",null,"X"]
["METEO","LTER_EU_BE_02","INBO","HOE1","AIR","EnvEurope",3,3,0,2014,7,13,{"$nulls":8},"TEMP","DB","METH_1",17.2891478125,"°C",null,"X"]
["METEO","LTER_EU_BE_02","INBO","HOE1","AIR","EnvEurope",3,3,0,2014,7,14,{"$nulls":8},"TEMP","DB","METH_1",17.652273333333323,"°C",null,"X"]
["METEO","LTER_EU_BE_02","INBO","HOE1","AIR","EnvEurope",3,3,0,2014,7,15,{"$nulls":8},"TEMP","DB","METH_1",16.221665635416667,"°C",null,"X"]
["METEO","LTER_EU_BE_02","INBO","HOE1","AIR","EnvEurope",3,3,0,2014,7,16,{"$nulls":8},"TEMP","DB","METH_1",19.2010253125,"°C",null,"X"]
["METEO","LTER_EU_BE_02","INBO","HOE1","AIR","EnvEurope",3,3,0,2014,7,17,{"$nulls":8},"TEMP","DB","METH_1",21.398541770833333,"°C",null,"X"]
["METEO","LTER_EU_BE_02","INBO","HOE1","AIR","EnvEurope",3,3,0,2014,7,18,{"$nulls":8},"TEMP","DB","METH_1",24.0719090625,"°C",null,"X"]
["METEO","LTER_EU_BE_02","INBO","HOE1","AIR","EnvEurope",3,3,0,2014,7,19,{"$nulls":8},"TEMP","DB","METH_1",24.692498333333333,"°C",null,"X"]
["METEO","LTER_EU_BE_02","INBO","HOE1","AIR","EnvEurope",3,3,0,2014,7,20,{"$nulls":8},"TEMP","DB","METH_1",21.04823041666667,"°C",null,"X"]
["METEO","LTER_EU_BE_02","INBO","HOE1","AIR","EnvEurope",3,3,0,2014,7,21,{"$nulls":8},"TEMP","DB","METH_1",18.66992927083333,"°C",null,"X"]
["METEO","LTER_EU_BE_02","INBO","HOE1","AIR","EnvEurope",3,3,0,2014,7,22,{"$nulls":8},"TEMP","DB","METH_1",20.97642416666666,"°C",null,"X"]
["METEO","LTER_EU_BE_02","INBO","HOE1","AIR","EnvEurope",3,3,0,2014,7,23,{"$nulls":8},"TEMP","DB","METH_1",22.271613645833327,"°C",null,"X"]
["METEO","LTER_EU_BE_02","INBO","HOE1","AIR","EnvEurope",3,3,0,2014,7,24,{"$nulls":8},"TEMP","DB","METH_1",20.789270937499992,"°C",null,"X"]
["METEO","LTER_EU_BE_02","INBO","HOE1","AIR","EnvEurope",3,3,0,2014,7,25,{"$nulls":8},"TEMP","DB","METH_1",18.668263229166662,"°C",null,"X"]
["METEO","LTER_EU_BE_02","INBO","HOE1","AIR","EnvEurope",3,3,0,2014,7,26,{"$nulls":8},"TEMP","DB","METH_1",20.177587604166668,"°C",null,"X"]
["METEO","LTER_EU_BE_02","INBO","HOE1","AIR","EnvEurope",3,3,0,2014,7,27,{"$nulls":8},"TEMP","DB","METH_1",20.76156239583333,"°C",null,"X"]
["METEO","LTER_EU_BE_02","INBO","HOE1","AIR","EnvEurope",3,3,0,2014,7,28,{"$nulls":8},"TEMP","DB","METH_1",17.52005125,"°C",null,"X"]
["METEO","LTER_EU_BE_02","INBO","HOE1","AIR","EnvEurope",3,3,0,2014,7,29,{"$nulls":8},"TEMP","DB","METH_1",18.64800270833333,"°C",null,"X"]
["METEO","LTER_EU_BE_02","INBO","HOE1","AIR","EnvEurope",3,3,0,2014,7,30,{"$nulls":8},"TEMP","DB","METH_1",18.101806354166666,"°C",null,"X"]
["METEO","LTER_EU_BE_02","INBO","HOE1","AIR","EnvEurope",3,3,0,2014,7,31,{"$nulls":8},"TEMP","DB","METH_1",17.422620885416666,"°C",null,"X"]
["METEO","LTER_EU_BE_02","INBO","HOE1","AIR","EnvEurope",3,3,0,2014,8,1,{"$nulls":8},"TEMP","DB","METH_1",19.51522552083333,"°C",null,"X"]
["METEO","LTER_EU_BE_02","INBO","HOE1","AIR","EnvEurope",3,3,0,2014,8,2,{"$nulls":8},"TEMP","DB","METH_1",19.861717604166664,"°C",null,"X"]
["METEO","LTER_EU_BE_02","INBO","HOE1","AIR","EnvEurope",3,3,0,2014,8,3,{"$nulls":8},"TEMP","DB","METH_1",18.072846875000003,"°C",null,"X"]
["METEO","LTER_EU_BE_02","INBO","HOE1","AIR","EnvEurope",3,3,0,2014,8,4,{"$nulls":8},"TEMP","DB","METH_1",16.903853541666674,"°C",null,"X"]
["METEO","LTER_EU_BE_02","INBO","HOE1","AIR","EnvEurope",3,3,0,2014,8,5,{"$nulls":8},"TEMP","DB","METH_1",17.578385520833336,"°C",null,"X"]
["METEO","LTER_EU_BE_02","INBO","HOE1","AIR","EnvEurope",3,3,0,2014,8,6,{"$nulls":8},"TEMP","DB","METH_1",16.087515729166665,"°C",null,"X"]
["METEO","LTER_EU_BE_02","INBO","HOE1","AIR","EnvEurope",3,3,0,2014,8,7,{"$nulls":8},"TEMP","DB","METH_1",18.046840624999998,"°C",null,"X"]
["METEO","LTER_EU_BE_02","INBO","HOE1","AIR","EnvEurope",3,3,0,2014,8,8,{"$nulls":8},"TEMP","DB","METH_1",17.922100416666666,"°C",null,"X"]
["METEO","LTER_EU_BE_02","INBO","HOE1","AIR","EnvEurope",3,3,0,2014,8,9,{"$nulls":8},"TEMP","DB","METH_1",18.478837395833327,"°C",null,"X"]
["METEO","LTER_EU_BE_02","INBO","HOE1","AIR","EnvEurope",3,3,0,2014,8,10,{"$nulls":8},"TEMP","DB","METH_1",17.715903020833327,"°C",null,"X"]
["METEO","LTER_EU_BE_02","INBO","HOE1","AIR","EnvEurope",3,3,0,2014,8,11,{"$nulls":8},"TEMP","DB","METH_1",15.567621875,"°C",null,"X"]
["METEO","LTER_EU_BE_02","INBO","HOE1","AIR","EnvEurope",3,3,0,2014,8,12,{"$nulls":8},"TEMP","DB","METH_1",14.741406666666675,"°C",null,"X"]
["METEO","LTER_EU_BE_02","INBO","HOE1","AIR","EnvEurope",3,3,0,2014,8,13,{"$nulls":8},"TEMP","DB","METH_1",15.092812739583335,"°C",null,"X"]
["METEO","LTER_EU_BE_02","INBO","HOE1","AIR","EnvEurope",3,3,0,2014,8,14,{"$nulls":8},"TEMP","DB","METH_1",14.558212395833342,"°C",null,"X"]
["METEO","LTER_EU_BE_02","INBO","HOE1","AIR","EnvEurope",3,3,0,2014,8,15,{"$nulls":8},"TEMP","DB","METH_1",14.1731775,"°C",null,"X"]
["METEO","LTER_EU_BE_02","INBO","HOE1","AIR","EnvEurope",3,3,0,2014,8,16,{"$nulls":8},"TEMP","DB","METH_1",14.785833125000005,"°C",null,"X"]
["METEO","LTER_EU_BE_02","INBO","HOE1","AIR","EnvEurope",3,3,0,2014,8,17,{"$nulls":8},"TEMP","DB","METH_1",13.940087499999995,"°C",null,"X"]
["METEO","LTER_EU_BE_02","INBO","HOE1","AIR","EnvEurope",3,3,0,2014,8,18,{"$nulls":8},"TEMP","DB","METH_1",14.539443958333337,"°C",null,"X"]
["METEO","LTER_EU_BE_02","INBO","HOE1","AIR","EnvEurope",3,3,0,2014,8,19,{"$nulls":8},"TEMP","DB","METH_1",12.767466812500006,"°C",null,"X"]
["METEO","LTER_EU_BE_02","INBO","HOE1","AIR","EnvEurope",3,3,0,2014,8,20,{"$nulls":8},"TEMP","DB","METH_1",11.195712010416663,"°C",null,"X"]
["METEO","LTER_EU_BE_02","INBO","HOE1","AIR","EnvEurope",3,3,0,2014,8,21,{"$nulls":8},"TEMP","DB","METH_1",12.263158989583337,"°C",null,"X"]
["METEO","LTER_EU_BE_02","INBO","HOE1","AIR","EnvEurope",3,3,0,2014,8,22,{"$nulls":8},"TEMP","DB","METH_1",12.69770842708333,"°C",null,"X"]
["METEO","LTER_EU_BE_02","INBO","HOE1","AIR","EnvEurope",3,3,0,2014,8,23,{"$nulls":8},"TEMP","DB","METH_1",13.003680843749997,"°C",null,"X"]
["METEO","LTER_EU_BE_02","INBO","HOE1","AIR","EnvEurope",3,3,0,2014,8,24,{"$nulls":8},"TEMP","DB","METH_1",12.92161495833333,"°C",null,"X"]
["METEO","LTER_EU_BE_02","INBO","HOE1","AIR","EnvEurope",3,3,0,2014,8,25,{"$nulls":8},"TEMP","DB","METH_1",12.918611156250002,"°C",null,"X"]
["METEO","LTER_EU_BE_02","INBO","HOE1","AIR","EnvEurope",3,3,0,2014,8,26,{"$nulls":8},"TEMP","DB","METH_1",14.775988854166668,"°C",null,"X"]
["METEO","LTER_EU_BE_02","INBO","HOE1","AIR","EnvEurope",3,3,0,2014,8,27,{"$nulls":8},"TEMP","DB","METH_1",15.064878749999998,"°C",null,"X"]
["METEO","LTER_EU_BE_02","INBO","HOE1","AIR","EnvEurope",3,3,0,2014,8,28,{"$nulls":8},"TEMP","DB","METH_1",16.553055729166672,"°C",null,"X"]
["METEO","LTER_EU_BE_02","INBO","HOE1","AIR","EnvEurope",3,3,0,2014,8,29,{"$nulls":8},"TEMP","DB","METH_1",15.800347395833333,"°C",null,"X"]
["METEO","LTER_EU_BE_02","INBO","HOE1","AIR","EnvEurope",3,3,0,2014,8,30,{"$nulls":8},"TEMP","DB","METH_1",15.56416385416666,"°C",null,"X"]
["METEO","LTER_EU_BE_02","INBO","HOE1","AIR","EnvEurope",3,3,0,2014,8,31,{"$nulls":8},"TEMP","DB","METH_1",14.552308437500002,"°C",null,"X"]
["METEO","LTER_EU_BE_02","INBO","HOE1","AIR","EnvEurope",3,3,0,2014,9,1,{"$nulls":8},"TEMP","DB","METH_1",14.786770635416671,"°C",null,"X"]
["METEO","LTER_EU_BE_02","INBO","HOE1","AIR","EnvEurope",3,3,0,2014,9,2,{"$nulls":8},"TEMP","DB","METH_1",16.353106979166665,"°C",null,"X"]
["METEO","LTER_EU_BE_02","INBO","HOE1","AIR","EnvEurope",3,3,0,2014,9,3,{"$nulls":8},"TEMP","DB","METH_1",16.216927395833338,"°C",null,"X"]
["METEO","LTER_EU_BE_02","INBO","HOE1","AIR","EnvEurope",3,3,0,2014,9,4,{"$nulls":8},"TEMP","DB","METH_1",16.220018020833336,"°C",null,"X"]
["METEO","LTER_EU_BE_02","INBO","HOE1","AIR","EnvEurope",3,3,0,2014,9,5,{"$nulls":8},"TEMP","DB","METH_1",18.87380104166667,"°C",null,"X"]
["METEO","LTER_EU_BE_02","INBO","HOE1","AIR","EnvEurope",3,3,0,2014,9,6,{"$nulls":8},"TEMP","DB","METH_1",17.49345614583333,"°C",null,"X"]
["METEO","LTER_EU_BE_02","INBO","HOE1","AIR","EnvEurope",3,3,0,2014,9,7,{"$nulls":8},"TEMP","DB","METH_1",15.666354687499998,"°C",null,"X"]
["METEO","LTER_EU_BE_02","INBO","HOE1","AIR","EnvEurope",3,3,0,2014,9,8,{"$nulls":8},"TEMP","DB","METH_1",14.96583333333333,"°C",null,"X"]
["METEO","LTER_EU_BE_02","INBO","HOE1","AIR","EnvEurope",3,3,0,2014,9,9,{"$nulls":8},"TEMP","DB","METH_1",13.265989968750004,"°C",null,"X"]
["METEO","LTER_EU_BE_02","INBO","HOE1","AIR","EnvEurope",3,3,0,2014,9,10,{"$nulls":8},"TEMP","DB","METH_1",13.441735916666666,"°C",null,"X"]
["METEO","LTER_EU_BE_02","INBO","HOE1","AIR","EnvEurope",3,3,0,2014,9,11,{"$nulls":8},"TEMP","DB","METH_1",13.429965281250004,"°C",null,"X"]
["METEO","LTER_EU_BE_02","INBO","HOE1","AIR","EnvEurope",3,3,0,2014,9,12,{"$nulls":8},"TEMP","DB","METH_1",14.264843843749999,"°C",null,"X"]
["METEO","LTER_EU_BE_02","INBO","HOE1","AIR","EnvEurope",3,3,0,2014,9,13,{"$nulls":8},"TEMP","DB","METH_1",14.828924166666658,"°C",null,"X"]
["METEO","LTER_EU_BE_02","INBO","HOE1","AIR","EnvEurope",3,3,0,2014,9,14,{"$nulls":8},"TEMP","DB","METH_1",14.347135833333335,"°C",null,"X"]
["METEO","LTER_EU_BE_02","INBO","HOE1","AIR","EnvEurope",3,3,0,2014,9,15,{"$nulls":8},"TEMP","DB","METH_1",15.95550281250001,"°C",null,"X"]
["METEO","LTER_EU_BE_02","INBO","HOE1","AIR","EnvEurope",3,3,0,2014,9,16,{"$nulls":8},"TEMP","DB","METH_1",16.0460414375,"°C",null,"X"]
["METEO","LTER_EU_BE_02","INBO","HOE1","AIR","EnvEurope",3,3,0,2014,9,17,{"$nulls":8},"TEMP","DB","METH_1",17.32656270833333,"°C",null,"X"]
["METEO","LTER_EU_BE_02","INBO","HOE1","AIR","EnvEurope",3,3,0,2014,9,18,{"$nulls":8},"TEMP","DB","METH_1",17.663784374999995,"°C",null,"X"]
["METEO","LTER_EU_BE_02","INBO","HOE1","AIR","EnvEurope",3,3,0,2014,9,19,{"$nulls":8},"TEMP","DB","METH_1",18.292292291666673,"°C",null,"X"]
["METEO","LTER_EU_BE_02","INBO","HOE1","AIR","EnvEurope",3,3,0,2014,9,20,{"$nulls":8},"TEMP","DB","METH_1",18.45237864583333,"°C",null,"X"]
["METEO","LTER_EU_BE_02","INBO","HOE1","AIR","EnvEurope",3,3,0,2014,9,21,{"$nulls":8},"TEMP","DB","METH_1",15.331734479166665,"°C",null,"X"]
["METEO","LTER_EU_BE_02","INBO","HOE1","AIR","EnvEurope",3,3,0,2014,9,22,{"$nulls":8},"TEMP","DB","METH_1",12.868784374999997,"°C",null,"X"]
["METEO","LTER_EU_BE_02","INBO","HOE1","AIR","EnvEurope",3,3,0,2014,9,23,{"$nulls":8},"TEMP","DB","METH_1",11.563281552083334,"°C",null,"X"]
["METEO","LTER_EU_BE_02","INBO","HOE1","AIR","EnvEurope",3,3,0,2014,9,24,{"$nulls":8},"TEMP","DB","METH_1",10.838298625,"°C",null,"X"]
["METEO","LTER_EU_BE_02","INBO","HOE1","AIR","EnvEurope",3,3,0,2014,9,25,{"$nulls":8},"TEMP","DB","METH_1",12.102395385416672,"°C",null,"X"]
["METEO","LTER_EU_BE_02","INBO","HOE1","AIR","EnvEurope",3,3,0,2014,9,26,{"$nulls":8},"TEMP","DB","METH_1",13.965729062500001,"°C",null,"X"]
["METEO","LTER_EU_BE_02","INBO","HOE1","AIR","EnvEurope",3,3,0,2014,9,27,{"$nulls":8},"TEMP","DB","METH_1",15.641373125,"°C",null,"X"]
["METEO","LTER_EU_BE_02","INBO","HOE1","AIR","EnvEurope",3,3,0,2014,9,28,{"$nulls":8},"TEMP","DB","METH_1",15.156875041666666,"°C",null,"X"]
["METEO","LTER_EU_BE_02","INBO","HOE1","AIR","EnvEurope",3,3,0,2014,9,29,{"$nulls":8},"TEMP","DB","METH_1",15.154565937500005,"°C",null,"X"]
["METEO","LTER_EU_BE_02","INBO","HOE1","AIR","EnvEurope",3,3,0,2014,9,30,{"$nulls":8},"TEMP","DB","METH_1",16.82317541666666,"°C",null,"X"]
["METEO","LTER_EU_BE_02","INBO","HOE1","AIR","EnvEurope",3,3,0,2014,1,1,{"$nulls":8},"PREC","DB","METH_2",0.7299999800000001,"mm",null,"S"]
["METEO","LTER_EU_BE_02","INBO","HOE1","AIR","EnvEurope",3,3,0,2014,1,2,{"$nulls":8},"PREC","DB","METH_2",1.5299997799999998,"mm",null,"S"]
["METEO","LTER_EU_BE_02","INBO","HOE1","AIR","EnvEurope",3,3,0,2014,1,3,{"$nulls":8},"PREC","DB","METH_2",5.27999899,"mm",null,"S"]
["METEO","LTER_EU_BE_02","INBO","HOE1","AIR","EnvEurope",3,3,0,2014,1,4,{"$nulls":8},"PREC","DB","METH_2",0.25999998,"mm",null,"S"]
["METEO","LTER_EU_BE_02","INBO","HOE1","AIR","EnvEurope",3,3,0,2014,1,5,{"$nulls":8},"PREC","DB","METH_2",0,"mm",null,"S"]
["METEO","LTER_EU_BE_02","INBO","HOE1","AIR","EnvEurope",3,3,0,2014,1,6,{"$nulls":8},"PREC","DB","METH_2",0.83999997,"mm",null,"S"]
["METEO","LTER_EU_BE_02","INBO","HOE1","AIR","EnvEurope",3,3,0,2014,1,7,{"$nulls":8},"PREC","DB","METH_2",0,"mm",null,"S"]
["METEO","LTER_EU_BE_02","INBO","HOE1","AIR","EnvEurope",3,3,0,2014,1,8,{"$nulls":8},"PREC","DB","METH_2",2.4399996,"mm",null,"S"]
["METEO","LTER_EU_BE_02","INBO","HOE1","AIR","EnvEurope",3,3,0,2014,1,9,{"$nulls":8},"PREC","DB","METH_2",4.039999279999999,"mm",null,"S"]
["METEO","LTER_EU_BE_02","INBO","HOE1","AIR","EnvEurope",3,3,0,2014,1,10,{"$nulls":8},"PREC","DB","METH_2",0,"mm",null,"S"]
["METEO","LTER_EU_BE_02","INBO","HOE1","AIR","EnvEurope",3,3,0,2014,1,11,{"$nulls":8},"PREC","DB","METH_2",0.13999999999999999,"mm",null,"S"]
["METEO","LTER_EU_BE_02","INBO","HOE1","AIR","EnvEurope",3,3,0,2014,1,12,{"$nulls":8},"PREC","DB","METH_2",0,"mm",null,"S"]
["METEO","LTER_EU_BE_02","INBO","HOE1","AIR","EnvEurope",3,3,0,2014,1,13,{"$nulls":8},"PREC","DB","METH_2",0,"mm",null,"S"]
["METEO","LTER_EU_BE_02","INBO","HOE1","AIR","EnvEurope",3,3,0,2014,1,14,{"$nulls":8},"PREC","DB","METH_2",1.0199999800000001,"mm",null,"S"]
["METEO","LTER_EU_BE_02","INBO","HOE1","AIR","EnvEurope",3,3,0,2014,1,15,{"$nulls":8},"PREC","DB","METH_2",2.27000001,"mm",null,"S"]
["METEO","LTER_EU_BE_02","INBO","HOE1","AIR","EnvEurope",3,3,0,2014,1,16,{"$nulls":8},"PREC","DB","METH_2",1.94999967,"mm",null,"S"]
["METEO","LTER_EU_BE_02","INBO","HOE1","AIR","EnvEurope",3,3,0,2014,1,17,{"$nulls":8},"PREC","DB","METH_2",2.1699999299999995,"mm",null,"S"]
["METEO","LTER_EU_BE_02","INBO","HOE1","AIR","EnvEurope",3,3,0,2014,1,18,{"$nulls":8},"PREC","DB","METH_2",0,"mm",null,"S"]
["METEO","LTER_EU_BE_02","INBO","HOE1","AIR","EnvEurope",3,3,0,2014,1,19,{"$nulls":8},"PREC","DB","METH_2",0,"mm",null,"S"]
["METEO","LTER_EU_BE_02","INBO","HOE1","AIR","EnvEurope",3,3,0,2014,1,20,{"$nulls":8},"PREC","DB","METH_2",7.63999941,"mm",null,"S"]
["METEO","LTER_EU_BE_02","INBO","HOE1","AIR","EnvEurope",3,3,0,2014,1,21,{"$nulls":8},"PREC","DB","METH_2",0,"mm",null,"S"]
["METEO","LTER_EU_BE_02","INBO","HOE1","AIR","EnvEurope",3,3,0,2014,1,22,{"$nulls":8},"PREC","DB","METH_2",0,"mm",null,"S"]
["METEO","LTER_EU_BE_02","INBO","HOE1","AIR","EnvEurope",3,3,0,2014,1,23,{"$nulls":8},"PREC","DB","METH_2",2.9699998599999993,"mm",null,"S"]
["METEO","LTER_EU_BE_02","INBO","HOE1","AIR","EnvEurope",3,3,0,2014,1,24,{"$nulls":8},"PREC","DB","METH_2",0,"mm",null,"S"]
["METEO","LTER_EU_BE_02","INBO","HOE1","AIR","EnvEurope",3,3,0,2014,1,25,{"$nulls":8},"PREC","DB","METH_2",2.2499997,"mm",null,"S"]
["METEO","LTER_EU_BE_02","INBO","HOE1","AIR","EnvEurope",3,3,0,2014,1,26,{"$nulls":8},"PREC","DB","METH_2",4.73999927,"mm",null,"S"]
["METEO","LTER_EU_BE_02","INBO","HOE1","AIR","EnvEurope",3,3,0,2014,1,27,{"$nulls":8},"PREC","DB","METH_2",0.41999998,"mm",null,"S"]
["METEO","LTER_EU_BE_02","INBO","HOE1","AIR","EnvEurope",3,3,0,2014,1,28,{"$nulls":8},"PREC","DB","METH_2",0.01,"mm",null,"S"]
["METEO","LTER_EU_BE_02","INBO","HOE1","AIR","EnvEurope",3,3,0,2014,1,29,{"$nulls":8},"PREC","DB","METH_2",0.02,"mm",null,"S"]
["METEO","LTER_EU_BE_02","INBO","HOE1","AIR","EnvEurope",3,3,0,2014,1,30,{"$nulls":8},"PREC","DB","METH_2",0.02,"mm",null,"S"]
["METEO","LTER_EU_BE_02","INBO","HOE1","AIR","EnvEurope",3,3,0,2014,1,31,{"$nulls":8},"PREC","DB","METH_2",0.20999998,"mm",null,"S"]
["METEO","LTER_EU_BE_02","INBO","HOE1","AIR","EnvEurope",3,3,0,2014,10,1,{"$nulls":8},"PREC","DB","METH_2",0,"mm",null,"S"]
["METEO","LTER_EU_BE_02","INBO","HOE1","AIR","EnvEurope",3,3,0,2014,10,2,{"$nulls":8},"PREC","DB","METH_2",0,"mm",null,"S"]
["METEO","LTER_EU_BE_02","INBO","HOE1","AIR","EnvEurope",3,3,0,2014,10,3,{"$nulls":8},"PREC","DB","METH_2",0,"mm",null,"S"]
["METEO","LTER_EU_BE_02","INBO","HOE1","AIR","EnvEurope",3,3,0,2014,10,4,{"$nulls":8},"PREC","DB","METH_2",2.04999949,"mm",null,"S"]
["METEO","LTER_EU_BE_02","INBO","HOE1","AIR","EnvEurope",3,3,0,2014,10,5,{"$nulls":8},"PREC","DB","METH_2",0.16,"mm",null,"S"]
["METEO","LTER_EU_BE_02","INBO","HOE1","AIR","EnvEurope",3,3,0,2014,10,6,{"$nulls":8},"PREC","DB","METH_2",1.26999987,"mm",null,"S"]
["METEO","LTER_EU_BE_02","INBO","HOE1","AIR","EnvEurope",3,3,0,2014,10,7,{"$nulls":8},"PREC","DB","METH_2",6.060000000000001,"mm",null,"S"]
["METEO","LTER_EU_BE_02","INBO","HOE1","AIR","EnvEurope",3,3,0,2014,10,8,{"$nulls":8},"PREC","DB","METH_2",7.719999069999999,"mm",null,"S"]
["METEO","LTER_EU_BE_02","INBO","HOE1","AIR","EnvEurope",3,3,0,2014,10,9,{"$nulls":8},"PREC","DB","METH_2",2.03,"mm",null,"S"]
["METEO","LTER_EU_BE_02","INBO","HOE1","AIR","EnvEurope",3,3,0,2014,10,10,{"$nulls":8},"PREC","DB","METH_2",0,"mm",null,"S"]
["METEO","LTER_EU_BE_02","INBO","HOE1","AIR","EnvEurope",3,3,0,2014,10,11,{"$nulls":8},"PREC","DB","METH_2",4.530001999999999,"mm",null,"S"]
["METEO","LTER_EU_BE_02","INBO","HOE1","AIR","EnvEurope",3,3,0,2014,10,12,{"$nulls":8},"PREC","DB","METH_2",6.43999798,"mm",null,"S"]
["METEO","LTER_EU_BE_02","INBO","HOE1","AIR","EnvEurope",3,3,0,2014,10,13,{"$nulls":8},"PREC","DB","METH_2",0,"mm",null,"S"]
["METEO","LTER_EU_BE_02","INBO","HOE1","AIR","EnvEurope",3,3,0,2014,10,14,{"$nulls":8},"PREC","DB","METH_2",0,"mm",null,"S"]
["METEO","LTER_EU_BE_02","INBO","HOE1","AIR","EnvEurope",3,3,0,2014,10,15,{"$nulls":8},"PREC","DB","METH_2",0.9399999800000001,"mm",null,"S"]
["METEO","LTER_EU_BE_02","INBO","HOE1","AIR","EnvEurope",3,3,0,2014,10,16,{"$nulls":8},"PREC","DB","METH_2",3.6099996999999995,"mm",null,"S"]
["METEO","LTER_EU_BE_02","INBO","HOE1","AIR","EnvEurope",3,3,0,2014,10,17,{"$nulls":8},"PREC","DB","METH_2",0.8399998000000001,"mm",null,"S"]
["METEO","LTER_EU_BE_02","INBO","HOE1","AIR","EnvEurope",3,3,0,2014,10,18,{"$nulls":8},"PREC","DB","METH_2",0,"mm",null,"S"]
["METEO","LTER_EU_BE_02","INBO","HOE1","AIR","EnvEurope",3,3,0,2014,10,19,{"$nulls":8},"PREC","DB","METH_2",0.01,"mm",null,"S"]
["METEO","LTER_EU_BE_02","INBO","HOE1","AIR","EnvEurope",3,3,0,2014,10,20,{"$nulls":8},"PREC","DB","METH_2",0.03,"mm",null,"S"]
["METEO","LTER_EU_BE_02","INBO","HOE1","AIR","EnvEurope",3,3,0,2014,10,21,{"$nulls":8},"PREC","DB","METH_2",9.479998069999997,"mm",null,"S"]
["METEO","LTER_EU_BE_02","INBO","HOE1","AIR","EnvEurope",3,3,0,2014,10,22,{"$nulls":8},"PREC","DB","METH_2",0.01,"mm",null,"S"]
["METEO","LTER_EU_BE_02","INBO","HOE1","AIR","EnvEurope",3,3,0,2014,10,23,{"$nulls":8},"PREC","DB","METH_2",0,"mm",null,"S"]
["METEO","LTER_EU_BE_02","INBO","HOE1","AIR","EnvEurope",3,3,0,2014,10,24,{"$nulls":8},"PREC","DB","METH_2",1.2599999,"mm",null,"S"]
["METEO","LTER_EU_BE_02","INBO","HOE1","AIR","EnvEurope",3,3,0,2014,10,25,{"$nulls":8},"PREC","DB","METH_2",0.04,"mm",null,"S"]
["METEO","LTER_EU_BE_02","INBO","HOE1","AIR","EnvEurope",3,3,0,2014,10,26,{"$nulls":8},"PREC","DB","METH_2",0,"mm",null,"S"]
["METEO","LTER_EU_BE_02","INBO","HOE1","AIR","EnvEurope",3,3,0,2014,10,27,{"$nulls":8},"PREC","DB","METH_2",0,"mm",null,"S"]
["METEO","LTER_EU_BE_02","INBO","HOE1","AIR","EnvEurope",3,3,0,2014,10,28,{"$nulls":8},"PREC","DB","METH_2",0,"mm",null,"S"]
["METEO","LTER_EU_BE_02","INBO","HOE1","AIR","EnvEurope",3,3,0,2014,10,29,{"$nulls":8},"PREC","DB","METH_2",1.06999989,"mm",null,"S"]
["METEO","LTER_EU_BE_02","INBO","HOE1","AIR","EnvEurope",3,3,0,2014,10,30,{"$nulls":8},"PREC","DB","METH_2",0,"mm",null,"S"]
["METEO","LTER_EU_BE_02","INBO","HOE1","AIR","EnvEurope",3,3,0,2014,10,31,{"$nulls":8},"PREC","DB","METH_2",0,"mm",null,"S"]
["METEO","LTER_EU_BE_02","INBO","HOE1","AIR","EnvEurope",3,3,0,2014,11,1,{"$nulls":8},"PREC","DB","METH_2",0,"mm",null,"S"]
["METEO","LTER_EU_BE_02","INBO","HOE1","AIR","EnvEurope",3,3,0,2014,11,2,{"$nulls":8},"PREC","DB","METH_2",0.07,"mm",null,"S"]
["METEO","LTER_EU_BE_02","INBO","HOE1","AIR","EnvEurope",3,3,0,2014,11,3,{"$nulls":8},"PREC","DB","METH_2",11.389997929999996,"mm",null,"S"]
["METEO","LTER_EU_BE_02","INBO","HOE1","AIR","EnvEurope",3,3,0,2014,11,4,{"$nulls":8},"PREC","DB","METH_2",0.9499999800000002,"mm",null,"S"]
["METEO","LTER_EU_BE_02","INBO","HOE1","AIR","EnvEurope",3,3,0,2014,11,5,{"$nulls":8},"PREC","DB","METH_2",0.36999999,"mm",null,"S"]
["METEO","LTER_EU_BE_02","INBO","HOE1","AIR","EnvEurope",3,3,0,2014,11,6,{"$nulls":8},"PREC","DB","METH_2",0.05,"mm",null,"S"]
["METEO","LTER_EU_BE_02","INBO","HOE1","AIR","EnvEurope",3,3,0,2014,11,7,{"$nulls":8},"PREC","DB","METH_2",1.1299998900000001,"mm",null,"S"]
["METEO","LTER_EU_BE_02","INBO","HOE1","AIR","EnvEurope",3,3,0,2014,11,8,{"$nulls":8},"PREC","DB","METH_2",0.14,"mm",null,"S"]
["METEO","LTER_EU_BE_02","INBO","HOE1","AIR","EnvEurope",3,3,0,2014,11,9,{"$nulls":8},"PREC","DB","METH_2",0.05999999,"mm",null,"S"]
["METEO","LTER_EU_BE_02","INBO","HOE1","AIR","EnvEurope",3,3,0,2014,11,10,{"$nulls":8},"PREC","DB","METH_2",0,"mm",null,"S"]
["METEO","LTER_EU_BE_02","INBO","HOE1","AIR","EnvEurope",3,3,0,2014,11,11,{"$nulls":8},"PREC","DB","METH_2",0,"mm",null,"S"]
["METEO","LTER_EU_BE_02","INBO","HOE1","AIR","EnvEurope",3,3,0,2014,11,12,{"$nulls":8},"PREC","DB","METH_2",0,"mm",null,"S"]
["METEO","LTER_EU_BE_02","INBO","HOE1","AIR","EnvEurope",3,3,0,2014,11,13,{"$nulls":8},"PREC","DB","METH_2",0.01,"mm",null,"S"]
["METEO","LTER_EU_BE_02","INBO","HOE1","AIR","EnvEurope",3,3,0,2014,11,14,{"$nulls":8},"PREC","DB","METH_2",4.98999918,"mm",null,"S"]
["METEO","LTER_EU_BE_02","INBO","HOE1","AIR","EnvEurope",3,3,0,2014,11,15,{"$nulls":8},"PREC","DB","METH_2",7.309998179999998,"mm",null,"S"]
["METEO","LTER_EU_BE_02","INBO","HOE1","AIR","EnvEurope",3,3,0,2014,11,16,{"$nulls":8},"PREC","DB","METH_2",0.21999998999999998,"mm",null,"S"]
["METEO","LTER_EU_BE_02","INBO","HOE1","AIR","EnvEurope",3,3,0,2014,11,17,{"$nulls":8},"PREC","DB","METH_2",0.07,"mm",null,"S"]
["METEO","LTER_EU_BE_02","INBO","HOE1","AIR","EnvEurope",3,3,0,2014,11,18,{"$nulls":8},"PREC","DB","METH_2",0.6999999800000002,"mm",null,"S"]
["METEO","LTER_EU_BE_02","INBO","HOE1","AIR","EnvEurope",3,3,0,2014,11,19,{"$nulls":8},"PREC","DB","METH_2",0,"mm",null,"S"]
["METEO","LTER_EU_BE_02","INBO","HOE1","AIR","EnvEurope",3,3,0,2014,11,20,{"$nulls":8},"PREC","DB","METH_2",0,"mm",null,"S"]
["METEO","LTER_EU_BE_02","INBO","HOE1","AIR","EnvEurope",3,3,0,2014,11,21,{"$nulls":8},"PREC","DB","METH_2",0,"mm",null,"S"]
["METEO","LTER_EU_BE_02","INBO","HOE1","AIR","EnvEurope",3,3,0,2014,11,22,{"$nulls":8},"PREC","DB","METH_2",0,"mm",null,"S"]
["METEO","LTER_EU_BE_02","INBO","HOE1","AIR","EnvEurope",3,3,0,2014,11,23,{"$nulls":8},"PREC","DB","METH_2",0.03,"mm",null,"S"]
["METEO","LTER_EU_BE_02","INBO","HOE1","AIR","EnvEurope",3,3,0,2014,11,24,{"$nulls":8},"PREC","DB","METH_2",0.40999999000000004,"mm",null,"S"]
["METEO","LTER_EU_BE_02","INBO","HOE1","AIR","EnvEurope",3,3,0,2014,11,25,{"$nulls":8},"PREC","DB","METH_2",0,"mm",null,"S"]
["METEO","LTER_EU_BE_02","INBO","HOE1","AIR","EnvEurope",3,3,0,2014,11,26,{"$nulls":8},"PREC","DB","METH_2",0.25999999,"mm",null,"S"]
["METEO","LTER_EU_BE_02","INBO","HOE1","AIR","EnvEurope",3,3,0,2014,11,27,{"$nulls":8},"PREC","DB","METH_2",0.19999999000000002,"mm",null,"S"]
["METEO","LTER_EU_BE_02","INBO","HOE1","AIR","EnvEurope",3,3,0,2014,11,28,{"$nulls":8},"PREC","DB","METH_2",0,"mm",null,"S"]
["METEO","LTER_EU_BE_02","INBO","HOE1","AIR","EnvEurope",3,3,0,2014,11,29,{"$nulls":8},"PREC","DB","METH_2",0,"mm",null,"S"]
["METEO","LTER_EU_BE_02","INBO","HOE1","AIR","EnvEurope",3,3,0,2014,11,30,{"$nulls":8},"PREC","DB","METH_2",0.72999999,"mm",null,"S"]
["METEO","LTER_EU_BE_02","INBO","HOE1","AIR","EnvEurope",3,3,0,2014,12,1,{"$nulls":8},"PREC","DB","METH_2",0,"mm",null,"S"]
["METEO","LTER_EU_BE_02","INBO","HOE1","AIR","EnvEurope",3,3,0,2014,12,2,{"$nulls":8},"PREC","DB","METH_2",0,"mm",null,"S"]
["METEO","LTER_EU_BE_02","INBO","HOE1","AIR","EnvEurope",3,3,0,2014,12,3,{"$nulls":8},"PREC","DB","METH_2",0,"mm",null,"S"]
["METEO","LTER_EU_BE_02","INBO","HOE1","AIR","EnvEurope",3,3,0,2014,12,4,{"$nulls":8},"PREC","DB","METH_2",0,"mm",null,"S"]
["METEO","LTER_EU_BE_02","INBO","HOE1","AIR","EnvEurope",3,3,0,2014,12,5,{"$nulls":8},"PREC","DB","METH_2",0.42999999,"mm",null,"S"]
["METEO","LTER_EU_BE_02","INBO","HOE1","AIR","EnvEurope",3,3,0,2014,12,6,{"$nulls":8},"PREC","DB","METH_2",0.32999997000000003,"mm",null,"S"]
["METEO","LTER_EU_BE_02","INBO","HOE1","AIR","EnvEurope",3,3,0,2014,12,7,{"$nulls":8},"PREC","DB","METH_2",2.67999967,"mm",null,"S"]
["METEO","LTER_EU_BE_02","INBO","HOE1","AIR","EnvEurope",3,3,0,2014,12,8,{"$nulls":8},"PREC","DB","METH_2",1.46999999,"mm",null,"S"]
["METEO","LTER_EU_BE_02","INBO","HOE1","AIR","EnvEurope",3,3,0,2014,12,9,{"$nulls":8},"PREC","DB","METH_2",2.9099994899999997,"mm",null,"S"]
["METEO","LTER_EU_BE_02","INBO","HOE1","AIR","EnvEurope",3,3,0,2014,12,10,{"$nulls":8},"PREC","DB","METH_2",1.5899998899999999,"mm",null,"S"]
["METEO","LTER_EU_BE_02","INBO","HOE1","AIR","EnvEurope",3,3,0,2014,12,11,{"$nulls":8},"PREC","DB","METH_2",1.1899999799999998,"mm",null,"S"]
["METEO","LTER_EU_BE_02","INBO","HOE1","AIR","EnvEurope",3,3,0,2014,12,12,{"$nulls":8},"PREC","DB","METH_2",9.119998789999999,"mm",null,"S"]
["METEO","LTER_EU_BE_02","INBO","HOE1","AIR","EnvEurope",3,3,0,2014,12,13,{"$nulls":8},"PREC","DB","METH_2",0,"mm",null,"S"]
["METEO","LTER_EU_BE_02","INBO","HOE1","AIR","EnvEurope",3,3,0,2014,12,14,{"$nulls":8},"PREC","DB","METH_2",0,"mm",null,"S"]
["METEO","LTER_EU_BE_02","INBO","HOE1","AIR","EnvEurope",3,3,0,2014,12,15,{"$nulls":8},"PREC","DB","METH_2",0.9399999800000002,"mm",null,"S"]
["METEO","LTER_EU_BE_02","INBO","HOE1","AIR","EnvEurope",3,3,0,2014,12,16,{"$nulls":8},"PREC","DB","METH_2",0.02,"mm",null,"S"]
["METEO","LTER_EU_BE_02","INBO","HOE1","AIR","EnvEurope",3,3,0,2014,12,17,{"$nulls":8},"PREC","DB","METH_2",1.4099999699999999,"mm",null,"S"]
["METEO","LTER_EU_BE_02","INBO","HOE1","AIR","EnvEurope",3,3,0,2014,12,18,{"$nulls":8},"PREC","DB","METH_2",0.04,"mm",null,"S"]
["METEO","LTER_EU_BE_02","INBO","HOE1","AIR","EnvEurope",3,3,0,2014,12,19,{"$nulls":8},"PREC","DB","METH_2",8.49999846,"mm",null,"S"]
["METEO","LTER_EU_BE_02","INBO","HOE1","AIR","EnvEurope",3,3,0,2014,12,20,{"$nulls":8},"PREC","DB","METH_2",0.01,"mm",null,"S"]
["METEO","LTER_EU_BE_02","INBO","HOE1","AIR","EnvEurope",3,3,0,2014,12,21,{"$nulls":8},"PREC","DB","METH_2",0,"mm",null,"S"]
["METEO","LTER_EU_BE_02","INBO","HOE1","AIR","EnvEurope",3,3,0,2014,12,22,{"$nulls":8},"PREC","DB","METH_2",0,"mm",null,"S"]
["METEO","LTER_EU_BE_02","INBO","HOE1","AIR","EnvEurope",3,3,0,2014,12,23,{"$nulls":8},"PREC","DB","METH_2",0,"mm",null,"S"]
["METEO","LTER_EU_BE_02","INBO","HOE1","AIR","EnvEurope",3,3,0,2014,12,24,{"$nulls":8},"PREC","DB","METH_2",0.19000000000000003,"mm",null,"S"]
["METEO","LTER_EU_BE_02","INBO","HOE1","AIR","EnvEurope",3,3,0,2014,12,25,{"$nulls":8},"PREC","DB","METH_2",1.1699998,"mm",null,"S"]
["METEO","LTER_EU_BE_02","INBO","HOE1","AIR","EnvEurope",3,3,0,2014,12,26,{"$nulls":8},"PREC","DB","METH_2",0,"mm",null,"S"]
["METEO","LTER_EU_BE_02","INBO","HOE1","AIR","EnvEurope",3,3,0,2014,12,27,{"$nulls":8},"PREC","DB","METH_2",4.149999419999999,"mm",null,"S"]
["METEO","LTER_EU_BE_02","INBO","HOE1","AIR","EnvEurope",3,3,0,2014,12,28,{"$nulls":8},"PREC","DB","METH_2",0,"mm",null,"S"]
["METEO","LTER_EU_BE_02","INBO","HOE1","AIR","EnvEurope",3,3,0,2014,12,29,{"$nulls":8},"PREC","DB","METH_2",0.18999999,"mm",null,"S"]
["METEO","LTER_EU_BE_02","INBO","HOE1","AIR","EnvEurope",3,3,0,2014,12,30,{"$nulls":8},"PREC","DB","METH_2",0.09999999,"mm",null,"S"]
["METEO","LTER_EU_BE_02","INBO","HOE1","AIR","EnvEurope",3,3,0,2014,12,31,{"$nulls":8},"PREC","DB","METH_2",0,"mm",null,"S"]
["METEO","LTER_EU_BE_02","INBO","HOE1","AIR","EnvEurope",3,3,0,2014,2,1,{"$nulls":8},"PREC","DB","METH_2",7.329999779999998,"mm",null,"S"]
["METEO","LTER_EU_BE_02","INBO","HOE1","AIR","EnvEurope",3,3,0,2014,2,2,{"$nulls":8},"PREC","DB","METH_2",0,"mm",null,"S"]
["METEO","LTER_EU_BE_02","INBO","HOE1","AIR","EnvEurope",3,3,0,2014,2,3,{"$nulls":8},"PREC","DB","METH_2",0,"mm",null,"S"]
["METEO","LTER_EU_BE_02","INBO","HOE1","AIR","EnvEurope",3,3,0,2014,2,4,{"$nulls":8},"PREC","DB","METH_2",0,"mm",null,"S"]
["METEO","LTER_EU_BE_02","INBO","HOE1","AIR","EnvEurope",3,3,0,2014,2,5,{"$nulls":8},"PREC","DB","METH_2",1.8099999800000002,"mm",null,"S"]
["METEO","LTER_EU_BE_02","INBO","HOE1","AIR","EnvEurope",3,3,0,2014,2,6,{"$nulls":8},"PREC","DB","METH_2",8.25999699,"mm",null,"S"]
["METEO","LTER_EU_BE_02","INBO","HOE1","AIR","EnvEurope",3,3,0,2014,2,7,{"$nulls":8},"PREC","DB","METH_2",3.5299997199999993,"mm",null,"S"]
["METEO","LTER_EU_BE_02","INBO","HOE1","AIR","EnvEurope",3,3,0,2014,2,8,{"$nulls":8},"PREC","DB","METH_2",4.11999951,"mm",null,"S"]
["METEO","LTER_EU_BE_02","INBO","HOE1","AIR","EnvEurope",3,3,0,2014,2,9,{"$nulls":8},"PREC","DB","METH_2",0.9500000000000002,"mm",null,"S"]
["METEO","LTER_EU_BE_02","INBO","HOE1","AIR","EnvEurope",3,3,0,2014,2,10,{"$nulls":8},"PREC","DB","METH_2",0.37,"mm",null,"S"]
["METEO","LTER_EU_BE_02","INBO","HOE1","AIR","EnvEurope",3,3,0,2014,2,11,{"$nulls":8},"PREC","DB","METH_2",2.55999979,"mm",null,"S"]
["METEO","LTER_EU_BE_02","INBO","HOE1","AIR","EnvEurope",3,3,0,2014,2,12,{"$nulls":8},"PREC","DB","METH_2",4.969998,"mm",null,"S"]
["METEO","LTER_EU_BE_02","INBO","HOE1","AIR","EnvEurope",3,3,0,2014,2,13,{"$nulls":8},"PREC","DB","METH_2",2.7199995799999996,"mm",null,"S"]
["METEO","LTER_EU_BE_02","INBO","HOE1","AIR","EnvEurope",3,3,0,2014,2,14,{"$nulls":8},"PREC","DB","METH_2",5.119999470000001,"mm",null,"S"]
["METEO","LTER_EU_BE_02","INBO","HOE1","AIR","EnvEurope",3,3,0,2014,2,15,{"$nulls":8},"PREC","DB","METH_2",0.14999999,"mm",null,"S"]
["METEO","LTER_EU_BE_02","INBO","HOE1","AIR","EnvEurope",3,3,0,2014,2,16,{"$nulls":8},"PREC","DB","METH_2",0.21000000000000002,"mm",null,"S"]
["METEO","LTER_EU_BE_02","INBO","HOE1","AIR","EnvEurope",3,3,0,2014,2,17,{"$nulls":8},"PREC","DB","METH_2",0.02,"mm",null,"S"]
["METEO","LTER_EU_BE_02","INBO","HOE1","AIR","EnvEurope",3,3,0,2014,2,18,{"$nulls":8},"PREC","DB","METH_2",0.09,"mm",null,"S"]
["METEO","LTER_EU_BE_02","INBO","HOE1","AIR","EnvEurope",3,3,0,2014,2,19,{"$nulls":8},"PREC","DB","METH_2",0.18000000000000002,"mm",null,"S"]
["METEO","LTER_EU_BE_02","INBO","HOE1","AIR","EnvEurope",3,3,0,2014,2,20,{"$nulls":8},"PREC","DB","METH_2",2.0599997599999997,"mm",null,"S"]
["METEO","LTER_EU_BE_02","INBO","HOE1","AIR","EnvEurope",3,3,0,2014,2,21,{"$nulls":8},"PREC","DB","METH_2",6.560002,"mm",null,"S"]
["METEO","LTER_EU_BE_02","INBO","HOE1","AIR","EnvEurope",3,3,0,2014,2,22,{"$nulls":8},"PREC","DB","METH_2",0.09999999,"mm",null,"S"]
["METEO","LTER_EU_BE_02","INBO","HOE1","AIR","EnvEurope",3,3,0,2014,2,23,{"$nulls":8},"PREC","DB","METH_2",0,"mm",null,"S"]
["METEO","LTER_EU_BE_02","INBO","HOE1","AIR","EnvEurope",3,3,0,2014,2,24,{"$nulls":8},"PREC","DB","METH_2",0,"mm",null,"S"]
["METEO","LTER_EU_BE_02","INBO","HOE1","AIR","EnvEurope",3,3,0,2014,2,25,{"$nulls":8},"PREC","DB","METH_2",2.84999998,"mm",null,"S"]
["METEO","LTER_EU_BE_02","INBO","HOE1","AIR","EnvEurope",3,3,0,2014,2,26,{"$nulls":8},"PREC","DB","METH_2",0,"mm",null,"S"]
["METEO","LTER_EU_BE_02","INBO","HOE1","AIR","EnvEurope",3,3,0,2014,2,27,{"$nulls":8},"PREC","DB","METH_2",1.58999987,"mm",null,"S"]
["METEO","LTER_EU_BE_02","INBO","HOE1","AIR","EnvEurope",3,3,0,2014,2,28,{"$nulls":8},"PREC","DB","METH_2",4.799999669999999,"mm",null,"S"]
["METEO","LTER_EU_BE_02","INBO","HOE1","AIR","EnvEurope",3,3,0,2014,3,1,{"$nulls":8},"PREC","DB","METH_2",0.01,"mm",null,"S"]
["METEO","LTER_EU_BE_02","INBO","HOE1","AIR","EnvEurope",3,3,0,2014,3,2,{"$nulls":8},"PREC","DB","METH_2",0,"mm",null,"S"]
["METEO","LTER_EU_BE_02","INBO","HOE1","AIR","EnvEurope",3,3,0,2014,3,3,{"$nulls":8},"PREC","DB","METH_2",1.87999976,"mm",null,"S"]
["METEO","LTER_EU_BE_02","INBO","HOE1","AIR","EnvEurope",3,3,0,2014,3,4,{"$nulls":8},"PREC","DB","METH_2",0.31999999,"mm",null,"S"]
["METEO","LTER_EU_BE_02","INBO","HOE1","AIR","EnvEurope",3,3,0,2014,3,5,{"$nulls":8},"PREC","DB","METH_2",0,"mm",null,"S"]
["METEO","LTER_EU_BE_02","INBO","HOE1","AIR","EnvEurope",3,3,0,2014,3,6,{"$nulls":8},"PREC","DB","METH_2",0,"mm",null,"S"]
["METEO","LTER_EU_BE_02","INBO","HOE1","AIR","EnvEurope",3,3,0,2014,3,7,{"$nulls":8},"PREC","DB","METH_2",0,"mm",null,"S"]
["METEO","LTER_EU_BE_02","INBO","HOE1","AIR","EnvEurope",3,3,0,2014,3,8,{"$nulls":8},"PREC","DB","METH_2",0,"mm",null,"S"]
["METEO","LTER_EU_BE_02","INBO","HOE1","AIR","EnvEurope",3,3,0,2014,3,9,{"$nulls":8},"PREC","DB","METH_2",0,"mm",null,"S"]
["METEO","LTER_EU_BE_02","INBO","HOE1","AIR","EnvEurope",3,3,0,2014,3,10,{"$nulls":8},"PREC","DB","METH_2",0,"mm",null,"S"]
["METEO","LTER_EU_BE_02","INBO","HOE1","AIR","EnvEurope",3,3,0,2014,3,11,{"$nulls":8},"PREC","DB","METH_2",0,"mm",null,"S"]
["METEO","LTER_EU_BE_02","INBO","HOE1","AIR","EnvEurope",3,3,0,2014,3,12,{"$nulls":8},"PREC","DB","METH_2",0,"mm",null,"S"]
["METEO","LTER_EU_BE_02","INBO","HOE1","AIR","EnvEurope",3,3,0,2014,3,13,{"$nulls":8},"PREC","DB","METH_2",0,"mm",null,"S"]
["METEO","LTER_EU_BE_02","INBO","HOE1","AIR","EnvEurope",3,3,0,2014,3,14,{"$nulls":8},"PREC","DB","METH_2",0,"mm",null,"S"]
["METEO","LTER_EU_BE_02","INBO","HOE1","AIR","EnvEurope",3,3,0,2014,3,15,{"$nulls":8},"PREC","DB","METH_2",0.03,"mm",null,"S"]
["METEO","LTER_EU_BE_02","INBO","HOE1","AIR","EnvEurope",3,3,0,2014,3,16,{"$nulls":8},"PREC","DB","METH_2",0,"mm",null,"S"]
["METEO","LTER_EU_BE_02","INBO","HOE1","AIR","EnvEurope",3,3,0,2014,3,17,{"$nulls":8},"PREC","DB","METH_2",0,"mm",null,"S"]
["METEO","LTER_EU_BE_02","INBO","HOE1","AIR","EnvEurope",3,3,0,2014,3,18,{"$nulls":8},"PREC","DB","METH_2",0.17,"mm",null,"S"]
["METEO","LTER_EU_BE_02","INBO","HOE1","AIR","EnvEurope",3,3,0,2014,3,19,{"$nulls":8},"PREC","DB","METH_2",0,"mm",null,"S"]
["METEO","LTER_EU_BE_02","INBO","HOE1","AIR","EnvEurope",3,3,0,2014,3,20,{"$nulls":8},"PREC","DB","METH_2",0.02,"mm",null,"S"]
["METEO","LTER_EU_BE_02","INBO","HOE1","AIR","EnvEurope",3,3,0,2014,3,21,{"$nulls":8},"PREC","DB","METH_2",4.33999919,"mm",null,"S"]
["METEO","LTER_EU_BE_02","INBO","HOE1","AIR","EnvEurope",3,3,0,2014,3,22,{"$nulls":8},"PREC","DB","METH_2",2.5799999600000003,"mm",null,"S"]
["METEO","LTER_EU_BE_02","INBO","HOE1","AIR","EnvEurope",3,3,0,2014,3,23,{"$nulls":8},"PREC","DB","METH_2",2.0399998,"mm",null,"S"]
["METEO","LTER_EU_BE_02","INBO","HOE1","AIR","EnvEurope",3,3,0,2014,3,24,{"$nulls":8},"PREC","DB","METH_2",0.15999999999999998,"mm",null,"S"]
["METEO","LTER_EU_BE_02","INBO","HOE1","AIR","EnvEurope",3,3,0,2014,3,25,{"$nulls":8},"PREC","DB","METH_2",0,"mm",null,"S"]
["METEO","LTER_EU_BE_02","INBO","HOE1","AIR","EnvEurope",3,3,0,2014,3,26,{"$nulls":8},"PREC","DB","METH_2",0.04,"mm",null,"S"]
["METEO","LTER_EU_BE_02","INBO","HOE1","AIR","EnvEurope",3,3,0,2014,3,27,{"$nulls":8},"PREC","DB","METH_2",0.69999997,"mm",null,"S"]
["METEO","LTER_EU_BE_02","INBO","HOE1","AIR","EnvEurope",3,3,0,2014,3,28,{"$nulls":8},"PREC","DB","METH_2",0.03,"mm",null,"S"]
["METEO","LTER_EU_BE_02","INBO","HOE1","AIR","EnvEurope",3,3,0,2014,3,29,{"$nulls":8},"PREC","DB","METH_2",0,"mm",null,"S"]
["METEO","LTER_EU_BE_02","INBO","HOE1","AIR","EnvEurope",3,3,0,2014,3,30,{"$nulls":8},"PREC","DB","METH_2",0,"mm",null,"S"]
["METEO","LTER_EU_BE_02","INBO","HOE1","AIR","EnvEurope",3,3,0,2014,3,31,{"$nulls":8},"PREC","DB","METH_2",0,"mm",null,"S"]
["METEO","LTER_EU_BE_02","INBO","HOE1","AIR","EnvEurope",3,3,0,2014,4,1,{"$nulls":8},"PREC","DB","METH_2",0,"mm",null,"S"]
["METEO","LTER_EU_BE_02","INBO","HOE1","AIR","EnvEurope",3,3,0,2014,4,2,{"$nulls":8},"PREC","DB","METH_2",0,"mm",null,"S"]
["METEO","LTER_EU_BE_02","INBO","HOE1","AIR","EnvEurope",3,3,0,2014,4,3,{"$nulls":8},"PREC","DB","METH_2",0,"mm",null,"S"]
["METEO","LTER_EU_BE_02","INBO","HOE1","AIR","EnvEurope",3,3,0,2014,4,4,{"$nulls":8},"PREC","DB","METH_2",0.02,"mm",null,"S"]
["METEO","LTER_EU_BE_02","INBO","HOE1","AIR","EnvEurope",3,3,0,2014,4,5,{"$nulls":8},"PREC","DB","METH_2",0,"mm",null,"S"]
["METEO","LTER_EU_BE_02","INBO","HOE1","AIR","EnvEurope",3,3,0,2014,4,6,{"$nulls":8},"PREC","DB","METH_2",0.89,"mm",null,"S"]
["METEO","LTER_EU_BE_02","INBO","HOE1","AIR","EnvEurope",3,3,0,2014,4,7,{"$nulls":8},"PREC","DB","METH_2",5.23999879,"mm",null,"S"]
["METEO","LTER_EU_BE_02","INBO","HOE1","AIR","EnvEurope",3,3,0,2014,4,8,{"$nulls":8},"PREC","DB","METH_2",0.42999998000000006,"mm",null,"S"]
["METEO","LTER_EU_BE_02","INBO","HOE1","AIR","EnvEurope",3,3,0,2014,4,9,{"$nulls":8},"PREC","DB","METH_2",0,"mm",null,"S"]
["METEO","LTER_EU_BE_02","INBO","HOE1","AIR","EnvEurope",3,3,0,2014,4,10,{"$nulls":8},"PREC","DB","METH_2",0,"mm",null,"S"]
["METEO","LTER_EU_BE_02","INBO","HOE1","AIR","EnvEurope",3,3,0,2014,4,11,{"$nulls":8},"PREC","DB","METH_2",0,"mm",null,"S"]
["METEO","LTER_EU_BE_02","INBO","HOE1","AIR","EnvEurope",3,3,0,2014,4,12,{"$nulls":8},"PREC","DB","METH_2",0,"mm",null,"S"]
["METEO","LTER_EU_BE_02","INBO","HOE1","AIR","EnvEurope",3,3,0,2014,4,13,{"$nulls":8},"PREC","DB","METH_2",0,"mm",null,"S"]
["METEO","LTER_EU_BE_02","INBO","HOE1","AIR","EnvEurope",3,3,0,2014,4,14,{"$nulls":8},"PREC","DB","METH_2",0,"mm",null,"S"]
["METEO","LTER_EU_BE_02","INBO","HOE1","AIR","EnvEurope",3,3,0,2014,4,15,{"$nulls":8},"PREC","DB","METH_2",0,"mm",null,"S"]
["METEO","LTER_EU_BE_02","INBO","HOE1","AIR","EnvEurope",3,3,0,2014,4,16,{"$nulls":8},"PREC","DB","METH_2",0,"mm",null,"S"]
["METEO","LTER_EU_BE_02","INBO","HOE1","AIR","EnvEurope",3,3,0,2014,4,17,{"$nulls":8},"PREC","DB","METH_2",0.15,"mm",null,"S"]
["METEO","LTER_EU_BE_02","INBO","HOE1","AIR","EnvEurope",3,3,0,2014,4,18,{"$nulls":8},"PREC","DB","METH_2",0.01,"mm",null,"S"]
["METEO","LTER_EU_BE_02","INBO","HOE1","AIR","EnvEurope",3,3,0,2014,4,19,{"$nulls":8},"PREC","DB","METH_2",0,"mm",null,"S"]
["METEO","LTER_EU_BE_02","INBO","HOE1","AIR","EnvEurope",3,3,0,2014,4,20,{"$nulls":8},"PREC","DB","METH_2",0,"mm",null,"S"]
["METEO","LTER_EU_BE_02","INBO","HOE1","AIR","EnvEurope",3,3,0,2014,4,21,{"$nulls":8},"PREC","DB","METH_2",14.020002569999999,"mm",null,"S"]
["METEO","LTER_EU_BE_02","INBO","HOE1","AIR","EnvEurope",3,3,0,2014,4,22,{"$nulls":8},"PREC","DB","METH_2",0.30000000000000004,"mm",null,"S"]
["METEO","LTER_EU_BE_02","INBO","HOE1","AIR","EnvEurope",3,3,0,2014,4,23,{"$nulls":8},"PREC","DB","METH_2",0,"mm",null,"S"]
["METEO","LTER_EU_BE_02","INBO","HOE1","AIR","EnvEurope",3,3,0,2014,4,24,{"$nulls":8},"PREC","DB","METH_2",0.31999999,"mm",null,"S"]
["METEO","LTER_EU_BE_02","INBO","HOE1","AIR","EnvEurope",3,3,0,2014,4,25,{"$nulls":8},"PREC","DB","METH_2",0.12,"mm",null,"S"]
["METEO","LTER_EU_BE_02","INBO","HOE1","AIR","EnvEurope",3,3,0,2014,4,26,{"$nulls":8},"PREC","DB","METH_2",0,"mm",null,"S"]
["METEO","LTER_EU_BE_02","INBO","HOE1","AIR","EnvEurope",3,3,0,2014,4,27,{"$nulls":8},"PREC","DB","METH_2",0,"mm",null,"S"]
["METEO","LTER_EU_BE_02","INBO","HOE1","AIR","EnvEurope",3,3,0,2014,4,28,{"$nulls":8},"PREC","DB","METH_2",0.17,"mm",null,"S"]
["METEO","LTER_EU_BE_02","INBO","HOE1","AIR","EnvEurope",3,3,0,2014,4,29,{"$nulls":8},"PREC","DB","METH_2",1.0199999300000002,"mm",null,"S"]
["METEO","LTER_EU_BE_02","INBO","HOE1","AIR","EnvEurope",3,3,0,2014,4,30,{"$nulls":8},"PREC","DB","METH_2",0,"mm",null,"S"]
["METEO","LTER_EU_BE_02","INBO","HOE1","AIR","EnvEurope",3,3,0,2014,5,1,{"$nulls":8},"PREC","DB","METH_2",5.0200008899999995,"mm",null,"S"]
["METEO","LTER_EU_BE_02","INBO","HOE1","AIR","EnvEurope",3,3,0,2014,5,2,{"$nulls":8},"PREC","DB","METH_2",0,"mm",null,"S"]
["METEO","LTER_EU_BE_02","INBO","HOE1","AIR","EnvEurope",3,3,0,2014,5,3,{"$nulls":8},"PREC","DB","METH_2",0,"mm",null,"S"]
["METEO","LTER_EU_BE_02","INBO","HOE1","AIR","EnvEurope",3,3,0,2014,5,4,{"$nulls":8},"PREC","DB","METH_2",0,"mm",null,"S"]
["METEO","LTER_EU_BE_02","INBO","HOE1","AIR","EnvEurope",3,3,0,2014,5,5,{"$nulls":8},"PREC","DB","METH_2",0,"mm",null,"S"]
["METEO","LTER_EU_BE_02","INBO","HOE1","AIR","EnvEurope",3,3,0,2014,5,6,{"$nulls":8},"PREC","DB","METH_2",4.329999299999999,"mm",null,"S"]
["METEO","LTER_EU_BE_02","INBO","HOE1","AIR","EnvEurope",3,3,0,2014,5,7,{"$nulls":8},"PREC","DB","METH_2",2.66999979,"mm",null,"S"]
["METEO","LTER_EU_BE_02","INBO","HOE1","AIR","EnvEurope",3,3,0,2014,5,8,{"$nulls":8},"PREC","DB","METH_2",4.48999947,"mm",null,"S"]
["METEO","LTER_EU_BE_02","INBO","HOE1","AIR","EnvEurope",3,3,0,2014,5,9,{"$nulls":8},"PREC","DB","METH_2",3.3499999799999998,"mm",null,"S"]
["METEO","LTER_EU_BE_02","INBO","HOE1","AIR","EnvEurope",3,3,0,2014,5,10,{"$nulls":8},"PREC","DB","METH_2",6.1899989799999995,"mm",null,"S"]
["METEO","LTER_EU_BE_02","INBO","HOE1","AIR","EnvEurope",3,3,0,2014,5,11,{"$nulls":8},"PREC","DB","METH_2",1.45,"mm",null,"S"]
["METEO","LTER_EU_BE_02","INBO","HOE1","AIR","EnvEurope",3,3,0,2014,5,12,{"$nulls":8},"PREC","DB","METH_2",3.26999978,"mm",null,"S"]
["METEO","LTER_EU_BE_02","INBO","HOE1","AIR","EnvEurope",3,3,0,2014,5,13,{"$nulls":8},"PREC","DB","METH_2",2.559999999999999,"mm",null,"S"]
["METEO","LTER_EU_BE_02","INBO","HOE1","AIR","EnvEurope",3,3,0,2014,5,14,{"$nulls":8},"PREC","DB","METH_2",2.9299999999999997,"mm",null,"S"]
["METEO","LTER_EU_BE_02","INBO","HOE1","AIR","EnvEurope",3,3,0,2014,5,15,{"$nulls":8},"PREC","DB","METH_2",0,"mm",null,"S"]
["METEO","LTER_EU_BE_02","INBO","HOE1","AIR","EnvEurope",3,3,0,2014,5,16,{"$nulls":8},"PREC","DB","METH_2",0,"mm",null,"S"]
["METEO","LTER_EU_BE_02","INBO","HOE1","AIR","EnvEurope",3,3,0,2014,5,17,{"$nulls":8},"PREC","DB","METH_2",0,"mm",null,"S"]
["METEO","LTER_EU_BE_02","INBO","HOE1","AIR","EnvEurope",3,3,0,2014,5,18,{"$nulls":8},"PREC","DB","METH_2",0,"mm",null,"S"]
["METEO","LTER_EU_BE_02","INBO","HOE1","AIR","EnvEurope",3,3,0,2014,5,19,{"$nulls":8},"PREC","DB","METH_2",0,"mm",null,"S"]
["METEO","LTER_EU_BE_02","INBO","HOE1","AIR","EnvEurope",3,3,0,2014,5,20,{"$nulls":8},"PREC","DB","METH_2",10.170002,"mm",null,"S"]
["METEO","LTER_EU_BE_02","INBO","HOE1","AIR","EnvEurope",3,3,0,2014,5,21,{"$nulls":8},"PREC","DB","METH_2",5.58999929,"mm",null,"S"]
["METEO","LTER_EU_BE_02","INBO","HOE1","AIR","EnvEurope",3,3,0,2014,5,22,{"$nulls":8},"PREC","DB","METH_2",0,"mm",null,"S"]
["METEO","LTER_EU_BE_02","INBO","HOE1","AIR","EnvEurope",3,3,0,2014,5,23,{"$nulls":8},"PREC","DB","METH_2",0.45,"mm",null,"S"]
["METEO","LTER_EU_BE_02","INBO","HOE1","AIR","EnvEurope",3,3,0,2014,5,24,{"$nulls":8},"PREC","DB","METH_2",0.28,"mm",null,"S"]
["METEO","LTER_EU_BE_02","INBO","HOE1","AIR","EnvEurope",3,3,0,2014,5,25,{"$nulls":8},"PREC","DB","METH_2",0,"mm",null,"S"]
["METEO","LTER_EU_BE_02","INBO","HOE1","AIR","EnvEurope",3,3,0,2014,5,26,{"$nulls":8},"PREC","DB","METH_2",0.25999998,"mm",null,"S"]
["METEO","LTER_EU_BE_02","INBO","HOE1","AIR","EnvEurope",3,3,0,2014,5,27,{"$nulls":8},"PREC","DB","METH_2",0.9999998000000001,"mm",null,"S"]
["METEO","LTER_EU_BE_02","INBO","HOE1","AIR","EnvEurope",3,3,0,2014,5,28,{"$nulls":8},"PREC","DB","METH_2",0,"mm",null,"S"]
["METEO","LTER_EU_BE_02","INBO","HOE1","AIR","EnvEurope",3,3,0,2014,5,29,{"$nulls":8},"PREC","DB","METH_2",0,"mm",null,"S"]
["METEO","LTER_EU_BE_02","INBO","HOE1","AIR","EnvEurope",3,3,0,2014,5,30,{"$nulls":8},"PREC","DB","METH_2",0,"mm",null,"S"]
["METEO","LTER_EU_BE_02","INBO","HOE1","AIR","EnvEurope",3,3,0,2014,5,31,{"$nulls":8},"PREC","DB","METH_2",0,"mm",null,"S"]
["METEO","LTER_EU_BE_02","INBO","HOE1","AIR","EnvEurope",3,3,0,2014,6,1,{"$nulls":8},"PREC","DB","METH_2",0,"mm",null,"S"]
["METEO","LTER_EU_BE_02","INBO","HOE1","AIR","EnvEurope",3,3,0,2014,6,2,{"$nulls":8},"PREC","DB","METH_2",0,"mm",null,"S"]
["METEO","LTER_EU_BE_02","INBO","HOE1","AIR","EnvEurope",3,3,0,2014,6,3,{"$nulls":8},"PREC","DB","METH_2",1.6899989899999999,"mm",null,"S"]
["METEO","LTER_EU_BE_02","INBO","HOE1","AIR","EnvEurope",3,3,0,2014,6,4,{"$nulls":8},"PREC","DB","METH_2",9.13999892,"mm",null,"S"]
["METEO","LTER_EU_BE_02","INBO","HOE1","AIR","EnvEurope",3,3,0,2014,6,5,{"$nulls":8},"PREC","DB","METH_2",6.159999990000001,"mm",null,"S"]
["METEO","LTER_EU_BE_02","INBO","HOE1","AIR","EnvEurope",3,3,0,2014,6,6,{"$nulls":8},"PREC","DB","METH_2",0,"mm",null,"S"]
["METEO","LTER_EU_BE_02","INBO","HOE1","AIR","EnvEurope",3,3,0,2014,6,7,{"$nulls":8},"PREC","DB","METH_2",0.04,"mm",null,"S"]
["METEO","LTER_EU_BE_02","INBO","HOE1","AIR","EnvEurope",3,3,0,2014,6,8,{"$nulls":8},"PREC","DB","METH_2",1.1599999,"mm",null,"S"]
["METEO","LTER_EU_BE_02","INBO","HOE1","AIR","EnvEurope",3,3,0,2014,6,9,{"$nulls":8},"PREC","DB","METH_2",4.999998879999999,"mm",null,"S"]
["METEO","LTER_EU_BE_02","INBO","HOE1","AIR","EnvEurope",3,3,0,2014,6,10,{"$nulls":8},"PREC","DB","METH_2",19.429996889999998,"mm",null,"S"]
["METEO","LTER_EU_BE_02","INBO","HOE1","AIR","EnvEurope",3,3,0,2014,6,11,{"$nulls":8},"PREC","DB","METH_2",0.12999999,"mm",null,"S"]
["METEO","LTER_EU_BE_02","INBO","HOE1","AIR","EnvEurope",3,3,0,2014,6,12,{"$nulls":8},"PREC","DB","METH_2",0,"mm",null,"S"]
["METEO","LTER_EU_BE_02","INBO","HOE1","AIR","EnvEurope",3,3,0,2014,6,13,{"$nulls":8},"PREC","DB","METH_2",0,"mm",null,"S"]
["METEO","LTER_EU_BE_02","INBO","HOE1","AIR","EnvEurope",3,3,0,2014,6,14,{"$nulls":8},"PREC","DB","METH_2",0,"mm",null,"S"]
["METEO","LTER_EU_BE_02","INBO","HOE1","AIR","EnvEurope",3,3,0,2014,6,15,{"$nulls":8},"PREC","DB","METH_2",0,"mm",null,"S"]
["METEO","LTER_EU_BE_02","INBO","HOE1","AIR","EnvEurope",3,3,0,2014,6,16,{"$nulls":8},"PREC","DB","METH_2",0.05,"mm",null,"S"]
["METEO","LTER_EU_BE_02","INBO","HOE1","AIR","EnvEurope",3,3,0,2014,6,17,{"$nulls":8},"PREC","DB","METH_2",0,"mm",null,"S"]
["METEO","LTER_EU_BE_02","INBO","HOE1","AIR","EnvEurope",3,3,0,2014,6,18,{"$nulls":8},"PREC","DB","METH_2",0,"mm",null,"S"]
["METEO","LTER_EU_BE_02","INBO","HOE1","AIR","EnvEurope",3,3,0,2014,6,19,{"$nulls":8},"PREC","DB","METH_2",0,"mm",null,"S"]
["METEO","LTER_EU_BE_02","INBO","HOE1","AIR","EnvEurope",3,3,0,2014,6,20,{"$nulls":8},"PREC","DB","METH_2",0.07,"mm",null,"S"]
["METEO","LTER_EU_BE_02","INBO","HOE1","AIR","EnvEurope",3,3,0,2014,6,21,{"$nulls":8},"PREC","DB","METH_2",0,"mm",null,"S"]
["METEO","LTER_EU_BE_02","INBO","HOE1","AIR","EnvEurope",3,3,0,2014,6,22,{"$nulls":8},"PREC","DB","METH_2",0,"mm",null,"S"]
["METEO","LTER_EU_BE_02","INBO","HOE1","AIR","EnvEurope",3,3,0,2014,6,23,{"$nulls":8},"PREC","DB","METH_2",0,"mm",null,"S"]
["METEO","LTER_EU_BE_02","INBO","HOE1","AIR","EnvEurope",3,3,0,2014,6,24,{"$nulls":8},"PREC","DB","METH_2",0,"mm",null,"S"]
["METEO","LTER_EU_BE_02","INBO","HOE1","AIR","EnvEurope",3,3,0,2014,6,25,{"$nulls":8},"PREC","DB","METH_2",0.01,"mm",null,"S"]
["METEO","LTER_EU_BE_02","INBO","HOE1","AIR","EnvEurope",3,3,0,2014,6,26,{"$nulls":8},"PREC","DB","METH_2",0,"mm",null,"S"]
["METEO","LTER_EU_BE_02","INBO","HOE1","AIR","EnvEurope",3,3,0,2014,6,27,{"$nulls":8},"PREC","DB","METH_2",13.82999749,"mm",null,"S"]
["METEO","LTER_EU_BE_02","INBO","HOE1","AIR","EnvEurope",3,3,0,2014,6,28,{"$nulls":8},"PREC","DB","METH_2",9.379999659999998,"mm",null,"S"]
["METEO","LTER_EU_BE_02","INBO","HOE1","AIR","EnvEurope",3,3,0,2014,6,29,{"$nulls":8},"PREC","DB","METH_2",27.459997960000003,"mm",null,"S"]
["METEO","LTER_EU_BE_02","INBO","HOE1","AIR","EnvEurope",3,3,0,2014,6,30,{"$nulls":8},"PREC","DB","METH_2",0,"mm",null,"S"]
["METEO","LTER_EU_BE_02","INBO","HOE1","AIR","EnvEurope",3,3,0,2014,7,1,{"$nulls":8},"PREC","DB","METH_2",0,"mm",null,"S"]
["METEO","LTER_EU_BE_02","INBO","HOE1","AIR","EnvEurope",3,3,0,2014,7,2,{"$nulls":8},"PREC","DB","METH_2",0,"mm",null,"S"]
["METEO","LTER_EU_BE_02","INBO","HOE1","AIR","EnvEurope",3,3,0,2014,7,3,{"$nulls":8},"PREC","DB","METH_2",0,"mm",null,"S"]
["METEO","LTER_EU_BE_02","INBO","HOE1","AIR","EnvEurope",3,3,0,2014,7,4,{"$nulls":8},"PREC","DB","METH_2",1.1899997,"mm",null,"S"]
["METEO","LTER_EU_BE_02","INBO","HOE1","AIR","EnvEurope",3,3,0,2014,7,5,{"$nulls":8},"PREC","DB","METH_2",16.769999539999997,"mm",null,"S"]
["METEO","LTER_EU_BE_02","INBO","HOE1","AIR","EnvEurope",3,3,0,2014,7,6,{"$nulls":8},"PREC","DB","METH_2",6.44999869,"mm",null,"S"]
["METEO","LTER_EU_BE_02","INBO","HOE1","AIR","EnvEurope",3,3,0,2014,7,7,{"$nulls":8},"PREC","DB","METH_2",0.16999998,"mm",null,"S"]
["METEO","LTER_EU_BE_02","INBO","HOE1","AIR","EnvEurope",3,3,0,2014,7,8,{"$nulls":8},"PREC","DB","METH_2",13.5799975,"mm",null,"S"]
["METEO","LTER_EU_BE_02","INBO","HOE1","AIR","EnvEurope",3,3,0,2014,7,9,{"$nulls":8},"PREC","DB","METH_2",24.139994050000002,"mm",null,"S"]
["METEO","LTER_EU_BE_02","INBO","HOE1","AIR","EnvEurope",3,3,0,2014,7,10,{"$nulls":8},"PREC","DB","METH_2",0.03,"mm",null,"S"]
["METEO","LTER_EU_BE_02","INBO","HOE1","AIR","EnvEurope",3,3,0,2014,7,11,{"$nulls":8},"PREC","DB","METH_2",8.2499959,"mm",null,"S"]
["METEO","LTER_EU_BE_02","INBO","HOE1","AIR","EnvEurope",3,3,0,2014,7,12,{"$nulls":8},"PREC","DB","METH_2",0,"mm",null,"S"]
["METEO","LTER_EU_BE_02","INBO","HOE1","AIR","EnvEurope",3,3,0,2014,7,13,{"$nulls":8},"PREC","DB","METH_2",3.2799999900000003,"mm",null,"S"]
["METEO","LTER_EU_BE_02","INBO","HOE1","AIR","EnvEurope",3,3,0,2014,7,14,{"$nulls":8},"PREC","DB","METH_2",0,"mm",null,"S"]
["METEO","LTER_EU_BE_02","INBO","HOE1","AIR","EnvEurope",3,3,0,2014,7,15,{"$nulls":8},"PREC","DB","METH_2",0,"mm",null,"S"]
["METEO","LTER_EU_BE_02","INBO","HOE1","AIR","EnvEurope",3,3,0,2014,7,16,{"$nulls":8},"PREC","DB","METH_2",0,"mm",null,"S"]
["METEO","LTER_EU_BE_02","INBO","HOE1","AIR","EnvEurope",3,3,0,2014,7,17,{"$nulls":8},"PREC","DB","METH_2",0,"mm",null,"S"]
["METEO","LTER_EU_BE_02","INBO","HOE1","AIR","EnvEurope",3,3,0,2014,7,18,{"$nulls":8},"PREC","DB","METH_2",0,"mm",null,"S"]
["METEO","LTER_EU_BE_02","INBO","HOE1","AIR","EnvEurope",3,3,0,2014,7,19,{"$nulls":8},"PREC","DB","METH_2",0.8499999,"mm",null,"S"]
["METEO","LTER_EU_BE_02","INBO","HOE1","AIR","EnvEurope",3,3,0,2014,7,20,{"$nulls":8},"PREC","DB","METH_2",2.19,"mm",null,"S"]
["METEO","LTER_EU_BE_02","INBO","HOE1","AIR","EnvEurope",3,3,0,2014,7,21,{"$nulls":8},"PREC","DB","METH_2",0,"mm",null,"S"]
["METEO","LTER_EU_BE_02","INBO","HOE1","AIR","EnvEurope",3,3,0,2014,7,22,{"$nulls":8},"PREC","DB","METH_2",0,"mm",null,"S"]
["METEO","LTER_EU_BE_02","INBO","HOE1","AIR","EnvEurope",3,3,0,2014,7,23,{"$nulls":8},"PREC","DB","METH_2",0,"mm",null,"S"]
["METEO","LTER_EU_BE_02","INBO","HOE1","AIR","EnvEurope",3,3,0,2014,7,24,{"$nulls":8},"PREC","DB","METH_2",0,"mm",null,"S"]
["METEO","LTER_EU_BE_02","INBO","HOE1","AIR","EnvEurope",3,3,0,2014,7,25,{"$nulls":8},"PREC","DB","METH_2",0,"mm",null,"S"]
["METEO","LTER_EU_BE_02","INBO","HOE1","AIR","EnvEurope",3,3,0,2014,7,26,{"$nulls":8},"PREC","DB","METH_2",0,"mm",null,"S"]
["METEO","LTER_EU_BE_02","INBO","HOE1","AIR","EnvEurope",3,3,0,2014,7,27,{"$nulls":8},"PREC","DB","METH_2",0.31999999,"mm",null,"S"]
["METEO","LTER_EU_BE_02","INBO","HOE1","AIR","EnvEurope",3,3,0,2014,7,28,{"$nulls":8},"PREC","DB","METH_2",3.449999879999999,"mm",null,"S"]
["METEO","LTER_EU_BE_02","INBO","HOE1","AIR","EnvEurope",3,3,0,2014,7,29,{"$nulls":8},"PREC","DB","METH_2",22.319999490000008,"mm",null,"S"]
["METEO","LTER_EU_BE_02","INBO","HOE1","AIR","EnvEurope",3,3,0,2014,7,30,{"$nulls":8},"PREC","DB","METH_2",0,"mm",null,"S"]
["METEO","LTER_EU_BE_02","INBO","HOE1","AIR","EnvEurope",3,3,0,2014,7,31,{"$nulls":8},"PREC","DB","METH_2",0,"mm",null,"S"]
["METEO","LTER_EU_BE_02","INBO","HOE1","AIR","EnvEurope",3,3,0,2014,8,1,{"$nulls":8},"PREC","DB","METH_2",0,"mm",null,"S"]
["METEO","LTER_EU_BE_02","INBO","HOE1","AIR","EnvEurope",3,3,0,2014,8,2,{"$nulls":8},"PREC","DB","METH_2",0,"mm",null,"S"]
["METEO","LTER_EU_BE_02","INBO","HOE1","AIR","EnvEurope",3,3,0,2014,8,3,{"$nulls":8},"PREC","DB","METH_2",27.61000789,"mm",null,"S"]
["METEO","LTER_EU_BE_02","INBO","HOE1","AIR","EnvEurope",3,3,0,2014,8,4,{"$nulls":8},"PREC","DB","METH_2",0.01,"mm",null,"S"]
["METEO","LTER_EU_BE_02","INBO","HOE1","AIR","EnvEurope",3,3,0,2014,8,5,{"$nulls":8},"PREC","DB","METH_2",0,"mm",null,"S"]
["METEO","LTER_EU_BE_02","INBO","HOE1","AIR","EnvEurope",3,3,0,2014,8,6,{"$nulls":8},"PREC","DB","METH_2",2.94999981,"mm",null,"S"]
["METEO","LTER_EU_BE_02","INBO","HOE1","AIR","EnvEurope",3,3,0,2014,8,7,{"$nulls":8},"PREC","DB","METH_2",0.04,"mm",null,"S"]
["METEO","LTER_EU_BE_02","INBO","HOE1","AIR","EnvEurope",3,3,0,2014,8,8,{"$nulls":8},"PREC","DB","METH_2",26.12999886000001,"mm",null,"S"]
["METEO","LTER_EU_BE_02","INBO","HOE1","AIR","EnvEurope",3,3,0,2014,8,9,{"$nulls":8},"PREC","DB","METH_2",1.3299999900000001,"mm",null,"S"]
["METEO","LTER_EU_BE_02","INBO","HOE1","AIR","EnvEurope",3,3,0,2014,8,10,{"$nulls":8},"PREC","DB","METH_2",2.4999998900000002,"mm",null,"S"]
["METEO","LTER_EU_BE_02","INBO","HOE1","AIR","EnvEurope",3,3,0,2014,8,11,{"$nulls":8},"PREC","DB","METH_2",2.09999999,"mm",null,"S"]
["METEO","LTER_EU_BE_02","INBO","HOE1","AIR","EnvEurope",3,3,0,2014,8,12,{"$nulls":8},"PREC","DB","METH_2",7.7899989,"mm",null,"S"]
["METEO","LTER_EU_BE_02","INBO","HOE1","AIR","EnvEurope",3,3,0,2014,8,13,{"$nulls":8},"PREC","DB","METH_2",0.04,"mm",null,"S"]
["METEO","LTER_EU_BE_02","INBO","HOE1","AIR","EnvEurope",3,3,0,2014,8,14,{"$nulls":8},"PREC","DB","METH_2",1.35999998,"mm",null,"S"]
["METEO","LTER_EU_BE_02","INBO","HOE1","AIR","EnvEurope",3,3,0,2014,8,15,{"$nulls":8},"PREC","DB","METH_2",1.05999996,"mm",null,"S"]
["METEO","LTER_EU_BE_02","INBO","HOE1","AIR","EnvEurope",3,3,0,2014,8,16,{"$nulls":8},"PREC","DB","METH_2",3.0499998999999995,"mm",null,"S"]
["METEO","LTER_EU_BE_02","INBO","HOE1","AIR","EnvEurope",3,3,0,2014,8,17,{"$nulls":8},"PREC","DB","METH_2",1.1399999699999999,"mm",null,"S"]
["METEO","LTER_EU_BE_02","INBO","HOE1","AIR","EnvEurope",3,3,0,2014,8,18,{"$nulls":8},"PREC","DB","METH_2",1.05,"mm",null,"S"]
["METEO","LTER_EU_BE_02","INBO","HOE1","AIR","EnvEurope",3,3,0,2014,8,19,{"$nulls":8},"PREC","DB","METH_2",0.31,"mm",null,"S"]
["METEO","LTER_EU_BE_02","INBO","HOE1","AIR","EnvEurope",3,3,0,2014,8,20,{"$nulls":8},"PREC","DB","METH_2",4.56999939,"mm",null,"S"]
["METEO","LTER_EU_BE_02","INBO","HOE1","AIR","EnvEurope",3,3,0,2014,8,21,{"$nulls":8},"PREC","DB","METH_2",0,"mm",null,"S"]
["METEO","LTER_EU_BE_02","INBO","HOE1","AIR","EnvEurope",3,3,0,2014,8,22,{"$nulls":8},"PREC","DB","METH_2",7.9399986,"mm",null,"S"]
["METEO","LTER_EU_BE_02","INBO","HOE1","AIR","EnvEurope",3,3,0,2014,8,23,{"$nulls":8},"PREC","DB","METH_2",3.4899989899999992,"mm",null,"S"]
["METEO","LTER_EU_BE_02","INBO","HOE1","AIR","EnvEurope",3,3,0,2014,8,24,{"$nulls":8},"PREC","DB","METH_2",0.02,"mm",null,"S"]
["METEO","LTER_EU_BE_02","INBO","HOE1","AIR","EnvEurope",3,3,0,2014,8,25,{"$nulls":8},"PREC","DB","METH_2",13.039997850000002,"mm",null,"S"]
["METEO","LTER_EU_BE_02","INBO","HOE1","AIR","EnvEurope",3,3,0,2014,8,26,{"$nulls":8},"PREC","DB","METH_2",33.339995030000004,"mm",null,"S"]
["METEO","LTER_EU_BE_02","INBO","HOE1","AIR","EnvEurope",3,3,0,2014,8,27,{"$nulls":8},"PREC","DB","METH_2",0,"mm",null,"S"]
["METEO","LTER_EU_BE_02","INBO","HOE1","AIR","EnvEurope",3,3,0,2014,8,28,{"$nulls":8},"PREC","DB","METH_2",1.5499999899999999,"mm",null,"S"]
["METEO","LTER_EU_BE_02","INBO","HOE1","AIR","EnvEurope",3,3,0,2014,8,29,{"$nulls":8},"PREC","DB","METH_2",0.3,"mm",null,"S"]
["METEO","LTER_EU_BE_02","INBO","HOE1","AIR","EnvEurope",3,3,0,2014,8,30,{"$nulls":8},"PREC","DB","METH_2",5.089999,"mm",null,"S"]
["METEO","LTER_EU_BE_02","INBO","HOE1","AIR","EnvEurope",3,3,0,2014,8,31,{"$nulls":8},"PREC","DB","METH_2",9.250001000000001,"mm",null,"S"]
["METEO","LTER_EU_BE_02","INBO","HOE1","AIR","EnvEurope",3,3,0,2014,9,1,{"$nulls":8},"PREC","DB","METH_2",0.01,"mm",null,"S"]
["METEO","LTER_EU_BE_02","INBO","HOE1","AIR","EnvEurope",3,3,0,2014,9,2,{"$nulls":8},"PREC","DB","METH_2",0,"mm",null,"S"]
["METEO","LTER_EU_BE_02","INBO","HOE1","AIR","EnvEurope",3,3,0,2014,9,3,{"$nulls":8},"PREC","DB","METH_2",0,"mm",null,"S"]
["METEO","LTER_EU_BE_02","INBO","HOE1","AIR","EnvEurope",3,3,0,2014,9,4,{"$nulls":8},"PREC","DB","METH_2",0,"mm",null,"S"]
["METEO","LTER_EU_BE_02","INBO","HOE1","AIR","EnvEurope",3,3,0,2014,9,5,{"$nulls":8},"PREC","DB","METH_2",0,"mm",null,"S"]
["METEO","LTER_EU_BE_02","INBO","HOE1","AIR","EnvEurope",3,3,0,2014,9,6,{"$nulls":8},"PREC","DB","METH_2",0,"mm",null,"S"]
["METEO","LTER_EU_BE_02","INBO","HOE1","AIR","EnvEurope",3,3,0,2014,9,7,{"$nulls":8},"PREC","DB","METH_2",0,"mm",null,"S"]
["METEO","LTER_EU_BE_02","INBO","HOE1","AIR","EnvEurope",3,3,0,2014,9,8,{"$nulls":8},"PREC","DB","METH_2",0,"mm",null,"S"]
["METEO","LTER_EU_BE_02","INBO","HOE1","AIR","EnvEurope",3,3,0,2014,9,9,{"$nulls":8},"PREC","DB","METH_2",0,"mm",null,"S"]
["METEO","LTER_EU_BE_02","INBO","HOE1","AIR","EnvEurope",3,3,0,2014,9,10,{"$nulls":8},"PREC","DB","METH_2",0,"mm",null,"S"]
["METEO","LTER_EU_BE_02","INBO","HOE1","AIR","EnvEurope",3,3,0,2014,9,11,{"$nulls":8},"PREC","DB","METH_2",0.03,"mm",null,"S"]
["METEO","LTER_EU_BE_02","INBO","HOE1","AIR","EnvEurope",3,3,0,2014,9,12,{"$nulls":8},"PREC","DB","METH_2",0,"mm",null,"S"]
["METEO","LTER_EU_BE_02","INBO","HOE1","AIR","EnvEurope",3,3,0,2014,9,13,{"$nulls":8},"PREC","DB","METH_2",0,"mm",null,"S"]
["METEO","LTER_EU_BE_02","INBO","HOE1","AIR","EnvEurope",3,3,0,2014,9,14,{"$nulls":8},"PREC","DB","METH_2",0.01,"mm",null,"S"]
["METEO","LTER_EU_BE_02","INBO","HOE1","AIR","EnvEurope",3,3,0,2014,9,15,{"$nulls":8},"PREC","DB","METH_2",0,"mm",null,"S"]
["METEO","LTER_EU_BE_02","INBO","HOE1","AIR","EnvEurope",3,3,0,2014,9,16,{"$nulls":8},"PREC","DB","METH_2",0,"mm",null,"S"]
["METEO","LTER_EU_BE_02","INBO","HOE1","AIR","EnvEurope",3,3,0,2014,9,17,{"$nulls":8},"PREC","DB","METH_2",0,"mm",null,"S"]
["METEO","LTER_EU_BE_02","INBO","HOE1","AIR","EnvEurope",3,3,0,2014,9,18,{"$nulls":8},"PREC","DB","METH_2",0.8299999800000001,"mm",null,"S"]
["METEO","LTER_EU_BE_02","INBO","HOE1","AIR","EnvEurope",3,3,0,2014,9,19,{"$nulls":8},"PREC","DB","METH_2",0,"mm",null,"S"]
["METEO","LTER_EU_BE_02","INBO","HOE1","AIR","EnvEurope",3,3,0,2014,9,20,{"$nulls":8},"PREC","DB","METH_2",0.77,"mm",null,"S"]
["METEO","LTER_EU_BE_02","INBO","HOE1","AIR","EnvEurope",3,3,0,2014,9,21,{"$nulls":8},"PREC","DB","METH_2",6.1599996699999995,"mm",null,"S"]
["METEO","LTER_EU_BE_02","INBO","HOE1","AIR","EnvEurope",3,3,0,2014,9,22,{"$nulls":8},"PREC","DB","METH_2",0,"mm",null,"S"]
["METEO","LTER_EU_BE_02","INBO","HOE1","AIR","EnvEurope",3,3,0,2014,9,23,{"$nulls":8},"PREC","DB","METH_2",0,"mm",null,"S"]
["METEO","LTER_EU_BE_02","INBO","HOE1","AIR","EnvEurope",3,3,0,2014,9,24,{"$nulls":8},"PREC","DB","METH_2",5.20999938,"mm",null,"S"]
["METEO","LTER_EU_BE_02","INBO","HOE1","AIR","EnvEurope",3,3,0,2014,9,25,{"$nulls":8},"PREC","DB","METH_2",0,"mm",null,"S"]
["METEO","LTER_EU_BE_02","INBO","HOE1","AIR","EnvEurope",3,3,0,2014,9,26,{"$nulls":8},"PREC","DB","METH_2",0,"mm",null,"S"]
["METEO","LTER_EU_BE_02","INBO","HOE1","AIR","EnvEurope",3,3,0,2014,9,27,{"$nulls":8},"PREC","DB","METH_2",0,"mm",null,"S"]
["METEO","LTER_EU_BE_02","INBO","HOE1","AIR","EnvEurope",3,3,0,2014,9,28,{"$nulls":8},"PREC","DB","METH_2",0,"mm",null,"S"]
["METEO","LTER_EU_BE_02","INBO","HOE1","AIR","EnvEurope",3,3,0,2014,9,29,{"$nulls":8},"PREC","DB","METH_2",0.08,"mm",null,"S"]
["METEO","LTER_EU_BE_02","INBO","HOE1","AIR","EnvEurope",3,3,0,2014,9,30,{"$nulls":8},"PREC","DB","METH_2",0.01,"mm",null,"S"]
["METEO","LTER_EU_BE_02","INBO","HOE1","AIR","EnvEurope",3,3,0,2015,1,1,{"$nulls":8},"TEMP","DB","METH_1",1.4830701668736836,"°C",null,"X"]
["METEO","LTER_EU_BE_02","INBO","HOE1","AIR","EnvEurope",3,3,0,2015,1,2,{"$nulls":8},"TEMP","DB","METH_1",5.077274378125,"°C",null,"X"]
["METEO","LTER_EU_BE_02","INBO","HOE1","AIR","EnvEurope",3,3,0,2015,1,3,{"$nulls":8},"TEMP","DB","METH_1",1.8066493147916667,"°C",null,"X"]
["METEO","LTER_EU_BE_02","INBO","HOE1","AIR","EnvEurope",3,3,0,2015,1,4,{"$nulls":8},"TEMP","DB","METH_1",1.3863540570833333,"°C",null,"X"]
["METEO","LTER_EU_BE_02","INBO","HOE1","AIR","EnvEurope",3,3,0,2015,1,5,{"$nulls":8},"TEMP","DB","METH_1",0.40506948552083316,"°C",null,"X"]
["METEO","LTER_EU_BE_02","INBO","HOE1","AIR","EnvEurope",3,3,0,2015,1,6,{"$nulls":8},"TEMP","DB","METH_1",-0.4976216229166666,"°C",null,"X"]
["METEO","LTER_EU_BE_02","INBO","HOE1","AIR","EnvEurope",3,3,0,2015,1,7,{"$nulls":8},"TEMP","DB","METH_1",2.7381943733333323,"°C",null,"X"]
["METEO","LTER_EU_BE_02","INBO","HOE1","AIR","EnvEurope",3,3,0,2015,1,8,{"$nulls":8},"TEMP","DB","METH_1",6.333489302083334,"°C",null,"X"]
["METEO","LTER_EU_BE_02","INBO","HOE1","AIR","EnvEurope",3,3,0,2015,1,9,{"$nulls":8},"TEMP","DB","METH_1",9.123073114583333,"°C",null,"X"]
["METEO","LTER_EU_BE_02","INBO","HOE1","AIR","EnvEurope",3,3,0,2015,1,10,{"$nulls":8},"TEMP","DB","METH_1",10.481164343750008,"°C",null,"X"]
["METEO","LTER_EU_BE_02","INBO","HOE1","AIR","EnvEurope",3,3,0,2015,1,11,{"$nulls":8},"TEMP","DB","METH_1",4.704322927083335,"°C",null,"X"]
["METEO","LTER_EU_BE_02","INBO","HOE1","AIR","EnvEurope",3,3,0,2015,1,12,{"$nulls":8},"TEMP","DB","METH_1",7.793472468749999,"°C",null,"X"]
["METEO","LTER_EU_BE_02","INBO","HOE1","AIR","EnvEurope",3,3,0,2015,1,13,{"$nulls":8},"TEMP","DB","METH_1",8.807500989583334,"°C",null,"X"]
["METEO","LTER_EU_BE_02","INBO","HOE1","AIR","EnvEurope",3,3,0,2015,1,14,{"$nulls":8},"TEMP","DB","METH_1",4.057239666666666,"°C",null,"X"]
["METEO","LTER_EU_BE_02","INBO","HOE1","AIR","EnvEurope",3,3,0,2015,1,15,{"$nulls":8},"TEMP","DB","METH_1",8.085277437500002,"°C",null,"X"]
["METEO","LTER_EU_BE_02","INBO","HOE1","AIR","EnvEurope",3,3,0,2015,1,16,{"$nulls":8},"TEMP","DB","METH_1",5.662794947916665,"°C",null,"X"]
["METEO","LTER_EU_BE_02","INBO","HOE1","AIR","EnvEurope",3,3,0,2015,1,17,{"$nulls":8},"TEMP","DB","METH_1",1.4820485703854167,"°C",null,"X"]
["METEO","LTER_EU_BE_02","INBO","HOE1","AIR","EnvEurope",3,3,0,2015,1,18,{"$nulls":8},"TEMP","DB","METH_1",2.891961854166665,"°C",null,"X"]
["METEO","LTER_EU_BE_02","INBO","HOE1","AIR","EnvEurope",3,3,0,2015,1,19,{"$nulls":8},"TEMP","DB","METH_1",0.8980727722291668,"°C",null,"X"]
["METEO","LTER_EU_BE_02","INBO","HOE1","AIR","EnvEurope",3,3,0,2015,1,20,{"$nulls":8},"TEMP","DB","METH_1",-0.13527775218750013,"°C",null,"X"]
["METEO","LTER_EU_BE_02","INBO","HOE1","AIR","EnvEurope",3,3,0,2015,1,21,{"$nulls":8},"TEMP","DB","METH_1",-0.6037326072916666,"°C",null,"X"]
["METEO","LTER_EU_BE_02","INBO","HOE1","AIR","EnvEurope",3,3,0,2015,1,22,{"$nulls":8},"TEMP","DB","METH_1",-1.773836868749999,"°C",null,"X"]
["METEO","LTER_EU_BE_02","INBO","HOE1","AIR","EnvEurope",3,3,0,2015,1,23,{"$nulls":8},"TEMP","DB","METH_1",-1.1460937614583335,"°C",null,"X"]
["METEO","LTER_EU_BE_02","INBO","HOE1","AIR","EnvEurope",3,3,0,2015,1,24,{"$nulls":8},"TEMP","DB","METH_1",0.8418922413541665,"°C",null,"X"]
["METEO","LTER_EU_BE_02","INBO","HOE1","AIR","EnvEurope",3,3,0,2015,1,25,{"$nulls":8},"TEMP","DB","METH_1",1.0378819758020834,"°C",null,"X"]
["METEO","LTER_EU_BE_02","INBO","HOE1","AIR","EnvEurope",3,3,0,2015,1,26,{"$nulls":8},"TEMP","DB","METH_1",5.541424114583336,"°C",null,"X"]
["METEO","LTER_EU_BE_02","INBO","HOE1","AIR","EnvEurope",3,3,0,2015,1,27,{"$nulls":8},"TEMP","DB","METH_1",3.2126213958333314,"°C",null,"X"]
["METEO","LTER_EU_BE_02","INBO","HOE1","AIR","EnvEurope",3,3,0,2015,1,28,{"$nulls":8},"TEMP","DB","METH_1",4.464496395833332,"°C",null,"X"]
["METEO","LTER_EU_BE_02","INBO","HOE1","AIR","EnvEurope",3,3,0,2015,1,29,{"$nulls":8},"TEMP","DB","METH_1",2.7319617614583334,"°C",null,"X"]
["METEO","LTER_EU_BE_02","INBO","HOE1","AIR","EnvEurope",3,3,0,2015,1,30,{"$nulls":8},"TEMP","DB","METH_1",0.9761284524999998,"°C",null,"X"]
["METEO","LTER_EU_BE_02","INBO","HOE1","AIR","EnvEurope",3,3,0,2015,1,31,{"$nulls":8},"TEMP","DB","METH_1",1.1842706818750002,"°C",null,"X"]
["METEO","LTER_EU_BE_02","INBO","HOE1","AIR","EnvEurope",3,3,0,2015,10,1,{"$nulls":8},"TEMP","DB","METH_1",10.42961754166667,"°C",null,"X"]
["METEO","LTER_EU_BE_02","INBO","HOE1","AIR","EnvEurope",3,3,0,2015,10,2,{"$nulls":8},"TEMP","DB","METH_1",9.261406395833335,"°C",null,"X"]
["METEO","LTER_EU_BE_02","INBO","HOE1","AIR","EnvEurope",3,3,0,2015,10,3,{"$nulls":8},"TEMP","DB","METH_1",11.453871249999997,"°C",null,"X"]
["METEO","LTER_EU_BE_02","INBO","HOE1","AIR","EnvEurope",3,3,0,2015,10,4,{"$nulls":8},"TEMP","DB","METH_1",10.753992968749998,"°C",null,"X"]
["METEO","LTER_EU_BE_02","INBO","HOE1","AIR","EnvEurope",3,3,0,2015,10,5,{"$nulls":8},"TEMP","DB","METH_1",12.872551385416669,"°C",null,"X"]
["METEO","LTER_EU_BE_02","INBO","HOE1","AIR","EnvEurope",3,3,0,2015,10,6,{"$nulls":8},"TEMP","DB","METH_1",15.635886354166674,"°C",null,"X"]
["METEO","LTER_EU_BE_02","INBO","HOE1","AIR","EnvEurope",3,3,0,2015,10,7,{"$nulls":8},"TEMP","DB","METH_1",13.573350625000003,"°C",null,"X"]
["METEO","LTER_EU_BE_02","INBO","HOE1","AIR","EnvEurope",3,3,0,2015,10,8,{"$nulls":8},"TEMP","DB","METH_1",11.409064156249995,"°C",null,"X"]
["METEO","LTER_EU_BE_02","INBO","HOE1","AIR","EnvEurope",3,3,0,2015,10,9,{"$nulls":8},"TEMP","DB","METH_1",8.963350874999998,"°C",null,"X"]
["METEO","LTER_EU_BE_02","INBO","HOE1","AIR","EnvEurope",3,3,0,2015,10,10,{"$nulls":8},"TEMP","DB","METH_1",10.136423760416667,"°C",null,"X"]
["METEO","LTER_EU_BE_02","INBO","HOE1","AIR","EnvEurope",3,3,0,2015,10,11,{"$nulls":8},"TEMP","DB","METH_1",7.715677343749996,"°C",null,"X"]
["METEO","LTER_EU_BE_02","INBO","HOE1","AIR","EnvEurope",3,3,0,2015,10,12,{"$nulls":8},"TEMP","DB","METH_1",5.516232514583333,"°C",null,"X"]
["METEO","LTER_EU_BE_02","INBO","HOE1","AIR","EnvEurope",3,3,0,2015,10,13,{"$nulls":8},"TEMP","DB","METH_1",3.5050695354166663,"°C",null,"X"]
["METEO","LTER_EU_BE_02","INBO","HOE1","AIR","EnvEurope",3,3,0,2015,10,14,{"$nulls":8},"TEMP","DB","METH_1",3.679913270833333,"°C",null,"X"]
["METEO","LTER_EU_BE_02","INBO","HOE1","AIR","EnvEurope",3,3,0,2015,10,15,{"$nulls":8},"TEMP","DB","METH_1",4.056736583333334,"°C",null,"X"]
["METEO","LTER_EU_BE_02","INBO","HOE1","AIR","EnvEurope",3,3,0,2015,10,16,{"$nulls":8},"TEMP","DB","METH_1",6.059217656249998,"°C",null,"X"]
["METEO","LTER_EU_BE_02","INBO","HOE1","AIR","EnvEurope",3,3,0,2015,10,17,{"$nulls":8},"TEMP","DB","METH_1",7.500451468749998,"°C",null,"X"]
["METEO","LTER_EU_BE_02","INBO","HOE1","AIR","EnvEurope",3,3,0,2015,10,18,{"$nulls":8},"TEMP","DB","METH_1",8.268021385416667,"°C",null,"X"]
["METEO","LTER_EU_BE_02","INBO","HOE1","AIR","EnvEurope",3,3,0,2015,10,19,{"$nulls":8},"TEMP","DB","METH_1",9.858993208333333,"°C",null,"X"]
["METEO","LTER_EU_BE_02","INBO","HOE1","AIR","EnvEurope",3,3,0,2015,10,20,{"$nulls":8},"TEMP","DB","METH_1",8.600885468749999,"°C",null,"X"]
["METEO","LTER_EU_BE_02","INBO","HOE1","AIR","EnvEurope",3,3,0,2015,10,21,{"$nulls":8},"TEMP","DB","METH_1",8.457777479166664,"°C",null,"X"]
["METEO","LTER_EU_BE_02","INBO","HOE1","AIR","EnvEurope",3,3,0,2015,10,22,{"$nulls":8},"TEMP","DB","METH_1",11.27751855208333,"°C",null,"X"]
["METEO","LTER_EU_BE_02","INBO","HOE1","AIR","EnvEurope",3,3,0,2015,10,23,{"$nulls":8},"TEMP","DB","METH_1",10.362830437499996,"°C",null,"X"]
["METEO","LTER_EU_BE_02","INBO","HOE1","AIR","EnvEurope",3,3,0,2015,10,24,{"$nulls":8},"TEMP","DB","METH_1",10.647639250000003,"°C",null,"X"]
["METEO","LTER_EU_BE_02","INBO","HOE1","AIR","EnvEurope",3,3,0,2015,10,25,{"$nulls":8},"TEMP","DB","METH_1",10.019306239583331,"°C",null,"X"]
["METEO","LTER_EU_BE_02","INBO","HOE1","AIR","EnvEurope",3,3,0,2015,10,26,{"$nulls":8},"TEMP","DB","METH_1",9.80600632291667,"°C",null,"X"]
["METEO","LTER_EU_BE_02","INBO","HOE1","AIR","EnvEurope",3,3,0,2015,10,27,{"$nulls":8},"TEMP","DB","METH_1",10.70222285416667,"°C",null,"X"]
["METEO","LTER_EU_BE_02","INBO","HOE1","AIR","EnvEurope",3,3,0,2015,10,28,{"$nulls":8},"TEMP","DB","METH_1",12.186423697916666,"°C",null,"X"]
["METEO","LTER_EU_BE_02","INBO","HOE1","AIR","EnvEurope",3,3,0,2015,10,29,{"$nulls":8},"TEMP","DB","METH_1",10.932239916666667,"°C",null,"X"]
["METEO","LTER_EU_BE_02","INBO","HOE1","AIR","EnvEurope",3,3,0,2015,10,30,{"$nulls":8},"TEMP","DB","METH_1",9.685191052083331,"°C",null,"X"]
["METEO","LTER_EU_BE_02","INBO","HOE1","AIR","EnvEurope",3,3,0,2015,10,31,{"$nulls":8},"TEMP","DB","METH_1",9.4919096875,"°C",null,"X"]
["METEO","LTER_EU_BE_02","INBO","HOE1","AIR","EnvEurope",3,3,0,2015,11,1,{"$nulls":8},"TEMP","DB","METH_1",8.857049093750003,"°C",null,"X"]
["METEO","LTER_EU_BE_02","INBO","HOE1","AIR","EnvEurope",3,3,0,2015,11,2,{"$nulls":8},"TEMP","DB","METH_1",7.910104479166669,"°C",null,"X"]
["METEO","LTER_EU_BE_02","INBO","HOE1","AIR","EnvEurope",3,3,0,2015,11,3,{"$nulls":8},"TEMP","DB","METH_1",9.635660114583331,"°C",null,"X"]
["METEO","LTER_EU_BE_02","INBO","HOE1","AIR","EnvEurope",3,3,0,2015,11,4,{"$nulls":8},"TEMP","DB","METH_1",12.961041666666668,"°C",null,"X"]
["METEO","LTER_EU_BE_02","INBO","HOE1","AIR","EnvEurope",3,3,0,2015,11,5,{"$nulls":8},"TEMP","DB","METH_1",14.022482645833337,"°C",null,"X"]
["METEO","LTER_EU_BE_02","INBO","HOE1","AIR","EnvEurope",3,3,0,2015,11,6,{"$nulls":8},"TEMP","DB","METH_1",15.411716562499995,"°C",null,"X"]
["METEO","LTER_EU_BE_02","INBO","HOE1","AIR","EnvEurope",3,3,0,2015,11,7,{"$nulls":8},"TEMP","DB","METH_1",17.350537187500006,"°C",null,"X"]
["METEO","LTER_EU_BE_02","INBO","HOE1","AIR","EnvEurope",3,3,0,2015,11,8,{"$nulls":8},"TEMP","DB","METH_1",13.75394104166667,"°C",null,"X"]
["METEO","LTER_EU_BE_02","INBO","HOE1","AIR","EnvEurope",3,3,0,2015,11,9,{"$nulls":8},"TEMP","DB","METH_1",14.460588645833335,"°C",null,"X"]
["METEO","LTER_EU_BE_02","INBO","HOE1","AIR","EnvEurope",3,3,0,2015,11,10,{"$nulls":8},"TEMP","DB","METH_1",13.05829979166667,"°C",null,"X"]
["METEO","LTER_EU_BE_02","INBO","HOE1","AIR","EnvEurope",3,3,0,2015,11,11,{"$nulls":8},"TEMP","DB","METH_1",11.758818958333336,"°C",null,"X"]
["METEO","LTER_EU_BE_02","INBO","HOE1","AIR","EnvEurope",3,3,0,2015,11,12,{"$nulls":8},"TEMP","DB","METH_1",13.053905625,"°C",null,"X"]
["METEO","LTER_EU_BE_02","INBO","HOE1","AIR","EnvEurope",3,3,0,2015,11,13,{"$nulls":8},"TEMP","DB","METH_1",11.610050604166664,"°C",null,"X"]
["METEO","LTER_EU_BE_02","INBO","HOE1","AIR","EnvEurope",3,3,0,2015,11,14,{"$nulls":8},"TEMP","DB","METH_1",8.443385635416668,"°C",null,"X"]
["METEO","LTER_EU_BE_02","INBO","HOE1","AIR","EnvEurope",3,3,0,2015,11,15,{"$nulls":8},"TEMP","DB","METH_1",13.3246015625,"°C",null,"X"]
["METEO","LTER_EU_BE_02","INBO","HOE1","AIR","EnvEurope",3,3,0,2015,11,16,{"$nulls":8},"TEMP","DB","METH_1",11.917292187499998,"°C",null,"X"]
["METEO","LTER_EU_BE_02","INBO","HOE1","AIR","EnvEurope",3,3,0,2015,11,17,{"$nulls":8},"TEMP","DB","METH_1",14.013854791666665,"°C",null,"X"]
["METEO","LTER_EU_BE_02","INBO","HOE1","AIR","EnvEurope",3,3,0,2015,11,18,{"$nulls":8},"TEMP","DB","METH_1",13.230607500000003,"°C",null,"X"]
["METEO","LTER_EU_BE_02","INBO","HOE1","AIR","EnvEurope",3,3,0,2015,11,19,{"$nulls":8},"TEMP","DB","METH_1",11.34621452083334,"°C",null,"X"]
["METEO","LTER_EU_BE_02","INBO","HOE1","AIR","EnvEurope",3,3,0,2015,11,20,{"$nulls":8},"TEMP","DB","METH_1",7.770382041666665,"°C",null,"X"]
["METEO","LTER_EU_BE_02","INBO","HOE1","AIR","EnvEurope",3,3,0,2015,11,21,{"$nulls":8},"TEMP","DB","METH_1",3.3566495770833336,"°C",null,"X"]
["METEO","LTER_EU_BE_02","INBO","HOE1","AIR","EnvEurope",3,3,0,2015,11,22,{"$nulls":8},"TEMP","DB","METH_1",2.3384721304166662,"°C",null,"X"]
["METEO","LTER_EU_BE_02","INBO","HOE1","AIR","EnvEurope",3,3,0,2015,11,23,{"$nulls":8},"TEMP","DB","METH_1",0.7707985902083333,"°C",null,"X"]
["METEO","LTER_EU_BE_02","INBO","HOE1","AIR","EnvEurope",3,3,0,2015,11,24,{"$nulls":8},"TEMP","DB","METH_1",2.702934100833333,"°C",null,"X"]
["METEO","LTER_EU_BE_02","INBO","HOE1","AIR","EnvEurope",3,3,0,2015,11,25,{"$nulls":8},"TEMP","DB","METH_1",5.495711739583334,"°C",null,"X"]
["METEO","LTER_EU_BE_02","INBO","HOE1","AIR","EnvEurope",3,3,0,2015,11,26,{"$nulls":8},"TEMP","DB","METH_1",3.5007813161458343,"°C",null,"X"]
["METEO","LTER_EU_BE_02","INBO","HOE1","AIR","EnvEurope",3,3,0,2015,11,27,{"$nulls":8},"TEMP","DB","METH_1",2.491406263854167,"°C",null,"X"]
["METEO","LTER_EU_BE_02","INBO","HOE1","AIR","EnvEurope",3,3,0,2015,11,28,{"$nulls":8},"TEMP","DB","METH_1",5.754461843750001,"°C",null,"X"]
["METEO","LTER_EU_BE_02","INBO","HOE1","AIR","EnvEurope",3,3,0,2015,11,29,{"$nulls":8},"TEMP","DB","METH_1",9.719114124999999,"°C",null,"X"]
["METEO","LTER_EU_BE_02","INBO","HOE1","AIR","EnvEurope",3,3,0,2015,11,30,{"$nulls":8},"TEMP","DB","METH_1",9.877864145833335,"°C",null,"X"]
["METEO","LTER_EU_BE_02","INBO","HOE1","AIR","EnvEurope",3,3,0,2015,12,1,{"$nulls":8},"TEMP","DB","METH_1",11.701213437499996,"°C",null,"X"]
["METEO","LTER_EU_BE_02","INBO","HOE1","AIR","EnvEurope",3,3,0,2015,12,2,{"$nulls":8},"TEMP","DB","METH_1",10.680642177083337,"°C",null,"X"]
["METEO","LTER_EU_BE_02","INBO","HOE1","AIR","EnvEurope",3,3,0,2015,12,3,{"$nulls":8},"TEMP","DB","METH_1",9.15581578125,"°C",null,"X"]
["METEO","LTER_EU_BE_02","INBO","HOE1","AIR","EnvEurope",3,3,0,2015,12,4,{"$nulls":8},"TEMP","DB","METH_1",8.617309552083332,"°C",null,"X"]
["METEO","LTER_EU_BE_02","INBO","HOE1","AIR","EnvEurope",3,3,0,2015,12,5,{"$nulls":8},"TEMP","DB","METH_1",7.063576187500004,"°C",null,"X"]
["METEO","LTER_EU_BE_02","INBO","HOE1","AIR","EnvEurope",3,3,0,2015,12,6,{"$nulls":8},"TEMP","DB","METH_1",9.439218260416668,"°C",null,"X"]
["METEO","LTER_EU_BE_02","INBO","HOE1","AIR","EnvEurope",3,3,0,2015,12,7,{"$nulls":8},"TEMP","DB","METH_1",10.677622083333333,"°C",null,"X"]
["METEO","LTER_EU_BE_02","INBO","HOE1","AIR","EnvEurope",3,3,0,2015,12,8,{"$nulls":8},"TEMP","DB","METH_1",9.94421879166667,"°C",null,"X"]
["METEO","LTER_EU_BE_02","INBO","HOE1","AIR","EnvEurope",3,3,0,2015,12,9,{"$nulls":8},"TEMP","DB","METH_1",6.836753458333331,"°C",null,"X"]
["METEO","LTER_EU_BE_02","INBO","HOE1","AIR","EnvEurope",3,3,0,2015,12,10,{"$nulls":8},"TEMP","DB","METH_1",4.470208510416668,"°C",null,"X"]
["METEO","LTER_EU_BE_02","INBO","HOE1","AIR","EnvEurope",3,3,0,2015,12,11,{"$nulls":8},"TEMP","DB","METH_1",6.225867687500003,"°C",null,"X"]
["METEO","LTER_EU_BE_02","INBO","HOE1","AIR","EnvEurope",3,3,0,2015,12,12,{"$nulls":8},"TEMP","DB","METH_1",8.160642583333336,"°C",null,"X"]
["METEO","LTER_EU_BE_02","INBO","HOE1","AIR","EnvEurope",3,3,0,2015,12,13,{"$nulls":8},"TEMP","DB","METH_1",8.765016812499995,"°C",null,"X"]
["METEO","LTER_EU_BE_02","INBO","HOE1","AIR","EnvEurope",3,3,0,2015,12,14,{"$nulls":8},"TEMP","DB","METH_1",6.979965156249999,"°C",null,"X"]
["METEO","LTER_EU_BE_02","INBO","HOE1","AIR","EnvEurope",3,3,0,2015,12,15,{"$nulls":8},"TEMP","DB","METH_1",8.126370427083335,"°C",null,"X"]
["METEO","LTER_EU_BE_02","INBO","HOE1","AIR","EnvEurope",3,3,0,2015,12,16,{"$nulls":8},"TEMP","DB","METH_1",11.72012172916667,"°C",null,"X"]
["METEO","LTER_EU_BE_02","INBO","HOE1","AIR","EnvEurope",3,3,0,2015,12,17,{"$nulls":8},"TEMP","DB","METH_1",14.107047708333331,"°C",null,"X"]
["METEO","LTER_EU_BE_02","INBO","HOE1","AIR","EnvEurope",3,3,0,2015,12,18,{"$nulls":8},"TEMP","DB","METH_1",11.887916770833334,"°C",null,"X"]
["METEO","LTER_EU_BE_02","INBO","HOE1","AIR","EnvEurope",3,3,0,2015,12,19,{"$nulls":8},"TEMP","DB","METH_1",12.768437395833331,"°C",null,"X"]
["METEO","LTER_EU_BE_02","INBO","HOE1","AIR","EnvEurope",3,3,0,2015,12,20,{"$nulls":8},"TEMP","DB","METH_1",12.008298958333334,"°C",null,"X"]
["METEO","LTER_EU_BE_02","INBO","HOE1","AIR","EnvEurope",3,3,0,2015,12,21,{"$nulls":8},"TEMP","DB","METH_1",10.76335004166667,"°C",null,"X"]
["METEO","LTER_EU_BE_02","INBO","HOE1","AIR","EnvEurope",3,3,0,2015,12,22,{"$nulls":8},"TEMP","DB","METH_1",12.084496458333335,"°C",null,"X"]
["METEO","LTER_EU_BE_02","INBO","HOE1","AIR","EnvEurope",3,3,0,2015,12,23,{"$nulls":8},"TEMP","DB","METH_1",10.41645819791667,"°C",null,"X"]
["METEO","LTER_EU_BE_02","INBO","HOE1","AIR","EnvEurope",3,3,0,2015,12,24,{"$nulls":8},"TEMP","DB","METH_1",10.302239135416665,"°C",null,"X"]
["METEO","LTER_EU_BE_02","INBO","HOE1","AIR","EnvEurope",3,3,0,2015,12,25,{"$nulls":8},"TEMP","DB","METH_1",9.807726093750002,"°C",null,"X"]
["METEO","LTER_EU_BE_02","INBO","HOE1","AIR","EnvEurope",3,3,0,2015,12,26,{"$nulls":8},"TEMP","DB","METH_1",12.099531250000005,"°C",null,"X"]
["METEO","LTER_EU_BE_02","INBO","HOE1","AIR","EnvEurope",3,3,0,2015,12,27,{"$nulls":8},"TEMP","DB","METH_1",10.669721749999999,"°C",null,"X"]
["METEO","LTER_EU_BE_02","INBO","HOE1","AIR","EnvEurope",3,3,0,2015,12,28,{"$nulls":8},"TEMP","DB","METH_1",7.983559187499999,"°C",null,"X"]
["METEO","LTER_EU_BE_02","INBO","HOE1","AIR","EnvEurope",3,3,0,2015,12,29,{"$nulls":8},"TEMP","DB","METH_1",8.735295083333332,"°C",null,"X"]
["METEO","LTER_EU_BE_02","INBO","HOE1","AIR","EnvEurope",3,3,0,2015,12,30,{"$nulls":8},"TEMP","DB","METH_1",7.41512129166667,"°C",null,"X"]
["METEO","LTER_EU_BE_02","INBO","HOE1","AIR","EnvEurope",3,3,0,2015,12,31,{"$nulls":8},"TEMP","DB","METH_1",8.299270968750005,"°C",null,"X"]
["METEO","LTER_EU_BE_02","INBO","HOE1","AIR","EnvEurope",3,3,0,2015,2,1,{"$nulls":8},"TEMP","DB","METH_1",1.8313888937499996,"°C",null,"X"]
["METEO","LTER_EU_BE_02","INBO","HOE1","AIR","EnvEurope",3,3,0,2015,2,2,{"$nulls":8},"TEMP","DB","METH_1",1.429427142604166,"°C",null,"X"]
["METEO","LTER_EU_BE_02","INBO","HOE1","AIR","EnvEurope",3,3,0,2015,2,3,{"$nulls":8},"TEMP","DB","METH_1",0.03815968971874994,"°C",null,"X"]
["METEO","LTER_EU_BE_02","INBO","HOE1","AIR","EnvEurope",3,3,0,2015,2,4,{"$nulls":8},"TEMP","DB","METH_1",0.42878476375000013,"°C",null,"X"]
["METEO","LTER_EU_BE_02","INBO","HOE1","AIR","EnvEurope",3,3,0,2015,2,5,{"$nulls":8},"TEMP","DB","METH_1",-1.2810069518749998,"°C",null,"X"]
["METEO","LTER_EU_BE_02","INBO","HOE1","AIR","EnvEurope",3,3,0,2015,2,6,{"$nulls":8},"TEMP","DB","METH_1",-0.6304687377083334,"°C",null,"X"]
["METEO","LTER_EU_BE_02","INBO","HOE1","AIR","EnvEurope",3,3,0,2015,2,7,{"$nulls":8},"TEMP","DB","METH_1",0.797465493645833,"°C",null,"X"]
["METEO","LTER_EU_BE_02","INBO","HOE1","AIR","EnvEurope",3,3,0,2015,2,8,{"$nulls":8},"TEMP","DB","METH_1",3.9462498132291652,"°C",null,"X"]
["METEO","LTER_EU_BE_02","INBO","HOE1","AIR","EnvEurope",3,3,0,2015,2,9,{"$nulls":8},"TEMP","DB","METH_1",2.8746528645833336,"°C",null,"X"]
["METEO","LTER_EU_BE_02","INBO","HOE1","AIR","EnvEurope",3,3,0,2015,2,10,{"$nulls":8},"TEMP","DB","METH_1",4.679739364583335,"°C",null,"X"]
["METEO","LTER_EU_BE_02","INBO","HOE1","AIR","EnvEurope",3,3,0,2015,2,11,{"$nulls":8},"TEMP","DB","METH_1",2.4641491631250023,"°C",null,"X"]
["METEO","LTER_EU_BE_02","INBO","HOE1","AIR","EnvEurope",3,3,0,2015,2,12,{"$nulls":8},"TEMP","DB","METH_1",0.396788153333333,"°C",null,"X"]
["METEO","LTER_EU_BE_02","INBO","HOE1","AIR","EnvEurope",3,3,0,2015,2,13,{"$nulls":8},"TEMP","DB","METH_1",4.557916564281249,"°C",null,"X"]
["METEO","LTER_EU_BE_02","INBO","HOE1","AIR","EnvEurope",3,3,0,2015,2,14,{"$nulls":8},"TEMP","DB","METH_1",6.776371249999998,"°C",null,"X"]
["METEO","LTER_EU_BE_02","INBO","HOE1","AIR","EnvEurope",3,3,0,2015,2,15,{"$nulls":8},"TEMP","DB","METH_1",4.719392527010416,"°C",null,"X"]
["METEO","LTER_EU_BE_02","INBO","HOE1","AIR","EnvEurope",3,3,0,2015,2,16,{"$nulls":8},"TEMP","DB","METH_1",1.3296008510416664,"°C",null,"X"]
["METEO","LTER_EU_BE_02","INBO","HOE1","AIR","EnvEurope",3,3,0,2015,2,17,{"$nulls":8},"TEMP","DB","METH_1",4.016510265312499,"°C",null,"X"]
["METEO","LTER_EU_BE_02","INBO","HOE1","AIR","EnvEurope",3,3,0,2015,2,18,{"$nulls":8},"TEMP","DB","METH_1",-0.16321189214583345,"°C",null,"X"]
["METEO","LTER_EU_BE_02","INBO","HOE1","AIR","EnvEurope",3,3,0,2015,2,19,{"$nulls":8},"TEMP","DB","METH_1",2.779149152395832,"°C",null,"X"]
["METEO","LTER_EU_BE_02","INBO","HOE1","AIR","EnvEurope",3,3,0,2015,2,20,{"$nulls":8},"TEMP","DB","METH_1",5.280017083333333,"°C",null,"X"]
["METEO","LTER_EU_BE_02","INBO","HOE1","AIR","EnvEurope",3,3,0,2015,2,21,{"$nulls":8},"TEMP","DB","METH_1",2.953697993749999,"°C",null,"X"]
["METEO","LTER_EU_BE_02","INBO","HOE1","AIR","EnvEurope",3,3,0,2015,2,22,{"$nulls":8},"TEMP","DB","METH_1",2.2922397536458337,"°C",null,"X"]
["METEO","LTER_EU_BE_02","INBO","HOE1","AIR","EnvEurope",3,3,0,2015,2,23,{"$nulls":8},"TEMP","DB","METH_1",4.917013927083333,"°C",null,"X"]
["METEO","LTER_EU_BE_02","INBO","HOE1","AIR","EnvEurope",3,3,0,2015,2,24,{"$nulls":8},"TEMP","DB","METH_1",4.70973975,"°C",null,"X"]
["METEO","LTER_EU_BE_02","INBO","HOE1","AIR","EnvEurope",3,3,0,2015,2,25,{"$nulls":8},"TEMP","DB","METH_1",3.3704859506250013,"°C",null,"X"]
["METEO","LTER_EU_BE_02","INBO","HOE1","AIR","EnvEurope",3,3,0,2015,2,26,{"$nulls":8},"TEMP","DB","METH_1",6.812586760416667,"°C",null,"X"]
["METEO","LTER_EU_BE_02","INBO","HOE1","AIR","EnvEurope",3,3,0,2015,2,27,{"$nulls":8},"TEMP","DB","METH_1",4.500347151041667,"°C",null,"X"]
["METEO","LTER_EU_BE_02","INBO","HOE1","AIR","EnvEurope",3,3,0,2015,2,28,{"$nulls":8},"TEMP","DB","METH_1",3.5717191510416675,"°C",null,"X"]
["METEO","LTER_EU_BE_02","INBO","HOE1","AIR","EnvEurope",3,3,0,2015,3,1,{"$nulls":8},"TEMP","DB","METH_1",8.300260354166667,"°C",null,"X"]
["METEO","LTER_EU_BE_02","INBO","HOE1","AIR","EnvEurope",3,3,0,2015,3,2,{"$nulls":8},"TEMP","DB","METH_1",5.74491309375,"°C",null,"X"]
["METEO","LTER_EU_BE_02","INBO","HOE1","AIR","EnvEurope",3,3,0,2015,3,3,{"$nulls":8},"TEMP","DB","METH_1",4.598333406250002,"°C",null,"X"]
["METEO","LTER_EU_BE_02","INBO","HOE1","AIR","EnvEurope",3,3,0,2015,3,4,{"$nulls":8},"TEMP","DB","METH_1",3.9905383375000003,"°C",null,"X"]
["METEO","LTER_EU_BE_02","INBO","HOE1","AIR","EnvEurope",3,3,0,2015,3,5,{"$nulls":8},"TEMP","DB","METH_1",3.3884373335416655,"°C",null,"X"]
["METEO","LTER_EU_BE_02","INBO","HOE1","AIR","EnvEurope",3,3,0,2015,3,6,{"$nulls":8},"TEMP","DB","METH_1",4.348211978854166,"°C",null,"X"]
["METEO","LTER_EU_BE_02","INBO","HOE1","AIR","EnvEurope",3,3,0,2015,3,7,{"$nulls":8},"TEMP","DB","METH_1",8.175937468750002,"°C",null,"X"]
["METEO","LTER_EU_BE_02","INBO","HOE1","AIR","EnvEurope",3,3,0,2015,3,8,{"$nulls":8},"TEMP","DB","METH_1",9.931302531250001,"°C",null,"X"]
["METEO","LTER_EU_BE_02","INBO","HOE1","AIR","EnvEurope",3,3,0,2015,3,9,{"$nulls":8},"TEMP","DB","METH_1",8.774982781249998,"°C",null,"X"]
["METEO","LTER_EU_BE_02","INBO","HOE1","AIR","EnvEurope",3,3,0,2015,3,10,{"$nulls":8},"TEMP","DB","METH_1",9.004289062500002,"°C",null,"X"]
["METEO","LTER_EU_BE_02","INBO","HOE1","AIR","EnvEurope",3,3,0,2015,3,11,{"$nulls":8},"TEMP","DB","METH_1",3.482343796979167,"°C",null,"X"]
["METEO","LTER_EU_BE_02","INBO","HOE1","AIR","EnvEurope",3,3,0,2015,3,12,{"$nulls":8},"TEMP","DB","METH_1",5.2683510596875,"°C",null,"X"]
["METEO","LTER_EU_BE_02","INBO","HOE1","AIR","EnvEurope",3,3,0,2015,3,13,{"$nulls":8},"TEMP","DB","METH_1",4.347083579208332,"°C",null,"X"]
["METEO","LTER_EU_BE_02","INBO","HOE1","AIR","EnvEurope",3,3,0,2015,3,14,{"$nulls":8},"TEMP","DB","METH_1",4.28897559375,"°C",null,"X"]
["METEO","LTER_EU_BE_02","INBO","HOE1","AIR","EnvEurope",3,3,0,2015,3,15,{"$nulls":8},"TEMP","DB","METH_1",4.888923572916666,"°C",null,"X"]
["METEO","LTER_EU_BE_02","INBO","HOE1","AIR","EnvEurope",3,3,0,2015,3,16,{"$nulls":8},"TEMP","DB","METH_1",4.577899481666669,"°C",null,"X"]
["METEO","LTER_EU_BE_02","INBO","HOE1","AIR","EnvEurope",3,3,0,2015,3,17,{"$nulls":8},"TEMP","DB","METH_1",7.9831076455208345,"°C",null,"X"]
["METEO","LTER_EU_BE_02","INBO","HOE1","AIR","EnvEurope",3,3,0,2015,3,18,{"$nulls":8},"TEMP","DB","METH_1",6.207812447916665,"°C",null,"X"]
["METEO","LTER_EU_BE_02","INBO","HOE1","AIR","EnvEurope",3,3,0,2015,3,19,{"$nulls":8},"TEMP","DB","METH_1",5.894200927083332,"°C",null,"X"]
["METEO","LTER_EU_BE_02","INBO","HOE1","AIR","EnvEurope",3,3,0,2015,3,20,{"$nulls":8},"TEMP","DB","METH_1",6.166856895833331,"°C",null,"X"]
["METEO","LTER_EU_BE_02","INBO","HOE1","AIR","EnvEurope",3,3,0,2015,3,21,{"$nulls":8},"TEMP","DB","METH_1",5.781632104166665,"°C",null,"X"]
["METEO","LTER_EU_BE_02","INBO","HOE1","AIR","EnvEurope",3,3,0,2015,3,22,{"$nulls":8},"TEMP","DB","METH_1",4.389201354166665,"°C",null,"X"]
["METEO","LTER_EU_BE_02","INBO","HOE1","AIR","EnvEurope",3,3,0,2015,3,23,{"$nulls":8},"TEMP","DB","METH_1",3.8631427227083326,"°C",null,"X"]
["METEO","LTER_EU_BE_02","INBO","HOE1","AIR","EnvEurope",3,3,0,2015,3,24,{"$nulls":8},"TEMP","DB","METH_1",4.348037990416666,"°C",null,"X"]
["METEO","LTER_EU_BE_02","INBO","HOE1","AIR","EnvEurope",3,3,0,2015,3,25,{"$nulls":8},"TEMP","DB","METH_1",4.943247083333333,"°C",null,"X"]
["METEO","LTER_EU_BE_02","INBO","HOE1","AIR","EnvEurope",3,3,0,2015,3,26,{"$nulls":8},"TEMP","DB","METH_1",3.2690101922604167,"°C",null,"X"]
["METEO","LTER_EU_BE_02","INBO","HOE1","AIR","EnvEurope",3,3,0,2015,3,27,{"$nulls":8},"TEMP","DB","METH_1",5.613888602083333,"°C",null,"X"]
["METEO","LTER_EU_BE_02","INBO","HOE1","AIR","EnvEurope",3,3,0,2015,3,28,{"$nulls":8},"TEMP","DB","METH_1",7.190225561562499,"°C",null,"X"]
["METEO","LTER_EU_BE_02","INBO","HOE1","AIR","EnvEurope",3,3,0,2015,3,29,{"$nulls":8},"TEMP","DB","METH_1",10.017326437500001,"°C",null,"X"]
["METEO","LTER_EU_BE_02","INBO","HOE1","AIR","EnvEurope",3,3,0,2015,3,30,{"$nulls":8},"TEMP","DB","METH_1",7.960069541666669,"°C",null,"X"]
["METEO","LTER_EU_BE_02","INBO","HOE1","AIR","EnvEurope",3,3,0,2015,3,31,{"$nulls":8},"TEMP","DB","METH_1",9.894131624999998,"°C",null,"X"]
["METEO","LTER_EU_BE_02","INBO","HOE1","AIR","EnvEurope",3,3,0,2015,4,1,{"$nulls":8},"TEMP","DB","METH_1",6.938750614583335,"°C",null,"X"]
["METEO","LTER_EU_BE_02","INBO","HOE1","AIR","EnvEurope",3,3,0,2015,4,2,{"$nulls":8},"TEMP","DB","METH_1",6.245034561458334,"°C",null,"X"]
["METEO","LTER_EU_BE_02","INBO","HOE1","AIR","EnvEurope",3,3,0,2015,4,3,{"$nulls":8},"TEMP","DB","METH_1",4.466302077010416,"°C",null,"X"]
["METEO","LTER_EU_BE_02","INBO","HOE1","AIR","EnvEurope",3,3,0,2015,4,4,{"$nulls":8},"TEMP","DB","METH_1",5.361979302083333,"°C",null,"X"]
["METEO","LTER_EU_BE_02","INBO","HOE1","AIR","EnvEurope",3,3,0,2015,4,5,{"$nulls":8},"TEMP","DB","METH_1",4.969322847499998,"°C",null,"X"]
["METEO","LTER_EU_BE_02","INBO","HOE1","AIR","EnvEurope",3,3,0,2015,4,6,{"$nulls":8},"TEMP","DB","METH_1",4.1524998969375,"°C",null,"X"]
["METEO","LTER_EU_BE_02","INBO","HOE1","AIR","EnvEurope",3,3,0,2015,4,7,{"$nulls":8},"TEMP","DB","METH_1",6.188975346770834,"°C",null,"X"]
["METEO","LTER_EU_BE_02","INBO","HOE1","AIR","EnvEurope",3,3,0,2015,4,8,{"$nulls":8},"TEMP","DB","METH_1",7.351354064583336,"°C",null,"X"]
["METEO","LTER_EU_BE_02","INBO","HOE1","AIR","EnvEurope",3,3,0,2015,4,9,{"$nulls":8},"TEMP","DB","METH_1",10.668003520833336,"°C",null,"X"]
["METEO","LTER_EU_BE_02","INBO","HOE1","AIR","EnvEurope",3,3,0,2015,4,10,{"$nulls":8},"TEMP","DB","METH_1",13.386544843750004,"°C",null,"X"]
["METEO","LTER_EU_BE_02","INBO","HOE1","AIR","EnvEurope",3,3,0,2015,4,11,{"$nulls":8},"TEMP","DB","METH_1",10.988333520833342,"°C",null,"X"]
["METEO","LTER_EU_BE_02","INBO","HOE1","AIR","EnvEurope",3,3,0,2015,4,12,{"$nulls":8},"TEMP","DB","METH_1",9.85585034375,"°C",null,"X"]
["METEO","LTER_EU_BE_02","INBO","HOE1","AIR","EnvEurope",3,3,0,2015,4,13,{"$nulls":8},"TEMP","DB","METH_1",9.91376640625,"°C",null,"X"]
["METEO","LTER_EU_BE_02","INBO","HOE1","AIR","EnvEurope",3,3,0,2015,4,14,{"$nulls":8},"TEMP","DB","METH_1",13.357778229166664,"°C",null,"X"]
["METEO","LTER_EU_BE_02","INBO","HOE1","AIR","EnvEurope",3,3,0,2015,4,15,{"$nulls":8},"TEMP","DB","METH_1",15.848038312499993,"°C",null,"X"]
["METEO","LTER_EU_BE_02","INBO","HOE1","AIR","EnvEurope",3,3,0,2015,4,16,{"$nulls":8},"TEMP","DB","METH_1",13.112047854166663,"°C",null,"X"]
["METEO","LTER_EU_BE_02","INBO","HOE1","AIR","EnvEurope",3,3,0,2015,4,17,{"$nulls":8},"TEMP","DB","METH_1",10.234860614583337,"°C",null,"X"]
["METEO","LTER_EU_BE_02","INBO","HOE1","AIR","EnvEurope",3,3,0,2015,4,18,{"$nulls":8},"TEMP","DB","METH_1",8.984079468749997,"°C",null,"X"]
["METEO","LTER_EU_BE_02","INBO","HOE1","AIR","EnvEurope",3,3,0,2015,4,19,{"$nulls":8},"TEMP","DB","METH_1",9.197656375,"°C",null,"X"]
["METEO","LTER_EU_BE_02","INBO","HOE1","AIR","EnvEurope",3,3,0,2015,4,20,{"$nulls":8},"TEMP","DB","METH_1",11.59640607291667,"°C",null,"X"]
["METEO","LTER_EU_BE_02","INBO","HOE1","AIR","EnvEurope",3,3,0,2015,4,21,{"$nulls":8},"TEMP","DB","METH_1",12.558732260416669,"°C",null,"X"]
["METEO","LTER_EU_BE_02","INBO","HOE1","AIR","EnvEurope",3,3,0,2015,4,22,{"$nulls":8},"TEMP","DB","METH_1",9.56192746875,"°C",null,"X"]
["METEO","LTER_EU_BE_02","INBO","HOE1","AIR","EnvEurope",3,3,0,2015,4,23,{"$nulls":8},"TEMP","DB","METH_1",9.542447374999998,"°C",null,"X"]
["METEO","LTER_EU_BE_02","INBO","HOE1","AIR","EnvEurope",3,3,0,2015,4,24,{"$nulls":8},"TEMP","DB","METH_1",13.590208604166667,"°C",null,"X"]
["METEO","LTER_EU_BE_02","INBO","HOE1","AIR","EnvEurope",3,3,0,2015,4,25,{"$nulls":8},"TEMP","DB","METH_1",12.783264093749999,"°C",null,"X"]
["METEO","LTER_EU_BE_02","INBO","HOE1","AIR","EnvEurope",3,3,0,2015,4,26,{"$nulls":8},"TEMP","DB","METH_1",12.417153333333326,"°C",null,"X"]
["METEO","LTER_EU_BE_02","INBO","HOE1","AIR","EnvEurope",3,3,0,2015,4,27,{"$nulls":8},"TEMP","DB","METH_1",9.491805541666663,"°C",null,"X"]
["METEO","LTER_EU_BE_02","INBO","HOE1","AIR","EnvEurope",3,3,0,2015,4,28,{"$nulls":8},"TEMP","DB","METH_1",6.854756848333335,"°C",null,"X"]
["METEO","LTER_EU_BE_02","INBO","HOE1","AIR","EnvEurope",3,3,0,2015,4,29,{"$nulls":8},"TEMP","DB","METH_1",8.3002943396875,"°C",null,"X"]
["METEO","LTER_EU_BE_02","INBO","HOE1","AIR","EnvEurope",3,3,0,2015,4,30,{"$nulls":8},"TEMP","DB","METH_1",8.808194489583336,"°C",null,"X"]
["METEO","LTER_EU_BE_02","INBO","HOE1","AIR","EnvEurope",3,3,0,2015,5,1,{"$nulls":8},"TEMP","DB","METH_1",7.868593364583334,"°C",null,"X"]
["METEO","LTER_EU_BE_02","INBO","HOE1","AIR","EnvEurope",3,3,0,2015,5,2,{"$nulls":8},"TEMP","DB","METH_1",11.201440760416665,"°C",null,"X"]
["METEO","LTER_EU_BE_02","INBO","HOE1","AIR","EnvEurope",3,3,0,2015,5,3,{"$nulls":8},"TEMP","DB","METH_1",13.396770729166667,"°C",null,"X"]
["METEO","LTER_EU_BE_02","INBO","HOE1","AIR","EnvEurope",3,3,0,2015,5,4,{"$nulls":8},"TEMP","DB","METH_1",15.022170104166664,"°C",null,"X"]
["METEO","LTER_EU_BE_02","INBO","HOE1","AIR","EnvEurope",3,3,0,2015,5,5,{"$nulls":8},"TEMP","DB","METH_1",16.151719583333342,"°C",null,"X"]
["METEO","LTER_EU_BE_02","INBO","HOE1","AIR","EnvEurope",3,3,0,2015,5,6,{"$nulls":8},"TEMP","DB","METH_1",12.378853447916669,"°C",null,"X"]
["METEO","LTER_EU_BE_02","INBO","HOE1","AIR","EnvEurope",3,3,0,2015,5,7,{"$nulls":8},"TEMP","DB","METH_1",11.453263843750001,"°C",null,"X"]
["METEO","LTER_EU_BE_02","INBO","HOE1","AIR","EnvEurope",3,3,0,2015,5,8,{"$nulls":8},"TEMP","DB","METH_1",14.35878477083334,"°C",null,"X"]
["METEO","LTER_EU_BE_02","INBO","HOE1","AIR","EnvEurope",3,3,0,2015,5,9,{"$nulls":8},"TEMP","DB","METH_1",14.884584687499995,"°C",null,"X"]
["METEO","LTER_EU_BE_02","INBO","HOE1","AIR","EnvEurope",3,3,0,2015,5,10,{"$nulls":8},"TEMP","DB","METH_1",14.041198552083328,"°C",null,"X"]
["METEO","LTER_EU_BE_02","INBO","HOE1","AIR","EnvEurope",3,3,0,2015,5,11,{"$nulls":8},"TEMP","DB","METH_1",17.491458,"°C",null,"X"]
["METEO","LTER_EU_BE_02","INBO","HOE1","AIR","EnvEurope",3,3,0,2015,5,12,{"$nulls":8},"TEMP","DB","METH_1",15.200885135416675,"°C",null,"X"]
["METEO","LTER_EU_BE_02","INBO","HOE1","AIR","EnvEurope",3,3,0,2015,5,13,{"$nulls":8},"TEMP","DB","METH_1",12.687829312500002,"°C",null,"X"]
["METEO","LTER_EU_BE_02","INBO","HOE1","AIR","EnvEurope",3,3,0,2015,5,14,{"$nulls":8},"TEMP","DB","METH_1",10.193975677083335,"°C",null,"X"]
["METEO","LTER_EU_BE_02","INBO","HOE1","AIR","EnvEurope",3,3,0,2015,5,15,{"$nulls":8},"TEMP","DB","METH_1",11.442031218749996,"°C",null,"X"]
["METEO","LTER_EU_BE_02","INBO","HOE1","AIR","EnvEurope",3,3,0,2015,5,16,{"$nulls":8},"TEMP","DB","METH_1",9.614601125,"°C",null,"X"]
["METEO","LTER_EU_BE_02","INBO","HOE1","AIR","EnvEurope",3,3,0,2015,5,17,{"$nulls":8},"TEMP","DB","METH_1",11.648507083333334,"°C",null,"X"]
["METEO","LTER_EU_BE_02","INBO","HOE1","AIR","EnvEurope",3,3,0,2015,5,18,{"$nulls":8},"TEMP","DB","METH_1",10.813593239583335,"°C",null,"X"]
["METEO","LTER_EU_BE_02","INBO","HOE1","AIR","EnvEurope",3,3,0,2015,5,19,{"$nulls":8},"TEMP","DB","METH_1",9.172378687499997,"°C",null,"X"]
["METEO","LTER_EU_BE_02","INBO","HOE1","AIR","EnvEurope",3,3,0,2015,5,20,{"$nulls":8},"TEMP","DB","METH_1",9.322708197916667,"°C",null,"X"]
["METEO","LTER_EU_BE_02","INBO","HOE1","AIR","EnvEurope",3,3,0,2015,5,21,{"$nulls":8},"TEMP","DB","METH_1",10.895572791666666,"°C",null,"X"]
["METEO","LTER_EU_BE_02","INBO","HOE1","AIR","EnvEurope",3,3,0,2015,5,22,{"$nulls":8},"TEMP","DB","METH_1",13.622829499999996,"°C",null,"X"]
["METEO","LTER_EU_BE_02","INBO","HOE1","AIR","EnvEurope",3,3,0,2015,5,23,{"$nulls":8},"TEMP","DB","METH_1",13.876491416666667,"°C",null,"X"]
["METEO","LTER_EU_BE_02","INBO","HOE1","AIR","EnvEurope",3,3,0,2015,5,24,{"$nulls":8},"TEMP","DB","METH_1",13.211718885416671,"°C",null,"X"]
["METEO","LTER_EU_BE_02","INBO","HOE1","AIR","EnvEurope",3,3,0,2015,5,25,{"$nulls":8},"TEMP","DB","METH_1",13.091632354166665,"°C",null,"X"]
["METEO","LTER_EU_BE_02","INBO","HOE1","AIR","EnvEurope",3,3,0,2015,5,26,{"$nulls":8},"TEMP","DB","METH_1",11.394843843750003,"°C",null,"X"]
["METEO","LTER_EU_BE_02","INBO","HOE1","AIR","EnvEurope",3,3,0,2015,5,27,{"$nulls":8},"TEMP","DB","METH_1",13.326457489583328,"°C",null,"X"]
["METEO","LTER_EU_BE_02","INBO","HOE1","AIR","EnvEurope",3,3,0,2015,5,28,{"$nulls":8},"TEMP","DB","METH_1",14.065885520833334,"°C",null,"X"]
["METEO","LTER_EU_BE_02","INBO","HOE1","AIR","EnvEurope",3,3,0,2015,5,29,{"$nulls":8},"TEMP","DB","METH_1",10.513593520833332,"°C",null,"X"]
["METEO","LTER_EU_BE_02","INBO","HOE1","AIR","EnvEurope",3,3,0,2015,5,30,{"$nulls":8},"TEMP","DB","METH_1",10.822204354166665,"°C",null,"X"]
["METEO","LTER_EU_BE_02","INBO","HOE1","AIR","EnvEurope",3,3,0,2015,5,31,{"$nulls":8},"TEMP","DB","METH_1",12.588074114583334,"°C",null,"X"]
["METEO","LTER_EU_BE_02","INBO","HOE1","AIR","EnvEurope",3,3,0,2015,6,1,{"$nulls":8},"TEMP","DB","METH_1",12.229669947916664,"°C",null,"X"]
["METEO","LTER_EU_BE_02","INBO","HOE1","AIR","EnvEurope",3,3,0,2015,6,2,{"$nulls":8},"TEMP","DB","METH_1",14.968107916666666,"°C",null,"X"]
["METEO","LTER_EU_BE_02","INBO","HOE1","AIR","EnvEurope",3,3,0,2015,6,3,{"$nulls":8},"TEMP","DB","METH_1",14.792534791666668,"°C",null,"X"]
["METEO","LTER_EU_BE_02","INBO","HOE1","AIR","EnvEurope",3,3,0,2015,6,4,{"$nulls":8},"TEMP","DB","METH_1",15.21583329166667,"°C",null,"X"]
["METEO","LTER_EU_BE_02","INBO","HOE1","AIR","EnvEurope",3,3,0,2015,6,5,{"$nulls":8},"TEMP","DB","METH_1",20.291475729166667,"°C",null,"X"]
["METEO","LTER_EU_BE_02","INBO","HOE1","AIR","EnvEurope",3,3,0,2015,6,6,{"$nulls":8},"TEMP","DB","METH_1",15.451440729166675,"°C",null,"X"]
["METEO","LTER_EU_BE_02","INBO","HOE1","AIR","EnvEurope",3,3,0,2015,6,7,{"$nulls":8},"TEMP","DB","METH_1",13.328542083333332,"°C",null,"X"]
["METEO","LTER_EU_BE_02","INBO","HOE1","AIR","EnvEurope",3,3,0,2015,6,8,{"$nulls":8},"TEMP","DB","METH_1",12.68826389583333,"°C",null,"X"]
["METEO","LTER_EU_BE_02","INBO","HOE1","AIR","EnvEurope",3,3,0,2015,6,9,{"$nulls":8},"TEMP","DB","METH_1",11.996336510416674,"°C",null,"X"]
["METEO","LTER_EU_BE_02","INBO","HOE1","AIR","EnvEurope",3,3,0,2015,6,10,{"$nulls":8},"TEMP","DB","METH_1",15.190190958333341,"°C",null,"X"]
["METEO","LTER_EU_BE_02","INBO","HOE1","AIR","EnvEurope",3,3,0,2015,6,11,{"$nulls":8},"TEMP","DB","METH_1",18.644409062499996,"°C",null,"X"]
["METEO","LTER_EU_BE_02","INBO","HOE1","AIR","EnvEurope",3,3,0,2015,6,12,{"$nulls":8},"TEMP","DB","METH_1",21.502620520833336,"°C",null,"X"]
["METEO","LTER_EU_BE_02","INBO","HOE1","AIR","EnvEurope",3,3,0,2015,6,13,{"$nulls":8},"TEMP","DB","METH_1",17.523419791666672,"°C",null,"X"]
["METEO","LTER_EU_BE_02","INBO","HOE1","AIR","EnvEurope",3,3,0,2015,6,14,{"$nulls":8},"TEMP","DB","METH_1",15.97446344791666,"°C",null,"X"]
["METEO","LTER_EU_BE_02","INBO","HOE1","AIR","EnvEurope",3,3,0,2015,6,15,{"$nulls":8},"TEMP","DB","METH_1",14.991527916666664,"°C",null,"X"]
["METEO","LTER_EU_BE_02","INBO","HOE1","AIR","EnvEurope",3,3,0,2015,6,16,{"$nulls":8},"TEMP","DB","METH_1",13.371718343750004,"°C",null,"X"]
["METEO","LTER_EU_BE_02","INBO","HOE1","AIR","EnvEurope",3,3,0,2015,6,17,{"$nulls":8},"TEMP","DB","METH_1",15.309253760416665,"°C",null,"X"]
["METEO","LTER_EU_BE_02","INBO","HOE1","AIR","EnvEurope",3,3,0,2015,6,18,{"$nulls":8},"TEMP","DB","METH_1",15.157881364583334,"°C",null,"X"]
["METEO","LTER_EU_BE_02","INBO","HOE1","AIR","EnvEurope",3,3,0,2015,6,19,{"$nulls":8},"TEMP","DB","METH_1",13.320347260416666,"°C",null,"X"]
["METEO","LTER_EU_BE_02","INBO","HOE1","AIR","EnvEurope",3,3,0,2015,6,20,{"$nulls":8},"TEMP","DB","METH_1",13.809548020833326,"°C",null,"X"]
["METEO","LTER_EU_BE_02","INBO","HOE1","AIR","EnvEurope",3,3,0,2015,6,21,{"$nulls":8},"TEMP","DB","METH_1",15.835000416666672,"°C",null,"X"]
["METEO","LTER_EU_BE_02","INBO","HOE1","AIR","EnvEurope",3,3,0,2015,6,22,{"$nulls":8},"TEMP","DB","METH_1",11.505746552083332,"°C",null,"X"]
["METEO","LTER_EU_BE_02","INBO","HOE1","AIR","EnvEurope",3,3,0,2015,6,23,{"$nulls":8},"TEMP","DB","METH_1",13.003784927083332,"°C",null,"X"]
["METEO","LTER_EU_BE_02","INBO","HOE1","AIR","EnvEurope",3,3,0,2015,6,24,{"$nulls":8},"TEMP","DB","METH_1",14.698629343749998,"°C",null,"X"]
["METEO","LTER_EU_BE_02","INBO","HOE1","AIR","EnvEurope",3,3,0,2015,6,25,{"$nulls":8},"TEMP","DB","METH_1",17.235189791666667,"°C",null,"X"]
["METEO","LTER_EU_BE_02","INBO","HOE1","AIR","EnvEurope",3,3,0,2015,6,26,{"$nulls":8},"TEMP","DB","METH_1",19.8422396875,"°C",null,"X"]
["METEO","LTER_EU_BE_02","INBO","HOE1","AIR","EnvEurope",3,3,0,2015,6,27,{"$nulls":8},"TEMP","DB","METH_1",18.042275000000004,"°C",null,"X"]
["METEO","LTER_EU_BE_02","INBO","HOE1","AIR","EnvEurope",3,3,0,2015,6,28,{"$nulls":8},"TEMP","DB","METH_1",17.65117971875,"°C",null,"X"]
["METEO","LTER_EU_BE_02","INBO","HOE1","AIR","EnvEurope",3,3,0,2015,6,29,{"$nulls":8},"TEMP","DB","METH_1",18.541128854166658,"°C",null,"X"]
["METEO","LTER_EU_BE_02","INBO","HOE1","AIR","EnvEurope",3,3,0,2015,6,30,{"$nulls":8},"TEMP","DB","METH_1",20.172812812500002,"°C",null,"X"]
["METEO","LTER_EU_BE_02","INBO","HOE1","AIR","EnvEurope",3,3,0,2015,7,1,{"$nulls":8},"TEMP","DB","METH_1",24.285486770833334,"°C",null,"X"]
["METEO","LTER_EU_BE_02","INBO","HOE1","AIR","EnvEurope",3,3,0,2015,7,2,{"$nulls":8},"TEMP","DB","METH_1",24.385798645833336,"°C",null,"X"]
["METEO","LTER_EU_BE_02","INBO","HOE1","AIR","EnvEurope",3,3,0,2015,7,3,{"$nulls":8},"TEMP","DB","METH_1",24.171875416666662,"°C",null,"X"]
["METEO","LTER_EU_BE_02","INBO","HOE1","AIR","EnvEurope",3,3,0,2015,7,4,{"$nulls":8},"TEMP","DB","METH_1",26.473331666666663,"°C",null,"X"]
["METEO","LTER_EU_BE_02","INBO","HOE1","AIR","EnvEurope",3,3,0,2015,7,5,{"$nulls":8},"TEMP","DB","METH_1",20.050591354166666,"°C",null,"X"]
["METEO","LTER_EU_BE_02","INBO","HOE1","AIR","EnvEurope",3,3,0,2015,7,6,{"$nulls":8},"TEMP","DB","METH_1",18.256771666666662,"°C",null,"X"]
["METEO","LTER_EU_BE_02","INBO","HOE1","AIR","EnvEurope",3,3,0,2015,7,7,{"$nulls":8},"TEMP","DB","METH_1",18.71022739583334,"°C",null,"X"]
["METEO","LTER_EU_BE_02","INBO","HOE1","AIR","EnvEurope",3,3,0,2015,7,8,{"$nulls":8},"TEMP","DB","METH_1",14.989235625,"°C",null,"X"]
["METEO","LTER_EU_BE_02","INBO","HOE1","AIR","EnvEurope",3,3,0,2015,7,9,{"$nulls":8},"TEMP","DB","METH_1",14.934965843749987,"°C",null,"X"]
["METEO","LTER_EU_BE_02","INBO","HOE1","AIR","EnvEurope",3,3,0,2015,7,10,{"$nulls":8},"TEMP","DB","METH_1",15.748853895833333,"°C",null,"X"]
["METEO","LTER_EU_BE_02","INBO","HOE1","AIR","EnvEurope",3,3,0,2015,7,11,{"$nulls":8},"TEMP","DB","METH_1",19.96498229166666,"°C",null,"X"]
["METEO","LTER_EU_BE_02","INBO","HOE1","AIR","EnvEurope",3,3,0,2015,7,12,{"$nulls":8},"TEMP","DB","METH_1",15.912550729166659,"°C",null,"X"]
["METEO","LTER_EU_BE_02","INBO","HOE1","AIR","EnvEurope",3,3,0,2015,7,13,{"$nulls":8},"TEMP","DB","METH_1",16.42361197916667,"°C",null,"X"]
["METEO","LTER_EU_BE_02","INBO","HOE1","AIR","EnvEurope",3,3,0,2015,7,14,{"$nulls":8},"TEMP","DB","METH_1",17.82154375,"°C",null,"X"]
["METEO","LTER_EU_BE_02","INBO","HOE1","AIR","EnvEurope",3,3,0,2015,7,15,{"$nulls":8},"TEMP","DB","METH_1",17.75515583333334,"°C",null,"X"]
["METEO","LTER_EU_BE_02","INBO","HOE1","AIR","EnvEurope",3,3,0,2015,7,16,{"$nulls":8},"TEMP","DB","METH_1",21.360017395833335,"°C",null,"X"]
["METEO","LTER_EU_BE_02","INBO","HOE1","AIR","EnvEurope",3,3,0,2015,7,17,{"$nulls":8},"TEMP","DB","METH_1",23.81850635416667,"°C",null,"X"]
["METEO","LTER_EU_BE_02","INBO","HOE1","AIR","EnvEurope",3,3,0,2015,7,18,{"$nulls":8},"TEMP","DB","METH_1",18.983662604166664,"°C",null,"X"]
["METEO","LTER_EU_BE_02","INBO","HOE1","AIR","EnvEurope",3,3,0,2015,7,19,{"$nulls":8},"TEMP","DB","METH_1",17.336962291666662,"°C",null,"X"]
["METEO","LTER_EU_BE_02","INBO","HOE1","AIR","EnvEurope",3,3,0,2015,7,20,{"$nulls":8},"TEMP","DB","METH_1",18.559650520833333,"°C",null,"X"]
["METEO","LTER_EU_BE_02","INBO","HOE1","AIR","EnvEurope",3,3,0,2015,7,21,{"$nulls":8},"TEMP","DB","METH_1",21.06437552083333,"°C",null,"X"]
["METEO","LTER_EU_BE_02","INBO","HOE1","AIR","EnvEurope",3,3,0,2015,7,22,{"$nulls":8},"TEMP","DB","METH_1",19.616526874999995,"°C",null,"X"]
["METEO","LTER_EU_BE_02","INBO","HOE1","AIR","EnvEurope",3,3,0,2015,7,23,{"$nulls":8},"TEMP","DB","METH_1",17.205086770833336,"°C",null,"X"]
["METEO","LTER_EU_BE_02","INBO","HOE1","AIR","EnvEurope",3,3,0,2015,7,24,{"$nulls":8},"TEMP","DB","METH_1",18.881146666666663,"°C",null,"X"]
["METEO","LTER_EU_BE_02","INBO","HOE1","AIR","EnvEurope",3,3,0,2015,7,25,{"$nulls":8},"TEMP","DB","METH_1",14.46937447916667,"°C",null,"X"]
["METEO","LTER_EU_BE_02","INBO","HOE1","AIR","EnvEurope",3,3,0,2015,7,26,{"$nulls":8},"TEMP","DB","METH_1",13.296059114583336,"°C",null,"X"]
["METEO","LTER_EU_BE_02","INBO","HOE1","AIR","EnvEurope",3,3,0,2015,7,27,{"$nulls":8},"TEMP","DB","METH_1",15.98974,"°C",null,"X"]
["METEO","LTER_EU_BE_02","INBO","HOE1","AIR","EnvEurope",3,3,0,2015,7,28,{"$nulls":8},"TEMP","DB","METH_1",14.663523958333329,"°C",null,"X"]
["METEO","LTER_EU_BE_02","INBO","HOE1","AIR","EnvEurope",3,3,0,2015,7,29,{"$nulls":8},"TEMP","DB","METH_1",14.566440520833332,"°C",null,"X"]
["METEO","LTER_EU_BE_02","INBO","HOE1","AIR","EnvEurope",3,3,0,2015,7,30,{"$nulls":8},"TEMP","DB","METH_1",12.856510166666668,"°C",null,"X"]
["METEO","LTER_EU_BE_02","INBO","HOE1","AIR","EnvEurope",3,3,0,2015,7,31,{"$nulls":8},"TEMP","DB","METH_1",13.157187614583338,"°C",null,"X"]
["METEO","LTER_EU_BE_02","INBO","HOE1","AIR","EnvEurope",3,3,0,2015,8,1,{"$nulls":8},"TEMP","DB","METH_1",15.943992572916665,"°C",null,"X"]
["METEO","LTER_EU_BE_02","INBO","HOE1","AIR","EnvEurope",3,3,0,2015,8,2,{"$nulls":8},"TEMP","DB","METH_1",17.52598926041667,"°C",null,"X"]
["METEO","LTER_EU_BE_02","INBO","HOE1","AIR","EnvEurope",3,3,0,2015,8,3,{"$nulls":8},"TEMP","DB","METH_1",22.03288114583334,"°C",null,"X"]
["METEO","LTER_EU_BE_02","INBO","HOE1","AIR","EnvEurope",3,3,0,2015,8,4,{"$nulls":8},"TEMP","DB","METH_1",17.58493020833333,"°C",null,"X"]
["METEO","LTER_EU_BE_02","INBO","HOE1","AIR","EnvEurope",3,3,0,2015,8,5,{"$nulls":8},"TEMP","DB","METH_1",18.33461897916666,"°C",null,"X"]
["METEO","LTER_EU_BE_02","INBO","HOE1","AIR","EnvEurope",3,3,0,2015,8,6,{"$nulls":8},"TEMP","DB","METH_1",20.672778125000004,"°C",null,"X"]
["METEO","LTER_EU_BE_02","INBO","HOE1","AIR","EnvEurope",3,3,0,2015,8,7,{"$nulls":8},"TEMP","DB","METH_1",20.76538125,"°C",null,"X"]
["METEO","LTER_EU_BE_02","INBO","HOE1","AIR","EnvEurope",3,3,0,2015,8,8,{"$nulls":8},"TEMP","DB","METH_1",19.740659895833332,"°C",null,"X"]
["METEO","LTER_EU_BE_02","INBO","HOE1","AIR","EnvEurope",3,3,0,2015,8,9,{"$nulls":8},"TEMP","DB","METH_1",17.539843020833327,"°C",null,"X"]
["METEO","LTER_EU_BE_02","INBO","HOE1","AIR","EnvEurope",3,3,0,2015,8,10,{"$nulls":8},"TEMP","DB","METH_1",18.8106434375,"°C",null,"X"]
["METEO","LTER_EU_BE_02","INBO","HOE1","AIR","EnvEurope",3,3,0,2015,8,11,{"$nulls":8},"TEMP","DB","METH_1",19.55915010416666,"°C",null,"X"]
["METEO","LTER_EU_BE_02","INBO","HOE1","AIR","EnvEurope",3,3,0,2015,8,12,{"$nulls":8},"TEMP","DB","METH_1",21.83789979166667,"°C",null,"X"]
["METEO","LTER_EU_BE_02","INBO","HOE1","AIR","EnvEurope",3,3,0,2015,8,13,{"$nulls":8},"TEMP","DB","METH_1",22.202621770833332,"°C",null,"X"]
["METEO","LTER_EU_BE_02","INBO","HOE1","AIR","EnvEurope",3,3,0,2015,8,14,{"$nulls":8},"TEMP","DB","METH_1",20.579983020833332,"°C",null,"X"]
["METEO","LTER_EU_BE_02","INBO","HOE1","AIR","EnvEurope",3,3,0,2015,8,15,{"$nulls":8},"TEMP","DB","METH_1",16.404861770833335,"°C",null,"X"]
["METEO","LTER_EU_BE_02","INBO","HOE1","AIR","EnvEurope",3,3,0,2015,8,16,{"$nulls":8},"TEMP","DB","METH_1",16.47510375,"°C",null,"X"]
["METEO","LTER_EU_BE_02","INBO","HOE1","AIR","EnvEurope",3,3,0,2015,8,17,{"$nulls":8},"TEMP","DB","METH_1",13.744914375,"°C",null,"X"]
["METEO","LTER_EU_BE_02","INBO","HOE1","AIR","EnvEurope",3,3,0,2015,8,18,{"$nulls":8},"TEMP","DB","METH_1",13.863264375000002,"°C",null,"X"]
["METEO","LTER_EU_BE_02","INBO","HOE1","AIR","EnvEurope",3,3,0,2015,8,19,{"$nulls":8},"TEMP","DB","METH_1",16.72246583333333,"°C",null,"X"]
["METEO","LTER_EU_BE_02","INBO","HOE1","AIR","EnvEurope",3,3,0,2015,8,20,{"$nulls":8},"TEMP","DB","METH_1",16.820607499999998,"°C",null,"X"]
["METEO","LTER_EU_BE_02","INBO","HOE1","AIR","EnvEurope",3,3,0,2015,8,21,{"$nulls":8},"TEMP","DB","METH_1",18.778835729166666,"°C",null,"X"]
["METEO","LTER_EU_BE_02","INBO","HOE1","AIR","EnvEurope",3,3,0,2015,8,22,{"$nulls":8},"TEMP","DB","METH_1",20.223992499999994,"°C",null,"X"]
["METEO","LTER_EU_BE_02","INBO","HOE1","AIR","EnvEurope",3,3,0,2015,8,23,{"$nulls":8},"TEMP","DB","METH_1",18.02906302083333,"°C",null,"X"]
["METEO","LTER_EU_BE_02","INBO","HOE1","AIR","EnvEurope",3,3,0,2015,8,24,{"$nulls":8},"TEMP","DB","METH_1",16.226579791666666,"°C",null,"X"]
["METEO","LTER_EU_BE_02","INBO","HOE1","AIR","EnvEurope",3,3,0,2015,8,25,{"$nulls":8},"TEMP","DB","METH_1",16.04380125,"°C",null,"X"]
["METEO","LTER_EU_BE_02","INBO","HOE1","AIR","EnvEurope",3,3,0,2015,8,26,{"$nulls":8},"TEMP","DB","METH_1",20.665450833333338,"°C",null,"X"]
["METEO","LTER_EU_BE_02","INBO","HOE1","AIR","EnvEurope",3,3,0,2015,8,27,{"$nulls":8},"TEMP","DB","METH_1",15.261023750000005,"°C",null,"X"]
["METEO","LTER_EU_BE_02","INBO","HOE1","AIR","EnvEurope",3,3,0,2015,8,28,{"$nulls":8},"TEMP","DB","METH_1",14.879791562499996,"°C",null,"X"]
["METEO","LTER_EU_BE_02","INBO","HOE1","AIR","EnvEurope",3,3,0,2015,8,29,{"$nulls":8},"TEMP","DB","METH_1",16.569687583333337,"°C",null,"X"]
["METEO","LTER_EU_BE_02","INBO","HOE1","AIR","EnvEurope",3,3,0,2015,8,30,{"$nulls":8},"TEMP","DB","METH_1",22.293490624999993,"°C",null,"X"]
["METEO","LTER_EU_BE_02","INBO","HOE1","AIR","EnvEurope",3,3,0,2015,8,31,{"$nulls":8},"TEMP","DB","METH_1",21.671457708333325,"°C",null,"X"]
["METEO","LTER_EU_BE_02","INBO","HOE1","AIR","EnvEurope",3,3,0,2015,9,1,{"$nulls":8},"TEMP","DB","METH_1",15.406232812499995,"°C",null,"X"]
["METEO","LTER_EU_BE_02","INBO","HOE1","AIR","EnvEurope",3,3,0,2015,9,2,{"$nulls":8},"TEMP","DB","METH_1",12.712413927083334,"°C",null,"X"]
["METEO","LTER_EU_BE_02","INBO","HOE1","AIR","EnvEurope",3,3,0,2015,9,3,{"$nulls":8},"TEMP","DB","METH_1",11.586614958333328,"°C",null,"X"]
["METEO","LTER_EU_BE_02","INBO","HOE1","AIR","EnvEurope",3,3,0,2015,9,4,{"$nulls":8},"TEMP","DB","METH_1",12.495017697916666,"°C",null,"X"]
["METEO","LTER_EU_BE_02","INBO","HOE1","AIR","EnvEurope",3,3,0,2015,9,5,{"$nulls":8},"TEMP","DB","METH_1",12.099931250000004,"°C",null,"X"]
["METEO","LTER_EU_BE_02","INBO","HOE1","AIR","EnvEurope",3,3,0,2015,9,6,{"$nulls":8},"TEMP","DB","METH_1",11.81015627083333,"°C",null,"X"]
["METEO","LTER_EU_BE_02","INBO","HOE1","AIR","EnvEurope",3,3,0,2015,9,7,{"$nulls":8},"TEMP","DB","METH_1",13.015208239583332,"°C",null,"X"]
["METEO","LTER_EU_BE_02","INBO","HOE1","AIR","EnvEurope",3,3,0,2015,9,8,{"$nulls":8},"TEMP","DB","METH_1",14.02538166666666,"°C",null,"X"]
["METEO","LTER_EU_BE_02","INBO","HOE1","AIR","EnvEurope",3,3,0,2015,9,9,{"$nulls":8},"TEMP","DB","METH_1",14.280417093750001,"°C",null,"X"]
["METEO","LTER_EU_BE_02","INBO","HOE1","AIR","EnvEurope",3,3,0,2015,9,10,{"$nulls":8},"TEMP","DB","METH_1",12.969027614583334,"°C",null,"X"]
["METEO","LTER_EU_BE_02","INBO","HOE1","AIR","EnvEurope",3,3,0,2015,9,11,{"$nulls":8},"TEMP","DB","METH_1",12.957691395833331,"°C",null,"X"]
["METEO","LTER_EU_BE_02","INBO","HOE1","AIR","EnvEurope",3,3,0,2015,9,12,{"$nulls":8},"TEMP","DB","METH_1",14.925468229166663,"°C",null,"X"]
["METEO","LTER_EU_BE_02","INBO","HOE1","AIR","EnvEurope",3,3,0,2015,9,13,{"$nulls":8},"TEMP","DB","METH_1",14.172186437499997,"°C",null,"X"]
["METEO","LTER_EU_BE_02","INBO","HOE1","AIR","EnvEurope",3,3,0,2015,9,14,{"$nulls":8},"TEMP","DB","METH_1",13.428490416666671,"°C",null,"X"]
["METEO","LTER_EU_BE_02","INBO","HOE1","AIR","EnvEurope",3,3,0,2015,9,15,{"$nulls":8},"TEMP","DB","METH_1",12.617204864583329,"°C",null,"X"]
["METEO","LTER_EU_BE_02","INBO","HOE1","AIR","EnvEurope",3,3,0,2015,9,16,{"$nulls":8},"TEMP","DB","METH_1",15.114548749999999,"°C",null,"X"]
["METEO","LTER_EU_BE_02","INBO","HOE1","AIR","EnvEurope",3,3,0,2015,9,17,{"$nulls":8},"TEMP","DB","METH_1",14.088836145833325,"°C",null,"X"]
["METEO","LTER_EU_BE_02","INBO","HOE1","AIR","EnvEurope",3,3,0,2015,9,18,{"$nulls":8},"TEMP","DB","METH_1",13.123316083333334,"°C",null,"X"]
["METEO","LTER_EU_BE_02","INBO","HOE1","AIR","EnvEurope",3,3,0,2015,9,19,{"$nulls":8},"TEMP","DB","METH_1",12.566007239583334,"°C",null,"X"]
["METEO","LTER_EU_BE_02","INBO","HOE1","AIR","EnvEurope",3,3,0,2015,9,20,{"$nulls":8},"TEMP","DB","METH_1",12.129704802083332,"°C",null,"X"]
["METEO","LTER_EU_BE_02","INBO","HOE1","AIR","EnvEurope",3,3,0,2015,9,21,{"$nulls":8},"TEMP","DB","METH_1",11.805920208333333,"°C",null,"X"]
["METEO","LTER_EU_BE_02","INBO","HOE1","AIR","EnvEurope",3,3,0,2015,9,22,{"$nulls":8},"TEMP","DB","METH_1",11.94743125,"°C",null,"X"]
["METEO","LTER_EU_BE_02","INBO","HOE1","AIR","EnvEurope",3,3,0,2015,9,23,{"$nulls":8},"TEMP","DB","METH_1",11.443438031249999,"°C",null,"X"]
["METEO","LTER_EU_BE_02","INBO","HOE1","AIR","EnvEurope",3,3,0,2015,9,24,{"$nulls":8},"TEMP","DB","METH_1",12.780746447916671,"°C",null,"X"]
["METEO","LTER_EU_BE_02","INBO","HOE1","AIR","EnvEurope",3,3,0,2015,9,25,{"$nulls":8},"TEMP","DB","METH_1",12.149392281250002,"°C",null,"X"]
["METEO","LTER_EU_BE_02","INBO","HOE1","AIR","EnvEurope",3,3,0,2015,9,26,{"$nulls":8},"TEMP","DB","METH_1",9.217013552083332,"°C",null,"X"]
["METEO","LTER_EU_BE_02","INBO","HOE1","AIR","EnvEurope",3,3,0,2015,9,27,{"$nulls":8},"TEMP","DB","METH_1",10.34453125,"°C",null,"X"]
["METEO","LTER_EU_BE_02","INBO","HOE1","AIR","EnvEurope",3,3,0,2015,9,28,{"$nulls":8},"TEMP","DB","METH_1",10.974617385416673,"°C",null,"X"]
["METEO","LTER_EU_BE_02","INBO","HOE1","AIR","EnvEurope",3,3,0,2015,9,29,{"$nulls":8},"TEMP","DB","METH_1",11.926771124999997,"°C",null,"X"]
["METEO","LTER_EU_BE_02","INBO","HOE1","AIR","EnvEurope",3,3,0,2015,9,30,{"$nulls":8},"TEMP","DB","METH_1",11.999808604166667,"°C",null,"X"]
["METEO","LTER_EU_BE_02","INBO","HOE1","AIR","EnvEurope",3,3,0,2015,1,1,{"$nulls":8},"PREC","DB","METH_2",0,"mm",null,"S"]
["METEO","LTER_EU_BE_02","INBO","HOE1","AIR","EnvEurope",3,3,0,2015,1,2,{"$nulls":8},"PREC","DB","METH_2",2.19000006,"mm",null,"S"]
["METEO","LTER_EU_BE_02","INBO","HOE1","AIR","EnvEurope",3,3,0,2015,1,3,{"$nulls":8},"PREC","DB","METH_2",9.71999768,"mm",null,"S"]
["METEO","LTER_EU_BE_02","INBO","HOE1","AIR","EnvEurope",3,3,0,2015,1,4,{"$nulls":8},"PREC","DB","METH_2",0,"mm",null,"S"]
["METEO","LTER_EU_BE_02","INBO","HOE1","AIR","EnvEurope",3,3,0,2015,1,5,{"$nulls":8},"PREC","DB","METH_2",0,"mm",null,"S"]
["METEO","LTER_EU_BE_02","INBO","HOE1","AIR","EnvEurope",3,3,0,2015,1,6,{"$nulls":8},"PREC","DB","METH_2",0.04,"mm",null,"S"]
["METEO","LTER_EU_BE_02","INBO","HOE1","AIR","EnvEurope",3,3,0,2015,1,7,{"$nulls":8},"PREC","DB","METH_2",0,"mm",null,"S"]
["METEO","LTER_EU_BE_02","INBO","HOE1","AIR","EnvEurope",3,3,0,2015,1,8,{"$nulls":8},"PREC","DB","METH_2",29.369990440000002,"mm",null,"S"]
["METEO","LTER_EU_BE_02","INBO","HOE1","AIR","EnvEurope",3,3,0,2015,1,9,{"$nulls":8},"PREC","DB","METH_2",3.7599992899999997,"mm",null,"S"]
["METEO","LTER_EU_BE_02","INBO","HOE1","AIR","EnvEurope",3,3,0,2015,1,10,{"$nulls":8},"PREC","DB","METH_2",3.20999999,"mm",null,"S"]
["METEO","LTER_EU_BE_02","INBO","HOE1","AIR","EnvEurope",3,3,0,2015,1,11,{"$nulls":8},"PREC","DB","METH_2",0.4500001,"mm",null,"S"]
["METEO","LTER_EU_BE_02","INBO","HOE1","AIR","EnvEurope",3,3,0,2015,1,12,{"$nulls":8},"PREC","DB","METH_2",0.15999999,"mm",null,"S"]
["METEO","LTER_EU_BE_02","INBO","HOE1","AIR","EnvEurope",3,3,0,2015,1,13,{"$nulls":8},"PREC","DB","METH_2",5.129999099999999,"mm",null,"S"]
["METEO","LTER_EU_BE_02","INBO","HOE1","AIR","EnvEurope",3,3,0,2015,1,14,{"$nulls":8},"PREC","DB","METH_2",8.17999858,"mm",null,"S"]
["METEO","LTER_EU_BE_02","INBO","HOE1","AIR","EnvEurope",3,3,0,2015,1,15,{"$nulls":8},"PREC","DB","METH_2",4.059999719999999,"mm",null,"S"]
["METEO","LTER_EU_BE_02","INBO","HOE1","AIR","EnvEurope",3,3,0,2015,1,16,{"$nulls":8},"PREC","DB","METH_2",0.35000000000000003,"mm",null,"S"]
["METEO","LTER_EU_BE_02","INBO","HOE1","AIR","EnvEurope",3,3,0,2015,1,17,{"$nulls":8},"PREC","DB","METH_2",0,"mm",null,"S"]
["METEO","LTER_EU_BE_02","INBO","HOE1","AIR","EnvEurope",3,3,0,2015,1,18,{"$nulls":8},"PREC","DB","METH_2",0.50999998,"mm",null,"S"]
["METEO","LTER_EU_BE_02","INBO","HOE1","AIR","EnvEurope",3,3,0,2015,1,19,{"$nulls":8},"PREC","DB","METH_2",0,"mm",null,"S"]
["METEO","LTER_EU_BE_02","INBO","HOE1","AIR","EnvEurope",3,3,0,2015,1,20,{"$nulls":8},"PREC","DB","METH_2",0,"mm",null,"S"]
["METEO","LTER_EU_BE_02","INBO","HOE1","AIR","EnvEurope",3,3,0,2015,1,21,{"$nulls":8},"PREC","DB","METH_2",0,"mm",null,"S"]
["METEO","LTER_EU_BE_02","INBO","HOE1","AIR","EnvEurope",3,3,0,2015,1,22,{"$nulls":8},"PREC","DB","METH_2",0,"mm",null,"S"]
["METEO","LTER_EU_BE_02","INBO","HOE1","AIR","EnvEurope",3,3,0,2015,1,23,{"$nulls":8},"PREC","DB","METH_2",0,"mm",null,"S"]
["METEO","LTER_EU_BE_02","INBO","HOE1","AIR","EnvEurope",3,3,0,2015,1,24,{"$nulls":8},"PREC","DB","METH_2",5.839998700000001,"mm",null,"S"]
["METEO","LTER_EU_BE_02","INBO","HOE1","AIR","EnvEurope",3,3,0,2015,1,25,{"$nulls":8},"PREC","DB","METH_2",0.42999998,"mm",null,"S"]
["METEO","LTER_EU_BE_02","INBO","HOE1","AIR","EnvEurope",3,3,0,2015,1,26,{"$nulls":8},"PREC","DB","METH_2",0.9299998900000002,"mm",null,"S"]
["METEO","LTER_EU_BE_02","INBO","HOE1","AIR","EnvEurope",3,3,0,2015,1,27,{"$nulls":8},"PREC","DB","METH_2",0.01,"mm",null,"S"]
["METEO","LTER_EU_BE_02","INBO","HOE1","AIR","EnvEurope",3,3,0,2015,1,28,{"$nulls":8},"PREC","DB","METH_2",8.380001590000001,"mm",null,"S"]
["METEO","LTER_EU_BE_02","INBO","HOE1","AIR","EnvEurope",3,3,0,2015,1,29,{"$nulls":8},"PREC","DB","METH_2",0.33999999000000003,"mm",null,"S"]
["METEO","LTER_EU_BE_02","INBO","HOE1","AIR","EnvEurope",3,3,0,2015,1,30,{"$nulls":8},"PREC","DB","METH_2",0.02,"mm",null,"S"]
["METEO","LTER_EU_BE_02","INBO","HOE1","AIR","EnvEurope",3,3,0,2015,1,31,{"$nulls":8},"PREC","DB","METH_2",0,"mm",null,"S"]
["METEO","LTER_EU_BE_02","INBO","HOE1","AIR","EnvEurope",3,3,0,2015,10,1,{"$nulls":8},"PREC","DB","METH_2",0,"mm",null,"S"]
["METEO","LTER_EU_BE_02","INBO","HOE1","AIR","EnvEurope",3,3,0,2015,10,2,{"$nulls":8},"PREC","DB","METH_2",0,"mm",null,"S"]
["METEO","LTER_EU_BE_02","INBO","HOE1","AIR","EnvEurope",3,3,0,2015,10,3,{"$nulls":8},"PREC","DB","METH_2",0,"mm",null,"S"]
["METEO","LTER_EU_BE_02","INBO","HOE1","AIR","EnvEurope",3,3,0,2015,10,4,{"$nulls":8},"PREC","DB","METH_2",0,"mm",null,"S"]
["METEO","LTER_EU_BE_02","INBO","HOE1","AIR","EnvEurope",3,3,0,2015,10,5,{"$nulls":8},"PREC","DB","METH_2",5.8199992599999995,"mm",null,"S"]
["METEO","LTER_EU_BE_02","INBO","HOE1","AIR","EnvEurope",3,3,0,2015,10,6,{"$nulls":8},"PREC","DB","METH_2",3.1999984899999996,"mm",null,"S"]
["METEO","LTER_EU_BE_02","INBO","HOE1","AIR","EnvEurope",3,3,0,2015,10,7,{"$nulls":8},"PREC","DB","METH_2",0,"mm",null,"S"]
["METEO","LTER_EU_BE_02","INBO","HOE1","AIR","EnvEurope",3,3,0,2015,10,8,{"$nulls":8},"PREC","DB","METH_2",0,"mm",null,"S"]
["METEO","LTER_EU_BE_02","INBO","HOE1","AIR","EnvEurope",3,3,0,2015,10,9,{"$nulls":8},"PREC","DB","METH_2",0,"mm",null,"S"]
["METEO","LTER_EU_BE_02","INBO","HOE1","AIR","EnvEurope",3,3,0,2015,10,10,{"$nulls":8},"PREC","DB","METH_2",0,"mm",null,"S"]
["METEO","LTER_EU_BE_02","INBO","HOE1","AIR","EnvEurope",3,3,0,2015,10,11,{"$nulls":8},"PREC","DB","METH_2",0,"mm",null,"S"]
["METEO","LTER_EU_BE_02","INBO","HOE1","AIR","EnvEurope",3,3,0,2015,10,12,{"$nulls":8},"PREC","DB","METH_2",0,"mm",null,"S"]
["METEO","LTER_EU_BE_02","INBO","HOE1","AIR","EnvEurope",3,3,0,2015,10,13,{"$nulls":8},"PREC","DB","METH_2",0.22000000000000003,"mm",null,"S"]
["METEO","LTER_EU_BE_02","INBO","HOE1","AIR","EnvEurope",3,3,0,2015,10,14,{"$nulls":8},"PREC","DB","METH_2",2.7099997499999993,"mm",null,"S"]
["METEO","LTER_EU_BE_02","INBO","HOE1","AIR","EnvEurope",3,3,0,2015,10,15,{"$nulls":8},"PREC","DB","METH_2",1.77999976,"mm",null,"S"]
["METEO","LTER_EU_BE_02","INBO","HOE1","AIR","EnvEurope",3,3,0,2015,10,16,{"$nulls":8},"PREC","DB","METH_2",1.45999987,"mm",null,"S"]
["METEO","LTER_EU_BE_02","INBO","HOE1","AIR","EnvEurope",3,3,0,2015,10,17,{"$nulls":8},"PREC","DB","METH_2",0.29000000000000004,"mm",null,"S"]
["METEO","LTER_EU_BE_02","INBO","HOE1","AIR","EnvEurope",3,3,0,2015,10,18,{"$nulls":8},"PREC","DB","METH_2",0.05,"mm",null,"S"]
["METEO","LTER_EU_BE_02","INBO","HOE1","AIR","EnvEurope",3,3,0,2015,10,19,{"$nulls":8},"PREC","DB","METH_2",0,"mm",null,"S"]
["METEO","LTER_EU_BE_02","INBO","HOE1","AIR","EnvEurope",3,3,0,2015,10,20,{"$nulls":8},"PREC","DB","METH_2",0,"mm",null,"S"]
["METEO","LTER_EU_BE_02","INBO","HOE1","AIR","EnvEurope",3,3,0,2015,10,21,{"$nulls":8},"PREC","DB","METH_2",0.57999999,"mm",null,"S"]
["METEO","LTER_EU_BE_02","INBO","HOE1","AIR","EnvEurope",3,3,0,2015,10,22,{"$nulls":8},"PREC","DB","METH_2",0,"mm",null,"S"]
["METEO","LTER_EU_BE_02","INBO","HOE1","AIR","EnvEurope",3,3,0,2015,10,23,{"$nulls":8},"PREC","DB","METH_2",0,"mm",null,"S"]
["METEO","LTER_EU_BE_02","INBO","HOE1","AIR","EnvEurope",3,3,0,2015,10,24,{"$nulls":8},"PREC","DB","METH_2",0,"mm",null,"S"]
["METEO","LTER_EU_BE_02","INBO","HOE1","AIR","EnvEurope",3,3,0,2015,10,25,{"$nulls":8},"PREC","DB","METH_2",0.17999999,"mm",null,"S"]
["METEO","LTER_EU_BE_02","INBO","HOE1","AIR","EnvEurope",3,3,0,2015,10,26,{"$nulls":8},"PREC","DB","METH_2",0,"mm",null,"S"]
["METEO","LTER_EU_BE_02","INBO","HOE1","AIR","EnvEurope",3,3,0,2015,10,27,{"$nulls":8},"PREC","DB","METH_2",0,"mm",null,"S"]
["METEO","LTER_EU_BE_02","INBO","HOE1","AIR","EnvEurope",3,3,0,2015,10,28,{"$nulls":8},"PREC","DB","METH_2",0.27,"mm",null,"S"]
["METEO","LTER_EU_BE_02","INBO","HOE1","AIR","EnvEurope",3,3,0,2015,10,29,{"$nulls":8},"PREC","DB","METH_2",0,"mm",null,"S"]
["METEO","LTER_EU_BE_02","INBO","HOE1","AIR","EnvEurope",3,3,0,2015,10,30,{"$nulls":8},"PREC","DB","METH_2",0,"mm",null,"S"]
["METEO","LTER_EU_BE_02","INBO","HOE1","AIR","EnvEurope",3,3,0,2015,10,31,{"$nulls":8},"PREC","DB","METH_2",0,"mm",null,"S"]
["METEO","LTER_EU_BE_02","INBO","HOE1","AIR","EnvEurope",3,3,0,2015,11,1,{"$nulls":8},"PREC","DB","METH_2",0,"mm",null,"S"]
["METEO","LTER_EU_BE_02","INBO","HOE1","AIR","EnvEurope",3,3,0,2015,11,2,{"$nulls":8},"PREC","DB","METH_2",0,"mm",null,"S"]
["METEO","LTER_EU_BE_02","INBO","HOE1","AIR","EnvEurope",3,3,0,2015,11,3,{"$nulls":8},"PREC","DB","METH_2",0,"mm",null,"S"]
["METEO","LTER_EU_BE_02","INBO","HOE1","AIR","EnvEurope",3,3,0,2015,11,4,{"$nulls":8},"PREC","DB","METH_2",0.06999999,"mm",null,"S"]
["METEO","LTER_EU_BE_02","INBO","HOE1","AIR","EnvEurope",3,3,0,2015,11,5,{"$nulls":8},"PREC","DB","METH_2",1,"mm",null,"S"]
["METEO","LTER_EU_BE_02","INBO","HOE1","AIR","EnvEurope",3,3,0,2015,11,6,{"$nulls":8},"PREC","DB","METH_2",0.19999998000000002,"mm",null,"S"]
["METEO","LTER_EU_BE_02","INBO","HOE1","AIR","EnvEurope",3,3,0,2015,11,7,{"$nulls":8},"PREC","DB","METH_2",0.01,"mm",null,"S"]
["METEO","LTER_EU_BE_02","INBO","HOE1","AIR","EnvEurope",3,3,0,2015,11,8,{"$nulls":8},"PREC","DB","METH_2",0,"mm",null,"S"]
["METEO","LTER_EU_BE_02","INBO","HOE1","AIR","EnvEurope",3,3,0,2015,11,9,{"$nulls":8},"PREC","DB","METH_2",0.78999988,"mm",null,"S"]
["METEO","LTER_EU_BE_02","INBO","HOE1","AIR","EnvEurope",3,3,0,2015,11,10,{"$nulls":8},"PREC","DB","METH_2",0,"mm",null,"S"]
["METEO","LTER_EU_BE_02","INBO","HOE1","AIR","EnvEurope",3,3,0,2015,11,11,{"$nulls":8},"PREC","DB","METH_2",0,"mm",null,"S"]
["METEO","LTER_EU_BE_02","INBO","HOE1","AIR","EnvEurope",3,3,0,2015,11,12,{"$nulls":8},"PREC","DB","METH_2",0,"mm",null,"S"]
["METEO","LTER_EU_BE_02","INBO","HOE1","AIR","EnvEurope",3,3,0,2015,11,13,{"$nulls":8},"PREC","DB","METH_2",2.10999978,"mm",null,"S"]
["METEO","LTER_EU_BE_02","INBO","HOE1","AIR","EnvEurope",3,3,0,2015,11,14,{"$nulls":8},"PREC","DB","METH_2",2.70999977,"mm",null,"S"]
["METEO","LTER_EU_BE_02","INBO","HOE1","AIR","EnvEurope",3,3,0,2015,11,15,{"$nulls":8},"PREC","DB","METH_2",0,"mm",null,"S"]
["METEO","LTER_EU_BE_02","INBO","HOE1","AIR","EnvEurope",3,3,0,2015,11,16,{"$nulls":8},"PREC","DB","METH_2",1.4999999700000002,"mm",null,"S"]
["METEO","LTER_EU_BE_02","INBO","HOE1","AIR","EnvEurope",3,3,0,2015,11,17,{"$nulls":8},"PREC","DB","METH_2",4.8699983699999985,"mm",null,"S"]
["METEO","LTER_EU_BE_02","INBO","HOE1","AIR","EnvEurope",3,3,0,2015,11,18,{"$nulls":8},"PREC","DB","METH_2",0.4700000000000001,"mm",null,"S"]
["METEO","LTER_EU_BE_02","INBO","HOE1","AIR","EnvEurope",3,3,0,2015,11,19,{"$nulls":8},"PREC","DB","METH_2",13.30999797,"mm",null,"S"]
["METEO","LTER_EU_BE_02","INBO","HOE1","AIR","EnvEurope",3,3,0,2015,11,20,{"$nulls":8},"PREC","DB","METH_2",0.43999999,"mm",null,"S"]
["METEO","LTER_EU_BE_02","INBO","HOE1","AIR","EnvEurope",3,3,0,2015,11,21,{"$nulls":8},"PREC","DB","METH_2",4.9199987499999995,"mm",null,"S"]
["METEO","LTER_EU_BE_02","INBO","HOE1","AIR","EnvEurope",3,3,0,2015,11,22,{"$nulls":8},"PREC","DB","METH_2",1.8999999699999999,"mm",null,"S"]
["METEO","LTER_EU_BE_02","INBO","HOE1","AIR","EnvEurope",3,3,0,2015,11,23,{"$nulls":8},"PREC","DB","METH_2",0,"mm",null,"S"]
["METEO","LTER_EU_BE_02","INBO","HOE1","AIR","EnvEurope",3,3,0,2015,11,24,{"$nulls":8},"PREC","DB","METH_2",3.909999469999999,"mm",null,"S"]
["METEO","LTER_EU_BE_02","INBO","HOE1","AIR","EnvEurope",3,3,0,2015,11,25,{"$nulls":8},"PREC","DB","METH_2",2.62999979,"mm",null,"S"]
["METEO","LTER_EU_BE_02","INBO","HOE1","AIR","EnvEurope",3,3,0,2015,11,26,{"$nulls":8},"PREC","DB","METH_2",0,"mm",null,"S"]
["METEO","LTER_EU_BE_02","INBO","HOE1","AIR","EnvEurope",3,3,0,2015,11,27,{"$nulls":8},"PREC","DB","METH_2",0,"mm",null,"S"]
["METEO","LTER_EU_BE_02","INBO","HOE1","AIR","EnvEurope",3,3,0,2015,11,28,{"$nulls":8},"PREC","DB","METH_2",1.9799997900000004,"mm",null,"S"]
["METEO","LTER_EU_BE_02","INBO","HOE1","AIR","EnvEurope",3,3,0,2015,11,29,{"$nulls":8},"PREC","DB","METH_2",1.4299999700000003,"mm",null,"S"]
["METEO","LTER_EU_BE_02","INBO","HOE1","AIR","EnvEurope",3,3,0,2015,11,30,{"$nulls":8},"PREC","DB","METH_2",6.409999499999995,"mm",null,"S"]
["METEO","LTER_EU_BE_02","INBO","HOE1","AIR","EnvEurope",3,3,0,2015,12,1,{"$nulls":8},"PREC","DB","METH_2",0.45999999000000014,"mm",null,"S"]
["METEO","LTER_EU_BE_02","INBO","HOE1","AIR","EnvEurope",3,3,0,2015,12,2,{"$nulls":8},"PREC","DB","METH_2",0,"mm",null,"S"]
["METEO","LTER_EU_BE_02","INBO","HOE1","AIR","EnvEurope",3,3,0,2015,12,3,{"$nulls":8},"PREC","DB","METH_2",0,"mm",null,"S"]
["METEO","LTER_EU_BE_02","INBO","HOE1","AIR","EnvEurope",3,3,0,2015,12,4,{"$nulls":8},"PREC","DB","METH_2",4.21999899,"mm",null,"S"]
["METEO","LTER_EU_BE_02","INBO","HOE1","AIR","EnvEurope",3,3,0,2015,12,5,{"$nulls":8},"PREC","DB","METH_2",0,"mm",null,"S"]
["METEO","LTER_EU_BE_02","INBO","HOE1","AIR","EnvEurope",3,3,0,2015,12,6,{"$nulls":8},"PREC","DB","METH_2",0,"mm",null,"S"]
["METEO","LTER_EU_BE_02","INBO","HOE1","AIR","EnvEurope",3,3,0,2015,12,7,{"$nulls":8},"PREC","DB","METH_2",0.12,"mm",null,"S"]
["METEO","LTER_EU_BE_02","INBO","HOE1","AIR","EnvEurope",3,3,0,2015,12,8,{"$nulls":8},"PREC","DB","METH_2",1.3199999799999997,"mm",null,"S"]
["METEO","LTER_EU_BE_02","INBO","HOE1","AIR","EnvEurope",3,3,0,2015,12,9,{"$nulls":8},"PREC","DB","METH_2",0,"mm",null,"S"]
["METEO","LTER_EU_BE_02","INBO","HOE1","AIR","EnvEurope",3,3,0,2015,12,10,{"$nulls":8},"PREC","DB","METH_2",0,"mm",null,"S"]
["METEO","LTER_EU_BE_02","INBO","HOE1","AIR","EnvEurope",3,3,0,2015,12,11,{"$nulls":8},"PREC","DB","METH_2",10.749998009999997,"mm",null,"S"]
["METEO","LTER_EU_BE_02","INBO","HOE1","AIR","EnvEurope",3,3,0,2015,12,12,{"$nulls":8},"PREC","DB","METH_2",0,"mm",null,"S"]
["METEO","LTER_EU_BE_02","INBO","HOE1","AIR","EnvEurope",3,3,0,2015,12,13,{"$nulls":8},"PREC","DB","METH_2",0,"mm",null,"S"]
["METEO","LTER_EU_BE_02","INBO","HOE1","AIR","EnvEurope",3,3,0,2015,12,14,{"$nulls":8},"PREC","DB","METH_2",0,"mm",null,"S"]
["METEO","LTER_EU_BE_02","INBO","HOE1","AIR","EnvEurope",3,3,0,2015,12,15,{"$nulls":8},"PREC","DB","METH_2",2.4699998499999998,"mm",null,"S"]
["METEO","LTER_EU_BE_02","INBO","HOE1","AIR","EnvEurope",3,3,0,2015,12,16,{"$nulls":8},"PREC","DB","METH_2",2.13999996,"mm",null,"S"]
["METEO","LTER_EU_BE_02","INBO","HOE1","AIR","EnvEurope",3,3,0,2015,12,17,{"$nulls":8},"PREC","DB","METH_2",0.02,"mm",null,"S"]
["METEO","LTER_EU_BE_02","INBO","HOE1","AIR","EnvEurope",3,3,0,2015,12,18,{"$nulls":8},"PREC","DB","METH_2",0.04,"mm",null,"S"]
["METEO","LTER_EU_BE_02","INBO","HOE1","AIR","EnvEurope",3,3,0,2015,12,19,{"$nulls":8},"PREC","DB","METH_2",0,"mm",null,"S"]
["METEO","LTER_EU_BE_02","INBO","HOE1","AIR","EnvEurope",3,3,0,2015,12,20,{"$nulls":8},"PREC","DB","METH_2",0.19999999000000002,"mm",null,"S"]
["METEO","LTER_EU_BE_02","INBO","HOE1","AIR","EnvEurope",3,3,0,2015,12,21,{"$nulls":8},"PREC","DB","METH_2",1.1199999900000004,"mm",null,"S"]
["METEO","LTER_EU_BE_02","INBO","HOE1","AIR","EnvEurope",3,3,0,2015,12,22,{"$nulls":8},"PREC","DB","METH_2",2.42999957,"mm",null,"S"]
["METEO","LTER_EU_BE_02","INBO","HOE1","AIR","EnvEurope",3,3,0,2015,12,23,{"$nulls":8},"PREC","DB","METH_2",0.35999999000000005,"mm",null,"S"]
["METEO","LTER_EU_BE_02","INBO","HOE1","AIR","EnvEurope",3,3,0,2015,12,24,{"$nulls":8},"PREC","DB","METH_2",1.00999997,"mm",null,"S"]
["METEO","LTER_EU_BE_02","INBO","HOE1","AIR","EnvEurope",3,3,0,2015,12,25,{"$nulls":8},"PREC","DB","METH_2",1.17999989,"mm",null,"S"]
["METEO","LTER_EU_BE_02","INBO","HOE1","AIR","EnvEurope",3,3,0,2015,12,26,{"$nulls":8},"PREC","DB","METH_2",0,"mm",null,"S"]
["METEO","LTER_EU_BE_02","INBO","HOE1","AIR","EnvEurope",3,3,0,2015,12,27,{"$nulls":8},"PREC","DB","METH_2",0,"mm",null,"S"]
["METEO","LTER_EU_BE_02","INBO","HOE1","AIR","EnvEurope",3,3,0,2015,12,28,{"$nulls":8},"PREC","DB","METH_2",0,"mm",null,"S"]
["METEO","LTER_EU_BE_02","INBO","HOE1","AIR","EnvEurope",3,3,0,2015,12,29,{"$nulls":8},"PREC","DB","METH_2",0,"mm",null,"S"]
["METEO","LTER_EU_BE_02","INBO","HOE1","AIR","EnvEurope",3,3,0,2015,12,30,{"$nulls":8},"PREC","DB","METH_2",0,"mm",null,"S"]
["METEO","LTER_EU_BE_02","INBO","HOE1","AIR","EnvEurope",3,3,0,2015,12,31,{"$nulls":8},"PREC","DB","METH_2",2.5799993999999997,"mm",null,"S"]
["METEO","LTER_EU_BE_02","INBO","HOE1","AIR","EnvEurope",3,3,0,2015,2,1,{"$nulls":8},"PREC","DB","METH_2",2.82999999,"mm",null,"S"]
["METEO","LTER_EU_BE_02","INBO","HOE1","AIR","EnvEurope",3,3,0,2015,2,2,{"$nulls":8},"PREC","DB","METH_2",0.77999996,"mm",null,"S"]
["METEO","LTER_EU_BE_02","INBO","HOE1","AIR","EnvEurope",3,3,0,2015,2,3,{"$nulls":8},"PREC","DB","METH_2",0,"mm",null,"S"]
["METEO","LTER_EU_BE_02","INBO","HOE1","AIR","EnvEurope",3,3,0,2015,2,4,{"$nulls":8},"PREC","DB","METH_2",0.02,"mm",null,"S"]
["METEO","LTER_EU_BE_02","INBO","HOE1","AIR","EnvEurope",3,3,0,2015,2,5,{"$nulls":8},"PREC","DB","METH_2",0,"mm",null,"S"]
["METEO","LTER_EU_BE_02","INBO","HOE1","AIR","EnvEurope",3,3,0,2015,2,6,{"$nulls":8},"PREC","DB","METH_2",0,"mm",null,"S"]
["METEO","LTER_EU_BE_02","INBO","HOE1","AIR","EnvEurope",3,3,0,2015,2,7,{"$nulls":8},"PREC","DB","METH_2",0,"mm",null,"S"]
["METEO","LTER_EU_BE_02","INBO","HOE1","AIR","EnvEurope",3,3,0,2015,2,8,{"$nulls":8},"PREC","DB","METH_2",0,"mm",null,"S"]
["METEO","LTER_EU_BE_02","INBO","HOE1","AIR","EnvEurope",3,3,0,2015,2,9,{"$nulls":8},"PREC","DB","METH_2",0,"mm",null,"S"]
["METEO","LTER_EU_BE_02","INBO","HOE1","AIR","EnvEurope",3,3,0,2015,2,10,{"$nulls":8},"PREC","DB","METH_2",0,"mm",null,"S"]
["METEO","LTER_EU_BE_02","INBO","HOE1","AIR","EnvEurope",3,3,0,2015,2,11,{"$nulls":8},"PREC","DB","METH_2",0,"mm",null,"S"]
["METEO","LTER_EU_BE_02","INBO","HOE1","AIR","EnvEurope",3,3,0,2015,2,12,{"$nulls":8},"PREC","DB","METH_2",0,"mm",null,"S"]
["METEO","LTER_EU_BE_02","INBO","HOE1","AIR","EnvEurope",3,3,0,2015,2,13,{"$nulls":8},"PREC","DB","METH_2",0,"mm",null,"S"]
["METEO","LTER_EU_BE_02","INBO","HOE1","AIR","EnvEurope",3,3,0,2015,2,14,{"$nulls":8},"PREC","DB","METH_2",2.9099998,"mm",null,"S"]
["METEO","LTER_EU_BE_02","INBO","HOE1","AIR","EnvEurope",3,3,0,2015,2,15,{"$nulls":8},"PREC","DB","METH_2",0,"mm",null,"S"]
["METEO","LTER_EU_BE_02","INBO","HOE1","AIR","EnvEurope",3,3,0,2015,2,16,{"$nulls":8},"PREC","DB","METH_2",0,"mm",null,"S"]
["METEO","LTER_EU_BE_02","INBO","HOE1","AIR","EnvEurope",3,3,0,2015,2,17,{"$nulls":8},"PREC","DB","METH_2",0.36999999,"mm",null,"S"]
["METEO","LTER_EU_BE_02","INBO","HOE1","AIR","EnvEurope",3,3,0,2015,2,18,{"$nulls":8},"PREC","DB","METH_2",0,"mm",null,"S"]
["METEO","LTER_EU_BE_02","INBO","HOE1","AIR","EnvEurope",3,3,0,2015,2,19,{"$nulls":8},"PREC","DB","METH_2",0,"mm",null,"S"]
["METEO","LTER_EU_BE_02","INBO","HOE1","AIR","EnvEurope",3,3,0,2015,2,20,{"$nulls":8},"PREC","DB","METH_2",11.659998279999998,"mm",null,"S"]
["METEO","LTER_EU_BE_02","INBO","HOE1","AIR","EnvEurope",3,3,0,2015,2,21,{"$nulls":8},"PREC","DB","METH_2",6.409999300000001,"mm",null,"S"]
["METEO","LTER_EU_BE_02","INBO","HOE1","AIR","EnvEurope",3,3,0,2015,2,22,{"$nulls":8},"PREC","DB","METH_2",0.68999999,"mm",null,"S"]
["METEO","LTER_EU_BE_02","INBO","HOE1","AIR","EnvEurope",3,3,0,2015,2,23,{"$nulls":8},"PREC","DB","METH_2",9.349998689999998,"mm",null,"S"]
["METEO","LTER_EU_BE_02","INBO","HOE1","AIR","EnvEurope",3,3,0,2015,2,24,{"$nulls":8},"PREC","DB","METH_2",3.1499998,"mm",null,"S"]
["METEO","LTER_EU_BE_02","INBO","HOE1","AIR","EnvEurope",3,3,0,2015,2,25,{"$nulls":8},"PREC","DB","METH_2",1.66999988,"mm",null,"S"]
["METEO","LTER_EU_BE_02","INBO","HOE1","AIR","EnvEurope",3,3,0,2015,2,26,{"$nulls":8},"PREC","DB","METH_2",3.4499994800000002,"mm",null,"S"]
["METEO","LTER_EU_BE_02","INBO","HOE1","AIR","EnvEurope",3,3,0,2015,2,27,{"$nulls":8},"PREC","DB","METH_2",0.06999999999999999,"mm",null,"S"]
["METEO","LTER_EU_BE_02","INBO","HOE1","AIR","EnvEurope",3,3,0,2015,2,28,{"$nulls":8},"PREC","DB","METH_2",0,"mm",null,"S"]
["METEO","LTER_EU_BE_02","INBO","HOE1","AIR","EnvEurope",3,3,0,2015,3,1,{"$nulls":8},"PREC","DB","METH_2",2.82999989,"mm",null,"S"]
["METEO","LTER_EU_BE_02","INBO","HOE1","AIR","EnvEurope",3,3,0,2015,3,2,{"$nulls":8},"PREC","DB","METH_2",4.179999799999999,"mm",null,"S"]
["METEO","LTER_EU_BE_02","INBO","HOE1","AIR","EnvEurope",3,3,0,2015,3,3,{"$nulls":8},"PREC","DB","METH_2",1.6099996,"mm",null,"S"]
["METEO","LTER_EU_BE_02","INBO","HOE1","AIR","EnvEurope",3,3,0,2015,3,4,{"$nulls":8},"PREC","DB","METH_2",0.12999999,"mm",null,"S"]
["METEO","LTER_EU_BE_02","INBO","HOE1","AIR","EnvEurope",3,3,0,2015,3,5,{"$nulls":8},"PREC","DB","METH_2",0,"mm",null,"S"]
["METEO","LTER_EU_BE_02","INBO","HOE1","AIR","EnvEurope",3,3,0,2015,3,6,{"$nulls":8},"PREC","DB","METH_2",0,"mm",null,"S"]
["METEO","LTER_EU_BE_02","INBO","HOE1","AIR","EnvEurope",3,3,0,2015,3,7,{"$nulls":8},"PREC","DB","METH_2",0,"mm",null,"S"]
["METEO","LTER_EU_BE_02","INBO","HOE1","AIR","EnvEurope",3,3,0,2015,3,8,{"$nulls":8},"PREC","DB","METH_2",0,"mm",null,"S"]
["METEO","LTER_EU_BE_02","INBO","HOE1","AIR","EnvEurope",3,3,0,2015,3,9,{"$nulls":8},"PREC","DB","METH_2",0,"mm",null,"S"]
["METEO","LTER_EU_BE_02","INBO","HOE1","AIR","EnvEurope",3,3,0,2015,3,10,{"$nulls":8},"PREC","DB","METH_2",0,"mm",null,"S"]
["METEO","LTER_EU_BE_02","INBO","HOE1","AIR","EnvEurope",3,3,0,2015,3,11,{"$nulls":8},"PREC","DB","METH_2",0,"mm",null,"S"]
["METEO","LTER_EU_BE_02","INBO","HOE1","AIR","EnvEurope",3,3,0,2015,3,12,{"$nulls":8},"PREC","DB","METH_2",0,"mm",null,"S"]
["METEO","LTER_EU_BE_02","INBO","HOE1","AIR","EnvEurope",3,3,0,2015,3,13,{"$nulls":8},"PREC","DB","METH_2",0,"mm",null,"S"]
["METEO","LTER_EU_BE_02","INBO","HOE1","AIR","EnvEurope",3,3,0,2015,3,14,{"$nulls":8},"PREC","DB","METH_2",0,"mm",null,"S"]
["METEO","LTER_EU_BE_02","INBO","HOE1","AIR","EnvEurope",3,3,0,2015,3,15,{"$nulls":8},"PREC","DB","METH_2",0.06999999999999999,"mm",null,"S"]
["METEO","LTER_EU_BE_02","INBO","HOE1","AIR","EnvEurope",3,3,0,2015,3,16,{"$nulls":8},"PREC","DB","METH_2",0,"mm",null,"S"]
["METEO","LTER_EU_BE_02","INBO","HOE1","AIR","EnvEurope",3,3,0,2015,3,17,{"$nulls":8},"PREC","DB","METH_2",0,"mm",null,"S"]
["METEO","LTER_EU_BE_02","INBO","HOE1","AIR","EnvEurope",3,3,0,2015,3,18,{"$nulls":8},"PREC","DB","METH_2",0,"mm",null,"S"]
["METEO","LTER_EU_BE_02","INBO","HOE1","AIR","EnvEurope",3,3,0,2015,3,19,{"$nulls":8},"PREC","DB","METH_2",0,"mm",null,"S"]
["METEO","LTER_EU_BE_02","INBO","HOE1","AIR","EnvEurope",3,3,0,2015,3,20,{"$nulls":8},"PREC","DB","METH_2",0,"mm",null,"S"]
["METEO","LTER_EU_BE_02","INBO","HOE1","AIR","EnvEurope",3,3,0,2015,3,21,{"$nulls":8},"PREC","DB","METH_2",0.43000000000000005,"mm",null,"S"]
["METEO","LTER_EU_BE_02","INBO","HOE1","AIR","EnvEurope",3,3,0,2015,3,22,{"$nulls":8},"PREC","DB","METH_2",0,"mm",null,"S"]
["METEO","LTER_EU_BE_02","INBO","HOE1","AIR","EnvEurope",3,3,0,2015,3,23,{"$nulls":8},"PREC","DB","METH_2",0,"mm",null,"S"]
["METEO","LTER_EU_BE_02","INBO","HOE1","AIR","EnvEurope",3,3,0,2015,3,24,{"$nulls":8},"PREC","DB","METH_2",2.0399999699999998,"mm",null,"S"]
["METEO","LTER_EU_BE_02","INBO","HOE1","AIR","EnvEurope",3,3,0,2015,3,25,{"$nulls":8},"PREC","DB","METH_2",5.459999489999996,"mm",null,"S"]
["METEO","LTER_EU_BE_02","INBO","HOE1","AIR","EnvEurope",3,3,0,2015,3,26,{"$nulls":8},"PREC","DB","METH_2",1.5500000299999999,"mm",null,"S"]
["METEO","LTER_EU_BE_02","INBO","HOE1","AIR","EnvEurope",3,3,0,2015,3,27,{"$nulls":8},"PREC","DB","METH_2",0,"mm",null,"S"]
["METEO","LTER_EU_BE_02","INBO","HOE1","AIR","EnvEurope",3,3,0,2015,3,28,{"$nulls":8},"PREC","DB","METH_2",0.8799999700000001,"mm",null,"S"]
["METEO","LTER_EU_BE_02","INBO","HOE1","AIR","EnvEurope",3,3,0,2015,3,29,{"$nulls":8},"PREC","DB","METH_2",11.529996749999999,"mm",null,"S"]
["METEO","LTER_EU_BE_02","INBO","HOE1","AIR","EnvEurope",3,3,0,2015,3,30,{"$nulls":8},"PREC","DB","METH_2",1.72,"mm",null,"S"]
["METEO","LTER_EU_BE_02","INBO","HOE1","AIR","EnvEurope",3,3,0,2015,3,31,{"$nulls":8},"PREC","DB","METH_2",5.829999770000001,"mm",null,"S"]
["METEO","LTER_EU_BE_02","INBO","HOE1","AIR","EnvEurope",3,3,0,2015,4,1,{"$nulls":8},"PREC","DB","METH_2",0.18999999999999997,"mm",null,"S"]
["METEO","LTER_EU_BE_02","INBO","HOE1","AIR","EnvEurope",3,3,0,2015,4,2,{"$nulls":8},"PREC","DB","METH_2",6.3799991899999995,"mm",null,"S"]
["METEO","LTER_EU_BE_02","INBO","HOE1","AIR","EnvEurope",3,3,0,2015,4,3,{"$nulls":8},"PREC","DB","METH_2",0.08,"mm",null,"S"]
["METEO","LTER_EU_BE_02","INBO","HOE1","AIR","EnvEurope",3,3,0,2015,4,4,{"$nulls":8},"PREC","DB","METH_2",1.34999997,"mm",null,"S"]
["METEO","LTER_EU_BE_02","INBO","HOE1","AIR","EnvEurope",3,3,0,2015,4,5,{"$nulls":8},"PREC","DB","METH_2",0,"mm",null,"S"]
["METEO","LTER_EU_BE_02","INBO","HOE1","AIR","EnvEurope",3,3,0,2015,4,6,{"$nulls":8},"PREC","DB","METH_2",0,"mm",null,"S"]
["METEO","LTER_EU_BE_02","INBO","HOE1","AIR","EnvEurope",3,3,0,2015,4,7,{"$nulls":8},"PREC","DB","METH_2",0,"mm",null,"S"]
["METEO","LTER_EU_BE_02","INBO","HOE1","AIR","EnvEurope",3,3,0,2015,4,8,{"$nulls":8},"PREC","DB","METH_2",0,"mm",null,"S"]
["METEO","LTER_EU_BE_02","INBO","HOE1","AIR","EnvEurope",3,3,0,2015,4,9,{"$nulls":8},"PREC","DB","METH_2",0,"mm",null,"S"]
["METEO","LTER_EU_BE_02","INBO","HOE1","AIR","EnvEurope",3,3,0,2015,4,10,{"$nulls":8},"PREC","DB","METH_2",0,"mm",null,"S"]
["METEO","LTER_EU_BE_02","INBO","HOE1","AIR","EnvEurope",3,3,0,2015,4,11,{"$nulls":8},"PREC","DB","METH_2",0.5899999800000001,"mm",null,"S"]
["METEO","LTER_EU_BE_02","INBO","HOE1","AIR","EnvEurope",3,3,0,2015,4,12,{"$nulls":8},"PREC","DB","METH_2",0,"mm",null,"S"]
["METEO","LTER_EU_BE_02","INBO","HOE1","AIR","EnvEurope",3,3,0,2015,4,13,{"$nulls":8},"PREC","DB","METH_2",0,"mm",null,"S"]
["METEO","LTER_EU_BE_02","INBO","HOE1","AIR","EnvEurope",3,3,0,2015,4,14,{"$nulls":8},"PREC","DB","METH_2",0,"mm",null,"S"]
["METEO","LTER_EU_BE_02","INBO","HOE1","AIR","EnvEurope",3,3,0,2015,4,15,{"$nulls":8},"PREC","DB","METH_2",0,"mm",null,"S"]
["METEO","LTER_EU_BE_02","INBO","HOE1","AIR","EnvEurope",3,3,0,2015,4,16,{"$nulls":8},"PREC","DB","METH_2",0.13999999,"mm",null,"S"]
["METEO","LTER_EU_BE_02","INBO","HOE1","AIR","EnvEurope",3,3,0,2015,4,17,{"$nulls":8},"PREC","DB","METH_2",0.01,"mm",null,"S"]
["METEO","LTER_EU_BE_02","INBO","HOE1","AIR","EnvEurope",3,3,0,2015,4,18,{"$nulls":8},"PREC","DB","METH_2",0,"mm",null,"S"]
["METEO","LTER_EU_BE_02","INBO","HOE1","AIR","EnvEurope",3,3,0,2015,4,19,{"$nulls":8},"PREC","DB","METH_2",0,"mm",null,"S"]
["METEO","LTER_EU_BE_02","INBO","HOE1","AIR","EnvEurope",3,3,0,2015,4,20,{"$nulls":8},"PREC","DB","METH_2",0,"mm",null,"S"]
["METEO","LTER_EU_BE_02","INBO","HOE1","AIR","EnvEurope",3,3,0,2015,4,21,{"$nulls":8},"PREC","DB","METH_2",0,"mm",null,"S"]
["METEO","LTER_EU_BE_02","INBO","HOE1","AIR","EnvEurope",3,3,0,2015,4,22,{"$nulls":8},"PREC","DB","METH_2",0,"mm",null,"S"]
["METEO","LTER_EU_BE_02","INBO","HOE1","AIR","EnvEurope",3,3,0,2015,4,23,{"$nulls":8},"PREC","DB","METH_2",0,"mm",null,"S"]
["METEO","LTER_EU_BE_02","INBO","HOE1","AIR","EnvEurope",3,3,0,2015,4,24,{"$nulls":8},"PREC","DB","METH_2",0,"mm",null,"S"]
["METEO","LTER_EU_BE_02","INBO","HOE1","AIR","EnvEurope",3,3,0,2015,4,25,{"$nulls":8},"PREC","DB","METH_2",1.8499998599999998,"mm",null,"S"]
["METEO","LTER_EU_BE_02","INBO","HOE1","AIR","EnvEurope",3,3,0,2015,4,26,{"$nulls":8},"PREC","DB","METH_2",4.22999982,"mm",null,"S"]
["METEO","LTER_EU_BE_02","INBO","HOE1","AIR","EnvEurope",3,3,0,2015,4,27,{"$nulls":8},"PREC","DB","METH_2",0.01,"mm",null,"S"]
["METEO","LTER_EU_BE_02","INBO","HOE1","AIR","EnvEurope",3,3,0,2015,4,28,{"$nulls":8},"PREC","DB","METH_2",0,"mm",null,"S"]
["METEO","LTER_EU_BE_02","INBO","HOE1","AIR","EnvEurope",3,3,0,2015,4,29,{"$nulls":8},"PREC","DB","METH_2",0.07999999,"mm",null,"S"]
["METEO","LTER_EU_BE_02","INBO","HOE1","AIR","EnvEurope",3,3,0,2015,4,30,{"$nulls":8},"PREC","DB","METH_2",1.9599999000000001,"mm",null,"S"]
["METEO","LTER_EU_BE_02","INBO","HOE1","AIR","EnvEurope",3,3,0,2015,5,1,{"$nulls":8},"PREC","DB","METH_2",0,"mm",null,"S"]
["METEO","LTER_EU_BE_02","INBO","HOE1","AIR","EnvEurope",3,3,0,2015,5,2,{"$nulls":8},"PREC","DB","METH_2",0,"mm",null,"S"]
["METEO","LTER_EU_BE_02","INBO","HOE1","AIR","EnvEurope",3,3,0,2015,5,3,{"$nulls":8},"PREC","DB","METH_2",7.889999189999999,"mm",null,"S"]
["METEO","LTER_EU_BE_02","INBO","HOE1","AIR","EnvEurope",3,3,0,2015,5,4,{"$nulls":8},"PREC","DB","METH_2",15.349996280000003,"mm",null,"S"]
["METEO","LTER_EU_BE_02","INBO","HOE1","AIR","EnvEurope",3,3,0,2015,5,5,{"$nulls":8},"PREC","DB","METH_2",9.48999919,"mm",null,"S"]
["METEO","LTER_EU_BE_02","INBO","HOE1","AIR","EnvEurope",3,3,0,2015,5,6,{"$nulls":8},"PREC","DB","METH_2",4.069999999999999,"mm",null,"S"]
["METEO","LTER_EU_BE_02","INBO","HOE1","AIR","EnvEurope",3,3,0,2015,5,7,{"$nulls":8},"PREC","DB","METH_2",0.07,"mm",null,"S"]
["METEO","LTER_EU_BE_02","INBO","HOE1","AIR","EnvEurope",3,3,0,2015,5,8,{"$nulls":8},"PREC","DB","METH_2",0.08,"mm",null,"S"]
["METEO","LTER_EU_BE_02","INBO","HOE1","AIR","EnvEurope",3,3,0,2015,5,9,{"$nulls":8},"PREC","DB","METH_2",0.14,"mm",null,"S"]
["METEO","LTER_EU_BE_02","INBO","HOE1","AIR","EnvEurope",3,3,0,2015,5,10,{"$nulls":8},"PREC","DB","METH_2",0,"mm",null,"S"]
["METEO","LTER_EU_BE_02","INBO","HOE1","AIR","EnvEurope",3,3,0,2015,5,11,{"$nulls":8},"PREC","DB","METH_2",0,"mm",null,"S"]
["METEO","LTER_EU_BE_02","INBO","HOE1","AIR","EnvEurope",3,3,0,2015,5,12,{"$nulls":8},"PREC","DB","METH_2",0,"mm",null,"S"]
["METEO","LTER_EU_BE_02","INBO","HOE1","AIR","EnvEurope",3,3,0,2015,5,13,{"$nulls":8},"PREC","DB","METH_2",0,"mm",null,"S"]
["METEO","LTER_EU_BE_02","INBO","HOE1","AIR","EnvEurope",3,3,0,2015,5,14,{"$nulls":8},"PREC","DB","METH_2",4.939999489999999,"mm",null,"S"]
["METEO","LTER_EU_BE_02","INBO","HOE1","AIR","EnvEurope",3,3,0,2015,5,15,{"$nulls":8},"PREC","DB","METH_2",0.42999999000000005,"mm",null,"S"]
["METEO","LTER_EU_BE_02","INBO","HOE1","AIR","EnvEurope",3,3,0,2015,5,16,{"$nulls":8},"PREC","DB","METH_2",0,"mm",null,"S"]
["METEO","LTER_EU_BE_02","INBO","HOE1","AIR","EnvEurope",3,3,0,2015,5,17,{"$nulls":8},"PREC","DB","METH_2",0,"mm",null,"S"]
["METEO","LTER_EU_BE_02","INBO","HOE1","AIR","EnvEurope",3,3,0,2015,5,18,{"$nulls":8},"PREC","DB","METH_2",0.62999998,"mm",null,"S"]
["METEO","LTER_EU_BE_02","INBO","HOE1","AIR","EnvEurope",3,3,0,2015,5,19,{"$nulls":8},"PREC","DB","METH_2",3.9099994899999997,"mm",null,"S"]
["METEO","LTER_EU_BE_02","INBO","HOE1","AIR","EnvEurope",3,3,0,2015,5,20,{"$nulls":8},"PREC","DB","METH_2",0.28999998,"mm",null,"S"]
["METEO","LTER_EU_BE_02","INBO","HOE1","AIR","EnvEurope",3,3,0,2015,5,21,{"$nulls":8},"PREC","DB","METH_2",0,"mm",null,"S"]
["METEO","LTER_EU_BE_02","INBO","HOE1","AIR","EnvEurope",3,3,0,2015,5,22,{"$nulls":8},"PREC","DB","METH_2",0,"mm",null,"S"]
["METEO","LTER_EU_BE_02","INBO","HOE1","AIR","EnvEurope",3,3,0,2015,5,23,{"$nulls":8},"PREC","DB","METH_2",0,"mm",null,"S"]
["METEO","LTER_EU_BE_02","INBO","HOE1","AIR","EnvEurope",3,3,0,2015,5,24,{"$nulls":8},"PREC","DB","METH_2",0.10999998999999999,"mm",null,"S"]
["METEO","LTER_EU_BE_02","INBO","HOE1","AIR","EnvEurope",3,3,0,2015,5,25,{"$nulls":8},"PREC","DB","METH_2",0.5599999900000001,"mm",null,"S"]
["METEO","LTER_EU_BE_02","INBO","HOE1","AIR","EnvEurope",3,3,0,2015,5,26,{"$nulls":8},"PREC","DB","METH_2",0.01,"mm",null,"S"]
["METEO","LTER_EU_BE_02","INBO","HOE1","AIR","EnvEurope",3,3,0,2015,5,27,{"$nulls":8},"PREC","DB","METH_2",0,"mm",null,"S"]
["METEO","LTER_EU_BE_02","INBO","HOE1","AIR","EnvEurope",3,3,0,2015,5,28,{"$nulls":8},"PREC","DB","METH_2",0.10999998999999999,"mm",null,"S"]
["METEO","LTER_EU_BE_02","INBO","HOE1","AIR","EnvEurope",3,3,0,2015,5,29,{"$nulls":8},"PREC","DB","METH_2",9.299998089999999,"mm",null,"S"]
["METEO","LTER_EU_BE_02","INBO","HOE1","AIR","EnvEurope",3,3,0,2015,5,30,{"$nulls":8},"PREC","DB","METH_2",0.01,"mm",null,"S"]
["METEO","LTER_EU_BE_02","INBO","HOE1","AIR","EnvEurope",3,3,0,2015,5,31,{"$nulls":8},"PREC","DB","METH_2",2.40999997,"mm",null,"S"]
["METEO","LTER_EU_BE_02","INBO","HOE1","AIR","EnvEurope",3,3,0,2015,6,1,{"$nulls":8},"PREC","DB","METH_2",0.06,"mm",null,"S"]
["METEO","LTER_EU_BE_02","INBO","HOE1","AIR","EnvEurope",3,3,0,2015,6,2,{"$nulls":8},"PREC","DB","METH_2",1.12000008,"mm",null,"S"]
["METEO","LTER_EU_BE_02","INBO","HOE1","AIR","EnvEurope",3,3,0,2015,6,3,{"$nulls":8},"PREC","DB","METH_2",0.13999999999999999,"mm",null,"S"]
["METEO","LTER_EU_BE_02","INBO","HOE1","AIR","EnvEurope",3,3,0,2015,6,4,{"$nulls":8},"PREC","DB","METH_2",0,"mm",null,"S"]
["METEO","LTER_EU_BE_02","INBO","HOE1","AIR","EnvEurope",3,3,0,2015,6,5,{"$nulls":8},"PREC","DB","METH_2",18.790001190000005,"mm",null,"S"]
["METEO","LTER_EU_BE_02","INBO","HOE1","AIR","EnvEurope",3,3,0,2015,6,6,{"$nulls":8},"PREC","DB","METH_2",0.2,"mm",null,"S"]
["METEO","LTER_EU_BE_02","INBO","HOE1","AIR","EnvEurope",3,3,0,2015,6,7,{"$nulls":8},"PREC","DB","METH_2",0,"mm",null,"S"]
["METEO","LTER_EU_BE_02","INBO","HOE1","AIR","EnvEurope",3,3,0,2015,6,8,{"$nulls":8},"PREC","DB","METH_2",0,"mm",null,"S"]
["METEO","LTER_EU_BE_02","INBO","HOE1","AIR","EnvEurope",3,3,0,2015,6,9,{"$nulls":8},"PREC","DB","METH_2",0.03,"mm",null,"S"]
["METEO","LTER_EU_BE_02","INBO","HOE1","AIR","EnvEurope",3,3,0,2015,6,10,{"$nulls":8},"PREC","DB","METH_2",0,"mm",null,"S"]
["METEO","LTER_EU_BE_02","INBO","HOE1","AIR","EnvEurope",3,3,0,2015,6,11,{"$nulls":8},"PREC","DB","METH_2",0,"mm",null,"S"]
["METEO","LTER_EU_BE_02","INBO","HOE1","AIR","EnvEurope",3,3,0,2015,6,12,{"$nulls":8},"PREC","DB","METH_2",0.05,"mm",null,"S"]
["METEO","LTER_EU_BE_02","INBO","HOE1","AIR","EnvEurope",3,3,0,2015,6,13,{"$nulls":8},"PREC","DB","METH_2",1.4299999,"mm",null,"S"]
["METEO","LTER_EU_BE_02","INBO","HOE1","AIR","EnvEurope",3,3,0,2015,6,14,{"$nulls":8},"PREC","DB","METH_2",0,"mm",null,"S"]
["METEO","LTER_EU_BE_02","INBO","HOE1","AIR","EnvEurope",3,3,0,2015,6,15,{"$nulls":8},"PREC","DB","METH_2",0,"mm",null,"S"]
["METEO","LTER_EU_BE_02","INBO","HOE1","AIR","EnvEurope",3,3,0,2015,6,16,{"$nulls":8},"PREC","DB","METH_2",0,"mm",null,"S"]
["METEO","LTER_EU_BE_02","INBO","HOE1","AIR","EnvEurope",3,3,0,2015,6,17,{"$nulls":8},"PREC","DB","METH_2",0,"mm",null,"S"]
["METEO","LTER_EU_BE_02","INBO","HOE1","AIR","EnvEurope",3,3,0,2015,6,18,{"$nulls":8},"PREC","DB","METH_2",2.6099996800000005,"mm",null,"S"]
["METEO","LTER_EU_BE_02","INBO","HOE1","AIR","EnvEurope",3,3,0,2015,6,19,{"$nulls":8},"PREC","DB","METH_2",0,"mm",null,"S"]
["METEO","LTER_EU_BE_02","INBO","HOE1","AIR","EnvEurope",3,3,0,2015,6,20,{"$nulls":8},"PREC","DB","METH_2",2.3299994699999997,"mm",null,"S"]
["METEO","LTER_EU_BE_02","INBO","HOE1","AIR","EnvEurope",3,3,0,2015,6,21,{"$nulls":8},"PREC","DB","METH_2",0,"mm",null,"S"]
["METEO","LTER_EU_BE_02","INBO","HOE1","AIR","EnvEurope",3,3,0,2015,6,22,{"$nulls":8},"PREC","DB","METH_2",13.629998229999998,"mm",null,"S"]
["METEO","LTER_EU_BE_02","INBO","HOE1","AIR","EnvEurope",3,3,0,2015,6,23,{"$nulls":8},"PREC","DB","METH_2",1.3899998900000003,"mm",null,"S"]
["METEO","LTER_EU_BE_02","INBO","HOE1","AIR","EnvEurope",3,3,0,2015,6,24,{"$nulls":8},"PREC","DB","METH_2",0,"mm",null,"S"]
["METEO","LTER_EU_BE_02","INBO","HOE1","AIR","EnvEurope",3,3,0,2015,6,25,{"$nulls":8},"PREC","DB","METH_2",0,"mm",null,"S"]
["METEO","LTER_EU_BE_02","INBO","HOE1","AIR","EnvEurope",3,3,0,2015,6,26,{"$nulls":8},"PREC","DB","METH_2",0.66,"mm",null,"S"]
["METEO","LTER_EU_BE_02","INBO","HOE1","AIR","EnvEurope",3,3,0,2015,6,27,{"$nulls":8},"PREC","DB","METH_2",0.03,"mm",null,"S"]
["METEO","LTER_EU_BE_02","INBO","HOE1","AIR","EnvEurope",3,3,0,2015,6,28,{"$nulls":8},"PREC","DB","METH_2",0,"mm",null,"S"]
["METEO","LTER_EU_BE_02","INBO","HOE1","AIR","EnvEurope",3,3,0,2015,6,29,{"$nulls":8},"PREC","DB","METH_2",0,"mm",null,"S"]
["METEO","LTER_EU_BE_02","INBO","HOE1","AIR","EnvEurope",3,3,0,2015,6,30,{"$nulls":8},"PREC","DB","METH_2",0,"mm",null,"S"]
["METEO","LTER_EU_BE_02","INBO","HOE1","AIR","EnvEurope",3,3,0,2015,7,1,{"$nulls":8},"PREC","DB","METH_2",0,"mm",null,"S"]
["METEO","LTER_EU_BE_02","INBO","HOE1","AIR","EnvEurope",3,3,0,2015,7,2,{"$nulls":8},"PREC","DB","METH_2",0.01,"mm",null,"S"]
["METEO","LTER_EU_BE_02","INBO","HOE1","AIR","EnvEurope",3,3,0,2015,7,3,{"$nulls":8},"PREC","DB","METH_2",0,"mm",null,"S"]
["METEO","LTER_EU_BE_02","INBO","HOE1","AIR","EnvEurope",3,3,0,2015,7,4,{"$nulls":8},"PREC","DB","METH_2",0.52,"mm",null,"S"]
["METEO","LTER_EU_BE_02","INBO","HOE1","AIR","EnvEurope",3,3,0,2015,7,5,{"$nulls":8},"PREC","DB","METH_2",1.5299999,"mm",null,"S"]
["METEO","LTER_EU_BE_02","INBO","HOE1","AIR","EnvEurope",3,3,0,2015,7,6,{"$nulls":8},"PREC","DB","METH_2",0,"mm",null,"S"]
["METEO","LTER_EU_BE_02","INBO","HOE1","AIR","EnvEurope",3,3,0,2015,7,7,{"$nulls":8},"PREC","DB","METH_2",1.28999949,"mm",null,"S"]
["METEO","LTER_EU_BE_02","INBO","HOE1","AIR","EnvEurope",3,3,0,2015,7,8,{"$nulls":8},"PREC","DB","METH_2",0.45,"mm",null,"S"]
["METEO","LTER_EU_BE_02","INBO","HOE1","AIR","EnvEurope",3,3,0,2015,7,9,{"$nulls":8},"PREC","DB","METH_2",0.01,"mm",null,"S"]
["METEO","LTER_EU_BE_02","INBO","HOE1","AIR","EnvEurope",3,3,0,2015,7,10,{"$nulls":8},"PREC","DB","METH_2",0,"mm",null,"S"]
["METEO","LTER_EU_BE_02","INBO","HOE1","AIR","EnvEurope",3,3,0,2015,7,11,{"$nulls":8},"PREC","DB","METH_2",0,"mm",null,"S"]
["METEO","LTER_EU_BE_02","INBO","HOE1","AIR","EnvEurope",3,3,0,2015,7,12,{"$nulls":8},"PREC","DB","METH_2",0.15000000000000002,"mm",null,"S"]
["METEO","LTER_EU_BE_02","INBO","HOE1","AIR","EnvEurope",3,3,0,2015,7,13,{"$nulls":8},"PREC","DB","METH_2",1.6299998699999998,"mm",null,"S"]
["METEO","LTER_EU_BE_02","INBO","HOE1","AIR","EnvEurope",3,3,0,2015,7,14,{"$nulls":8},"PREC","DB","METH_2",0.03,"mm",null,"S"]
["METEO","LTER_EU_BE_02","INBO","HOE1","AIR","EnvEurope",3,3,0,2015,7,15,{"$nulls":8},"PREC","DB","METH_2",0,"mm",null,"S"]
["METEO","LTER_EU_BE_02","INBO","HOE1","AIR","EnvEurope",3,3,0,2015,7,16,{"$nulls":8},"PREC","DB","METH_2",0.22,"mm",null,"S"]
["METEO","LTER_EU_BE_02","INBO","HOE1","AIR","EnvEurope",3,3,0,2015,7,17,{"$nulls":8},"PREC","DB","METH_2",0.31999999999999995,"mm",null,"S"]
["METEO","LTER_EU_BE_02","INBO","HOE1","AIR","EnvEurope",3,3,0,2015,7,18,{"$nulls":8},"PREC","DB","METH_2",0.02,"mm",null,"S"]
["METEO","LTER_EU_BE_02","INBO","HOE1","AIR","EnvEurope",3,3,0,2015,7,19,{"$nulls":8},"PREC","DB","METH_2",13.859996,"mm",null,"S"]
["METEO","LTER_EU_BE_02","INBO","HOE1","AIR","EnvEurope",3,3,0,2015,7,20,{"$nulls":8},"PREC","DB","METH_2",0.5700000000000001,"mm",null,"S"]
["METEO","LTER_EU_BE_02","INBO","HOE1","AIR","EnvEurope",3,3,0,2015,7,21,{"$nulls":8},"PREC","DB","METH_2",0,"mm",null,"S"]
["METEO","LTER_EU_BE_02","INBO","HOE1","AIR","EnvEurope",3,3,0,2015,7,22,{"$nulls":8},"PREC","DB","METH_2",0.23,"mm",null,"S"]
["METEO","LTER_EU_BE_02","INBO","HOE1","AIR","EnvEurope",3,3,0,2015,7,23,{"$nulls":8},"PREC","DB","METH_2",0,"mm",null,"S"]
["METEO","LTER_EU_BE_02","INBO","HOE1","AIR","EnvEurope",3,3,0,2015,7,24,{"$nulls":8},"PREC","DB","METH_2",0.37999999,"mm",null,"S"]
["METEO","LTER_EU_BE_02","INBO","HOE1","AIR","EnvEurope",3,3,0,2015,7,25,{"$nulls":8},"PREC","DB","METH_2",12.639996589999996,"mm",null,"S"]
["METEO","LTER_EU_BE_02","INBO","HOE1","AIR","EnvEurope",3,3,0,2015,7,26,{"$nulls":8},"PREC","DB","METH_2",3.5899994799999986,"mm",null,"S"]
["METEO","LTER_EU_BE_02","INBO","HOE1","AIR","EnvEurope",3,3,0,2015,7,27,{"$nulls":8},"PREC","DB","METH_2",0.9199999900000001,"mm",null,"S"]
["METEO","LTER_EU_BE_02","INBO","HOE1","AIR","EnvEurope",3,3,0,2015,7,28,{"$nulls":8},"PREC","DB","METH_2",0.9299999000000001,"mm",null,"S"]
["METEO","LTER_EU_BE_02","INBO","HOE1","AIR","EnvEurope",3,3,0,2015,7,29,{"$nulls":8},"PREC","DB","METH_2",3.93999999,"mm",null,"S"]
["METEO","LTER_EU_BE_02","INBO","HOE1","AIR","EnvEurope",3,3,0,2015,7,30,{"$nulls":8},"PREC","DB","METH_2",0.9599998,"mm",null,"S"]
["METEO","LTER_EU_BE_02","INBO","HOE1","AIR","EnvEurope",3,3,0,2015,7,31,{"$nulls":8},"PREC","DB","METH_2",0,"mm",null,"S"]
["METEO","LTER_EU_BE_02","INBO","HOE1","AIR","EnvEurope",3,3,0,2015,8,1,{"$nulls":8},"PREC","DB","METH_2",0,"mm",null,"S"]
["METEO","LTER_EU_BE_02","INBO","HOE1","AIR","EnvEurope",3,3,0,2015,8,2,{"$nulls":8},"PREC","DB","METH_2",0,"mm",null,"S"]
["METEO","LTER_EU_BE_02","INBO","HOE1","AIR","EnvEurope",3,3,0,2015,8,3,{"$nulls":8},"PREC","DB","METH_2",0,"mm",null,"S"]
["METEO","LTER_EU_BE_02","INBO","HOE1","AIR","EnvEurope",3,3,0,2015,8,4,{"$nulls":8},"PREC","DB","METH_2",3.4800000800000004,"mm",null,"S"]
["METEO","LTER_EU_BE_02","INBO","HOE1","AIR","EnvEurope",3,3,0,2015,8,5,{"$nulls":8},"PREC","DB","METH_2",0,"mm",null,"S"]
["METEO","LTER_EU_BE_02","INBO","HOE1","AIR","EnvEurope",3,3,0,2015,8,6,{"$nulls":8},"PREC","DB","METH_2",0,"mm",null,"S"]
["METEO","LTER_EU_BE_02","INBO","HOE1","AIR","EnvEurope",3,3,0,2015,8,7,{"$nulls":8},"PREC","DB","METH_2",0.39,"mm",null,"S"]
["METEO","LTER_EU_BE_02","INBO","HOE1","AIR","EnvEurope",3,3,0,2015,8,8,{"$nulls":8},"PREC","DB","METH_2",0,"mm",null,"S"]
["METEO","LTER_EU_BE_02","INBO","HOE1","AIR","EnvEurope",3,3,0,2015,8,9,{"$nulls":8},"PREC","DB","METH_2",0.13,"mm",null,"S"]
["METEO","LTER_EU_BE_02","INBO","HOE1","AIR","EnvEurope",3,3,0,2015,8,10,{"$nulls":8},"PREC","DB","METH_2",0,"mm",null,"S"]
["METEO","LTER_EU_BE_02","INBO","HOE1","AIR","EnvEurope",3,3,0,2015,8,11,{"$nulls":8},"PREC","DB","METH_2",0,"mm",null,"S"]
["METEO","LTER_EU_BE_02","INBO","HOE1","AIR","EnvEurope",3,3,0,2015,8,12,{"$nulls":8},"PREC","DB","METH_2",0,"mm",null,"S"]
["METEO","LTER_EU_BE_02","INBO","HOE1","AIR","EnvEurope",3,3,0,2015,8,13,{"$nulls":8},"PREC","DB","METH_2",11.03999989,"mm",null,"S"]
["METEO","LTER_EU_BE_02","INBO","HOE1","AIR","EnvEurope",3,3,0,2015,8,14,{"$nulls":8},"PREC","DB","METH_2",4.819998989999999,"mm",null,"S"]
["METEO","LTER_EU_BE_02","INBO","HOE1","AIR","EnvEurope",3,3,0,2015,8,15,{"$nulls":8},"PREC","DB","METH_2",21.55999396000001,"mm",null,"S"]
["METEO","LTER_EU_BE_02","INBO","HOE1","AIR","EnvEurope",3,3,0,2015,8,16,{"$nulls":8},"PREC","DB","METH_2",0,"mm",null,"S"]
["METEO","LTER_EU_BE_02","INBO","HOE1","AIR","EnvEurope",3,3,0,2015,8,17,{"$nulls":8},"PREC","DB","METH_2",0.33999997000000004,"mm",null,"S"]
["METEO","LTER_EU_BE_02","INBO","HOE1","AIR","EnvEurope",3,3,0,2015,8,18,{"$nulls":8},"PREC","DB","METH_2",1.30999979,"mm",null,"S"]
["METEO","LTER_EU_BE_02","INBO","HOE1","AIR","EnvEurope",3,3,0,2015,8,19,{"$nulls":8},"PREC","DB","METH_2",0,"mm",null,"S"]
["METEO","LTER_EU_BE_02","INBO","HOE1","AIR","EnvEurope",3,3,0,2015,8,20,{"$nulls":8},"PREC","DB","METH_2",0,"mm",null,"S"]
["METEO","LTER_EU_BE_02","INBO","HOE1","AIR","EnvEurope",3,3,0,2015,8,21,{"$nulls":8},"PREC","DB","METH_2",0,"mm",null,"S"]
["METEO","LTER_EU_BE_02","INBO","HOE1","AIR","EnvEurope",3,3,0,2015,8,22,{"$nulls":8},"PREC","DB","METH_2",0,"mm",null,"S"]
["METEO","LTER_EU_BE_02","INBO","HOE1","AIR","EnvEurope",3,3,0,2015,8,23,{"$nulls":8},"PREC","DB","METH_2",1.4999995599999998,"mm",null,"S"]
["METEO","LTER_EU_BE_02","INBO","HOE1","AIR","EnvEurope",3,3,0,2015,8,24,{"$nulls":8},"PREC","DB","METH_2",3.65999959,"mm",null,"S"]
["METEO","LTER_EU_BE_02","INBO","HOE1","AIR","EnvEurope",3,3,0,2015,8,25,{"$nulls":8},"PREC","DB","METH_2",1.85999959,"mm",null,"S"]
["METEO","LTER_EU_BE_02","INBO","HOE1","AIR","EnvEurope",3,3,0,2015,8,26,{"$nulls":8},"PREC","DB","METH_2",1.1699998900000002,"mm",null,"S"]
["METEO","LTER_EU_BE_02","INBO","HOE1","AIR","EnvEurope",3,3,0,2015,8,27,{"$nulls":8},"PREC","DB","METH_2",13.159997739999998,"mm",null,"S"]
["METEO","LTER_EU_BE_02","INBO","HOE1","AIR","EnvEurope",3,3,0,2015,8,28,{"$nulls":8},"PREC","DB","METH_2",0,"mm",null,"S"]
["METEO","LTER_EU_BE_02","INBO","HOE1","AIR","EnvEurope",3,3,0,2015,8,29,{"$nulls":8},"PREC","DB","METH_2",0,"mm",null,"S"]
["METEO","LTER_EU_BE_02","INBO","HOE1","AIR","EnvEurope",3,3,0,2015,8,30,{"$nulls":8},"PREC","DB","METH_2",0.50999999,"mm",null,"S"]
["METEO","LTER_EU_BE_02","INBO","HOE1","AIR","EnvEurope",3,3,0,2015,8,31,{"$nulls":8},"PREC","DB","METH_2",3.9199999699999997,"mm",null,"S"]
["METEO","LTER_EU_BE_02","INBO","HOE1","AIR","EnvEurope",3,3,0,2015,9,1,{"$nulls":8},"PREC","DB","METH_2",3.49999999,"mm",null,"S"]
["METEO","LTER_EU_BE_02","INBO","HOE1","AIR","EnvEurope",3,3,0,2015,9,2,{"$nulls":8},"PREC","DB","METH_2",1.4499999799999999,"mm",null,"S"]
["METEO","LTER_EU_BE_02","INBO","HOE1","AIR","EnvEurope",3,3,0,2015,9,3,{"$nulls":8},"PREC","DB","METH_2",13.72000248,"mm",null,"S"]
["METEO","LTER_EU_BE_02","INBO","HOE1","AIR","EnvEurope",3,3,0,2015,9,4,{"$nulls":8},"PREC","DB","METH_2",0,"mm",null,"S"]
["METEO","LTER_EU_BE_02","INBO","HOE1","AIR","EnvEurope",3,3,0,2015,9,5,{"$nulls":8},"PREC","DB","METH_2",0.5799999800000001,"mm",null,"S"]
["METEO","LTER_EU_BE_02","INBO","HOE1","AIR","EnvEurope",3,3,0,2015,9,6,{"$nulls":8},"PREC","DB","METH_2",0.07,"mm",null,"S"]
["METEO","LTER_EU_BE_02","INBO","HOE1","AIR","EnvEurope",3,3,0,2015,9,7,{"$nulls":8},"PREC","DB","METH_2",0.06,"mm",null,"S"]
["METEO","LTER_EU_BE_02","INBO","HOE1","AIR","EnvEurope",3,3,0,2015,9,8,{"$nulls":8},"PREC","DB","METH_2",0,"mm",null,"S"]
["METEO","LTER_EU_BE_02","INBO","HOE1","AIR","EnvEurope",3,3,0,2015,9,9,{"$nulls":8},"PREC","DB","METH_2",0,"mm",null,"S"]
["METEO","LTER_EU_BE_02","INBO","HOE1","AIR","EnvEurope",3,3,0,2015,9,10,{"$nulls":8},"PREC","DB","METH_2",0,"mm",null,"S"]
["METEO","LTER_EU_BE_02","INBO","HOE1","AIR","EnvEurope",3,3,0,2015,9,11,{"$nulls":8},"PREC","DB","METH_2",0,"mm",null,"S"]
["METEO","LTER_EU_BE_02","INBO","HOE1","AIR","EnvEurope",3,3,0,2015,9,12,{"$nulls":8},"PREC","DB","METH_2",3.349999369999999,"mm",null,"S"]
["METEO","LTER_EU_BE_02","INBO","HOE1","AIR","EnvEurope",3,3,0,2015,9,13,{"$nulls":8},"PREC","DB","METH_2",3.6199997699999997,"mm",null,"S"]
["METEO","LTER_EU_BE_02","INBO","HOE1","AIR","EnvEurope",3,3,0,2015,9,14,{"$nulls":8},"PREC","DB","METH_2",11.989997590000002,"mm",null,"S"]
["METEO","LTER_EU_BE_02","INBO","HOE1","AIR","EnvEurope",3,3,0,2015,9,15,{"$nulls":8},"PREC","DB","METH_2",0.04,"mm",null,"S"]
["METEO","LTER_EU_BE_02","INBO","HOE1","AIR","EnvEurope",3,3,0,2015,9,16,{"$nulls":8},"PREC","DB","METH_2",6.39999908,"mm",null,"S"]
["METEO","LTER_EU_BE_02","INBO","HOE1","AIR","EnvEurope",3,3,0,2015,9,17,{"$nulls":8},"PREC","DB","METH_2",2.9699998799999996,"mm",null,"S"]
["METEO","LTER_EU_BE_02","INBO","HOE1","AIR","EnvEurope",3,3,0,2015,9,18,{"$nulls":8},"PREC","DB","METH_2",2.4399994899999995,"mm",null,"S"]
["METEO","LTER_EU_BE_02","INBO","HOE1","AIR","EnvEurope",3,3,0,2015,9,19,{"$nulls":8},"PREC","DB","METH_2",5.419999399999998,"mm",null,"S"]
["METEO","LTER_EU_BE_02","INBO","HOE1","AIR","EnvEurope",3,3,0,2015,9,20,{"$nulls":8},"PREC","DB","METH_2",0,"mm",null,"S"]
["METEO","LTER_EU_BE_02","INBO","HOE1","AIR","EnvEurope",3,3,0,2015,9,21,{"$nulls":8},"PREC","DB","METH_2",0.8399999700000002,"mm",null,"S"]
["METEO","LTER_EU_BE_02","INBO","HOE1","AIR","EnvEurope",3,3,0,2015,9,22,{"$nulls":8},"PREC","DB","METH_2",2.5199999799999997,"mm",null,"S"]
["METEO","LTER_EU_BE_02","INBO","HOE1","AIR","EnvEurope",3,3,0,2015,9,23,{"$nulls":8},"PREC","DB","METH_2",5.0499988799999995,"mm",null,"S"]
["METEO","LTER_EU_BE_02","INBO","HOE1","AIR","EnvEurope",3,3,0,2015,9,24,{"$nulls":8},"PREC","DB","METH_2",0.6299998,"mm",null,"S"]
["METEO","LTER_EU_BE_02","INBO","HOE1","AIR","EnvEurope",3,3,0,2015,9,25,{"$nulls":8},"PREC","DB","METH_2",0.04,"mm",null,"S"]
["METEO","LTER_EU_BE_02","INBO","HOE1","AIR","EnvEurope",3,3,0,2015,9,26,{"$nulls":8},"PREC","DB","METH_2",0,"mm",null,"S"]
["METEO","LTER_EU_BE_02","INBO","HOE1","AIR","EnvEurope",3,3,0,2015,9,27,{"$nulls":8},"PREC","DB","METH_2",0,"mm",null,"S"]
["METEO","LTER_EU_BE_02","INBO","HOE1","AIR","EnvEurope",3,3,0,2015,9,28,{"$nulls":8},"PREC","DB","METH_2",0,"mm",null,"S"]
["METEO","LTER_EU_BE_02","INBO","HOE1","AIR","EnvEurope",3,3,0,2015,9,29,{"$nulls":8},"PREC","DB","METH_2",0,"mm",null,"S"]
["METEO","LTER_EU_BE_02","INBO","HOE1","AIR","EnvEurope",3,3,0,2015,9,30,{"$nulls":8},"PREC","DB","METH_2",0,"mm",null,"S"]
["METEO","LTER_EU_BE_02","INBO","HOE1","AIR","EnvEurope",3,3,0,2016,1,1,{"$nulls":8},"TEMP","DB","METH_1",5.004017186315789,"°C",null,"X"]
["METEO","LTER_EU_BE_02","INBO","HOE1","AIR","EnvEurope",3,3,0,2016,1,2,{"$nulls":8},"TEMP","DB","METH_1",7.926839687499997,"°C",null,"X"]
["METEO","LTER_EU_BE_02","INBO","HOE1","AIR","EnvEurope",3,3,0,2016,1,3,{"$nulls":8},"TEMP","DB","METH_1",6.61934071875,"°C",null,"X"]
["METEO","LTER_EU_BE_02","INBO","HOE1","AIR","EnvEurope",3,3,0,2016,1,4,{"$nulls":8},"TEMP","DB","METH_1",6.643541781250003,"°C",null,"X"]
["METEO","LTER_EU_BE_02","INBO","HOE1","AIR","EnvEurope",3,3,0,2016,1,5,{"$nulls":8},"TEMP","DB","METH_1",6.748384458333329,"°C",null,"X"]
["METEO","LTER_EU_BE_02","INBO","HOE1","AIR","EnvEurope",3,3,0,2016,1,6,{"$nulls":8},"TEMP","DB","METH_1",6.580312406249998,"°C",null,"X"]
["METEO","LTER_EU_BE_02","INBO","HOE1","AIR","EnvEurope",3,3,0,2016,1,7,{"$nulls":8},"TEMP","DB","METH_1",6.516857843749997,"°C",null,"X"]
["METEO","LTER_EU_BE_02","INBO","HOE1","AIR","EnvEurope",3,3,0,2016,1,8,{"$nulls":8},"TEMP","DB","METH_1",4.9490276875,"°C",null,"X"]
["METEO","LTER_EU_BE_02","INBO","HOE1","AIR","EnvEurope",3,3,0,2016,1,9,{"$nulls":8},"TEMP","DB","METH_1",6.189426833333335,"°C",null,"X"]
["METEO","LTER_EU_BE_02","INBO","HOE1","AIR","EnvEurope",3,3,0,2016,1,10,{"$nulls":8},"TEMP","DB","METH_1",6.821006729166668,"°C",null,"X"]
["METEO","LTER_EU_BE_02","INBO","HOE1","AIR","EnvEurope",3,3,0,2016,1,11,{"$nulls":8},"TEMP","DB","METH_1",5.643332937499999,"°C",null,"X"]
["METEO","LTER_EU_BE_02","INBO","HOE1","AIR","EnvEurope",3,3,0,2016,1,12,{"$nulls":8},"TEMP","DB","METH_1",5.753038114583332,"°C",null,"X"]
["METEO","LTER_EU_BE_02","INBO","HOE1","AIR","EnvEurope",3,3,0,2016,1,13,{"$nulls":8},"TEMP","DB","METH_1",5.034861864583331,"°C",null,"X"]
["METEO","LTER_EU_BE_02","INBO","HOE1","AIR","EnvEurope",3,3,0,2016,1,14,{"$nulls":8},"TEMP","DB","METH_1",3.2385587604166655,"°C",null,"X"]
["METEO","LTER_EU_BE_02","INBO","HOE1","AIR","EnvEurope",3,3,0,2016,1,15,{"$nulls":8},"TEMP","DB","METH_1",1.4840625385416664,"°C",null,"X"]
["METEO","LTER_EU_BE_02","INBO","HOE1","AIR","EnvEurope",3,3,0,2016,1,16,{"$nulls":8},"TEMP","DB","METH_1",2.0664408572916666,"°C",null,"X"]
["METEO","LTER_EU_BE_02","INBO","HOE1","AIR","EnvEurope",3,3,0,2016,1,17,{"$nulls":8},"TEMP","DB","METH_1",-0.6382812508333333,"°C",null,"X"]
["METEO","LTER_EU_BE_02","INBO","HOE1","AIR","EnvEurope",3,3,0,2016,1,18,{"$nulls":8},"TEMP","DB","METH_1",-4.3911282770833315,"°C",null,"X"]
["METEO","LTER_EU_BE_02","INBO","HOE1","AIR","EnvEurope",3,3,0,2016,1,19,{"$nulls":8},"TEMP","DB","METH_1",-4.110034614270833,"°C",null,"X"]
["METEO","LTER_EU_BE_02","INBO","HOE1","AIR","EnvEurope",3,3,0,2016,1,20,{"$nulls":8},"TEMP","DB","METH_1",-1.2497744187500004,"°C",null,"X"]
["METEO","LTER_EU_BE_02","INBO","HOE1","AIR","EnvEurope",3,3,0,2016,1,21,{"$nulls":8},"TEMP","DB","METH_1",-0.5580032610416666,"°C",null,"X"]
["METEO","LTER_EU_BE_02","INBO","HOE1","AIR","EnvEurope",3,3,0,2016,1,22,{"$nulls":8},"TEMP","DB","METH_1",1.1783333114583334,"°C",null,"X"]
["METEO","LTER_EU_BE_02","INBO","HOE1","AIR","EnvEurope",3,3,0,2016,1,23,{"$nulls":8},"TEMP","DB","METH_1",6.0743229166666675,"°C",null,"X"]
["METEO","LTER_EU_BE_02","INBO","HOE1","AIR","EnvEurope",3,3,0,2016,1,24,{"$nulls":8},"TEMP","DB","METH_1",6.90923553125,"°C",null,"X"]
["METEO","LTER_EU_BE_02","INBO","HOE1","AIR","EnvEurope",3,3,0,2016,1,25,{"$nulls":8},"TEMP","DB","METH_1",10.239408916666665,"°C",null,"X"]
["METEO","LTER_EU_BE_02","INBO","HOE1","AIR","EnvEurope",3,3,0,2016,1,26,{"$nulls":8},"TEMP","DB","METH_1",9.91401096875,"°C",null,"X"]
["METEO","LTER_EU_BE_02","INBO","HOE1","AIR","EnvEurope",3,3,0,2016,1,27,{"$nulls":8},"TEMP","DB","METH_1",10.124999802083336,"°C",null,"X"]
["METEO","LTER_EU_BE_02","INBO","HOE1","AIR","EnvEurope",3,3,0,2016,1,28,{"$nulls":8},"TEMP","DB","METH_1",6.016823072916669,"°C",null,"X"]
["METEO","LTER_EU_BE_02","INBO","HOE1","AIR","EnvEurope",3,3,0,2016,1,29,{"$nulls":8},"TEMP","DB","METH_1",6.63045107291667,"°C",null,"X"]
["METEO","LTER_EU_BE_02","INBO","HOE1","AIR","EnvEurope",3,3,0,2016,1,30,{"$nulls":8},"TEMP","DB","METH_1",6.773438875000001,"°C",null,"X"]
["METEO","LTER_EU_BE_02","INBO","HOE1","AIR","EnvEurope",3,3,0,2016,1,31,{"$nulls":8},"TEMP","DB","METH_1",6.797447968750003,"°C",null,"X"]
["METEO","LTER_EU_BE_02","INBO","HOE1","AIR","EnvEurope",3,3,0,2016,10,1,{"$nulls":8},"TEMP","DB","METH_1",12.969792541666672,"°C",null,"X"]
["METEO","LTER_EU_BE_02","INBO","HOE1","AIR","EnvEurope",3,3,0,2016,10,2,{"$nulls":8},"TEMP","DB","METH_1",11.067916291666664,"°C",null,"X"]
["METEO","LTER_EU_BE_02","INBO","HOE1","AIR","EnvEurope",3,3,0,2016,10,3,{"$nulls":8},"TEMP","DB","METH_1",11.115885499999992,"°C",null,"X"]
["METEO","LTER_EU_BE_02","INBO","HOE1","AIR","EnvEurope",3,3,0,2016,10,4,{"$nulls":8},"TEMP","DB","METH_1",11.427690302083336,"°C",null,"X"]
["METEO","LTER_EU_BE_02","INBO","HOE1","AIR","EnvEurope",3,3,0,2016,10,5,{"$nulls":8},"TEMP","DB","METH_1",9.503906447916666,"°C",null,"X"]
["METEO","LTER_EU_BE_02","INBO","HOE1","AIR","EnvEurope",3,3,0,2016,10,6,{"$nulls":8},"TEMP","DB","METH_1",7.615017843750003,"°C",null,"X"]
["METEO","LTER_EU_BE_02","INBO","HOE1","AIR","EnvEurope",3,3,0,2016,10,7,{"$nulls":8},"TEMP","DB","METH_1",10.629686947916664,"°C",null,"X"]
["METEO","LTER_EU_BE_02","INBO","HOE1","AIR","EnvEurope",3,3,0,2016,10,8,{"$nulls":8},"TEMP","DB","METH_1",9.804721645833336,"°C",null,"X"]
["METEO","LTER_EU_BE_02","INBO","HOE1","AIR","EnvEurope",3,3,0,2016,10,9,{"$nulls":8},"TEMP","DB","METH_1",6.646492770833333,"°C",null,"X"]
["METEO","LTER_EU_BE_02","INBO","HOE1","AIR","EnvEurope",3,3,0,2016,10,10,{"$nulls":8},"TEMP","DB","METH_1",7.608749895833338,"°C",null,"X"]
["METEO","LTER_EU_BE_02","INBO","HOE1","AIR","EnvEurope",3,3,0,2016,10,11,{"$nulls":8},"TEMP","DB","METH_1",6.296614447916666,"°C",null,"X"]
["METEO","LTER_EU_BE_02","INBO","HOE1","AIR","EnvEurope",3,3,0,2016,10,12,{"$nulls":8},"TEMP","DB","METH_1",7.973315322916666,"°C",null,"X"]
["METEO","LTER_EU_BE_02","INBO","HOE1","AIR","EnvEurope",3,3,0,2016,10,13,{"$nulls":8},"TEMP","DB","METH_1",7.795364729166668,"°C",null,"X"]
["METEO","LTER_EU_BE_02","INBO","HOE1","AIR","EnvEurope",3,3,0,2016,10,14,{"$nulls":8},"TEMP","DB","METH_1",9.379878239583334,"°C",null,"X"]
["METEO","LTER_EU_BE_02","INBO","HOE1","AIR","EnvEurope",3,3,0,2016,10,15,{"$nulls":8},"TEMP","DB","METH_1",11.509566197916667,"°C",null,"X"]
["METEO","LTER_EU_BE_02","INBO","HOE1","AIR","EnvEurope",3,3,0,2016,10,16,{"$nulls":8},"TEMP","DB","METH_1",12.847153541666666,"°C",null,"X"]
["METEO","LTER_EU_BE_02","INBO","HOE1","AIR","EnvEurope",3,3,0,2016,10,17,{"$nulls":8},"TEMP","DB","METH_1",11.436249885416666,"°C",null,"X"]
["METEO","LTER_EU_BE_02","INBO","HOE1","AIR","EnvEurope",3,3,0,2016,10,18,{"$nulls":8},"TEMP","DB","METH_1",9.741214874999999,"°C",null,"X"]
["METEO","LTER_EU_BE_02","INBO","HOE1","AIR","EnvEurope",3,3,0,2016,10,19,{"$nulls":8},"TEMP","DB","METH_1",8.430085854166665,"°C",null,"X"]
["METEO","LTER_EU_BE_02","INBO","HOE1","AIR","EnvEurope",3,3,0,2016,10,20,{"$nulls":8},"TEMP","DB","METH_1",9.429669760416663,"°C",null,"X"]
["METEO","LTER_EU_BE_02","INBO","HOE1","AIR","EnvEurope",3,3,0,2016,10,21,{"$nulls":8},"TEMP","DB","METH_1",6.5569964687499995,"°C",null,"X"]
["METEO","LTER_EU_BE_02","INBO","HOE1","AIR","EnvEurope",3,3,0,2016,10,22,{"$nulls":8},"TEMP","DB","METH_1",7.2060766979166635,"°C",null,"X"]
["METEO","LTER_EU_BE_02","INBO","HOE1","AIR","EnvEurope",3,3,0,2016,10,23,{"$nulls":8},"TEMP","DB","METH_1",4.1805037437499974,"°C",null,"X"]
["METEO","LTER_EU_BE_02","INBO","HOE1","AIR","EnvEurope",3,3,0,2016,10,24,{"$nulls":8},"TEMP","DB","METH_1",8.325121677083336,"°C",null,"X"]
["METEO","LTER_EU_BE_02","INBO","HOE1","AIR","EnvEurope",3,3,0,2016,10,25,{"$nulls":8},"TEMP","DB","METH_1",8.955156406250003,"°C",null,"X"]
["METEO","LTER_EU_BE_02","INBO","HOE1","AIR","EnvEurope",3,3,0,2016,10,26,{"$nulls":8},"TEMP","DB","METH_1",6.463263093750002,"°C",null,"X"]
["METEO","LTER_EU_BE_02","INBO","HOE1","AIR","EnvEurope",3,3,0,2016,10,27,{"$nulls":8},"TEMP","DB","METH_1",10.155120541666667,"°C",null,"X"]
["METEO","LTER_EU_BE_02","INBO","HOE1","AIR","EnvEurope",3,3,0,2016,10,28,{"$nulls":8},"TEMP","DB","METH_1",11.75498239583334,"°C",null,"X"]
["METEO","LTER_EU_BE_02","INBO","HOE1","AIR","EnvEurope",3,3,0,2016,10,29,{"$nulls":8},"TEMP","DB","METH_1",11.680225156249998,"°C",null,"X"]
["METEO","LTER_EU_BE_02","INBO","HOE1","AIR","EnvEurope",3,3,0,2016,10,30,{"$nulls":8},"TEMP","DB","METH_1",8.796666802083335,"°C",null,"X"]
["METEO","LTER_EU_BE_02","INBO","HOE1","AIR","EnvEurope",3,3,0,2016,10,31,{"$nulls":8},"TEMP","DB","METH_1",9.697500312500003,"°C",null,"X"]
["METEO","LTER_EU_BE_02","INBO","HOE1","AIR","EnvEurope",3,3,0,2016,11,1,{"$nulls":8},"TEMP","DB","METH_1",9.426927614583333,"°C",null,"X"]
["METEO","LTER_EU_BE_02","INBO","HOE1","AIR","EnvEurope",3,3,0,2016,11,2,{"$nulls":8},"TEMP","DB","METH_1",7.642396197916668,"°C",null,"X"]
["METEO","LTER_EU_BE_02","INBO","HOE1","AIR","EnvEurope",3,3,0,2016,11,3,{"$nulls":8},"TEMP","DB","METH_1",6.168472166666667,"°C",null,"X"]
["METEO","LTER_EU_BE_02","INBO","HOE1","AIR","EnvEurope",3,3,0,2016,11,4,{"$nulls":8},"TEMP","DB","METH_1",6.6145834374999986,"°C",null,"X"]
["METEO","LTER_EU_BE_02","INBO","HOE1","AIR","EnvEurope",3,3,0,2016,11,5,{"$nulls":8},"TEMP","DB","METH_1",7.330833968749996,"°C",null,"X"]
["METEO","LTER_EU_BE_02","INBO","HOE1","AIR","EnvEurope",3,3,0,2016,11,6,{"$nulls":8},"TEMP","DB","METH_1",4.878784614583333,"°C",null,"X"]
["METEO","LTER_EU_BE_02","INBO","HOE1","AIR","EnvEurope",3,3,0,2016,11,7,{"$nulls":8},"TEMP","DB","METH_1",4.190937520833333,"°C",null,"X"]
["METEO","LTER_EU_BE_02","INBO","HOE1","AIR","EnvEurope",3,3,0,2016,11,8,{"$nulls":8},"TEMP","DB","METH_1",2.3810068772916666,"°C",null,"X"]
["METEO","LTER_EU_BE_02","INBO","HOE1","AIR","EnvEurope",3,3,0,2016,11,9,{"$nulls":8},"TEMP","DB","METH_1",3.978558760416668,"°C",null,"X"]
["METEO","LTER_EU_BE_02","INBO","HOE1","AIR","EnvEurope",3,3,0,2016,11,10,{"$nulls":8},"TEMP","DB","METH_1",6.645052218750002,"°C",null,"X"]
["METEO","LTER_EU_BE_02","INBO","HOE1","AIR","EnvEurope",3,3,0,2016,11,11,{"$nulls":8},"TEMP","DB","METH_1",3.083541816354168,"°C",null,"X"]
["METEO","LTER_EU_BE_02","INBO","HOE1","AIR","EnvEurope",3,3,0,2016,11,12,{"$nulls":8},"TEMP","DB","METH_1",1.0054515784375002,"°C",null,"X"]
["METEO","LTER_EU_BE_02","INBO","HOE1","AIR","EnvEurope",3,3,0,2016,11,13,{"$nulls":8},"TEMP","DB","METH_1",4.654791937500001,"°C",null,"X"]
["METEO","LTER_EU_BE_02","INBO","HOE1","AIR","EnvEurope",3,3,0,2016,11,14,{"$nulls":8},"TEMP","DB","METH_1",4.676527656249999,"°C",null,"X"]
["METEO","LTER_EU_BE_02","INBO","HOE1","AIR","EnvEurope",3,3,0,2016,11,15,{"$nulls":8},"TEMP","DB","METH_1",8.83682357291667,"°C",null,"X"]
["METEO","LTER_EU_BE_02","INBO","HOE1","AIR","EnvEurope",3,3,0,2016,11,16,{"$nulls":8},"TEMP","DB","METH_1",12.138523750000003,"°C",null,"X"]
["METEO","LTER_EU_BE_02","INBO","HOE1","AIR","EnvEurope",3,3,0,2016,11,17,{"$nulls":8},"TEMP","DB","METH_1",10.399288666666665,"°C",null,"X"]
["METEO","LTER_EU_BE_02","INBO","HOE1","AIR","EnvEurope",3,3,0,2016,11,18,{"$nulls":8},"TEMP","DB","METH_1",6.661423677083334,"°C",null,"X"]
["METEO","LTER_EU_BE_02","INBO","HOE1","AIR","EnvEurope",3,3,0,2016,11,19,{"$nulls":8},"TEMP","DB","METH_1",5.698472729166671,"°C",null,"X"]
["METEO","LTER_EU_BE_02","INBO","HOE1","AIR","EnvEurope",3,3,0,2016,11,20,{"$nulls":8},"TEMP","DB","METH_1",9.65534678125,"°C",null,"X"]
["METEO","LTER_EU_BE_02","INBO","HOE1","AIR","EnvEurope",3,3,0,2016,11,21,{"$nulls":8},"TEMP","DB","METH_1",12.148038062500001,"°C",null,"X"]
["METEO","LTER_EU_BE_02","INBO","HOE1","AIR","EnvEurope",3,3,0,2016,11,22,{"$nulls":8},"TEMP","DB","METH_1",10.789444020833336,"°C",null,"X"]
["METEO","LTER_EU_BE_02","INBO","HOE1","AIR","EnvEurope",3,3,0,2016,11,23,{"$nulls":8},"TEMP","DB","METH_1",9.515294895833337,"°C",null,"X"]
["METEO","LTER_EU_BE_02","INBO","HOE1","AIR","EnvEurope",3,3,0,2016,11,24,{"$nulls":8},"TEMP","DB","METH_1",8.883611958333333,"°C",null,"X"]
["METEO","LTER_EU_BE_02","INBO","HOE1","AIR","EnvEurope",3,3,0,2016,11,25,{"$nulls":8},"TEMP","DB","METH_1",4.979496479166664,"°C",null,"X"]
["METEO","LTER_EU_BE_02","INBO","HOE1","AIR","EnvEurope",3,3,0,2016,11,26,{"$nulls":8},"TEMP","DB","METH_1",4.990486288541667,"°C",null,"X"]
["METEO","LTER_EU_BE_02","INBO","HOE1","AIR","EnvEurope",3,3,0,2016,11,27,{"$nulls":8},"TEMP","DB","METH_1",4.429895889583333,"°C",null,"X"]
["METEO","LTER_EU_BE_02","INBO","HOE1","AIR","EnvEurope",3,3,0,2016,11,28,{"$nulls":8},"TEMP","DB","METH_1",2.3896179607291663,"°C",null,"X"]
["METEO","LTER_EU_BE_02","INBO","HOE1","AIR","EnvEurope",3,3,0,2016,11,29,{"$nulls":8},"TEMP","DB","METH_1",-1.3202777072916665,"°C",null,"X"]
["METEO","LTER_EU_BE_02","INBO","HOE1","AIR","EnvEurope",3,3,0,2016,11,30,{"$nulls":8},"TEMP","DB","METH_1",-1.6679511346875004,"°C",null,"X"]
["METEO","LTER_EU_BE_02","INBO","HOE1","AIR","EnvEurope",3,3,0,2016,12,1,{"$nulls":8},"TEMP","DB","METH_1",2.6948439641666666,"°C",null,"X"]
["METEO","LTER_EU_BE_02","INBO","HOE1","AIR","EnvEurope",3,3,0,2016,12,2,{"$nulls":8},"TEMP","DB","METH_1",6.408575906249996,"°C",null,"X"]
["METEO","LTER_EU_BE_02","INBO","HOE1","AIR","EnvEurope",3,3,0,2016,12,3,{"$nulls":8},"TEMP","DB","METH_1",2.3683679558333326,"°C",null,"X"]
["METEO","LTER_EU_BE_02","INBO","HOE1","AIR","EnvEurope",3,3,0,2016,12,4,{"$nulls":8},"TEMP","DB","METH_1",-0.5232984722916668,"°C",null,"X"]
["METEO","LTER_EU_BE_02","INBO","HOE1","AIR","EnvEurope",3,3,0,2016,12,5,{"$nulls":8},"TEMP","DB","METH_1",-0.7721179642708335,"°C",null,"X"]
["METEO","LTER_EU_BE_02","INBO","HOE1","AIR","EnvEurope",3,3,0,2016,12,6,{"$nulls":8},"TEMP","DB","METH_1",0.5494965602083334,"°C",null,"X"]
["METEO","LTER_EU_BE_02","INBO","HOE1","AIR","EnvEurope",3,3,0,2016,12,7,{"$nulls":8},"TEMP","DB","METH_1",6.414912961458332,"°C",null,"X"]
["METEO","LTER_EU_BE_02","INBO","HOE1","AIR","EnvEurope",3,3,0,2016,12,8,{"$nulls":8},"TEMP","DB","METH_1",6.937951302083334,"°C",null,"X"]
["METEO","LTER_EU_BE_02","INBO","HOE1","AIR","EnvEurope",3,3,0,2016,12,9,{"$nulls":8},"TEMP","DB","METH_1",8.701041927083331,"°C",null,"X"]
["METEO","LTER_EU_BE_02","INBO","HOE1","AIR","EnvEurope",3,3,0,2016,12,10,{"$nulls":8},"TEMP","DB","METH_1",7.067708781249999,"°C",null,"X"]
["METEO","LTER_EU_BE_02","INBO","HOE1","AIR","EnvEurope",3,3,0,2016,12,11,{"$nulls":8},"TEMP","DB","METH_1",7.704634666666667,"°C",null,"X"]
["METEO","LTER_EU_BE_02","INBO","HOE1","AIR","EnvEurope",3,3,0,2016,12,12,{"$nulls":8},"TEMP","DB","METH_1",6.094948239583332,"°C",null,"X"]
["METEO","LTER_EU_BE_02","INBO","HOE1","AIR","EnvEurope",3,3,0,2016,12,13,{"$nulls":8},"TEMP","DB","METH_1",6.174496635416666,"°C",null,"X"]
["METEO","LTER_EU_BE_02","INBO","HOE1","AIR","EnvEurope",3,3,0,2016,12,14,{"$nulls":8},"TEMP","DB","METH_1",6.6084722708333326,"°C",null,"X"]
["METEO","LTER_EU_BE_02","INBO","HOE1","AIR","EnvEurope",3,3,0,2016,12,15,{"$nulls":8},"TEMP","DB","METH_1",4.077153042708334,"°C",null,"X"]
["METEO","LTER_EU_BE_02","INBO","HOE1","AIR","EnvEurope",3,3,0,2016,12,16,{"$nulls":8},"TEMP","DB","METH_1",6.352587364583331,"°C",null,"X"]
["METEO","LTER_EU_BE_02","INBO","HOE1","AIR","EnvEurope",3,3,0,2016,12,17,{"$nulls":8},"TEMP","DB","METH_1",3.9169623612500004,"°C",null,"X"]
["METEO","LTER_EU_BE_02","INBO","HOE1","AIR","EnvEurope",3,3,0,2016,12,18,{"$nulls":8},"TEMP","DB","METH_1",6.109651979166665,"°C",null,"X"]
["METEO","LTER_EU_BE_02","INBO","HOE1","AIR","EnvEurope",3,3,0,2016,12,19,{"$nulls":8},"TEMP","DB","METH_1",5.707812229166666,"°C",null,"X"]
["METEO","LTER_EU_BE_02","INBO","HOE1","AIR","EnvEurope",3,3,0,2016,12,20,{"$nulls":8},"TEMP","DB","METH_1",0.326944474375,"°C",null,"X"]
["METEO","LTER_EU_BE_02","INBO","HOE1","AIR","EnvEurope",3,3,0,2016,12,21,{"$nulls":8},"TEMP","DB","METH_1",3.700312341666667,"°C",null,"X"]
["METEO","LTER_EU_BE_02","INBO","HOE1","AIR","EnvEurope",3,3,0,2016,12,22,{"$nulls":8},"TEMP","DB","METH_1",5.828715250000005,"°C",null,"X"]
["METEO","LTER_EU_BE_02","INBO","HOE1","AIR","EnvEurope",3,3,0,2016,12,23,{"$nulls":8},"TEMP","DB","METH_1",5.273524208333332,"°C",null,"X"]
["METEO","LTER_EU_BE_02","INBO","HOE1","AIR","EnvEurope",3,3,0,2016,12,24,{"$nulls":8},"TEMP","DB","METH_1",7.414582645833334,"°C",null,"X"]
["METEO","LTER_EU_BE_02","INBO","HOE1","AIR","EnvEurope",3,3,0,2016,12,25,{"$nulls":8},"TEMP","DB","METH_1",9.128437718749998,"°C",null,"X"]
["METEO","LTER_EU_BE_02","INBO","HOE1","AIR","EnvEurope",3,3,0,2016,12,26,{"$nulls":8},"TEMP","DB","METH_1",7.397309044791665,"°C",null,"X"]
["METEO","LTER_EU_BE_02","INBO","HOE1","AIR","EnvEurope",3,3,0,2016,12,27,{"$nulls":8},"TEMP","DB","METH_1",1.8702084865624986,"°C",null,"X"]
["METEO","LTER_EU_BE_02","INBO","HOE1","AIR","EnvEurope",3,3,0,2016,12,28,{"$nulls":8},"TEMP","DB","METH_1",0.23657988614583347,"°C",null,"X"]
["METEO","LTER_EU_BE_02","INBO","HOE1","AIR","EnvEurope",3,3,0,2016,12,29,{"$nulls":8},"TEMP","DB","METH_1",-1.20352436,"°C",null,"X"]
["METEO","LTER_EU_BE_02","INBO","HOE1","AIR","EnvEurope",3,3,0,2016,12,30,{"$nulls":8},"TEMP","DB","METH_1",-2.415572382395835,"°C",null,"X"]
["METEO","LTER_EU_BE_02","INBO","HOE1","AIR","EnvEurope",3,3,0,2016,12,31,{"$nulls":8},"TEMP","DB","METH_1",-2.5347566354166666,"°C",null,"X"]
["METEO","LTER_EU_BE_02","INBO","HOE1","AIR","EnvEurope",3,3,0,2016,2,1,{"$nulls":8},"TEMP","DB","METH_1",10.882587083333336,"°C",null,"X"]
["METEO","LTER_EU_BE_02","INBO","HOE1","AIR","EnvEurope",3,3,0,2016,2,2,{"$nulls":8},"TEMP","DB","METH_1",8.212361010416668,"°C",null,"X"]
["METEO","LTER_EU_BE_02","INBO","HOE1","AIR","EnvEurope",3,3,0,2016,2,3,{"$nulls":8},"TEMP","DB","METH_1",4.570746499999997,"°C",null,"X"]
["METEO","LTER_EU_BE_02","INBO","HOE1","AIR","EnvEurope",3,3,0,2016,2,4,{"$nulls":8},"TEMP","DB","METH_1",5.010208198958332,"°C",null,"X"]
["METEO","LTER_EU_BE_02","INBO","HOE1","AIR","EnvEurope",3,3,0,2016,2,5,{"$nulls":8},"TEMP","DB","METH_1",8.609983364583334,"°C",null,"X"]
["METEO","LTER_EU_BE_02","INBO","HOE1","AIR","EnvEurope",3,3,0,2016,2,6,{"$nulls":8},"TEMP","DB","METH_1",9.895034312499996,"°C",null,"X"]
["METEO","LTER_EU_BE_02","INBO","HOE1","AIR","EnvEurope",3,3,0,2016,2,7,{"$nulls":8},"TEMP","DB","METH_1",8.715381468750001,"°C",null,"X"]
["METEO","LTER_EU_BE_02","INBO","HOE1","AIR","EnvEurope",3,3,0,2016,2,8,{"$nulls":8},"TEMP","DB","METH_1",8.083402572916668,"°C",null,"X"]
["METEO","LTER_EU_BE_02","INBO","HOE1","AIR","EnvEurope",3,3,0,2016,2,9,{"$nulls":8},"TEMP","DB","METH_1",5.018992802083335,"°C",null,"X"]
["METEO","LTER_EU_BE_02","INBO","HOE1","AIR","EnvEurope",3,3,0,2016,2,10,{"$nulls":8},"TEMP","DB","METH_1",3.958993020833334,"°C",null,"X"]
["METEO","LTER_EU_BE_02","INBO","HOE1","AIR","EnvEurope",3,3,0,2016,2,11,{"$nulls":8},"TEMP","DB","METH_1",3.4461806802083337,"°C",null,"X"]
["METEO","LTER_EU_BE_02","INBO","HOE1","AIR","EnvEurope",3,3,0,2016,2,12,{"$nulls":8},"TEMP","DB","METH_1",2.7169271506250006,"°C",null,"X"]
["METEO","LTER_EU_BE_02","INBO","HOE1","AIR","EnvEurope",3,3,0,2016,2,13,{"$nulls":8},"TEMP","DB","METH_1",0.3513538807291671,"°C",null,"X"]
["METEO","LTER_EU_BE_02","INBO","HOE1","AIR","EnvEurope",3,3,0,2016,2,14,{"$nulls":8},"TEMP","DB","METH_1",2.202656072916668,"°C",null,"X"]
["METEO","LTER_EU_BE_02","INBO","HOE1","AIR","EnvEurope",3,3,0,2016,2,15,{"$nulls":8},"TEMP","DB","METH_1",2.8104686434375004,"°C",null,"X"]
["METEO","LTER_EU_BE_02","INBO","HOE1","AIR","EnvEurope",3,3,0,2016,2,16,{"$nulls":8},"TEMP","DB","METH_1",-0.48973967604166657,"°C",null,"X"]
["METEO","LTER_EU_BE_02","INBO","HOE1","AIR","EnvEurope",3,3,0,2016,2,17,{"$nulls":8},"TEMP","DB","METH_1",-0.5497220197916673,"°C",null,"X"]
["METEO","LTER_EU_BE_02","INBO","HOE1","AIR","EnvEurope",3,3,0,2016,2,18,{"$nulls":8},"TEMP","DB","METH_1",1.7711110751770833,"°C",null,"X"]
["METEO","LTER_EU_BE_02","INBO","HOE1","AIR","EnvEurope",3,3,0,2016,2,19,{"$nulls":8},"TEMP","DB","METH_1",3.4614238229166676,"°C",null,"X"]
["METEO","LTER_EU_BE_02","INBO","HOE1","AIR","EnvEurope",3,3,0,2016,2,20,{"$nulls":8},"TEMP","DB","METH_1",8.037118114583334,"°C",null,"X"]
["METEO","LTER_EU_BE_02","INBO","HOE1","AIR","EnvEurope",3,3,0,2016,2,21,{"$nulls":8},"TEMP","DB","METH_1",10.771059989583334,"°C",null,"X"]
["METEO","LTER_EU_BE_02","INBO","HOE1","AIR","EnvEurope",3,3,0,2016,2,22,{"$nulls":8},"TEMP","DB","METH_1",8.085954937499997,"°C",null,"X"]
["METEO","LTER_EU_BE_02","INBO","HOE1","AIR","EnvEurope",3,3,0,2016,2,23,{"$nulls":8},"TEMP","DB","METH_1",3.365954939791667,"°C",null,"X"]
["METEO","LTER_EU_BE_02","INBO","HOE1","AIR","EnvEurope",3,3,0,2016,2,24,{"$nulls":8},"TEMP","DB","METH_1",1.3535418537500001,"°C",null,"X"]
["METEO","LTER_EU_BE_02","INBO","HOE1","AIR","EnvEurope",3,3,0,2016,2,25,{"$nulls":8},"TEMP","DB","METH_1",1.0935764040625,"°C",null,"X"]
["METEO","LTER_EU_BE_02","INBO","HOE1","AIR","EnvEurope",3,3,0,2016,2,26,{"$nulls":8},"TEMP","DB","METH_1",1.8603994578124992,"°C",null,"X"]
["METEO","LTER_EU_BE_02","INBO","HOE1","AIR","EnvEurope",3,3,0,2016,2,27,{"$nulls":8},"TEMP","DB","METH_1",3.2182812208333336,"°C",null,"X"]
["METEO","LTER_EU_BE_02","INBO","HOE1","AIR","EnvEurope",3,3,0,2016,2,28,{"$nulls":8},"TEMP","DB","METH_1",2.5893228126041663,"°C",null,"X"]
["METEO","LTER_EU_BE_02","INBO","HOE1","AIR","EnvEurope",3,3,0,2016,2,29,{"$nulls":8},"TEMP","DB","METH_1",2.1554339659374997,"°C",null,"X"]
["METEO","LTER_EU_BE_02","INBO","HOE1","AIR","EnvEurope",3,3,0,2016,3,1,{"$nulls":8},"TEMP","DB","METH_1",1.4426041791666673,"°C",null,"X"]
["METEO","LTER_EU_BE_02","INBO","HOE1","AIR","EnvEurope",3,3,0,2016,3,2,{"$nulls":8},"TEMP","DB","METH_1",5.858159312500001,"°C",null,"X"]
["METEO","LTER_EU_BE_02","INBO","HOE1","AIR","EnvEurope",3,3,0,2016,3,3,{"$nulls":8},"TEMP","DB","METH_1",3.056371373645833,"°C",null,"X"]
["METEO","LTER_EU_BE_02","INBO","HOE1","AIR","EnvEurope",3,3,0,2016,3,4,{"$nulls":8},"TEMP","DB","METH_1",2.8289583255208335,"°C",null,"X"]
["METEO","LTER_EU_BE_02","INBO","HOE1","AIR","EnvEurope",3,3,0,2016,3,5,{"$nulls":8},"TEMP","DB","METH_1",1.2709030135416663,"°C",null,"X"]
["METEO","LTER_EU_BE_02","INBO","HOE1","AIR","EnvEurope",3,3,0,2016,3,6,{"$nulls":8},"TEMP","DB","METH_1",2.916892481249999,"°C",null,"X"]
["METEO","LTER_EU_BE_02","INBO","HOE1","AIR","EnvEurope",3,3,0,2016,3,7,{"$nulls":8},"TEMP","DB","METH_1",1.3406598357291664,"°C",null,"X"]
["METEO","LTER_EU_BE_02","INBO","HOE1","AIR","EnvEurope",3,3,0,2016,3,8,{"$nulls":8},"TEMP","DB","METH_1",2.5747741626041667,"°C",null,"X"]
["METEO","LTER_EU_BE_02","INBO","HOE1","AIR","EnvEurope",3,3,0,2016,3,9,{"$nulls":8},"TEMP","DB","METH_1",5.1729859166666685,"°C",null,"X"]
["METEO","LTER_EU_BE_02","INBO","HOE1","AIR","EnvEurope",3,3,0,2016,3,10,{"$nulls":8},"TEMP","DB","METH_1",3.8335242287500004,"°C",null,"X"]
["METEO","LTER_EU_BE_02","INBO","HOE1","AIR","EnvEurope",3,3,0,2016,3,11,{"$nulls":8},"TEMP","DB","METH_1",3.795711765416666,"°C",null,"X"]
["METEO","LTER_EU_BE_02","INBO","HOE1","AIR","EnvEurope",3,3,0,2016,3,12,{"$nulls":8},"TEMP","DB","METH_1",3.8574302927083335,"°C",null,"X"]
["METEO","LTER_EU_BE_02","INBO","HOE1","AIR","EnvEurope",3,3,0,2016,3,13,{"$nulls":8},"TEMP","DB","METH_1",3.9738194261458335,"°C",null,"X"]
["METEO","LTER_EU_BE_02","INBO","HOE1","AIR","EnvEurope",3,3,0,2016,3,14,{"$nulls":8},"TEMP","DB","METH_1",3.4266843376041667,"°C",null,"X"]
["METEO","LTER_EU_BE_02","INBO","HOE1","AIR","EnvEurope",3,3,0,2016,3,15,{"$nulls":8},"TEMP","DB","METH_1",3.9358506083333324,"°C",null,"X"]
["METEO","LTER_EU_BE_02","INBO","HOE1","AIR","EnvEurope",3,3,0,2016,3,16,{"$nulls":8},"TEMP","DB","METH_1",5.466475927083333,"°C",null,"X"]
["METEO","LTER_EU_BE_02","INBO","HOE1","AIR","EnvEurope",3,3,0,2016,3,17,{"$nulls":8},"TEMP","DB","METH_1",5.212395651041665,"°C",null,"X"]
["METEO","LTER_EU_BE_02","INBO","HOE1","AIR","EnvEurope",3,3,0,2016,3,18,{"$nulls":8},"TEMP","DB","METH_1",3.4525517948958324,"°C",null,"X"]
["METEO","LTER_EU_BE_02","INBO","HOE1","AIR","EnvEurope",3,3,0,2016,3,19,{"$nulls":8},"TEMP","DB","METH_1",5.492725687500001,"°C",null,"X"]
["METEO","LTER_EU_BE_02","INBO","HOE1","AIR","EnvEurope",3,3,0,2016,3,20,{"$nulls":8},"TEMP","DB","METH_1",6.099757072916666,"°C",null,"X"]
["METEO","LTER_EU_BE_02","INBO","HOE1","AIR","EnvEurope",3,3,0,2016,3,21,{"$nulls":8},"TEMP","DB","METH_1",7.290867937499999,"°C",null,"X"]
["METEO","LTER_EU_BE_02","INBO","HOE1","AIR","EnvEurope",3,3,0,2016,3,22,{"$nulls":8},"TEMP","DB","METH_1",7.240746732291668,"°C",null,"X"]
["METEO","LTER_EU_BE_02","INBO","HOE1","AIR","EnvEurope",3,3,0,2016,3,23,{"$nulls":8},"TEMP","DB","METH_1",7.003038458333333,"°C",null,"X"]
["METEO","LTER_EU_BE_02","INBO","HOE1","AIR","EnvEurope",3,3,0,2016,3,24,{"$nulls":8},"TEMP","DB","METH_1",7.170989218750001,"°C",null,"X"]
["METEO","LTER_EU_BE_02","INBO","HOE1","AIR","EnvEurope",3,3,0,2016,3,25,{"$nulls":8},"TEMP","DB","METH_1",6.7488371666666644,"°C",null,"X"]
["METEO","LTER_EU_BE_02","INBO","HOE1","AIR","EnvEurope",3,3,0,2016,3,26,{"$nulls":8},"TEMP","DB","METH_1",7.889444377708334,"°C",null,"X"]
["METEO","LTER_EU_BE_02","INBO","HOE1","AIR","EnvEurope",3,3,0,2016,3,27,{"$nulls":8},"TEMP","DB","METH_1",9.422881822916665,"°C",null,"X"]
["METEO","LTER_EU_BE_02","INBO","HOE1","AIR","EnvEurope",3,3,0,2016,3,28,{"$nulls":8},"TEMP","DB","METH_1",9.093298125000004,"°C",null,"X"]
["METEO","LTER_EU_BE_02","INBO","HOE1","AIR","EnvEurope",3,3,0,2016,3,29,{"$nulls":8},"TEMP","DB","METH_1",8.3849481875,"°C",null,"X"]
["METEO","LTER_EU_BE_02","INBO","HOE1","AIR","EnvEurope",3,3,0,2016,3,30,{"$nulls":8},"TEMP","DB","METH_1",9.410347833333331,"°C",null,"X"]
["METEO","LTER_EU_BE_02","INBO","HOE1","AIR","EnvEurope",3,3,0,2016,3,31,{"$nulls":8},"TEMP","DB","METH_1",6.67411458333333,"°C",null,"X"]
["METEO","LTER_EU_BE_02","INBO","HOE1","AIR","EnvEurope",3,3,0,2016,4,1,{"$nulls":8},"TEMP","DB","METH_1",7.313472479166665,"°C",null,"X"]
["METEO","LTER_EU_BE_02","INBO","HOE1","AIR","EnvEurope",3,3,0,2016,4,2,{"$nulls":8},"TEMP","DB","METH_1",9.828177010416669,"°C",null,"X"]
["METEO","LTER_EU_BE_02","INBO","HOE1","AIR","EnvEurope",3,3,0,2016,4,3,{"$nulls":8},"TEMP","DB","METH_1",15.722031354166667,"°C",null,"X"]
["METEO","LTER_EU_BE_02","INBO","HOE1","AIR","EnvEurope",3,3,0,2016,4,4,{"$nulls":8},"TEMP","DB","METH_1",12.880728656250005,"°C",null,"X"]
["METEO","LTER_EU_BE_02","INBO","HOE1","AIR","EnvEurope",3,3,0,2016,4,5,{"$nulls":8},"TEMP","DB","METH_1",10.751389031249994,"°C",null,"X"]
["METEO","LTER_EU_BE_02","INBO","HOE1","AIR","EnvEurope",3,3,0,2016,4,6,{"$nulls":8},"TEMP","DB","METH_1",8.887951541666661,"°C",null,"X"]
["METEO","LTER_EU_BE_02","INBO","HOE1","AIR","EnvEurope",3,3,0,2016,4,7,{"$nulls":8},"TEMP","DB","METH_1",7.647465010416666,"°C",null,"X"]
["METEO","LTER_EU_BE_02","INBO","HOE1","AIR","EnvEurope",3,3,0,2016,4,8,{"$nulls":8},"TEMP","DB","METH_1",7.683385489583333,"°C",null,"X"]
["METEO","LTER_EU_BE_02","INBO","HOE1","AIR","EnvEurope",3,3,0,2016,4,9,{"$nulls":8},"TEMP","DB","METH_1",9.286753395833335,"°C",null,"X"]
["METEO","LTER_EU_BE_02","INBO","HOE1","AIR","EnvEurope",3,3,0,2016,4,10,{"$nulls":8},"TEMP","DB","METH_1",9.89940971875,"°C",null,"X"]
["METEO","LTER_EU_BE_02","INBO","HOE1","AIR","EnvEurope",3,3,0,2016,4,11,{"$nulls":8},"TEMP","DB","METH_1",13.594410604166667,"°C",null,"X"]
["METEO","LTER_EU_BE_02","INBO","HOE1","AIR","EnvEurope",3,3,0,2016,4,12,{"$nulls":8},"TEMP","DB","METH_1",10.938992916666663,"°C",null,"X"]
["METEO","LTER_EU_BE_02","INBO","HOE1","AIR","EnvEurope",3,3,0,2016,4,13,{"$nulls":8},"TEMP","DB","METH_1",7.897743239583336,"°C",null,"X"]
["METEO","LTER_EU_BE_02","INBO","HOE1","AIR","EnvEurope",3,3,0,2016,4,14,{"$nulls":8},"TEMP","DB","METH_1",9.210225706250002,"°C",null,"X"]
["METEO","LTER_EU_BE_02","INBO","HOE1","AIR","EnvEurope",3,3,0,2016,4,15,{"$nulls":8},"TEMP","DB","METH_1",11.502344552083335,"°C",null,"X"]
["METEO","LTER_EU_BE_02","INBO","HOE1","AIR","EnvEurope",3,3,0,2016,4,16,{"$nulls":8},"TEMP","DB","METH_1",9.143784104166665,"°C",null,"X"]
["METEO","LTER_EU_BE_02","INBO","HOE1","AIR","EnvEurope",3,3,0,2016,4,17,{"$nulls":8},"TEMP","DB","METH_1",5.503472041666666,"°C",null,"X"]
["METEO","LTER_EU_BE_02","INBO","HOE1","AIR","EnvEurope",3,3,0,2016,4,18,{"$nulls":8},"TEMP","DB","METH_1",6.393159524302084,"°C",null,"X"]
["METEO","LTER_EU_BE_02","INBO","HOE1","AIR","EnvEurope",3,3,0,2016,4,19,{"$nulls":8},"TEMP","DB","METH_1",9.733645999999998,"°C",null,"X"]
["METEO","LTER_EU_BE_02","INBO","HOE1","AIR","EnvEurope",3,3,0,2016,4,20,{"$nulls":8},"TEMP","DB","METH_1",9.204323135416665,"°C",null,"X"]
["METEO","LTER_EU_BE_02","INBO","HOE1","AIR","EnvEurope",3,3,0,2016,4,21,{"$nulls":8},"TEMP","DB","METH_1",12.563316458333333,"°C",null,"X"]
["METEO","LTER_EU_BE_02","INBO","HOE1","AIR","EnvEurope",3,3,0,2016,4,22,{"$nulls":8},"TEMP","DB","METH_1",11.102726104166665,"°C",null,"X"]
["METEO","LTER_EU_BE_02","INBO","HOE1","AIR","EnvEurope",3,3,0,2016,4,23,{"$nulls":8},"TEMP","DB","METH_1",6.974756447916664,"°C",null,"X"]
["METEO","LTER_EU_BE_02","INBO","HOE1","AIR","EnvEurope",3,3,0,2016,4,24,{"$nulls":8},"TEMP","DB","METH_1",3.9518923822916676,"°C",null,"X"]
["METEO","LTER_EU_BE_02","INBO","HOE1","AIR","EnvEurope",3,3,0,2016,4,25,{"$nulls":8},"TEMP","DB","METH_1",4.016770667916666,"°C",null,"X"]
["METEO","LTER_EU_BE_02","INBO","HOE1","AIR","EnvEurope",3,3,0,2016,4,26,{"$nulls":8},"TEMP","DB","METH_1",3.0821701510416664,"°C",null,"X"]
["METEO","LTER_EU_BE_02","INBO","HOE1","AIR","EnvEurope",3,3,0,2016,4,27,{"$nulls":8},"TEMP","DB","METH_1",4.4295661364583365,"°C",null,"X"]
["METEO","LTER_EU_BE_02","INBO","HOE1","AIR","EnvEurope",3,3,0,2016,4,28,{"$nulls":8},"TEMP","DB","METH_1",4.121875170000001,"°C",null,"X"]
["METEO","LTER_EU_BE_02","INBO","HOE1","AIR","EnvEurope",3,3,0,2016,4,29,{"$nulls":8},"TEMP","DB","METH_1",6.7424130208333315,"°C",null,"X"]
["METEO","LTER_EU_BE_02","INBO","HOE1","AIR","EnvEurope",3,3,0,2016,4,30,{"$nulls":8},"TEMP","DB","METH_1",7.501371197916666,"°C",null,"X"]
["METEO","LTER_EU_BE_02","INBO","HOE1","AIR","EnvEurope",3,3,0,2016,5,1,{"$nulls":8},"TEMP","DB","METH_1",8.287205104166667,"°C",null,"X"]
["METEO","LTER_EU_BE_02","INBO","HOE1","AIR","EnvEurope",3,3,0,2016,5,2,{"$nulls":8},"TEMP","DB","METH_1",10.401892281250001,"°C",null,"X"]
["METEO","LTER_EU_BE_02","INBO","HOE1","AIR","EnvEurope",3,3,0,2016,5,3,{"$nulls":8},"TEMP","DB","METH_1",10.743142239583333,"°C",null,"X"]
["METEO","LTER_EU_BE_02","INBO","HOE1","AIR","EnvEurope",3,3,0,2016,5,4,{"$nulls":8},"TEMP","DB","METH_1",8.986059658333339,"°C",null,"X"]
["METEO","LTER_EU_BE_02","INBO","HOE1","AIR","EnvEurope",3,3,0,2016,5,5,{"$nulls":8},"TEMP","DB","METH_1",11.944322541666667,"°C",null,"X"]
["METEO","LTER_EU_BE_02","INBO","HOE1","AIR","EnvEurope",3,3,0,2016,5,6,{"$nulls":8},"TEMP","DB","METH_1",15.175919197916663,"°C",null,"X"]
["METEO","LTER_EU_BE_02","INBO","HOE1","AIR","EnvEurope",3,3,0,2016,5,7,{"$nulls":8},"TEMP","DB","METH_1",17.340243541666663,"°C",null,"X"]
["METEO","LTER_EU_BE_02","INBO","HOE1","AIR","EnvEurope",3,3,0,2016,5,8,{"$nulls":8},"TEMP","DB","METH_1",18.529825822916667,"°C",null,"X"]
["METEO","LTER_EU_BE_02","INBO","HOE1","AIR","EnvEurope",3,3,0,2016,5,9,{"$nulls":8},"TEMP","DB","METH_1",18.514827187499993,"°C",null,"X"]
["METEO","LTER_EU_BE_02","INBO","HOE1","AIR","EnvEurope",3,3,0,2016,5,10,{"$nulls":8},"TEMP","DB","METH_1",16.37482708333334,"°C",null,"X"]
["METEO","LTER_EU_BE_02","INBO","HOE1","AIR","EnvEurope",3,3,0,2016,5,11,{"$nulls":8},"TEMP","DB","METH_1",17.43361104166667,"°C",null,"X"]
["METEO","LTER_EU_BE_02","INBO","HOE1","AIR","EnvEurope",3,3,0,2016,5,12,{"$nulls":8},"TEMP","DB","METH_1",16.806458645833327,"°C",null,"X"]
["METEO","LTER_EU_BE_02","INBO","HOE1","AIR","EnvEurope",3,3,0,2016,5,13,{"$nulls":8},"TEMP","DB","METH_1",16.717413124999993,"°C",null,"X"]
["METEO","LTER_EU_BE_02","INBO","HOE1","AIR","EnvEurope",3,3,0,2016,5,14,{"$nulls":8},"TEMP","DB","METH_1",9.645833135416668,"°C",null,"X"]
["METEO","LTER_EU_BE_02","INBO","HOE1","AIR","EnvEurope",3,3,0,2016,5,15,{"$nulls":8},"TEMP","DB","METH_1",8.241179958333335,"°C",null,"X"]
["METEO","LTER_EU_BE_02","INBO","HOE1","AIR","EnvEurope",3,3,0,2016,5,16,{"$nulls":8},"TEMP","DB","METH_1",9.919288604166663,"°C",null,"X"]
["METEO","LTER_EU_BE_02","INBO","HOE1","AIR","EnvEurope",3,3,0,2016,5,17,{"$nulls":8},"TEMP","DB","METH_1",11.725972572916662,"°C",null,"X"]
["METEO","LTER_EU_BE_02","INBO","HOE1","AIR","EnvEurope",3,3,0,2016,5,18,{"$nulls":8},"TEMP","DB","METH_1",12.793801645833334,"°C",null,"X"]
["METEO","LTER_EU_BE_02","INBO","HOE1","AIR","EnvEurope",3,3,0,2016,5,19,{"$nulls":8},"TEMP","DB","METH_1",12.261736458333338,"°C",null,"X"]
["METEO","LTER_EU_BE_02","INBO","HOE1","AIR","EnvEurope",3,3,0,2016,5,20,{"$nulls":8},"TEMP","DB","METH_1",13.809097333333327,"°C",null,"X"]
["METEO","LTER_EU_BE_02","INBO","HOE1","AIR","EnvEurope",3,3,0,2016,5,21,{"$nulls":8},"TEMP","DB","METH_1",17.698750312500007,"°C",null,"X"]
["METEO","LTER_EU_BE_02","INBO","HOE1","AIR","EnvEurope",3,3,0,2016,5,22,{"$nulls":8},"TEMP","DB","METH_1",15.511857187499997,"°C",null,"X"]
["METEO","LTER_EU_BE_02","INBO","HOE1","AIR","EnvEurope",3,3,0,2016,5,23,{"$nulls":8},"TEMP","DB","METH_1",11.661058229166665,"°C",null,"X"]
["METEO","LTER_EU_BE_02","INBO","HOE1","AIR","EnvEurope",3,3,0,2016,5,24,{"$nulls":8},"TEMP","DB","METH_1",11.508316270833335,"°C",null,"X"]
["METEO","LTER_EU_BE_02","INBO","HOE1","AIR","EnvEurope",3,3,0,2016,5,25,{"$nulls":8},"TEMP","DB","METH_1",10.25430603125,"°C",null,"X"]
["METEO","LTER_EU_BE_02","INBO","HOE1","AIR","EnvEurope",3,3,0,2016,5,26,{"$nulls":8},"TEMP","DB","METH_1",14.987673135416662,"°C",null,"X"]
["METEO","LTER_EU_BE_02","INBO","HOE1","AIR","EnvEurope",3,3,0,2016,5,27,{"$nulls":8},"TEMP","DB","METH_1",16.868715520833327,"°C",null,"X"]
["METEO","LTER_EU_BE_02","INBO","HOE1","AIR","EnvEurope",3,3,0,2016,5,28,{"$nulls":8},"TEMP","DB","METH_1",16.968697083333332,"°C",null,"X"]
["METEO","LTER_EU_BE_02","INBO","HOE1","AIR","EnvEurope",3,3,0,2016,5,29,{"$nulls":8},"TEMP","DB","METH_1",15.887708645833328,"°C",null,"X"]
["METEO","LTER_EU_BE_02","INBO","HOE1","AIR","EnvEurope",3,3,0,2016,5,30,{"$nulls":8},"TEMP","DB","METH_1",14.103384374999989,"°C",null,"X"]
["METEO","LTER_EU_BE_02","INBO","HOE1","AIR","EnvEurope",3,3,0,2016,5,31,{"$nulls":8},"TEMP","DB","METH_1",15.250902708333333,"°C",null,"X"]
["METEO","LTER_EU_BE_02","INBO","HOE1","AIR","EnvEurope",3,3,0,2016,6,1,{"$nulls":8},"TEMP","DB","METH_1",14.4576915625,"°C",null,"X"]
["METEO","LTER_EU_BE_02","INBO","HOE1","AIR","EnvEurope",3,3,0,2016,6,2,{"$nulls":8},"TEMP","DB","METH_1",14.103576562500004,"°C",null,"X"]
["METEO","LTER_EU_BE_02","INBO","HOE1","AIR","EnvEurope",3,3,0,2016,6,3,{"$nulls":8},"TEMP","DB","METH_1",14.6336628125,"°C",null,"X"]
["METEO","LTER_EU_BE_02","INBO","HOE1","AIR","EnvEurope",3,3,0,2016,6,4,{"$nulls":8},"TEMP","DB","METH_1",14.683055729166675,"°C",null,"X"]
["METEO","LTER_EU_BE_02","INBO","HOE1","AIR","EnvEurope",3,3,0,2016,6,5,{"$nulls":8},"TEMP","DB","METH_1",18.102970833333334,"°C",null,"X"]
["METEO","LTER_EU_BE_02","INBO","HOE1","AIR","EnvEurope",3,3,0,2016,6,6,{"$nulls":8},"TEMP","DB","METH_1",19.26288135416667,"°C",null,"X"]
["METEO","LTER_EU_BE_02","INBO","HOE1","AIR","EnvEurope",3,3,0,2016,6,7,{"$nulls":8},"TEMP","DB","METH_1",19.083819791666674,"°C",null,"X"]
["METEO","LTER_EU_BE_02","INBO","HOE1","AIR","EnvEurope",3,3,0,2016,6,8,{"$nulls":8},"TEMP","DB","METH_1",17.659774791666663,"°C",null,"X"]
["METEO","LTER_EU_BE_02","INBO","HOE1","AIR","EnvEurope",3,3,0,2016,6,9,{"$nulls":8},"TEMP","DB","METH_1",16.222083020833324,"°C",null,"X"]
["METEO","LTER_EU_BE_02","INBO","HOE1","AIR","EnvEurope",3,3,0,2016,6,10,{"$nulls":8},"TEMP","DB","METH_1",15.592969041666668,"°C",null,"X"]
["METEO","LTER_EU_BE_02","INBO","HOE1","AIR","EnvEurope",3,3,0,2016,6,11,{"$nulls":8},"TEMP","DB","METH_1",16.6387821875,"°C",null,"X"]
["METEO","LTER_EU_BE_02","INBO","HOE1","AIR","EnvEurope",3,3,0,2016,6,12,{"$nulls":8},"TEMP","DB","METH_1",16.61300333333333,"°C",null,"X"]
["METEO","LTER_EU_BE_02","INBO","HOE1","AIR","EnvEurope",3,3,0,2016,6,13,{"$nulls":8},"TEMP","DB","METH_1",15.579738020833334,"°C",null,"X"]
["METEO","LTER_EU_BE_02","INBO","HOE1","AIR","EnvEurope",3,3,0,2016,6,14,{"$nulls":8},"TEMP","DB","METH_1",15.371042083333341,"°C",null,"X"]
["METEO","LTER_EU_BE_02","INBO","HOE1","AIR","EnvEurope",3,3,0,2016,6,15,{"$nulls":8},"TEMP","DB","METH_1",13.922741989583336,"°C",null,"X"]
["METEO","LTER_EU_BE_02","INBO","HOE1","AIR","EnvEurope",3,3,0,2016,6,16,{"$nulls":8},"TEMP","DB","METH_1",12.907951083333337,"°C",null,"X"]
["METEO","LTER_EU_BE_02","INBO","HOE1","AIR","EnvEurope",3,3,0,2016,6,17,{"$nulls":8},"TEMP","DB","METH_1",14.319913333333332,"°C",null,"X"]
["METEO","LTER_EU_BE_02","INBO","HOE1","AIR","EnvEurope",3,3,0,2016,6,18,{"$nulls":8},"TEMP","DB","METH_1",14.207569791666664,"°C",null,"X"]
["METEO","LTER_EU_BE_02","INBO","HOE1","AIR","EnvEurope",3,3,0,2016,6,19,{"$nulls":8},"TEMP","DB","METH_1",14.340399270833332,"°C",null,"X"]
["METEO","LTER_EU_BE_02","INBO","HOE1","AIR","EnvEurope",3,3,0,2016,6,20,{"$nulls":8},"TEMP","DB","METH_1",15.018800937499995,"°C",null,"X"]
["METEO","LTER_EU_BE_02","INBO","HOE1","AIR","EnvEurope",3,3,0,2016,6,21,{"$nulls":8},"TEMP","DB","METH_1",16.948314791666668,"°C",null,"X"]
["METEO","LTER_EU_BE_02","INBO","HOE1","AIR","EnvEurope",3,3,0,2016,6,22,{"$nulls":8},"TEMP","DB","METH_1",19.604427395833333,"°C",null,"X"]
["METEO","LTER_EU_BE_02","INBO","HOE1","AIR","EnvEurope",3,3,0,2016,6,23,{"$nulls":8},"TEMP","DB","METH_1",22.524912812500006,"°C",null,"X"]
["METEO","LTER_EU_BE_02","INBO","HOE1","AIR","EnvEurope",3,3,0,2016,6,24,{"$nulls":8},"TEMP","DB","METH_1",19.63541583333333,"°C",null,"X"]
["METEO","LTER_EU_BE_02","INBO","HOE1","AIR","EnvEurope",3,3,0,2016,6,25,{"$nulls":8},"TEMP","DB","METH_1",15.395486041666667,"°C",null,"X"]
["METEO","LTER_EU_BE_02","INBO","HOE1","AIR","EnvEurope",3,3,0,2016,6,26,{"$nulls":8},"TEMP","DB","METH_1",13.691267145833335,"°C",null,"X"]
["METEO","LTER_EU_BE_02","INBO","HOE1","AIR","EnvEurope",3,3,0,2016,6,27,{"$nulls":8},"TEMP","DB","METH_1",14.995069062500006,"°C",null,"X"]
["METEO","LTER_EU_BE_02","INBO","HOE1","AIR","EnvEurope",3,3,0,2016,6,28,{"$nulls":8},"TEMP","DB","METH_1",16.826596770833337,"°C",null,"X"]
["METEO","LTER_EU_BE_02","INBO","HOE1","AIR","EnvEurope",3,3,0,2016,6,29,{"$nulls":8},"TEMP","DB","METH_1",15.963696666666666,"°C",null,"X"]
["METEO","LTER_EU_BE_02","INBO","HOE1","AIR","EnvEurope",3,3,0,2016,6,30,{"$nulls":8},"TEMP","DB","METH_1",16.080834062500003,"°C",null,"X"]
["METEO","LTER_EU_BE_02","INBO","HOE1","AIR","EnvEurope",3,3,0,2016,7,1,{"$nulls":8},"TEMP","DB","METH_1",17.429114270833328,"°C",null,"X"]
["METEO","LTER_EU_BE_02","INBO","HOE1","AIR","EnvEurope",3,3,0,2016,7,2,{"$nulls":8},"TEMP","DB","METH_1",14.1394790625,"°C",null,"X"]
["METEO","LTER_EU_BE_02","INBO","HOE1","AIR","EnvEurope",3,3,0,2016,7,3,{"$nulls":8},"TEMP","DB","METH_1",14.475589791666671,"°C",null,"X"]
["METEO","LTER_EU_BE_02","INBO","HOE1","AIR","EnvEurope",3,3,0,2016,7,4,{"$nulls":8},"TEMP","DB","METH_1",16.006024552083325,"°C",null,"X"]
["METEO","LTER_EU_BE_02","INBO","HOE1","AIR","EnvEurope",3,3,0,2016,7,5,{"$nulls":8},"TEMP","DB","METH_1",16.315139479166664,"°C",null,"X"]
["METEO","LTER_EU_BE_02","INBO","HOE1","AIR","EnvEurope",3,3,0,2016,7,6,{"$nulls":8},"TEMP","DB","METH_1",15.740035208333332,"°C",null,"X"]
["METEO","LTER_EU_BE_02","INBO","HOE1","AIR","EnvEurope",3,3,0,2016,7,7,{"$nulls":8},"TEMP","DB","METH_1",16.86746559375,"°C",null,"X"]
["METEO","LTER_EU_BE_02","INBO","HOE1","AIR","EnvEurope",3,3,0,2016,7,8,{"$nulls":8},"TEMP","DB","METH_1",18.68652666666667,"°C",null,"X"]
["METEO","LTER_EU_BE_02","INBO","HOE1","AIR","EnvEurope",3,3,0,2016,7,9,{"$nulls":8},"TEMP","DB","METH_1",19.626615312499997,"°C",null,"X"]
["METEO","LTER_EU_BE_02","INBO","HOE1","AIR","EnvEurope",3,3,0,2016,7,10,{"$nulls":8},"TEMP","DB","METH_1",21.553853854166665,"°C",null,"X"]
["METEO","LTER_EU_BE_02","INBO","HOE1","AIR","EnvEurope",3,3,0,2016,7,11,{"$nulls":8},"TEMP","DB","METH_1",18.44774260416666,"°C",null,"X"]
["METEO","LTER_EU_BE_02","INBO","HOE1","AIR","EnvEurope",3,3,0,2016,7,12,{"$nulls":8},"TEMP","DB","METH_1",15.714115208333334,"°C",null,"X"]
["METEO","LTER_EU_BE_02","INBO","HOE1","AIR","EnvEurope",3,3,0,2016,7,13,{"$nulls":8},"TEMP","DB","METH_1",12.948593125000002,"°C",null,"X"]
["METEO","LTER_EU_BE_02","INBO","HOE1","AIR","EnvEurope",3,3,0,2016,7,14,{"$nulls":8},"TEMP","DB","METH_1",14.040868177083338,"°C",null,"X"]
["METEO","LTER_EU_BE_02","INBO","HOE1","AIR","EnvEurope",3,3,0,2016,7,15,{"$nulls":8},"TEMP","DB","METH_1",15.232134968750003,"°C",null,"X"]
["METEO","LTER_EU_BE_02","INBO","HOE1","AIR","EnvEurope",3,3,0,2016,7,16,{"$nulls":8},"TEMP","DB","METH_1",18.226319270833336,"°C",null,"X"]
["METEO","LTER_EU_BE_02","INBO","HOE1","AIR","EnvEurope",3,3,0,2016,7,17,{"$nulls":8},"TEMP","DB","METH_1",19.433992916666668,"°C",null,"X"]
["METEO","LTER_EU_BE_02","INBO","HOE1","AIR","EnvEurope",3,3,0,2016,7,18,{"$nulls":8},"TEMP","DB","METH_1",21.226474999999994,"°C",null,"X"]
["METEO","LTER_EU_BE_02","INBO","HOE1","AIR","EnvEurope",3,3,0,2016,7,19,{"$nulls":8},"TEMP","DB","METH_1",22.783177708333323,"°C",null,"X"]
["METEO","LTER_EU_BE_02","INBO","HOE1","AIR","EnvEurope",3,3,0,2016,7,20,{"$nulls":8},"TEMP","DB","METH_1",23.6690275,"°C",null,"X"]
["METEO","LTER_EU_BE_02","INBO","HOE1","AIR","EnvEurope",3,3,0,2016,7,21,{"$nulls":8},"TEMP","DB","METH_1",21.011822604166667,"°C",null,"X"]
["METEO","LTER_EU_BE_02","INBO","HOE1","AIR","EnvEurope",3,3,0,2016,7,22,{"$nulls":8},"TEMP","DB","METH_1",20.723627812500002,"°C",null,"X"]
["METEO","LTER_EU_BE_02","INBO","HOE1","AIR","EnvEurope",3,3,0,2016,7,23,{"$nulls":8},"TEMP","DB","METH_1",19.448575729166667,"°C",null,"X"]
["METEO","LTER_EU_BE_02","INBO","HOE1","AIR","EnvEurope",3,3,0,2016,7,24,{"$nulls":8},"TEMP","DB","METH_1",19.593870729166667,"°C",null,"X"]
["METEO","LTER_EU_BE_02","INBO","HOE1","AIR","EnvEurope",3,3,0,2016,7,25,{"$nulls":8},"TEMP","DB","METH_1",18.791649062499996,"°C",null,"X"]
["METEO","LTER_EU_BE_02","INBO","HOE1","AIR","EnvEurope",3,3,0,2016,7,26,{"$nulls":8},"TEMP","DB","METH_1",18.098629687499994,"°C",null,"X"]
["METEO","LTER_EU_BE_02","INBO","HOE1","AIR","EnvEurope",3,3,0,2016,7,27,{"$nulls":8},"TEMP","DB","METH_1",17.172463750000002,"°C",null,"X"]
["METEO","LTER_EU_BE_02","INBO","HOE1","AIR","EnvEurope",3,3,0,2016,7,28,{"$nulls":8},"TEMP","DB","METH_1",18.835036458333327,"°C",null,"X"]
["METEO","LTER_EU_BE_02","INBO","HOE1","AIR","EnvEurope",3,3,0,2016,7,29,{"$nulls":8},"TEMP","DB","METH_1",18.528488749999998,"°C",null,"X"]
["METEO","LTER_EU_BE_02","INBO","HOE1","AIR","EnvEurope",3,3,0,2016,7,30,{"$nulls":8},"TEMP","DB","METH_1",17.346146145833334,"°C",null,"X"]
["METEO","LTER_EU_BE_02","INBO","HOE1","AIR","EnvEurope",3,3,0,2016,7,31,{"$nulls":8},"TEMP","DB","METH_1",17.001024062500004,"°C",null,"X"]
["METEO","LTER_EU_BE_02","INBO","HOE1","AIR","EnvEurope",3,3,0,2016,8,1,{"$nulls":8},"TEMP","DB","METH_1",15.459809062500002,"°C",null,"X"]
["METEO","LTER_EU_BE_02","INBO","HOE1","AIR","EnvEurope",3,3,0,2016,8,2,{"$nulls":8},"TEMP","DB","METH_1",15.764338437499994,"°C",null,"X"]
["METEO","LTER_EU_BE_02","INBO","HOE1","AIR","EnvEurope",3,3,0,2016,8,3,{"$nulls":8},"TEMP","DB","METH_1",17.669046250000005,"°C",null,"X"]
["METEO","LTER_EU_BE_02","INBO","HOE1","AIR","EnvEurope",3,3,0,2016,8,4,{"$nulls":8},"TEMP","DB","METH_1",16.428402500000004,"°C",null,"X"]
["METEO","LTER_EU_BE_02","INBO","HOE1","AIR","EnvEurope",3,3,0,2016,8,5,{"$nulls":8},"TEMP","DB","METH_1",16.069409895833335,"°C",null,"X"]
["METEO","LTER_EU_BE_02","INBO","HOE1","AIR","EnvEurope",3,3,0,2016,8,6,{"$nulls":8},"TEMP","DB","METH_1",15.976701458333338,"°C",null,"X"]
["METEO","LTER_EU_BE_02","INBO","HOE1","AIR","EnvEurope",3,3,0,2016,8,7,{"$nulls":8},"TEMP","DB","METH_1",17.809636458333333,"°C",null,"X"]
["METEO","LTER_EU_BE_02","INBO","HOE1","AIR","EnvEurope",3,3,0,2016,8,8,{"$nulls":8},"TEMP","DB","METH_1",17.140486041666662,"°C",null,"X"]
["METEO","LTER_EU_BE_02","INBO","HOE1","AIR","EnvEurope",3,3,0,2016,8,9,{"$nulls":8},"TEMP","DB","METH_1",14.323072041666663,"°C",null,"X"]
["METEO","LTER_EU_BE_02","INBO","HOE1","AIR","EnvEurope",3,3,0,2016,8,10,{"$nulls":8},"TEMP","DB","METH_1",11.891007197916664,"°C",null,"X"]
["METEO","LTER_EU_BE_02","INBO","HOE1","AIR","EnvEurope",3,3,0,2016,8,11,{"$nulls":8},"TEMP","DB","METH_1",11.743820354166672,"°C",null,"X"]
["METEO","LTER_EU_BE_02","INBO","HOE1","AIR","EnvEurope",3,3,0,2016,8,12,{"$nulls":8},"TEMP","DB","METH_1",17.430937500000002,"°C",null,"X"]
["METEO","LTER_EU_BE_02","INBO","HOE1","AIR","EnvEurope",3,3,0,2016,8,13,{"$nulls":8},"TEMP","DB","METH_1",17.364427083333336,"°C",null,"X"]
["METEO","LTER_EU_BE_02","INBO","HOE1","AIR","EnvEurope",3,3,0,2016,8,14,{"$nulls":8},"TEMP","DB","METH_1",16.758819583333338,"°C",null,"X"]
["METEO","LTER_EU_BE_02","INBO","HOE1","AIR","EnvEurope",3,3,0,2016,8,15,{"$nulls":8},"TEMP","DB","METH_1",16.704427291666665,"°C",null,"X"]
["METEO","LTER_EU_BE_02","INBO","HOE1","AIR","EnvEurope",3,3,0,2016,8,16,{"$nulls":8},"TEMP","DB","METH_1",16.612865312500002,"°C",null,"X"]
["METEO","LTER_EU_BE_02","INBO","HOE1","AIR","EnvEurope",3,3,0,2016,8,17,{"$nulls":8},"TEMP","DB","METH_1",17.620450937500003,"°C",null,"X"]
["METEO","LTER_EU_BE_02","INBO","HOE1","AIR","EnvEurope",3,3,0,2016,8,18,{"$nulls":8},"TEMP","DB","METH_1",17.62845552083333,"°C",null,"X"]
["METEO","LTER_EU_BE_02","INBO","HOE1","AIR","EnvEurope",3,3,0,2016,8,19,{"$nulls":8},"TEMP","DB","METH_1",17.445364270833338,"°C",null,"X"]
["METEO","LTER_EU_BE_02","INBO","HOE1","AIR","EnvEurope",3,3,0,2016,8,20,{"$nulls":8},"TEMP","DB","METH_1",18.104113958333333,"°C",null,"X"]
["METEO","LTER_EU_BE_02","INBO","HOE1","AIR","EnvEurope",3,3,0,2016,8,21,{"$nulls":8},"TEMP","DB","METH_1",15.35765625,"°C",null,"X"]
["METEO","LTER_EU_BE_02","INBO","HOE1","AIR","EnvEurope",3,3,0,2016,8,22,{"$nulls":8},"TEMP","DB","METH_1",17.814913958333342,"°C",null,"X"]
["METEO","LTER_EU_BE_02","INBO","HOE1","AIR","EnvEurope",3,3,0,2016,8,23,{"$nulls":8},"TEMP","DB","METH_1",19.748698125,"°C",null,"X"]
["METEO","LTER_EU_BE_02","INBO","HOE1","AIR","EnvEurope",3,3,0,2016,8,24,{"$nulls":8},"TEMP","DB","METH_1",22.1455034375,"°C",null,"X"]
["METEO","LTER_EU_BE_02","INBO","HOE1","AIR","EnvEurope",3,3,0,2016,8,25,{"$nulls":8},"TEMP","DB","METH_1",22.889913124999993,"°C",null,"X"]
["METEO","LTER_EU_BE_02","INBO","HOE1","AIR","EnvEurope",3,3,0,2016,8,26,{"$nulls":8},"TEMP","DB","METH_1",22.827708020833327,"°C",null,"X"]
["METEO","LTER_EU_BE_02","INBO","HOE1","AIR","EnvEurope",3,3,0,2016,8,27,{"$nulls":8},"TEMP","DB","METH_1",23.07859395833333,"°C",null,"X"]
["METEO","LTER_EU_BE_02","INBO","HOE1","AIR","EnvEurope",3,3,0,2016,8,28,{"$nulls":8},"TEMP","DB","METH_1",20.15595427083333,"°C",null,"X"]
["METEO","LTER_EU_BE_02","INBO","HOE1","AIR","EnvEurope",3,3,0,2016,8,29,{"$nulls":8},"TEMP","DB","METH_1",17.260920416666664,"°C",null,"X"]
["METEO","LTER_EU_BE_02","INBO","HOE1","AIR","EnvEurope",3,3,0,2016,8,30,{"$nulls":8},"TEMP","DB","METH_1",16.011839697916663,"°C",null,"X"]
["METEO","LTER_EU_BE_02","INBO","HOE1","AIR","EnvEurope",3,3,0,2016,8,31,{"$nulls":8},"TEMP","DB","METH_1",17.03972261458334,"°C",null,"X"]
["METEO","LTER_EU_BE_02","INBO","HOE1","AIR","EnvEurope",3,3,0,2016,9,1,{"$nulls":8},"TEMP","DB","METH_1",16.69079864583334,"°C",null,"X"]
["METEO","LTER_EU_BE_02","INBO","HOE1","AIR","EnvEurope",3,3,0,2016,9,2,{"$nulls":8},"TEMP","DB","METH_1",16.430347291666667,"°C",null,"X"]
["METEO","LTER_EU_BE_02","INBO","HOE1","AIR","EnvEurope",3,3,0,2016,9,3,{"$nulls":8},"TEMP","DB","METH_1",16.379704479166666,"°C",null,"X"]
["METEO","LTER_EU_BE_02","INBO","HOE1","AIR","EnvEurope",3,3,0,2016,9,4,{"$nulls":8},"TEMP","DB","METH_1",17.346909166666666,"°C",null,"X"]
["METEO","LTER_EU_BE_02","INBO","HOE1","AIR","EnvEurope",3,3,0,2016,9,5,{"$nulls":8},"TEMP","DB","METH_1",17.550155416666666,"°C",null,"X"]
["METEO","LTER_EU_BE_02","INBO","HOE1","AIR","EnvEurope",3,3,0,2016,9,6,{"$nulls":8},"TEMP","DB","METH_1",18.58052031249999,"°C",null,"X"]
["METEO","LTER_EU_BE_02","INBO","HOE1","AIR","EnvEurope",3,3,0,2016,9,7,{"$nulls":8},"TEMP","DB","METH_1",18.521805833333335,"°C",null,"X"]
["METEO","LTER_EU_BE_02","INBO","HOE1","AIR","EnvEurope",3,3,0,2016,9,8,{"$nulls":8},"TEMP","DB","METH_1",18.77480791666666,"°C",null,"X"]
["METEO","LTER_EU_BE_02","INBO","HOE1","AIR","EnvEurope",3,3,0,2016,9,9,{"$nulls":8},"TEMP","DB","METH_1",15.84085125,"°C",null,"X"]
["METEO","LTER_EU_BE_02","INBO","HOE1","AIR","EnvEurope",3,3,0,2016,9,10,{"$nulls":8},"TEMP","DB","METH_1",16.722239177083335,"°C",null,"X"]
["METEO","LTER_EU_BE_02","INBO","HOE1","AIR","EnvEurope",3,3,0,2016,9,11,{"$nulls":8},"TEMP","DB","METH_1",17.801232187499988,"°C",null,"X"]
["METEO","LTER_EU_BE_02","INBO","HOE1","AIR","EnvEurope",3,3,0,2016,9,12,{"$nulls":8},"TEMP","DB","METH_1",20.87729145833333,"°C",null,"X"]
["METEO","LTER_EU_BE_02","INBO","HOE1","AIR","EnvEurope",3,3,0,2016,9,13,{"$nulls":8},"TEMP","DB","METH_1",21.695919479166662,"°C",null,"X"]
["METEO","LTER_EU_BE_02","INBO","HOE1","AIR","EnvEurope",3,3,0,2016,9,14,{"$nulls":8},"TEMP","DB","METH_1",21.4656415625,"°C",null,"X"]
["METEO","LTER_EU_BE_02","INBO","HOE1","AIR","EnvEurope",3,3,0,2016,9,15,{"$nulls":8},"TEMP","DB","METH_1",18.8038359375,"°C",null,"X"]
["METEO","LTER_EU_BE_02","INBO","HOE1","AIR","EnvEurope",3,3,0,2016,9,16,{"$nulls":8},"TEMP","DB","METH_1",16.62477510416667,"°C",null,"X"]
["METEO","LTER_EU_BE_02","INBO","HOE1","AIR","EnvEurope",3,3,0,2016,9,17,{"$nulls":8},"TEMP","DB","METH_1",16.00251677083333,"°C",null,"X"]
["METEO","LTER_EU_BE_02","INBO","HOE1","AIR","EnvEurope",3,3,0,2016,9,18,{"$nulls":8},"TEMP","DB","METH_1",16.804947291666668,"°C",null,"X"]
["METEO","LTER_EU_BE_02","INBO","HOE1","AIR","EnvEurope",3,3,0,2016,9,19,{"$nulls":8},"TEMP","DB","METH_1",14.968125864583337,"°C",null,"X"]
["METEO","LTER_EU_BE_02","INBO","HOE1","AIR","EnvEurope",3,3,0,2016,9,20,{"$nulls":8},"TEMP","DB","METH_1",13.332517802083336,"°C",null,"X"]
["METEO","LTER_EU_BE_02","INBO","HOE1","AIR","EnvEurope",3,3,0,2016,9,21,{"$nulls":8},"TEMP","DB","METH_1",14.81362739583333,"°C",null,"X"]
["METEO","LTER_EU_BE_02","INBO","HOE1","AIR","EnvEurope",3,3,0,2016,9,22,{"$nulls":8},"TEMP","DB","METH_1",13.9598258125,"°C",null,"X"]
["METEO","LTER_EU_BE_02","INBO","HOE1","AIR","EnvEurope",3,3,0,2016,9,23,{"$nulls":8},"TEMP","DB","METH_1",14.057049093749994,"°C",null,"X"]
["METEO","LTER_EU_BE_02","INBO","HOE1","AIR","EnvEurope",3,3,0,2016,9,24,{"$nulls":8},"TEMP","DB","METH_1",14.46399263541666,"°C",null,"X"]
["METEO","LTER_EU_BE_02","INBO","HOE1","AIR","EnvEurope",3,3,0,2016,9,25,{"$nulls":8},"TEMP","DB","METH_1",13.97425403125,"°C",null,"X"]
["METEO","LTER_EU_BE_02","INBO","HOE1","AIR","EnvEurope",3,3,0,2016,9,26,{"$nulls":8},"TEMP","DB","METH_1",11.376857364583337,"°C",null,"X"]
["METEO","LTER_EU_BE_02","INBO","HOE1","AIR","EnvEurope",3,3,0,2016,9,27,{"$nulls":8},"TEMP","DB","METH_1",12.286441312499997,"°C",null,"X"]
["METEO","LTER_EU_BE_02","INBO","HOE1","AIR","EnvEurope",3,3,0,2016,9,28,{"$nulls":8},"TEMP","DB","METH_1",17.063924062499996,"°C",null,"X"]
["METEO","LTER_EU_BE_02","INBO","HOE1","AIR","EnvEurope",3,3,0,2016,9,29,{"$nulls":8},"TEMP","DB","METH_1",16.0126034375,"°C",null,"X"]
["METEO","LTER_EU_BE_02","INBO","HOE1","AIR","EnvEurope",3,3,0,2016,9,30,{"$nulls":8},"TEMP","DB","METH_1",13.882309999999999,"°C",null,"X"]
["METEO","LTER_EU_BE_02","INBO","HOE1","AIR","EnvEurope",3,3,0,2016,1,1,{"$nulls":8},"PREC","DB","METH_2",2.1899995999999997,"mm",null,"S"]
["METEO","LTER_EU_BE_02","INBO","HOE1","AIR","EnvEurope",3,3,0,2016,1,2,{"$nulls":8},"PREC","DB","METH_2",6.389998839999999,"mm",null,"S"]
["METEO","LTER_EU_BE_02","INBO","HOE1","AIR","EnvEurope",3,3,0,2016,1,3,{"$nulls":8},"PREC","DB","METH_2",11.28999687,"mm",null,"S"]
["METEO","LTER_EU_BE_02","INBO","HOE1","AIR","EnvEurope",3,3,0,2016,1,4,{"$nulls":8},"PREC","DB","METH_2",0.34999999,"mm",null,"S"]
["METEO","LTER_EU_BE_02","INBO","HOE1","AIR","EnvEurope",3,3,0,2016,1,5,{"$nulls":8},"PREC","DB","METH_2",0.02,"mm",null,"S"]
["METEO","LTER_EU_BE_02","INBO","HOE1","AIR","EnvEurope",3,3,0,2016,1,6,{"$nulls":8},"PREC","DB","METH_2",0.5900000000000001,"mm",null,"S"]
["METEO","LTER_EU_BE_02","INBO","HOE1","AIR","EnvEurope",3,3,0,2016,1,7,{"$nulls":8},"PREC","DB","METH_2",12.159996679999997,"mm",null,"S"]
["METEO","LTER_EU_BE_02","INBO","HOE1","AIR","EnvEurope",3,3,0,2016,1,8,{"$nulls":8},"PREC","DB","METH_2",0.01,"mm",null,"S"]
["METEO","LTER_EU_BE_02","INBO","HOE1","AIR","EnvEurope",3,3,0,2016,1,9,{"$nulls":8},"PREC","DB","METH_2",0.07,"mm",null,"S"]
["METEO","LTER_EU_BE_02","INBO","HOE1","AIR","EnvEurope",3,3,0,2016,1,10,{"$nulls":8},"PREC","DB","METH_2",5.14999968,"mm",null,"S"]
["METEO","LTER_EU_BE_02","INBO","HOE1","AIR","EnvEurope",3,3,0,2016,1,11,{"$nulls":8},"PREC","DB","METH_2",3.949999649999999,"mm",null,"S"]
["METEO","LTER_EU_BE_02","INBO","HOE1","AIR","EnvEurope",3,3,0,2016,1,12,{"$nulls":8},"PREC","DB","METH_2",1.4899999000000002,"mm",null,"S"]
["METEO","LTER_EU_BE_02","INBO","HOE1","AIR","EnvEurope",3,3,0,2016,1,13,{"$nulls":8},"PREC","DB","METH_2",1.7399998000000003,"mm",null,"S"]
["METEO","LTER_EU_BE_02","INBO","HOE1","AIR","EnvEurope",3,3,0,2016,1,14,{"$nulls":8},"PREC","DB","METH_2",6.509997389999998,"mm",null,"S"]
["METEO","LTER_EU_BE_02","INBO","HOE1","AIR","EnvEurope",3,3,0,2016,1,15,{"$nulls":8},"PREC","DB","METH_2",5.209998699999999,"mm",null,"S"]
["METEO","LTER_EU_BE_02","INBO","HOE1","AIR","EnvEurope",3,3,0,2016,1,16,{"$nulls":8},"PREC","DB","METH_2",0.6199999900000001,"mm",null,"S"]
["METEO","LTER_EU_BE_02","INBO","HOE1","AIR","EnvEurope",3,3,0,2016,1,17,{"$nulls":8},"PREC","DB","METH_2",0,"mm",null,"S"]
["METEO","LTER_EU_BE_02","INBO","HOE1","AIR","EnvEurope",3,3,0,2016,1,18,{"$nulls":8},"PREC","DB","METH_2",0,"mm",null,"S"]
["METEO","LTER_EU_BE_02","INBO","HOE1","AIR","EnvEurope",3,3,0,2016,1,19,{"$nulls":8},"PREC","DB","METH_2",0,"mm",null,"S"]
["METEO","LTER_EU_BE_02","INBO","HOE1","AIR","EnvEurope",3,3,0,2016,1,20,{"$nulls":8},"PREC","DB","METH_2",0.06,"mm",null,"S"]
["METEO","LTER_EU_BE_02","INBO","HOE1","AIR","EnvEurope",3,3,0,2016,1,21,{"$nulls":8},"PREC","DB","METH_2",0,"mm",null,"S"]
["METEO","LTER_EU_BE_02","INBO","HOE1","AIR","EnvEurope",3,3,0,2016,1,22,{"$nulls":8},"PREC","DB","METH_2",4.23999948,"mm",null,"S"]
["METEO","LTER_EU_BE_02","INBO","HOE1","AIR","EnvEurope",3,3,0,2016,1,23,{"$nulls":8},"PREC","DB","METH_2",0,"mm",null,"S"]
["METEO","LTER_EU_BE_02","INBO","HOE1","AIR","EnvEurope",3,3,0,2016,1,24,{"$nulls":8},"PREC","DB","METH_2",0.9999998,"mm",null,"S"]
["METEO","LTER_EU_BE_02","INBO","HOE1","AIR","EnvEurope",3,3,0,2016,1,25,{"$nulls":8},"PREC","DB","METH_2",0,"mm",null,"S"]
["METEO","LTER_EU_BE_02","INBO","HOE1","AIR","EnvEurope",3,3,0,2016,1,26,{"$nulls":8},"PREC","DB","METH_2",0.45999997,"mm",null,"S"]
["METEO","LTER_EU_BE_02","INBO","HOE1","AIR","EnvEurope",3,3,0,2016,1,27,{"$nulls":8},"PREC","DB","METH_2",5.5299995399999995,"mm",null,"S"]
["METEO","LTER_EU_BE_02","INBO","HOE1","AIR","EnvEurope",3,3,0,2016,1,28,{"$nulls":8},"PREC","DB","METH_2",1.34999988,"mm",null,"S"]
["METEO","LTER_EU_BE_02","INBO","HOE1","AIR","EnvEurope",3,3,0,2016,1,29,{"$nulls":8},"PREC","DB","METH_2",0,"mm",null,"S"]
["METEO","LTER_EU_BE_02","INBO","HOE1","AIR","EnvEurope",3,3,0,2016,1,30,{"$nulls":8},"PREC","DB","METH_2",16.07999701,"mm",null,"S"]
["METEO","LTER_EU_BE_02","INBO","HOE1","AIR","EnvEurope",3,3,0,2016,1,31,{"$nulls":8},"PREC","DB","METH_2",0.69,"mm",null,"S"]
["METEO","LTER_EU_BE_02","INBO","HOE1","AIR","EnvEurope",3,3,0,2016,10,1,{"$nulls":8},"PREC","DB","METH_2",4.4799989,"mm",null,"S"]
["METEO","LTER_EU_BE_02","INBO","HOE1","AIR","EnvEurope",3,3,0,2016,10,2,{"$nulls":8},"PREC","DB","METH_2",1.6299998000000002,"mm",null,"S"]
["METEO","LTER_EU_BE_02","INBO","HOE1","AIR","EnvEurope",3,3,0,2016,10,3,{"$nulls":8},"PREC","DB","METH_2",0.6199999900000001,"mm",null,"S"]
["METEO","LTER_EU_BE_02","INBO","HOE1","AIR","EnvEurope",3,3,0,2016,10,4,{"$nulls":8},"PREC","DB","METH_2",0,"mm",null,"S"]
["METEO","LTER_EU_BE_02","INBO","HOE1","AIR","EnvEurope",3,3,0,2016,10,5,{"$nulls":8},"PREC","DB","METH_2",0,"mm",null,"S"]
["METEO","LTER_EU_BE_02","INBO","HOE1","AIR","EnvEurope",3,3,0,2016,10,6,{"$nulls":8},"PREC","DB","METH_2",0,"mm",null,"S"]
["METEO","LTER_EU_BE_02","INBO","HOE1","AIR","EnvEurope",3,3,0,2016,10,7,{"$nulls":8},"PREC","DB","METH_2",0,"mm",null,"S"]
["METEO","LTER_EU_BE_02","INBO","HOE1","AIR","EnvEurope",3,3,0,2016,10,8,{"$nulls":8},"PREC","DB","METH_2",0.06999999,"mm",null,"S"]
["METEO","LTER_EU_BE_02","INBO","HOE1","AIR","EnvEurope",3,3,0,2016,10,9,{"$nulls":8},"PREC","DB","METH_2",0,"mm",null,"S"]
["METEO","LTER_EU_BE_02","INBO","HOE1","AIR","EnvEurope",3,3,0,2016,10,10,{"$nulls":8},"PREC","DB","METH_2",1.5599995000000002,"mm",null,"S"]
["METEO","LTER_EU_BE_02","INBO","HOE1","AIR","EnvEurope",3,3,0,2016,10,11,{"$nulls":8},"PREC","DB","METH_2",0,"mm",null,"S"]
["METEO","LTER_EU_BE_02","INBO","HOE1","AIR","EnvEurope",3,3,0,2016,10,12,{"$nulls":8},"PREC","DB","METH_2",0.11999999,"mm",null,"S"]
["METEO","LTER_EU_BE_02","INBO","HOE1","AIR","EnvEurope",3,3,0,2016,10,13,{"$nulls":8},"PREC","DB","METH_2",0,"mm",null,"S"]
["METEO","LTER_EU_BE_02","INBO","HOE1","AIR","EnvEurope",3,3,0,2016,10,14,{"$nulls":8},"PREC","DB","METH_2",1.76999996,"mm",null,"S"]
["METEO","LTER_EU_BE_02","INBO","HOE1","AIR","EnvEurope",3,3,0,2016,10,15,{"$nulls":8},"PREC","DB","METH_2",5.35999967,"mm",null,"S"]
["METEO","LTER_EU_BE_02","INBO","HOE1","AIR","EnvEurope",3,3,0,2016,10,16,{"$nulls":8},"PREC","DB","METH_2",0,"mm",null,"S"]
["METEO","LTER_EU_BE_02","INBO","HOE1","AIR","EnvEurope",3,3,0,2016,10,17,{"$nulls":8},"PREC","DB","METH_2",0.08,"mm",null,"S"]
["METEO","LTER_EU_BE_02","INBO","HOE1","AIR","EnvEurope",3,3,0,2016,10,18,{"$nulls":8},"PREC","DB","METH_2",6.079999399999999,"mm",null,"S"]
["METEO","LTER_EU_BE_02","INBO","HOE1","AIR","EnvEurope",3,3,0,2016,10,19,{"$nulls":8},"PREC","DB","METH_2",12.239998960000001,"mm",null,"S"]
["METEO","LTER_EU_BE_02","INBO","HOE1","AIR","EnvEurope",3,3,0,2016,10,20,{"$nulls":8},"PREC","DB","METH_2",0.5399999900000001,"mm",null,"S"]
["METEO","LTER_EU_BE_02","INBO","HOE1","AIR","EnvEurope",3,3,0,2016,10,21,{"$nulls":8},"PREC","DB","METH_2",0,"mm",null,"S"]
["METEO","LTER_EU_BE_02","INBO","HOE1","AIR","EnvEurope",3,3,0,2016,10,22,{"$nulls":8},"PREC","DB","METH_2",0,"mm",null,"S"]
["METEO","LTER_EU_BE_02","INBO","HOE1","AIR","EnvEurope",3,3,0,2016,10,23,{"$nulls":8},"PREC","DB","METH_2",0.01,"mm",null,"S"]
["METEO","LTER_EU_BE_02","INBO","HOE1","AIR","EnvEurope",3,3,0,2016,10,24,{"$nulls":8},"PREC","DB","METH_2",0.12,"mm",null,"S"]
["METEO","LTER_EU_BE_02","INBO","HOE1","AIR","EnvEurope",3,3,0,2016,10,25,{"$nulls":8},"PREC","DB","METH_2",0,"mm",null,"S"]
["METEO","LTER_EU_BE_02","INBO","HOE1","AIR","EnvEurope",3,3,0,2016,10,26,{"$nulls":8},"PREC","DB","METH_2",0,"mm",null,"S"]
["METEO","LTER_EU_BE_02","INBO","HOE1","AIR","EnvEurope",3,3,0,2016,10,27,{"$nulls":8},"PREC","DB","METH_2",0,"mm",null,"S"]
["METEO","LTER_EU_BE_02","INBO","HOE1","AIR","EnvEurope",3,3,0,2016,10,28,{"$nulls":8},"PREC","DB","METH_2",0,"mm",null,"S"]
["METEO","LTER_EU_BE_02","INBO","HOE1","AIR","EnvEurope",3,3,0,2016,10,29,{"$nulls":8},"PREC","DB","METH_2",0,"mm",null,"S"]
["METEO","LTER_EU_BE_02","INBO","HOE1","AIR","EnvEurope",3,3,0,2016,10,30,{"$nulls":8},"PREC","DB","METH_2",0,"mm",null,"S"]
["METEO","LTER_EU_BE_02","INBO","HOE1","AIR","EnvEurope",3,3,0,2016,10,31,{"$nulls":8},"PREC","DB","METH_2",0,"mm",null,"S"]
["METEO","LTER_EU_BE_02","INBO","HOE1","AIR","EnvEurope",3,3,0,2016,11,1,{"$nulls":8},"PREC","DB","METH_2",0,"mm",null,"S"]
["METEO","LTER_EU_BE_02","INBO","HOE1","AIR","EnvEurope",3,3,0,2016,11,2,{"$nulls":8},"PREC","DB","METH_2",1.53999977,"mm",null,"S"]
["METEO","LTER_EU_BE_02","INBO","HOE1","AIR","EnvEurope",3,3,0,2016,11,3,{"$nulls":8},"PREC","DB","METH_2",0,"mm",null,"S"]
["METEO","LTER_EU_BE_02","INBO","HOE1","AIR","EnvEurope",3,3,0,2016,11,4,{"$nulls":8},"PREC","DB","METH_2",0.45999997000000004,"mm",null,"S"]
["METEO","LTER_EU_BE_02","INBO","HOE1","AIR","EnvEurope",3,3,0,2016,11,5,{"$nulls":8},"PREC","DB","METH_2",0.31000000000000005,"mm",null,"S"]
["METEO","LTER_EU_BE_02","INBO","HOE1","AIR","EnvEurope",3,3,0,2016,11,6,{"$nulls":8},"PREC","DB","METH_2",0.13,"mm",null,"S"]
["METEO","LTER_EU_BE_02","INBO","HOE1","AIR","EnvEurope",3,3,0,2016,11,7,{"$nulls":8},"PREC","DB","METH_2",2.18999958,"mm",null,"S"]
["METEO","LTER_EU_BE_02","INBO","HOE1","AIR","EnvEurope",3,3,0,2016,11,8,{"$nulls":8},"PREC","DB","METH_2",0.08,"mm",null,"S"]
["METEO","LTER_EU_BE_02","INBO","HOE1","AIR","EnvEurope",3,3,0,2016,11,9,{"$nulls":8},"PREC","DB","METH_2",10.329998959999998,"mm",null,"S"]
["METEO","LTER_EU_BE_02","INBO","HOE1","AIR","EnvEurope",3,3,0,2016,11,10,{"$nulls":8},"PREC","DB","METH_2",0.36000000000000004,"mm",null,"S"]
["METEO","LTER_EU_BE_02","INBO","HOE1","AIR","EnvEurope",3,3,0,2016,11,11,{"$nulls":8},"PREC","DB","METH_2",2.4499996999999993,"mm",null,"S"]
["METEO","LTER_EU_BE_02","INBO","HOE1","AIR","EnvEurope",3,3,0,2016,11,12,{"$nulls":8},"PREC","DB","METH_2",1.1699999900000002,"mm",null,"S"]
["METEO","LTER_EU_BE_02","INBO","HOE1","AIR","EnvEurope",3,3,0,2016,11,13,{"$nulls":8},"PREC","DB","METH_2",0.7499998900000001,"mm",null,"S"]
["METEO","LTER_EU_BE_02","INBO","HOE1","AIR","EnvEurope",3,3,0,2016,11,14,{"$nulls":8},"PREC","DB","METH_2",0.38999998,"mm",null,"S"]
["METEO","LTER_EU_BE_02","INBO","HOE1","AIR","EnvEurope",3,3,0,2016,11,15,{"$nulls":8},"PREC","DB","METH_2",0.40999999000000004,"mm",null,"S"]
["METEO","LTER_EU_BE_02","INBO","HOE1","AIR","EnvEurope",3,3,0,2016,11,16,{"$nulls":8},"PREC","DB","METH_2",15.699994359999998,"mm",null,"S"]
["METEO","LTER_EU_BE_02","INBO","HOE1","AIR","EnvEurope",3,3,0,2016,11,17,{"$nulls":8},"PREC","DB","METH_2",3.0299995599999994,"mm",null,"S"]
["METEO","LTER_EU_BE_02","INBO","HOE1","AIR","EnvEurope",3,3,0,2016,11,18,{"$nulls":8},"PREC","DB","METH_2",19.249995070000008,"mm",null,"S"]
["METEO","LTER_EU_BE_02","INBO","HOE1","AIR","EnvEurope",3,3,0,2016,11,19,{"$nulls":8},"PREC","DB","METH_2",0,"mm",null,"S"]
["METEO","LTER_EU_BE_02","INBO","HOE1","AIR","EnvEurope",3,3,0,2016,11,20,{"$nulls":8},"PREC","DB","METH_2",6.559997449999997,"mm",null,"S"]
["METEO","LTER_EU_BE_02","INBO","HOE1","AIR","EnvEurope",3,3,0,2016,11,21,{"$nulls":8},"PREC","DB","METH_2",3.9699988999999998,"mm",null,"S"]
["METEO","LTER_EU_BE_02","INBO","HOE1","AIR","EnvEurope",3,3,0,2016,11,22,{"$nulls":8},"PREC","DB","METH_2",0,"mm",null,"S"]
["METEO","LTER_EU_BE_02","INBO","HOE1","AIR","EnvEurope",3,3,0,2016,11,23,{"$nulls":8},"PREC","DB","METH_2",0,"mm",null,"S"]
["METEO","LTER_EU_BE_02","INBO","HOE1","AIR","EnvEurope",3,3,0,2016,11,24,{"$nulls":8},"PREC","DB","METH_2",0.01,"mm",null,"S"]
["METEO","LTER_EU_BE_02","INBO","HOE1","AIR","EnvEurope",3,3,0,2016,11,25,{"$nulls":8},"PREC","DB","METH_2",0,"mm",null,"S"]
["METEO","LTER_EU_BE_02","INBO","HOE1","AIR","EnvEurope",3,3,0,2016,11,26,{"$nulls":8},"PREC","DB","METH_2",0,"mm",null,"S"]
["METEO","LTER_EU_BE_02","INBO","HOE1","AIR","EnvEurope",3,3,0,2016,11,27,{"$nulls":8},"PREC","DB","METH_2",0,"mm",null,"S"]
["METEO","LTER_EU_BE_02","INBO","HOE1","AIR","EnvEurope",3,3,0,2016,11,28,{"$nulls":8},"PREC","DB","METH_2",0,"mm",null,"S"]
["METEO","LTER_EU_BE_02","INBO","HOE1","AIR","EnvEurope",3,3,0,2016,11,29,{"$nulls":8},"PREC","DB","METH_2",0,"mm",null,"S"]
["METEO","LTER_EU_BE_02","INBO","HOE1","AIR","EnvEurope",3,3,0,2016,11,30,{"$nulls":8},"PREC","DB","METH_2",0,"mm",null,"S"]
["METEO","LTER_EU_BE_02","INBO","HOE1","AIR","EnvEurope",3,3,0,2016,12,1,{"$nulls":8},"PREC","DB","METH_2",0,"mm",null,"S"]
["METEO","LTER_EU_BE_02","INBO","HOE1","AIR","EnvEurope",3,3,0,2016,12,2,{"$nulls":8},"PREC","DB","METH_2",0.07,"mm",null,"S"]
["METEO","LTER_EU_BE_02","INBO","HOE1","AIR","EnvEurope",3,3,0,2016,12,3,{"$nulls":8},"PREC","DB","METH_2",0,"mm",null,"S"]
["METEO","LTER_EU_BE_02","INBO","HOE1","AIR","EnvEurope",3,3,0,2016,12,4,{"$nulls":8},"PREC","DB","METH_2",0,"mm",null,"S"]
["METEO","LTER_EU_BE_02","INBO","HOE1","AIR","EnvEurope",3,3,0,2016,12,5,{"$nulls":8},"PREC","DB","METH_2",0,"mm",null,"S"]
["METEO","LTER_EU_BE_02","INBO","HOE1","AIR","EnvEurope",3,3,0,2016,12,6,{"$nulls":8},"PREC","DB","METH_2",0,"mm",null,"S"]
["METEO","LTER_EU_BE_02","INBO","HOE1","AIR","EnvEurope",3,3,0,2016,12,7,{"$nulls":8},"PREC","DB","METH_2",0,"mm",null,"S"]
["METEO","LTER_EU_BE_02","INBO","HOE1","AIR","EnvEurope",3,3,0,2016,12,8,{"$nulls":8},"PREC","DB","METH_2",0,"mm",null,"S"]
["METEO","LTER_EU_BE_02","INBO","HOE1","AIR","EnvEurope",3,3,0,2016,12,9,{"$nulls":8},"PREC","DB","METH_2",0,"mm",null,"S"]
["METEO","LTER_EU_BE_02","INBO","HOE1","AIR","EnvEurope",3,3,0,2016,12,10,{"$nulls":8},"PREC","DB","METH_2",0,"mm",null,"S"]
["METEO","LTER_EU_BE_02","INBO","HOE1","AIR","EnvEurope",3,3,0,2016,12,11,{"$nulls":8},"PREC","DB","METH_2",2.10999949,"mm",null,"S"]
["METEO","LTER_EU_BE_02","INBO","HOE1","AIR","EnvEurope",3,3,0,2016,12,12,{"$nulls":8},"PREC","DB","METH_2",0.38,"mm",null,"S"]
["METEO","LTER_EU_BE_02","INBO","HOE1","AIR","EnvEurope",3,3,0,2016,12,13,{"$nulls":8},"PREC","DB","METH_2",0.22999999000000002,"mm",null,"S"]
["METEO","LTER_EU_BE_02","INBO","HOE1","AIR","EnvEurope",3,3,0,2016,12,14,{"$nulls":8},"PREC","DB","METH_2",0,"mm",null,"S"]
["METEO","LTER_EU_BE_02","INBO","HOE1","AIR","EnvEurope",3,3,0,2016,12,15,{"$nulls":8},"PREC","DB","METH_2",0,"mm",null,"S"]
["METEO","LTER_EU_BE_02","INBO","HOE1","AIR","EnvEurope",3,3,0,2016,12,16,{"$nulls":8},"PREC","DB","METH_2",0,"mm",null,"S"]
["METEO","LTER_EU_BE_02","INBO","HOE1","AIR","EnvEurope",3,3,0,2016,12,17,{"$nulls":8},"PREC","DB","METH_2",0,"mm",null,"S"]
["METEO","LTER_EU_BE_02","INBO","HOE1","AIR","EnvEurope",3,3,0,2016,12,18,{"$nulls":8},"PREC","DB","METH_2",0,"mm",null,"S"]
["METEO","LTER_EU_BE_02","INBO","HOE1","AIR","EnvEurope",3,3,0,2016,12,19,{"$nulls":8},"PREC","DB","METH_2",0,"mm",null,"S"]
["METEO","LTER_EU_BE_02","INBO","HOE1","AIR","EnvEurope",3,3,0,2016,12,20,{"$nulls":8},"PREC","DB","METH_2",0,"mm",null,"S"]
["METEO","LTER_EU_BE_02","INBO","HOE1","AIR","EnvEurope",3,3,0,2016,12,21,{"$nulls":8},"PREC","DB","METH_2",1.14999991,"mm",null,"S"]
["METEO","LTER_EU_BE_02","INBO","HOE1","AIR","EnvEurope",3,3,0,2016,12,22,{"$nulls":8},"PREC","DB","METH_2",3.27999974,"mm",null,"S"]
["METEO","LTER_EU_BE_02","INBO","HOE1","AIR","EnvEurope",3,3,0,2016,12,23,{"$nulls":8},"PREC","DB","METH_2",0,"mm",null,"S"]
["METEO","LTER_EU_BE_02","INBO","HOE1","AIR","EnvEurope",3,3,0,2016,12,24,{"$nulls":8},"PREC","DB","METH_2",0.07999998999999999,"mm",null,"S"]
["METEO","LTER_EU_BE_02","INBO","HOE1","AIR","EnvEurope",3,3,0,2016,12,25,{"$nulls":8},"PREC","DB","METH_2",0.01,"mm",null,"S"]
["METEO","LTER_EU_BE_02","INBO","HOE1","AIR","EnvEurope",3,3,0,2016,12,26,{"$nulls":8},"PREC","DB","METH_2",1.9199999799999998,"mm",null,"S"]
["METEO","LTER_EU_BE_02","INBO","HOE1","AIR","EnvEurope",3,3,0,2016,12,27,{"$nulls":8},"PREC","DB","METH_2",0,"mm",null,"S"]
["METEO","LTER_EU_BE_02","INBO","HOE1","AIR","EnvEurope",3,3,0,2016,12,28,{"$nulls":8},"PREC","DB","METH_2",0,"mm",null,"S"]
["METEO","LTER_EU_BE_02","INBO","HOE1","AIR","EnvEurope",3,3,0,2016,12,29,{"$nulls":8},"PREC","DB","METH_2",0,"mm",null,"S"]
["METEO","LTER_EU_BE_02","INBO","HOE1","AIR","EnvEurope",3,3,0,2016,12,30,{"$nulls":8},"PREC","DB","METH_2",0,"mm",null,"S"]
["METEO","LTER_EU_BE_02","INBO","HOE1","AIR","EnvEurope",3,3,0,2016,12,31,{"$nulls":8},"PREC","DB","METH_2",0,"mm",null,"S"]
["METEO","LTER_EU_BE_02","INBO","HOE1","AIR","EnvEurope",3,3,0,2016,2,1,{"$nulls":8},"PREC","DB","METH_2",0.01,"mm",null,"S"]
["METEO","LTER_EU_BE_02","INBO","HOE1","AIR","EnvEurope",3,3,0,2016,2,2,{"$nulls":8},"PREC","DB","METH_2",8.9299992,"mm",null,"S"]
["METEO","LTER_EU_BE_02","INBO","HOE1","AIR","EnvEurope",3,3,0,2016,2,3,{"$nulls":8},"PREC","DB","METH_2",0.7300000000000001,"mm",null,"S"]
["METEO","LTER_EU_BE_02","INBO","HOE1","AIR","EnvEurope",3,3,0,2016,2,4,{"$nulls":8},"PREC","DB","METH_2",3.6399995900000004,"mm",null,"S"]
["METEO","LTER_EU_BE_02","INBO","HOE1","AIR","EnvEurope",3,3,0,2016,2,5,{"$nulls":8},"PREC","DB","METH_2",0,"mm",null,"S"]
["METEO","LTER_EU_BE_02","INBO","HOE1","AIR","EnvEurope",3,3,0,2016,2,6,{"$nulls":8},"PREC","DB","METH_2",0,"mm",null,"S"]
["METEO","LTER_EU_BE_02","INBO","HOE1","AIR","EnvEurope",3,3,0,2016,2,7,{"$nulls":8},"PREC","DB","METH_2",3.8999989,"mm",null,"S"]
["METEO","LTER_EU_BE_02","INBO","HOE1","AIR","EnvEurope",3,3,0,2016,2,8,{"$nulls":8},"PREC","DB","METH_2",12.149995379999996,"mm",null,"S"]
["METEO","LTER_EU_BE_02","INBO","HOE1","AIR","EnvEurope",3,3,0,2016,2,9,{"$nulls":8},"PREC","DB","METH_2",19.349993770000005,"mm",null,"S"]
["METEO","LTER_EU_BE_02","INBO","HOE1","AIR","EnvEurope",3,3,0,2016,2,10,{"$nulls":8},"PREC","DB","METH_2",5.47999966,"mm",null,"S"]
["METEO","LTER_EU_BE_02","INBO","HOE1","AIR","EnvEurope",3,3,0,2016,2,11,{"$nulls":8},"PREC","DB","METH_2",1.5099997799999998,"mm",null,"S"]
["METEO","LTER_EU_BE_02","INBO","HOE1","AIR","EnvEurope",3,3,0,2016,2,12,{"$nulls":8},"PREC","DB","METH_2",0,"mm",null,"S"]
["METEO","LTER_EU_BE_02","INBO","HOE1","AIR","EnvEurope",3,3,0,2016,2,13,{"$nulls":8},"PREC","DB","METH_2",2.28000007,"mm",null,"S"]
["METEO","LTER_EU_BE_02","INBO","HOE1","AIR","EnvEurope",3,3,0,2016,2,14,{"$nulls":8},"PREC","DB","METH_2",0.8399999700000002,"mm",null,"S"]
["METEO","LTER_EU_BE_02","INBO","HOE1","AIR","EnvEurope",3,3,0,2016,2,15,{"$nulls":8},"PREC","DB","METH_2",0.5799999600000001,"mm",null,"S"]
["METEO","LTER_EU_BE_02","INBO","HOE1","AIR","EnvEurope",3,3,0,2016,2,16,{"$nulls":8},"PREC","DB","METH_2",0,"mm",null,"S"]
["METEO","LTER_EU_BE_02","INBO","HOE1","AIR","EnvEurope",3,3,0,2016,2,17,{"$nulls":8},"PREC","DB","METH_2",0.01,"mm",null,"S"]
["METEO","LTER_EU_BE_02","INBO","HOE1","AIR","EnvEurope",3,3,0,2016,2,18,{"$nulls":8},"PREC","DB","METH_2",0,"mm",null,"S"]
["METEO","LTER_EU_BE_02","INBO","HOE1","AIR","EnvEurope",3,3,0,2016,2,19,{"$nulls":8},"PREC","DB","METH_2",0.01,"mm",null,"S"]
["METEO","LTER_EU_BE_02","INBO","HOE1","AIR","EnvEurope",3,3,0,2016,2,20,{"$nulls":8},"PREC","DB","METH_2",7.63999894,"mm",null,"S"]
["METEO","LTER_EU_BE_02","INBO","HOE1","AIR","EnvEurope",3,3,0,2016,2,21,{"$nulls":8},"PREC","DB","METH_2",0.02,"mm",null,"S"]
["METEO","LTER_EU_BE_02","INBO","HOE1","AIR","EnvEurope",3,3,0,2016,2,22,{"$nulls":8},"PREC","DB","METH_2",4.26999963,"mm",null,"S"]
["METEO","LTER_EU_BE_02","INBO","HOE1","AIR","EnvEurope",3,3,0,2016,2,23,{"$nulls":8},"PREC","DB","METH_2",3.3599994699999995,"mm",null,"S"]
["METEO","LTER_EU_BE_02","INBO","HOE1","AIR","EnvEurope",3,3,0,2016,2,24,{"$nulls":8},"PREC","DB","METH_2",0,"mm",null,"S"]
["METEO","LTER_EU_BE_02","INBO","HOE1","AIR","EnvEurope",3,3,0,2016,2,25,{"$nulls":8},"PREC","DB","METH_2",0.08999998999999999,"mm",null,"S"]
["METEO","LTER_EU_BE_02","INBO","HOE1","AIR","EnvEurope",3,3,0,2016,2,26,{"$nulls":8},"PREC","DB","METH_2",0,"mm",null,"S"]
["METEO","LTER_EU_BE_02","INBO","HOE1","AIR","EnvEurope",3,3,0,2016,2,27,{"$nulls":8},"PREC","DB","METH_2",0,"mm",null,"S"]
["METEO","LTER_EU_BE_02","INBO","HOE1","AIR","EnvEurope",3,3,0,2016,2,28,{"$nulls":8},"PREC","DB","METH_2",0,"mm",null,"S"]
["METEO","LTER_EU_BE_02","INBO","HOE1","AIR","EnvEurope",3,3,0,2016,2,29,{"$nulls":8},"PREC","DB","METH_2",0,"mm",null,"S"]
["METEO","LTER_EU_BE_02","INBO","HOE1","AIR","EnvEurope",3,3,0,2016,3,1,{"$nulls":8},"PREC","DB","METH_2",2.5799997599999998,"mm",null,"S"]
["METEO","LTER_EU_BE_02","INBO","HOE1","AIR","EnvEurope",3,3,0,2016,3,2,{"$nulls":8},"PREC","DB","METH_2",8.679999369999999,"mm",null,"S"]
["METEO","LTER_EU_BE_02","INBO","HOE1","AIR","EnvEurope",3,3,0,2016,3,3,{"$nulls":8},"PREC","DB","METH_2",3.2399999399999992,"mm",null,"S"]
["METEO","LTER_EU_BE_02","INBO","HOE1","AIR","EnvEurope",3,3,0,2016,3,4,{"$nulls":8},"PREC","DB","METH_2",11.459998740000001,"mm",null,"S"]
["METEO","LTER_EU_BE_02","INBO","HOE1","AIR","EnvEurope",3,3,0,2016,3,5,{"$nulls":8},"PREC","DB","METH_2",0.06999999999999999,"mm",null,"S"]
["METEO","LTER_EU_BE_02","INBO","HOE1","AIR","EnvEurope",3,3,0,2016,3,6,{"$nulls":8},"PREC","DB","METH_2",4.279999719999999,"mm",null,"S"]
["METEO","LTER_EU_BE_02","INBO","HOE1","AIR","EnvEurope",3,3,0,2016,3,7,{"$nulls":8},"PREC","DB","METH_2",0.7400000000000001,"mm",null,"S"]
["METEO","LTER_EU_BE_02","INBO","HOE1","AIR","EnvEurope",3,3,0,2016,3,8,{"$nulls":8},"PREC","DB","METH_2",0.01,"mm",null,"S"]
["METEO","LTER_EU_BE_02","INBO","HOE1","AIR","EnvEurope",3,3,0,2016,3,9,{"$nulls":8},"PREC","DB","METH_2",0,"mm",null,"S"]
["METEO","LTER_EU_BE_02","INBO","HOE1","AIR","EnvEurope",3,3,0,2016,3,10,{"$nulls":8},"PREC","DB","METH_2",0,"mm",null,"S"]
["METEO","LTER_EU_BE_02","INBO","HOE1","AIR","EnvEurope",3,3,0,2016,3,11,{"$nulls":8},"PREC","DB","METH_2",0,"mm",null,"S"]
["METEO","LTER_EU_BE_02","INBO","HOE1","AIR","EnvEurope",3,3,0,2016,3,12,{"$nulls":8},"PREC","DB","METH_2",0,"mm",null,"S"]
["METEO","LTER_EU_BE_02","INBO","HOE1","AIR","EnvEurope",3,3,0,2016,3,13,{"$nulls":8},"PREC","DB","METH_2",0,"mm",null,"S"]
["METEO","LTER_EU_BE_02","INBO","HOE1","AIR","EnvEurope",3,3,0,2016,3,14,{"$nulls":8},"PREC","DB","METH_2",0,"mm",null,"S"]
["METEO","LTER_EU_BE_02","INBO","HOE1","AIR","EnvEurope",3,3,0,2016,3,15,{"$nulls":8},"PREC","DB","METH_2",0,"mm",null,"S"]
["METEO","LTER_EU_BE_02","INBO","HOE1","AIR","EnvEurope",3,3,0,2016,3,16,{"$nulls":8},"PREC","DB","METH_2",0,"mm",null,"S"]
["METEO","LTER_EU_BE_02","INBO","HOE1","AIR","EnvEurope",3,3,0,2016,3,17,{"$nulls":8},"PREC","DB","METH_2",0,"mm",null,"S"]
["METEO","LTER_EU_BE_02","INBO","HOE1","AIR","EnvEurope",3,3,0,2016,3,18,{"$nulls":8},"PREC","DB","METH_2",0,"mm",null,"S"]
["METEO","LTER_EU_BE_02","INBO","HOE1","AIR","EnvEurope",3,3,0,2016,3,19,{"$nulls":8},"PREC","DB","METH_2",0,"mm",null,"S"]
["METEO","LTER_EU_BE_02","INBO","HOE1","AIR","EnvEurope",3,3,0,2016,3,20,{"$nulls":8},"PREC","DB","METH_2",0,"mm",null,"S"]
["METEO","LTER_EU_BE_02","INBO","HOE1","AIR","EnvEurope",3,3,0,2016,3,21,{"$nulls":8},"PREC","DB","METH_2",0.09,"mm",null,"S"]
["METEO","LTER_EU_BE_02","INBO","HOE1","AIR","EnvEurope",3,3,0,2016,3,22,{"$nulls":8},"PREC","DB","METH_2",0,"mm",null,"S"]
["METEO","LTER_EU_BE_02","INBO","HOE1","AIR","EnvEurope",3,3,0,2016,3,23,{"$nulls":8},"PREC","DB","METH_2",0.13999999000000002,"mm",null,"S"]
["METEO","LTER_EU_BE_02","INBO","HOE1","AIR","EnvEurope",3,3,0,2016,3,24,{"$nulls":8},"PREC","DB","METH_2",0.02,"mm",null,"S"]
["METEO","LTER_EU_BE_02","INBO","HOE1","AIR","EnvEurope",3,3,0,2016,3,25,{"$nulls":8},"PREC","DB","METH_2",3.8499998799999995,"mm",null,"S"]
["METEO","LTER_EU_BE_02","INBO","HOE1","AIR","EnvEurope",3,3,0,2016,3,26,{"$nulls":8},"PREC","DB","METH_2",0.01,"mm",null,"S"]
["METEO","LTER_EU_BE_02","INBO","HOE1","AIR","EnvEurope",3,3,0,2016,3,27,{"$nulls":8},"PREC","DB","METH_2",9.74999806,"mm",null,"S"]
["METEO","LTER_EU_BE_02","INBO","HOE1","AIR","EnvEurope",3,3,0,2016,3,28,{"$nulls":8},"PREC","DB","METH_2",20.68000059,"mm",null,"S"]
["METEO","LTER_EU_BE_02","INBO","HOE1","AIR","EnvEurope",3,3,0,2016,3,29,{"$nulls":8},"PREC","DB","METH_2",4.63999988,"mm",null,"S"]
["METEO","LTER_EU_BE_02","INBO","HOE1","AIR","EnvEurope",3,3,0,2016,3,30,{"$nulls":8},"PREC","DB","METH_2",1.03999994,"mm",null,"S"]
["METEO","LTER_EU_BE_02","INBO","HOE1","AIR","EnvEurope",3,3,0,2016,3,31,{"$nulls":8},"PREC","DB","METH_2",2.7699997899999995,"mm",null,"S"]
["METEO","LTER_EU_BE_02","INBO","HOE1","AIR","EnvEurope",3,3,0,2016,4,1,{"$nulls":8},"PREC","DB","METH_2",0,"mm",null,"S"]
["METEO","LTER_EU_BE_02","INBO","HOE1","AIR","EnvEurope",3,3,0,2016,4,2,{"$nulls":8},"PREC","DB","METH_2",0,"mm",null,"S"]
["METEO","LTER_EU_BE_02","INBO","HOE1","AIR","EnvEurope",3,3,0,2016,4,3,{"$nulls":8},"PREC","DB","METH_2",3.529999,"mm",null,"S"]
["METEO","LTER_EU_BE_02","INBO","HOE1","AIR","EnvEurope",3,3,0,2016,4,4,{"$nulls":8},"PREC","DB","METH_2",0.39,"mm",null,"S"]
["METEO","LTER_EU_BE_02","INBO","HOE1","AIR","EnvEurope",3,3,0,2016,4,5,{"$nulls":8},"PREC","DB","METH_2",1.94999999,"mm",null,"S"]
["METEO","LTER_EU_BE_02","INBO","HOE1","AIR","EnvEurope",3,3,0,2016,4,6,{"$nulls":8},"PREC","DB","METH_2",0.8199999800000002,"mm",null,"S"]
["METEO","LTER_EU_BE_02","INBO","HOE1","AIR","EnvEurope",3,3,0,2016,4,7,{"$nulls":8},"PREC","DB","METH_2",1.5299999,"mm",null,"S"]
["METEO","LTER_EU_BE_02","INBO","HOE1","AIR","EnvEurope",3,3,0,2016,4,8,{"$nulls":8},"PREC","DB","METH_2",0.4799999800000001,"mm",null,"S"]
["METEO","LTER_EU_BE_02","INBO","HOE1","AIR","EnvEurope",3,3,0,2016,4,9,{"$nulls":8},"PREC","DB","METH_2",0.51999997,"mm",null,"S"]
["METEO","LTER_EU_BE_02","INBO","HOE1","AIR","EnvEurope",3,3,0,2016,4,10,{"$nulls":8},"PREC","DB","METH_2",0.22999999000000002,"mm",null,"S"]
["METEO","LTER_EU_BE_02","INBO","HOE1","AIR","EnvEurope",3,3,0,2016,4,11,{"$nulls":8},"PREC","DB","METH_2",0,"mm",null,"S"]
["METEO","LTER_EU_BE_02","INBO","HOE1","AIR","EnvEurope",3,3,0,2016,4,12,{"$nulls":8},"PREC","DB","METH_2",0.53,"mm",null,"S"]
["METEO","LTER_EU_BE_02","INBO","HOE1","AIR","EnvEurope",3,3,0,2016,4,13,{"$nulls":8},"PREC","DB","METH_2",0.03,"mm",null,"S"]
["METEO","LTER_EU_BE_02","INBO","HOE1","AIR","EnvEurope",3,3,0,2016,4,14,{"$nulls":8},"PREC","DB","METH_2",3.0399990000000003,"mm",null,"S"]
["METEO","LTER_EU_BE_02","INBO","HOE1","AIR","EnvEurope",3,3,0,2016,4,15,{"$nulls":8},"PREC","DB","METH_2",13.539998989999999,"mm",null,"S"]
["METEO","LTER_EU_BE_02","INBO","HOE1","AIR","EnvEurope",3,3,0,2016,4,16,{"$nulls":8},"PREC","DB","METH_2",2.2199997,"mm",null,"S"]
["METEO","LTER_EU_BE_02","INBO","HOE1","AIR","EnvEurope",3,3,0,2016,4,17,{"$nulls":8},"PREC","DB","METH_2",1.97999977,"mm",null,"S"]
["METEO","LTER_EU_BE_02","INBO","HOE1","AIR","EnvEurope",3,3,0,2016,4,18,{"$nulls":8},"PREC","DB","METH_2",0,"mm",null,"S"]
["METEO","LTER_EU_BE_02","INBO","HOE1","AIR","EnvEurope",3,3,0,2016,4,19,{"$nulls":8},"PREC","DB","METH_2",0,"mm",null,"S"]
["METEO","LTER_EU_BE_02","INBO","HOE1","AIR","EnvEurope",3,3,0,2016,4,20,{"$nulls":8},"PREC","DB","METH_2",0,"mm",null,"S"]
["METEO","LTER_EU_BE_02","INBO","HOE1","AIR","EnvEurope",3,3,0,2016,4,21,{"$nulls":8},"PREC","DB","METH_2",0,"mm",null,"S"]
["METEO","LTER_EU_BE_02","INBO","HOE1","AIR","EnvEurope",3,3,0,2016,4,22,{"$nulls":8},"PREC","DB","METH_2",0.04,"mm",null,"S"]
["METEO","LTER_EU_BE_02","INBO","HOE1","AIR","EnvEurope",3,3,0,2016,4,23,{"$nulls":8},"PREC","DB","METH_2",0.39999997000000004,"mm",null,"S"]
["METEO","LTER_EU_BE_02","INBO","HOE1","AIR","EnvEurope",3,3,0,2016,4,24,{"$nulls":8},"PREC","DB","METH_2",5.94999988,"mm",null,"S"]
["METEO","LTER_EU_BE_02","INBO","HOE1","AIR","EnvEurope",3,3,0,2016,4,25,{"$nulls":8},"PREC","DB","METH_2",7.609999459999998,"mm",null,"S"]
["METEO","LTER_EU_BE_02","INBO","HOE1","AIR","EnvEurope",3,3,0,2016,4,26,{"$nulls":8},"PREC","DB","METH_2",4.849999279999999,"mm",null,"S"]
["METEO","LTER_EU_BE_02","INBO","HOE1","AIR","EnvEurope",3,3,0,2016,4,27,{"$nulls":8},"PREC","DB","METH_2",4.37999958,"mm",null,"S"]
["METEO","LTER_EU_BE_02","INBO","HOE1","AIR","EnvEurope",3,3,0,2016,4,28,{"$nulls":8},"PREC","DB","METH_2",1.17999979,"mm",null,"S"]
["METEO","LTER_EU_BE_02","INBO","HOE1","AIR","EnvEurope",3,3,0,2016,4,29,{"$nulls":8},"PREC","DB","METH_2",3.1799997599999994,"mm",null,"S"]
["METEO","LTER_EU_BE_02","INBO","HOE1","AIR","EnvEurope",3,3,0,2016,4,30,{"$nulls":8},"PREC","DB","METH_2",0.29999999000000005,"mm",null,"S"]
["METEO","LTER_EU_BE_02","INBO","HOE1","AIR","EnvEurope",3,3,0,2016,5,1,{"$nulls":8},"PREC","DB","METH_2",0,"mm",null,"S"]
["METEO","LTER_EU_BE_02","INBO","HOE1","AIR","EnvEurope",3,3,0,2016,5,2,{"$nulls":8},"PREC","DB","METH_2",0.12999999,"mm",null,"S"]
["METEO","LTER_EU_BE_02","INBO","HOE1","AIR","EnvEurope",3,3,0,2016,5,3,{"$nulls":8},"PREC","DB","METH_2",2.2799998,"mm",null,"S"]
["METEO","LTER_EU_BE_02","INBO","HOE1","AIR","EnvEurope",3,3,0,2016,5,4,{"$nulls":8},"PREC","DB","METH_2",0,"mm",null,"S"]
["METEO","LTER_EU_BE_02","INBO","HOE1","AIR","EnvEurope",3,3,0,2016,5,5,{"$nulls":8},"PREC","DB","METH_2",0,"mm",null,"S"]
["METEO","LTER_EU_BE_02","INBO","HOE1","AIR","EnvEurope",3,3,0,2016,5,6,{"$nulls":8},"PREC","DB","METH_2",0,"mm",null,"S"]
["METEO","LTER_EU_BE_02","INBO","HOE1","AIR","EnvEurope",3,3,0,2016,5,7,{"$nulls":8},"PREC","DB","METH_2",0,"mm",null,"S"]
["METEO","LTER_EU_BE_02","INBO","HOE1","AIR","EnvEurope",3,3,0,2016,5,8,{"$nulls":8},"PREC","DB","METH_2",0,"mm",null,"S"]
["METEO","LTER_EU_BE_02","INBO","HOE1","AIR","EnvEurope",3,3,0,2016,5,9,{"$nulls":8},"PREC","DB","METH_2",0.15,"mm",null,"S"]
["METEO","LTER_EU_BE_02","INBO","HOE1","AIR","EnvEurope",3,3,0,2016,5,10,{"$nulls":8},"PREC","DB","METH_2",3.80999998,"mm",null,"S"]
["METEO","LTER_EU_BE_02","INBO","HOE1","AIR","EnvEurope",3,3,0,2016,5,11,{"$nulls":8},"PREC","DB","METH_2",0,"mm",null,"S"]
["METEO","LTER_EU_BE_02","INBO","HOE1","AIR","EnvEurope",3,3,0,2016,5,12,{"$nulls":8},"PREC","DB","METH_2",0.86,"mm",null,"S"]
["METEO","LTER_EU_BE_02","INBO","HOE1","AIR","EnvEurope",3,3,0,2016,5,13,{"$nulls":8},"PREC","DB","METH_2",0,"mm",null,"S"]
["METEO","LTER_EU_BE_02","INBO","HOE1","AIR","EnvEurope",3,3,0,2016,5,14,{"$nulls":8},"PREC","DB","METH_2",0.1,"mm",null,"S"]
["METEO","LTER_EU_BE_02","INBO","HOE1","AIR","EnvEurope",3,3,0,2016,5,15,{"$nulls":8},"PREC","DB","METH_2",0.05,"mm",null,"S"]
["METEO","LTER_EU_BE_02","INBO","HOE1","AIR","EnvEurope",3,3,0,2016,5,16,{"$nulls":8},"PREC","DB","METH_2",0,"mm",null,"S"]
["METEO","LTER_EU_BE_02","INBO","HOE1","AIR","EnvEurope",3,3,0,2016,5,17,{"$nulls":8},"PREC","DB","METH_2",0,"mm",null,"S"]
["METEO","LTER_EU_BE_02","INBO","HOE1","AIR","EnvEurope",3,3,0,2016,5,18,{"$nulls":8},"PREC","DB","METH_2",0.30000000000000004,"mm",null,"S"]
["METEO","LTER_EU_BE_02","INBO","HOE1","AIR","EnvEurope",3,3,0,2016,5,19,{"$nulls":8},"PREC","DB","METH_2",0,"mm",null,"S"]
["METEO","LTER_EU_BE_02","INBO","HOE1","AIR","EnvEurope",3,3,0,2016,5,20,{"$nulls":8},"PREC","DB","METH_2",0.09999999999999999,"mm",null,"S"]
["METEO","LTER_EU_BE_02","INBO","HOE1","AIR","EnvEurope",3,3,0,2016,5,21,{"$nulls":8},"PREC","DB","METH_2",0.04,"mm",null,"S"]
["METEO","LTER_EU_BE_02","INBO","HOE1","AIR","EnvEurope",3,3,0,2016,5,22,{"$nulls":8},"PREC","DB","METH_2",5.52999943,"mm",null,"S"]
["METEO","LTER_EU_BE_02","INBO","HOE1","AIR","EnvEurope",3,3,0,2016,5,23,{"$nulls":8},"PREC","DB","METH_2",9.499998479999997,"mm",null,"S"]
["METEO","LTER_EU_BE_02","INBO","HOE1","AIR","EnvEurope",3,3,0,2016,5,24,{"$nulls":8},"PREC","DB","METH_2",0,"mm",null,"S"]
["METEO","LTER_EU_BE_02","INBO","HOE1","AIR","EnvEurope",3,3,0,2016,5,25,{"$nulls":8},"PREC","DB","METH_2",0.02,"mm",null,"S"]
["METEO","LTER_EU_BE_02","INBO","HOE1","AIR","EnvEurope",3,3,0,2016,5,26,{"$nulls":8},"PREC","DB","METH_2",0,"mm",null,"S"]
["METEO","LTER_EU_BE_02","INBO","HOE1","AIR","EnvEurope",3,3,0,2016,5,27,{"$nulls":8},"PREC","DB","METH_2",5.82999838,"mm",null,"S"]
["METEO","LTER_EU_BE_02","INBO","HOE1","AIR","EnvEurope",3,3,0,2016,5,28,{"$nulls":8},"PREC","DB","METH_2",0.14,"mm",null,"S"]
["METEO","LTER_EU_BE_02","INBO","HOE1","AIR","EnvEurope",3,3,0,2016,5,29,{"$nulls":8},"PREC","DB","METH_2",2.5299998299999995,"mm",null,"S"]
["METEO","LTER_EU_BE_02","INBO","HOE1","AIR","EnvEurope",3,3,0,2016,5,30,{"$nulls":8},"PREC","DB","METH_2",26.729992250000006,"mm",null,"S"]
["METEO","LTER_EU_BE_02","INBO","HOE1","AIR","EnvEurope",3,3,0,2016,5,31,{"$nulls":8},"PREC","DB","METH_2",0.05,"mm",null,"S"]
["METEO","LTER_EU_BE_02","INBO","HOE1","AIR","EnvEurope",3,3,0,2016,6,1,{"$nulls":8},"PREC","DB","METH_2",4.76999968,"mm",null,"S"]
["METEO","LTER_EU_BE_02","INBO","HOE1","AIR","EnvEurope",3,3,0,2016,6,2,{"$nulls":8},"PREC","DB","METH_2",0.07999999,"mm",null,"S"]
["METEO","LTER_EU_BE_02","INBO","HOE1","AIR","EnvEurope",3,3,0,2016,6,3,{"$nulls":8},"PREC","DB","METH_2",0.44999989000000007,"mm",null,"S"]
["METEO","LTER_EU_BE_02","INBO","HOE1","AIR","EnvEurope",3,3,0,2016,6,4,{"$nulls":8},"PREC","DB","METH_2",5.499998789999999,"mm",null,"S"]
["METEO","LTER_EU_BE_02","INBO","HOE1","AIR","EnvEurope",3,3,0,2016,6,5,{"$nulls":8},"PREC","DB","METH_2",2.0899998899999996,"mm",null,"S"]
["METEO","LTER_EU_BE_02","INBO","HOE1","AIR","EnvEurope",3,3,0,2016,6,6,{"$nulls":8},"PREC","DB","METH_2",0.5800000000000001,"mm",null,"S"]
["METEO","LTER_EU_BE_02","INBO","HOE1","AIR","EnvEurope",3,3,0,2016,6,7,{"$nulls":8},"PREC","DB","METH_2",51.1399946,"mm",null,"S"]
["METEO","LTER_EU_BE_02","INBO","HOE1","AIR","EnvEurope",3,3,0,2016,6,8,{"$nulls":8},"PREC","DB","METH_2",0,"mm",null,"S"]
["METEO","LTER_EU_BE_02","INBO","HOE1","AIR","EnvEurope",3,3,0,2016,6,9,{"$nulls":8},"PREC","DB","METH_2",0,"mm",null,"S"]
["METEO","LTER_EU_BE_02","INBO","HOE1","AIR","EnvEurope",3,3,0,2016,6,10,{"$nulls":8},"PREC","DB","METH_2",0,"mm",null,"S"]
["METEO","LTER_EU_BE_02","INBO","HOE1","AIR","EnvEurope",3,3,0,2016,6,11,{"$nulls":8},"PREC","DB","METH_2",51.5399968,"mm",null,"S"]
["METEO","LTER_EU_BE_02","INBO","HOE1","AIR","EnvEurope",3,3,0,2016,6,12,{"$nulls":8},"PREC","DB","METH_2",0.84999999,"mm",null,"S"]
["METEO","LTER_EU_BE_02","INBO","HOE1","AIR","EnvEurope",3,3,0,2016,6,13,{"$nulls":8},"PREC","DB","METH_2",0.38,"mm",null,"S"]
["METEO","LTER_EU_BE_02","INBO","HOE1","AIR","EnvEurope",3,3,0,2016,6,14,{"$nulls":8},"PREC","DB","METH_2",0.99,"mm",null,"S"]
["METEO","LTER_EU_BE_02","INBO","HOE1","AIR","EnvEurope",3,3,0,2016,6,15,{"$nulls":8},"PREC","DB","METH_2",11.170001679999999,"mm",null,"S"]
["METEO","LTER_EU_BE_02","INBO","HOE1","AIR","EnvEurope",3,3,0,2016,6,16,{"$nulls":8},"PREC","DB","METH_2",4.129999089999998,"mm",null,"S"]
["METEO","LTER_EU_BE_02","INBO","HOE1","AIR","EnvEurope",3,3,0,2016,6,17,{"$nulls":8},"PREC","DB","METH_2",3.5899995999999996,"mm",null,"S"]
["METEO","LTER_EU_BE_02","INBO","HOE1","AIR","EnvEurope",3,3,0,2016,6,18,{"$nulls":8},"PREC","DB","METH_2",6.249999869999999,"mm",null,"S"]
["METEO","LTER_EU_BE_02","INBO","HOE1","AIR","EnvEurope",3,3,0,2016,6,19,{"$nulls":8},"PREC","DB","METH_2",0.21999998,"mm",null,"S"]
["METEO","LTER_EU_BE_02","INBO","HOE1","AIR","EnvEurope",3,3,0,2016,6,20,{"$nulls":8},"PREC","DB","METH_2",4.969999369999999,"mm",null,"S"]
["METEO","LTER_EU_BE_02","INBO","HOE1","AIR","EnvEurope",3,3,0,2016,6,21,{"$nulls":8},"PREC","DB","METH_2",3.38,"mm",null,"S"]
["METEO","LTER_EU_BE_02","INBO","HOE1","AIR","EnvEurope",3,3,0,2016,6,22,{"$nulls":8},"PREC","DB","METH_2",0.01,"mm",null,"S"]
["METEO","LTER_EU_BE_02","INBO","HOE1","AIR","EnvEurope",3,3,0,2016,6,23,{"$nulls":8},"PREC","DB","METH_2",32.2499977,"mm",null,"S"]
["METEO","LTER_EU_BE_02","INBO","HOE1","AIR","EnvEurope",3,3,0,2016,6,24,{"$nulls":8},"PREC","DB","METH_2",0.08,"mm",null,"S"]
["METEO","LTER_EU_BE_02","INBO","HOE1","AIR","EnvEurope",3,3,0,2016,6,25,{"$nulls":8},"PREC","DB","METH_2",0.30999998,"mm",null,"S"]
["METEO","LTER_EU_BE_02","INBO","HOE1","AIR","EnvEurope",3,3,0,2016,6,26,{"$nulls":8},"PREC","DB","METH_2",3.72999986,"mm",null,"S"]
["METEO","LTER_EU_BE_02","INBO","HOE1","AIR","EnvEurope",3,3,0,2016,6,27,{"$nulls":8},"PREC","DB","METH_2",0.14999999000000003,"mm",null,"S"]
["METEO","LTER_EU_BE_02","INBO","HOE1","AIR","EnvEurope",3,3,0,2016,6,28,{"$nulls":8},"PREC","DB","METH_2",2.55999999,"mm",null,"S"]
["METEO","LTER_EU_BE_02","INBO","HOE1","AIR","EnvEurope",3,3,0,2016,6,29,{"$nulls":8},"PREC","DB","METH_2",0.37999998,"mm",null,"S"]
["METEO","LTER_EU_BE_02","INBO","HOE1","AIR","EnvEurope",3,3,0,2016,6,30,{"$nulls":8},"PREC","DB","METH_2",3.45999997,"mm",null,"S"]
["METEO","LTER_EU_BE_02","INBO","HOE1","AIR","EnvEurope",3,3,0,2016,7,1,{"$nulls":8},"PREC","DB","METH_2",9.270001799999998,"mm",null,"S"]
["METEO","LTER_EU_BE_02","INBO","HOE1","AIR","EnvEurope",3,3,0,2016,7,2,{"$nulls":8},"PREC","DB","METH_2",7.319999879999999,"mm",null,"S"]
["METEO","LTER_EU_BE_02","INBO","HOE1","AIR","EnvEurope",3,3,0,2016,7,3,{"$nulls":8},"PREC","DB","METH_2",0.28999999000000004,"mm",null,"S"]
["METEO","LTER_EU_BE_02","INBO","HOE1","AIR","EnvEurope",3,3,0,2016,7,4,{"$nulls":8},"PREC","DB","METH_2",0,"mm",null,"S"]
["METEO","LTER_EU_BE_02","INBO","HOE1","AIR","EnvEurope",3,3,0,2016,7,5,{"$nulls":8},"PREC","DB","METH_2",0.09,"mm",null,"S"]
["METEO","LTER_EU_BE_02","INBO","HOE1","AIR","EnvEurope",3,3,0,2016,7,6,{"$nulls":8},"PREC","DB","METH_2",0,"mm",null,"S"]
["METEO","LTER_EU_BE_02","INBO","HOE1","AIR","EnvEurope",3,3,0,2016,7,7,{"$nulls":8},"PREC","DB","METH_2",0,"mm",null,"S"]
["METEO","LTER_EU_BE_02","INBO","HOE1","AIR","EnvEurope",3,3,0,2016,7,8,{"$nulls":8},"PREC","DB","METH_2",0,"mm",null,"S"]
["METEO","LTER_EU_BE_02","INBO","HOE1","AIR","EnvEurope",3,3,0,2016,7,9,{"$nulls":8},"PREC","DB","METH_2",0,"mm",null,"S"]
["METEO","LTER_EU_BE_02","INBO","HOE1","AIR","EnvEurope",3,3,0,2016,7,10,{"$nulls":8},"PREC","DB","METH_2",0,"mm",null,"S"]
["METEO","LTER_EU_BE_02","INBO","HOE1","AIR","EnvEurope",3,3,0,2016,7,11,{"$nulls":8},"PREC","DB","METH_2",0,"mm",null,"S"]
["METEO","LTER_EU_BE_02","INBO","HOE1","AIR","EnvEurope",3,3,0,2016,7,12,{"$nulls":8},"PREC","DB","METH_2",12.340001999999998,"mm",null,"S"]
["METEO","LTER_EU_BE_02","INBO","HOE1","AIR","EnvEurope",3,3,0,2016,7,13,{"$nulls":8},"PREC","DB","METH_2",7.0699999899999995,"mm",null,"S"]
["METEO","LTER_EU_BE_02","INBO","HOE1","AIR","EnvEurope",3,3,0,2016,7,14,{"$nulls":8},"PREC","DB","METH_2",1.0999997900000003,"mm",null,"S"]
["METEO","LTER_EU_BE_02","INBO","HOE1","AIR","EnvEurope",3,3,0,2016,7,15,{"$nulls":8},"PREC","DB","METH_2",0,"mm",null,"S"]
["METEO","LTER_EU_BE_02","INBO","HOE1","AIR","EnvEurope",3,3,0,2016,7,16,{"$nulls":8},"PREC","DB","METH_2",0,"mm",null,"S"]
["METEO","LTER_EU_BE_02","INBO","HOE1","AIR","EnvEurope",3,3,0,2016,7,17,{"$nulls":8},"PREC","DB","METH_2",0,"mm",null,"S"]
["METEO","LTER_EU_BE_02","INBO","HOE1","AIR","EnvEurope",3,3,0,2016,7,18,{"$nulls":8},"PREC","DB","METH_2",0,"mm",null,"S"]
["METEO","LTER_EU_BE_02","INBO","HOE1","AIR","EnvEurope",3,3,0,2016,7,19,{"$nulls":8},"PREC","DB","METH_2",0,"mm",null,"S"]
["METEO","LTER_EU_BE_02","INBO","HOE1","AIR","EnvEurope",3,3,0,2016,7,20,{"$nulls":8},"PREC","DB","METH_2",0.04,"mm",null,"S"]
["METEO","LTER_EU_BE_02","INBO","HOE1","AIR","EnvEurope",3,3,0,2016,7,21,{"$nulls":8},"PREC","DB","METH_2",0,"mm",null,"S"]
["METEO","LTER_EU_BE_02","INBO","HOE1","AIR","EnvEurope",3,3,0,2016,7,22,{"$nulls":8},"PREC","DB","METH_2",0,"mm",null,"S"]
["METEO","LTER_EU_BE_02","INBO","HOE1","AIR","EnvEurope",3,3,0,2016,7,23,{"$nulls":8},"PREC","DB","METH_2",20.509997390000006,"mm",null,"S"]
["METEO","LTER_EU_BE_02","INBO","HOE1","AIR","EnvEurope",3,3,0,2016,7,24,{"$nulls":8},"PREC","DB","METH_2",0,"mm",null,"S"]
["METEO","LTER_EU_BE_02","INBO","HOE1","AIR","EnvEurope",3,3,0,2016,7,25,{"$nulls":8},"PREC","DB","METH_2",0.51999989,"mm",null,"S"]
["METEO","LTER_EU_BE_02","INBO","HOE1","AIR","EnvEurope",3,3,0,2016,7,26,{"$nulls":8},"PREC","DB","METH_2",0,"mm",null,"S"]
["METEO","LTER_EU_BE_02","INBO","HOE1","AIR","EnvEurope",3,3,0,2016,7,27,{"$nulls":8},"PREC","DB","METH_2",0.04,"mm",null,"S"]
["METEO","LTER_EU_BE_02","INBO","HOE1","AIR","EnvEurope",3,3,0,2016,7,28,{"$nulls":8},"PREC","DB","METH_2",1.7199998900000002,"mm",null,"S"]
["METEO","LTER_EU_BE_02","INBO","HOE1","AIR","EnvEurope",3,3,0,2016,7,29,{"$nulls":8},"PREC","DB","METH_2",0.01,"mm",null,"S"]
["METEO","LTER_EU_BE_02","INBO","HOE1","AIR","EnvEurope",3,3,0,2016,7,30,{"$nulls":8},"PREC","DB","METH_2",1.11,"mm",null,"S"]
["METEO","LTER_EU_BE_02","INBO","HOE1","AIR","EnvEurope",3,3,0,2016,7,31,{"$nulls":8},"PREC","DB","METH_2",1.3599999999999999,"mm",null,"S"]
["METEO","LTER_EU_BE_02","INBO","HOE1","AIR","EnvEurope",3,3,0,2016,8,1,{"$nulls":8},"PREC","DB","METH_2",0.7999999,"mm",null,"S"]
["METEO","LTER_EU_BE_02","INBO","HOE1","AIR","EnvEurope",3,3,0,2016,8,2,{"$nulls":8},"PREC","DB","METH_2",7.90999884,"mm",null,"S"]
["METEO","LTER_EU_BE_02","INBO","HOE1","AIR","EnvEurope",3,3,0,2016,8,3,{"$nulls":8},"PREC","DB","METH_2",16.129997309999993,"mm",null,"S"]
["METEO","LTER_EU_BE_02","INBO","HOE1","AIR","EnvEurope",3,3,0,2016,8,4,{"$nulls":8},"PREC","DB","METH_2",0,"mm",null,"S"]
["METEO","LTER_EU_BE_02","INBO","HOE1","AIR","EnvEurope",3,3,0,2016,8,5,{"$nulls":8},"PREC","DB","METH_2",7.74999979,"mm",null,"S"]
["METEO","LTER_EU_BE_02","INBO","HOE1","AIR","EnvEurope",3,3,0,2016,8,6,{"$nulls":8},"PREC","DB","METH_2",0,"mm",null,"S"]
["METEO","LTER_EU_BE_02","INBO","HOE1","AIR","EnvEurope",3,3,0,2016,8,7,{"$nulls":8},"PREC","DB","METH_2",0,"mm",null,"S"]
["METEO","LTER_EU_BE_02","INBO","HOE1","AIR","EnvEurope",3,3,0,2016,8,8,{"$nulls":8},"PREC","DB","METH_2",0,"mm",null,"S"]
["METEO","LTER_EU_BE_02","INBO","HOE1","AIR","EnvEurope",3,3,0,2016,8,9,{"$nulls":8},"PREC","DB","METH_2",0,"mm",null,"S"]
["METEO","LTER_EU_BE_02","INBO","HOE1","AIR","EnvEurope",3,3,0,2016,8,10,{"$nulls":8},"PREC","DB","METH_2",0.98999999,"mm",null,"S"]
["METEO","LTER_EU_BE_02","INBO","HOE1","AIR","EnvEurope",3,3,0,2016,8,11,{"$nulls":8},"PREC","DB","METH_2",1.4699999900000003,"mm",null,"S"]
["METEO","LTER_EU_BE_02","INBO","HOE1","AIR","EnvEurope",3,3,0,2016,8,12,{"$nulls":8},"PREC","DB","METH_2",0,"mm",null,"S"]
["METEO","LTER_EU_BE_02","INBO","HOE1","AIR","EnvEurope",3,3,0,2016,8,13,{"$nulls":8},"PREC","DB","METH_2",0,"mm",null,"S"]
["METEO","LTER_EU_BE_02","INBO","HOE1","AIR","EnvEurope",3,3,0,2016,8,14,{"$nulls":8},"PREC","DB","METH_2",0,"mm",null,"S"]
["METEO","LTER_EU_BE_02","INBO","HOE1","AIR","EnvEurope",3,3,0,2016,8,15,{"$nulls":8},"PREC","DB","METH_2",0,"mm",null,"S"]
["METEO","LTER_EU_BE_02","INBO","HOE1","AIR","EnvEurope",3,3,0,2016,8,16,{"$nulls":8},"PREC","DB","METH_2",0,"mm",null,"S"]
["METEO","LTER_EU_BE_02","INBO","HOE1","AIR","EnvEurope",3,3,0,2016,8,17,{"$nulls":8},"PREC","DB","METH_2",0,"mm",null,"S"]
["METEO","LTER_EU_BE_02","INBO","HOE1","AIR","EnvEurope",3,3,0,2016,8,18,{"$nulls":8},"PREC","DB","METH_2",0,"mm",null,"S"]
["METEO","LTER_EU_BE_02","INBO","HOE1","AIR","EnvEurope",3,3,0,2016,8,19,{"$nulls":8},"PREC","DB","METH_2",0.16,"mm",null,"S"]
["METEO","LTER_EU_BE_02","INBO","HOE1","AIR","EnvEurope",3,3,0,2016,8,20,{"$nulls":8},"PREC","DB","METH_2",0.05,"mm",null,"S"]
["METEO","LTER_EU_BE_02","INBO","HOE1","AIR","EnvEurope",3,3,0,2016,8,21,{"$nulls":8},"PREC","DB","METH_2",13.439998469999999,"mm",null,"S"]
["METEO","LTER_EU_BE_02","INBO","HOE1","AIR","EnvEurope",3,3,0,2016,8,22,{"$nulls":8},"PREC","DB","METH_2",0.42999997,"mm",null,"S"]
["METEO","LTER_EU_BE_02","INBO","HOE1","AIR","EnvEurope",3,3,0,2016,8,23,{"$nulls":8},"PREC","DB","METH_2",0,"mm",null,"S"]
["METEO","LTER_EU_BE_02","INBO","HOE1","AIR","EnvEurope",3,3,0,2016,8,24,{"$nulls":8},"PREC","DB","METH_2",0,"mm",null,"S"]
["METEO","LTER_EU_BE_02","INBO","HOE1","AIR","EnvEurope",3,3,0,2016,8,25,{"$nulls":8},"PREC","DB","METH_2",0,"mm",null,"S"]
["METEO","LTER_EU_BE_02","INBO","HOE1","AIR","EnvEurope",3,3,0,2016,8,26,{"$nulls":8},"PREC","DB","METH_2",0,"mm",null,"S"]
["METEO","LTER_EU_BE_02","INBO","HOE1","AIR","EnvEurope",3,3,0,2016,8,27,{"$nulls":8},"PREC","DB","METH_2",0,"mm",null,"S"]
["METEO","LTER_EU_BE_02","INBO","HOE1","AIR","EnvEurope",3,3,0,2016,8,28,{"$nulls":8},"PREC","DB","METH_2",0,"mm",null,"S"]
["METEO","LTER_EU_BE_02","INBO","HOE1","AIR","EnvEurope",3,3,0,2016,8,29,{"$nulls":8},"PREC","DB","METH_2",0.59,"mm",null,"S"]
["METEO","LTER_EU_BE_02","INBO","HOE1","AIR","EnvEurope",3,3,0,2016,8,30,{"$nulls":8},"PREC","DB","METH_2",0,"mm",null,"S"]
["METEO","LTER_EU_BE_02","INBO","HOE1","AIR","EnvEurope",3,3,0,2016,8,31,{"$nulls":8},"PREC","DB","METH_2",0,"mm",null,"S"]
["METEO","LTER_EU_BE_02","INBO","HOE1","AIR","EnvEurope",3,3,0,2016,9,1,{"$nulls":8},"PREC","DB","METH_2",0,"mm",null,"S"]
["METEO","LTER_EU_BE_02","INBO","HOE1","AIR","EnvEurope",3,3,0,2016,9,2,{"$nulls":8},"PREC","DB","METH_2",0.53,"mm",null,"S"]
["METEO","LTER_EU_BE_02","INBO","HOE1","AIR","EnvEurope",3,3,0,2016,9,3,{"$nulls":8},"PREC","DB","METH_2",0,"mm",null,"S"]
["METEO","LTER_EU_BE_02","INBO","HOE1","AIR","EnvEurope",3,3,0,2016,9,4,{"$nulls":8},"PREC","DB","METH_2",8.429997859999999,"mm",null,"S"]
["METEO","LTER_EU_BE_02","INBO","HOE1","AIR","EnvEurope",3,3,0,2016,9,5,{"$nulls":8},"PREC","DB","METH_2",0,"mm",null,"S"]
["METEO","LTER_EU_BE_02","INBO","HOE1","AIR","EnvEurope",3,3,0,2016,9,6,{"$nulls":8},"PREC","DB","METH_2",0,"mm",null,"S"]
["METEO","LTER_EU_BE_02","INBO","HOE1","AIR","EnvEurope",3,3,0,2016,9,7,{"$nulls":8},"PREC","DB","METH_2",0,"mm",null,"S"]
["METEO","LTER_EU_BE_02","INBO","HOE1","AIR","EnvEurope",3,3,0,2016,9,8,{"$nulls":8},"PREC","DB","METH_2",0,"mm",null,"S"]
["METEO","LTER_EU_BE_02","INBO","HOE1","AIR","EnvEurope",3,3,0,2016,9,9,{"$nulls":8},"PREC","DB","METH_2",0,"mm",null,"S"]
["METEO","LTER_EU_BE_02","INBO","HOE1","AIR","EnvEurope",3,3,0,2016,9,10,{"$nulls":8},"PREC","DB","METH_2",0,"mm",null,"S"]
["METEO","LTER_EU_BE_02","INBO","HOE1","AIR","EnvEurope",3,3,0,2016,9,11,{"$nulls":8},"PREC","DB","METH_2",0.01,"mm",null,"S"]
["METEO","LTER_EU_BE_02","INBO","HOE1","AIR","EnvEurope",3,3,0,2016,9,12,{"$nulls":8},"PREC","DB","METH_2",0,"mm",null,"S"]
["METEO","LTER_EU_BE_02","INBO","HOE1","AIR","EnvEurope",3,3,0,2016,9,13,{"$nulls":8},"PREC","DB","METH_2",0,"mm",null,"S"]
["METEO","LTER_EU_BE_02","INBO","HOE1","AIR","EnvEurope",3,3,0,2016,9,14,{"$nulls":8},"PREC","DB","METH_2",0,"mm",null,"S"]
["METEO","LTER_EU_BE_02","INBO","HOE1","AIR","EnvEurope",3,3,0,2016,9,15,{"$nulls":8},"PREC","DB","METH_2",1.8099998,"mm",null,"S"]
["METEO","LTER_EU_BE_02","INBO","HOE1","AIR","EnvEurope",3,3,0,2016,9,16,{"$nulls":8},"PREC","DB","METH_2",1.0599998,"mm",null,"S"]
["METEO","LTER_EU_BE_02","INBO","HOE1","AIR","EnvEurope",3,3,0,2016,9,17,{"$nulls":8},"PREC","DB","METH_2",0.01,"mm",null,"S"]
["METEO","LTER_EU_BE_02","INBO","HOE1","AIR","EnvEurope",3,3,0,2016,9,18,{"$nulls":8},"PREC","DB","METH_2",0,"mm",null,"S"]
["METEO","LTER_EU_BE_02","INBO","HOE1","AIR","EnvEurope",3,3,0,2016,9,19,{"$nulls":8},"PREC","DB","METH_2",0,"mm",null,"S"]
["METEO","LTER_EU_BE_02","INBO","HOE1","AIR","EnvEurope",3,3,0,2016,9,20,{"$nulls":8},"PREC","DB","METH_2",0,"mm",null,"S"]
["METEO","LTER_EU_BE_02","INBO","HOE1","AIR","EnvEurope",3,3,0,2016,9,21,{"$nulls":8},"PREC","DB","METH_2",0,"mm",null,"S"]
["METEO","LTER_EU_BE_02","INBO","HOE1","AIR","EnvEurope",3,3,0,2016,9,22,{"$nulls":8},"PREC","DB","METH_2",0,"mm",null,"S"]
["METEO","LTER_EU_BE_02","INBO","HOE1","AIR","EnvEurope",3,3,0,2016,9,23,{"$nulls":8},"PREC","DB","METH_2",0,"mm",null,"S"]
["METEO","LTER_EU_BE_02","INBO","HOE1","AIR","EnvEurope",3,3,0,2016,9,24,{"$nulls":8},"PREC","DB","METH_2",0,"mm",null,"S"]
["METEO","LTER_EU_BE_02","INBO","HOE1","AIR","EnvEurope",3,3,0,2016,9,25,{"$nulls":8},"PREC","DB","METH_2",1.7299999799999999,"mm",null,"S"]
["METEO","LTER_EU_BE_02","INBO","HOE1","AIR","EnvEurope",3,3,0,2016,9,26,{"$nulls":8},"PREC","DB","METH_2",0,"mm",null,"S"]
["METEO","LTER_EU_BE_02","INBO","HOE1","AIR","EnvEurope",3,3,0,2016,9,27,{"$nulls":8},"PREC","DB","METH_2",0,"mm",null,"S"]
["METEO","LTER_EU_BE_02","INBO","HOE1","AIR","EnvEurope",3,3,0,2016,9,28,{"$nulls":8},"PREC","DB","METH_2",0,"mm",null,"S"]
["METEO","LTER_EU_BE_02","INBO","HOE1","AIR","EnvEurope",3,3,0,2016,9,29,{"$nulls":8},"PREC","DB","METH_2",0.21000000000000002,"mm",null,"S"]
["METEO","LTER_EU_BE_02","INBO","HOE1","AIR","EnvEurope",3,3,0,2016,9,30,{"$nulls":8},"PREC","DB","METH_2",0.12,"mm",null,"S"]

{"sheet":"Ref_STYPE","index":4,"n_rows":5,"n_cols":3,"rows_kept":5,"flags":["formulas_cached_only"]}
["STYPE","Station type","Example"]
["PT","point observation","Sampling point"]
["HLN","horizontal transect observed","transect"]
["VLN","vertical transect observed","depth gradient"]
["PL","area observed","vegetation plot"]

{"sheet":"Ref_SUBPROG","index":5,"n_rows":6,"n_cols":2,"rows_kept":6,"flags":["formulas_cached_only"]}
["SUBPROG","Explanation"]
["BIOCHEM","biogeochemistry data"]
["STRUCTU","Structure and function of ecosystems, communities and populations"]
["HUMANEC","human population and economy"]
["SITECHA","site characteristics (land use and land cover)"]
["METEO","meteorological data"]

{"sheet":"Ref_AREA","index":6,"n_rows":1,"n_cols":24,"rows_kept":1,"flags":["formulas_cached_only"]}
["UUID","LTER_EU_Site_Code","SiteName","Country","EnvEurope_Group","Checked","Note","Char_Biogeographic_Region","Elevation_avg","FocEcosys1","FocEcosys2","FocEcosys3","Loc_Country","Loc_DEG_X_ETRS89_GEO","Loc_DEG_Y_ETRS89_GEO","LTER_Declaration_Status","LTER_Site_Status","LTER_Site_Type","Actor","Organisation","email","Phone","Role","OBJEKT_ID"]

{"sheet":"Ref_TLEVEL","index":7,"n_rows":8,"n_cols":4,"rows_kept":8,"flags":["formulas_cached_only"]}
["TLEVEL","Explenation","Duration","Exmple"]
["HOUR","aggregated on the level of a hour","60 minutes"]
["DAY","aggregated on the level of a day","24 hours"]
["WEEK","aggregated on the level of a week","7 days"]
["MONTH","aggregated on the level of a month","21, 30 or 31 days"]
["SEASON","aggregated on the level of a season","3 Month","spring, summer, autumn, winter"]
["HYEAR","aggregated on the level of a half year","6 month"]
["YEAR","aggregated on the level of a year","12 month"]

{"sheet":"Ref_SUBST","index":8,"n_rows":107,"n_cols":8,"rows_kept":107,"flags":["formulas_cached_only"]}
["LISTSUB","SUBST","Name","Description","Group","CAS Code","included/changed"]
["*","AB","abundace of","groups; to be specified by user; to be described in the metadata",10," ","2000-06-16 15:39:00.000"]
["DB","ALK     ","Alkalinity"," ",10," ","2000-06-16 15:39:00.000"]
["*","BIOMASS","biomass of ","groups; to be specified by user; to be described in the metadata",10," ","2000-06-16 15:39:00.000"]
["DB","BOD     ","Biochemical oxygen demand","Essential to state incubation time - see pretreatment list: Incubation.",10," ","2000-06-16 15:39:00.000"]
["DB","BPP     ","Biological primary production net"," ",10," ","2000-06-16 15:39:00.000"]
["DB","BPY     ","Biological primary productivity net"," ",10," ","2000-06-16 15:39:00.000"]
["DB","CODCR   ","Chemical oxygen demand COD-Cr"," ",10," ","2000-08-14 15:23:00.000"]
["DB","CODMN   ","Chemical oxygen demand COD-Mn"," ",10," ","2000-08-14 15:23:00.000"]
["DB","COND    ","Conductivity"," ",10," ","2000-06-16 15:39:00.000"]
["IM","COVE_B","spccies cover bottom layer","mean cover of layer/species (%) in the bottom layer per vegetation plot; byrophytes and lichens",10," ","2000-06-16 15:39:00.000"]
["IM","COVE_F","spccies cover field layer","mean cover of layer/species (%) in the field layer per vegetation plot; trees and shrubs <1m and other plants irrespective of height",10," ","2000-06-16 15:39:00.000"]
["IM","COVE_S","spccies cover shrub layer","mean cover of layer/species (%) in the shrub layer per vegetation plot; trees 1-5m, morphological shrubs >1m",10," ","2000-06-16 15:39:00.000"]
["IM","COVE_T","spccies cover tree layer","mean cover of layer/species (%) in the tree layer per vegetation plot; trees >5m",10," ","2000-06-16 15:39:00.000"]
["DB","CP      ","Chlorophyll a"," ",10," ","2000-06-16 15:39:00.000"]
["DB","DC      ","Dissolved carbon"," ",10," ","2000-06-16 15:39:00.000"]
["DB","DEPTHB  ","Depth of sampling from bottom"," ",10," ","2000-06-16 15:39:00.000"]
["DB","DEPTHS  ","Depth of sampling from surface"," ",10," ","2000-06-16 15:39:00.000"]
["DB","DEPTHT  ","Depth to bottom"," ",10," ","2000-06-16 15:39:00.000"]
["DB","DIC     ","Dissolved inorganic carbon"," ",10," ","2000-06-16 15:39:00.000"]
["DB","DISCH","Discharge"," ",10," ","2000-06-16 15:39:00.000"]
["DB","DOC     ","Dissolved organic carbon"," ",10," ","2000-06-16 15:39:00.000"]
["DB","DOD     ","Direct oxygen demand"," ",10," ","2000-06-16 15:39:00.000"]
["DB","EH      ","Redox potential"," ",10," ","2000-08-14 15:24:00.000"]
["DB","FLOW    ","Flow"," ",10," ","2000-06-16 15:39:00.000"]
["*","HAGESTR","age structure","human population",10," ","2000-06-16 15:39:00.000"]
["*","HDENSITY","density","human population",10," ","2000-06-16 15:39:00.000"]
["*","HECONACT","main economic activity","human population",10," ","2000-06-16 15:39:00.000"]
["DB","HH      ","Humidity"," ",10," ","2000-06-16 15:39:00.000"]
["*","HINCOME","average income","human population",10," ","2000-06-16 15:39:00.000"]
["*","LANDCOV","land cover",null,10," ","2001-01-16T09:51:09"]
["*","LANDUSE","land use",null,30," ","2001-01-16T09:56:35"]
["DB","LDEP",null,"litterfall amount (oven dry weight)",30," ","2000-06-16 15:39:00.000","g/m2"]
["DB","LENGTH  ","Length"," ",30," ","2000-06-16 15:39:00.000"]
["DB","NH3     ","Ammonia"," ",30," ","2000-06-16 15:39:00.000"]
["DB","NH4     ","Ammonium"," ",30," ","2000-06-16 15:39:00.000"]
["DB","NH4N    ","Ammonium as nitrogen"," ",30," ","2000-06-16 15:39:00.000"]
["DB","NKJ     ","Kjeldahl nitrogen"," ",30," ","2000-06-16 15:39:00.000"]
["DB","NO2     ","Nitrite"," ",30," ","2000-06-16 15:39:00.000"]
["DB","NO23    ","Nitrite nitrate","Nitrite + nitrate",30," ","2000-06-16 15:39:00.000"]
["DB","NO23N   ","Nitrite nitrate as nitrogen","Nitrite + nitrate as nitrogen",30," ","2000-06-16 15:39:00.000"]
["DB","NO2N    ","Nitrite as nitrogen"," ",30," ","2000-06-16 15:39:00.000"]
["DB","NO3     ","Nitrate"," ",30," ","2000-06-16 15:39:00.000"]
["DB","NO3N    ","Nitrate as nitrogen"," ",30," ","2000-06-16 15:39:00.000"]
["DB","NOXNDO  ","Nitrogen oxides as NO2"," ",30," ","2000-06-16 15:39:00.000"]
["DB","NTOT    ","Total nitrogen"," ",30," ","2000-06-16 15:39:00.000"]
["DB","O2      ","Oxygen"," ",30," ","2000-06-16 15:39:00.000"]
["DB","O2D     ","Dissolved oxygen"," ",30," ","2000-06-16 15:39:00.000"]
["DB","O2S     ","Oxygen saturation","The amount of oxygen dissolved in the water compared to what theoretically can be dissolved at the same temperature expressed in percent.",40," ","2000-06-16 15:39:00.000"]
["DB","P","Phosphorus",null,40," ","2000-06-16 15:39:00.000"]
["DB","PH      ","pH"," ",40," ","2000-06-16 15:39:00.000"]
["DB","PO4     ","Phosphate"," ",30," ","2000-06-16 15:39:00.000"]
["DB","PO4P    ","Phosphate as phosphorous"," ",30," ","2000-09-05 12:08:00.000"]
["DB","PREC    ","Precipitation"," ",10,null,"2001-12-07T12:34:10"]
["DB","PTOT    ","Total phosphorous"," "]
["DB","SDT     ","Secchi disc transparency"," ",30,null,"2002-10-18T14:59:18"]
["*","SPNB","number of species","groups; to be specified by user; to be described in the metadata"]
["DB","SS      ","Suspended solids"," "]
["DB","TC      ","Total carbon"," "]
["DB","TEMP    ","Temperature"," "]
["*","THP","total population in the site","human population"]
["DB","TIC     ","Total inorganic carbon"," "]
["DB","TOC     ","Total organic carbon"," "]
["DB","TOD     ","Total oxygen demand"," "]
["DB","TS      ","Total solids"," "]
["DB","TURB    ","Turbidity"," "]
["DB","WEIGHT","Weight"]
["DB","WL      ","Water level"," "]
["DB","WLL     ","Water level local level","Water level compared to a local point."]
["DB","WLS     ","Water level sea level","Water level compared to the sea."]
["Add"]
["Add"]
["Add"]
["Add"]
["Add"]
["Add"]
["Add"]
["Add"]
["Add"]
["Add"]
["Add"]
["Add"]
["Add"]
["Add"]
["Add"]
["Add"]
["Add"]
["Add"]
["Add"]
["Add"]
["Add"]
["Add"]
["Add"]
["Add"]
["Add"]
["Add"]
["Add"]
["Add"]
["Add"]
["Add"]
[]
[]
[]
["DB"]
["*"]
["IM"]
["Add"]

{"sheet":"Ref_MEDIUM","index":9,"n_rows":20,"n_cols":3,"rows_kept":20,"flags":["formulas_cached_only"]}
["LISTMED","MEDIUM","Explanation"]
["EnvEurope","AIR","air including meteorlogy"]
["EnvEurope","BIOCOM","biological communities"]
["EnvEurope","HUMPOP","human population"]
["EnvEurope","LITTER","litterfall"]
["EnvEurope","SEDIMENT","sediments in aquatic envrionments"]
["EnvEurope","SITECHAR","site characteristics (as habitat or landscape structure)"]
["EnvEurope","SOIL","soil"]
["EnvEurope","SOILWAT","soil water"]
["EnvEurope","WATER","runoff and groundwater"]
["EnvEurope"]
["EnvEurope"]
["EnvEurope"]
["EnvEurope"]
["EnvEurope"]
["EnvEurope"]
["EnvEurope"]
["EnvEurope"]
["EnvEurope"]
["EnvEurope"]

{"sheet":"Ref_UNIT","index":10,"n_rows":40,"n_cols":1,"rows_kept":40,"flags":["formulas_cached_only"]}
["UNIT"]
["%         "]
["ha    "]
["°C        "]
["cm"]
["CODE      "]
["DEGREES   "]
["eq/m²/yr"]
["g/m²      "]
["g/m²      "]
["ind/m²"]
["k"]
["kg/m³     "]
["l/(s*km²) "]
["m         "]
["m/s      "]
["m²/ha     "]
["m³"]
["ME/kg     "]
["mg C m³/d "]
["mg O2 m³/d"]
["mg/kg     "]
["mg/l      "]
["mg/m³     "]
["mm"]
["mS/m      "]
["N mg/l    "]
["N µg/m³   "]
["µg/m³     "]
["NUMBER    "]
["P µg/l    "]
["PT mg/l   "]
["S mg/l    "]
["S µg/m³   "]
["μg/(G*H)  "]
["μg/l "]
["μg/m³"]
["μmol/(G*H)"]
["W/m²"]
["YEARS     "]

{"sheet":"Ref_FLAGQUA","index":11,"n_rows":3,"n_cols":2,"rows_kept":3,"flags":["formulas_cached_only"]}
["FLAGQUA","Explenation"]
["L","less than detection limit"]
["E","estimated from measured value"]

{"sheet":"Ref_FLAGSTA","index":12,"n_rows":10,"n_cols":2,"rows_kept":10,"flags":["formulas_cached_only"]}
["FLAGSTA","Explenation"]
["X ","Arithmetic average, mean; e.g. monthly average"]
["W ","Weighted mean"]
["S ","Sum"]
["M ","Mode"]
["A","Minimum"]
["Z","Maximum"]
["XA","average monthly minimum"]
["XZ","average monthly maximum"]
["SZ","maximum daily sum"]

{"sheet":"Tabelle4","index":13,"n_rows":0,"n_cols":0,"rows_kept":0,"flags":["formulas_cached_only"]}